{"text_format":"1","workbook":"xlsx","n_sheets":5,"sheets":["표준부품_기준가표","추가부품_기준가표","제작비","물품금액","구매내역"],"not_rendered":{"charts":0,"images":0,"macros":1,"external_links":0,"defined_names":6,"comments":1,"pivot_tables":0},"unopened":[],"bounds":{"document_bytes":16777216,"sheet_cells":100000,"rows_first":2000,"rows_last":500,"rows_between":2000,"halvings":0,"cell_chars":16384,"cell_head_chars":4096},"cells_cut":0,"cells_raw":0,"read":"whole","date_system":"1900"}

{"sheet":"표준부품_기준가표","index":0,"n_rows":114,"n_cols":12,"rows_kept":114,"cut":false,"hidden":false,"merged":[[101,7,104,7],[101,8,104,8],[101,9,104,9],[101,10,104,10],[105,10,109,10],[105,11,109,11],[87,1,92,1],[87,2,92,2],[87,7,92,7],[87,8,92,8],[87,9,92,9],[87,10,92,10],[87,11,92,11],[105,1,109,1],[105,2,109,2],[105,7,109,7],[105,8,109,8],[105,9,109,9],[101,11,104,11],[101,1,104,1],[101,2,104,2],[93,1,100,1],[93,2,100,2],[93,7,100,7],[93,8,100,8],[93,9,100,9],[14,11,19,11],[7,12,8,12],[7,11,12,11],[21,10,25,10],[21,11,25,11],[33,10,37,10],[33,11,37,11],[51,10,53,10],[51,11,53,11],[93,10,100,10],[93,11,100,11],[14,1,19,1],[14,2,19,2],[7,1,12,1],[7,2,12,2],[14,7,19,7],[14,8,19,8],[14,9,19,9],[14,10,19,10],[7,7,12,7],[7,8,12,8],[7,9,12,9],[7,10,12,10],[21,1,25,1],[21,2,25,2],[21,7,25,7],[21,8,25,8],[21,9,25,9],[26,10,32,10],[26,11,32,11],[26,1,32,1],[26,2,32,2],[26,7,32,7],[26,8,32,8],[26,9,32,9],[33,1,37,1],[33,2,37,2],[33,7,37,7],[33,8,37,8],[33,9,37,9],[38,10,44,10],[38,11,44,11],[45,1,46,1],[45,2,46,2],[45,7,46,7],[45,8,46,8],[45,9,46,9],[45,10,46,10],[45,11,46,11],[38,1,44,1],[38,2,44,2],[38,7,44,7],[38,8,44,8],[38,9,44,9],[47,1,49,1],[47,2,49,2],[47,7,49,7],[47,8,49,8],[47,9,49,9],[47,10,49,10],[47,11,49,11],[51,7,53,7],[51,8,53,8],[51,9,53,9],[51,1,53,1],[51,2,53,2],[57,1,65,1],[57,2,65,2],[57,7,65,7],[57,8,65,8],[57,9,65,9],[57,10,65,10],[57,11,65,11],[66,1,73,1],[66,2,73,2],[66,7,73,7],[66,8,73,8],[66,9,73,9],[66,10,73,10],[66,11,73,11],[74,1,79,1],[74,2,79,2],[74,7,79,7],[74,8,79,8],[74,9,79,9],[74,10,79,10],[74,11,79,11],[80,1,86,1],[80,2,86,2],[80,7,86,7],[80,8,86,8],[80,9,86,9],[80,10,86,10],[80,11,86,11]]}
[]
[null,"표준부품_기준가표"]
[]
[]
[]
[]
[null,"수가코드명","수가","구분","부품명","부품가","수량","부품비 합계","제작비 합계","총 합계","건강보험환자 부담금","비고"]
[null,"어깨가슴의지 - 미관형",930000,"부품비","의지상지-견갑장식세트(독일산) (의지재료) (의지재료)",530000,1,868000,521570,1389570,459570]
[null,null,null,"부품비","의지상지-하네스 호스머",108000,1]
[null,null,null,"부품비","의지상지-미관형의수실리콘리갈(외산) (의지재료) (의지재료)",230000,1]
[null,null,null,"제작비","위팔 의지 소켓 교환",201000,1]
[null,null,null,"제작비","아래팔 의지 소켓 교환",148000,1]
[null,null,null,"제작비","위팔의지 폼카바 교환",172570,1]
[null,"어깨가슴의지 - 기능형",1530000,"없음",null,null,null,null,null,0,0]
[null,"어깨관절의지 - 미관형",1020000,"부품비","의지상지-견갑장식세트(독일산) (의지재료) (의지재료)",530000,1,868000,521570,1389570,369570]
[null,null,null,"부품비","의지상지-하네스 호스머",108000,1]
[null,null,null,"부품비","의지상지-미관형의수실리콘리갈(외산) (의지재료) (의지재료)",230000,1]
[null,null,null,"제작비","위팔 의지 소켓 교환",201000,1]
[null,null,null,"제작비","아래팔 의지 소켓 교환",148000,1]
[null,null,null,"제작비","위팔의지 폼카바 교환",172570,1]
[null,"어깨관절의지 - 기능형",1530000,"없음",null,null,null,null,null,0,0]
[null,"위팔 의지 - 미관형",740000,"부품비","의지상지-상박관절장식키트형(외산) (의지재료) (의지재료)",275000,1,613000,349000,962000,222000]
[null,null,null,"부품비","의지상지-하네스 호스머",108000,1]
[null,null,null,"부품비","의지상지-미관형의수실리콘리갈(외산) (의지재료) (의지재료)",230000,1]
[null,null,null,"제작비","위팔 의지 소켓 교환",201000,1]
[null,null,null,"제작비","아래팔 의지 소켓 교환",148000,1]
[null,"위팔 의지 - 기능형",1530000,"부품비","의지상지-상박관절장식호스머(미국산) (의지재료) (의지재료)",760000,1,1515000,349000,1864000,334000]
[null,null,null,"부품비","의지상지-손목장식국산(국산) (의지재료) (의지재료)",17000,1]
[null,null,null,"부품비","의지상지-작업의수후크알미늄호스머(미국산) (의지재료) (의지재료)",520000,1]
[null,null,null,"부품비","의지상지-하네스 호스머",108000,1]
[null,null,null,"부품비","의지상지-케이블세트외산(독일산) (의지재료) (의지재료)",110000,1]
[null,null,null,"제작비","위팔 의지 소켓 교환",201000,1]
[null,null,null,"제작비","아래팔 의지 소켓 교환",148000,1]
[null,"팔꿈치관절 의지 - 미관형",720000,"부품비","의지상지-미관형의수실리콘리갈(외산) (의지재료) (의지재료)",230000,1,338000,521570,859570,139570]
[null,null,null,"부품비","의지상지-하네스 호스머",108000,1]
[null,null,null,"제작비","위팔 의지 소켓 교환",201000,1]
[null,null,null,"제작비","아래팔 의지 소켓 교환",148000,1]
[null,null,null,"제작비","위팔의지 폼카바 교환",172570,1]
[null,"팔꿈치관절 의지 - 기능형",1640000,"부품비","의지상지-상박주관절장식(독일산) (의지재료) (의지재료)",860000,1,1615000,349000,1964000,324000]
[null,null,null,"부품비","의지상지-손목장식국산(국산) (의지재료) (의지재료)",17000,1]
[null,null,null,"부품비","의지상지-작업의수후크알미늄호스머(미국산) (의지재료) (의지재료)",520000,1]
[null,null,null,"부품비","의지상지-하네스 호스머",108000,1]
[null,null,null,"부품비","의지상지-케이블세트외산(독일산) (의지재료) (의지재료)",110000,1]
[null,null,null,"제작비","위팔 의지 소켓 교환",201000,1]
[null,null,null,"제작비","아래팔 의지 소켓 교환",148000,1]
[null,"아래팔 의지 - 미관형",650000,"부품비","의지상지-미관형의수실리콘리갈(외산) (의지재료) (의지재료)",230000,1,230000,148000,378000,0]
[null,null,null,"제작비","아래팔 의지 소켓 교환",148000,1]
[null,"아래팔 의지 - 기능형",980000,"부품비","의지상지-손목장식국산(국산) (의지재료) (의지재료)",17000,1,537000,148000,685000,0]
[null,null,null,"부품비","의지상지-작업의수후크알미늄호스머(미국산) (의지재료) (의지재료)",520000,1]
[null,null,null,"제작비","아래팔 의지 소켓 교환",148000,1]
[null,"손목관절 의지 - 미관형",520000,"부품비","의지상지-미관형의수실리콘두손 (의지재료) (의지재료)",230000,1,230000,null,230000,0]
[null,"손목관절 의지 - 기능형",830000,"부품비","의지상지-손목장식국산(국산) (의지재료) (의지재료)",17000,1,537000,148000,685000,0]
[null,null,null,"부품비","의지상지-작업의수후크알미늄호스머(미국산) (의지재료) (의지재료)",520000,1]
[null,null,null,"제작비","아래팔 의지 소켓 교환",148000,1]
[null,"손 의지 - 미관형",330000,"부품비","의지상지-미관형의수실리콘두손 (의지재료) (의지재료)",230000,1,230000,null,230000,0]
[null,"손 의지 - 기능형",610000,"없음",null,null,1,null,null,0,0]
[null,"손가락 의지 - 미관형",150000,"부품비","의지상지-미관형의수지실리콘 (의지재료) (의지재료)",65000,1,65000,null,65000,0]
[null,"골반 의지",2260000,"부품비","의지하지-고관절장식7E7(독일산) (의지재료) (의지재료)",1300000,1,3039000,1033000,4072000,1812000]
[null,null,null,"부품비","의지하지-단축발발목장식알루미늄포함셋트(독일산) (의지재료) (의지재료)",176000,1]
[null,null,null,"부품비","의지하지-대퇴무릎장식단축식티타늄3R49(독일산) (의지재료)",700000,1]
[null,null,null,"부품비","의지하지-각도조절클램프티탄 (의지재료) (의지재료)",243000,1]
[null,null,null,"부품비","의지하지-무릎회전장식티탄(티탄독일산) (의지재료) (의지재료)",620000,1]
[null,null,null,"제작비","넓적다리 의지 소켓 교환",444000,1]
[null,null,null,"제작비","넓적다리 의지 폼카바 교환",137000,1]
[null,null,null,"제작비","다리 의지 파이프어답터 교환",75000,2]
[null,null,null,"제작비","회전테이블 교환",302000,1]
[null,"엉덩이관절 의지",2260000,"부품비","의지하지-고관절장식7E7(독일산) (의지재료) (의지재료)",1300000,1,2796000,1033000,3829000,1569000,"고관절장식교환신설필요슬관절소켓연결 아답터"]
[null,null,null,"부품비","의지하지-단축발발목장식알루미늄포함셋트(독일산) (의지재료) (의지재료)",176000,1]
[null,null,null,"부품비","의지하지-대퇴무릎장식단축식티타늄3R49(독일산) (의지재료)",700000,1]
[null,null,null,"부품비","의지하지-무릎회전장식티탄(티탄독일산) (의지재료) (의지재료)",620000,1]
[null,null,null,"제작비","넓적다리 의지 소켓 교환",444000,1]
[null,null,null,"제작비","넓적다리 의지 폼카바 교환",137000,1]
[null,null,null,"제작비","다리 의지 파이프어답터 교환",75000,2]
[null,null,null,"제작비","회전테이블 교환",302000,1]
[null,"넓적다리 의지 - 일반형",1950000,"부품비","의지하지-대퇴무릎장식Bk공압식(4절공압식) (의지재료) (의지재료)",777000,1,965000,958000,1923000,0]
[null,null,null,"부품비","의지하지-발Bk(국산) (의지재료) (의지재료)",188000,1]
[null,null,null,"제작비","넓적다리 의지 소켓 교환",444000,1]
[null,null,null,"제작비","넓적다리 의지 폼카바 교환",137000,1]
[null,null,null,"제작비","다리 의지 파이프어답터 교환",75000,1]
[null,null,null,"제작비","회전테이블 교환",302000,1]
[null,"넓적다리 의지 - 실리콘형",2960000,"부품비","의지하지-대퇴무릎장식Bk공압식(4절공압식) (의지재료) (의지재료)",777000,1,1085000,1178000,2263000,0]
[null,null,null,"부품비","의지하지-발Bk(국산) (의지재료) (의지재료)",188000,1]
[null,null,null,"부품비","의지하지-실리콘싹스국산(국산) (의지재료) (의지재료)",120000,1]
[null,null,null,"제작비","넓적다리 의지 소켓 교환(실리콘형)",664000,1]
[null,null,null,"제작비","넓적다리 의지 폼카바 교환",137000,1]
[null,null,null,"제작비","다리 의지 파이프어답터 교환",75000,1]
[null,null,null,"제작비","회전테이블 교환",302000,1]
[null,"무릎관절 의지 - 일반형",1930000,"부품비","의지하지-슬관절용무릎장식Bk(국산) (의지재료) (의지재료)",777000,1,965000,853000,1818000,0]
[null,null,null,"부품비","의지하지-발Bk(국산) (의지재료) (의지재료)",188000,1]
[null,null,null,"제작비","넓적다리 의지 소켓 교환",444000,1]
[null,null,null,"제작비","무릎관절용 소켓연결 어답터 교환",197000,1]
[null,null,null,"제작비","넓적다리 의지 폼카바 교환",137000,1]
[null,null,null,"제작비","다리 의지 파이프어답터 교환",75000,1]
[null,"무릎관절 의지 - 실리콘형",2610000,"부품비","의지하지-실리콘싹스국산(국산) (의지재료) (의지재료)",120000,1,1180000,853000,2033000,0]
[null,null,null,"부품비","의지하지-대퇴무릎장식Bk공압식(4절공압식) (의지재료) (의지재료)",777000,1]
[null,null,null,"부품비","의지하지-발Bk(국산) (의지재료) (의지재료)",188000,1]
[null,null,null,"부품비","의지하지-흡입밸브실린라이너대퇴용(미국산) (의지재료) (의지재료)",95000,1]
[null,null,null,"제작비","넓적다리 의지 소켓 교환",444000,1]
[null,null,null,"제작비","무릎관절용 소켓연결 어답터 교환",197000,1]
[null,null,null,"제작비","넓적다리 의지 폼카바 교환",137000,1]
[null,null,null,"제작비","다리 의지 파이프어답터 교환",75000,1]
[null,"종아리 의지 - 일반형",1380000,"부품비","의지하지-발Bk(국산) (의지재료) (의지재료)",188000,1,188000,595000,783000,0]
[null,null,null,"제작비","종아리 의지 소켓 교환",416000,1]
[null,null,null,"제작비","다리 의지 파이프어답터 교환",75000,1]
[null,null,null,"제작비","종아리 의지 폼카바 교환",104000,1]
[null,"종아리 의지 - 실리콘형",2230000,"부품비","의지하지-발Bk(국산) (의지재료) (의지재료)",188000,1,308000,595000,903000,0]
[null,null,null,"부품비","의지하지-실리콘싹스국산(국산) (의지재료) (의지재료)",120000,1]
[null,null,null,"제작비","종아리 의지 소켓 교환",416000,1]
[null,null,null,"제작비","다리 의지 파이프어답터 교환",75000,1]
[null,null,null,"제작비","종아리 의지 폼카바 교환",104000,1]
[null,"발목 의지 - 일반형",680000,"부품비","의지하지-KOREC FOOT 3 LP",491700,1,491700,null,491700,0]
[null,"발목 의지 - 실리콘형",1440000,"부품비","의지하지-KOREC FOOT 3 LP",491700,1,491700,null,491700,0]
[null,"발 의지 - 일반형",280000,"없음",null,null,null,null,null,0,0]
[null,"발 의지 - 실리콘형",790000,"없음",null,null,null,null,null,0,0]

{"sheet":"추가부품_기준가표","index":1,"n_rows":133,"n_cols":6,"rows_kept":133,"cut":false,"hidden":false,"merged":[]}
[]
[null,"추가부품_기준가표"]
[]
[]
[]
[null,"※ 부품가격 * 1.1에서 기준부품 금액 차액을 환자부담금으로 계산"]
[null,"구분","부품명","부품가","환자부담금","비고"]
[null,"MPK","의지하지-대퇴무릎장식Bk인공지능(인공지능) (의지재료) (의지재료)",2484000,0,"기준부품"]
[null,"MPK","의지하지-대퇴무릎장식3c98씨렉4(독일산)",34000000,34916000]
[null,"단축/공압/유압무릎","의지하지-대퇴무릎장식Bk공압식(4절공압식) (의지재료) (의지재료)",777000,0,"기준부품"]
[null,"단축/공압/유압무릎","의지하지-홍콩리갈기계식슬관절무릎 (의지재료) (의지재료)",480000,0]
[null,"단축/공압/유압무릎","의지하지-대퇴무릎장식단축식일반금속(독일산) (의지재료) (의지재료)",500000,0]
[null,"단축/공압/유압무릎","의지하지-대퇴무릎장식단축식잠금기능일반금속(독일산) (의지재료) (의지재료",515000,0]
[null,"단축/공압/유압무릎","의지하지-기계식브레이크단축무릎(대만제)",650000,0]
[null,"단축/공압/유압무릎","의지하지-대퇴무릎장식단축식티타늄3R49(독일산) (의지재료) (의지재료)",700000,0]
[null,"단축/공압/유압무릎","의지하지-대퇴무릎장식발란스니 (의지재료) (의지재료)",700000,0]
[null,"단축/공압/유압무릎","의지하지-무릎관절의지OP2 Knee SE (오서)",700000,0]
[null,"단축/공압/유압무릎","의지하지-대퇴무릎장식3R78공압식(독일산) (의지재료) (의지재료)",703000,0]
[null,"단축/공압/유압무릎","의지하지-대퇴무릎장식단축식잠금기능티타늄(독일산) (의지재료) (의지재료)",703000,0]
[null,"단축/공압/유압무릎","의지하지-무릎관절장식OFM2 (오서)",703000,0]
[null,"단축/공압/유압무릎","의지하지-무릎장식 기계식 다축무릎 티탄 (3R30) (의지재료)",1028000,353800]
[null,"단축/공압/유압무릎","의지하지-대퇴무릎장식토탈니기계식(미국산) (의지재료) (의지재료)",1920000,1335000]
[null,"단축/공압/유압무릎","의지하지-슬관절무릎(서보공압식다축무릎)(3R106Pro)(독일)",2400000,1863000]
[null,"단축/공압/유압무릎","의지하지-대퇴무릎장식토탈니유압식(미국산) (의지재료) (의지재료)",2870000,2380000.0000000005]
[null,"단축/공압/유압무릎","의지하지-무릎장식단축엔도라이트머큐리(성림) (의지재료)",3635000,3221500.0000000005]
[null,"단축/공압/유압무릎","의지하지-대퇴무릎장식마우크니(외산) (의지재료) (의지재료)",3640000,3227000.0000000005]
[null,"단축/공압/유압무릎","의지하지-대퇴무릎장식3R60(독일산) (의지재료) (의지재료)",3690000,3282000.0000000005]
[null,"단축/공압/유압무릎","의지하지-대퇴무릎장식3R80(독일산) (의지재료) (의지재료)",3800000,3403000.0000000005]
[null,"단축/공압/유압무릎","의지하지-무릎관절장식마우크니플러스(오서)",3980000,3601000]
[null,"단축/공압/유압무릎","의지하지-무릎장식토탈니2100set(미국식) (의지재료)",3980000,3601000]
[null,"단축/공압/유압무릎","의지하지-대퇴무릎장식VGK(성림) (의지재료)",13000000,13523000.000000002]
[null,"라이너","의지하지-실리콘싹스국산(국산) (의지재료) (의지재료)",120000,0,"기준부품"]
[null,"라이너","의지하지-실리콘싹스싸임용(외산) (의지재료) (의지재료)",90000,0]
[null,"라이너","의지하지-실리콘싹스더블젤라이너(성림) (의지재료)",105000,0]
[null,"라이너","의지하지-실리콘싹스자석용라이너(국산) (의지재료)",118000,0]
[null,"라이너","의지하지-실리콘싹스알프스플렉스슬리브(성림)",130000,0]
[null,"라이너","의지하지-실리콘싹스MagFabric라이너(국산) (의지재료)",138000,0]
[null,"라이너","의지하지-대퇴용실리콘싹스자석용라이너(국산)",150000,0]
[null,"라이너","의지하지-실리콘싹스(아이스로스 씰인 X-TF링) (의지재료)",175000,0]
[null,"라이너","의지하지-실리콘 젤 라이너(6Y70)(독일산) (의지재료)",180000,0]
[null,"라이너","의지하지-실리콘싹스젤라이너(외산) (의지재료) (의지재료)",180000,0]
[null,"라이너","의지하지-실리콘싹스향균라이너하퇴용(독일산) (의지재료) (의지재료)",180000,0]
[null,"라이너","의지하지-실리콘싹스베이직TPE라이너(독일) (의지재료)",231000,0]
[null,"라이너","의지하지-실리콘싹스향균젤라이너하퇴용(독일산) (의지재료) (의지재료)",235000,0]
[null,"라이너","의지하지-실리콘싹스아이스로스오리지날천커버락킹 (의지재료) (의지재료)",240000,0]
[null,"라이너","의지하지-실리콘싹스 프로씰라이너(독일) (의지재료)",264000,0]
[null,"라이너","의지하지-실리콘싹스천커버살색라이너(독일산) (의지재료) (의지재료)",264000,0]
[null,"라이너","의지하지-실리콘싹스알프스Gpdt(미국산) (의지재료) (의지재료)",270000,0]
[null,"라이너","의지하지-실리콘싹스알프스Spdt(미국산) (의지재료) (의지재료)",270000,0]
[null,"라이너","의지하지-실리콘싹스알프스규션젤라이너(미국산) (의지재료) (의지재료)",270000,0]
[null,"라이너","의지하지-실리콘싹스투명하퇴용(미국산) (의지재료) (의지재료)",270000,0]
[null,"라이너","의지하지-실리콘싹스알프스Akdt(미국산) (의지재료) (의지재료)",290000,0]
[null,"라이너","의지하지-실리콘싹스라이너(독일산) (의지재료) (의지재료)",300000,0]
[null,"라이너","의지하지-퓨어라이너(하퇴용/6Y43) (의지재료)",320000,0]
[null,"라이너","의지재료-실리콘싹스알프스ELDT",330000,0]
[null,"라이너","의지하지-실리콘싹스이지락킹(미국산) (의지재료) (의지재료)",330000,0]
[null,"라이너","의지하지-실리콘싹스컴포트락킹",335000,0]
[null,"라이너","의지하지-실리콘싹스컴포트쿠션라이너3mm(외산) (의지재료)",335000,0]
[null,"라이너","의지하지-실리콘싹스컴포트하퇴용(외산) (의지재료) (의지재료)",335000,0]
[null,"라이너","의지하지-바그너핀라이너 (의지재료)",340000,0]
[null,"라이너","의지하지-실리콘싹스라이트라이너6mm(외산하퇴용 ) (의지재료) (의지재료",340000,0]
[null,"라이너","의지하지-실리콘싹스어퍼액스전박용(미국산) (의지재료) (의지재료)",340000,0]
[null,"라이너","의지하지-밸런스코폴리머라이너(오토복) (의지재료)",365000,0]
[null,"라이너","의지하지-실리콘라이너DVS Liner(오토복)",365000,0]
[null,"라이너","의지하지-실리콘싹스코플리머라이너(독일산) (의지재료) (의지재료)",365000,0]
[null,"라이너","의지하지-코폴리머라이너(오토복) (의지재료)",365000,0]
[null,"라이너","의지하지-아나토믹 3D 라이너(향균) (6Y512) (의지재료)",380000,0]
[null,"라이너","의지하지-실리콘싹스6Y95칼레오(독일)",385000,0]
[null,"라이너","의지하지-실리콘싹스알파 SEBS 스프릿트라이너(성림)",390000,0]
[null,"라이너","의지하지-실리콘싹스X5씰린라이너웨이브하퇴용(오서) (의지재료) (의지재료",398000,0]
[null,"라이너","의지하지-실리콘싹스더모(미국산) (의지재료) (의지재료)",398000,0]
[null,"라이너","의지하지-실리콘싹스시너지웨이브(외산) (의지재료) (의지재료)",398000,0]
[null,"라이너","의지하지-실리콘싹스씰인X5",398000,0]
[null,"라이너","의지하지-실리콘싹스대퇴용(대퇴용) (의지재료) (의지재료)",399000,0]
[null,"라이너","의지하지-실리콘싹스향균젤라이너대퇴용(독일산) (의지재료) (의지재료)",399000,0]
[null,"라이너","의지하지-실리콘싹스씰인X하퇴용(오서)",400000,0]
[null,"라이너","의지하지-실리콘싹스스포츠(미국산) (의지재료) (의지재료)",430000,0]
[null,"라이너","의지하지-실리콘싹스X5씰린하퇴용(미국산) (의지재료) (의지재료)",460000,0]
[null,"라이너","의지하지-실리콘싹스씰린라이너하퇴용(외산) (의지재료) (의지재료)",460000,0]
[null,"라이너","의지하지-실리콘싹스(아이스로스 씰인 X-TF) (의지재료)",465000,0]
[null,"라이너","의지하지-실리콘싹스컴포트대퇴용(외산) (의지재료) (의지재료)",500000,0]
[null,"라이너","의지하지-실리콘싹스코니칼+스텐다드대퇴용(미국산) (의지재료) (의지재료)",500000,0]
[null,"라이너","의지하지-실리콘싹스투칼라천커버대퇴용(미국산) (의지재료) (의지재료)",500000,0]
[null,"라이너","의지하지-실리콘싹스향균라이너대퇴용(독일산) (의지재료) (의지재료)",515000,0]
[null,"라이너","의지하지-씰인 V 하퇴용 웨이브 라이너(오서) (의지재료)",520000,0]
[null,"라이너","의지하지-아이스로스 씰인 x 하퇴라이너+씰링 (미국산) (의지재료)",520000,0]
[null,"라이너","의지하지-실리콘싹스-스케오실링라이너(독일)",580000,0]
[null,"라이너","의지하지-실리콘싹스X5씰린대퇴용(미국산) (의지재료) (의지재료)",600000,0]
[null,"라이너","의지하지-실리콘싹스씰린라이너대퇴용(외산) (의지재료) (의지재료)",600000,0]
[null,"라이너","의지하지-실리콘싹스(아이스로스 씰인X-TF(Set) (의지재료)",620000,0]
[null,"라이너","의지하지-실리콘싹스3D대퇴라이너",520000000,571223000]
[null,"발","의지하지-발Bk(국산) (의지재료)",188000,0,"기준부품"]
[null,"발","의지하지-사치발(독일) (의지재료)",110000,0]
[null,"발","의지하지-단축발(미국산) (의지재료) (의지재료)",148000,0]
[null,"발","의지하지-신형단축발셋트(미국산)",148000,0]
[null,"발","의지하지-싸치발셋트 (의지재료) (의지재료)",156000,0]
[null,"발","의지하지-발베리플랙스풋메일피라미드어댑터(미국산) (의지재료)",160000,0]
[null,"발","의지하지-단축발알미늄세트(중국산) (의지재료) (의지재료)",162000,0]
[null,"발","의지하지-단축발발목장식알루미늄포함셋트(독일산) (의지재료) (의지재료)",176000,5600.0000000000291]
[null,"발","의지하지-발목장식오토복단축식알루미늄(독일산) (의지재료) (의지재료)",176000,5600.0000000000291]
[null,"발","의지하지-싸치발Is49+2r31발목관절 (의지재료)",185000,15500.000000000029]
[null,"발","의지하지-단축발신형(미국산) (의지재료)",220000,54000.000000000029]
[null,"발","의지하지-발 다이나믹풋 (1D10) 독일산 (의지재료) (의지재료)",230000,65000.000000000029]
[null,"발","의지하지-단축발나무발키트 (의지재료)",250000,87000]
[null,"발","의지하지-퀀텀발스프링(중국) (의지재료)",265000,103500]
[null,"발","의지하지-발단축티탄(오토복)",363000,211300.00000000006]
[null,"발","의지하지-스터비발(sidekicks)(외산)",475000,334500.00000000006]
[null,"발","의지하지-발 발런스 J풋 (오서) (의지재료) (의지재료)",480000,340000]
[null,"발","의지하지-발다이나믹모션(독일산) (의지재료)",510000,373000]
[null,"발","의지하지-발어셔플렉스(미국산) (의지재료) (의지재료)",630000,505000]
[null,"발","의지하지-발 어스파이어스풋 (오서) (의지재료)",660000,538000.00000000012]
[null,"발","의지하지-발세나토(미국산) (의지재료)",690000,571000.00000000012]
[null,"발","의지하지-발트리아스(독일산) (의지재료) (의지재료)",730000,615000.00000000012]
[null,"발","의지하지-엔도라이트 에스프리트발(성림) (의지재료)",1220000,1154000]
[null,"발","의지하지-발씨에라(미국산) (의지재료) (의지재료)",1790000,1781000.0000000002]
[null,"발","의지하지-발 씨워크(독일산)",1800000,1792000.0000000002]
[null,"발","의지하지-발베리플랙스(미국산) (의지재료) (의지재료)",1870000,1869000.0000000002]
[null,"발","의지하지-발탈레오(Taleo-1C50)(독일)",2100000,2122000]
[null,"발","의지하지-발 트리톤VS (1C61)(독일산)",2200000,2232000]
[null,"발","의지하지-의지발오딧세이(성림)",2990000,3101000.0000000005]
[null,"발목 장식","의지하지-발족부장식Bk(국산) (의지재료) (의지재료)",147000,0,"기준부품"]
[null,"발목 장식","의지하지-싸치발목관절(스틸) (의지재료)",37000,0]
[null,"발목 장식","의지하지-단축발목장식(중국산)",120000,0]
[null,"밸브","의지하지-흡입밸브실린라이너하퇴용(미국산) (의지재료) (의지재료)",89000,0]
[null,"밸브","의지하지-흡입밸브실린라이너대퇴용(미국산) (의지재료) (의지재료)",95000,0]
[null,"슬관절","의지하지-슬관절용무릎장식Bk(국산) (의지재료) (의지재료)",777000,0,"기준부품"]
[null,"족부 외피","의지하지-발족부카바Bk(국산) (의지재료) (의지재료)",41000,0,"기준부품"]
[null,"족부 외피","의지하지-퀀텀발외피(중국) (의지재료)",40000,3000]
[null,"족부 외피","의지하지-발족부카바트리아스(외산) (의지재료) (의지재료)",140000,113000]
[null,"족부 외피","의지하지-발족부외피카바프리덤 (의지재료) (의지재료)",160000,135000]
[null,"족부 외피","하지의지-발프리덤외피(의지재료) (의지재료)",160000,135000]
[null,"회전장식","의지하지-무릎회전장식Bk(국산) (의지재료) (의지재료)",226000,0,"기준부품"]
[null,"회전장식","의지하지-무릎회전장식티탄(티탄독일산) (의지재료) (의지재료)",620000,456000]

{"sheet":"제작비","index":2,"n_rows":123,"n_cols":3,"rows_kept":123,"cut":false,"hidden":false,"merged":[]}
[]
[]
[]
[]
["분류번호","품목명","수가"]
["타-38","위팔 의지 소켓 교환",201000]
["타-39","위팔 의지 관절장식 교환",538000]
["타-39-1","위팔 의지 관절장식 교환(기능형",930000]
["타-41","아래팔 의지 소켓 교환",148000]
["타-42","훅크 교환",351000]
["타-43","의수 교환(기능형)",532000]
["타-44","케이블 교환",119000]
["타-45","어깨밴드 교환",24000]
["타-45-1","실리콘 의수 교환(미관형)",237000]
["타-45-2","팔꿈치관절 의지 장식 교환(기능형)",964000]
["타-45-3","아주 짧은 아래팔 의지 장식 교환",454000]
["타-45-4","근전전동의수 소켓 교환",784000]
["타-45-5","근전전동의수 배터리 교환 : 2개 1세트",105000]
["타-45-6","근전전동의수 변속기부 교환",654510]
["타-45-7","근전전동의수 모터부 교환",444510]
["타-45-8","근전전동의수 기어부 교환",150510]
["타-45-9","근전전동의수 골격부 교환",948510]
["타-45-10","근전전동의수 센서부 교환",339510]
["타-45-11","근전전동의수 제어부 교환",444510]
["타-45-12","근전전동의수 외피 교환",194610]
["타-45-13","기능성 의수 내피 교환",156810]
["타-45-14","위팔의지 폼카바 교환",172570]
["타-45-15","위팔의지 스타키넷트 교환",30800]
["타-45-16","상완밴드 교환",24000]
["타-45-17","근전전동의수 손목꺾임장식",631510]
["타-46","넓적다리 의지 소켓 교환",444000]
["타-46-1","넓적다리 의지 허리벨트 교환",180390]
["타-47","넓적다리 의지 무릎관절장식 교환",865240]
["타-47-1","넓적다리 의지 무릎관절장식 교환(인공지능식)",2681980]
["타-47-2","무릎관절 의지 무릎관절장식 교환",1060000]
["타-48","발목장식 교환(일반형)",158000]
["타-48-1","넓적다리의지 발목장식 교환(고기능형)",638760]
["타-49","족부외피 교환",45850]
["타-50","넓적다리 의지 폼카바 교환",137000]
["타-51","흡인 밸브 교환",14000]
["타-52","넓적다리 의지 스타키넷트 교환",24000]
["타-53","종아리 의지 폼카바 교환",104000]
["타-54","종아리 의지 소켓 교환",416000]
["타-54-1","종아리 의지 스타키넷트 교환",21000]
["타-54-2","종아리 의지 스타키넷트카바 교환",18000]
["타-55","넓적다리 의지 스타키넷트카바 교환",21000]
["타-56","짧은 종아리 의지 장식 교환",119000]
["타-57","짧은 종아리 의지 콜셋밴드 교환",83000]
["타-58","종아리 의지 콜셋밴드 교환",41000]
["타-59","종아리 의지 실리콘 내피 교환",435000]
["타-59-1","다리 의지 파이프어답터 교환",75000]
["타-59-2","회전테이블 교환",302000]
["타-59-3","넓적다리 의지 소켓 교환(실리콘형)",664000]
["타-59-4","종아리 의지 소켓 교환(실리콘형)",527000]
["타-59-5","엉덩이관절 의지 장식 교환",541000]
["타-59-6","엉덩이관절 의지 소켓 교환",546000]
["타-59-7","넓적다리 의지 실리콘내피 교환",646000]
["타-59-8","싸임식 발목관절 의지 실리콘내피 교환",517000]
["타-59-9","무릎관절용 소켓연결 어답터 교환",197000]
["타-59-10","더마실 교환",108000]
["타-59-11","디지털 컵 교환",113000]
["타-59-12","종아리의지 실리콘 슬리브 교환",168000]
["타-60","긴 다리 보조기 장식 교환",91000]
["타-61","듀랄루민 커프 교환",25000]
["타-62","발목장식 교환",33000]
["타-63","커프용 가죽밴드 교환",21000]
["타-64","무릎띠 교환",19000]
["타-65","크렌자크식 발목관절 보조기 장식 교환",68000]
["타-66","다리보조기용 속신 교환",162000]
["타-66-1","다리보조기용 정형용 구두 교환",100000]
["타-68","시트 교환(일반형)",27000]
["타-69","등받이 교환(일반형)",27000]
["타-70","뒷바퀴 전체 교환(일반형)",49000]
["타-70-3","뒷바퀴 타이어 교환(일반형)",12000]
["타-70-4","뒷바퀴 튜브 교환(일반형)",6000]
["타-70-5","뒷바퀴 타이어 교환(활동형)",14000]
["타-70-6","뒷바퀴 튜브 교환(활동형)",7000]
["타-71","앞바퀴 교환(일반형)",25000]
["타-71-1","앞바퀴 교환(전동)",31000]
["타-72","팔받침 교환(일반형)",12000]
["타-72-1","팔받침 교환(활동형)",13000]
["타-72-2","팔받침 교환(수·전동 바퀴분리형)",13000]
["타-73","발판 교환(일반형)",14000]
["타-74","핸드림 교환(일반형)",25000]
["타-75","브레이크 교환(일반형)",14000]
["타-76","브레이크 교환(활동형)",29000]
["타-77","12\" 뒷바퀴 전체 교환(전동)",58000]
["타-77-2","12인치 뒷바퀴 타이어 교환(전동)",22000]
["타-77-3","12인치 뒷바퀴 튜브 교환(전동)",10000]
["타-77-4","14인치 뒷바퀴 타이어 교환(전동)",24000]
["타-77-5","14인치 뒷바퀴 튜브 교환(전동)",11000]
["타-78","16\" 뒷바퀴 전체 교환(전동)",85000]
["타-78-2","16인치 뒷바퀴 타이어 교환(전동)",28000]
["타-78-3","16인치 뒷바퀴 튜브 교환(전동)",12000]
["타-79","시트 교환(전동)",29000]
["타-80","등받이 교환(전동)",35000]
["타-81","팔받침 교환(전동)",14000]
["타-82","발판 교환(전동)",16000]
["타-83","옆받이 교환(일반형)",16000]
["타-84","옆받이 교환(활동형)",26000]
["타-85","요크 교환(일반형)",30000]
["타-86","요크 교환(활동형)",43000]
["타-94","팔걸이 교환(일반형)",17000]
["타-94-1","팔걸이 교환(활동형)",18000]
["타-94-2","팔걸이 교환(전동)",19000]
["타-94-3","팔걸이 교환(수·전동 바퀴분리형)",17000]
["타-95","발걸이 교환(일반형)",35000]
["타-95-1","발걸이 교환(활동형)",36000]
["타-95-2","발걸이 교환(전동)",42000]
["타-95-3","발걸이 교환(수·전동 바퀴분리형)",35000]
["타-88","10인치 앞바퀴 전체교환(전동스쿠터)",50000]
["타-88-1","10인치 뒷바퀴 전체교환(전동스쿠터)",50000]
["타-88-2","10인치 타이어 교환(전동스쿠터)",12000]
["타-88-3","10인치 튜브 교환(전동스쿠터)",8000]
["타-89","11인치 앞바퀴 전체교환(전동스쿠터)",60000]
["타-89-1","11인치 뒷바퀴 전체교환(전동스쿠터)",60000]
["타-89-2","11인치 타이어 교환(전동스쿠터)",16000]
["타-89-3","11인치 튜브 교환(전동스쿠터)",10000]
["타-90","12인치 앞바퀴 전체교환(전동스쿠터)",70000]
["타-90-1","12인치 뒷바퀴 전체교환(전동스쿠터)",70000]
["타-90-2","12인치 타이어 교환(전동스쿠터)",20000]
["타-90-3","12인치 튜브 교환(전동스쿠터)",12000]
["타-91","이동식 리프트용 배터리 교환: 2개 1세트",47600]

{"sheet":"물품금액","index":3,"n_rows":271,"n_cols":7,"rows_kept":271,"cut":false,"hidden":false,"merged":[]}
[]
[]
[]
[]
["물품명","수가단가","최근기준단가","단위","구매기준수량","최근구매금액","구매금액기록"]
["보조기하지-UDFlex짧은다리보조기 보아식 (성림)",108000,108000,"ea",1,108000,"108000, 108000, 108000, 108000, 108000, 80000, 80000, 120000, 120000, 80000,"]
["보조기하지-네오프렌힌지무릎서포트(오서) (의지재료)",29000,29000,"ea",1,29000,"29000, 34000, 34000,"]
["소모품-P.P(12x40x40) (의지재료) (의지재료)",20000,20000,"ea",1,20000,"20000, 20000, 20000, 20000, 20000, 20000, 20000, 20000, 20000, 20000,"]
["소모품-P.P(3x120x240) (의지재료) (의지재료)",13000,13000,"ea",6,78000,"78000, 78000, 78000, 78000, 78000, 78000, 78000, 78000, 78000, 78000,"]
["소모품-P.P(4x120x240) (의지재료) (의지재료)",21500,21500,"ea",4,86000,"86000, 86000, 86000, 86000, 86000, 86000, 55000, 51000, 51000, 51000,"]
["소모품-P.P(5x120x240) (의지재료) (의지재료)",23750,23750,"ea",4,95000,"95000, 95000, 95000, 95000, 95000, 95000, 95000, 95000, 95000, 95000,"]
["소모품-P.P외산(3x120x240) (의지재료) (의지재료)",65000,65000,"ea",1,65000,"65000, 65000, 65000, 65000, 65000, 65000, 65000, 65000, 0,"]
["소모품-P.P외산(4x100x200) (의지재료) (의지재료)",96000,96000,"ea",1,96000,"96000, 96000, 96000, 96000, 96000, 96000, 96000, 96000, 0,"]
["소모품-PVA백 4inch (의지재료)",6600,6600,"ea",10,66000,"66000, 66000, 66000, 67000, 66000, 66000, 66000, 67000, 66000, 66000,"]
["소모품-가시매 (의지재료) (의지재료)",40,40,"ea",1000,40000,"40000, 40000, 40000,"]
["소모품-갈대 빗자루 (의지재료)",10000,10000,"ea",1,10000,"10000, 10000,"]
["소모품-광목천",10000,10000,"㎡",1,10000,"10000, 10000, 10000, 8000, 8000,"]
["소모품-국산양말(Thin,H-35cm) (의지재료)",3500,3500,"ea",1,3500,"3500, 3500, 3500, 6000, 3500, 6000, 3500, 3500, 3500, 3500,"]
["소모품-나이론웨빙(30mm) (의지재료)",300,300,"m",100,30000,"30000, 30000, 30000, 45000,"]
["소모품-내피피혁(30cm) (의지재료) (의지재료)",5000,5000,"평",1,5000,"5000, 5000, 5000, 5000, 5000, 5000, 5000, 5000, 5000, 5000,"]
["소모품-대퇴용스타킹 (의지재료) (의지재료)",11000,11000,"ea",1,11000,"11000, 9000, 11000, 19500, 11000, 11000, 11000, 11000, 11000, 11000,"]
["소모품-대퇴흡입보자기-국산(ST&G)",22000,22000,"ea",1,22000,"22000, 22000, 22000,"]
["소모품-동리벳(1/8in봉지) (의지재료) (의지재료)",140,140,"ea",500,70000,"70000, 70000, 70000, 35000,"]
["소모품-동리벳(5/32in봉지) (의지재료) (의지재료)",140,140,"ea",500,70000,"70000,"]
["소모품-뒤플렉스(10x40x40) (의지재료) (의지재료)",35000,35000,"ea",1,35000,"35000, 35000, 35000, 35000, 35000, 35000, 35000, 35000, 35000, 35000,"]
["소모품-드라이버(소)",5000,5000,"ea",1,5000,"5000, 5000,"]
["소모품-띠톱날(13mm) (의지재료)",1500,1500,"ea",10,15000,"15000, 1500,"]
["소모품-레진경화제(150g) (의지재료) (의지재료)",73,73,"g",150,11000,"11000, 11000, 11000, 11000, 11000, 11000,"]
["소모품-레진라미네이션(4kg) (의지재료) (의지재료)",36522,36522,"kg",4.5999999999999996,168000,"168000, 168000, 168000, 168000, 168000, 168000, 168000, 168000, 168000, 168000,"]
["소모품-레진색소(180g) (의지재료) (의지재료)",128,128,"g",180,23000,"23000, 23000, 23000, 23000, 23000, 23000, 23000,"]
["소모품-레진카본(독일산) (의지재료) (의지재료)",43478,43478,"kg",4.5999999999999996,200000,"200000, 200000,"]
["소모품-롱로즈",10000,10000,"ea",1,10000,"10000, 15000, 35000, 25000,"]
["소모품-면스타키넷(국산10in) (의지재료) (의지재료)",400,400,"m",10,4000,"4000, 3000, 3000, 3000, 3000, 3000, 3000,"]
["소모품-면스타키넷(국산3in) (의지재료) (의지재료)",100,1000,"m",1,1000,"1000, 1000, 1000, 1000, 1000, 800, 800, 800, 800, 800,"]
["소모품-면스타키넷(국산4in) (의지재료) (의지재료)",150,1500,"m",1,1500,"1500, 1500, 1500, 1500, 1500, 1500, 1500, 1100, 1100, 1100,"]
["소모품-면장갑(작업용) (의지재료) (의지재료)",200,200,"ea",10,2000,"2000, 2000, 2000, 2000, 2000, 2000, 2000, 2000, 2000, 2000,"]
["소모품-무드볼트",300,300,"ea",100,30000,"30000,"]
["소모품-미싱실",10,10,"m",210,2000,"2000, 2000, 2000, 2000,"]
["소모품-백펄론스타키넷(10cm) (의지재료) (의지재료)",11200,11200,"m",10,112000,"112000, 112000, 112000, 112000,"]
["소모품-백펄론스타키넷(8cm) (의지재료) (의지재료)",11200,11200,"m",10,112000,"112000, 112000, 112000, 112000, 112000,"]
["소모품-밴드스타킹 (의지재료) (의지재료)",11,11,"ea",100,1100,"1100, 1100, 1100, 1100, 1100, 1100, 1100, 1100, 1100, 1100,"]
["소모품-벨크로(4\") (의지재료)",2778,2778,"m",18,50000,"50000, 150000,"]
["소모품-벨크로1미터(1in) (의지재료) (의지재료)",1000,1000,"m",18,18000,"18000, 18000, 18000, 14000, 18000, 14000, 14000, 18000, 18000, 14000,"]
["소모품-벨크로2미터(2in) (의지재료) (의지재료)",1389,1389,"m",18,25000,"25000, 30000,"]
["소모품-복수지(30x30) (의지재료) (의지재료)",6000,6000,"평",1,6000,"6000, 6000, 6000, 6000, 6000, 6000, 6000, 4400, 4400, 4400,"]
["소모품-본드(1kg) (의지재료) (의지재료)",10000,10000,"kg",1,10000,"10000, 10000, 10000, 10000, 10000, 10000, 10000, 10000, 10000, 10000,"]
["소모품-본드솔 (의지재료) (의지재료)",1000,1000,"ea",1,1000,"1000, 1000, 1000, 1000, 1000, 1000, 1000, 1000, 1500, 1500,"]
["소모품-사각고리 1\" (의지재료)",100,0,"ea",500,50,"50, 50000, 50000, 60,"]
["소모품-삼중마스크 (의지재료)",150,150,"ea",100,15000,"15000, 15000, 15000, 20000, 20000, 10000, 10000, 10000, 10000, 10000,"]
["소모품-석고붕대(10cm) (의지재료) (의지재료)",3000,3000,"ea",1,3000,"3000, 3000, 3000, 3000, 3000, 1900, 1900, 1900, 1900, 1900,"]
["소모품-석고붕대(15cm) (의지재료) (의지재료)",3500,3500,"ea",1,3500,"3500, 3500, 3500, 3500, 3500, 3500, 3500, 3500, 3500, 3500,"]
["소모품-석고소석고2급b(25kg) (의지재료) (의지재료)",1400,1400,"kg",25,35000,"35000, 35000, 35000, 35000, 35000, 35000, 35000, 35000, 35000, 35000,"]
["소모품-석고연필(석고형외산) (의지재료) (의지재료)",3000,3000,"ea",1,3000,"3000, 3000, 3000,"]
["소모품-선심풀(제화용) (의지재료) (의지재료)",5000,5000,"l",2,10000,"10000, 10000, 10000, 10000, 10000, 10000, 10000,"]
["소모품-세척통",3000,3000,"ea",1,3000,"3000,"]
["소모품-수술용장갑 (의지재료) (의지재료)",150,150,"ea",100,15000,"15000, 15000, 15000, 15000, 15000, 15000, 15000, 15000, 10000, 10000,"]
["소모품-스타키넷나이론(4in) (의지재료) (의지재료)",300,300,"ea",10,3000,"3000, 3000, 101000, 2100,"]
["소모품-스타키넷칼라(4in) (의지재료) (의지재료)",3500,3500,"m",1,3500,"3500, 3500, 3500, 3500, 3500, 3500, 3500, 2200, 2200, 2200,"]
["소모품-스텐와샤(4.0) (의지재료)",60,60,"ea",500,30000,"30000,"]
["소모품-실리콘유리용(급속형) (의지재료) (의지재료)",2500,2500,"ea",1,2500,"2500, 2500, 2500, 2500, 2500, 2500, 3000, 3000, 3000, 3000,"]
["소모품-실리콘이형제(420g) (의지재료) (의지재료)",5000,5000,"ea",1,5000,"5000, 5000, 5000, 33000, 5000, 5000, 5000, 5000, 5000, 5000,"]
["소모품-썰린(10x40x40) (의지재료) (의지재료)",40000,40000,"ea",1,40000,"40000, 40000, 40000, 40000, 40000, 40000, 40000, 40000, 40000, 40000,"]
["소모품-아세톤 (의지재료) (의지재료)",5000,5000,"l",1,5000,"5000, 5000, 5000, 5000, 5000, 5000, 5000, 5000, 5000, 5000,"]
["소모품-엘라스틱밴드(25mm ) (의지재료)",4000,4000,"m",50,200000,"200000,"]
["소모품-엘라스틱밴드(45mm ) (의지재료) (의지재료)",5500,5500,"m",50,275000,"275000, 275000,"]
["소모품-연삭벨트(30cm) (의지재료) (의지재료)",2500,2500,"ea",1,2500,"2500,"]
["소모품-위생랩(30cm) (의지재료) (의지재료)",5000,5000,"ea",1,5000,"5000, 5000, 5000, 5000, 5000, 5000, 5000, 5000, 5000, 5000,"]
["소모품-일제 가스토치 (의지재료)",60000,60000,"ea",1,60000,"60000, 65000, 45000,"]
["소모품-재단가위(외산) (의지재료) (의지재료)",35000,35000,"ea",1,35000,"35000, 35000, 35000, 35000,"]
["소모품-전기테이프(19mm) (의지재료) (의지재료)",500,500,"ea",1,500,"500, 500, 500, 500, 500, 1000, 500, 500, 500, 500,"]
["소모품-젤렉스(A급) (의지재료) (의지재료)",35000,35000,"ea",1,35000,"35000, 35000, 35000, 35000, 35000, 35000, 35000, 35000, 35000, 35000,"]
["소모품-청바지천",10000,10000,"㎡",1,10000,"10000, 10000, 10000,"]
["소모품-콜크(4mm) (의지재료) (의지재료)",33000,33000,"ea",1,33000,"33000,"]
["소모품-콜크(8mm) (의지재료) (의지재료)",50000,50000,"ea",1,50000,"50000,"]
["소모품-파우다(백색분말) (의지재료) (의지재료)",20700,20700,"ea",1,20700,"20700, 20800, 20800, 20800, 20800, 20800, 20800, 20800,"]
["소모품-필라이트(외산3mm) (의지재료) (의지재료)",11750,11750,"㎡",4,47000,"47000, 47000, 47000, 47000, 47000, 47000, 47000, 47000, 47000, 47000,"]
["소모품-필라이트(외산5mm) (의지재료) (의지재료)",19750,19750,"㎡",4,79000,"79000, 79000, 79000, 79000, 79000, 79000, 79000, 79000, 79000, 79000,"]
["소모품-하퇴용스타킹 (의지재료) (의지재료)",9000,9000,"ea",1,9000,"9000, 9000, 9000, 9000, 9000, 9000, 9000, 9000, 9000, 9000,"]
["소모품-하퇴용스탐프싹스국산 (의지재료)",6000,6000,"ea",1,6000,"6000, 6000, 6000, 6000, 6000, 6000, 6000, 6000, 6000, 6000,"]
["소모품-하퇴용스탐프싹스국산 (의지재료) (의지재료)",6000,6000,"ea",1,6000,"6000, 6000, 6000, 6000, 6000, 6000, 6000, 6000, 6000, 6000,"]
["소모품-화이바스타키넷글라스(10cm) (의지재료) (의지재료)",8200,8200,"m",10,82000,"82000,"]
["소모품-화이바스타키넷글라스(12cm) (의지재료) (의지재료)",8200,8200,"m",10,82000,"82000,"]
["소모품-화이바스타키넷글라스(8cm) (의지재료) (의지재료)",8200,8200,"m",10,82000,"82000,"]
["의지상지-견갑솔더조인트 (의지재료) (의지재료)",318000,318000,"ea",1,318000,"318000,"]
["의지상지-견갑용어댑터(오토복) (의지재료)",49000,49000,"ea",1,49000,"49000,"]
["의지상지-견갑장식세트(독일산) (의지재료) (의지재료)",530000,530000,"ea",1,530000,"530000, 530000, 530000, 530000, 530000, 530000, 530000, 530000, 530000, 530000,"]
["의지상지-미관형의수실리콘두손 (의지재료) (의지재료)",230000,230000,"ea",1,230000,"230000, 230000, 230000, 230000, 230000, 230000, 230000, 230000, 230000, 230000,"]
["의지상지-미관형의수실리콘리갈(외산) (의지재료) (의지재료)",230000,230000,"ea",1,230000,"230000, 230000, 230000, 230000, 230000, 230000, 230000, 230000, 230000, 230000,"]
["의지상지-미관형의수지실리콘 (의지재료) (의지재료)",65000,65000,"ea",1,65000,"65000, 65000, 65000, 65000, 65000, 65000, 65000, 65000, 65000, 65000,"]
["의지상지-반자동의수(독일산) (의지재료) (의지재료)",363000,363000,"ea",1,363000,"363000, 363000, 363000, 363000, 363000, 363000, 363000, 363000, 363000, 363000,"]
["의지상지-상박관절장식원통형(외산) (의지재료) (의지재료)",360000,360000,"ea",1,360000,"360000, 360000, 360000, 360000, 360000, 360000, 360000, 360000, 360000, 360000,"]
["의지상지-상박관절장식키트형(외산) (의지재료) (의지재료)",275000,275000,"ea",1,275000,"275000, 275000, 275000, 275000, 275000, 275000, 275000, 275000, 275000, 275000,"]
["의지상지-상박관절장식호스머(미국산) (의지재료) (의지재료)",760000,760000,"ea",1,760000,"760000, 760000, 760000, 760000, 760000, 760000, 760000, 760000, 760000, 760000,"]
["의지상지-상박신경줄호스머(호스머) (의지재료) (의지재료)",95000,95000,"ea",1,95000,"95000, 95000, 95000, 95000, 95000, 95000, 95000, 95000, 95000, 95000,"]
["의지상지-상박용키트폼블록(외산) (의지재료) (의지재료)",80000,80000,"ea",1,80000,"80000, 80000, 80000, 80000, 80000, 80000, 80000, 80000, 80000, 80000,"]
["의지상지-상박용하니스키트(독일)",242000,242000,"ea",1,242000,"242000,"]
["의지상지-상박주관절장식(독일산) (의지재료) (의지재료)",860000,860000,"ea",1,860000,"860000, 860000, 912000, 860000,"]
["의지상지-손목장식국산(국산) (의지재료) (의지재료)",17000,17000,"ea",1,17000,"17000, 17000, 17000, 17000, 17000, 15000, 17000, 17000, 17000, 17000,"]
["의지상지-손목장식꺽임기능(미국) (의지재료) (의지재료)",325000,325000,"ea",1,325000,"325000, 325000, 325000, 325000, 325000, 325000, 325000, 325000, 325000,"]
["의지상지-아이스락700시리즈(오서) (의지재료)",220000,220000,"ea",1,220000,"220000, 220000, 220000,"]
["의지상지-작업의수후크스텐호스머중(미국산) (의지재료) (의지재료)",560000,560000,"ea",1,560000,"560000, 560000, 510000, 560000, 560000, 560000, 560000, 690000,"]
["의지상지-작업의수후크알미늄호스머(미국산) (의지재료) (의지재료)",520000,520000,"ea",1,520000,"520000, 520000, 520000, 520000, 520000, 520000, 520000, 520000, 520000, 520000,"]
["의지상지-케이블세트외산(독일산) (의지재료) (의지재료)",110000,110000,"ea",1,110000,"110000, 95000, 110000, 95000, 95000, 95000, 95000, 95000, 110000, 95000,"]
["의지상지-하네스 호스머",108000,null,"ea",1]
["의지재료-실리콘싹스알프스ELDT",330000,330000,"ea",1,330000,"330000, 330000, 330000, 330000,"]
["의지하지-KOREC FOOT 3 LP",491700,491700,"ea",1,491700,"491700, 523250,"]
["의지하지-고관절장식7E7(독일산) (의지재료) (의지재료)",1300000,1300000,"ea",1,1300000,"1300000,"]
["의지하지-기계식브레이크단축무릎(대만제)",650000,650000,"ea",1,650000,"650000, 640000, 640000, 640000, 640000,"]
["의지하지-단축발(미국산) (의지재료) (의지재료)",148000,148000,"ea",1,148000,"148000, 148000, 148000,"]
["의지하지-단축발나무발키트 (의지재료)",250000,250000,"ea",1,250000,"250000,"]
["의지하지-단축발목장식(중국산)",120000,120000,"ea",1,120000,"120000,"]
["의지하지-단축발발목장식알루미늄포함셋트(독일산) (의지재료)",176000,176000,"ea",1,176000,"176000, 176000, 176000, 176000, 176000, 176000, 176000, 176000, 176000, 176000,"]
["의지하지-단축발발목장식알루미늄포함셋트(독일산) (의지재료) (의지재료)",176000,176000,"ea",1,176000,"176000, 176000, 176000, 176000, 176000, 176000, 176000, 176000, 176000, 176000,"]
["의지하지-단축발신형(미국산) (의지재료)",220000,220000,"ea",1,220000,"220000,"]
["의지하지-단축발알미늄세트(중국산) (의지재료)",162000,162000,"ea",1,162000,"162000, 162000, 162000, 162000, 162000, 162000, 162000, 162000, 162000, 162000,"]
["의지하지-단축발알미늄세트(중국산) (의지재료) (의지재료)",162000,162000,"ea",1,162000,"162000, 162000, 162000, 162000, 162000, 162000, 162000, 162000, 162000, 162000,"]
["의지하지-대퇴무릎장식3c98씨렉4(독일산)",34000000,34000000,"ea",1,34000000,"34000000,"]
["의지하지-대퇴무릎장식3R60(독일산) (의지재료) (의지재료)",3690000,3690000,"ea",1,3690000,"3690000, 3690000, 3690000, 3690000, 3690000,"]
["의지하지-대퇴무릎장식3R78공압식(독일산) (의지재료)",703000,703000,"ea",1,703000,"703000, 703000, 703000, 703000, 703000, 703000, 703000, 703000, 703000, 703000,"]
["의지하지-대퇴무릎장식3R78공압식(독일산) (의지재료) (의지재료)",703000,703000,"ea",1,703000,"703000, 703000, 703000, 703000, 703000, 703000, 703000, 703000, 703000, 703000,"]
["의지하지-대퇴무릎장식3R80(독일산) (의지재료) (의지재료)",3800000,3800000,"ea",1,3800000,"3800000,"]
["의지하지-대퇴무릎장식Bk공압식(4절공압식) (의지재료) (의지재료)",777000,777000,"ea",1,777000,"777000, 777000, 777000, 777000, 777000, 777000, 777000, 777000, 777000, 777000,"]
["의지하지-대퇴무릎장식Bk인공지능(인공지능) (의지재료)",2484000,2484000,"ea",1,2484000,"2484000, 2484000, 2484000, 2484000, 2484000, 2484000, 2484000, 2484000, 2484000, 2484000,"]
["의지하지-대퇴무릎장식Bk인공지능(인공지능) (의지재료) (의지재료)",2484000,2484000,"ea",1,2484000,"2484000, 2484000, 2484000, 2484000, 2484000, 2484000, 2484000, 2484000, 2484000, 2484000,"]
["의지하지-대퇴무릎장식VGK(성림) (의지재료)",13000000,13000000,"ea",1,13000000,"13000000, 13000000,"]
["의지하지-대퇴무릎장식단축식일반금속(독일산) (의지재료) (의지재료)",500000,500000,"ea",1,500000,"500000, 500000, 500000,"]
["의지하지-대퇴무릎장식단축식잠금기능일반금속(독일산) (의지재료) (의지재료",515000,515000,"ea",1,515000,"515000, 500000, 500000, 500000,"]
["의지하지-대퇴무릎장식단축식잠금기능티타늄(독일산) (의지재료) (의지재료)",703000,703000,"ea",1,703000,"703000, 700000, 700000, 700000,"]
["의지하지-대퇴무릎장식단축식티타늄3R49(독일산) (의지재료)",700000,700000,"ea",1,700000,"700000, 700000, 700000, 700000, 700000, 700000, 700000, 700000, 700000, 700000,"]
["의지하지-대퇴무릎장식단축식티타늄3R49(독일산) (의지재료) (의지재료)",700000,700000,"ea",1,700000,"700000, 700000, 700000, 700000, 700000, 700000, 700000, 700000, 700000, 700000,"]
["의지하지-대퇴무릎장식마우크니(외산) (의지재료) (의지재료)",3640000,3640000,"ea",1,3640000,"3640000, 3640000, 3640000, 3640000, 3640000, 3640000, 3640000, 3640000, 3640000, 3640000,"]
["의지하지-대퇴무릎장식발란스니 (의지재료) (의지재료)",700000,700000,"ea",1,700000,"700000,"]
["의지하지-대퇴무릎장식토탈니기계식(미국산) (의지재료) (의지재료)",1920000,1920000,"ea",1,1920000,"1920000,"]
["의지하지-대퇴무릎장식토탈니유압식(미국산) (의지재료) (의지재료)",2870000,2870000,"ea",1,2870000,"2870000, 2870000, 2870000, 2870000, 2870000, 2870000, 2870000, 2870000, 2870000,"]
["의지하지-대퇴용실리콘싹스자석용라이너(국산)",150000,150000,"ea",1,150000,"150000,"]
["의지하지-락장식Bk(대퇴,하퇴겸용) (의지재료) (의지재료)",223000,223000,"ea",1,223000,"223000, 223000, 223000, 223000, 223000, 223000, 223000, 223000, 223000, 223000,"]
["의지하지-락장식필라우더 (의지재료) (의지재료)",155000,155000,"ea",1,155000,"155000, 155000, 155000, 155000, 155000, 155000, 155000, 155000, 155000, 155000,"]
["의지하지-무릎관절의지OP2 Knee SE (오서)",700000,700000,"ea",1,700000,"700000, 700000,"]
["의지하지-무릎관절장식OFM2 (오서)",703000,703000,"ea",1,703000,"703000, 703000, 703000, 703000,"]
["의지하지-무릎관절장식마우크니플러스(오서)",3980000,3980000,"ea",1,3980000,"3980000, 3980000, 3980000, 3980000,"]
["의지하지-무릎장식 기계식 다축무릎 티탄 (3R30) (의지재료)",1028000,1028000,"ea",1,1028000,"1028000, 1028000,"]
["의지하지-무릎장식단축엔도라이트머큐리(성림)",3635000,3635000,"ea",1,3635000,"3635000, 3635000,"]
["의지하지-무릎장식단축엔도라이트머큐리(성림) (의지재료)",3635000,3635000,"ea",1,3635000,"3635000,"]
["의지하지-무릎장식토탈니2100set(미국식) (의지재료)",3980000,3980000,"ea",1,3980000,"3980000,"]
["의지하지-무릎회전장식Bk(국산) (의지재료) (의지재료)",226000,226000,"ea",1,226000,"226000, 226000, 226000, 226000, 226000, 226000, 226000, 226000, 226000, 226000,"]
["의지하지-무릎회전장식티탄(티탄독일산) (의지재료) (의지재료)",620000,620000,"ea",1,620000,"620000, 620000, 620000, 620000, 620000, 620000, 620000, 620000, 620000,"]
["의지하지-바그너핀라이너",340000,340000,"ea",1,340000,"340000, 340000,"]
["의지하지-바그너핀라이너 (의지재료)",340000,340000,"ea",1,340000,"340000,"]
["의지하지-발 다이나믹풋 (1D10) 독일산 (의지재료) (의지재료)",230000,230000,"ea",1,230000,"230000,"]
["의지하지-발 발런스 J풋 (오서) (의지재료) (의지재료)",480000,480000,"ea",1,480000,"480000, 480000, 480000,"]
["의지하지-발 씨워크(독일산)",1800000,1800000,"ea",1,1800000,"1800000,"]
["의지하지-발 어스파이어스풋 (오서) (의지재료)",660000,660000,"ea",1,660000,"660000, 660000,"]
["의지하지-발 트리톤VS (1C61)(독일산)",2200000,2200000,"ea",1,2200000,"2200000,"]
["의지하지-발Bk(국산) (의지재료)",188000,188000,"ea",1,188000,"188000, 188000, 188000, 188000, 188000, 188000, 188000, 188000, 188000, 188000,"]
["의지하지-발Bk(국산) (의지재료) (의지재료)",188000,188000,"ea",1,188000,"188000, 188000, 188000, 188000, 188000, 188000, 188000, 188000, 188000, 188000,"]
["의지하지-발다이나믹모션(독일산) (의지재료)",510000,510000,"ea",1,510000,"510000,"]
["의지하지-발단축티탄(오토복)",363000,363000,"ea",1,363000,"363000,"]
["의지하지-발목장식오토복단축식알루미늄(독일산) (의지재료)",176000,176000,"ea",1,176000,"176000, 176000, 176000, 176000, 176000, 176000, 176000, 176000, 176000, 176000,"]
["의지하지-발목장식오토복단축식알루미늄(독일산) (의지재료) (의지재료)",176000,176000,"ea",1,176000,"176000, 176000, 176000, 176000, 176000, 176000, 176000, 176000, 176000, 176000,"]
["의지하지-발베리플랙스(미국산) (의지재료) (의지재료)",1870000,1870000,"ea",1,1870000,"1870000, 1870000, 1870000,"]
["의지하지-발베리플랙스풋메일피라미드어댑터(미국산) (의지재료)",160000,160000,"ea",1,160000,"160000,"]
["의지하지-발세나토(미국산) (의지재료)",690000,690000,"ea",1,690000,"690000,"]
["의지하지-발씨에라(미국산) (의지재료) (의지재료)",1790000,1790000,"ea",1,1790000,"1790000,"]
["의지하지-발어셔플렉스(미국산) (의지재료) (의지재료)",630000,630000,"ea",1,630000,"630000, 630000, 630000, 630000, 630000, 630000,"]
["의지하지-발족부외피카바프리덤 (의지재료) (의지재료)",160000,160000,"ea",1,160000,"160000, 160000, 160000,"]
["의지하지-발족부카바Bk(국산) (의지재료) (의지재료)",41000,41000,"ea",1,41000,"41000, 41000, 41000, 41000, 41000, 41000, 41000, 30000, 30000,"]
["의지하지-발족부카바트리아스(외산) (의지재료)",140000,140000,"ea",1,140000,"140000, 140000, 140000, 140000, 140000, 140000,"]
["의지하지-발족부카바트리아스(외산) (의지재료) (의지재료)",140000,140000,"ea",1,140000,"140000, 140000, 140000, 140000, 140000,"]
["의지하지-발탈레오(Taleo-1C50)(독일)",2100000,2100000,"ea",1,2100000,"2100000,"]
["의지하지-발트리아스(독일산) (의지재료) (의지재료)",730000,730000,"ea",1,730000,"730000, 730000, 730000, 730000, 730000, 730000, 730000, 730000, 730000, 730000,"]
["의지하지-밸런스코폴리머라이너(오토복) (의지재료)",365000,365000,"ea",1,365000,"365000, 365000, 365000, 365000, 365000, 365000, 365000, 365000, 365000,"]
["의지하지-사치발(독일) (의지재료)",110000,110000,"ea",1,110000,"110000, 110000, 110000, 92000,"]
["의지하지-스터비발(sidekicks)(외산)",475000,475000000,"ea",1,475000000,"475000000,"]
["의지하지-슬관절무릎(서보공압식다축무릎)(3R106Pro)(독일)",2400000,2400000,"ea",1,2400000,"2400000,"]
["의지하지-슬관절용무릎장식Bk(국산) (의지재료) (의지재료)",777000,777000,"ea",1,777000,"777000, 777000, 777000, 777000, 777000, 650000, 650000, 650000, 650000, 650000,"]
["의지하지-신형단축발셋트(미국산)",148000,148000,"ea",1,148000,"148000, 220000, 220000, 220000,"]
["의지하지-실리콘 젤 라이너(6Y70)(독일산)",180000,180000,"ea",1,180000,"180000, 180000, 180000, 180000, 180000, 180000, 180000, 180000, 180000, 180000,"]
["의지하지-실리콘 젤 라이너(6Y70)(독일산) (의지재료)",180000,180000,"ea",1,180000,"180000, 180000, 180000, 180000, 180000, 180000, 180000, 180000, 180000, 180000,"]
["의지하지-실리콘라이너DVS Liner(오토복)",365000,365000,"ea",1,365000,"365000,"]
["의지하지-실리콘싹스 프로씰라이너(독일)",264000,264000,"ea",1,264000,"264000, 264000, 264000, 264000, 280000, 280000, 264000,"]
["의지하지-실리콘싹스 프로씰라이너(독일) (의지재료)",264000,264000,"ea",1,264000,"264000, 264000, 264000, 264000, 280000, 280000,"]
["의지하지-실리콘싹스(아이스로스 씰인 X-TF)",465000,465000,"ea",1,465000,"465000, 465000, 465000, 465000, 465000,"]
["의지하지-실리콘싹스(아이스로스 씰인 X-TF) (의지재료)",465000,465000,"ea",1,465000,"465000, 465000, 465000, 465000,"]
["의지하지-실리콘싹스(아이스로스 씰인 X-TF링)",175000,175000,"ea",1,175000,"175000, 155000, 155000, 155000,"]
["의지하지-실리콘싹스(아이스로스 씰인 X-TF링) (의지재료)",175000,175000,"ea",1,175000,"175000, 155000, 155000,"]
["의지하지-실리콘싹스(아이스로스 씰인X-TF(Set) (의지재료)",620000,620000,"ea",1,620000,"620000, 620000, 620000, 620000, 620000, 620000, 620000, 620000, 620000, 620000,"]
["의지하지-실리콘싹스3D대퇴라이너",520000000,520000000,"ea",1,520000000,"520000000,"]
["의지하지-실리콘싹스6Y95칼레오(독일)",385000,385000,"ea",1,385000,"385000, 380000,"]
["의지하지-실리콘싹스MagFabric라이너(국산) (의지재료)",138000,138000,"ea",1,138000,"138000, 138000, 118000,"]
["의지하지-실리콘싹스X5씰린대퇴용(미국산) (의지재료)",600000,600000,"ea",1,600000,"600000, 600000, 600000, 600000, 600000, 600000, 600000, 600000, 600000, 600000,"]
["의지하지-실리콘싹스X5씰린대퇴용(미국산) (의지재료) (의지재료)",600000,600000,"ea",1,600000,"600000, 600000, 600000, 600000, 600000, 600000, 600000, 600000, 600000, 600000,"]
["의지하지-실리콘싹스X5씰린라이너웨이브하퇴용(오서) (의지재료) (의지재료",398000,398000,"ea",1,398000,"398000, 398000, 398000, 398000, 398000, 460000,"]
["의지하지-실리콘싹스X5씰린하퇴용(미국산) (의지재료) (의지재료)",460000,460000,"ea",1,460000,"460000,"]
["의지하지-실리콘싹스국산(국산) (의지재료) (의지재료)",120000,120000,"ea",1,120000,"120000, 120000, 120000, 120000, 120000, 120000, 120000, 120000, 120000, 120000,"]
["의지하지-실리콘싹스대퇴용(대퇴용) (의지재료)",399000,399000,"ea",1,399000,"399000, 399000, 399000, 399000, 399000, 399000, 399000, 399000, 399000, 399000,"]
["의지하지-실리콘싹스대퇴용(대퇴용) (의지재료) (의지재료)",399000,399000,"ea",1,399000,"399000, 399000, 399000, 399000, 399000, 399000, 399000, 399000, 399000, 399000,"]
["의지하지-실리콘싹스더모(미국산) (의지재료)",398000,398000,"ea",1,398000,"398000, 398000, 398000, 398000, 398000, 398000, 398000, 398000, 398000, 398000,"]
["의지하지-실리콘싹스더모(미국산) (의지재료) (의지재료)",398000,398000,"ea",1,398000,"398000, 398000, 398000, 398000, 398000, 398000, 398000, 398000, 398000, 398000,"]
["의지하지-실리콘싹스더블젤라이너(성림) (의지재료)",105000,105000,"ea",1,105000,"105000, 105000, 105000, 105000, 105000, 105000, 105000, 105000, 105000, 105000,"]
["의지하지-실리콘싹스라이너(독일산) (의지재료) (의지재료)",300000,300000,"ea",1,300000,"300000,"]
["의지하지-실리콘싹스라이트라이너6mm(외산하퇴용 ) (의지재료) (의지재료",340000,340000,"ea",1,340000,"340000,"]
["의지하지-실리콘싹스베이직TPE라이너(독일) (의지재료)",231000,231000,"ea",1,231000,"231000, 231000, 231000,"]
["의지하지-실리콘싹스-스케오실링라이너(독일)",580000,580000,"ea",1,580000,"580000,"]
["의지하지-실리콘싹스스포츠(미국산) (의지재료) (의지재료)",430000,430000,"ea",1,430000,"430000, 430000, 430000, 430000, 430000, 430000,"]
["의지하지-실리콘싹스시너지웨이브(외산) (의지재료)",398000,398000,"ea",1,398000,"398000, 398000, 398000, 398000,"]
["의지하지-실리콘싹스시너지웨이브(외산) (의지재료) (의지재료)",398000,398000,"ea",1,398000,"398000, 398000, 398000,"]
["의지하지-실리콘싹스싸임용(외산) (의지재료) (의지재료)",90000,90000,"ea",1,90000,"90000, 90000, 90000, 90000,"]
["의지하지-실리콘싹스씰린라이너대퇴용(외산) (의지재료)",600000,600000,"ea",1,600000,"600000, 600000, 600000, 600000, 600000, 600000, 600000, 600000, 600000, 600000,"]
["의지하지-실리콘싹스씰린라이너대퇴용(외산) (의지재료) (의지재료)",600000,600000,"ea",1,600000,"600000, 600000, 600000, 600000, 600000, 600000, 600000, 600000, 600000, 600000,"]
["의지하지-실리콘싹스씰린라이너하퇴용(외산) (의지재료) (의지재료)",460000,460000,"ea",1,460000,"460000, 460000,"]
["의지하지-실리콘싹스씰인X5",398000,398000,"ea",1,398000,"398000,"]
["의지하지-실리콘싹스씰인X하퇴용(오서)",400000,400000,"ea",1,400000,"400000, 400000, 400000, 400000, 380000,"]
["의지하지-실리콘싹스아이스로스오리지날천커버락킹 (의지재료) (의지재료)",240000,240000,"ea",1,240000,"240000, 240000, 240000, 240000, 240000, 240000,"]
["의지하지-실리콘싹스알파 SEBS 스프릿트라이너(성림)",390000,390000,"ea",1,390000,"390000,"]
["의지하지-실리콘싹스알프스Akdt(미국산) (의지재료)",290000,290000,"ea",1,290000,"290000, 290000, 290000, 290000, 290000, 290000,"]
["의지하지-실리콘싹스알프스Akdt(미국산) (의지재료) (의지재료)",290000,290000,"ea",1,290000,"290000, 290000, 290000, 290000, 290000,"]
["의지하지-실리콘싹스알프스Gpdt(미국산) (의지재료) (의지재료)",270000,270000,"ea",1,270000,"270000, 270000, 270000, 270000, 270000, 270000, 270000, 270000, 270000, 270000,"]
["의지하지-실리콘싹스알프스Spdt(미국산) (의지재료)",270000,270000,"ea",1,270000,"270000, 270000, 270000, 270000, 270000, 270000, 270000, 270000, 270000,"]
["의지하지-실리콘싹스알프스Spdt(미국산) (의지재료) (의지재료)",270000,270000,"ea",1,270000,"270000, 270000, 270000, 270000, 270000, 270000, 270000, 270000,"]
["의지하지-실리콘싹스알프스규션젤라이너(미국산) (의지재료) (의지재료)",270000,270000,"ea",1,270000,"270000, 270000, 270000,"]
["의지하지-실리콘싹스알프스플렉스슬리브(성림)",130000,130000,"ea",1,130000,"130000, 130000, 130000, 120000,"]
["의지하지-실리콘싹스어퍼액스전박용(미국산) (의지재료) (의지재료)",340000,340000,"ea",1,340000,"340000, 340000, 340000, 340000, 340000, 340000, 340000, 340000, 340000, 340000,"]
["의지하지-실리콘싹스이지락킹(미국산) (의지재료)",330000,330000,"ea",1,330000,"330000, 330000, 330000, 330000, 330000, 330000, 330000, 330000, 330000, 330000,"]
["의지하지-실리콘싹스이지락킹(미국산) (의지재료) (의지재료)",330000,330000,"ea",1,330000,"330000, 330000, 330000, 330000, 330000, 330000, 330000, 330000, 330000, 330000,"]
["의지하지-실리콘싹스자석용라이너(국산)",118000,118000,"ea",1,118000,"118000, 118000, 118000, 118000,"]
["의지하지-실리콘싹스자석용라이너(국산) (의지재료)",118000,118000,"ea",1,118000,"118000, 118000, 118000,"]
["의지하지-실리콘싹스젤라이너(외산) (의지재료) (의지재료)",180000,180000,"ea",1,180000,"180000, 180000, 180000, 180000, 180000,"]
["의지하지-실리콘싹스천커버살색라이너(독일산) (의지재료)",264000,264000,"ea",1,264000,"264000, 264000,"]
["의지하지-실리콘싹스천커버살색라이너(독일산) (의지재료) (의지재료)",264000,264000,"ea",1,264000,"264000,"]
["의지하지-실리콘싹스컴포트대퇴용(외산) (의지재료) (의지재료)",500000,500000,"ea",1,500000,"500000, 500000, 500000, 500000, 500000, 500000, 500000, 500000, 500000, 500000,"]
["의지하지-실리콘싹스컴포트락킹",335000,335000,"ea",1,335000,"335000, 335000, 335000, 335000, 335000,"]
["의지하지-실리콘싹스컴포트쿠션라이너3mm(외산)",335000,335000,"ea",1,335000,"335000, 338000, 338000,"]
["의지하지-실리콘싹스컴포트쿠션라이너3mm(외산) (의지재료)",335000,335000,"ea",1,335000,"335000,"]
["의지하지-실리콘싹스컴포트하퇴용(외산) (의지재료)",335000,335000,"ea",1,335000,"335000, 335000, 335000, 335000, 335000, 335000, 335000, 335000, 335000, 335000,"]
["의지하지-실리콘싹스컴포트하퇴용(외산) (의지재료) (의지재료)",335000,335000,"ea",1,335000,"335000, 335000, 335000, 335000, 335000, 335000, 335000, 335000, 335000, 335000,"]
["의지하지-실리콘싹스코니칼+스텐다드대퇴용(미국산) (의지재료)",500000,500000,"ea",1,500000,"500000, 500000, 500000, 500000, 500000, 500000, 500000, 500000, 500000, 500000,"]
["의지하지-실리콘싹스코니칼+스텐다드대퇴용(미국산) (의지재료) (의지재료)",500000,500000,"ea",1,500000,"500000, 500000, 500000, 500000, 500000, 500000, 500000, 500000, 500000, 500000,"]
["의지하지-실리콘싹스코플리머라이너(독일산) (의지재료) (의지재료)",365000,365000,"ea",1,365000,"365000,"]
["의지하지-실리콘싹스투명하퇴용(미국산) (의지재료) (의지재료)",270000,270000,"ea",1,270000,"270000, 220000, 270000, 270000,"]
["의지하지-실리콘싹스투칼라천커버대퇴용(미국산) (의지재료) (의지재료)",500000,500000,"ea",1,500000,"500000, 500000, 500000, 500000, 500000, 500000,"]
["의지하지-실리콘싹스향균라이너대퇴용(독일산) (의지재료)",515000,515000,"ea",1,515000,"515000, 515000, 515000, 515000, 515000, 515000, 515000, 515000, 515000, 515000,"]
["의지하지-실리콘싹스향균라이너대퇴용(독일산) (의지재료) (의지재료)",515000,515000,"ea",1,515000,"515000, 515000, 515000, 515000, 515000, 515000, 515000, 515000, 515000, 515000,"]
["의지하지-실리콘싹스향균라이너하퇴용(독일산) (의지재료)",180000,180000,"ea",1,180000,"180000, 235000, 235000, 235000, 235000, 235000, 235000, 235000, 235000, 235000,"]
["의지하지-실리콘싹스향균라이너하퇴용(독일산) (의지재료) (의지재료)",180000,180000,"ea",1,180000,"180000, 235000, 235000, 235000, 235000, 235000, 235000, 235000, 235000, 235000,"]
["의지하지-실리콘싹스향균젤라이너대퇴용(독일산) (의지재료)",399000,399000,"ea",1,399000,"399000, 399000, 399000, 515000, 515000, 515000, 515000, 515000, 515000,"]
["의지하지-실리콘싹스향균젤라이너대퇴용(독일산) (의지재료) (의지재료)",399000,399000,"ea",1,399000,"399000, 399000, 399000, 515000, 515000, 515000, 515000, 515000,"]
["의지하지-실리콘싹스향균젤라이너하퇴용(독일산) (의지재료)",235000,235000,"ea",1,235000,"235000, 235000, 235000, 235000, 235000, 235000, 235000, 235000, 235000, 235000,"]
["의지하지-실리콘싹스향균젤라이너하퇴용(독일산) (의지재료) (의지재료)",235000,235000,"ea",1,235000,"235000, 235000, 235000, 235000, 235000, 235000, 235000, 235000, 235000, 235000,"]
["의지하지-싸치발Is49+2r31발목관절 (의지재료)",185000,185000,"ea",1,185000,"185000, 185000,"]
["의지하지-싸치발Is49+2r31발목관절 (의지재료) (의지재료)",185000,185000,"ea",1,185000,"185000,"]
["의지하지-싸치발목관절(스틸) (의지재료)",37000,37000,"ea",1,37000,"37000, 37000,"]
["의지하지-싸치발셋트 (의지재료) (의지재료)",156000,156000,"ea",1,156000,"156000, 162000, 162000, 162000,"]
["의지하지-씰인 V 하퇴용 웨이브 라이너(오서) (의지재료)",520000,520000,"ea",1,520000,"520000,"]
["의지하지-아나토믹 3D 라이너(향균) (6Y512) (의지재료)",380000,380000,"ea",1,380000,"380000,"]
["의지하지-아이스로스 씰인 x 하퇴라이너+씰링 (미국산)",520000,520000,"ea",1,520000,"520000, 520000, 520000, 520000, 520000, 520000, 520000,"]
["의지하지-아이스로스 씰인 x 하퇴라이너+씰링 (미국산) (의지재료)",520000,520000,"ea",1,520000,"520000, 520000, 520000, 520000, 520000, 520000,"]
["의지하지-엔도라이트 에스프리트발(성림)",1220000,1220000,"ea",1,1220000,"1220000, 1220000, 1220000, 1220000,"]
["의지하지-엔도라이트 에스프리트발(성림) (의지재료)",1220000,1220000,"ea",1,1220000,"1220000, 1220000, 1220000,"]
["의지하지-의지발오딧세이(성림)",2990000,2990000,"ea",1,2990000,"2990000,"]
["의지하지-코폴리머라이너(오토복) (의지재료)",365000,365000,"ea",1,365000,"365000,"]
["의지하지-퀀텀발스프링(중국) (의지재료)",265000,265000,"ea",1,265000,"265000, 355000,"]
["의지하지-퀀텀발외피(중국) (의지재료)",40000,40000,"ea",1,40000,"40000, 40000, 40000,"]
["의지하지-토탈니메일피라미드어댑터(외산) (의지재료) (의지재료)",130000,130000,"ea",1,130000,"130000, 130000, 130000, 130000, 130000, 130000, 130000, 130000, 130000, 130000,"]
["의지하지-폼카바대퇴용대만(대만산) (의지재료) (의지재료)",89000,89000,"ea",1,89000,"89000, 89000, 89000, 89000, 89000, 89000, 89000, 89000, 89000, 89000,"]
["의지하지-퓨어라이너(하퇴용/6Y43) (의지재료)",320000,320000,"ea",1,320000,"320000,"]
["의지하지-하퇴용스탐프싹스외산 (의지재료) (의지재료)",6000,6000,"ea",1,6000,"6000, 6000, 6000, 6000, 6000, 6000, 6000, 6000,"]
["의지하지-홍콩리갈기계식슬관절무릎 (의지재료) (의지재료)",480000,480000,"ea",1,480000,"480000, 480000, 480000,"]
["의지하지-흡입밸브실린라이너대퇴용(미국산) (의지재료) (의지재료)",95000,95000,"ea",1,95000,"95000, 95000, 95000, 95000, 95000, 95000, 95000, 95000, 95000, 95000,"]
["의지하지-흡입밸브실린라이너하퇴용(미국산) (의지재료) (의지재료)",89000,89000,"ea",1,89000,"89000, 89000, 89000, 89000,"]
["하지의지-발프리덤외피(의지재료) (의지재료)",160000,160000,"ea",1,160000,"160000, 160000, 160000, 160000, 160000, 160000,"]
["의지하지-각도조절클램프티탄 (의지재료) (의지재료)",243000,243000,"ea",1,243000,"243000,"]

{"sheet":"구매내역","index":4,"n_rows":16606,"n_cols":43,"rows_kept":2250,"cut":true,"hidden":false,"merged":[],"bounds":{"rows_first":1000,"rows_last":250,"rows_between":1000,"halvings":1}}
["플랜트","구매요청","품번","구매요청 헤더텍스트","구매오더","구매오더 헤더텍스트","품번","품목코드","품목내역","문서유형","구매그룹","문서조건","요청 접수일","요청 진행상태","요청자사번","요청자명","PO 증빙일","공급업체","공급업체명","유효시작일","유효종료일","PO 수량","PO 단위","단가","per","PO 총액","입고수량","입고금액","입고 전기일","검수진행상태","대금청구일자","임시송장 금액","임시송장 전기일","송장금액","송장전기일","지출원인 금액","지출원인 등록","지출원인 상태","지출원인 결재","지급금액","지급일자","반제금액","반제일자"]
[1102,1000072064,10,"물품구매(범용착용부 허리 이너 커프5번 3D프린팅 등 3건/세금계산서)",2045601886,"외골격로봇/범용 착용부 허리 이너 커프 5번 3d프린팅 등 3종",10,"Z20050807","외골격로봇(연구재료)","Z01",456,null,44176,"최종승인",26892,"권칠용",44155,327286,"(주) 에이엠코리아","2020-11-17","2020-12-18",2,"EA",1485000,1,2970000,2,2970000,44183,"상신",null,0,null,0,null,0,null,null,null,0,null,0]
[1102,1000072064,20,"물품구매(범용착용부 허리 이너 커프5번 3D프린팅 등 3건/세금계산서)",2045601886,"외골격로봇/범용 착용부 허리 이너 커프 5번 3d프린팅 등 3종",20,"Z20050807","외골격로봇(연구재료)","Z01",456,null,44176,"최종승인",26892,"권칠용",44155,327286,"(주) 에이엠코리아","2020-11-17","2020-12-18",2,"EA",1485000,1,2970000,2,2970000,44183,"상신",null,0,null,0,null,0,null,null,null,0,null,0]
[1102,1000072064,30,"물품구매(범용착용부 허리 이너 커프5번 3D프린팅 등 3건/세금계산서)",2045601886,"외골격로봇/범용 착용부 허리 이너 커프 5번 3d프린팅 등 3종",30,"Z20050807","외골격로봇(연구재료)","Z01",456,null,44176,"최종승인",26892,"권칠용",44155,327286,"(주) 에이엠코리아","2020-11-17","2020-12-18",1,"EA",1485000,1,1485000,1,1485000,44183,"상신",null,0,null,0,null,0,null,null,null,0,null,0]
[1102,1000072065,10,"물품구매(범용착용부 하퇴 이너 커프 2번 3D프린팅 등 5건/세금계산서)",2045601885,"외골격로봇/범용 착용부 하퇴 이너 커프 2번 3d프린팅 등 5종",10,"Z20050807","외골격로봇(연구재료)","Z01",456,null,44176,"최종승인",26892,"권칠용",44155,327286,"(주) 에이엠코리아","2020-11-17","2020-12-18",1,"EA",737000,1,737000,1,737000,44183,"상신",null,0,null,0,null,0,null,null,null,0,null,0]
[1102,1000072065,20,"물품구매(범용착용부 하퇴 이너 커프 2번 3D프린팅 등 5건/세금계산서)",2045601885,"외골격로봇/범용 착용부 하퇴 이너 커프 2번 3d프린팅 등 5종",20,"Z20050807","외골격로봇(연구재료)","Z01",456,null,44176,"최종승인",26892,"권칠용",44155,327286,"(주) 에이엠코리아","2020-11-17","2020-12-18",1,"EA",737000,1,737000,1,737000,44183,"상신",null,0,null,0,null,0,null,null,null,0,null,0]
[1102,1000072065,30,"물품구매(범용착용부 하퇴 이너 커프 2번 3D프린팅 등 5건/세금계산서)",2045601885,"외골격로봇/범용 착용부 하퇴 이너 커프 2번 3d프린팅 등 5종",30,"Z20050807","외골격로봇(연구재료)","Z01",456,null,44176,"최종승인",26892,"권칠용",44155,327286,"(주) 에이엠코리아","2020-11-17","2020-12-18",1,"EA",737000,1,737000,1,737000,44183,"상신",null,0,null,0,null,0,null,null,null,0,null,0]
[1102,1000072065,40,"물품구매(범용착용부 하퇴 이너 커프 2번 3D프린팅 등 5건/세금계산서)",2045601885,"외골격로봇/범용 착용부 하퇴 이너 커프 2번 3d프린팅 등 5종",40,"Z20050807","외골격로봇(연구재료)","Z01",456,null,44176,"최종승인",26892,"권칠용",44155,327286,"(주) 에이엠코리아","2020-11-17","2020-12-18",1,"EA",737000,1,737000,1,737000,44183,"상신",null,0,null,0,null,0,null,null,null,0,null,0]
[1102,1000072065,50,"물품구매(범용착용부 하퇴 이너 커프 2번 3D프린팅 등 5건/세금계산서)",2045601885,"외골격로봇/범용 착용부 하퇴 이너 커프 2번 3d프린팅 등 5종",50,"Z20050807","외골격로봇(연구재료)","Z01",456,null,44176,"최종승인",26892,"권칠용",44155,327286,"(주) 에이엠코리아","2020-11-17","2020-12-18",1,"EA",737000,1,737000,1,737000,44183,"상신",null,0,null,0,null,0,null,null,null,0,null,0]
[1102,1000072672,10,"물품구매(Nozzle부품 조립비 등 5건/세금계산서)",2045602055,"스마트소켓/노즐 부품 조립비 등 5종",10,"Z20050607","스마트소켓(연구재료) (연구재료)","Z01",456,null,44179,"최종승인",26891,"박진국",44180,324705,"주식회사 신성텍","2020-12-11","2020-12-21",10,"EA",11000,1,110000,10,110000,44183,"상신",null,0,null,0,null,0,null,null,null,0,null,0]
[1102,1000072672,20,"물품구매(Nozzle부품 조립비 등 5건/세금계산서)",2045602055,"스마트소켓/노즐 부품 조립비 등 5종",20,"Z20050607","스마트소켓(연구재료) (연구재료)","Z01",456,null,44179,"최종승인",26891,"박진국",44180,324705,"주식회사 신성텍","2020-12-11","2020-12-21",10,"EA",82500,1,825000,10,825000,44183,"상신",null,0,null,0,null,0,null,null,null,0,null,0]
[1102,1000072672,30,"물품구매(Nozzle부품 조립비 등 5건/세금계산서)",2045602055,"스마트소켓/노즐 부품 조립비 등 5종",30,"Z20050607","스마트소켓(연구재료) (연구재료)","Z01",456,null,44179,"최종승인",26891,"박진국",44180,324705,"주식회사 신성텍","2020-12-11","2020-12-21",10,"EA",60500,1,605000,10,605000,44183,"상신",null,0,null,0,null,0,null,null,null,0,null,0]
[1102,1000072672,40,"물품구매(Nozzle부품 조립비 등 5건/세금계산서)",2045602055,"스마트소켓/노즐 부품 조립비 등 5종",40,"Z20050607","스마트소켓(연구재료) (연구재료)","Z01",456,null,44179,"최종승인",26891,"박진국",44180,324705,"주식회사 신성텍","2020-12-11","2020-12-21",10,"EA",22000,1,220000,10,220000,44183,"상신",null,0,null,0,null,0,null,null,null,0,null,0]
[1102,1000072672,50,"물품구매(Nozzle부품 조립비 등 5건/세금계산서)",2045602055,"스마트소켓/노즐 부품 조립비 등 5종",50,"Z20050607","스마트소켓(연구재료) (연구재료)","Z01",456,null,44179,"최종승인",26891,"박진국",44180,324705,"주식회사 신성텍","2020-12-11","2020-12-21",10,"EA",16500,1,165000,10,165000,44183,"상신",null,0,null,0,null,0,null,null,null,0,null,0]
[1102,1000072673,10,"물품구매(노즐핀 Φ1.01x10L 등 8건/세금계산서)",2045602056,"스마트소켓/노즐핀 등 8종",10,"Z20050607","스마트소켓(연구재료) (연구재료)","Z01",456,null,44180,"최종승인",26891,"박진국",44180,324705,"주식회사 신성텍","2020-12-11","2020-12-22",50,"EA",8800,1,440000,50,440000,44183,"상신",null,0,null,0,null,0,null,null,null,0,null,0]
[1102,1000072673,20,"물품구매(노즐핀 Φ1.01x10L 등 8건/세금계산서)",2045602056,"스마트소켓/노즐핀 등 8종",20,"Z20050607","스마트소켓(연구재료) (연구재료)","Z01",456,null,44180,"최종승인",26891,"박진국",44180,324705,"주식회사 신성텍","2020-12-11","2020-12-22",50,"EA",8800,1,440000,50,440000,44183,"상신",null,0,null,0,null,0,null,null,null,0,null,0]
[1102,1000072673,30,"물품구매(노즐핀 Φ1.01x10L 등 8건/세금계산서)",2045602056,"스마트소켓/노즐핀 등 8종",30,"Z20050607","스마트소켓(연구재료) (연구재료)","Z01",456,null,44180,"최종승인",26891,"박진국",44180,324705,"주식회사 신성텍","2020-12-11","2020-12-22",30,"EA",8800,1,264000,30,264000,44183,"상신",null,0,null,0,null,0,null,null,null,0,null,0]
[1102,1000072673,40,"물품구매(노즐핀 Φ1.01x10L 등 8건/세금계산서)",2045602056,"스마트소켓/노즐핀 등 8종",40,"Z20050607","스마트소켓(연구재료) (연구재료)","Z01",456,null,44180,"최종승인",26891,"박진국",44180,324705,"주식회사 신성텍","2020-12-11","2020-12-22",30,"EA",8800,1,264000,30,264000,44183,"상신",null,0,null,0,null,0,null,null,null,0,null,0]
[1102,1000072673,50,"물품구매(노즐핀 Φ1.01x10L 등 8건/세금계산서)",2045602056,"스마트소켓/노즐핀 등 8종",50,"Z20050607","스마트소켓(연구재료) (연구재료)","Z01",456,null,44180,"최종승인",26891,"박진국",44180,324705,"주식회사 신성텍","2020-12-11","2020-12-22",50,"EA",8250,1,412500,50,412500,44183,"상신",null,0,null,0,null,0,null,null,null,0,null,0]
[1102,1000072673,60,"물품구매(노즐핀 Φ1.01x10L 등 8건/세금계산서)",2045602056,"스마트소켓/노즐핀 등 8종",60,"Z20050607","스마트소켓(연구재료) (연구재료)","Z01",456,null,44180,"최종승인",26891,"박진국",44180,324705,"주식회사 신성텍","2020-12-11","2020-12-22",50,"EA",8250,1,412500,50,412500,44183,"상신",null,0,null,0,null,0,null,null,null,0,null,0]
[1102,1000072673,70,"물품구매(노즐핀 Φ1.01x10L 등 8건/세금계산서)",2045602056,"스마트소켓/노즐핀 등 8종",70,"Z20050607","스마트소켓(연구재료) (연구재료)","Z01",456,null,44180,"최종승인",26891,"박진국",44180,324705,"주식회사 신성텍","2020-12-11","2020-12-22",30,"EA",8250,1,247500,30,247500,44183,"상신",null,0,null,0,null,0,null,null,null,0,null,0]
[1102,1000072673,80,"물품구매(노즐핀 Φ1.01x10L 등 8건/세금계산서)",2045602056,"스마트소켓/노즐핀 등 8종",80,"Z20050607","스마트소켓(연구재료) (연구재료)","Z01",456,null,44180,"최종승인",26891,"박진국",44180,324705,"주식회사 신성텍","2020-12-11","2020-12-22",30,"EA",8250,1,247500,30,247500,44183,"상신",null,0,null,0,null,0,null,null,null,0,null,0]
[1102,1000072706,10,"물품구매(싱글 존 FSR 센서 등 2건/세금계산서)",2045602062,"외골격로봇/싱글 존 fsr 센서 등 2종",10,"Z20050807","외골격로봇(연구재료)","Z01",456,null,44189,"최종승인",26892,"권칠용",44182,325939,"(주) 카이트로닉스","2020-12-15","2020-12-31",45,"EA",9900,1,445500,45,445500,44183,"결제",null,0,null,0,null,0,null,null,null,0,null,0]
[1102,1000072706,20,"물품구매(싱글 존 FSR 센서 등 2건/세금계산서)",2045602062,"외골격로봇/싱글 존 fsr 센서 등 2종",20,"Z20050807","외골격로봇(연구재료)","Z01",456,null,44189,"최종승인",26892,"권칠용",44182,325939,"(주) 카이트로닉스","2020-12-15","2020-12-31",45,"EA",11000,1,495000,45,495000,44183,"결제",null,0,null,0,null,0,null,null,null,0,null,0]
[1102,1300013259,10,"`20년 12월 산업안전점검(케이아이안전보건기1술원)",2045800068,"12월 산업안전점검",10,null,"`20년 12월 산업안전점검","Z04",458,null,44168,"최종승인",28101,"김형국",44168,304163,"케이아이안전보건기술원(주) 지점","2020-12-03","2020-12-31",1,"식",180000,1,180000,1,180000,44183,"결제",null,180000,44183,0,null,180000,44183,null,null,0,null,0]
[1102,1000072259,10,"물품구매(로봇용 고정밀 감속기 성능시험기 등 2건/세금계산서)",2045601936,"스마트어시스트/로봇용 고정밀 감속기 성능시험기 등 2종",10,"Z20050649","로봇용 고정밀 감속기 성능시험기","Z01",456,null,44186,"최종승인",11509,"장대진",44160,313308,"한국전자기술연구원","2020-11-25","2020-12-25",1,"EA",862400,1,862400,1,862400,44182,"반려",null,0,null,0,null,0,null,null,null,0,null,0]
[1102,1000072259,20,"물품구매(로봇용 고정밀 감속기 성능시험기 등 2건/세금계산서)",2045601936,"스마트어시스트/로봇용 고정밀 감속기 성능시험기 등 2종",20,"Z20050649","지그설계","Z01",456,null,44186,"최종승인",11509,"장대진",44160,313308,"한국전자기술연구원","2020-11-25","2020-12-25",1,"EA",110000,1,110000,1,110000,44182,"반려",null,0,null,0,null,0,null,null,null,0,null,0]
[1102,1000072638,10,"물품구매(발판 외1건)",2045602043,"휠체어수리 발판 등 2종",10,"Z20120141","휠체어수리-발판거상형 (의지재료) (의지재료)","Z01",456,null,44175,"최종승인",6154,"김순종",44176,306977,"(주)대세엠케어 경인지점 (인천)","2020-12-10","2020-12-17",4,"EA",40000,1,160000,4,160000,44182,"결제",44183,0,null,160000,44182,160000,44182,"상신","결재완료",0,null,0]
[1102,1000072638,20,"물품구매(발판 외1건)",2045602043,"휠체어수리 발판 등 2종",20,"Z20120192","휠체어수리-브레이크일반형대세(일반형) (의지재료) (의지재료)","Z01",456,null,44175,"최종승인",6154,"김순종",44176,306977,"(주)대세엠케어 경인지점 (인천)","2020-12-10","2020-12-17",10,"EA",12000,1,120000,10,120000,44182,"결제",44183,0,null,120000,44182,120000,44182,"상신","결재완료",0,null,0]
[1102,1000072641,10,"물품구매(tlso 외1건)",2045602042,"보조기척추 등 2종",10,"Z20010967","보조기척추-OT TLSO 몰딩 (의지재료)","Z01",456,null,44175,"최종승인",6154,"김순종",44176,322758,"오르텍주식회사","2020-12-10","2020-12-17",6,"EA",80000,1,480000,6,480000,44182,"결제",44183,0,null,480000,44182,480000,44182,"상신","결재완료",0,null,0]
[1102,1000072641,20,"물품구매(tlso 외1건)",2045602042,"보조기척추 등 2종",20,"Z20011149","보조기하지-UDFLEX짧은다리보조기 보아식 (오르텍)","Z01",456,null,44175,"최종승인",6154,"김순종",44176,322758,"오르텍주식회사","2020-12-10","2020-12-17",2,"EA",45000,1,90000,2,90000,44182,"결제",44183,0,null,90000,44182,90000,44182,"상신","결재완료",0,null,0]
[1102,1000072642,10,"물품구매(실링레진 외1건)",2045602041,"소모품 레진 등 2종",10,"Z20010598","소모품-레진(실링) 900g(통) -오토복 (의지재료) (의지재료)","Z01",456,null,44175,"최종승인",6154,"김순종",44176,305386,"(주) 오토복코리아헬스케어","2020-12-10","2020-12-17",1,"EA",49000,1,49000,1,49000,44182,"결제",44183,0,null,49000,44182,49000,44182,"상신","결재완료",0,null,0]
[1102,1000072642,20,"물품구매(실링레진 외1건)",2045602041,"소모품 레진 등 2종",20,"Z20010117","소모품-레진경화제(150g) (의지재료) (의지재료)","Z01",456,null,44175,"최종승인",6154,"김순종",44176,305386,"(주) 오토복코리아헬스케어","2020-12-10","2020-12-17",1,"EA",11000,1,11000,1,11000,44182,"결제",44183,0,null,11000,44182,11000,44182,"상신","결재완료",0,null,0]
[1102,1000072646,10,"물품구매(리갈의수-조*형)",2045602040,"의지상지 미관형의수",10,"Z20010368","의지상지-미관형의수실리콘리갈(외산) (의지재료) (의지재료)","Z01",456,null,44175,"최종승인",6154,"김순종",44176,301263,"성림교역","2020-12-10","2020-12-17",2,"EA",230000,1,460000,2,460000,44182,"결제",44183,0,null,460000,44182,460000,44182,"상신","결재완료",0,null,0]
[1102,1000072648,10,"물품구매(실리콘콤포트-이*우 외1명)",2045602039,"의지하지 실리콘싹스",10,"Z20010532","의지하지-실리콘싹스컴포트하퇴용(외산) (의지재료) (의지재료)","Z01",456,null,44175,"최종승인",6154,"김순종",44176,301434,"오서코리아주식회사","2020-12-10","2020-12-17",2,"EA",335000,1,670000,2,670000,44182,"결제",null,0,null,0,null,0,null,null,null,0,null,0]
[1102,1000072653,10,"물품구매(휠체어 가방외1건)",2045602038,"소모품 휠체어가방 등 2종",10,"Z20120044","소모품-휠체어가방미키(大) (의지재료) (의지재료)","Z01",456,null,44175,"최종승인",6154,"김순종",44176,301882,"미키메디칼","2020-12-10","2020-12-17",5,"EA",10000,1,50000,5,50000,44182,"결제",44183,0,null,50000,44182,50000,44182,"상신","결재완료",0,null,0]
[1102,1000072653,20,"물품구매(휠체어 가방외1건)",2045602038,"소모품 휠체어가방 등 2종",20,"Z20120419","휠체어수리-팔받이미키(大,中,小 ) (의지재료) (의지재료)","Z01",456,null,44175,"최종승인",6154,"김순종",44176,301882,"미키메디칼","2020-12-10","2020-12-17",8,"EA",10909,1,87272,8,87272,44182,"결제",44183,0,null,87272,44182,87272,44182,"상신","결재완료",0,null,0]
[1102,1300013258,10,"`20년 12월 승강기점검(서울승강기서비스)",2045800067,"12월 승강기점검",10,null,"`20년12월승강기점검","Z04",458,null,44168,"최종승인",28101,"김형국",44168,315165,"서울승강기서비스","2020-12-03","2020-12-31",1,"식",140000,1,140000,1,140000,44182,"결제",null,0,null,0,null,0,null,null,null,0,null,0]
[1102,1000072479,10,"물품구매(허리착용부 알루미늄 마감 플레이트 등 1건/세금계산서)",2045601990,"외골격로봇/허리착용부 알루미늄 마감 플레이트",10,"Z20050807","외골격로봇(연구재료)","Z01",456,null,44189,"최종승인",26892,"권칠용",44169,302038,"이룩스","2020-12-03","2020-12-31",1,"EA",440000,1,440000,1,440000,44181,"결제",null,0,null,0,null,0,null,null,null,0,null,0]
[1102,1000072480,10,"물품구매(발착용부 outsole part A 우측 등 4건/세금계산서)",2045602050,"외골격로봇/발착용부 outsole part a 우측 등4종",10,"Z20050807","외골격로봇(연구재료)","Z01",456,null,44189,"최종승인",26892,"권칠용",44179,302038,"이룩스","2020-12-09","2020-12-31",2,"EA",198000,1,396000,2,396000,44181,"결제",null,0,null,0,null,0,null,null,null,0,null,0]
[1102,1000072480,20,"물품구매(발착용부 outsole part A 우측 등 4건/세금계산서)",2045602050,"외골격로봇/발착용부 outsole part a 우측 등4종",20,"Z20050807","외골격로봇(연구재료)","Z01",456,null,44189,"최종승인",26892,"권칠용",44179,302038,"이룩스","2020-12-09","2020-12-31",2,"EA",198000,1,396000,2,396000,44181,"결제",null,0,null,0,null,0,null,null,null,0,null,0]
[1102,1000072480,30,"물품구매(발착용부 outsole part A 우측 등 4건/세금계산서)",2045602050,"외골격로봇/발착용부 outsole part a 우측 등4종",30,"Z20050807","외골격로봇(연구재료)","Z01",456,null,44189,"최종승인",26892,"권칠용",44179,302038,"이룩스","2020-12-09","2020-12-31",2,"EA",38500,1,77000,2,77000,44181,"결제",null,0,null,0,null,0,null,null,null,0,null,0]
[1102,1000072480,40,"물품구매(발착용부 outsole part A 우측 등 4건/세금계산서)",2045602050,"외골격로봇/발착용부 outsole part a 우측 등4종",40,"Z20050807","외골격로봇(연구재료)","Z01",456,null,44189,"최종승인",26892,"권칠용",44179,302038,"이룩스","2020-12-09","2020-12-31",2,"EA",38500,1,77000,2,77000,44181,"결제",null,0,null,0,null,0,null,null,null,0,null,0]
[1102,1000072481,10,"물품구매(대퇴고정부 프레임 파트1  등 6건/세금계산서)",2045601989,"외골격로봇/대퇴고정부 프레임 파트1 등 6종",10,"Z20050807","외골격로봇(연구재료)","Z01",456,null,44189,"최종승인",26892,"권칠용",44169,302038,"이룩스","2020-12-03","2020-12-31",4,"EA",33000,1,132000,4,132000,44181,"결제",null,0,null,0,null,0,null,null,null,0,null,0]
[1102,1000072481,20,"물품구매(대퇴고정부 프레임 파트1  등 6건/세금계산서)",2045601989,"외골격로봇/대퇴고정부 프레임 파트1 등 6종",20,"Z20050807","외골격로봇(연구재료)","Z01",456,null,44189,"최종승인",26892,"권칠용",44169,302038,"이룩스","2020-12-03","2020-12-31",4,"EA",33000,1,132000,4,132000,44181,"결제",null,0,null,0,null,0,null,null,null,0,null,0]
[1102,1000072481,30,"물품구매(대퇴고정부 프레임 파트1  등 6건/세금계산서)",2045601989,"외골격로봇/대퇴고정부 프레임 파트1 등 6종",30,"Z20050807","외골격로봇(연구재료)","Z01",456,null,44189,"최종승인",26892,"권칠용",44169,302038,"이룩스","2020-12-03","2020-12-31",4,"EA",33000,1,132000,4,132000,44181,"결제",null,0,null,0,null,0,null,null,null,0,null,0]
[1102,1000072481,40,"물품구매(대퇴고정부 프레임 파트1  등 6건/세금계산서)",2045601989,"외골격로봇/대퇴고정부 프레임 파트1 등 6종",40,"Z20050807","외골격로봇(연구재료)","Z01",456,null,44189,"최종승인",26892,"권칠용",44169,302038,"이룩스","2020-12-03","2020-12-31",4,"EA",38500,1,154000,4,154000,44181,"결제",null,0,null,0,null,0,null,null,null,0,null,0]
[1102,1000072481,50,"물품구매(대퇴고정부 프레임 파트1  등 6건/세금계산서)",2045601989,"외골격로봇/대퇴고정부 프레임 파트1 등 6종",50,"Z20050807","외골격로봇(연구재료)","Z01",456,null,44189,"최종승인",26892,"권칠용",44169,302038,"이룩스","2020-12-03","2020-12-31",4,"EA",49500,1,198000,4,198000,44181,"결제",null,0,null,0,null,0,null,null,null,0,null,0]
[1102,1000072481,60,"물품구매(대퇴고정부 프레임 파트1  등 6건/세금계산서)",2045601989,"외골격로봇/대퇴고정부 프레임 파트1 등 6종",60,"Z20050807","외골격로봇(연구재료)","Z01",456,null,44189,"최종승인",26892,"권칠용",44169,302038,"이룩스","2020-12-03","2020-12-31",4,"EA",49500,1,198000,4,198000,44181,"결제",null,0,null,0,null,0,null,null,null,0,null,0]
[1102,1000072690,10,"물품구매(내외부 유압노즐세트/세금계산서)",2045602049,"스마트소켓/내외부 유압 노즐",10,"Z20050607","스마트소켓(연구재료) (연구재료)","Z01",456,null,44179,"최종승인",8220,"신현준",44179,324705,"주식회사 신성텍","2020-12-14","2020-12-21",2,"EA",1265000,1,2530000,2,2530000,44181,"결제",null,2530000,44181,0,null,2530000,44181,null,null,0,null,0]
[1102,1000072707,10,"물품구매(소켓어답터-오*근)",2045602064,"의지하지 회전조절오목소켓",10,"Z20010568","의지하지-회전조절오목소켓아답타 (의지재료) (의지재료)","Z01",456,null,44180,"최종승인",9144,"정창희",44182,305386,"(주) 오토복코리아헬스케어","2020-12-15","2020-12-22",1,"EA",68000,1,68000,1,68000,44181,"결제",null,0,null,0,null,0,null,null,null,0,null,0]
[1102,1000072708,10,"물품구매(미관형의수-정*영)",2045602063,"의지상지 미관형의수 등 3종",10,"Z20010368","의지상지-미관형의수실리콘리갈(외산) (의지재료) (의지재료)","Z01",456,null,44180,"최종승인",9144,"정창희",44182,301263,"성림교역","2020-12-15","2020-12-22",3,"EA",230000,1,690000,3,690000,44181,"결제",44182,0,null,690000,44181,690000,44181,"상신","결재완료",0,null,0]
[1102,1000072708,20,"물품구매(미관형의수-정*영)",2045602063,"의지상지 미관형의수 등 3종",20,"Z20010526","의지하지-실리콘싹스이지락킹(미국산) (의지재료) (의지재료)","Z01",456,null,44180,"최종승인",9144,"정창희",44182,301263,"성림교역","2020-12-15","2020-12-22",1,"EA",330000,1,330000,1,330000,44181,"결제",44182,0,null,330000,44181,330000,44181,"상신","결재완료",0,null,0]
[1102,1000072708,30,"물품구매(미관형의수-정*영)",2045602063,"의지상지 미관형의수 등 3종",30,"Z20010388","의지상지-상박주관절장식키드형중국(중국산) (의지재료) (의지재료)","Z01",456,null,44180,"최종승인",9144,"정창희",44182,301263,"성림교역","2020-12-15","2020-12-22",1,"EA",170000,1,170000,1,170000,44181,"결제",44182,0,null,170000,44181,170000,44181,"상신","결재완료",0,null,0]
[1102,1300013255,10,"`20년 12월 소방점검 (중앙소방이엔지)",2045800069,"12월 소방점검",10,null,"`20년 12월 소방점검","Z04",458,null,44167,"최종승인",28101,"김형국",44168,302183,"(주) 중앙소방이앤지","2020-12-02","2020-12-31",1,"식",190000,1,190000,1,190000,44181,"결제",null,0,null,0,null,0,null,null,null,0,null,0]
[1102,1300013334,10,"`20년 12월 방역소독(환경)",2045800070,"12월 방역소독",10,null,"`20년12월방역소독(덕인환경)","Z04",458,null,44176,"최종승인",28101,"김형국",44180,302071,"덕인환경","2020-12-11","2020-12-31",1,"식",160000,1,160000,1,160000,44181,"결제",null,0,null,0,null,0,null,null,null,0,null,0]
[1102,1000072660,10,"물품구매(실리콘라이너-최*배)",2045602060,"의지하지 실리콘싹스 등 2종",10,"Z20010515","의지하지-실리콘싹스스포츠(미국산) (의지재료) (의지재료)","Z01",456,null,44176,"최종승인",9144,"정창희",44180,301434,"오서코리아주식회사","2020-12-11","2020-12-18",1,"EA",430000,1,430000,1,430000,44180,"결제",44182,0,null,430000,44180,430000,44180,"상신","결재완료",0,null,0]
[1102,1000072660,20,"물품구매(실리콘라이너-최*배)",2045602060,"의지하지 실리콘싹스 등 2종",20,"Z20010520","의지하지-실리콘싹스씰린라이너대퇴용(외산) (의지재료) (의지재료)","Z01",456,null,44176,"최종승인",9144,"정창희",44180,301434,"오서코리아주식회사","2020-12-11","2020-12-18",1,"EA",600000,1,600000,1,600000,44180,"결제",44182,0,null,600000,44180,600000,44180,"상신","결재완료",0,null,0]
[1102,1000072662,10,"물품구매 수부 /창원센터",2045602047,"의지상지 미관형의수 등 3종",10,"Z20010367","의지상지-미관형의수실리콘두손 (의지재료) (의지재료)","Z01",456,null,44176,"최종승인",6166,"김현종",44179,300508,"두손의수","2020-12-11","2020-12-18",5,"EA",230000,1,1150000,5,1150000,44180,"결제",44180,0,null,1150000,44180,1150000,44180,"상신","결재완료",0,null,0]
[1102,1000072662,20,"물품구매 수부 /창원센터",2045602047,"의지상지 미관형의수 등 3종",20,"Z20010372","의지상지-미관형의수지실리콘 (의지재료) (의지재료)","Z01",456,null,44176,"최종승인",6166,"김현종",44179,300508,"두손의수","2020-12-11","2020-12-18",4,"EA",65000,1,260000,4,260000,44180,"결제",44180,0,null,260000,44180,260000,44180,"상신","결재완료",0,null,0]
[1102,1000072662,30,"물품구매 수부 /창원센터",2045602047,"의지상지 미관형의수 등 3종",30,"Z20010363","의지상지-미관형의수레진두손 (의지재료) (의지재료)","Z01",456,null,44176,"최종승인",6166,"김현종",44179,300508,"두손의수","2020-12-11","2020-12-18",1,"EA",90000,1,90000,1,90000,44180,"결제",44180,0,null,90000,44180,90000,44180,"상신","결재완료",0,null,0]
[1102,1000072664,10,"물품구매 휠체어 이*도 /창원센터",2045602046,"휠체어꺽기형",10,"Z20120056","휠체어꺽기형-미라지7핸드림스텐미키 (의지재료) (의지재료)","Z01",456,null,44176,"최종승인",6166,"김현종",44179,309507,"미키코리아(주)","2020-12-11","2020-12-18",1,"EA",470000,1,470000,1,470000,44180,"결제",44183,0,null,470000,44180,470000,44180,"상신","결재완료",0,null,0]
[1102,1000072667,10,"물품구매(이*란,정*철,차*호)전*만",2045602051,"보조기척추",10,"Z20010967","보조기척추-OT TLSO 몰딩 (의지재료)","Z01",456,null,44176,"최종승인",6160,"전영만",44179,322758,"오르텍주식회사","2020-12-11","2020-12-18",3,"EA",80000,1,240000,3,240000,44180,"결제",44182,0,null,240000,44180,240000,44180,"상신","결재완료",0,null,0]
[1102,1000072668,10,"물품구매(최*해,김*옥,방*태,손*근)",2045602052,"의지상지 미관형의수 등 2종",10,"Z20010367","의지상지-미관형의수실리콘두손 (의지재료) (의지재료)","Z01",456,null,44176,"최종승인",6160,"전영만",44179,300508,"두손의수","2020-12-11","2020-12-18",3,"EA",230000,1,690000,3,690000,44180,"결제",44180,0,null,690000,44180,690000,44180,"상신","결재완료",0,null,0]
[1102,1000072668,20,"물품구매(최*해,김*옥,방*태,손*근)",2045602052,"의지상지 미관형의수 등 2종",20,"Z20010360","의지상지-미관형발레진 (의지재료) (의지재료)","Z01",456,null,44176,"최종승인",6160,"전영만",44179,300508,"두손의수","2020-12-11","2020-12-18",1,"EA",90000,1,90000,1,90000,44180,"결제",44180,0,null,90000,44180,90000,44180,"상신","결재완료",0,null,0]
[1102,1000072669,10,"물품구매(채*병,최*숙)전*만",2045602053,"의지상지 상박신경줄호스머 등 3종",10,"Z20010379","의지상지-상박신경줄호스머(호스머) (의지재료) (의지재료)","Z01",456,null,44176,"최종승인",6160,"전영만",44179,301263,"성림교역","2020-12-11","2020-12-18",2,"EA",95000,1,190000,2,190000,44180,"결제",44182,0,null,190000,44180,190000,44180,"상신","결재완료",0,null,0]
[1102,1000072669,20,"물품구매(채*병,최*숙)전*만",2045602053,"의지상지 상박신경줄호스머 등 3종",20,"Z20010368","의지상지-미관형의수실리콘리갈(외산) (의지재료) (의지재료)","Z01",456,null,44176,"최종승인",6160,"전영만",44179,301263,"성림교역","2020-12-11","2020-12-18",1,"EA",230000,1,230000,1,230000,44180,"결제",44182,0,null,230000,44180,230000,44180,"상신","결재완료",0,null,0]
[1102,1000072669,30,"물품구매(채*병,최*숙)전*만",2045602053,"의지상지 상박신경줄호스머 등 3종",30,"Z20010347","소모품-P.V.A외산(6in)-성림 (의지재료) (의지재료)","Z01",456,null,44176,"최종승인",6160,"전영만",44179,301263,"성림교역","2020-12-11","2020-12-18",1,"EA",77000,1,77000,1,77000,44180,"결제",44182,0,null,77000,44180,77000,44180,"상신","결재완료",0,null,0]
[1102,1000072681,10,"물품구매(의지재료)전*만",2045602054,"의지상지 미관형의수 등 5종",10,"Z20010369","의지상지-미관형의수전자글러브레진(외산) (의지재료) (의지재료)","Z01",456,null,44176,"최종승인",6160,"전영만",44179,305386,"(주) 오토복코리아헬스케어","2020-12-11","2020-12-18",1,"EA",162000,1,162000,1,162000,44180,"결제",44182,0,null,162000,44180,162000,44180,"상신","결재완료",0,null,0]
[1102,1000072681,20,"물품구매(의지재료)전*만",2045602054,"의지상지 미관형의수 등 5종",20,"Z20010598","소모품-레진(실링) 900g(통) -오토복 (의지재료) (의지재료)","Z01",456,null,44176,"최종승인",6160,"전영만",44179,305386,"(주) 오토복코리아헬스케어","2020-12-11","2020-12-18",1,"EA",37000,1,37000,1,37000,44180,"결제",44182,0,null,37000,44180,37000,44180,"상신","결재완료",0,null,0]
[1102,1000072681,30,"물품구매(의지재료)전*만",2045602054,"의지상지 미관형의수 등 5종",30,"Z20010144","소모품-백펄론스타키넷(8cm) (의지재료) (의지재료)","Z01",456,null,44176,"최종승인",6160,"전영만",44179,305386,"(주) 오토복코리아헬스케어","2020-12-11","2020-12-18",1,"EA",112000,1,112000,1,112000,44180,"결제",44182,0,null,112000,44180,112000,44180,"상신","결재완료",0,null,0]
[1102,1000072681,40,"물품구매(의지재료)전*만",2045602054,"의지상지 미관형의수 등 5종",40,"Z20010318","소모품-필라이트(외산5mm) (의지재료) (의지재료)","Z01",456,null,44176,"최종승인",6160,"전영만",44179,305386,"(주) 오토복코리아헬스케어","2020-12-11","2020-12-18",1,"EA",79000,1,79000,1,79000,44180,"결제",44182,0,null,79000,44180,79000,44180,"상신","결재완료",0,null,0]
[1102,1000072681,50,"물품구매(의지재료)전*만",2045602054,"의지상지 미관형의수 등 5종",50,"Z20010317","소모품-필라이트(외산3mm) (의지재료) (의지재료)","Z01",456,null,44176,"최종승인",6160,"전영만",44179,305386,"(주) 오토복코리아헬스케어","2020-12-11","2020-12-18",1,"EA",47000,1,47000,1,47000,44180,"결제",44182,0,null,47000,44180,47000,44180,"상신","결재완료",0,null,0]
[1102,1000072411,10,"물품구매(제어기(엔코더)케이스 목업 제작 등 1건/ 세금계산서)",2045601988,"스마트어시스트/제어기 케이스 목업 제작",10,"Z20050649","스마트어시스트(연구재료) (연구재료)","Z01",456,null,44189,"최종승인",28870,"오영찬",44169,304132,"조영승 (상윤산업)","2020-12-02","2020-12-31",1,"EA",1864500,1,1864500,1,1864500,44179,"결제",null,0,null,0,null,0,null,null,null,0,null,0]
[1102,1000072658,10,"물품구매(매트-김*형)",2045602061,"욕창예방매트리스",10,"Z20130015","욕창예방매트리스교대부양형-Md300(800x1800x100mm) (의지재","Z01",456,null,44176,"최종승인",9144,"정창희",44180,301766,"은혜메디칼","2020-12-11","2020-12-18",2,"EA",380000,1,760000,2,760000,44179,"결제",44182,0,null,760000,44179,760000,44179,"상신","결재완료",0,null,0]
[1102,1000072659,10,"물품구매(방석-경*수)",2045602059,"욕창예방방석",10,"Z20130024","욕창예방방석공기격자형-커트로 (의지재료) (의지재료)","Z01",456,null,44176,"최종승인",9144,"정창희",44180,305386,"(주) 오토복코리아헬스케어","2020-12-10","2020-12-18",6,"EA",370000,1,2220000,6,2220000,44179,"결제",44182,0,null,2220000,44179,2220000,44179,"상신","결재완료",0,null,0]
[1102,1000072683,10,"물품구매(소모품)",2045602057,"소모품 바이스그립 등 15종",10,"Z20010644","소몸품-바이스그립 (의지재료) (의지재료)","Z01",456,null,44176,"최종승인",9144,"정창희",44180,301148,"신성메디칼","2020-12-11","2020-12-18",3,"EA",20000,1,60000,3,60000,44179,"결제",44182,0,null,60000,44179,60000,44179,"상신","결재완료",0,null,0]
[1102,1000072683,20,"물품구매(소모품)",2045602057,"소모품 바이스그립 등 15종",20,"Z20010783","소모품-티렌치 (의지재료)","Z01",456,null,44176,"최종승인",9144,"정창희",44180,301148,"신성메디칼","2020-12-11","2020-12-18",4,"EA",5000,1,20000,4,20000,44179,"결제",44182,0,null,20000,44179,20000,44179,"상신","결재완료",0,null,0]
[1102,1000072683,30,"물품구매(소모품)",2045602057,"소모품 바이스그립 등 15종",30,"Z20010137","소모품-몽키 (의지재료) (의지재료)","Z01",456,null,44176,"최종승인",9144,"정창희",44180,301148,"신성메디칼","2020-12-11","2020-12-18",2,"EA",20000,1,40000,2,40000,44179,"결제",44182,0,null,40000,44179,40000,44179,"상신","결재완료",0,null,0]
[1102,1000072683,40,"물품구매(소모품)",2045602057,"소모품 바이스그립 등 15종",40,"Z20010797","소모품-니퍼 (의지재료)","Z01",456,null,44176,"최종승인",9144,"정창희",44180,301148,"신성메디칼","2020-12-11","2020-12-18",1,"EA",20000,1,20000,1,20000,44179,"결제",44182,0,null,20000,44179,20000,44179,"상신","결재완료",0,null,0]
[1102,1000072683,50,"물품구매(소모품)",2045602057,"소모품 바이스그립 등 15종",50,"Z20010094","소모품-기리드릴날(3.2mm) (의지재료) (의지재료)","Z01",456,null,44176,"최종승인",9144,"정창희",44180,301148,"신성메디칼","2020-12-11","2020-12-18",20,"EA",1000,1,20000,20,20000,44179,"결제",44182,0,null,20000,44179,20000,44179,"상신","결재완료",0,null,0]
[1102,1000072683,60,"물품구매(소모품)",2045602057,"소모품 바이스그립 등 15종",60,"Z20011068","소모품-롱로즈","Z01",456,null,44176,"최종승인",9144,"정창희",44180,301148,"신성메디칼","2020-12-11","2020-12-18",2,"EA",10000,1,20000,2,20000,44179,"결제",44182,0,null,20000,44179,20000,44179,"상신","결재완료",0,null,0]
[1102,1000072683,70,"물품구매(소모품)",2045602057,"소모품 바이스그립 등 15종",70,"Z20011067","소모품-드라이버(소)","Z01",456,null,44176,"최종승인",9144,"정창희",44180,301148,"신성메디칼","2020-12-11","2020-12-18",2,"EA",5000,1,10000,2,10000,44179,"결제",44182,0,null,10000,44179,10000,44179,"상신","결재완료",0,null,0]
[1102,1000072683,80,"물품구매(소모품)",2045602057,"소모품 바이스그립 등 15종",80,"Z20010085","소모품-가시매 (의지재료) (의지재료)","Z01",456,null,44176,"최종승인",9144,"정창희",44180,301148,"신성메디칼","2020-12-11","2020-12-18",3,"EA",40000,1,120000,3,120000,44179,"결제",44182,0,null,120000,44179,120000,44179,"상신","결재완료",0,null,0]
[1102,1000072683,90,"물품구매(소모품)",2045602057,"소모품 바이스그립 등 15종",90,"Z20010715","소모품-사각고리 1\" (의지재료)","Z01",456,null,44176,"최종승인",9144,"정창희",44180,301148,"신성메디칼","2020-12-11","2020-12-18",300,"EA",50,1,15000,300,15000,44179,"결제",44182,0,null,15000,44179,15000,44179,"상신","결재완료",0,null,0]
[1102,1000072683,100,"물품구매(소모품)",2045602057,"소모품 바이스그립 등 15종",100,"Z20010170","소모품-석고붕대(10cm) (의지재료) (의지재료)","Z01",456,null,44176,"최종승인",9144,"정창희",44180,301148,"신성메디칼","2020-12-11","2020-12-18",120,"EA",3000,1,360000,120,360000,44179,"결제",44182,0,null,360000,44179,360000,44179,"상신","결재완료",0,null,0]
[1102,1000072683,110,"물품구매(소모품)",2045602057,"소모품 바이스그립 등 15종",110,"Z20010171","소모품-석고붕대(15cm) (의지재료) (의지재료)","Z01",456,null,44176,"최종승인",9144,"정창희",44180,301148,"신성메디칼","2020-12-11","2020-12-18",72,"EA",3500,1,252000,72,252000,44179,"결제",44182,0,null,252000,44179,252000,44179,"상신","결재완료",0,null,0]
[1102,1000072683,120,"물품구매(소모품)",2045602057,"소모품 바이스그립 등 15종",120,"Z20010221","소모품-썰린(10x40x40) (의지재료) (의지재료)","Z01",456,null,44176,"최종승인",9144,"정창희",44180,301148,"신성메디칼","2020-12-11","2020-12-18",10,"EA",40000,1,400000,10,400000,44179,"결제",44182,0,null,400000,44179,400000,44179,"상신","결재완료",0,null,0]
[1102,1000072683,130,"물품구매(소모품)",2045602057,"소모품 바이스그립 등 15종",130,"Z20010111","소모품-뒤플렉스(10x40x40) (의지재료) (의지재료)","Z01",456,null,44176,"최종승인",9144,"정창희",44180,301148,"신성메디칼","2020-12-11","2020-12-18",10,"EA",35000,1,350000,10,350000,44179,"결제",44182,0,null,350000,44179,350000,44179,"상신","결재완료",0,null,0]
[1102,1000072683,140,"물품구매(소모품)",2045602057,"소모품 바이스그립 등 15종",140,"Z20010334","소모품-P.P(12x40x40) (의지재료) (의지재료)","Z01",456,null,44176,"최종승인",9144,"정창희",44180,301148,"신성메디칼","2020-12-11","2020-12-18",10,"EA",20000,1,200000,10,200000,44179,"결제",44182,0,null,200000,44179,200000,44179,"상신","결재완료",0,null,0]
[1102,1000072683,150,"물품구매(소모품)",2045602057,"소모품 바이스그립 등 15종",150,"Z20010107","소모품-동리벳(1/8in봉지) (의지재료) (의지재료)","Z01",456,null,44176,"최종승인",9144,"정창희",44180,301148,"신성메디칼","2020-12-11","2020-12-18",1,"EA",70000,1,70000,1,70000,44179,"결제",44182,0,null,70000,44179,70000,44179,"상신","결재완료",0,null,0]
[1102,1000072684,10,"물품구매(휠체어-유*덕)",2045602058,"활동형휠체어 등 2종",10,"Z20120650","활동형휠체어-P2(미키코리아)","Z01",456,null,44176,"최종승인",9144,"정창희",44180,309507,"미키코리아(주)","2020-12-11","2020-12-18",1,"EA",950000,1,950000,1,950000,44179,"결제",44183,0,null,950000,44179,950000,44179,"상신","결재완료",0,null,0]
[1102,1000072684,20,"물품구매(휠체어-유*덕)",2045602058,"활동형휠체어 등 2종",20,"Z20120055","휠체어꺽기형-미라지7일반형미키 (의지재료) (의지재료)","Z01",456,null,44176,"최종승인",9144,"정창희",44180,309507,"미키코리아(주)","2020-12-11","2020-12-18",1,"EA",440000,1,440000,1,440000,44179,"결제",44183,0,null,440000,44179,440000,44179,"상신","결재완료",0,null,0]
[1102,1300013297,10,"물품구매(방수방진 시험검사/세금계산서)",2045602044,"스마트소켓/방수방진 시험검사",10,null,"방수방진 시험검사","Z04",456,"서비스",44173,"최종승인",11511,"이희태",44176,328310,"주식회사 케이씨알","2020-12-08","2020-12-31",1,"AU",1540000,1,1540000,1,1540000,44179,"결제",44182,0,null,1540000,44179,1540000,44179,"상신","결재완료",0,null,0]
[1102,1000072549,10,"물품구매(의지하지-권*석 외 조*정)",2045602023,"의지하지 실리콘싹스 등 2종",10,"Z20010709","의지하지-실리콘싹스MagFabric라이너(국산) (의지재료)","Z01",456,null,44173,"최종승인",11764,"조혜정",44174,323203,"코스텍","2020-12-08","2020-12-15",2,"EA",138000,1,276000,2,276000,44176,"결제",44179,0,null,276000,44176,276000,44176,"상신","결재완료",0,null,0]
[1102,1000072549,20,"물품구매(의지하지-권*석 외 조*정)",2045602023,"의지하지 실리콘싹스 등 2종",20,"Z20010507","의지하지-실리콘싹스국산(국산) (의지재료) (의지재료)","Z01",456,null,44173,"최종승인",11764,"조혜정",44174,323203,"코스텍","2020-12-08","2020-12-15",6,"EA",120000,1,720000,6,720000,44176,"결제",44179,0,null,720000,44176,720000,44176,"상신","결재완료",0,null,0]
[1102,1000072561,10,"물품구매(의지하지-조*정)",2045602021,"의지상지 전자의수 등 3종",10,"Z20010405","의지상지-전자의수Bk(국산) (의지재료) (의지재료)","Z01",456,null,44173,"최종승인",11764,"조혜정",44174,302514,"비케이메디텍","2020-12-08","2020-12-15",1,"EA",2685000,1,2685000,1,2685000,44176,"결제",44179,0,null,2685000,44176,2685000,44176,"상신","결재완료",0,null,0]
[1102,1000072561,20,"물품구매(의지하지-조*정)",2045602021,"의지상지 전자의수 등 3종",20,"Z20010445","의지하지-대퇴무릎장식Bk공압식(4절공압식) (의지재료) (의지재료)","Z01",456,null,44173,"최종승인",11764,"조혜정",44174,302514,"비케이메디텍","2020-12-08","2020-12-15",3,"EA",777000,1,2331000,3,2331000,44176,"결제",44179,0,null,2331000,44176,2331000,44176,"상신","결재완료",0,null,0]
[1102,1000072561,30,"물품구매(의지하지-조*정)",2045602021,"의지상지 전자의수 등 3종",30,"Z20010494","의지하지-발Bk(국산) (의지재료) (의지재료)","Z01",456,null,44173,"최종승인",11764,"조혜정",44174,302514,"비케이메디텍","2020-12-08","2020-12-15",11,"EA",188000,1,2068000,11,2068000,44176,"결제",44179,0,null,2068000,44176,2068000,44176,"상신","결재완료",0,null,0]
[1102,1000072563,10,"물품구매(의지하지-조*정)",2045602022,"의지하지 락장식 등 2종",10,"Z20010458","의지하지-락장식Bk(대퇴,하퇴겸용) (의지재료) (의지재료)","Z01",456,null,44173,"최종승인",11764,"조혜정",44174,302514,"비케이메디텍","2020-12-08","2020-12-15",10,"EA",223000,1,2230000,10,2230000,44176,"결제",44179,0,null,2230000,44176,2230000,44176,"상신","결재완료",0,null,0]
[1102,1000072563,20,"물품구매(의지하지-조*정)",2045602022,"의지하지 락장식 등 2종",20,"Z20010494","의지하지-발Bk(국산) (의지재료) (의지재료)","Z01",456,null,44173,"최종승인",11764,"조혜정",44174,302514,"비케이메디텍","2020-12-08","2020-12-15",10,"EA",188000,1,1880000,10,1880000,44176,"결제",44179,0,null,1880000,44176,1880000,44176,"상신","결재완료",0,null,0]
[1102,1000072606,10,"물품구매-의지하지/임*은",2045602026,"의지하지 대퇴무릎장식 등 3종",10,"Z20010446","의지하지-대퇴무릎장식Bk인공지능(인공지능) (의지재료) (의지재료)","Z01",456,null,44174,"최종승인",9620,"임성은",44175,302514,"비케이메디텍","2020-12-09","2020-12-16",1,"EA",2484000,1,2484000,1,2484000,44176,"결제",44176,0,null,2484000,44176,2484000,44176,"상신","결재완료",0,null,0]
[1102,1000072606,20,"물품구매-의지하지/임*은",2045602026,"의지하지 대퇴무릎장식 등 3종",20,"Z20010458","의지하지-락장식Bk(대퇴,하퇴겸용) (의지재료) (의지재료)","Z01",456,null,44174,"최종승인",9620,"임성은",44175,302514,"비케이메디텍","2020-12-09","2020-12-16",6,"EA",223000,1,1338000,6,1338000,44176,"결제",44176,0,null,1338000,44176,1338000,44176,"상신","결재완료",0,null,0]
[1102,1000072606,30,"물품구매-의지하지/임*은",2045602026,"의지하지 대퇴무릎장식 등 3종",30,"Z20010494","의지하지-발Bk(국산) (의지재료) (의지재료)","Z01",456,null,44174,"최종승인",9620,"임성은",44175,302514,"비케이메디텍","2020-12-09","2020-12-16",4,"EA",188000,1,752000,4,752000,44176,"결제",44176,0,null,752000,44176,752000,44176,"상신","결재완료",0,null,0]
[1102,1000072607,10,"물품구매-소모품/임*은",2045602025,"소모품 내피피혁",10,"Z20010100","소모품-내피피혁(30cm) (의지재료) (의지재료)","Z01",456,null,44174,"최종승인",9620,"임성은",44175,301148,"신성메디칼","2020-12-09","2020-12-16",70,"EA",5000,1,350000,70,350000,44176,"결제",44176,0,null,350000,44176,350000,44176,"상신","결재완료",0,null,0]
[1102,1000072607,20,"물품구매-소모품/임*은",2045602025,"소모품 내피피혁",20,"Z20010111","소모품-뒤플렉스(10x40x40) (의지재료) (의지재료)","Z01",456,null,44174,"최종승인",9620,"임성은",44175,301148,"신성메디칼","2020-12-09","2020-12-16",10,"EA",35000,1,350000,10,350000,44176,"결제",44176,0,null,350000,44176,350000,44176,"상신","결재완료",0,null,0]
[1102,1000072607,30,"물품구매-소모품/임*은",2045602025,"소모품 내피피혁",30,"Z20010198","소모품-스타키넷칼라(4in) (의지재료) (의지재료)","Z01",456,null,44174,"최종승인",9620,"임성은",44175,301148,"신성메디칼","2020-12-09","2020-12-16",40,"EA",3500,1,140000,40,140000,44176,"결제",44176,0,null,140000,44176,140000,44176,"상신","결재완료",0,null,0]
[1102,1000072607,40,"물품구매-소모품/임*은",2045602025,"소모품 내피피혁",40,"Z20010195","소모품-스타키넷나이론(4in) (의지재료) (의지재료)","Z01",456,null,44174,"최종승인",9620,"임성은",44175,301148,"신성메디칼","2020-12-09","2020-12-16",40,"EA",3000,1,120000,40,120000,44176,"결제",44176,0,null,120000,44176,120000,44176,"상신","결재완료",0,null,0]
[1102,1000072607,50,"물품구매-소모품/임*은",2045602025,"소모품 내피피혁",50,"Z20010217","소모품-실리콘유리용(급속형) (의지재료) (의지재료)","Z01",456,null,44174,"최종승인",9620,"임성은",44175,301148,"신성메디칼","2020-12-09","2020-12-16",10,"EA",2500,1,25000,10,25000,44176,"결제",44176,0,null,25000,44176,25000,44176,"상신","결재완료",0,null,0]
[1102,1000072607,60,"물품구매-소모품/임*은",2045602025,"소모품 내피피혁",60,"Z20010153","소모품-본드솔 (의지재료) (의지재료)","Z01",456,null,44174,"최종승인",9620,"임성은",44175,301148,"신성메디칼","2020-12-09","2020-12-16",50,"EA",1000,1,50000,50,50000,44176,"결제",44176,0,null,50000,44176,50000,44176,"상신","결재완료",0,null,0]
[1102,1000072620,10,"물품구매-욕창방석/임*은",2045602037,"욕창예방방석",10,"Z20130029","욕창예방방석공기격자형-Smdub0003(8x9x5) (의지재료) (의지재","Z01",456,null,44175,"최종승인",9620,"임성은",44176,323411,"주식회사씰테크 용인지점","2020-12-10","2020-12-17",5,"EA",230000,1,1150000,5,1150000,44176,"결제",44176,0,null,1150000,44176,1150000,44176,"상신","결재완료",0,null,0]
[1102,1000072624,10,"물품구매(봉*근-윤*섭/유*선)",2045602032,"휠체어꺽기형 등 2종",10,"Z20010641","휠체어-꺽기형미라지7 드럼브레이크(미키) (의지재료) (의지재료)","Z01",456,null,44175,"최종승인",26283,"유재선",44175,301882,"미키메디칼","2020-12-10","2020-12-17",1,"EA",490000,1,490000,1,490000,44176,"결제",44180,0,null,490000,44176,490000,44176,"상신","결재완료",0,null,0]
[1102,1000072624,20,"물품구매(봉*근-윤*섭/유*선)",2045602032,"휠체어꺽기형 등 2종",20,"Z20120054","휠체어꺽기형-미라지7분리형미키 (의지재료) (의지재료)","Z01",456,null,44175,"최종승인",26283,"유재선",44175,301882,"미키메디칼","2020-12-10","2020-12-17",1,"EA",540000,1,540000,1,540000,44176,"결제",44180,0,null,540000,44176,540000,44176,"상신","결재완료",0,null,0]
[1102,1000072625,10,"물품구매(김*도/유*선)",2045602031,"활동형휠체어",10,"Z20120641","활동형휠체어- 노바제로 A타입 (티오엠)","Z01",456,null,44175,"최종승인",26283,"유재선",44175,325322,"썬메디테크","2020-12-10","2020-12-17",1,"EA",950000,1,950000,1,950000,44176,"결제",44179,0,null,950000,44176,950000,44176,"상신","결재완료",0,null,0]
[1102,1000072626,10,"물품구매(이*영/유*선",2045602030,"활동형휠체어",10,"Z20011130","활동형휠체어 - 제니스-X (휠라인)","Z01",456,null,44175,"최종승인",26283,"유재선",44175,325857,"주식회사 엠코리아토탈서비스","2020-12-10","2020-12-17",1,"EA",1250000,1,1250000,1,1250000,44176,"결제",44179,0,null,1250000,44176,1250000,44176,"상신","결재완료",0,null,0]
[1102,1000072627,10,"기타(브레이크,튜브)",2045602029,"휠체어수리 브레이크 등 3종",10,"Z20120651","휠체어수리- 브레이크 이클립스 (휠로피아)","Z01",456,null,44175,"최종승인",26283,"유재선",44175,301700,"(주)휠로피아","2020-12-10","2020-12-17",2,"EA",17000,1,34000,2,34000,44176,"결제",44180,0,null,34000,44176,34000,44176,"상신","결재완료",0,null,0]
[1102,1000072627,20,"기타(브레이크,튜브)",2045602029,"휠체어수리 브레이크 등 3종",20,"Z20011292","휠체어수리- 이클립스 X2 브레이크 와이어셋트","Z01",456,null,44175,"최종승인",26283,"유재선",44175,301700,"(주)휠로피아","2020-12-10","2020-12-17",2,"EA",17000,1,34000,2,34000,44176,"결제",44180,0,null,34000,44176,34000,44176,"상신","결재완료",0,null,0]
[1102,1000072627,30,"기타(브레이크,튜브)",2045602029,"휠체어수리 브레이크 등 3종",30,"Z20120393","휠체어수리-튜브일산활동형휠로피아(24,25in) (의지재료) (의지재료)","Z01",456,null,44175,"최종승인",26283,"유재선",44175,301700,"(주)휠로피아","2020-12-10","2020-12-17",50,"EA",4000,1,200000,50,200000,44176,"결제",44180,0,null,200000,44176,200000,44176,"상신","결재완료",0,null,0]
[1102,1000072631,10,"물품구매-욕창매트리스/임*은",2045602036,"욕창예방매트리스",10,"Z20130020","욕창예방매트리스교대부양형-Yh0302(890x2450mm) (의지재료)","Z01",456,null,44175,"최종승인",9620,"임성은",44176,301174,"주식회사 영화의료기","2020-12-10","2020-12-17",1,"EA",380000,1,380000,1,380000,44176,"결제",44179,0,null,380000,44176,380000,44176,"상신","결재완료",0,null,0]
[1102,1000072633,10,"물품구매/에너지발/실리콘내피/장*진/김*근/김*레그/김*광/옥*영/조*문",2045602035,"의지하지 아이스로스 등 10종",10,"Z20010987","의지하지-아이스로스 씰인 x 하퇴라이너+씰링 (미국산) (의지재료)","Z01",456,null,44175,"최종승인",6164,"조성문",44176,301434,"오서코리아주식회사","2020-12-10","2020-12-17",1,"EA",520000,1,520000,1,520000,44176,"결제",44179,0,null,520000,44176,520000,44176,"상신","결재완료",0,null,0]
[1102,1000072633,20,"물품구매/에너지발/실리콘내피/장*진/김*근/김*레그/김*광/옥*영/조*문",2045602035,"의지하지 아이스로스 등 10종",20,"Z20010723","의지하지-컴포트웨이브(오서) (의지재료)","Z01",456,null,44175,"최종승인",6164,"조성문",44176,301434,"오서코리아주식회사","2020-12-10","2020-12-17",1,"EA",335000,1,335000,1,335000,44176,"결제",44179,0,null,335000,44176,335000,44176,"상신","결재완료",0,null,0]
[1102,1000072633,30,"물품구매/에너지발/실리콘내피/장*진/김*근/김*레그/김*광/옥*영/조*문",2045602035,"의지하지 아이스로스 등 10종",30,"Z20011039","의지하지-밸런스풋(오서)","Z01",456,null,44175,"최종승인",6164,"조성문",44176,301434,"오서코리아주식회사","2020-12-10","2020-12-17",1,"EA",670000,1,670000,1,670000,44176,"결제",44179,0,null,670000,44176,670000,44176,"상신","결재완료",0,null,0]
[1102,1000072633,40,"물품구매/에너지발/실리콘내피/장*진/김*근/김*레그/김*광/옥*영/조*문",2045602035,"의지하지 아이스로스 등 10종",40,"Z20010663","의지하지-실리콘싹스X5씰린라이너웨이브하퇴용(오서) (의지재료) (의지재료","Z01",456,null,44175,"최종승인",6164,"조성문",44176,301434,"오서코리아주식회사","2020-12-10","2020-12-17",1,"EA",398000,1,398000,1,398000,44176,"결제",44179,0,null,398000,44176,398000,44176,"상신","결재완료",0,null,0]
[1102,1000072633,50,"물품구매/에너지발/실리콘내피/장*진/김*근/김*레그/김*광/옥*영/조*문",2045602035,"의지하지 아이스로스 등 10종",50,"Z20010701"," 의지하지-하퇴메일피라미드소켓어댑터(외산) (의지재료)","Z01",456,null,44175,"최종승인",6164,"조성문",44176,301434,"오서코리아주식회사","2020-12-10","2020-12-17",1,"EA",138000,1,138000,1,138000,44176,"결제",44179,0,null,138000,44176,138000,44176,"상신","결재완료",0,null,0]
[1102,1000072633,60,"물품구매/에너지발/실리콘내피/장*진/김*근/김*레그/김*광/옥*영/조*문",2045602035,"의지하지 아이스로스 등 10종",60,"Z20010076","의지하지-클램프티탄(티탄) (의지재료) (의지재료)","Z01",456,null,44175,"최종승인",6164,"조성문",44176,301434,"오서코리아주식회사","2020-12-10","2020-12-17",1,"EA",140000,1,140000,1,140000,44176,"결제",44179,0,null,140000,44176,140000,44176,"상신","결재완료",0,null,0]
[1102,1000072633,70,"물품구매/에너지발/실리콘내피/장*진/김*근/김*레그/김*광/옥*영/조*문",2045602035,"의지하지 아이스로스 등 10종",70,"Z20010704","의지하지-메일피라미드튜브클램프(오서) (의지재료)","Z01",456,null,44175,"최종승인",6164,"조성문",44176,301434,"오서코리아주식회사","2020-12-10","2020-12-17",1,"EA",97000,1,97000,1,97000,44176,"결제",44179,0,null,97000,44176,97000,44176,"상신","결재완료",0,null,0]
[1102,1000072633,80,"물품구매/에너지발/실리콘내피/장*진/김*근/김*레그/김*광/옥*영/조*문",2045602035,"의지하지 아이스로스 등 10종",80,"Z20010571","의지하지-흡입밸브실린라이너하퇴용(미국산) (의지재료) (의지재료)","Z01",456,null,44175,"최종승인",6164,"조성문",44176,301434,"오서코리아주식회사","2020-12-10","2020-12-17",1,"EA",89000,1,89000,1,89000,44176,"결제",44179,0,null,89000,44176,89000,44176,"상신","결재완료",0,null,0]
[1102,1000072633,90,"물품구매/에너지발/실리콘내피/장*진/김*근/김*레그/김*광/옥*영/조*문",2045602035,"의지하지 아이스로스 등 10종",90,"Z20010982","의지하지-프로플렉스XC (오서) (의지재료)","Z01",456,null,44175,"최종승인",6164,"조성문",44176,301434,"오서코리아주식회사","2020-12-10","2020-12-17",1,"EA",2300000,1,2300000,1,2300000,44176,"결제",44179,0,null,2300000,44176,2300000,44176,"상신","결재완료",0,null,0]
[1102,1000072633,100,"물품구매/에너지발/실리콘내피/장*진/김*근/김*레그/김*광/옥*영/조*문",2045602035,"의지하지 아이스로스 등 10종",100,"Z20010722","의지하지-더모웨이브락킹(오서) (의지재료)","Z01",456,null,44175,"최종승인",6164,"조성문",44176,301434,"오서코리아주식회사","2020-12-10","2020-12-17",1,"EA",398000,1,398000,1,398000,44176,"결제",44179,0,null,398000,44176,398000,44176,"상신","결재완료",0,null,0]
[1102,1000072644,10,"물품구매/미관형의수(실리콘)/보조기/의지재료/정*호/임*주/이*영/김*규/이*",2045602034,"의지상지 미관형의수 등 6종",10,"Z20010368","의지상지-미관형의수실리콘리갈(외산) (의지재료) (의지재료)","Z01",456,null,44175,"최종승인",6164,"조성문",44176,301263,"성림교역","2020-12-10","2020-12-17",2,"EA",230000,1,460000,2,460000,44176,"결제",44179,0,null,460000,44176,460000,44176,"상신","결재완료",0,null,0]
[1102,1000072644,20,"물품구매/미관형의수(실리콘)/보조기/의지재료/정*호/임*주/이*영/김*규/이*",2045602034,"의지상지 미관형의수 등 6종",20,"Z20010611","보조기하지-CEPA (의지재료) (의지재료)","Z01",456,null,44175,"최종승인",6164,"조성문",44176,301263,"성림교역","2020-12-10","2020-12-17",4,"EA",80000,1,320000,4,320000,44176,"결제",44179,0,null,320000,44176,320000,44176,"상신","결재완료",0,null,0]
[1102,1000072644,30,"물품구매/미관형의수(실리콘)/보조기/의지재료/정*호/임*주/이*영/김*규/이*",2045602034,"의지상지 미관형의수 등 6종",30,"Z20010063","보조기하지-장보조기장식(中) (의지재료) (의지재료)","Z01",456,null,44175,"최종승인",6164,"조성문",44176,301263,"성림교역","2020-12-10","2020-12-17",2,"EA",35000,1,70000,2,70000,44176,"결제",44179,0,null,70000,44176,70000,44176,"상신","결재완료",0,null,0]
[1102,1000072644,40,"물품구매/미관형의수(실리콘)/보조기/의지재료/정*호/임*주/이*영/김*규/이*",2045602034,"의지상지 미관형의수 등 6종",40,"Z20010555","의지하지-폼카바대퇴용대만(대만산) (의지재료) (의지재료)","Z01",456,null,44175,"최종승인",6164,"조성문",44176,301263,"성림교역","2020-12-10","2020-12-17",12,"EA",89000,1,1068000,12,1068000,44176,"결제",44179,0,null,1068000,44176,1068000,44176,"상신","결재완료",0,null,0]
[1102,1000072644,50,"물품구매/미관형의수(실리콘)/보조기/의지재료/정*호/임*주/이*영/김*규/이*",2045602034,"의지상지 미관형의수 등 6종",50,"Z20010895","소모품-PVA백 4inch (의지재료)","Z01",456,null,44175,"최종승인",6164,"조성문",44176,301263,"성림교역","2020-12-10","2020-12-17",2,"EA",66000,1,132000,2,132000,44176,"결제",44179,0,null,132000,44176,132000,44176,"상신","결재완료",0,null,0]
[1102,1000072644,60,"물품구매/미관형의수(실리콘)/보조기/의지재료/정*호/임*주/이*영/김*규/이*",2045602034,"의지상지 미관형의수 등 6종",60,"Z20010945","소모품-PVA백 12인치 (의지재료)","Z01",456,null,44175,"최종승인",6164,"조성문",44176,301263,"성림교역","2020-12-10","2020-12-17",7,"EA",94000,1,658000,7,658000,44176,"결제",44179,0,null,658000,44176,658000,44176,"상신","결재완료",0,null,0]
[1102,1000072645,10,"물품구매/에너지발/조*문",2045602033,"의지하지 발",10,"Z20010494","의지하지-발Bk(국산) (의지재료) (의지재료)","Z01",456,null,44175,"최종승인",6164,"조성문",44176,302514,"비케이메디텍","2020-12-10","2020-12-17",7,"EA",188000,1,1316000,7,1316000,44176,"결제",44179,0,null,1316000,44176,1316000,44176,"상신","결재완료",0,null,0]
[1102,1500035878,10,"운영지원부 토너구매",2045602045,"운영지원부 프린터 토너 구매",10,null,"운영지원부 토너구매","Z06",456,null,44176,"최종승인",4752,"이은아",44176,321731,"주식회사 소명시스템","2020-12-11","2020-12-22",1,"EA",140000,1,140000,1,140000,44176,"결제",44179,0,null,140000,44176,140000,44176,"상신","결재완료",0,null,0]
[1102,1000072227,10,"물품구매(감속기 지그/세금계산서)",2045601934,"스마트어시스트/감속기 지그",10,"Z20050649","감속기 지그","Z01",456,null,44186,"최종승인",11509,"장대진",44160,327022,"주식회사 본시스템즈","2020-11-24","2020-12-25",1,"EA",1100000,1,1100000,1,1100000,44174,"결제",null,1100000,44174,0,null,1100000,44174,null,null,0,null,0]
[1102,1000072510,10,"물품구매(STS 303)",2045602020,"직무지원/sts 303 5종",10,"Z20050113","직무지원 연구재료 (연구재료) (연구재료)","Z01",456,null,44172,"최종승인",6147,"김도완",44173,301345,"두산금속","2020-12-07","2020-12-14",7.5,"EA",3500,1,26250,7.5,26250,44174,"결제",44176,0,null,26250,44174,26250,44174,"상신","결재완료",0,null,0]
[1102,1000072510,20,"물품구매(STS 303)",2045602020,"직무지원/sts 303 5종",20,"Z20050113","직무지원 연구재료 (연구재료) (연구재료)","Z01",456,null,44172,"최종승인",6147,"김도완",44173,301345,"두산금속","2020-12-07","2020-12-14",7.5,"EA",5500,1,41250,7.5,41250,44174,"결제",44176,0,null,41250,44174,41250,44174,"상신","결재완료",0,null,0]
[1102,1000072510,30,"물품구매(STS 303)",2045602020,"직무지원/sts 303 5종",30,"Z20050113","직무지원 연구재료 (연구재료) (연구재료)","Z01",456,null,44172,"최종승인",6147,"김도완",44173,301345,"두산금속","2020-12-07","2020-12-14",7.5,"EA",7900,1,59250,7.5,59250,44174,"결제",44176,0,null,59250,44174,59250,44174,"상신","결재완료",0,null,0]
[1102,1000072510,40,"물품구매(STS 303)",2045602020,"직무지원/sts 303 5종",40,"Z20050113","직무지원 연구재료 (연구재료) (연구재료)","Z01",456,null,44172,"최종승인",6147,"김도완",44173,301345,"두산금속","2020-12-07","2020-12-14",7.5,"EA",9300,1,69750,7.5,69750,44174,"결제",44176,0,null,69750,44174,69750,44174,"상신","결재완료",0,null,0]
[1102,1000072510,50,"물품구매(STS 303)",2045602020,"직무지원/sts 303 5종",50,"Z20050113","직무지원 연구재료 (연구재료) (연구재료)","Z01",456,null,44172,"최종승인",6147,"김도완",44173,301345,"두산금속","2020-12-07","2020-12-14",7.5,"EA",12300,1,92250,7.5,92250,44174,"결제",44176,0,null,92250,44174,92250,44174,"상신","결재완료",0,null,0]
[1102,1000072525,10,"물품구매(오지 의수용 외피 코팅/세금계산서)",2045602014,"스마트소켓/오지 의수용 외피 코팅작업",10,"Z20050607","스마트소켓(연구재료) (연구재료)","Z01",456,null,44180,"최종승인",27962,"김승기",44172,323023,"유디테크","2020-12-07","2020-12-22",1,"EA",517000,1,517000,1,517000,44174,"결제",44176,0,null,517000,44174,517000,44174,"상신","결재완료",0,null,0]
[1102,1000072526,10,"물품구매(유압식무릎/천*민)",2045602024,"의지하지 대퇴무릎장식",10,"Z20010430","의지하지-대퇴무릎장식3R60(독일산) (의지재료) (의지재료)","Z01",456,null,44172,"최종승인",27784,"천성민",44174,305386,"(주) 오토복코리아헬스케어","2020-12-07","2020-12-14",1,"EA",3690000,1,3690000,1,3690000,44174,"결제",44175,0,null,3690000,44174,3690000,44174,"상신","결재완료",0,null,0]
[1102,1500035882,10,"물품구매(공구걸이대 등 3건/세금계산서)",2045602048,"스마트소켓/thp wsl3p 그린 등 3종",10,null,"공구걸이대","Z06",456,null,44176,"최종승인",11511,"이희태",44179,328236,"(주) 태진E. N. G","2020-12-01","2020-12-10",3,"EA",496320,3,496320,3,496320,44174,"결제",44182,0,null,496320,44174,496320,44174,"상신","결재완료",0,null,0]
[1102,1500035882,20,"물품구매(공구걸이대 등 3건/세금계산서)",2045602048,"스마트소켓/thp wsl3p 그린 등 3종",20,null,"공구걸이대","Z06",456,null,44176,"최종승인",11511,"이희태",44179,328236,"(주) 태진E. N. G","2020-12-01","2020-12-10",3,"EA",984720,3,984720,3,984720,44174,"결제",44182,0,null,984720,44174,984720,44174,"상신","결재완료",0,null,0]
[1102,1500035882,30,"물품구매(공구걸이대 등 3건/세금계산서)",2045602048,"스마트소켓/thp wsl3p 그린 등 3종",30,null,"부품보관대","Z06",456,null,44176,"최종승인",11511,"이희태",44179,328236,"(주) 태진E. N. G","2020-12-01","2020-12-10",2,"EA",698720,2,698720,2,698720,44174,"결제",44182,0,null,698720,44174,698720,44174,"상신","결재완료",0,null,0]
[1102,1000072434,10,"물품구매(의지상지-양*규/손*지)",2045601977,"의지상지 미관형의수 등 2종",10,"Z20010369","의지상지-미관형의수전자글러브레진(외산) (의지재료) (의지재료)","Z01",456,null,44167,"최종승인",28716,"손민지",44168,305386,"(주) 오토복코리아헬스케어","2020-12-02","2020-12-09",2,"EA",162000,1,324000,2,324000,44173,"결제",44174,0,null,324000,44173,324000,44173,"상신","결재완료",0,null,0]
[1102,1000072434,20,"물품구매(의지상지-양*규/손*지)",2045601977,"의지상지 미관형의수 등 2종",20,"Z20011072","의지상지-근전전동의수내피(독일산)","Z01",456,null,44167,"최종승인",28716,"손민지",44168,305386,"(주) 오토복코리아헬스케어","2020-12-02","2020-12-09",1,"EA",126000,1,126000,1,126000,44173,"결제",44174,0,null,126000,44173,126000,44173,"상신","결재완료",0,null,0]
[1102,1000072437,10,"물품구매(프로플렉스XC외)",2045601987,"시험상용화/프로플렉스 등 2종",10,"Z20050454","하지-고기능인공발(프로플렉스XC)(연구재료) (연구재료)","Z01",456,null,44168,"최종승인",27783,"이미경",44169,301434,"오서코리아주식회사","2020-12-03","2020-12-10",2,"EA",2300000,1,4600000,2,4600000,44173,"결제",44174,0,null,4600000,44173,4600000,44173,"상신","결재완료",0,null,0]
[1102,1000072437,20,"물품구매(프로플렉스XC외)",2045601987,"시험상용화/프로플렉스 등 2종",20,"Z20050819","하지-하퇴메일피라미드소켓어댑터(연구재료)","Z01",456,null,44168,"최종승인",27783,"이미경",44169,301434,"오서코리아주식회사","2020-12-03","2020-12-10",1,"EA",138000,1,138000,1,138000,44173,"결제",44174,0,null,138000,44173,138000,44173,"상신","결재완료",0,null,0]
[1102,1000072438,10,"물품구매(파소니외)",2045601981,"시험상용화/파소니 등 3종",10,"Z20050620","하지-무릎관절장치파소니(연구재료) (연구재료)","Z01",456,null,44168,"최종승인",27783,"이미경",44169,301434,"오서코리아주식회사","2020-12-03","2020-12-10",1,"EA",3700000,1,3700000,1,3700000,44173,"결제",44174,0,null,3700000,44173,3700000,44173,"상신","결재완료",0,null,0]
[1102,1000072438,20,"물품구매(파소니외)",2045601981,"시험상용화/파소니 등 3종",20,"Z20050454","하지-고기능인공발(프로플렉스XC)(연구재료) (연구재료)","Z01",456,null,44168,"최종승인",27783,"이미경",44169,301434,"오서코리아주식회사","2020-12-03","2020-12-10",1,"EA",2300000,1,2300000,1,2300000,44173,"결제",44174,0,null,2300000,44173,2300000,44173,"상신","결재완료",0,null,0]
[1102,1000072438,30,"물품구매(파소니외)",2045601981,"시험상용화/파소니 등 3종",30,"Z20050663","하지-직무형인공발(프로플렉스LP토션)(연구재료)","Z01",456,null,44168,"최종승인",27783,"이미경",44169,301434,"오서코리아주식회사","2020-12-03","2020-12-10",1,"EA",2800000,1,2800000,1,2800000,44173,"결제",44174,0,null,2800000,44173,2800000,44173,"상신","결재완료",0,null,0]
[1102,1000072439,10,"물품구매(토탈니2000외)",2045601982,"시험상용화/프로플렉스 등 4종",10,"Z20050454","하지-고기능인공발(프로플렉스XC)(연구재료) (연구재료)","Z01",456,null,44168,"최종승인",27783,"이미경",44169,301434,"오서코리아주식회사","2020-12-03","2020-12-10",2,"EA",2300000,1,4600000,2,4600000,44173,"결제",44174,0,null,4600000,44173,4600000,44173,"상신","결재완료",0,null,0]
[1102,1000072439,20,"물품구매(토탈니2000외)",2045601982,"시험상용화/프로플렉스 등 4종",20,"Z20050111","하지-토탈니2000 (연구재료) (연구재료)","Z01",456,null,44168,"최종승인",27783,"이미경",44169,301434,"오서코리아주식회사","2020-12-03","2020-12-10",1,"EA",2870000,1,2870000,1,2870000,44173,"결제",44174,0,null,2870000,44173,2870000,44173,"상신","결재완료",0,null,0]
[1102,1000072439,30,"물품구매(토탈니2000외)",2045601982,"시험상용화/프로플렉스 등 4종",30,"Z20050521","하지-피메일피라미드어댑터(연구재료) (연구재료)","Z01",456,null,44168,"최종승인",27783,"이미경",44169,301434,"오서코리아주식회사","2020-12-03","2020-12-10",1,"EA",130000,1,130000,1,130000,44173,"결제",44174,0,null,130000,44173,130000,44173,"상신","결재완료",0,null,0]
[1102,1000072439,40,"물품구매(토탈니2000외)",2045601982,"시험상용화/프로플렉스 등 4종",40,"Z20050020","토탈니 신전보조스프링 (연구재료) (연구재료)","Z01",456,null,44168,"최종승인",27783,"이미경",44169,301434,"오서코리아주식회사","2020-12-03","2020-12-10",1,"EA",98000,1,98000,1,98000,44173,"결제",44174,0,null,98000,44173,98000,44173,"상신","결재완료",0,null,0]
[1102,1000072462,10,"물품구매(오딧세이 K3)",2045601983,"시험상용화/고기능 인공발 오딧세이 등 4종",10,"Z20050835","하지-직무형인공발(오딧세이 K3)(연구재료)","Z01",456,null,44168,"최종승인",27783,"이미경",44169,301263,"성림교역","2020-12-03","2020-12-10",1,"EA",2990000,1,2990000,1,2990000,44173,"결제",44174,0,null,2990000,44173,2990000,44173,"상신","결재완료",2990000,44175,2990000,44175]
[1102,1000072462,20,"물품구매(오딧세이 K3)",2045601983,"시험상용화/고기능 인공발 오딧세이 등 4종",20,"Z20050421","하지-머큐리유압식무릎관절장치(연구재료) (연구재료)","Z01",456,null,44168,"최종승인",27783,"이미경",44169,301263,"성림교역","2020-12-03","2020-12-10",1,"EA",3635000,1,3635000,1,3635000,44173,"결제",44174,0,null,3635000,44173,3635000,44173,"상신","결재완료",3635000,44175,3635000,44175]
[1102,1000072462,30,"물품구매(오딧세이 K3)",2045601983,"시험상용화/고기능 인공발 오딧세이 등 4종",30,"Z20050834","하지-직무형인공발(오딧세이 K2)(연구재료)","Z01",456,null,44168,"최종승인",27783,"이미경",44169,301263,"성림교역","2020-12-03","2020-12-10",1,"EA",2600000,1,2600000,1,2600000,44173,"결제",44174,0,null,2600000,44173,2600000,44173,"상신","결재완료",2600000,44175,2600000,44175]
[1102,1000072463,10,"물품구매(레니게이드외)",2045601984,"시험상용화/고기능 인공발 레니게이드 등 5종",10,"Z20050457","하지-고기능인공발(레니게이드)(연구재료) (연구재료)","Z01",456,null,44168,"최종승인",27783,"이미경",44169,301263,"성림교역","2020-12-03","2020-12-10",1,"EA",3550000,1,3550000,1,3550000,44173,"결제",44174,0,null,3550000,44173,3550000,44173,"상신","결재완료",3550000,44175,3550000,44175]
[1102,1000072463,20,"물품구매(레니게이드외)",2045601984,"시험상용화/고기능 인공발 레니게이드 등 5종",20,"Z20050835","하지-직무형인공발(오딧세이 K3)(연구재료)","Z01",456,null,44168,"최종승인",27783,"이미경",44169,301263,"성림교역","2020-12-03","2020-12-10",1,"EA",2990000,1,2990000,1,2990000,44173,"결제",44174,0,null,2990000,44173,2990000,44173,"상신","결재완료",2990000,44175,2990000,44175]
[1102,1000072463,30,"물품구매(레니게이드외)",2045601984,"시험상용화/고기능 인공발 레니게이드 등 5종",30,"Z20050077","상지-호스머 신경줄 세트 (연구재료) (연구재료)","Z01",456,null,44168,"최종승인",27783,"이미경",44169,301263,"성림교역","2020-12-03","2020-12-10",1,"EA",95000,1,95000,1,95000,44173,"결제",44174,0,null,95000,44173,95000,44173,"상신","결재완료",95000,44175,95000,44175]
[1102,1000072463,40,"물품구매(레니게이드외)",2045601984,"시험상용화/고기능 인공발 레니게이드 등 5종",40,"Z20050963","미관형 의수-롱 타입(성림)","Z01",456,null,44168,"최종승인",27783,"이미경",44169,301263,"성림교역","2020-12-03","2020-12-10",1,"EA",280000,1,280000,1,280000,44173,"결제",44174,0,null,280000,44173,280000,44173,"상신","결재완료",280000,44175,280000,44175]
[1102,1000072463,50,"물품구매(레니게이드외)",2045601984,"시험상용화/고기능 인공발 레니게이드 등 5종",50,"Z20050029","미관형 의수(성림) (연구재료) (연구재료)","Z01",456,null,44168,"최종승인",27783,"이미경",44169,301263,"성림교역","2020-12-03","2020-12-10",10,"EA",230000,1,2300000,10,2300000,44173,"결제",44174,0,null,2300000,44173,2300000,44173,"상신","결재완료",2300000,44175,2300000,44175]
[1102,1000072464,10,"물품구매(맞춤형 인솔)",2045601985,"시험상용화/맞춤형인솔",10,"Z20050638","하지-맞춤형 인솔(연구재료) (연구재료)","Z01",456,null,44168,"최종승인",27783,"이미경",44169,301263,"성림교역","2020-12-03","2020-12-10",1,"EA",450000,1,450000,1,450000,44173,"결제",44174,0,null,450000,44173,450000,44173,"상신","결재완료",450000,44175,450000,44175]
[1102,1000072468,10,"물품구매 의지하지/창원센터",2045602012,"의지하지 실리콘싹스 등 3종",10,"Z20010546","의지하지-실리콘싹스X5씰린대퇴용(미국산) (의지재료) (의지재료)","Z01",456,null,44169,"최종승인",8445,"차민국",44172,301434,"오서코리아주식회사","2020-12-04","2020-12-11",2,"EA",600000,1,1200000,2,1200000,44173,"결제",44174,0,null,1200000,44173,1200000,44173,"상신","결재완료",0,null,0]
[1102,1000072468,20,"물품구매 의지하지/창원센터",2045602012,"의지하지 실리콘싹스 등 3종",20,"Z20010532","의지하지-실리콘싹스컴포트하퇴용(외산) (의지재료) (의지재료)","Z01",456,null,44169,"최종승인",8445,"차민국",44172,301434,"오서코리아주식회사","2020-12-04","2020-12-11",1,"EA",335000,1,335000,1,335000,44173,"결제",44174,0,null,335000,44173,335000,44173,"상신","결재완료",0,null,0]
[1102,1000072468,30,"물품구매 의지하지/창원센터",2045602012,"의지하지 실리콘싹스 등 3종",30,"Z20010570","의지하지-흡입밸브실린라이너대퇴용(미국산) (의지재료) (의지재료)","Z01",456,null,44169,"최종승인",8445,"차민국",44172,301434,"오서코리아주식회사","2020-12-04","2020-12-11",1,"EA",95000,1,95000,1,95000,44173,"결제",44174,0,null,95000,44173,95000,44173,"상신","결재완료",0,null,0]
[1102,1000072469,10,"물품구매 의지하지/창원센터",2045602011,"의지하지 실리콘싹스",10,"Z20010507","의지하지-실리콘싹스국산(국산) (의지재료) (의지재료)","Z01",456,null,44169,"최종승인",8445,"차민국",44172,323203,"코스텍","2020-12-04","2020-12-11",10,"EA",120000,1,1200000,10,1200000,44173,"결제",44174,0,null,1200000,44173,1200000,44173,"상신","결재완료",0,null,0]
[1102,1000072482,10,"물품구매 수부 /창원센터",2045602003,"의지상지 미관형의수 등 2종",10,"Z20010367","의지상지-미관형의수실리콘두손 (의지재료) (의지재료)","Z01",456,null,44169,"최종승인",6166,"김현종",44169,300508,"두손의수","2020-12-04","2020-12-11",2,"EA",230000,1,460000,2,460000,44173,"결제",44173,0,null,460000,44173,460000,44173,"상신","결재완료",0,null,0]
[1102,1000072482,20,"물품구매 수부 /창원센터",2045602003,"의지상지 미관형의수 등 2종",20,"Z20010363","의지상지-미관형의수레진두손 (의지재료) (의지재료)","Z01",456,null,44169,"최종승인",6166,"김현종",44169,300508,"두손의수","2020-12-04","2020-12-11",2,"EA",90000,1,180000,2,180000,44173,"결제",44173,0,null,180000,44173,180000,44173,"상신","결재완료",0,null,0]
[1102,1000072483,10,"물품구매 휠체어 김*오 /창원센터",2045602001,"일반형휠체어",10,"Z20120654","일반형휠체어-SMART-Twin(22D)(우리체어메디칼)","Z01",456,null,44169,"최종승인",6166,"김현종",44169,327607,"(주) 삼우티에스","2020-12-04","2020-12-11",1,"EA",450000,1,450000,1,450000,44173,"결제",44173,0,null,450000,44173,450000,44173,"상신","결재완료",0,null,0]
[1102,1000072484,10,"물품구매 휠체어 장*수 /창원센터",2045601999,"전동형휠체어",10,"Z20120674","전동형휠체어- 나래200,210 (썬메디테크)","Z01",456,null,44169,"최종승인",6166,"김현종",44169,324832,"주식회사 이레엠케어","2020-12-04","2020-12-11",1,"EA",1900000,1,1900000,1,1900000,44173,"결제",44173,0,null,1900000,44173,1900000,44173,"상신","결재완료",0,null,0]
[1102,1000072485,10,"물품구매 휠체어 이*준 외 /창원센터",2045602002,"휠체어꺽기형 등 2종",10,"Z20120055","휠체어꺽기형-미라지7일반형미키 (의지재료) (의지재료)","Z01",456,null,44169,"최종승인",6166,"김현종",44169,309507,"미키코리아(주)","2020-12-04","2020-12-11",1,"EA",440000,1,440000,1,440000,44173,"결제",44175,0,null,440000,44173,440000,44173,"상신","결재완료",0,null,0]
[1102,1000072485,20,"물품구매 휠체어 이*준 외 /창원센터",2045602002,"휠체어꺽기형 등 2종",20,"Z20120367","휠체어수리-타이어활동형미키(24in) (의지재료) (의지재료)","Z01",456,null,44169,"최종승인",6166,"김현종",44169,309507,"미키코리아(주)","2020-12-04","2020-12-11",10,"EA",8000,1,80000,10,80000,44173,"결제",44175,0,null,80000,44173,80000,44173,"상신","결재완료",0,null,0]
[1102,1000072486,10,"물품구매 의지하지 서*수 외 /창원센터",2045602000,"의지하지 대퇴무릎장식 등 2종",10,"Z20010445","의지하지-대퇴무릎장식Bk공압식(4절공압식) (의지재료) (의지재료)","Z01",456,null,44169,"최종승인",6166,"김현종",44169,302514,"비케이메디텍","2020-12-04","2020-12-11",1,"EA",777000,1,777000,1,777000,44173,"결제",44173,0,null,777000,44173,777000,44173,"상신","결재완료",0,null,0]
[1102,1000072486,20,"물품구매 의지하지 서*수 외 /창원센터",2045602000,"의지하지 대퇴무릎장식 등 2종",20,"Z20010494","의지하지-발Bk(국산) (의지재료) (의지재료)","Z01",456,null,44169,"최종승인",6166,"김현종",44169,302514,"비케이메디텍","2020-12-04","2020-12-11",10,"EA",188000,1,1880000,10,1880000,44173,"결제",44173,0,null,1880000,44173,1880000,44173,"상신","결재완료",0,null,0]
[1102,1000072494,10,"물품구매 의지하지/창원센터",2045602010,"의지하지 실리콘싹스 등 3종",10,"Z20010679","의지하지-실리콘싹스 프로씰라이너(독일) (의지재료)","Z01",456,null,44169,"최종승인",8445,"차민국",44172,305386,"(주) 오토복코리아헬스케어","2020-12-04","2020-12-11",1,"EA",264000,1,264000,1,264000,44173,"결제",44174,0,null,264000,44173,264000,44173,"상신","결재완료",0,null,0]
[1102,1000072494,20,"물품구매 의지하지/창원센터",2045602010,"의지하지 실리콘싹스 등 3종",20,"Z20010438","의지하지-대퇴무릎장식단축식티타늄3R49(독일산) (의지재료) (의지재료)","Z01",456,null,44169,"최종승인",8445,"차민국",44172,305386,"(주) 오토복코리아헬스케어","2020-12-04","2020-12-11",1,"EA",700000,1,700000,1,700000,44173,"결제",44174,0,null,700000,44173,700000,44173,"상신","결재완료",0,null,0]
[1102,1000072494,30,"물품구매 의지하지/창원센터",2045602010,"의지하지 실리콘싹스 등 3종",30,"Z20010471","의지하지-발목장식오토복단축식알루미늄(독일산) (의지재료) (의지재료)","Z01",456,null,44169,"최종승인",8445,"차민국",44172,305386,"(주) 오토복코리아헬스케어","2020-12-04","2020-12-11",2,"EA",176000,1,352000,2,352000,44173,"결제",44174,0,null,352000,44173,352000,44173,"상신","결재완료",0,null,0]
[1102,1000072497,10,"물품구매(집뇨기)",2045602006,"집뇨기유린백",10,"Z20130035","집뇨기유린백-외산1000(외산1000cc) (의지재료) (의지재료)","Z01",456,null,44169,"최종승인",27783,"이미경",44172,301700,"(주)휠로피아","2020-12-04","2020-12-11",20,"EA",54000,1,1080000,20,1080000,44173,"결제",44174,0,null,1080000,44173,1080000,44173,"상신","결재완료",0,null,0]
[1102,1000072498,10,"물품구매(욕창예방방석 외)",2045602005,"욕창예방방석 등 2종",10,"Z20130023","욕창예방방석공기격자형-로호 (의지재료) (의지재료)","Z01",456,null,44169,"최종승인",27783,"이미경",44172,305386,"(주) 오토복코리아헬스케어","2020-12-04","2020-12-11",12,"EA",370000,1,4440000,12,4440000,44173,"결제",44175,0,null,4440000,44173,4440000,44173,"상신","결재완료",0,null,0]
[1102,1000072498,20,"물품구매(욕창예방방석 외)",2045602005,"욕창예방방석 등 2종",20,"Z20130002","욕창예방매트리스공기격자형-로호(860x2040x89mm) (의지재료) (","Z01",456,null,44169,"최종승인",27783,"이미경",44172,305386,"(주) 오토복코리아헬스케어","2020-12-04","2020-12-11",2,"EA",1650000,1,3300000,2,3300000,44173,"결제",44175,0,null,3300000,44173,3300000,44173,"상신","결재완료",0,null,0]
[1102,1000072499,10,"물품구매(방석커버)",2045602004,"욕창예방방석카바",10,"Z20130032","욕창예방방석카바공기격자형-로호 (의지재료) (의지재료)","Z01",456,null,44169,"최종승인",27783,"이미경",44172,305386,"(주) 오토복코리아헬스케어","2020-12-04","2020-12-11",2,"EA",45000,1,90000,2,90000,44173,"결제",44175,0,null,90000,44173,90000,44173,"상신","결재완료",0,null,0]
[1102,1000072500,10,"기타(타이어,튜브)",2045601995,"타이어 등 4종",10,"Z20120561","타이어-24\"마라톤점검 (퓔로피아) (의지재료) (의지재료)","Z01",456,null,44169,"최종승인",26283,"유재선",44169,301700,"(주)휠로피아","2020-12-04","2020-12-11",10,"EA",32000,1,320000,10,320000,44173,"결제",44175,0,null,320000,44173,320000,44173,"상신","결재완료",0,null,0]
[1102,1000072500,20,"기타(타이어,튜브)",2045601995,"타이어 등 4종",20,"Z20120543","휠체어수리-타이어 일반형 22\" 휠로피아 (의지재료) (의지재료)","Z01",456,null,44169,"최종승인",26283,"유재선",44169,301700,"(주)휠로피아","2020-12-04","2020-12-11",10,"EA",6600,1,66000,10,66000,44173,"결제",44175,0,null,66000,44173,66000,44173,"상신","결재완료",0,null,0]
[1102,1000072500,30,"기타(타이어,튜브)",2045601995,"타이어 등 4종",30,"Z20120545","휠체어수리-휠체어타이어-전동용 9' 휠로피아 (의지재료) (의지재료)","Z01",456,null,44169,"최종승인",26283,"유재선",44169,301700,"(주)휠로피아","2020-12-04","2020-12-11",4,"EA",8000,1,32000,4,32000,44173,"결제",44175,0,null,32000,44173,32000,44173,"상신","결재완료",0,null,0]
[1102,1000072500,40,"기타(타이어,튜브)",2045601995,"타이어 등 4종",40,"Z20120401","휠체어수리-튜브전동형(9in) (의지재료) (의지재료)","Z01",456,null,44169,"최종승인",26283,"유재선",44169,301700,"(주)휠로피아","2020-12-04","2020-12-11",7,"EA",6000,1,42000,7,42000,44173,"결제",44175,0,null,42000,44173,42000,44173,"상신","결재완료",0,null,0]
[1102,1000072501,10,"물품구매(임*수-남*지/유*선)",2045601996,"휠체어꺽기형",10,"Z20120054","휠체어꺽기형-미라지7분리형미키 (의지재료) (의지재료)","Z01",456,null,44169,"최종승인",26283,"유재선",44169,301882,"미키메디칼","2020-12-04","2020-12-11",2,"EA",540000,1,1080000,2,1080000,44173,"결제",44174,0,null,1080000,44173,1080000,44173,"상신","결재완료",0,null,0]
[1102,1000072502,10,"물품구매(유*식-박*원-김*철/유*선)",2045601997,"활동형휠체어 등 3종",10,"Z20120641","활동형휠체어- 노바제로 A타입 (티오엠)","Z01",456,null,44169,"최종승인",26283,"유재선",44169,325322,"썬메디테크","2020-12-04","2020-12-11",2,"EA",950000,1,1900000,2,1900000,44173,"결제",44174,0,null,1900000,44173,1900000,44173,"상신","결재완료",0,null,0]
[1102,1000072502,20,"물품구매(유*식-박*원-김*철/유*선)",2045601997,"활동형휠체어 등 3종",20,"Z20120474","휠체어일반형-M1스타트 (의지재료) (의지재료)","Z01",456,null,44169,"최종승인",26283,"유재선",44169,325322,"썬메디테크","2020-12-04","2020-12-11",1,"EA",450000,1,450000,1,450000,44173,"결제",44174,0,null,450000,44173,450000,44173,"상신","결재완료",0,null,0]
[1102,1000072502,30,"물품구매(유*식-박*원-김*철/유*선)",2045601997,"활동형휠체어 등 3종",30,"Z20011291","휠체어수리- 등받이 (스타트-M1)","Z01",456,null,44169,"최종승인",26283,"유재선",44169,325322,"썬메디테크","2020-12-04","2020-12-11",1,"EA",35000,1,35000,1,35000,44173,"결제",44174,0,null,35000,44173,35000,44173,"상신","결재완료",0,null,0]
[1102,1000072503,10,"기타(지팡이,워커)",2045601998,"소모품 지팡이 등 2종",10,"Z20120037","소모품-지팡이(2단) (의지재료) (의지재료)","Z01",456,null,44169,"최종승인",26283,"유재선",44169,306977,"(주)대세엠케어 경인지점 (인천)","2020-12-04","2020-12-11",20,"EA",5000,1,100000,20,100000,44173,"결제",44174,0,null,100000,44173,100000,44173,"상신","결재완료",0,null,0]
[1102,1000072503,20,"기타(지팡이,워커)",2045601998,"소모품 지팡이 등 2종",20,"Z20120031","소모품-워커지그재그보행기대세 (의지재료) (의지재료)","Z01",456,null,44169,"최종승인",26283,"유재선",44169,306977,"(주)대세엠케어 경인지점 (인천)","2020-12-04","2020-12-11",2,"EA",25000,1,50000,2,50000,44173,"결제",44174,0,null,50000,44173,50000,44173,"상신","결재완료",0,null,0]
[1102,1000072504,10,"물품구매(패럴린 코팅)",2045602009,"시험상용화/패럴린 코팅",10,"Z20050913","패럴린 코팅 의수","Z01",456,null,44169,"최종승인",27783,"이미경",44172,323203,"코스텍","2020-12-04","2020-12-11",5,"EA",50000,1,250000,5,250000,44173,"결제",44173,0,null,250000,44173,250000,44173,"상신","결재완료",250000,44175,250000,44175]
[1102,1000072505,10,"물품구매(미관형 의수외)",2045602008,"시험상용화/미관형의수 등 2종",10,"Z20050030","미관형 의수(두손) (연구재료) (연구재료)","Z01",456,null,44169,"최종승인",27783,"이미경",44172,300508,"두손의수","2020-12-04","2020-12-11",3,"EA",230000,1,690000,3,690000,44173,"결제",44173,0,null,690000,44173,690000,44173,"상신","결재완료",690000,44175,690000,44175]
[1102,1000072505,20,"물품구매(미관형 의수외)",2045602008,"시험상용화/미관형의수 등 2종",20,"Z20050848","미관형 수지(두손)(연구재료)","Z01",456,null,44169,"최종승인",27783,"이미경",44172,300508,"두손의수","2020-12-04","2020-12-11",1,"EA",65000,1,65000,1,65000,44173,"결제",44173,0,null,65000,44173,65000,44173,"상신","결재완료",65000,44175,65000,44175]
[1102,1000072509,10,"물품구매(손의지-손*희 외 조*정)",2045602019,"의지상지 미관형의수 등 3종",10,"Z20010367","의지상지-미관형의수실리콘두손 (의지재료) (의지재료)","Z01",456,null,44172,"최종승인",11764,"조혜정",44173,300508,"두손의수","2020-12-07","2020-12-14",9,"EA",230000,1,2070000,9,2070000,44173,"결제",44179,0,null,2070000,44173,2070000,44173,"상신","결재완료",0,null,0]
[1102,1000072509,20,"물품구매(손의지-손*희 외 조*정)",2045602019,"의지상지 미관형의수 등 3종",20,"Z20010372","의지상지-미관형의수지실리콘 (의지재료) (의지재료)","Z01",456,null,44172,"최종승인",11764,"조혜정",44173,300508,"두손의수","2020-12-07","2020-12-14",7,"EA",65000,1,455000,7,455000,44173,"결제",44179,0,null,455000,44173,455000,44173,"상신","결재완료",0,null,0]
[1102,1000072509,30,"물품구매(손의지-손*희 외 조*정)",2045602019,"의지상지 미관형의수 등 3종",30,"Z20010838","의지하지-미관형족지레진(두손) (의지재료)","Z01",456,null,44172,"최종승인",11764,"조혜정",44173,300508,"두손의수","2020-12-07","2020-12-14",6,"EA",90000,1,540000,6,540000,44173,"결제",44179,0,null,540000,44173,540000,44173,"상신","결재완료",0,null,0]
[1102,1000072518,10,"물품구매(미관형의수-조*성)",2045602016,"의지상지 미관형의수",10,"Z20010367","의지상지-미관형의수실리콘두손 (의지재료) (의지재료)","Z01",456,null,44172,"최종승인",9144,"정창희",44173,300508,"두손의수","2020-12-07","2020-12-14",2,"EA",230000,1,460000,2,460000,44173,"결제",44180,0,null,460000,44173,460000,44173,"상신","결재완료",0,null,0]
[1102,1000072542,10,"물품구매-의지상지/최*석/임*은",2045602017,"의지상지 미관형의수",10,"Z20010372","의지상지-미관형의수지실리콘 (의지재료) (의지재료)","Z01",456,null,44172,"최종승인",9620,"임성은",44173,300508,"두손의수","2020-12-05","2020-12-12",1,"EA",65000,1,65000,1,65000,44173,"결제",44176,0,null,65000,44173,65000,44173,"상신","결재완료",0,null,0]
[1102,1000072547,10,"물품구매(의지하지-정*원/손*지)",2045602018,"의지하지 실리콘싹스",10,"Z20010533","의지하지-실리콘싹스코니칼+스텐다드대퇴용(미국산) (의지재료) (의지재료)","Z01",456,null,44172,"최종승인",28716,"손민지",44173,301434,"오서코리아주식회사","2020-12-07","2020-12-14",2,"EA",500000,1,1000000,2,1000000,44173,"결제",44176,0,null,1000000,44173,1000000,44173,"상신","결재완료",0,null,0]
[1102,1500035776,10,"물품구매(로지텍 웹캠 1건/ 법인카드)",2045602028,"골유착임플란트/로지텍 웸캠",10,null,"로지텍 웹캠","Z06",456,null,44173,"최종승인",28744,"윤준석",44175,516545280,"골유착임플란트-5280","2020-12-08","2020-12-22",1,"SET",290050,1,290050,1,290050,44173,"결제",44179,0,null,290050,44173,290050,44173,"상신","결재완료",0,null,0]
[1102,1500035778,10,"물품구매(자브라 블루투스 스피커 1건/ 법인카드)",2045602027,"골유착임플란트/블루투스 스피커",10,null,"자브라 블루투스 스피커","Z06",456,null,44173,"최종승인",28744,"윤준석",44175,516545280,"골유착임플란트-5280","2020-12-08","2020-12-22",1,"SET",890000,1,890000,1,890000,44173,"결제",44179,0,null,890000,44173,890000,44173,"상신","결재완료",0,null,0]
[1102,1000072467,10,"물품구매(리프트)",2045601986,"시험상용화/이동식 리프트",10,"Z20050001","파워 리프트(PML-100A)-프로메디","Z01",456,null,44168,"최종승인",27783,"이미경",44169,326875,"주식회사 프로메디","2020-12-03","2020-12-10",1,"EA",1992727,1,1992727,1,1992727,44172,"결제",44173,0,null,1992727,44172,1992727,44172,"상신","결재완료",1992727,44175,1992727,44175]
[1102,1000072496,10,"물품구매(매트리스)",2045602007,"욕창예방매트리스",10,"Z20130055","욕창예방매트리스-Md-100 TPU3","Z01",456,null,44169,"최종승인",27783,"이미경",44172,301766,"은혜메디칼","2020-12-04","2020-12-11",6,"EA",350000,1,2100000,6,2100000,44172,"결제",44173,0,null,2100000,44172,2100000,44172,"상신","결재완료",0,null,0]
[1102,1000072284,10,"물품구매(아이-림 커버 등 2건/세금계산서)",2045601964,"스마트소켓/아이림 스킨 내추럴 커버 등 2종",10,"Z20050607","스마트소켓(연구재료) (연구재료)","Z01",456,null,44172,"최종승인",27962,"김승기",44162,301434,"오서코리아주식회사","2020-11-25","2020-12-12",2,"EA",345000,1,690000,2,690000,44169,"결제",44176,0,null,690000,44169,690000,44169,"상신","결재완료",0,null,0]
[1102,1000072284,20,"물품구매(아이-림 커버 등 2건/세금계산서)",2045601964,"스마트소켓/아이림 스킨 내추럴 커버 등 2종",20,"Z20050607","스마트소켓(연구재료) (연구재료)","Z01",456,null,44172,"최종승인",27962,"김승기",44162,301434,"오서코리아주식회사","2020-11-25","2020-12-12",1,"EA",345000,1,345000,1,345000,44169,"결제",44176,0,null,345000,44169,345000,44169,"상신","결재완료",0,null,0]
[1102,1000072419,10,"물품구매(의지재료/천*민)",2045601980,"소모품 본드 등 14종",10,"Z20010152","소모품-본드(1kg) (의지재료) (의지재료)","Z01",456,null,44167,"최종승인",27784,"천성민",44168,301148,"신성메디칼","2020-12-02","2020-12-09",10,"EA",10000,1,100000,10,100000,44169,"결제",44169,0,null,100000,44169,100000,44169,"상신","결재완료",0,null,0]
[1102,1000072419,20,"물품구매(의지재료/천*민)",2045601980,"소모품 본드 등 14종",20,"Z20010136","소모품-면장갑(작업용) (의지재료) (의지재료)","Z01",456,null,44167,"최종승인",27784,"천성민",44168,301148,"신성메디칼","2020-12-02","2020-12-09",10,"EA",2000,1,20000,10,20000,44169,"결제",44169,0,null,20000,44169,20000,44169,"상신","결재완료",0,null,0]
[1102,1000072419,30,"물품구매(의지재료/천*민)",2045601980,"소모품 본드 등 14종",30,"Z20010145","소모품-밴드스타킹 (의지재료) (의지재료)","Z01",456,null,44167,"최종승인",27784,"천성민",44168,301148,"신성메디칼","2020-12-02","2020-12-09",100,"EA",1100,1,110000,100,110000,44169,"결제",44169,0,null,110000,44169,110000,44169,"상신","결재완료",0,null,0]
[1102,1000072419,40,"물품구매(의지재료/천*민)",2045601980,"소모품 본드 등 14종",40,"Z20010224","소모품-아세톤 (의지재료) (의지재료)","Z01",456,null,44167,"최종승인",27784,"천성민",44168,301148,"신성메디칼","2020-12-02","2020-12-09",5,"EA",5000,1,25000,5,25000,44169,"결제",44169,0,null,25000,44169,25000,44169,"상신","결재완료",0,null,0]
[1102,1000072419,50,"물품구매(의지재료/천*민)",2045601980,"소모품 본드 등 14종",50,"Z20010218","소모품-실리콘이형제(420g) (의지재료) (의지재료)","Z01",456,null,44167,"최종승인",27784,"천성민",44168,301148,"신성메디칼","2020-12-02","2020-12-09",20,"EA",5000,1,100000,20,100000,44169,"결제",44169,0,null,100000,44169,100000,44169,"상신","결재완료",0,null,0]
[1102,1000072419,60,"물품구매(의지재료/천*민)",2045601980,"소모품 본드 등 14종",60,"Z20010246","소모품-위생랩(30cm) (의지재료) (의지재료)","Z01",456,null,44167,"최종승인",27784,"천성민",44168,301148,"신성메디칼","2020-12-02","2020-12-09",10,"EA",5000,1,50000,10,50000,44169,"결제",44169,0,null,50000,44169,50000,44169,"상신","결재완료",0,null,0]
[1102,1000072419,70,"물품구매(의지재료/천*민)",2045601980,"소모품 본드 등 14종",70,"Z20010174","소모품-석고소석고2급b(25kg) (의지재료) (의지재료)","Z01",456,null,44167,"최종승인",27784,"천성민",44168,301148,"신성메디칼","2020-12-02","2020-12-09",20,"EA",35000,1,700000,20,700000,44169,"결제",44169,0,null,700000,44169,700000,44169,"상신","결재완료",0,null,0]
[1102,1000072419,80,"물품구매(의지재료/천*민)",2045601980,"소모품 본드 등 14종",80,"Z20010794","소모품-삼중마스크 (의지재료)","Z01",456,null,44167,"최종승인",27784,"천성민",44168,301148,"신성메디칼","2020-12-02","2020-12-09",5,"EA",15000,1,75000,5,75000,44169,"결제",44169,0,null,75000,44169,75000,44169,"상신","결재완료",0,null,0]
[1102,1000072419,90,"물품구매(의지재료/천*민)",2045601980,"소모품 본드 등 14종",90,"Z20010100","소모품-내피피혁(30cm) (의지재료) (의지재료)","Z01",456,null,44167,"최종승인",27784,"천성민",44168,301148,"신성메디칼","2020-12-02","2020-12-09",60,"EA",5000,1,300000,60,300000,44169,"결제",44169,0,null,300000,44169,300000,44169,"상신","결재완료",0,null,0]
[1102,1000072419,100,"물품구매(의지재료/천*민)",2045601980,"소모품 본드 등 14종",100,"Z20010239","소모품-연삭벨트(30cm) (의지재료) (의지재료)","Z01",456,null,44167,"최종승인",27784,"천성민",44168,301148,"신성메디칼","2020-12-02","2020-12-09",50,"EA",2500,1,125000,50,125000,44169,"결제",44169,0,null,125000,44169,125000,44169,"상신","결재완료",0,null,0]
[1102,1000072419,110,"물품구매(의지재료/천*민)",2045601980,"소모품 본드 등 14종",110,"Z20010954","소모품-일제 가스토치 (의지재료)","Z01",456,null,44167,"최종승인",27784,"천성민",44168,301148,"신성메디칼","2020-12-02","2020-12-09",3,"EA",60000,1,180000,3,180000,44169,"결제",44169,0,null,180000,44169,180000,44169,"상신","결재완료",0,null,0]
[1102,1000072419,120,"물품구매(의지재료/천*민)",2045601980,"소모품 본드 등 14종",120,"Z20010259","소모품-젤렉스(A급) (의지재료) (의지재료)","Z01",456,null,44167,"최종승인",27784,"천성민",44168,301148,"신성메디칼","2020-12-02","2020-12-09",5,"EA",35000,1,175000,5,175000,44169,"결제",44169,0,null,175000,44169,175000,44169,"상신","결재완료",0,null,0]
[1102,1000072419,130,"물품구매(의지재료/천*민)",2045601980,"소모품 본드 등 14종",130,"Z20010250","소모품-재단가위(외산) (의지재료) (의지재료)","Z01",456,null,44167,"최종승인",27784,"천성민",44168,301148,"신성메디칼","2020-12-02","2020-12-09",2,"EA",35000,1,70000,2,70000,44169,"결제",44169,0,null,70000,44169,70000,44169,"상신","결재완료",0,null,0]
[1102,1000072419,140,"물품구매(의지재료/천*민)",2045601980,"소모품 본드 등 14종",140,"Z20010957","소모품-갈대 빗자루 (의지재료)","Z01",456,null,44167,"최종승인",27784,"천성민",44168,301148,"신성메디칼","2020-12-02","2020-12-09",3,"EA",10000,1,30000,3,30000,44169,"결제",44169,0,null,30000,44169,30000,44169,"상신","결재완료",0,null,0]
[1102,1000072441,10,"물품구매(P.P등/천*민)",2045601979,"소모품 pp 등 9종",10,"Z20010341","소모품-P.P외산(4x120x240) (의지재료) (의지재료)","Z01",456,null,44167,"최종승인",27784,"천성민",44168,305386,"(주) 오토복코리아헬스케어","2020-12-02","2020-12-09",3,"EA",96000,1,288000,3,288000,44169,"결제",44172,0,null,288000,44169,288000,44169,"상신","결재완료",0,null,0]
[1102,1000072441,20,"물품구매(P.P등/천*민)",2045601979,"소모품 pp 등 9종",20,"Z20010422","의지하지-단축발발목장식알루미늄포함셋트(독일산) (의지재료) (의지재료)","Z01",456,null,44167,"최종승인",27784,"천성민",44168,305386,"(주) 오토복코리아헬스케어","2020-12-02","2020-12-09",1,"EA",176000,1,176000,1,176000,44169,"결제",44172,0,null,176000,44169,176000,44169,"상신","결재완료",0,null,0]
[1102,1000072441,30,"물품구매(P.P등/천*민)",2045601979,"소모품 pp 등 9종",30,"Z20010544","의지하지-실리콘싹스향균젤라이너대퇴용(독일산) (의지재료) (의지재료)","Z01",456,null,44167,"최종승인",27784,"천성민",44168,305386,"(주) 오토복코리아헬스케어","2020-12-02","2020-12-09",1,"EA",399000,1,399000,1,399000,44169,"결제",44172,0,null,399000,44169,399000,44169,"상신","결재완료",0,null,0]
[1102,1000072441,40,"물품구매(P.P등/천*민)",2045601979,"소모품 pp 등 9종",40,"Z20010377","의지상지-상박관절장식키트형(외산) (의지재료) (의지재료)","Z01",456,null,44167,"최종승인",27784,"천성민",44168,305386,"(주) 오토복코리아헬스케어","2020-12-02","2020-12-09",2,"EA",275000,1,550000,2,550000,44169,"결제",44172,0,null,550000,44169,550000,44169,"상신","결재완료",0,null,0]
[1102,1000072441,50,"물품구매(P.P등/천*민)",2045601979,"소모품 pp 등 9종",50,"Z20010318","소모품-필라이트(외산5mm) (의지재료) (의지재료)","Z01",456,null,44167,"최종승인",27784,"천성민",44168,305386,"(주) 오토복코리아헬스케어","2020-12-02","2020-12-09",3,"EA",79000,1,237000,3,237000,44169,"결제",44172,0,null,237000,44169,237000,44169,"상신","결재완료",0,null,0]
[1102,1000072441,60,"물품구매(P.P등/천*민)",2045601979,"소모품 pp 등 9종",60,"Z20010300","소모품-포론(외산3mm) (의지재료) (의지재료)","Z01",456,null,44167,"최종승인",27784,"천성민",44168,305386,"(주) 오토복코리아헬스케어","2020-12-02","2020-12-09",2,"EA",110000,1,220000,2,220000,44169,"결제",44172,0,null,220000,44169,220000,44169,"상신","결재완료",0,null,0]
[1102,1000072441,70,"물품구매(P.P등/천*민)",2045601979,"소모품 pp 등 9종",70,"Z20010784","소모품-포론(6.4mm) (의지재료)","Z01",456,null,44167,"최종승인",27784,"천성민",44168,305386,"(주) 오토복코리아헬스케어","2020-12-02","2020-12-09",2,"EA",163000,1,326000,2,326000,44169,"결제",44172,0,null,326000,44169,326000,44169,"상신","결재완료",0,null,0]
[1102,1000072441,80,"물품구매(P.P등/천*민)",2045601979,"소모품 pp 등 9종",80,"Z20010917","의지하지-밸런스코폴리머라이너(오토복) (의지재료)","Z01",456,null,44167,"최종승인",27784,"천성민",44168,305386,"(주) 오토복코리아헬스케어","2020-12-02","2020-12-09",1,"EA",365000,1,365000,1,365000,44169,"결제",44172,0,null,365000,44169,365000,44169,"상신","결재완료",0,null,0]
[1102,1000072441,90,"물품구매(P.P등/천*민)",2045601979,"소모품 pp 등 9종",90,"Z20010373","의지상지-반자동의수(독일산) (의지재료) (의지재료)","Z01",456,null,44167,"최종승인",27784,"천성민",44168,305386,"(주) 오토복코리아헬스케어","2020-12-02","2020-12-09",1,"EA",363000,1,363000,1,363000,44169,"결제",44172,0,null,363000,44169,363000,44169,"상신","결재완료",0,null,0]
[1102,1000072514,10,"물품구매요구(MDPP-18-3221등 2건)",2045602015,"스마트소켓/mdpp 18 3221 등 2종",10,"Z20050607","스마트소켓(연구재료) (연구재료)","Z01",456,null,44173,"최종승인",11510,"정성윤",44172,516502312,"스마트소켓-2312","2020-12-04","2020-12-15",40,"EA",8250,1,330000,40,330000,44169,"결제",44182,0,null,330000,44169,330000,44169,"상신","결재완료",0,null,0]
[1102,1000072514,20,"물품구매요구(MDPP-18-3221등 2건)",2045602015,"스마트소켓/mdpp 18 3221 등 2종",20,"Z20050607","스마트소켓(연구재료) (연구재료)","Z01",456,null,44173,"최종승인",11510,"정성윤",44172,516502312,"스마트소켓-2312","2020-12-04","2020-12-15",40,"EA",6600,1,264000,40,264000,44169,"결제",44182,0,null,264000,44169,264000,44169,"상신","결재완료",0,null,0]
[1102,1000072524,10,"물품구매(ASUS ROG G732LWS-HG040/법인카드)",2045602013,"농작업보조시스템/ASUS ROG G732LWS HG040",10,"Z20050918","농작업보조시스템","Z01",456,null,44174,"최종승인",27962,"김승기",44172,516503388,"농작업보조시스템-3388","2020-12-04","2020-12-16",1,"EA",2954600,1,2954600,1,2954600,44169,"결제",44176,0,null,2954600,44169,2954600,44169,"상신","결재완료",0,null,0]
[1102,1000072435,10,"물품구매(샌딩백색무광)",2045601978,"직무지원/샌딩백색무광",10,"Z20050113","직무지원 연구재료 (연구재료) (연구재료)","Z01",456,null,44167,"최종승인",6147,"김도완",44168,312202,"주식회사삼원알텍","2020-12-02","2020-12-09",14,"EA",3500,1,49000,14,49000,44168,"결제",44173,0,null,49000,44168,49000,44168,"상신","결재완료",49000,44175,49000,44175]
[1102,1000072475,10,"물품구매(전동칼 외 2종 등 1건/법인카드)",2045601991,"외골격로봇/전동칼 등 2종",10,"Z20050807","외골격로봇(연구재료)","Z01",456,null,44189,"최종승인",26892,"권칠용",44169,516525410,"외골격로봇-5410","2020-12-03","2020-12-31",1,"EA",953300,1,953300,1,953300,44168,"결제",null,0,null,0,null,0,null,null,null,0,null,0]
[1102,1000072476,10,"물품구매(극저두 M4볼트 모음 등 1건/법인카드)",2045601992,"외골격로봇/극저두 m4볼트 모음",10,"Z20050807","외골격로봇(연구재료)","Z01",456,null,44189,"최종승인",26892,"권칠용",44169,516525410,"외골격로봇-5410","2020-12-03","2020-12-31",1,"EA",993960,1,993960,1,993960,44168,"결제",null,0,null,0,null,0,null,null,null,0,null,0]
[1102,1000072477,10,"물품구매(극저두 M6볼트 모음 등 1건/법인카드)",2045601993,"외골격로봇/극저두 m6볼트 모음",10,"Z20050807","외골격로봇(연구재료)","Z01",456,null,44189,"최종승인",26892,"권칠용",44169,516525410,"외골격로봇-5410","2020-12-03","2020-12-31",1,"EA",227700,1,227700,1,227700,44168,"결제",null,0,null,0,null,0,null,null,null,0,null,0]
[1102,1000072478,10,"물품구매(페인트 스프레이 외 1종 등 1건/법인카드)",2045601994,"외골격로봇/페인트 스프레이 등 1종",10,"Z20050807","외골격로봇(연구재료)","Z01",456,null,44189,"최종승인",26892,"권칠용",44169,516525410,"외골격로봇-5410","2020-12-03","2020-12-31",1,"EA",443800,1,443800,1,443800,44168,"결제",null,0,null,0,null,0,null,null,null,0,null,0]
[1102,1000071943,10,"물품구매(C-LEG4)",2045601856,"시험상용화/전자 제어식 단축 무릎 관절(3c98 c leg4)",10,"Z20050960","인공무릎 C-LEG4","Z01",456,null,44188,"최종승인",27783,"이미경",44151,305386,"(주) 오토복코리아헬스케어","2020-11-16","2020-12-30",1,"EA",34000000,1,34000000,1,34000000,44167,"결제",44167,0,null,34000000,44167,34000000,44167,"상신","결재완료",34000000,44175,34000000,44175]
[1102,1000072351,10,"물품구매(손의지)",2045601971,"시험상용화/손의지",10,"Z20050644","상지-손의지(연구재료) (연구재료)","Z01",456,null,44165,"최종승인",27783,"이미경",44166,305173,"한국보훈복지의료공단중앙보훈병원","2020-11-30","2020-12-07",1,"EA",858000,1,858000,1,858000,44167,"결제",44169,0,null,858000,44167,858000,44167,"상신","결재완료",858000,44175,858000,44175]
[1102,1000072370,10,"물품구매 수부 /창원센터",2045601972,"의지상지 미관형의수",10,"Z20010367","의지상지-미관형의수실리콘두손 (의지재료) (의지재료)","Z01",456,null,44166,"최종승인",6166,"김현종",44167,300508,"두손의수","2020-12-01","2020-12-08",3,"EA",230000,1,690000,3,690000,44167,"결제",44168,0,null,690000,44167,690000,44167,"상신","결재완료",0,null,0]
[1102,1000072371,10,"물품구매 의지상지 김*석,박*현/ 창원센터",2045601973,"의지상지 미관형의수",10,"Z20010368","의지상지-미관형의수실리콘리갈(외산) (의지재료) (의지재료)","Z01",456,null,44166,"최종승인",6166,"김현종",44167,301263,"성림교역","2020-12-01","2020-12-08",2,"EA",230000,1,460000,2,460000,44167,"결제",44168,0,null,460000,44167,460000,44167,"상신","결재완료",0,null,0]
[1102,1000072372,10,"물품구매 방석 박*남 /창원센터",2045601974,"욕창예방방석",10,"Z20130023","욕창예방방석공기격자형-로호 (의지재료) (의지재료)","Z01",456,null,44166,"최종승인",6166,"김현종",44167,324832,"주식회사 이레엠케어","2020-12-01","2020-12-08",1,"EA",370000,1,370000,1,370000,44167,"결제",44168,0,null,370000,44167,370000,44167,"상신","결재완료",0,null,0]
[1102,1000072373,10,"물품구매 집뇨기 외 /창원센터",2045601975,"집뇨기유린백 등 5종",10,"Z20130035","집뇨기유린백-외산1000(외산1000cc) (의지재료) (의지재료)","Z01",456,null,44166,"최종승인",6166,"김현종",44167,301700,"(주)휠로피아","2020-12-01","2020-12-08",10,"EA",54000,1,540000,10,540000,44167,"결제",44169,0,null,540000,44167,540000,44167,"상신","결재완료",0,null,0]
[1102,1000072373,20,"물품구매 집뇨기 외 /창원센터",2045601975,"집뇨기유린백 등 5종",20,"Z20120392","휠체어수리-튜브일반형휠로피아(24x13/8in) (의지재료) (의지재료)","Z01",456,null,44166,"최종승인",6166,"김현종",44167,301700,"(주)휠로피아","2020-12-01","2020-12-08",10,"EA",4400,1,44000,10,44000,44167,"결제",44169,0,null,44000,44167,44000,44167,"상신","결재완료",0,null,0]
[1102,1000072373,30,"물품구매 집뇨기 외 /창원센터",2045601975,"집뇨기유린백 등 5종",30,"Z20120393","휠체어수리-튜브일산활동형휠로피아(24,25in) (의지재료) (의지재료)","Z01",456,null,44166,"최종승인",6166,"김현종",44167,301700,"(주)휠로피아","2020-12-01","2020-12-08",22,"EA",4000,1,88000,22,88000,44167,"결제",44169,0,null,88000,44167,88000,44167,"상신","결재완료",0,null,0]
[1102,1000072373,40,"물품구매 집뇨기 외 /창원센터",2045601975,"집뇨기유린백 등 5종",40,"Z20120561","타이어-24\"마라톤점검 (퓔로피아) (의지재료) (의지재료)","Z01",456,null,44166,"최종승인",6166,"김현종",44167,301700,"(주)휠로피아","2020-12-01","2020-12-08",10,"EA",32000,1,320000,10,320000,44167,"결제",44169,0,null,320000,44167,320000,44167,"상신","결재완료",0,null,0]
[1102,1000072373,50,"물품구매 집뇨기 외 /창원센터",2045601975,"집뇨기유린백 등 5종",50,"Z20120369","휠체어수리-타이어활동형일산휠로피아(24,25in) (의지재료) (의지재료","Z01",456,null,44166,"최종승인",6166,"김현종",44167,301700,"(주)휠로피아","2020-12-01","2020-12-08",10,"EA",23200,1,232000,10,232000,44167,"결제",44169,0,null,232000,44167,232000,44167,"상신","결재완료",0,null,0]
[1102,1500035539,10,"코로나 예방 관련 마스크 구매",2045601939,"코로나 예방마스크 구매",10,null,"코로나 예방 관련 마스크 구매","Z06",456,null,44160,"최종승인",null,null,44160,305283,"(주)부림메디칼","2020-11-25","2020-12-01",1,"장",560000,1,560000,1,560000,44167,"결제",44172,0,null,560000,44167,560000,44167,"상신","결재완료",560000,44175,560000,44175]
[1102,1000072249,10,"물품구매(기립형수동휠체어 배터리 A/S 등 1건/ 세금계산서)",2045601960,"직무지원/기립형 수동 휠체어 배터리",10,"Z20050113","직무지원 연구재료 (연구재료) (연구재료)","Z01",456,null,44169,"최종승인",28673,"전경진",44161,304132,"조영승 (상윤산업)","2020-11-24","2020-12-11",1,"EA",430000,1,430000,1,430000,44166,"결제",44168,0,null,430000,44166,430000,44166,"상신","결재완료",430000,44175,430000,44175]
[1102,1000072403,10,"물품구매(체결용부품/법인카드)",2045601976,"외골격로봇/체결용부품",10,"Z20050807","외골격로봇(연구재료)","Z01",456,null,44169,"최종승인",27607,"이종원",44167,516525410,"외골격로봇-5410","2020-12-01","2020-12-11",1,"EA",934210,1,934210,1,934210,44166,"결제",44179,0,null,934210,44166,934210,44166,"상신","결재완료",0,null,0]
[1102,1000072038,10,"물품구매(디지털입력제어기 목업제작 1건/세금계산서)",2045601866,"모듈형휠체어/디지털입력 제어기 목업 제작",10,"Z20050916","모듈형휠체어","Z01",456,null,44158,"최종승인",6363,"홍응표",44152,328045,"주식회사 소하","2020-11-16","2020-11-30",1,"EA",9900000,1,9900000,1,9900000,44165,"결제",44167,0,null,9900000,44165,9900000,44165,"상신","결재완료",0,null,9900000,44175]
[1102,1000072059,10,"물품구매요구(5지 의수 부품 제작/세금계산서)",2045601875,"골유착임플란트/5지 의수 부품 제작",10,"Z20050686","골유착임플란트(연구재료)","Z01",456,null,44162,"최종승인",11510,"정성윤",44153,324705,"주식회사 신성텍","2020-11-16","2020-12-04",2,"EA",1677500,1,3355000,2,3355000,44165,"결제",44169,0,null,3355000,44165,3355000,44165,"상신","결재완료",0,null,3355000,44175]
[1102,1000072060,10,"물품구매요구(5지의수엄지및손바닥부품제작/세금계산서)",2045601874,"골유착임플란트/5지 의수 엄지 및 손바닥 부품 제작",10,"Z20050686","골유착임플란트(연구재료)","Z01",456,null,44162,"최종승인",11510,"정성윤",44153,324705,"주식회사 신성텍","2020-11-16","2020-12-04",2,"EA",1435500,1,2871000,2,2871000,44165,"결제",44169,0,null,2871000,44165,2871000,44165,"상신","결재완료",0,null,2871000,44175]
[1102,1000072061,10,"물품구매요구(5지의수손가락및손목부품제작/세금계산서)",2045601873,"골유착임플란트/5지 의수 손가락 및 손목 부품 제작",10,"Z20050686","골유착임플란트(연구재료)","Z01",456,null,44162,"최종승인",11510,"정성윤",44153,324705,"주식회사 신성텍","2020-11-16","2020-12-04",2,"EA",1375000,1,2750000,2,2750000,44165,"결제",44168,0,null,2750000,44165,2750000,44165,"상신","결재완료",0,null,2750000,44175]
[1102,1000072362,10,"물품구매 (클러치 등 1건/ 법인카드 5410 (외골격로봇))",2045601970,"외골격로봇/클러치 등 3종",10,"Z20050807","외골격로봇(연구재료)","Z01",456,null,44189,"최종승인",27520,"최혁재",44166,516525410,"외골격로봇-5410","2020-11-30","2020-12-31",1,"EA",738300,1,738300,1,738300,44165,"결제",44172,0,null,738300,44165,738300,44165,"상신","결재완료",0,null,0]
[1102,1000071000,10,"물품구매(전동휠체어/세금계산서)",2045601602,"모듈형휠체어/전동휠체어",10,"Z20050916","모듈형휠체어","Z01",456,null,44158,"최종승인",11512,"남기태",44109,319888,"트리송","2020-09-28","2020-11-30",1,"EA",6930000,1,6930000,1,6930000,44162,"결제",44166,0,null,6930000,44162,6930000,44162,"상신","결재완료",0,null,6930000,44175]
[1102,1000072048,10,"물품구매(익스트루더 외 2건/세금계산서)",2045601879,"외골격로봇/익스트루더 등 3종",10,"Z20050807","외골격로봇(연구재료)","Z01",456,null,44169,"최종승인",27685,"황석진",44153,328203,"비젼쓰리디피(Vision 3DP)","2020-11-16","2020-12-11",2,"EA",363000,1,726000,2,726000,44162,"결제",44165,0,null,726000,44162,726000,44162,"상신","결재완료",0,null,726000,44175]
[1102,1000072048,20,"물품구매(익스트루더 외 2건/세금계산서)",2045601879,"외골격로봇/익스트루더 등 3종",20,"Z20050807","외골격로봇(연구재료)","Z01",456,null,44169,"최종승인",27685,"황석진",44153,328203,"비젼쓰리디피(Vision 3DP)","2020-11-16","2020-12-11",8,"EA",27500,1,220000,8,220000,44162,"결제",44165,0,null,220000,44162,220000,44162,"상신","결재완료",0,null,220000,44175]
[1102,1000072048,30,"물품구매(익스트루더 외 2건/세금계산서)",2045601879,"외골격로봇/익스트루더 등 3종",30,"Z20050807","외골격로봇(연구재료)","Z01",456,null,44169,"최종승인",27685,"황석진",44153,328203,"비젼쓰리디피(Vision 3DP)","2020-11-16","2020-12-11",2,"EA",16500,1,33000,2,33000,44162,"결제",44165,0,null,33000,44162,33000,44162,"상신","결재완료",0,null,33000,44175]
[1102,1000072068,10,"물품구매(멤브레인스위치/세금계산서)",2045601882,"스마트어시스트/멤브레인스위치",10,"Z20050649","스마트어시스트(연구재료) (연구재료)","Z01",456,null,44173,"최종승인",11512,"남기태",44154,328209,"세운전자","2020-11-17","2020-12-15",10,"EA",77000,1,770000,10,770000,44162,"결제",44166,0,null,770000,44162,770000,44162,"상신","결재완료",0,null,770000,44175]
[1102,1000072233,10,"물품구매(디지털입력제어기 PCB artwork 1건/세금계산서)",2045601938,"모듈형휠체어/디지털입력제어기",10,"Z20050916","모듈형휠체어","Z01",456,null,44159,"최종승인",6363,"홍응표",44160,320015,"(주)케이엔에이치","2020-11-24","2020-11-30",1,"EA",2750000,1,2750000,1,2750000,44162,"결제",44162,0,null,2750000,44162,2750000,44162,"상신","결재완료",0,null,2750000,44175]
[1102,1000072234,10,"물품구매(엑츄에이터보드 PCB artwork 1건/세금계산서)",2045601937,"모듈형휠체어/엑츄에이터보드",10,"Z20050916","모듈형휠체어","Z01",456,null,44159,"최종승인",6363,"홍응표",44160,320015,"(주)케이엔에이치","2020-11-24","2020-11-30",1,"EA",2200000,1,2200000,1,2200000,44162,"결제",44162,0,null,2200000,44162,2200000,44162,"상신","결재완료",0,null,2200000,44175]
[1102,1000072280,10,"물품구매(Linear fuide DCF3060외)",2045601942,"직무지원/linear guide dcf3060 등 4종",10,"Z20050113","직무지원 연구재료 (연구재료) (연구재료)","Z01",456,null,44160,"최종승인",6147,"김도완",44161,312606,"(주) 엘토","2020-11-25","2020-12-02",2,"EA",100000,1,200000,2,200000,44162,"결제",44165,0,null,200000,44162,200000,44162,"상신","결재완료",200000,44175,200000,44175]
[1102,1000072280,20,"물품구매(Linear fuide DCF3060외)",2045601942,"직무지원/linear guide dcf3060 등 4종",20,"Z20050113","직무지원 연구재료 (연구재료) (연구재료)","Z01",456,null,44160,"최종승인",6147,"김도완",44161,312606,"(주) 엘토","2020-11-25","2020-12-02",2,"EA",180000,1,360000,2,360000,44162,"결제",44165,0,null,360000,44162,360000,44162,"상신","결재완료",360000,44175,360000,44175]
[1102,1000072280,30,"물품구매(Linear fuide DCF3060외)",2045601942,"직무지원/linear guide dcf3060 등 4종",30,"Z20050113","직무지원 연구재료 (연구재료) (연구재료)","Z01",456,null,44160,"최종승인",6147,"김도완",44161,312606,"(주) 엘토","2020-11-25","2020-12-02",2,"EA",50000,1,100000,2,100000,44162,"결제",44165,0,null,100000,44162,100000,44162,"상신","결재완료",100000,44175,100000,44175]
[1102,1000072280,40,"물품구매(Linear fuide DCF3060외)",2045601942,"직무지원/linear guide dcf3060 등 4종",40,"Z20050113","직무지원 연구재료 (연구재료) (연구재료)","Z01",456,null,44160,"최종승인",6147,"김도완",44161,312606,"(주) 엘토","2020-11-25","2020-12-02",4,"EA",12500,1,50000,4,50000,44162,"결제",44165,0,null,50000,44162,50000,44162,"상신","결재완료",50000,44175,50000,44175]
[1102,1000072299,10,"물품구매(임*수,김*식,홍*성,김*민)전*만",2045601955,"의지하지 실리콘싹스 등 5종",10,"Z20010543","의지하지-실리콘싹스향균라이너하퇴용(독일산) (의지재료) (의지재료)","Z01",456,null,44161,"최종승인",6160,"전영만",44161,305386,"(주) 오토복코리아헬스케어","2020-11-25","2020-12-03",1,"EA",180000,1,180000,1,180000,44162,"결제",44165,0,null,180000,44162,180000,44162,"상신","결재완료",0,null,0]
[1102,1000072299,20,"물품구매(임*수,김*식,홍*성,김*민)전*만",2045601955,"의지하지 실리콘싹스 등 5종",20,"Z20010460","의지하지-무릎회전장식티탄(티탄독일산) (의지재료) (의지재료)","Z01",456,null,44161,"최종승인",6160,"전영만",44161,305386,"(주) 오토복코리아헬스케어","2020-11-25","2020-12-03",1,"EA",620000,1,620000,1,620000,44162,"결제",44165,0,null,620000,44162,620000,44162,"상신","결재완료",0,null,0]
[1102,1000072299,30,"물품구매(임*수,김*식,홍*성,김*민)전*만",2045601955,"의지하지 실리콘싹스 등 5종",30,"Z20010568","의지하지-회전조절오목소켓아답타 (의지재료) (의지재료)","Z01",456,null,44161,"최종승인",6160,"전영만",44161,305386,"(주) 오토복코리아헬스케어","2020-11-25","2020-12-03",1,"EA",68000,1,68000,1,68000,44162,"결제",44165,0,null,68000,44162,68000,44162,"상신","결재완료",0,null,0]
[1102,1000072299,40,"물품구매(임*수,김*식,홍*성,김*민)전*만",2045601955,"의지하지 실리콘싹스 등 5종",40,"Z20130024","욕창예방방석공기격자형-커트로 (의지재료) (의지재료)","Z01",456,null,44161,"최종승인",6160,"전영만",44161,305386,"(주) 오토복코리아헬스케어","2020-11-25","2020-12-03",2,"EA",370000,1,740000,2,740000,44162,"결제",44165,0,null,740000,44162,740000,44162,"상신","결재완료",0,null,0]
[1102,1000072299,50,"물품구매(임*수,김*식,홍*성,김*민)전*만",2045601955,"의지하지 실리콘싹스 등 5종",50,"Z20010375","의지상지-반자동의수펄론케이블(25) (의지재료) (의지재료)","Z01",456,null,44161,"최종승인",6160,"전영만",44161,305386,"(주) 오토복코리아헬스케어","2020-11-25","2020-12-03",1,"EA",10000,1,10000,1,10000,44162,"결제",44165,0,null,10000,44162,10000,44162,"상신","결재완료",0,null,0]
[1102,1000072304,10,"물품구매(박*규,김*건,김*수,송*자,김*화,태백병원)전*만",2045601952,"보조기상지 긴팔보조기 등 5종",10,"Z20010007","보조기상지-긴팔보조기(긴팔용) (의지재료) (의지재료)","Z01",456,null,44161,"최종승인",6160,"전영만",44161,322758,"오르텍주식회사","2020-11-25","2020-12-03",1,"EA",55000,1,55000,1,55000,44162,"결제",44162,0,null,55000,44162,55000,44162,"상신","결재완료",0,null,0]
[1102,1000072304,20,"물품구매(박*규,김*건,김*수,송*자,김*화,태백병원)전*만",2045601952,"보조기상지 긴팔보조기 등 5종",20,"Z20010967","보조기척추-OT TLSO 몰딩 (의지재료)","Z01",456,null,44161,"최종승인",6160,"전영만",44161,322758,"오르텍주식회사","2020-11-25","2020-12-03",3,"EA",80000,1,240000,3,240000,44162,"결제",44162,0,null,240000,44162,240000,44162,"상신","결재완료",0,null,0]
[1102,1000072304,30,"물품구매(박*규,김*건,김*수,송*자,김*화,태백병원)전*만",2045601952,"보조기상지 긴팔보조기 등 5종",30,"Z20010038","보조기하지-각도조절돈조이(大,中,小) (의지재료) (의지재료)","Z01",456,null,44161,"최종승인",6160,"전영만",44161,322758,"오르텍주식회사","2020-11-25","2020-12-03",1,"EA",45000,1,45000,1,45000,44162,"결제",44162,0,null,45000,44162,45000,44162,"상신","결재완료",0,null,0]
[1102,1000072304,40,"물품구매(박*규,김*건,김*수,송*자,김*화,태백병원)전*만",2045601952,"보조기상지 긴팔보조기 등 5종",40,"Z20010041","보조기하지-내측측부인대 (의지재료) (의지재료)","Z01",456,null,44161,"최종승인",6160,"전영만",44161,322758,"오르텍주식회사","2020-11-25","2020-12-03",1,"EA",32000,1,32000,1,32000,44162,"결제",44162,0,null,32000,44162,32000,44162,"상신","결재완료",0,null,0]
[1102,1000072304,50,"물품구매(박*규,김*건,김*수,송*자,김*화,태백병원)전*만",2045601952,"보조기상지 긴팔보조기 등 5종",50,"Z20011281","보조기척추 - GHI 콜셋(오르텍)","Z01",456,null,44161,"최종승인",6160,"전영만",44161,322758,"오르텍주식회사","2020-11-25","2020-12-03",3,"EA",30000,1,90000,3,90000,44162,"결제",44162,0,null,90000,44162,90000,44162,"상신","결재완료",0,null,0]
[1102,1000072305,10,"물품구매(최*숙,의지재료)전*만",2045601967,"의지상지 전자의수 등 2종",10,"Z20010405","의지상지-전자의수Bk(국산) (의지재료) (의지재료)","Z01",456,null,44161,"최종승인",6160,"전영만",44162,302514,"비케이메디텍","2020-11-25","2020-12-03",1,"EA",2685000,1,2685000,1,2685000,44162,"결제",44162,0,null,2685000,44162,2685000,44162,"상신","결재완료",0,null,0]
[1102,1000072305,20,"물품구매(최*숙,의지재료)전*만",2045601967,"의지상지 전자의수 등 2종",20,"Z20010494","의지하지-발Bk(국산) (의지재료) (의지재료)","Z01",456,null,44161,"최종승인",6160,"전영만",44162,302514,"비케이메디텍","2020-11-25","2020-12-03",4,"EA",188000,1,752000,4,752000,44162,"결제",44162,0,null,752000,44162,752000,44162,"상신","결재완료",0,null,0]
[1102,1000072306,10,"물품구매(김*훈,송*자,이*원)전*만",2045601966,"보조기하지 짧은다리보조기 등 3종",10,"Z20010894","보조기하지-UDFlex짧은다리보조기 보아식 (성림) (의지재료)","Z01",456,null,44161,"최종승인",6160,"전영만",44162,301263,"성림교역","2020-11-25","2020-12-03",1,"EA",108000,1,108000,1,108000,44162,"결제",44165,0,null,108000,44162,108000,44162,"상신","결재완료",0,null,0]
[1102,1000072306,20,"물품구매(김*훈,송*자,이*원)전*만",2045601966,"보조기하지 짧은다리보조기 등 3종",20,"Z20010368","의지상지-미관형의수실리콘리갈(외산) (의지재료) (의지재료)","Z01",456,null,44161,"최종승인",6160,"전영만",44162,301263,"성림교역","2020-11-25","2020-12-03",1,"EA",230000,1,230000,1,230000,44162,"결제",44165,0,null,230000,44162,230000,44162,"상신","결재완료",0,null,0]
[1102,1000072306,30,"물품구매(김*훈,송*자,이*원)전*만",2045601966,"보조기하지 짧은다리보조기 등 3종",30,"Z20010505","의지하지-슬라이딩아답터(외산) (의지재료) (의지재료)","Z01",456,null,44161,"최종승인",6160,"전영만",44162,301263,"성림교역","2020-11-25","2020-12-03",1,"EA",99000,1,99000,1,99000,44162,"결제",44165,0,null,99000,44162,99000,44162,"상신","결재완료",0,null,0]
[1102,1000072311,10,"물품구매(구*도/유*선)",2045601949,"활동형휠체어",10,"Z20011130","활동형휠체어 - 제니스-X (휠라인)","Z01",456,null,44161,"최종승인",26283,"유재선",44161,325857,"주식회사 엠코리아토탈서비스","2020-11-26","2020-12-03",1,"EA",1250000,1,1250000,1,1250000,44162,"결제",44162,0,null,1250000,44162,1250000,44162,"상신","결재완료",0,null,0]
[1102,1000072312,10,"물품구매(정*영/유*선)",2045601950,"휠체어일반형",10,"Z20120474","휠체어일반형-M1스타트 (의지재료) (의지재료)","Z01",456,null,44161,"최종승인",26283,"유재선",44161,325322,"썬메디테크","2020-11-26","2020-12-03",1,"EA",450000,1,450000,1,450000,44162,"결제",44166,0,null,450000,44162,450000,44162,"상신","결재완료",0,null,0]
[1102,1000072313,10,"물품구매(김*근/유*선)",2045601951,"휠체어꺽기형",10,"Z20120055","휠체어꺽기형-미라지7일반형미키 (의지재료) (의지재료)","Z01",456,null,44161,"최종승인",26283,"유재선",44161,301882,"미키메디칼","2020-11-26","2020-12-03",1,"EA",440000,1,440000,1,440000,44162,"결제",44162,0,null,440000,44162,440000,44162,"상신","결재완료",0,null,0]
[1102,1000072315,20,"물품구매(김*철,김*연,김*국,박*복,홍*성)전*만",2045601954,"휠체어수리 시트 등 8종",10,"Z20120237","휠체어수리-시트J2(36x44cm) (의지재료) (의지재료)","Z01",456,null,44161,"최종승인",6160,"전영만",44161,309507,"미키코리아(주)","2020-11-25","2020-12-03",2,"EA",38000,1,76000,2,76000,44162,"결제",44162,0,null,76000,44162,76000,44162,"상신","결재완료",0,null,0]
[1102,1000072315,30,"물품구매(김*철,김*연,김*국,박*복,홍*성)전*만",2045601954,"휠체어수리 시트 등 8종",20,"Z20120233","휠체어수리-시트쿠션 (의지재료) (의지재료)","Z01",456,null,44161,"최종승인",6160,"전영만",44161,309507,"미키코리아(주)","2020-11-25","2020-12-03",1,"EA",25000,1,25000,1,25000,44162,"결제",44162,0,null,25000,44162,25000,44162,"상신","결재완료",0,null,0]
[1102,1000072315,40,"물품구매(김*철,김*연,김*국,박*복,홍*성)전*만",2045601954,"휠체어수리 시트 등 8종",30,"Z20120231","휠체어수리-시트미키(32-50cm) (의지재료) (의지재료)","Z01",456,null,44161,"최종승인",6160,"전영만",44161,309507,"미키코리아(주)","2020-11-25","2020-12-03",1,"EA",42000,1,42000,1,42000,44162,"결제",44162,0,null,42000,44162,42000,44162,"상신","결재완료",0,null,0]
[1102,1000072315,50,"물품구매(김*철,김*연,김*국,박*복,홍*성)전*만",2045601954,"휠체어수리 시트 등 8종",40,"Z20120316","휠체어수리-클린타이어활동형(24in) (의지재료) (의지재료)","Z01",456,null,44161,"최종승인",6160,"전영만",44161,309507,"미키코리아(주)","2020-11-25","2020-12-03",4,"EA",8000,1,32000,4,32000,44162,"결제",44162,0,null,32000,44162,32000,44162,"상신","결재완료",0,null,0]
[1102,1000072315,60,"물품구매(김*철,김*연,김*국,박*복,홍*성)전*만",2045601954,"휠체어수리 시트 등 8종",50,"Z20120268","휠체어수리-앞바퀴조립포밍미키(6in) (의지재료) (의지재료)","Z01",456,null,44161,"최종승인",6160,"전영만",44161,309507,"미키코리아(주)","2020-11-25","2020-12-03",6,"EA",20000,1,120000,6,120000,44162,"결제",44162,0,null,120000,44162,120000,44162,"상신","결재완료",0,null,0]
[1102,1000072315,70,"물품구매(김*철,김*연,김*국,박*복,홍*성)전*만",2045601954,"휠체어수리 시트 등 8종",60,"Z20120267","휠체어수리-앞바퀴조립투명휠(3,4,5in) (의지재료) (의지재료)","Z01",456,null,44161,"최종승인",6160,"전영만",44161,309507,"미키코리아(주)","2020-11-25","2020-12-03",4,"EA",20000,1,80000,4,80000,44162,"결제",44162,0,null,80000,44162,80000,44162,"상신","결재완료",0,null,0]
[1102,1000072315,80,"물품구매(김*철,김*연,김*국,박*복,홍*성)전*만",2045601954,"휠체어수리 시트 등 8종",70,"Z20120055","휠체어꺽기형-미라지7일반형미키 (의지재료) (의지재료)","Z01",456,null,44161,"최종승인",6160,"전영만",44161,309507,"미키코리아(주)","2020-11-25","2020-12-03",1,"EA",440000,1,440000,1,440000,44162,"결제",44162,0,null,440000,44162,440000,44162,"상신","결재완료",0,null,0]
[1102,1000072316,10,"물품구매(리프트)",2045601947,"시험상용화/파워 리프트",10,"Z20050001","파워 리프트(PML-100A)-프로메디","Z01",456,null,44161,"최종승인",27783,"이미경",44161,326875,"주식회사 프로메디","2020-11-26","2020-12-03",3,"EA",1992727,1,5978181,3,5978181,44162,"결제",44165,0,null,5978181,44162,5978181,44162,"상신","결재완료",5978181,44175,5978181,44175]
[1102,1000072317,10,"물품구매(장*환,유*열,김*규,이*환)전*만",2045601963,"의지하지 실리콘싹스 등 7종",10,"Z20010532","의지하지-실리콘싹스컴포트하퇴용(외산) (의지재료) (의지재료)","Z01",456,null,44161,"최종승인",6160,"전영만",44161,301434,"오서코리아주식회사","2020-11-25","2020-12-03",4,"EA",335000,1,1340000,4,1340000,44162,"결제",44165,0,null,1340000,44162,1340000,44162,"상신","결재완료",0,null,0]
[1102,1000072317,20,"물품구매(장*환,유*열,김*규,이*환)전*만",2045601963,"의지하지 실리콘싹스 등 7종",20,"Z20010891","의지하지-실리콘싹스(아이스로스 씰인X-TF(Set) (의지재료)","Z01",456,null,44161,"최종승인",6160,"전영만",44161,301434,"오서코리아주식회사","2020-11-25","2020-12-03",1,"EA",620000,1,620000,1,620000,44162,"결제",44165,0,null,620000,44162,620000,44162,"상신","결재완료",0,null,0]
[1102,1000072317,30,"물품구매(장*환,유*열,김*규,이*환)전*만",2045601963,"의지하지 실리콘싹스 등 7종",30,"Z20010444","의지하지-대퇴무릎장식토탈니유압식(미국산) (의지재료) (의지재료)","Z01",456,null,44161,"최종승인",6160,"전영만",44161,301434,"오서코리아주식회사","2020-11-25","2020-12-03",1,"EA",2870000,1,2870000,1,2870000,44162,"결제",44165,0,null,2870000,44162,2870000,44162,"상신","결재완료",0,null,0]
[1102,1000072317,40,"물품구매(장*환,유*열,김*규,이*환)전*만",2045601963,"의지하지 실리콘싹스 등 7종",40,"Z20010476","의지하지-발베리플랙스(미국산) (의지재료) (의지재료)","Z01",456,null,44161,"최종승인",6160,"전영만",44161,301434,"오서코리아주식회사","2020-11-25","2020-12-03",1,"EA",1870000,1,1870000,1,1870000,44162,"결제",44165,0,null,1870000,44162,1870000,44162,"상신","결재완료",0,null,0]
[1102,1000072317,50,"물품구매(장*환,유*열,김*규,이*환)전*만",2045601963,"의지하지 실리콘싹스 등 7종",50,"Z20010659","의지하지-토탈니신전보조스프링 (의지재료) (의지재료)","Z01",456,null,44161,"최종승인",6160,"전영만",44161,301434,"오서코리아주식회사","2020-11-25","2020-12-03",1,"EA",98000,1,98000,1,98000,44162,"결제",44165,0,null,98000,44162,98000,44162,"상신","결재완료",0,null,0]
[1102,1000072317,60,"물품구매(장*환,유*열,김*규,이*환)전*만",2045601963,"의지하지 실리콘싹스 등 7종",60,"Z20010570","의지하지-흡입밸브실린라이너대퇴용(미국산) (의지재료) (의지재료)","Z01",456,null,44161,"최종승인",6160,"전영만",44161,301434,"오서코리아주식회사","2020-11-25","2020-12-03",1,"EA",95000,1,95000,1,95000,44162,"결제",44165,0,null,95000,44162,95000,44162,"상신","결재완료",0,null,0]
[1102,1000072317,70,"물품구매(장*환,유*열,김*규,이*환)전*만",2045601963,"의지하지 실리콘싹스 등 7종",70,"Z20010590","의지하지-토탈니메일피라미드어댑터(외산) (의지재료) (의지재료)","Z01",456,null,44161,"최종승인",6160,"전영만",44161,301434,"오서코리아주식회사","2020-11-25","2020-12-03",1,"EA",130000,1,130000,1,130000,44162,"결제",44165,0,null,130000,44162,130000,44162,"상신","결재완료",0,null,0]
[1102,1000072318,10,"물품구매(태백중안병원)전*만",2045601953,"소모품 알무늄클럿치",10,"Z20120016","소모품-알무늄클럿치(大,中,小) (의지재료) (의지재료)","Z01",456,null,44161,"최종승인",6160,"전영만",44161,305283,"(주)부림메디칼","2020-11-25","2020-12-03",40,"EA",4450,1,178000,40,178000,44162,"결제",44166,0,null,178000,44162,178000,44162,"상신","결재완료",0,null,0]
[1102,1000072331,10,"물품구매(김*성)전*만",2045601968,"욕창예방방석",10,"Z20130029","욕창예방방석공기격자형-Smdub0003(8x9x5) (의지재료) (의지재","Z01",456,null,44162,"최종승인",6160,"전영만",44162,323411,"주식회사씰테크 용인지점","2020-11-25","2020-12-04",1,"EA",230000,1,230000,1,230000,44162,"결제",44165,0,null,230000,44162,230000,44162,"상신","결재완료",0,null,0]
[1102,1000072333,10,"물품구매(단축발-황*상)",2045601969,"의지하지 단축발알미늄세트 등 2종",10,"Z20010424","의지하지-단축발알미늄세트(중국산) (의지재료) (의지재료)","Z01",456,null,44162,"최종승인",9144,"정창희",44165,301263,"성림교역","2020-11-26","2020-12-04",1,"EA",162000,1,162000,1,162000,44162,"결제",44166,0,null,162000,44162,162000,44162,"상신","결재완료",0,null,0]
[1102,1000072333,20,"물품구매(단축발-황*상)",2045601969,"의지하지 단축발알미늄세트 등 2종",20,"Z20011027","의지하지-기계식브레이크단축무릎(대만제)","Z01",456,null,44162,"최종승인",9144,"정창희",44165,301263,"성림교역","2020-11-26","2020-12-04",1,"EA",650000,1,650000,1,650000,44162,"결제",44166,0,null,650000,44162,650000,44162,"상신","결재완료",0,null,0]
[1102,1500035574,10,"사무용품(복사용지) 구매",2045601961,"휠체어사용성검증/사무용품",10,null,"사무용품(복사용지)","Z06",456,null,44161,"최종승인",27377,"정성배",44161,303191,"인성","2020-11-26","2020-11-30",1,"EA",36000,1,36000,1,36000,44162,"결제",44165,0,null,36000,44162,36000,44162,"상신","결재완료",0,null,36000,44175]
[1102,1500035574,20,"사무용품(복사용지) 구매",2045601961,"휠체어사용성검증/사무용품",20,null,"사무용품(복사용지)","Z06",456,null,44161,"최종승인",27377,"정성배",44161,303191,"인성","2020-11-26","2020-11-30",2,"EA",28000,1,56000,2,56000,44162,"결제",44165,0,null,56000,44162,56000,44162,"상신","결재완료",0,null,56000,44175]
[1102,1000072090,10,"물품구매(배터리외 1건)",2045601895,"휠체어수리 배터리 등 2종",10,"Z20120164","휠체어수리-배터리(12V,40Ah) (의지재료) (의지재료)","Z01",456,null,44154,"최종승인",6154,"김순종",44155,301700,"(주)휠로피아","2020-11-19","2020-11-26",2,"EA",75000,1,150000,2,150000,44161,"결제",44162,0,null,150000,44161,150000,44161,"상신","결재완료",0,null,0]
[1102,1000072090,20,"물품구매(배터리외 1건)",2045601895,"휠체어수리 배터리 등 2종",20,"Z20120407","휠체어수리-튜브휠로피아(22in) (의지재료) (의지재료)","Z01",456,null,44154,"최종승인",6154,"김순종",44155,301700,"(주)휠로피아","2020-11-19","2020-11-26",10,"EA",4400,1,44000,10,44000,44161,"결제",44162,0,null,44000,44161,44000,44161,"상신","결재완료",0,null,0]
[1102,1000072111,10,"물품구매(휠체어)",2045601894,"휠체어꺽기형 등 2종",10,"Z20120055","휠체어꺽기형-미라지7일반형미키 (의지재료) (의지재료)","Z01",456,null,44154,"최종승인",6154,"김순종",44155,301882,"미키메디칼","2020-11-19","2020-11-26",2,"EA",440000,1,880000,2,880000,44161,"결제",44162,0,null,880000,44161,880000,44161,"상신","결재완료",0,null,0]
[1102,1000072111,20,"물품구매(휠체어)",2045601894,"휠체어꺽기형 등 2종",20,"Z20010640","휠체어-침대형 HAL-48알루미늄(미키) (의지재료) (의지재료)","Z01",456,null,44154,"최종승인",6154,"김순종",44155,301882,"미키메디칼","2020-11-19","2020-11-26",1,"EA",740000,1,740000,1,740000,44161,"결제",44162,0,null,740000,44161,740000,44161,"상신","결재완료",0,null,0]
[1102,1000072112,10,"물품구매(욕창 매트리스)",2045601893,"욕창예방매트리스",10,"Z20130048","욕창예방매트리스교대부양형-Md100 (의지재료)","Z01",456,null,44154,"최종승인",6154,"김순종",44155,301766,"은혜메디칼","2020-11-19","2020-11-26",1,"EA",350000,1,350000,1,350000,44161,"결제",44162,0,null,350000,44161,350000,44161,"상신","결재완료",0,null,0]
[1102,1000072113,10,"물품구매(휠체어 브레이크)",2045601892,"휠체어수리 브레이크",10,"Z20120199","휠체어수리-브레이크토글식대세 (의지재료) (의지재료)","Z01",456,null,44154,"최종승인",6154,"김순종",44155,306977,"(주)대세엠케어 경인지점 (인천)","2020-11-19","2020-11-26",2,"EA",16000,1,32000,2,32000,44161,"결제",44162,0,null,32000,44161,32000,44161,"상신","결재완료",0,null,0]
[1102,1000072114,10,"물품구매(TLSO외1건)",2045601891,"보조기척추 등 2종",10,"Z20010967","보조기척추-OT TLSO 몰딩 (의지재료)","Z01",456,null,44154,"최종승인",6154,"김순종",44155,322758,"오르텍주식회사","2020-11-19","2020-11-26",4,"EA",80000,1,320000,4,320000,44161,"결제",44162,0,null,320000,44161,320000,44161,"상신","결재완료",0,null,0]
[1102,1000072114,20,"물품구매(TLSO외1건)",2045601891,"보조기척추 등 2종",20,"Z20010983","보조기하지-ROM Knee brace ACL (오르텍) (의지재료)","Z01",456,null,44154,"최종승인",6154,"김순종",44155,322758,"오르텍주식회사","2020-11-19","2020-11-26",3,"EA",43000,1,129000,3,129000,44161,"결제",44162,0,null,129000,44161,129000,44161,"상신","결재완료",0,null,0]
[1102,1000072115,10,"물품구매(욕창방석)",2045601890,"욕창예방방석",10,"Z20130029","욕창예방방석공기격자형-Smdub0003(8x9x5) (의지재료) (의지재","Z01",456,null,44154,"최종승인",6154,"김순종",44155,323411,"주식회사씰테크 용인지점","2020-11-19","2020-11-26",5,"EA",230000,1,1150000,5,1150000,44161,"결제",44162,0,null,1150000,44161,1150000,44161,"상신","결재완료",0,null,0]
[1102,1000072116,10,"물품구매(보조기-이호영외2명)",2045601889,"보조기하지 짧은다리보조기",10,"Z20010894","보조기하지-UDFlex짧은다리보조기 보아식 (성림) (의지재료)","Z01",456,null,44154,"최종승인",6154,"김순종",44155,301263,"성림교역","2020-11-19","2020-11-26",4,"EA",108000,1,432000,4,432000,44161,"결제",44162,0,null,432000,44161,432000,44161,"상신","결재완료",0,null,0]
[1102,1000072117,10,"물품구매(욕창방석외1건)",2045601888,"소모품 레진색소 등 2종",10,"Z20010120","소모품-레진색소(180g) (의지재료) (의지재료)","Z01",456,null,44154,"최종승인",6154,"김순종",44155,305386,"(주) 오토복코리아헬스케어","2020-11-19","2020-11-26",1,"EA",23000,1,23000,1,23000,44161,"결제",44165,0,null,23000,44161,23000,44161,"상신","결재완료",0,null,0]
[1102,1000072117,20,"물품구매(욕창방석외1건)",2045601888,"소모품 레진색소 등 2종",20,"Z20130023","욕창예방방석공기격자형-로호 (의지재료) (의지재료)","Z01",456,null,44154,"최종승인",6154,"김순종",44155,305386,"(주) 오토복코리아헬스케어","2020-11-19","2020-11-26",1,"EA",370000,1,370000,1,370000,44161,"결제",44165,0,null,370000,44161,370000,44161,"상신","결재완료",0,null,0]
[1102,1000072135,10,"물품구매(상지의지-윤*배,이*애/양*호)",2045601901,"의지상지 미관형의수",10,"Z20010368","의지상지-미관형의수실리콘리갈(외산) (의지재료) (의지재료)","Z01",456,null,44155,"최종승인",27264,"양철호",44158,301263,"성림교역","2020-11-20","2020-11-27",2,"EA",230000,1,460000,2,460000,44161,"결제",44162,0,null,460000,44161,460000,44161,"상신","결재완료",0,null,0]
[1102,1000072197,10,"물품구매(트리아스외)",2045601926,"시험상용화/하지 트리아스 등 6종",10,"Z20050224","하지-트리아스 (연구재료)","Z01",456,null,44158,"최종승인",27783,"이미경",44160,305386,"(주) 오토복코리아헬스케어","2020-11-23","2020-11-30",2,"EA",730000,1,1460000,2,1460000,44161,"결제",44162,0,null,1460000,44161,1460000,44161,"상신","결재완료",1460000,44175,1460000,44175]
[1102,1000072197,20,"물품구매(트리아스외)",2045601926,"시험상용화/하지 트리아스 등 6종",20,"Z20050951","Double Adapter w. Screws","Z01",456,null,44158,"최종승인",27783,"이미경",44160,305386,"(주) 오토복코리아헬스케어","2020-11-23","2020-11-30",1,"EA",160000,1,160000,1,160000,44161,"결제",44162,0,null,160000,44161,160000,44161,"상신","결재완료",160000,44175,160000,44175]
[1102,1000072197,30,"물품구매(트리아스외)",2045601926,"시험상용화/하지 트리아스 등 6종",30,"Z20050961","MovoShoulder Swing","Z01",456,null,44158,"최종승인",27783,"이미경",44160,305386,"(주) 오토복코리아헬스케어","2020-11-23","2020-11-30",1,"EA",1788000000,1000,1788000,1,1788000,44161,"결제",44162,0,null,1788000,44161,1788000,44161,"상신","결재완료",1788000,44175,1788000,44175]
[1102,1000072197,40,"물품구매(트리아스외)",2045601926,"시험상용화/하지 트리아스 등 6종",40,"Z20050962","Modular Kit Shoulder","Z01",456,null,44158,"최종승인",27783,"이미경",44160,305386,"(주) 오토복코리아헬스케어","2020-11-23","2020-11-30",1,"EA",330000000,1000,330000,1,330000,44161,"결제",44162,0,null,330000,44161,330000,44161,"상신","결재완료",330000,44175,330000,44175]
[1102,1000072197,50,"물품구매(트리아스외)",2045601926,"시험상용화/하지 트리아스 등 6종",50,"Z20050845","Modular Kit foam blocks","Z01",456,null,44158,"최종승인",27783,"이미경",44160,305386,"(주) 오토복코리아헬스케어","2020-11-23","2020-11-30",1,"EA",80000,1,80000,1,80000,44161,"결제",44162,0,null,80000,44161,80000,44161,"상신","결재완료",80000,44175,80000,44175]
[1102,1000072197,60,"물품구매(트리아스외)",2045601926,"시험상용화/하지 트리아스 등 6종",60,"Z20050847","회전 유압식 단축 무릎","Z01",456,null,44158,"최종승인",27783,"이미경",44160,305386,"(주) 오토복코리아헬스케어","2020-11-23","2020-11-30",1,"EA",3800000,1,3800000,1,3800000,44161,"결제",44162,0,null,3800000,44161,3800000,44161,"상신","결재완료",3800000,44175,3800000,44175]
[1102,1000072199,10,"물품구매(맞춤 깔창)",2045601927,"시험상용화/맞춤형깔창",10,"Z20050949","맞춤 깔창(바이오메카닉스)","Z01",456,null,44158,"최종승인",27783,"이미경",44160,302939,"바이오메카닉스(주)","2020-11-23","2020-11-30",6,"EA",363636,1,2181816,6,2181816,44161,"결제",44162,0,null,2181816,44161,2181816,44161,"상신","결재완료",2181816,44175,2181816,44175]
[1102,1000072246,10,"물품구매(상지용실리콘라이너 등 1건/ 세금계산서)",2045601958,"작업의수마우스/상지용실리콘 라이너",10,"Z20050928","작업의수마우스","Z01",456,null,44162,"최종승인",28673,"전경진",44161,323203,"코스텍","2020-11-24","2020-12-04",4,"EA",120000,1,480000,4,480000,44161,"결제",44165,0,null,480000,44161,480000,44161,"상신","결재완료",0,null,480000,44175]
[1102,1000072250,10,"물품구매(도구교체작업의수 시제품 등 1건/ 세금계산서)",2045601959,"작업의수마우스/도구교체작업의수 시제품",10,"Z20050928","작업의수마우스","Z01",456,null,44169,"최종승인",28673,"전경진",44161,328195,"선아정밀","2020-11-24","2020-12-11",1,"EA",1815000,1,1815000,1,1815000,44161,"결제",44165,0,null,1815000,44161,1815000,44161,"상신","결재완료",0,null,1815000,44175]
[1102,1000072254,10,"물품구매(소켓어답터등/천*민)",2045601940,"의지하지 피라밋형 알리늄어댑터 등 10종",10,"Z20010969","의지하지-피라밋형 알미늄 어댑터+플레이트 (의지재료)","Z01",456,null,44160,"최종승인",27784,"천성민",44161,301263,"성림교역","2020-11-25","2020-12-02",1,"EA",65000,1,65000,1,65000,44161,"결제",44161,0,null,65000,44161,65000,44161,"상신","결재완료",0,null,0]
[1102,1000072254,20,"물품구매(소켓어답터등/천*민)",2045601940,"의지하지 피라밋형 알리늄어댑터 등 10종",20,"Z20010396","의지상지-작업의수후크스텐호스머중(미국산) (의지재료) (의지재료)","Z01",456,null,44160,"최종승인",27784,"천성민",44161,301263,"성림교역","2020-11-25","2020-12-02",1,"EA",560000,1,560000,1,560000,44161,"결제",44161,0,null,560000,44161,560000,44161,"상신","결재완료",0,null,0]
[1102,1000072254,30,"물품구매(소켓어답터등/천*민)",2045601940,"의지하지 피라밋형 알리늄어댑터 등 10종",30,"Z20010389","의지상지-손목장식국산(국산) (의지재료) (의지재료)","Z01",456,null,44160,"최종승인",27784,"천성민",44161,301263,"성림교역","2020-11-25","2020-12-02",10,"EA",17000,1,170000,10,170000,44161,"결제",44161,0,null,170000,44161,170000,44161,"상신","결재완료",0,null,0]
[1102,1000072254,40,"물품구매(소켓어답터등/천*민)",2045601940,"의지하지 피라밋형 알리늄어댑터 등 10종",40,"Z20010051","보조기하지-발목장식보조기용 (의지재료) (의지재료)","Z01",456,null,44160,"최종승인",27784,"천성민",44161,301263,"성림교역","2020-11-25","2020-12-02",10,"EA",13000,1,130000,10,130000,44161,"결제",44161,0,null,130000,44161,130000,44161,"상신","결재완료",0,null,0]
[1102,1000072254,50,"물품구매(소켓어답터등/천*민)",2045601940,"의지하지 피라밋형 알리늄어댑터 등 10종",50,"Z20010368","의지상지-미관형의수실리콘리갈(외산) (의지재료) (의지재료)","Z01",456,null,44160,"최종승인",27784,"천성민",44161,301263,"성림교역","2020-11-25","2020-12-02",5,"EA",230000,1,1150000,5,1150000,44161,"결제",44161,0,null,1150000,44161,1150000,44161,"상신","결재완료",0,null,0]
[1102,1000072254,60,"물품구매(소켓어답터등/천*민)",2045601940,"의지하지 피라밋형 알리늄어댑터 등 10종",60,"Z20010075","의지하지-클램프알미늄(알미늄) (의지재료) (의지재료)","Z01",456,null,44160,"최종승인",27784,"천성민",44161,301263,"성림교역","2020-11-25","2020-12-02",30,"EA",39000,1,1170000,30,1170000,44161,"결제",44161,0,null,1170000,44161,1170000,44161,"상신","결재완료",0,null,0]
[1102,1000072254,70,"물품구매(소켓어답터등/천*민)",2045601940,"의지하지 피라밋형 알리늄어댑터 등 10종",70,"Z20010229","소모품-알루미늄튜브 (의지재료) (의지재료)","Z01",456,null,44160,"최종승인",27784,"천성민",44161,301263,"성림교역","2020-11-25","2020-12-02",5,"EA",35000,1,175000,5,175000,44161,"결제",44161,0,null,175000,44161,175000,44161,"상신","결재완료",0,null,0]
[1102,1000072254,80,"물품구매(소켓어답터등/천*민)",2045601940,"의지하지 피라밋형 알리늄어댑터 등 10종",80,"Z20010714","소모품-국산양말(Thin,H-35cm) (의지재료)","Z01",456,null,44160,"최종승인",27784,"천성민",44161,301263,"성림교역","2020-11-25","2020-12-02",40,"EA",3500,1,140000,40,140000,44161,"결제",44161,0,null,140000,44161,140000,44161,"상신","결재완료",0,null,0]
[1102,1000072254,90,"물품구매(소켓어답터등/천*민)",2045601940,"의지하지 피라밋형 알리늄어댑터 등 10종",90,"Z20011161","소모품-대퇴흡입보자기-국산(ST&G)","Z01",456,null,44160,"최종승인",27784,"천성민",44161,301263,"성림교역","2020-11-25","2020-12-02",32,"EA",22000,1,704000,32,704000,44161,"결제",44161,0,null,704000,44161,704000,44161,"상신","결재완료",0,null,0]
[1102,1000072254,100,"물품구매(소켓어답터등/천*민)",2045601940,"의지하지 피라밋형 알리늄어댑터 등 10종",100,"Z20010555","의지하지-폼카바대퇴용대만(대만산) (의지재료) (의지재료)","Z01",456,null,44160,"최종승인",27784,"천성민",44161,301263,"성림교역","2020-11-25","2020-12-02",30,"EA",89000,1,2670000,30,2670000,44161,"결제",44161,0,null,2670000,44161,2670000,44161,"상신","결재완료",0,null,0]
[1102,1000072255,10,"물품구매(실리콘라이너등/천*민)",2045601941,"의지하지 실리콘싹스 등 5종",10,"Z20010546","의지하지-실리콘싹스X5씰린대퇴용(미국산) (의지재료) (의지재료)","Z01",456,null,44160,"최종승인",27784,"천성민",44161,301434,"오서코리아주식회사","2020-11-25","2020-12-02",2,"EA",600000,1,1200000,2,1200000,44161,"결제",44162,0,null,1200000,44161,1200000,44161,"상신","결재완료",0,null,0]
[1102,1000072255,20,"물품구매(실리콘라이너등/천*민)",2045601941,"의지하지 실리콘싹스 등 5종",20,"Z20010832","의지하지-회전식4-홀피메일피라미드티타늄(외산) (의지재료)","Z01",456,null,44160,"최종승인",27784,"천성민",44161,301434,"오서코리아주식회사","2020-11-25","2020-12-02",2,"EA",155000,1,310000,2,310000,44161,"결제",44162,0,null,310000,44161,310000,44161,"상신","결재완료",0,null,0]
[1102,1000072255,30,"물품구매(실리콘라이너등/천*민)",2045601941,"의지하지 실리콘싹스 등 5종",30,"Z20010723","의지하지-컴포트웨이브(오서) (의지재료)","Z01",456,null,44160,"최종승인",27784,"천성민",44161,301434,"오서코리아주식회사","2020-11-25","2020-12-02",4,"EA",335000,1,1340000,4,1340000,44161,"결제",44162,0,null,1340000,44161,1340000,44161,"상신","결재완료",0,null,0]
[1102,1000072255,40,"물품구매(실리콘라이너등/천*민)",2045601941,"의지하지 실리콘싹스 등 5종",40,"Z20010620","의지하지-3-프롱대퇴회전조절소켓 (의지재료) (의지재료)","Z01",456,null,44160,"최종승인",27784,"천성민",44161,301434,"오서코리아주식회사","2020-11-25","2020-12-02",1,"EA",80000,1,80000,1,80000,44161,"결제",44162,0,null,80000,44161,80000,44161,"상신","결재완료",0,null,0]
[1102,1000072255,50,"물품구매(실리콘라이너등/천*민)",2045601941,"의지하지 실리콘싹스 등 5종",50,"Z20010532","의지하지-실리콘싹스컴포트하퇴용(외산) (의지재료) (의지재료)","Z01",456,null,44160,"최종승인",27784,"천성민",44161,301434,"오서코리아주식회사","2020-11-25","2020-12-02",3,"EA",335000,1,1005000,3,1005000,44161,"결제",44162,0,null,1005000,44161,1005000,44161,"상신","결재완료",0,null,0]
[1102,1000072258,10,"물품구매-의지상지/임*은",2045601935,"의지상지 미관형의수 등 3종",10,"Z20010368","의지상지-미관형의수실리콘리갈(외산) (의지재료) (의지재료)","Z01",456,null,44160,"최종승인",9620,"임성은",44160,301263,"성림교역","2020-11-25","2020-12-02",1,"EA",230000,1,230000,1,230000,44161,"결제",44165,0,null,230000,44161,230000,44161,"상신","결재완료",0,null,0]
[1102,1000072258,20,"물품구매-의지상지/임*은",2045601935,"의지상지 미관형의수 등 3종",20,"Z20010611","보조기하지-CEPA (의지재료) (의지재료)","Z01",456,null,44160,"최종승인",9620,"임성은",44160,301263,"성림교역","2020-11-25","2020-12-02",1,"EA",80000,1,80000,1,80000,44161,"결제",44165,0,null,80000,44161,80000,44161,"상신","결재완료",0,null,0]
[1102,1000072258,30,"물품구매-의지상지/임*은",2045601935,"의지상지 미관형의수 등 3종",30,"Z20010397","의지상지-작업의수후크알미늄호스머(미국산) (의지재료) (의지재료)","Z01",456,null,44160,"최종승인",9620,"임성은",44160,301263,"성림교역","2020-11-25","2020-12-02",2,"EA",520000,1,1040000,2,1040000,44161,"결제",44165,0,null,1040000,44161,1040000,44161,"상신","결재완료",0,null,0]
[1102,1000072281,10,"물품구매(의지상지-신*균님 외 2명/손*지)",2045601946,"의지상지 미관형의수",10,"Z20010368","의지상지-미관형의수실리콘리갈(외산) (의지재료) (의지재료)","Z01",456,null,44160,"최종승인",28716,"손민지",44161,301263,"성림교역","2020-11-25","2020-12-02",3,"EA",230000,1,690000,3,690000,44161,"결제",44162,0,null,690000,44161,690000,44161,"상신","결재완료",0,null,0]
[1102,1000072286,10,"물품구매(미관형의수-이*수)",2045601945,"의지상지 미관형의수 등 8종",10,"Z20010368","의지상지-미관형의수실리콘리갈(외산) (의지재료) (의지재료)","Z01",456,null,44160,"최종승인",9144,"정창희",44161,301263,"성림교역","2020-11-25","2020-12-02",4,"EA",230000,1,920000,4,920000,44161,"결제",44162,0,null,920000,44161,920000,44161,"상신","결재완료",0,null,0]
[1102,1000072286,20,"물품구매(미관형의수-이*수)",2045601945,"의지상지 미관형의수 등 8종",20,"Z20010880","하지의지-발프리덤외피(의지재료) (의지재료)","Z01",456,null,44160,"최종승인",9144,"정창희",44161,301263,"성림교역","2020-11-25","2020-12-02",3,"EA",160000,1,480000,3,480000,44161,"결제",44162,0,null,480000,44161,480000,44161,"상신","결재완료",0,null,0]
[1102,1000072286,30,"물품구매(미관형의수-이*수)",2045601945,"의지상지 미관형의수 등 8종",30,"Z20010457","의지하지-락장식필라우더 (의지재료) (의지재료)","Z01",456,null,44160,"최종승인",9144,"정창희",44161,301263,"성림교역","2020-11-25","2020-12-02",3,"EA",155000,1,465000,3,465000,44161,"결제",44162,0,null,465000,44161,465000,44161,"상신","결재완료",0,null,0]
[1102,1000072286,40,"물품구매(미관형의수-이*수)",2045601945,"의지상지 미관형의수 등 8종",40,"Z20010558","의지하지-피라미드 (의지재료) (의지재료)","Z01",456,null,44160,"최종승인",9144,"정창희",44161,301263,"성림교역","2020-11-25","2020-12-02",3,"EA",30000,1,90000,3,90000,44161,"결제",44162,0,null,90000,44161,90000,44161,"상신","결재완료",0,null,0]
[1102,1000072286,50,"물품구매(미관형의수-이*수)",2045601945,"의지상지 미관형의수 등 8종",50,"Z20010388","의지상지-상박주관절장식키드형중국(중국산) (의지재료) (의지재료)","Z01",456,null,44160,"최종승인",9144,"정창희",44161,301263,"성림교역","2020-11-25","2020-12-02",1,"EA",170000,1,170000,1,170000,44161,"결제",44162,0,null,170000,44161,170000,44161,"상신","결재완료",0,null,0]
[1102,1000072286,60,"물품구매(미관형의수-이*수)",2045601945,"의지상지 미관형의수 등 8종",60,"Z20010565","소모품-하퇴용스탐프싹스국산 (의지재료) (의지재료)","Z01",456,null,44160,"최종승인",9144,"정창희",44161,301263,"성림교역","2020-11-25","2020-12-02",20,"EA",6000,1,120000,20,120000,44161,"결제",44162,0,null,120000,44161,120000,44161,"상신","결재완료",0,null,0]
[1102,1000072286,70,"물품구매(미관형의수-이*수)",2045601945,"의지상지 미관형의수 등 8종",70,"Z20010075","의지하지-클램프알미늄(알미늄) (의지재료) (의지재료)","Z01",456,null,44160,"최종승인",9144,"정창희",44161,301263,"성림교역","2020-11-25","2020-12-02",15,"EA",39000,1,585000,15,585000,44161,"결제",44162,0,null,585000,44161,585000,44161,"상신","결재완료",0,null,0]
[1102,1000072286,80,"물품구매(미관형의수-이*수)",2045601945,"의지상지 미관형의수 등 8종",80,"Z20010555","의지하지-폼카바대퇴용대만(대만산) (의지재료) (의지재료)","Z01",456,null,44160,"최종승인",9144,"정창희",44161,301263,"성림교역","2020-11-25","2020-12-02",10,"EA",89000,1,890000,10,890000,44161,"결제",44162,0,null,890000,44161,890000,44161,"상신","결재완료",0,null,0]
[1102,1000072288,10,"물품구매(실리콘라이너-신*선)",2045601944,"의지하지 실리콘싹스 등 3종",10,"Z20010543","의지하지-실리콘싹스향균라이너하퇴용(독일산) (의지재료) (의지재료)","Z01",456,null,44160,"최종승인",9144,"정창희",44161,305386,"(주) 오토복코리아헬스케어","2020-11-25","2020-12-02",2,"EA",235000,1,470000,2,470000,44161,"결제",44165,0,null,470000,44161,470000,44161,"상신","결재완료",0,null,0]
[1102,1000072288,20,"물품구매(실리콘라이너-신*선)",2045601944,"의지하지 실리콘싹스 등 3종",20,"Z20010369","의지상지-미관형의수전자글러브레진(외산) (의지재료) (의지재료)","Z01",456,null,44160,"최종승인",9144,"정창희",44161,305386,"(주) 오토복코리아헬스케어","2020-11-25","2020-12-02",3,"EA",162000,1,486000,3,486000,44161,"결제",44165,0,null,486000,44161,486000,44161,"상신","결재완료",0,null,0]
[1102,1000072288,30,"물품구매(실리콘라이너-신*선)",2045601944,"의지하지 실리콘싹스 등 3종",30,"Z20011072","의지상지-근전전동의수내피(독일산)","Z01",456,null,44160,"최종승인",9144,"정창희",44161,305386,"(주) 오토복코리아헬스케어","2020-11-25","2020-12-02",2,"EA",126000,1,252000,2,252000,44161,"결제",44165,0,null,252000,44161,252000,44161,"상신","결재완료",0,null,0]
[1102,1000072302,10,"물품구매(호스머엘보/천*민)",2045601948,"의지상지 상박관절장식호스머",10,"Z20010378","의지상지-상박관절장식호스머(미국산) (의지재료) (의지재료)","Z01",456,null,44161,"최종승인",27784,"천성민",44161,301263,"성림교역","2020-11-26","2020-12-03",2,"EA",760000,1,1520000,2,1520000,44161,"결제",44162,0,null,1520000,44161,1520000,44161,"상신","결재완료",0,null,0]
[1102,1000072303,10,"물품구매(호스머신경줄세트 등 1건/세금계산서)",2045601957,"작업의수마우스/호스머 신경줄세트",10,"Z20050928","작업의수마우스","Z01",456,null,44169,"최종승인",28673,"전경진",44161,301263,"성림교역","2020-11-24","2020-12-11",2,"EA",94700,1,189400,2,189400,44161,"결제",44165,0,null,189400,44161,189400,44161,"상신","결재완료",0,null,189400,44175]
[1102,1500035577,10,"물품구매(사무용품 등 1건)",2045601965,"작업의수마우스/사무용품 등 30종",10,null,"사무용품","Z06",456,null,44162,"최종승인",28673,"전경진",44162,507579932,"보조기구부합화-9932","2020-11-26","2020-12-04",1,"SET",19850,1,19850,1,19850,44161,"결제",44165,0,null,19850,44161,19850,44161,"상신","결재완료",0,null,0]
[1102,1000071121,10,"물품구매(휠체어 주행 각도변환장치)",2045601607,"모듈형휠체어/휠체어 주행 각도 변환장치",10,"Z20050916","모듈형휠체어","Z01",456,null,44158,"최종승인",27377,"정성배",44111,303269,"에스씨엠테크놀러지","2020-10-06","2020-11-30",1,"EA",9350000,1,9350000,1,9350000,44160,"결제",44161,0,null,9350000,44160,9350000,44160,"상신","결재완료",0,null,9350000,44175]
[1102,1000071333,10,"물품구매(삼각고리 가공 등 1건/ 세금계산서))",2045601659,"직무지원/삼각고리",10,"Z20050113","직무지원 연구재료 (연구재료) (연구재료)","Z01",456,null,44158,"최종승인",27961,"홍범기",44120,320288,"(주) 민성정밀","2020-10-14","2020-11-30",1,"EA",1800000,1,1800000,1,1800000,44160,"결제",44165,0,null,1800000,44160,1800000,44160,"상신","결재완료",1800000,44175,1800000,44175]
[1102,1000071624,10,"물품구매(Hand Control Setting System Evaluation Tool/세금계산)",2045601738,"골유착임플란트/hand control setting systemevaluation tool",10,"Z20050686","골유착임플란트(연구재료)","Z01",456,null,44162,"최종승인",27962,"김승기",44132,327597,"(주) 한슬","2020-10-27","2020-12-04",10,"EA",480000,1,4800000,10,4800000,44160,"결제",44162,0,null,4800000,44160,4800000,44160,"상신","결재완료",0,null,4800000,44175]
[1102,1000072189,10,"물품구매(의지하지-이*구 외 조*정)",2045601918,"의지하지 실리콘싹스 등 2종",10,"Z20010532","의지하지-실리콘싹스컴포트하퇴용(외산) (의지재료) (의지재료)","Z01",456,null,44158,"최종승인",11764,"조혜정",44160,301434,"오서코리아주식회사","2020-11-23","2020-11-30",3,"EA",335000,1,1005000,3,1005000,44160,"결제",44162,0,null,1005000,44160,1005000,44160,"상신","결재완료",0,null,0]
[1102,1000072189,20,"물품구매(의지하지-이*구 외 조*정)",2045601918,"의지하지 실리콘싹스 등 2종",20,"Z20010226","소모품-아이스로스슬리브(미국산) (의지재료) (의지재료)","Z01",456,null,44158,"최종승인",11764,"조혜정",44160,301434,"오서코리아주식회사","2020-11-23","2020-11-30",1,"EA",185000,1,185000,1,185000,44160,"결제",44162,0,null,185000,44160,185000,44160,"상신","결재완료",0,null,0]
[1102,1000072192,10,"물품구매(의지하지-김*용외2명)",2045601917,"의지하지 실리콘싹스 등 4종",10,"Z20010810","의지하지-실리콘싹스베이직TPE라이너(독일) (의지재료)","Z01",456,null,44158,"최종승인",6675,"김훈선",44160,305386,"(주) 오토복코리아헬스케어","2020-11-23","2020-11-30",1,"EA",231000,1,231000,1,231000,44160,"결제",44165,0,null,231000,44160,231000,44160,"상신","결재완료",0,null,0]
[1102,1000072192,20,"물품구매(의지하지-김*용외2명)",2045601917,"의지하지 실리콘싹스 등 4종",20,"Z20011231","의지하지-이지라인 밸브/4R136(독일산)","Z01",456,null,44158,"최종승인",6675,"김훈선",44160,305386,"(주) 오토복코리아헬스케어","2020-11-23","2020-11-30",1,"EA",103000,1,103000,1,103000,44160,"결제",44165,0,null,103000,44160,103000,44160,"상신","결재완료",0,null,0]
[1102,1000072192,30,"물품구매(의지하지-김*용외2명)",2045601917,"의지하지 실리콘싹스 등 4종",30,"Z20010438","의지하지-대퇴무릎장식단축식티타늄3R49(독일산) (의지재료) (의지재료)","Z01",456,null,44158,"최종승인",6675,"김훈선",44160,305386,"(주) 오토복코리아헬스케어","2020-11-23","2020-11-30",3,"EA",700000,1,2100000,3,2100000,44160,"결제",44165,0,null,2100000,44160,2100000,44160,"상신","결재완료",0,null,0]
[1102,1000072192,40,"물품구매(의지하지-김*용외2명)",2045601917,"의지하지 실리콘싹스 등 4종",40,"Z20010422","의지하지-단축발발목장식알루미늄포함셋트(독일산) (의지재료) (의지재료)","Z01",456,null,44158,"최종승인",6675,"김훈선",44160,305386,"(주) 오토복코리아헬스케어","2020-11-23","2020-11-30",3,"EA",176000,1,528000,3,528000,44160,"결제",44165,0,null,528000,44160,528000,44160,"상신","결재완료",0,null,0]
[1102,1000072198,10,"물품구매-의지하지/임*은",2045601914,"의지하지 실리콘 젤 라이너",10,"Z20010943","의지하지-실리콘 젤 라이너(6Y70)(독일산) (의지재료)","Z01",456,null,44158,"최종승인",9620,"임성은",44160,305386,"(주) 오토복코리아헬스케어","2020-11-23","2020-11-30",2,"EA",180000,1,360000,2,360000,44160,"결제",44162,0,null,360000,44160,360000,44160,"상신","결재완료",0,null,0]
[1102,1000072200,10,"물품구매-의지하지/나*진/임*은",2045601915,"의지하지 실리콘싹스 등 2종",10,"Z20010546","의지하지-실리콘싹스X5씰린대퇴용(미국산) (의지재료) (의지재료)","Z01",456,null,44158,"최종승인",9620,"임성은",44160,301434,"오서코리아주식회사","2020-11-23","2020-11-30",1,"EA",600000,1,600000,1,600000,44160,"결제",44161,0,null,600000,44160,600000,44160,"상신","결재완료",0,null,0]
[1102,1000072200,20,"물품구매-의지하지/나*진/임*은",2045601915,"의지하지 실리콘싹스 등 2종",20,"Z20010533","의지하지-실리콘싹스코니칼+스텐다드대퇴용(미국산) (의지재료) (의지재료)","Z01",456,null,44158,"최종승인",9620,"임성은",44160,301434,"오서코리아주식회사","2020-11-23","2020-11-30",2,"EA",500000,1,1000000,2,1000000,44160,"결제",44161,0,null,1000000,44160,1000000,44160,"상신","결재완료",0,null,0]
[1102,1000072209,10,"기타(전동배터리,타이어,튜브)",2045601913,"전동형 통타이어 등 4종",10,"Z20011220","전동용 통타이어 9인치","Z01",456,null,44158,"최종승인",26283,"유재선",44160,301700,"(주)휠로피아","2020-11-23","2020-11-30",2,"EA",28000,1,56000,2,56000,44160,"결제",44162,0,null,56000,44160,56000,44160,"상신","결재완료",0,null,0]
[1102,1000072209,20,"기타(전동배터리,타이어,튜브)",2045601913,"전동형 통타이어 등 4종",20,"Z20120169","휠체어수리-배터리(55Ah) (의지재료) (의지재료)","Z01",456,null,44158,"최종승인",26283,"유재선",44160,301700,"(주)휠로피아","2020-11-23","2020-11-30",2,"EA",100000,1,200000,2,200000,44160,"결제",44162,0,null,200000,44160,200000,44160,"상신","결재완료",0,null,0]
[1102,1000072209,30,"기타(전동배터리,타이어,튜브)",2045601913,"전동형 통타이어 등 4종",30,"Z20120616","휠체어수리-배터리(12V62AH) (의지재료)","Z01",456,null,44158,"최종승인",26283,"유재선",44160,301700,"(주)휠로피아","2020-11-23","2020-11-30",2,"EA",105000,1,210000,2,210000,44160,"결제",44162,0,null,210000,44160,210000,44160,"상신","결재완료",0,null,0]
[1102,1000072209,40,"기타(전동배터리,타이어,튜브)",2045601913,"전동형 통타이어 등 4종",40,"Z20120407","휠체어수리-튜브휠로피아(22in) (의지재료) (의지재료)","Z01",456,null,44158,"최종승인",26283,"유재선",44160,301700,"(주)휠로피아","2020-11-23","2020-11-30",20,"EA",4400,1,88000,20,88000,44160,"결제",44162,0,null,88000,44160,88000,44160,"상신","결재완료",0,null,0]
[1102,1000072210,10,"물품구매(전*석-김*택-유*욱/유*선)",2045601912,"활동형휠체어 등 4종",10,"Z20120641","활동형휠체어- 노바제로 A타입 (티오엠)","Z01",456,null,44158,"최종승인",26283,"유재선",44160,325322,"썬메디테크","2020-11-23","2020-11-30",2,"EA",950000,1,1900000,2,1900000,44160,"결제",44161,0,null,1900000,44160,1900000,44160,"상신","결재완료",0,null,0]
[1102,1000072210,20,"물품구매(전*석-김*택-유*욱/유*선)",2045601912,"활동형휠체어 등 4종",20,"Z20120474","휠체어일반형-M1스타트 (의지재료) (의지재료)","Z01",456,null,44158,"최종승인",26283,"유재선",44160,325322,"썬메디테크","2020-11-23","2020-11-30",1,"EA",450000,1,450000,1,450000,44160,"결제",44161,0,null,450000,44160,450000,44160,"상신","결재완료",0,null,0]
[1102,1000072210,30,"물품구매(전*석-김*택-유*욱/유*선)",2045601912,"활동형휠체어 등 4종",30,"Z20120611","휠체어수리-팔걸이조립-노바제로용-티오엠보빌리티 (의지재료)","Z01",456,null,44158,"최종승인",26283,"유재선",44160,325322,"썬메디테크","2020-11-23","2020-11-30",2,"EA",40000,1,80000,2,80000,44160,"결제",44161,0,null,80000,44160,80000,44160,"상신","결재완료",0,null,0]
[1102,1000072210,40,"물품구매(전*석-김*택-유*욱/유*선)",2045601912,"활동형휠체어 등 4종",40,"Z20120191","휠체어수리-브레이크스타트 (의지재료) (의지재료)","Z01",456,null,44158,"최종승인",26283,"유재선",44160,325322,"썬메디테크","2020-11-23","2020-11-30",2,"EA",14000,1,28000,2,28000,44160,"결제",44161,0,null,28000,44160,28000,44160,"상신","결재완료",0,null,0]
[1102,1000072221,10,"물품구매(이*섭-김*하/유*선)",2045601911,"휠체어꺽기형 등 2종",10,"Z20120055","휠체어꺽기형-미라지7일반형미키 (의지재료) (의지재료)","Z01",456,null,44158,"최종승인",26283,"유재선",44160,301882,"미키메디칼","2020-11-23","2020-11-30",1,"EA",440000,1,440000,1,440000,44160,"결제",44161,0,null,440000,44160,440000,44160,"상신","결재완료",0,null,0]
[1102,1000072221,20,"물품구매(이*섭-김*하/유*선)",2045601911,"휠체어꺽기형 등 2종",20,"Z20120054","휠체어꺽기형-미라지7분리형미키 (의지재료) (의지재료)","Z01",456,null,44158,"최종승인",26283,"유재선",44160,301882,"미키메디칼","2020-11-23","2020-11-30",1,"EA",540000,1,540000,1,540000,44160,"결제",44161,0,null,540000,44160,540000,44160,"상신","결재완료",0,null,0]
[1102,1000072232,10,"물품구매-휠체어수리/임*은",2045601928,"휠체어수리 배터리 등 2종",10,"Z20120164","휠체어수리-배터리(12V,40Ah) (의지재료) (의지재료)","Z01",456,null,44159,"최종승인",9620,"임성은",44160,301700,"(주)휠로피아","2020-11-24","2020-12-01",2,"EA",75000,1,150000,2,150000,44160,"결제",44162,0,null,150000,44160,150000,44160,"상신","결재완료",0,null,0]
[1102,1000072232,20,"물품구매-휠체어수리/임*은",2045601928,"휠체어수리 배터리 등 2종",20,"Z20120200","휠체어수리-브레이크토글휠로피아(대만산) (의지재료) (의지재료)","Z01",456,null,44159,"최종승인",9620,"임성은",44160,301700,"(주)휠로피아","2020-11-24","2020-12-01",8,"EA",25000,1,200000,8,200000,44160,"결제",44162,0,null,200000,44160,200000,44160,"상신","결재완료",0,null,0]
[1102,1000072244,10,"물품구매(휠체어-한*문)",2045601930,"휠체어일반형",10,"Z20120474","휠체어일반형-M1스타트 (의지재료) (의지재료)","Z01",456,null,44159,"최종승인",9144,"정창희",44160,325322,"썬메디테크","2020-11-24","2020-12-01",1,"EA",450000,1,450000,1,450000,44160,"결제",44162,0,null,450000,44160,450000,44160,"상신","결재완료",0,null,0]
[1102,1000072245,10,"물품구매(휠체어-한*국)",2045601929,"활동형휠체어",10,"Z20120650","활동형휠체어-P2(미키코리아)","Z01",456,null,44159,"최종승인",9144,"정창희",44160,309507,"미키코리아(주)","2020-11-24","2020-12-01",1,"EA",950000,1,950000,1,950000,44160,"결제",44162,0,null,950000,44160,950000,44160,"상신","결재완료",0,null,0]
[1102,1000072260,10,"물품구매(미관형의수-남*동)",2045601943,"의지상지 미관형의수",10,"Z20010367","의지상지-미관형의수실리콘두손 (의지재료) (의지재료)","Z01",456,null,44160,"최종승인",9144,"정창희",44161,300508,"두손의수","2020-11-25","2020-12-02",2,"EA",230000,1,460000,2,460000,44160,"결제",44162,0,null,460000,44160,460000,44160,"상신","결재완료",0,null,0]
[1102,1000071319,10,"물품구매(주조종기 제어기 목업 제작 1건/세금계산서)",2045601655,"모듈형휠체어/주조정기 제어기 목업 제작",10,"Z20050916","모듈형휠체어","Z01",456,null,44153,"최종승인",6363,"홍응표",44120,328045,"주식회사 소하","2020-10-14","2020-11-25",1,"EA",9900000,1,9900000,1,9900000,44159,"결제",44162,0,null,9900000,44159,9900000,44159,"상신","결재완료",0,null,9900000,44175]
[1102,1000071550,10,"물품구매(모터드라이버 목업제작 1건/세금계산서)",2045601736,"모듈형휠체어/모터 드라이버 목업 제작",10,"Z20050916","모듈형휠체어","Z01",456,null,44158,"최종승인",6363,"홍응표",44127,328045,"주식회사 소하","2020-10-22","2020-11-30",1,"EA",9900000,1,9900000,1,9900000,44159,"결제",44162,0,null,9900000,44159,9900000,44159,"상신","결재완료",0,null,9900000,44175]
[1102,1000071823,10,"물품구매(손목어댑터/세금계산서)",2045601792,"골유착임플란트/손목어댑터",10,"Z20050686","손목어댑터","Z01",456,null,44158,"최종승인",11509,"장대진",44139,320288,"(주) 민성정밀","2020-11-03","2020-11-30",2,"EA",717200,1,1434400,2,1434400,44159,"결제",44160,0,null,1434400,44159,1434400,44159,"상신","결재완료",0,null,1434400,44175]
[1102,1000071968,10,"물품구매(남성용PVC글러브 등 1건/ 세금계산서)",2045601846,"시험상용화/남성용 pvc글러브",10,"Z20050072","상지-전자의수 글러브 (연구재료) (연구재료)","Z01",456,null,44158,"최종승인",27961,"홍범기",44147,305386,"(주) 오토복코리아헬스케어","2020-11-10","2020-11-30",2,"EA",162000,1,324000,2,324000,44159,"결제",44161,0,null,324000,44159,324000,44159,"상신","결재완료",324000,44175,324000,44175]
[1102,1000071969,10,"물품구매(농작업 이송보조장치 등 5건/세금계산서)",2045601849,"농작업보조시스템/농작업 이송보조장치 설계 등 5종",10,"Z20050918","농작업보조시스템","Z01",456,null,44168,"최종승인",27961,"홍범기",44148,315459,"새힘멀티시스","2020-11-10","2020-12-10",1,"EA",1650000,1,1650000,1,1650000,44159,"결제",44161,0,null,1650000,44159,1650000,44159,"상신","결재완료",0,null,1650000,44175]
[1102,1000071969,20,"물품구매(농작업 이송보조장치 등 5건/세금계산서)",2045601849,"농작업보조시스템/농작업 이송보조장치 설계 등 5종",20,"Z20050918","농작업보조시스템","Z01",456,null,44168,"최종승인",27961,"홍범기",44148,315459,"새힘멀티시스","2020-11-10","2020-12-10",1,"EA",1320000,1,1320000,1,1320000,44159,"결제",44161,0,null,1320000,44159,1320000,44159,"상신","결재완료",0,null,1320000,44175]
[1102,1000071969,30,"물품구매(농작업 이송보조장치 등 5건/세금계산서)",2045601849,"농작업보조시스템/농작업 이송보조장치 설계 등 5종",30,"Z20050918","농작업보조시스템","Z01",456,null,44168,"최종승인",27961,"홍범기",44148,315459,"새힘멀티시스","2020-11-10","2020-12-10",1,"EA",1100000,1,1100000,1,1100000,44159,"결제",44161,0,null,1100000,44159,1100000,44159,"상신","결재완료",0,null,1100000,44175]
[1102,1000071969,40,"물품구매(농작업 이송보조장치 등 5건/세금계산서)",2045601849,"농작업보조시스템/농작업 이송보조장치 설계 등 5종",40,"Z20050918","농작업보조시스템","Z01",456,null,44168,"최종승인",27961,"홍범기",44148,315459,"새힘멀티시스","2020-11-10","2020-12-10",3,"EA",110000,1,330000,3,330000,44159,"결제",44161,0,null,330000,44159,330000,44159,"상신","결재완료",0,null,330000,44175]
[1102,1000071969,50,"물품구매(농작업 이송보조장치 등 5건/세금계산서)",2045601849,"농작업보조시스템/농작업 이송보조장치 설계 등 5종",50,"Z20050918","농작업보조시스템","Z01",456,null,44168,"최종승인",27961,"홍범기",44148,315459,"새힘멀티시스","2020-11-10","2020-12-10",1,"EA",550000,1,550000,1,550000,44159,"결제",44161,0,null,550000,44159,550000,44159,"상신","결재완료",0,null,550000,44175]
[1102,1000072024,10,"물품구매(도구교체작업의수 시제품 등 1건/ 세금계산서)",2045601925,"작업의수마우스/도구교체작업의수 시제품",10,"Z20050928","작업의수마우스","Z01",456,null,44155,"최종승인",27961,"홍범기",44160,328195,"선아정밀","2020-11-13","2020-11-27",1,"EA",1815000,1,1815000,1,1815000,44159,"결제",44161,0,null,1815000,44159,1815000,44159,"상신","결재완료",0,null,1815000,44175]
[1102,1000072088,10,"물품구매(도구교체작업의수 시제품 등 1건/ 세금계산서)",2045601924,"작업의수마우스/도구교체작업의수 시제품",10,"Z20050928","작업의수마우스","Z01",456,null,44165,"최종승인",27961,"홍범기",44160,328195,"선아정밀","2020-11-18","2020-12-05",1,"EA",1815000,1,1815000,1,1815000,44159,"결제",44161,0,null,1815000,44159,1815000,44159,"상신","결재완료",0,null,1815000,44175]
[1102,1000072119,10,"물품구매(미관형의수-강인석외2명)",2045601896,"의지상지 미관형의수 등 2종",10,"Z20010367","의지상지-미관형의수실리콘두손 (의지재료) (의지재료)","Z01",456,null,44155,"최종승인",6154,"김순종",44155,300508,"두손의수","2020-11-20","2020-11-27",2,"EA",230000,1,460000,2,460000,44159,"결제",44160,0,null,460000,44159,460000,44159,"상신","결재완료",0,null,0]
[1102,1000072119,20,"물품구매(미관형의수-강인석외2명)",2045601896,"의지상지 미관형의수 등 2종",20,"Z20010362","의지상지-미관형발족부레진 (의지재료) (의지재료)","Z01",456,null,44155,"최종승인",6154,"김순종",44155,300508,"두손의수","2020-11-20","2020-11-27",1,"EA",90000,1,90000,1,90000,44159,"결제",44160,0,null,90000,44159,90000,44159,"상신","결재완료",0,null,0]
[1102,1000072120,10,"물품구매 의지하지/창원센터",2045601903,"의지하지 실리콘싹스",10,"Z20010532","의지하지-실리콘싹스컴포트하퇴용(외산) (의지재료) (의지재료)","Z01",456,null,44155,"최종승인",8445,"차민국",44158,301434,"오서코리아주식회사","2020-11-20","2020-11-27",1,"EA",335000,1,335000,1,335000,44159,"결제",44161,0,null,335000,44159,335000,44159,"상신","결재완료",0,null,0]
[1102,1000072131,10,"물품구매 의지하지/창원센터",2045601902,"의지하지 알프스 등 2종",10,"Z20010837","의지하지-알프스유니버셜마운팅플레이트(성림) (의지재료)","Z01",456,null,44155,"최종승인",8445,"차민국",44158,301263,"성림교역","2020-11-20","2020-11-27",10,"EA",33000,1,330000,10,330000,44159,"결제",44160,0,null,330000,44159,330000,44159,"상신","결재완료",0,null,0]
[1102,1000072131,20,"물품구매 의지하지/창원센터",2045601902,"의지하지 알프스 등 2종",20,"Z20010368","의지상지-미관형의수실리콘리갈(외산) (의지재료) (의지재료)","Z01",456,null,44155,"최종승인",8445,"차민국",44158,301263,"성림교역","2020-11-20","2020-11-27",5,"EA",230000,1,1150000,5,1150000,44159,"결제",44160,0,null,1150000,44159,1150000,44159,"상신","결재완료",0,null,0]
[1102,1000072136,10,"물품구매 수부 /창원센터",2045601899,"의지상지 미관형의수 등 2종",10,"Z20010367","의지상지-미관형의수실리콘두손 (의지재료) (의지재료)","Z01",456,null,44155,"최종승인",6166,"김현종",44158,300508,"두손의수","2020-11-20","2020-11-27",3,"EA",230000,1,690000,3,690000,44159,"결제",44160,0,null,690000,44159,690000,44159,"상신","결재완료",0,null,0]
[1102,1000072136,20,"물품구매 수부 /창원센터",2045601899,"의지상지 미관형의수 등 2종",20,"Z20010363","의지상지-미관형의수레진두손 (의지재료) (의지재료)","Z01",456,null,44155,"최종승인",6166,"김현종",44158,300508,"두손의수","2020-11-20","2020-11-27",1,"EA",90000,1,90000,1,90000,44159,"결제",44160,0,null,90000,44159,90000,44159,"상신","결재완료",0,null,0]
[1102,1000072137,10,"물품구매 휠체어 배*용 외 /창원센터",2045601897,"휠체어꺽기형 등 3종",10,"Z20120056","휠체어꺽기형-미라지7핸드림스텐미키 (의지재료) (의지재료)","Z01",456,null,44155,"최종승인",6166,"김현종",44158,309507,"미키코리아(주)","2020-11-20","2020-11-27",1,"EA",470000,1,470000,1,470000,44159,"결제",44162,0,null,470000,44159,470000,44159,"상신","결재완료",0,null,0]
[1102,1000072137,20,"물품구매 휠체어 배*용 외 /창원센터",2045601897,"휠체어꺽기형 등 3종",20,"Z20120340","휠체어수리-타이어일반형미키(22,24in) (의지재료) (의지재료)","Z01",456,null,44155,"최종승인",6166,"김현종",44158,309507,"미키코리아(주)","2020-11-20","2020-11-27",20,"EA",7000,1,140000,20,140000,44159,"결제",44162,0,null,140000,44159,140000,44159,"상신","결재완료",0,null,0]
[1102,1000072137,30,"물품구매 휠체어 배*용 외 /창원센터",2045601897,"휠체어꺽기형 등 3종",30,"Z20120268","휠체어수리-앞바퀴조립포밍미키(6in) (의지재료) (의지재료)","Z01",456,null,44155,"최종승인",6166,"김현종",44158,309507,"미키코리아(주)","2020-11-20","2020-11-27",10,"EA",20000,1,200000,10,200000,44159,"결제",44162,0,null,200000,44159,200000,44159,"상신","결재완료",0,null,0]
[1102,1000072138,10,"물품구매 휠체어 강*진, 방석 /창원센터",2045601898,"전동형휠체어 등 2종",10,"Z20120674","전동형휠체어- 나래200,210 (썬메디테크)","Z01",456,null,44155,"최종승인",6166,"김현종",44158,324832,"주식회사 이레엠케어","2020-11-20","2020-11-27",1,"EA",1900000,1,1900000,1,1900000,44159,"결제",44160,0,null,1900000,44159,1900000,44159,"상신","결재완료",0,null,0]
[1102,1000072138,20,"물품구매 휠체어 강*진, 방석 /창원센터",2045601898,"전동형휠체어 등 2종",20,"Z20130025","욕창예방방석공기격자형-Forever4044 (의지재료) (의지재료)","Z01",456,null,44155,"최종승인",6166,"김현종",44158,324832,"주식회사 이레엠케어","2020-11-20","2020-11-27",5,"EA",200000,1,1000000,5,1000000,44159,"결제",44160,0,null,1000000,44159,1000000,44159,"상신","결재완료",0,null,0]
[1102,1000072140,10,"물품구매(실리콘내피-추*호)",2045601933,"의지하지 실리콘싹스 등 3종",10,"Z20010546","의지하지-실리콘싹스X5씰린대퇴용(미국산) (의지재료) (의지재료)","Z01",456,null,44158,"최종승인",9144,"정창희",44160,301434,"오서코리아주식회사","2020-11-23","2020-11-30",2,"EA",600000,1,1200000,2,1200000,44159,"결제",44162,0,null,1200000,44159,1200000,44159,"상신","결재완료",0,null,0]
[1102,1000072140,20,"물품구매(실리콘내피-추*호)",2045601933,"의지하지 실리콘싹스 등 3종",20,"Z20010570","의지하지-흡입밸브실린라이너대퇴용(미국산) (의지재료) (의지재료)","Z01",456,null,44158,"최종승인",9144,"정창희",44160,301434,"오서코리아주식회사","2020-11-23","2020-11-30",2,"EA",95000,1,190000,2,190000,44159,"결제",44162,0,null,190000,44159,190000,44159,"상신","결재완료",0,null,0]
[1102,1000072140,30,"물품구매(실리콘내피-추*호)",2045601933,"의지하지 실리콘싹스 등 3종",30,"Z20010532","의지하지-실리콘싹스컴포트하퇴용(외산) (의지재료) (의지재료)","Z01",456,null,44158,"최종승인",9144,"정창희",44160,301434,"오서코리아주식회사","2020-11-23","2020-11-30",2,"EA",335000,1,670000,2,670000,44159,"결제",44162,0,null,670000,44159,670000,44159,"상신","결재완료",0,null,0]
[1102,1000072152,10,"물품구매(의지상지-정*근,윤*운/김*동)",2045601921,"의지상지 미관형의수 등 2종",10,"Z20010368","의지상지-미관형의수실리콘리갈(외산) (의지재료) (의지재료)","Z01",456,null,44155,"최종승인",8219,"김수동",44160,301263,"성림교역","2020-11-20","2020-11-27",1,"EA",230000,1,230000,1,230000,44159,"결제",44162,0,null,230000,44159,230000,44159,"상신","결재완료",0,null,0]
[1102,1000072152,20,"물품구매(의지상지-정*근,윤*운/김*동)",2045601921,"의지상지 미관형의수 등 2종",20,"Z20010453","의지하지-락장식셔틀락키드하지용(미국하퇴용) (의지재료) (의지재료)","Z01",456,null,44155,"최종승인",8219,"김수동",44160,301263,"성림교역","2020-11-20","2020-11-27",1,"EA",155000,1,155000,1,155000,44159,"결제",44162,0,null,155000,44159,155000,44159,"상신","결재완료",0,null,0]
[1102,1000072153,10,"물품구매(의지하지-이*빈 외/김*동)",2045601920,"의지하지 대퇴무릎장식 등 7종",10,"Z20010444","의지하지-대퇴무릎장식토탈니유압식(미국산) (의지재료) (의지재료)","Z01",456,null,44155,"최종승인",8219,"김수동",44160,301434,"오서코리아주식회사","2020-11-20","2020-11-27",1,"EA",2870000,1,2870000,1,2870000,44159,"결제",44162,0,null,2870000,44159,2870000,44159,"상신","결재완료",0,null,0]
[1102,1000072153,20,"물품구매(의지하지-이*빈 외/김*동)",2045601920,"의지하지 대퇴무릎장식 등 7종",20,"Z20010590","의지하지-토탈니메일피라미드어댑터(외산) (의지재료) (의지재료)","Z01",456,null,44155,"최종승인",8219,"김수동",44160,301434,"오서코리아주식회사","2020-11-20","2020-11-27",1,"EA",130000,1,130000,1,130000,44159,"결제",44162,0,null,130000,44159,130000,44159,"상신","결재완료",0,null,0]
[1102,1000072153,30,"물품구매(의지하지-이*빈 외/김*동)",2045601920,"의지하지 대퇴무릎장식 등 7종",30,"Z20010982","의지하지-프로플렉스XC (오서) (의지재료)","Z01",456,null,44155,"최종승인",8219,"김수동",44160,301434,"오서코리아주식회사","2020-11-20","2020-11-27",1,"EA",2300000,1,2300000,1,2300000,44159,"결제",44162,0,null,2300000,44159,2300000,44159,"상신","결재완료",0,null,0]
[1102,1000072153,40,"물품구매(의지하지-이*빈 외/김*동)",2045601920,"의지하지 대퇴무릎장식 등 7종",40,"Z20010891","의지하지-실리콘싹스(아이스로스 씰인X-TF(Set) (의지재료)","Z01",456,null,44155,"최종승인",8219,"김수동",44160,301434,"오서코리아주식회사","2020-11-20","2020-11-27",3,"EA",620000,1,1860000,3,1860000,44159,"결제",44162,0,null,1860000,44159,1860000,44159,"상신","결재완료",0,null,0]
[1102,1000072153,50,"물품구매(의지하지-이*빈 외/김*동)",2045601920,"의지하지 대퇴무릎장식 등 7종",50,"Z20010570","의지하지-흡입밸브실린라이너대퇴용(미국산) (의지재료) (의지재료)","Z01",456,null,44155,"최종승인",8219,"김수동",44160,301434,"오서코리아주식회사","2020-11-20","2020-11-27",3,"EA",95000,1,285000,3,285000,44159,"결제",44162,0,null,285000,44159,285000,44159,"상신","결재완료",0,null,0]
[1102,1000072153,60,"물품구매(의지하지-이*빈 외/김*동)",2045601920,"의지하지 대퇴무릎장식 등 7종",60,"Z20010533","의지하지-실리콘싹스코니칼+스텐다드대퇴용(미국산) (의지재료) (의지재료)","Z01",456,null,44155,"최종승인",8219,"김수동",44160,301434,"오서코리아주식회사","2020-11-20","2020-11-27",3,"EA",500000,1,1500000,3,1500000,44159,"결제",44162,0,null,1500000,44159,1500000,44159,"상신","결재완료",0,null,0]
[1102,1000072153,70,"물품구매(의지하지-이*빈 외/김*동)",2045601920,"의지하지 대퇴무릎장식 등 7종",70,"Z20010532","의지하지-실리콘싹스컴포트하퇴용(외산) (의지재료) (의지재료)","Z01",456,null,44155,"최종승인",8219,"김수동",44160,301434,"오서코리아주식회사","2020-11-20","2020-11-27",1,"EA",335000,1,335000,1,335000,44159,"결제",44162,0,null,335000,44159,335000,44159,"상신","결재완료",0,null,0]
[1102,1000072156,10,"물품구매(의지하지-조*민 외/김*동)",2045601919,"의지하지 단축발발목장식 등 4종",10,"Z20010422","의지하지-단축발발목장식알루미늄포함셋트(독일산) (의지재료) (의지재료)","Z01",456,null,44155,"최종승인",8219,"김수동",44160,305386,"(주) 오토복코리아헬스케어","2020-11-20","2020-11-27",5,"EA",176000,1,880000,5,880000,44159,"결제",44162,0,null,880000,44159,880000,44159,"상신","결재완료",0,null,0]
[1102,1000072156,20,"물품구매(의지하지-조*민 외/김*동)",2045601919,"의지하지 단축발발목장식 등 4종",20,"Z20011061","의지하지-대퇴용회전조절소켓어댑터(티탄)(독일)","Z01",456,null,44155,"최종승인",8219,"김수동",44160,305386,"(주) 오토복코리아헬스케어","2020-11-20","2020-11-27",1,"EA",163000,1,163000,1,163000,44159,"결제",44162,0,null,163000,44159,163000,44159,"상신","결재완료",0,null,0]
[1102,1000072156,30,"물품구매(의지하지-조*민 외/김*동)",2045601919,"의지하지 단축발발목장식 등 4종",30,"Z20010438","의지하지-대퇴무릎장식단축식티타늄3R49(독일산) (의지재료) (의지재료)","Z01",456,null,44155,"최종승인",8219,"김수동",44160,305386,"(주) 오토복코리아헬스케어","2020-11-20","2020-11-27",1,"EA",700000,1,700000,1,700000,44159,"결제",44162,0,null,700000,44159,700000,44159,"상신","결재완료",0,null,0]
[1102,1000072156,40,"물품구매(의지하지-조*민 외/김*동)",2045601919,"의지하지 단축발발목장식 등 4종",40,"Z20010431","의지하지-대퇴무릎장식3R78공압식(독일산) (의지재료) (의지재료)","Z01",456,null,44155,"최종승인",8219,"김수동",44160,305386,"(주) 오토복코리아헬스케어","2020-11-20","2020-11-27",2,"EA",703000,1,1406000,2,1406000,44159,"결제",44162,0,null,1406000,44159,1406000,44159,"상신","결재완료",0,null,0]
[1102,1000072159,10,"물품구매-의지상지/강*자/임*은",2045601900,"의지상지 미관형의수",10,"Z20010367","의지상지-미관형의수실리콘두손 (의지재료) (의지재료)","Z01",456,null,44155,"최종승인",9620,"임성은",44158,300508,"두손의수","2020-11-20","2020-11-27",1,"EA",230000,1,230000,1,230000,44159,"결제",44161,0,null,230000,44159,230000,44159,"상신","결재완료",0,null,0]
[1102,1000072163,10,"물품구매(손의지-최*자 외 조*정)",2045601907,"의지상지 미관형의수 등 3종",10,"Z20010367","의지상지-미관형의수실리콘두손 (의지재료) (의지재료)","Z01",456,null,44158,"최종승인",11764,"조혜정",44158,300508,"두손의수","2020-11-23","2020-11-30",4,"EA",230000,1,920000,4,920000,44159,"결제",44160,0,null,920000,44159,920000,44159,"상신","결재완료",0,null,0]
[1102,1000072163,20,"물품구매(손의지-최*자 외 조*정)",2045601907,"의지상지 미관형의수 등 3종",20,"Z20010838","의지하지-미관형족지레진(두손) (의지재료)","Z01",456,null,44158,"최종승인",11764,"조혜정",44158,300508,"두손의수","2020-11-23","2020-11-30",2,"EA",90000,1,180000,2,180000,44159,"결제",44160,0,null,180000,44159,180000,44159,"상신","결재완료",0,null,0]
[1102,1000072163,30,"물품구매(손의지-최*자 외 조*정)",2045601907,"의지상지 미관형의수 등 3종",30,"Z20010372","의지상지-미관형의수지실리콘 (의지재료) (의지재료)","Z01",456,null,44158,"최종승인",11764,"조혜정",44158,300508,"두손의수","2020-11-23","2020-11-30",1,"EA",65000,1,65000,1,65000,44159,"결제",44160,0,null,65000,44159,65000,44159,"상신","결재완료",0,null,0]
[1102,1000072174,10,"물품구매(집뇨기)",2045601932,"집뇨기 유린백 등 2종",10,"Z20130035","집뇨기유린백-외산1000(외산1000cc) (의지재료) (의지재료)","Z01",456,null,44158,"최종승인",9144,"정창희",44160,301700,"(주)휠로피아","2020-11-23","2020-11-30",10,"EA",54000,1,540000,10,540000,44159,"결제",44165,0,null,540000,44159,540000,44159,"상신","결재완료",0,null,0]
[1102,1000072174,20,"물품구매(집뇨기)",2045601932,"집뇨기 유린백 등 2종",20,"Z20130036","집뇨기유린백-외산800(외산800cc) (의지재료) (의지재료)","Z01",456,null,44158,"최종승인",9144,"정창희",44160,301700,"(주)휠로피아","2020-11-23","2020-11-30",10,"EA",54000,1,540000,10,540000,44159,"결제",44165,0,null,540000,44159,540000,44159,"상신","결재완료",0,null,0]
[1102,1000072182,10,"물품구매(슬링)",2045601931,"보조기상지 견갑탈골보조기",10,"Z20010006","보조기상지-견갑탈골보조기 (의지재료) (의지재료)","Z01",456,null,44158,"최종승인",9144,"정창희",44160,322758,"오르텍주식회사","2020-11-23","2020-11-30",5,"EA",28000,1,140000,5,140000,44159,"결제",44162,0,null,140000,44159,140000,44159,"상신","결재완료",0,null,0]
[1102,1000072183,10,"물품구매(의지상지-김*태 외 조*정)",2045601908,"의지상지 이너핸드 등 6종",10,"Z20010669","의지상지-이너핸드,속커버(독일) (의지재료)","Z01",456,null,44158,"최종승인",11764,"조혜정",44158,305386,"(주) 오토복코리아헬스케어","2020-11-23","2020-11-30",1,"EA",126000,1,126000,1,126000,44159,"결제",44160,0,null,126000,44159,126000,44159,"상신","결재완료",0,null,0]
[1102,1000072183,20,"물품구매(의지상지-김*태 외 조*정)",2045601908,"의지상지 이너핸드 등 6종",20,"Z20010404","의지상지-전자의수플라스틱센서더미(외산) (의지재료) (의지재료)","Z01",456,null,44158,"최종승인",11764,"조혜정",44158,305386,"(주) 오토복코리아헬스케어","2020-11-23","2020-11-30",2,"EA",48000,1,96000,2,96000,44159,"결제",44160,0,null,96000,44159,96000,44159,"상신","결재완료",0,null,0]
[1102,1000072183,30,"물품구매(의지상지-김*태 외 조*정)",2045601908,"의지상지 이너핸드 등 6종",30,"Z20010545","의지하지-실리콘싹스향균젤라이너하퇴용(독일산) (의지재료) (의지재료)","Z01",456,null,44158,"최종승인",11764,"조혜정",44158,305386,"(주) 오토복코리아헬스케어","2020-11-23","2020-11-30",1,"EA",235000,1,235000,1,235000,44159,"결제",44160,0,null,235000,44159,235000,44159,"상신","결재완료",0,null,0]
[1102,1000072183,40,"물품구매(의지상지-김*태 외 조*정)",2045601908,"의지상지 이너핸드 등 6종",40,"Z20010422","의지하지-단축발발목장식알루미늄포함셋트(독일산) (의지재료) (의지재료)","Z01",456,null,44158,"최종승인",11764,"조혜정",44158,305386,"(주) 오토복코리아헬스케어","2020-11-23","2020-11-30",1,"EA",176000,1,176000,1,176000,44159,"결제",44160,0,null,176000,44159,176000,44159,"상신","결재완료",0,null,0]
[1102,1000072183,50,"물품구매(의지상지-김*태 외 조*정)",2045601908,"의지상지 이너핸드 등 6종",50,"Z20010375","의지상지-반자동의수펄론케이블(25) (의지재료) (의지재료)","Z01",456,null,44158,"최종승인",11764,"조혜정",44158,305386,"(주) 오토복코리아헬스케어","2020-11-23","2020-11-30",1,"EA",363000,1,363000,1,363000,44159,"결제",44160,0,null,363000,44159,363000,44159,"상신","결재완료",0,null,0]
[1102,1000072183,60,"물품구매(의지상지-김*태 외 조*정)",2045601908,"의지상지 이너핸드 등 6종",60,"Z20010369","의지상지-미관형의수전자글러브레진(외산) (의지재료) (의지재료)","Z01",456,null,44158,"최종승인",11764,"조혜정",44158,305386,"(주) 오토복코리아헬스케어","2020-11-23","2020-11-30",6,"EA",162000,1,972000,6,972000,44159,"결제",44160,0,null,972000,44159,972000,44159,"상신","결재완료",0,null,0]
[1102,1000072184,10,"물품구매(의지하지-윤*식 외 조*정)",2045601909,"의지하지 실리콘싹스 등 4종",10,"Z20010523","의지하지-실리콘싹스알프스Akdt(미국산) (의지재료) (의지재료)","Z01",456,null,44158,"최종승인",11764,"조혜정",44158,301263,"성림교역","2020-11-23","2020-11-30",1,"EA",290000,1,290000,1,290000,44159,"결제",44160,0,null,290000,44159,290000,44159,"상신","결재완료",0,null,0]
[1102,1000072184,20,"물품구매(의지하지-윤*식 외 조*정)",2045601909,"의지하지 실리콘싹스 등 4종",20,"Z20010526","의지하지-실리콘싹스이지락킹(미국산) (의지재료) (의지재료)","Z01",456,null,44158,"최종승인",11764,"조혜정",44158,301263,"성림교역","2020-11-23","2020-11-30",1,"EA",330000,1,330000,1,330000,44159,"결제",44160,0,null,330000,44159,330000,44159,"상신","결재완료",0,null,0]
[1102,1000072184,30,"물품구매(의지하지-윤*식 외 조*정)",2045601909,"의지하지 실리콘싹스 등 4종",30,"Z20010368","의지상지-미관형의수실리콘리갈(외산) (의지재료) (의지재료)","Z01",456,null,44158,"최종승인",11764,"조혜정",44158,301263,"성림교역","2020-11-23","2020-11-30",1,"EA",230000,1,230000,1,230000,44159,"결제",44160,0,null,230000,44159,230000,44159,"상신","결재완료",0,null,0]
[1102,1000072184,40,"물품구매(의지하지-윤*식 외 조*정)",2045601909,"의지하지 실리콘싹스 등 4종",40,"Z20011288","의지상지-호스머버튼형퀵체인지손목장식","Z01",456,null,44158,"최종승인",11764,"조혜정",44158,301263,"성림교역","2020-11-23","2020-11-30",1,"EA",190000,1,190000,1,190000,44159,"결제",44160,0,null,190000,44159,190000,44159,"상신","결재완료",0,null,0]
[1102,1000072185,10,"물품구매(기타재료)",2045601910,"소모품 젤렉스 등 3종",10,"Z20010259","소모품-젤렉스(A급) (의지재료) (의지재료)","Z01",456,null,44158,"최종승인",11764,"조혜정",44158,301148,"신성메디칼","2020-11-23","2020-11-30",5,"EA",35000,1,175000,5,175000,44159,"결제",44160,0,null,175000,44159,175000,44159,"상신","결재완료",0,null,0]
[1102,1000072185,20,"물품구매(기타재료)",2045601910,"소모품 젤렉스 등 3종",20,"Z20011289","소모품-세척통","Z01",456,null,44158,"최종승인",11764,"조혜정",44158,301148,"신성메디칼","2020-11-23","2020-11-30",5,"EA",3000,1,15000,5,15000,44159,"결제",44160,0,null,15000,44159,15000,44159,"상신","결재완료",0,null,0]
[1102,1000072185,30,"물품구매(기타재료)",2045601910,"소모품 젤렉스 등 3종",30,"Z20011290","소모품-무드볼트","Z01",456,null,44158,"최종승인",11764,"조혜정",44158,301148,"신성메디칼","2020-11-23","2020-11-30",1,"EA",30000,1,30000,1,30000,44159,"결제",44160,0,null,30000,44159,30000,44159,"상신","결재완료",0,null,0]
[1102,1000072213,10,"물품구매-활동형휠체어/송*향/임*은",2045601916,"활동형휠체어",10,"Z20120641","활동형휠체어- 노바제로 A타입 (티오엠)","Z01",456,null,44158,"최종승인",9620,"임성은",44160,325322,"썬메디테크","2020-11-23","2020-11-30",2,"EA",950000,1,1900000,2,1900000,44159,"결제",44161,0,null,1900000,44159,1900000,44159,"상신","결재완료",0,null,0]
[1102,1000072228,10,"물품구매(하지의지-류*호)/손*호",2045601922,"의지하지 실리콘싹스 등 3종",10,"Z20010891","의지하지-실리콘싹스(아이스로스 씰인X-TF(Set) (의지재료)","Z01",456,null,44159,"최종승인",6167,"손진호",44160,301434,"오서코리아주식회사","2020-11-24","2020-12-01",2,"EA",620000,1,1240000,2,1240000,44159,"결제",44162,0,null,1240000,44159,1240000,44159,"상신","결재완료",0,null,0]
[1102,1000072228,20,"물품구매(하지의지-류*호)/손*호",2045601922,"의지하지 실리콘싹스 등 3종",20,"Z20010570","의지하지-흡입밸브실린라이너대퇴용(미국산) (의지재료) (의지재료)","Z01",456,null,44159,"최종승인",6167,"손진호",44160,301434,"오서코리아주식회사","2020-11-24","2020-12-01",3,"EA",95000,1,285000,3,285000,44159,"결제",44162,0,null,285000,44159,285000,44159,"상신","결재완료",0,null,0]
[1102,1000072228,30,"물품구매(하지의지-류*호)/손*호",2045601922,"의지하지 실리콘싹스 등 3종",30,"Z20010532","의지하지-실리콘싹스컴포트하퇴용(외산) (의지재료) (의지재료)","Z01",456,null,44159,"최종승인",6167,"손진호",44160,301434,"오서코리아주식회사","2020-11-24","2020-12-01",1,"EA",335000,1,335000,1,335000,44159,"결제",44162,0,null,335000,44159,335000,44159,"상신","결재완료",0,null,0]
[1102,1000072267,10,"물품구매(다용도 어댑터 외 2종/법인카드)",2045601962,"헬스케어/다용도 어댑터 등 3종",10,"Z20050765","헬스케어(연구재료)","Z01",456,null,44162,"최종승인",27685,"황석진",44161,516539017,"헬스케어-9017","2020-11-24","2020-12-04",2,"EA",51740,1,103480,2,103480,44159,"결제",44165,0,null,103480,44159,103480,44159,"상신","결재완료",0,null,0]
[1102,1000072267,20,"물품구매(다용도 어댑터 외 2종/법인카드)",2045601962,"헬스케어/다용도 어댑터 등 3종",20,"Z20050765","헬스케어(연구재료)","Z01",456,null,44162,"최종승인",27685,"황석진",44161,516539017,"헬스케어-9017","2020-11-24","2020-12-04",2,"EA",14400,1,28800,2,28800,44159,"결제",44165,0,null,28800,44159,28800,44159,"상신","결재완료",0,null,0]
[1102,1000072267,30,"물품구매(다용도 어댑터 외 2종/법인카드)",2045601962,"헬스케어/다용도 어댑터 등 3종",30,"Z20050765","헬스케어(연구재료)","Z01",456,null,44162,"최종승인",27685,"황석진",44161,516539017,"헬스케어-9017","2020-11-24","2020-12-04",4,"EA",11370,1,45480,4,45480,44159,"결제",44165,0,null,45480,44159,45480,44159,"상신","결재완료",0,null,0]
[1102,1000072109,10,"구매요구(의수 패럴린 코팅)",2045601884,"시험상용화/패럴린 코팅",10,"Z20050913","패럴린 코팅 의수","Z01",456,null,44154,"최종승인",27783,"이미경",44155,323203,"코스텍","2020-11-19","2020-11-26",6,"EA",50000,1,300000,6,300000,44158,"결제",44160,0,null,300000,44158,300000,44158,"상신","결재완료",300000,44175,300000,44175]
[1102,1000072110,10,"물품구매(미관형 의수외)",2045601883,"시험상용화/미관형의수 등 3종",10,"Z20050030","미관형 의수(두손) (연구재료) (연구재료)","Z01",456,null,44154,"최종승인",27783,"이미경",44155,300508,"두손의수","2020-11-19","2020-11-26",5,"EA",230000,1,1150000,5,1150000,44158,"결제",44160,0,null,1150000,44158,1150000,44158,"상신","결재완료",1150000,44175,1150000,44175]
[1102,1000072110,20,"물품구매(미관형 의수외)",2045601883,"시험상용화/미관형의수 등 3종",20,"Z20050848","미관형 수지(두손)(연구재료)","Z01",456,null,44154,"최종승인",27783,"이미경",44155,300508,"두손의수","2020-11-19","2020-11-26",8,"EA",65000,1,520000,8,520000,44158,"결제",44160,0,null,520000,44158,520000,44158,"상신","결재완료",520000,44175,520000,44175]
[1102,1000072110,30,"물품구매(미관형 의수외)",2045601883,"시험상용화/미관형의수 등 3종",30,"Z20050559","하지-족지(연구재료) (연구재료)","Z01",456,null,44154,"최종승인",27783,"이미경",44155,300508,"두손의수","2020-11-19","2020-11-26",1,"EA",90000,1,90000,1,90000,44158,"결제",44160,0,null,90000,44158,90000,44158,"상신","결재완료",90000,44175,90000,44175]
[1102,1000072178,10,"물품구매(ULTRON 3278 QHD New 모니터 무결점 등 2건/법인카드)",2045601906,"농작업보조시스템/ASUS ROG STRIX G712LW 등 3종",10,"Z20050918","농작업보조시스템","Z01",456,null,44158,"최종승인",27962,"김승기",44158,516503388,"농작업보조시스템-3388","2020-10-13","2020-11-23",2,"EA",386020,1,772040,2,772040,44158,"결제",44158,0,null,772040,44158,772040,44158,"상신","결재완료",0,null,772040,44161]
[1102,1000072178,20,"물품구매(ULTRON 3278 QHD New 모니터 무결점 등 2건/법인카드)",2045601906,"농작업보조시스템/ASUS ROG STRIX G712LW 등 3종",20,"Z20050918","농작업보조시스템","Z01",456,null,44158,"최종승인",27962,"김승기",44158,516503388,"농작업보조시스템-3388","2020-10-13","2020-11-23",2,"EA",269920,1,539840,2,539840,44158,"결제",44158,0,null,539840,44158,539840,44158,"상신","결재완료",0,null,539840,44161]
[1102,1500035415,10,"기계실 소모품 구매",2045601871,"기계실 소모품 구매",10,null,"가스누설감지기","Z06",456,null,44152,"최종승인",28102,"김순석",44152,300045,"모아이엔티","2020-11-17","2020-11-30",1,"개",560000,1,560000,1,560000,44158,"결제",44160,0,null,560000,44158,560000,44158,"상신","결재완료",560000,44175,560000,44175]
[1102,1500035415,20,"기계실 소모품 구매",2045601871,"기계실 소모품 구매",20,null,"착탈식수전","Z06",456,null,44152,"최종승인",28102,"김순석",44152,300045,"모아이엔티","2020-11-17","2020-11-30",1,"개",74000,1,74000,1,74000,44158,"결제",44160,0,null,74000,44158,74000,44158,"상신","결재완료",74000,44175,74000,44175]
[1102,1500035415,30,"기계실 소모품 구매",2045601871,"기계실 소모품 구매",30,null,"수도가랑(온,냉수)1/2\"","Z06",456,null,44152,"최종승인",28102,"김순석",44152,300045,"모아이엔티","2020-11-17","2020-11-30",6,"개",63000,6,63000,6,63000,44158,"결제",44160,0,null,63000,44158,63000,44158,"상신","결재완료",63000,44175,63000,44175]
[1102,1500035415,40,"기계실 소모품 구매",2045601871,"기계실 소모품 구매",40,null,"수도가랑(온,냉수)3/4\"","Z06",456,null,44152,"최종승인",28102,"김순석",44152,300045,"모아이엔티","2020-11-17","2020-11-30",6,"개",87000,6,87000,6,87000,44158,"결제",44160,0,null,87000,44158,87000,44158,"상신","결재완료",87000,44175,87000,44175]
[1102,1500035415,50,"기계실 소모품 구매",2045601871,"기계실 소모품 구매",50,null,"건전지 AA","Z06",456,null,44152,"최종승인",28102,"김순석",44152,300045,"모아이엔티","2020-11-17","2020-11-30",40,"개",16800,40,16800,40,16800,44158,"결제",44160,0,null,16800,44158,16800,44158,"상신","결재완료",16800,44175,16800,44175]
[1102,1500035415,60,"기계실 소모품 구매",2045601871,"기계실 소모품 구매",60,null,"건전지 AAA","Z06",456,null,44152,"최종승인",28102,"김순석",44152,300045,"모아이엔티","2020-11-17","2020-11-30",40,"개",16800,40,16800,40,16800,44158,"결제",44160,0,null,16800,44158,16800,44158,"상신","결재완료",16800,44175,16800,44175]
[1102,1500035415,70,"기계실 소모품 구매",2045601871,"기계실 소모품 구매",70,null,"면장갑(반코팅)","Z06",456,null,44152,"최종승인",28102,"김순석",44152,300045,"모아이엔티","2020-11-17","2020-11-30",10,"봉",23000,10,23000,10,23000,44158,"결제",44160,0,null,23000,44158,23000,44158,"상신","결재완료",23000,44175,23000,44175]
[1102,1500035415,80,"기계실 소모품 구매",2045601871,"기계실 소모품 구매",80,null,"수도가랑(2구용)","Z06",456,null,44152,"최종승인",28102,"김순석",44152,300045,"모아이엔티","2020-11-17","2020-11-30",1,"개",18400,1,18400,1,18400,44158,"결제",44160,0,null,18400,44158,18400,44158,"상신","결재완료",18400,44175,18400,44175]
[1102,1000071622,10,"물품구매(트래커센서 케이스 및 마운트 제작/세금계산서)",2045601767,"헬스케어/트레커 센서 케이스 및마운트 제작",10,"Z20050765","헬스케어(연구재료)","Z01",456,null,44155,"최종승인",27685,"황석진",44132,327286,"(주) 에이엠코리아","2020-10-27","2020-11-27",30,"EA",77000,1,2310000,30,2310000,44155,"결제",44165,0,null,2310000,44155,2310000,44155,"상신","결재완료",0,null,2310000,44175]
[1102,1000072080,10,"물품구매(리프트)",2045601880,"시험상용화/파워 리프트",10,"Z20050001","파워 리프트(PML-100A)-프로메디","Z01",456,null,44153,"최종승인",27783,"이미경",44154,326875,"주식회사 프로메디","2020-11-18","2020-11-25",3,"EA",1992727,1,5978181,3,5978181,44155,"결제",44158,0,null,5978181,44155,5978181,44155,"상신","결재완료",5978181,44160,5978181,44160]
[1102,1500035050,10,"물품구매(선반 및 작업대 1건/세금계산서)",2045601745,"모듈형휠체어/선반 및 작업대",10,null,"선반 및 작업대","Z06",456,null,44127,"최종승인",26927,"허윤",44132,320596,"(주) 에스엔에스","2020-10-23","2020-11-20",1,"SET",5152840,1,5152840,1,5152840,44155,"결제",44165,0,null,5152840,44155,5152840,44155,"상신","결재완료",0,null,5152840,44175]
[1102,1500035437,10,"물품구매(사무용품)",2045601881,"작업의수마우스/사무용품 등 30종",10,null,"사무용품","Z06",456,null,44153,"최종승인",28673,"전경진",44154,327247,"드림디포 부평점","2020-11-18","2020-12-15",1,"SET",380150,1,380150,1,380150,44155,"결제",44158,0,null,380150,44155,380150,44155,"상신","결재완료",0,null,380150,44160]
[1102,1000071981,10,"물품구매(풋쿠션 등 1건/ 세금계산서)",2045601851,"직무지원/풋쿠션",10,"Z20050113","직무지원 연구재료 (연구재료) (연구재료)","Z01",456,null,44169,"최종승인",28673,"전경진",44148,320288,"(주) 민성정밀","2020-11-11","2020-12-11",10,"EA",35500,1,355000,10,355000,44154,"결제",44155,0,null,355000,44154,355000,44154,"상신","결재완료",355000,44160,355000,44160]
[1102,1000071985,10,"물품구매(조종기제어기 PCB Artwork 1건/세금계산서)",2045601864,"모듈형휠체어/조종기 제어기",10,"Z20050916","모듈형휠체어","Z01",456,null,44146,"최종승인",6363,"홍응표",44151,320015,"(주)케이엔에이치","2020-11-11","2020-11-19",1,"EA",2750000,1,2750000,1,2750000,44154,"결제",44158,0,null,2750000,44154,2750000,44154,"상신","결재완료",0,null,2750000,44160]
[1102,1000071986,10,"물품구매(전동휠체어 모터드라이버 PCB Artwork 1건/세금계산서)",2045601863,"모듈형휠체어/전동휠체어 모터드라이버",10,"Z20050916","모듈형휠체어","Z01",456,null,44146,"최종승인",6363,"홍응표",44151,320015,"(주)케이엔에이치","2020-11-11","2020-11-19",1,"EA",3300000,1,3300000,1,3300000,44154,"결제",44158,0,null,3300000,44154,3300000,44154,"상신","결재완료",0,null,3300000,44160]
[1102,1000072031,10,"물품구매 휠체어 옥*규, 방석 박*호 외 /창원센터",2045601872,"활동형 휠체어 등 8종",10,"Z20120641","활동형휠체어- 노바제로 A타입 (티오엠)","Z01",456,null,44148,"최종승인",6166,"김현종",44153,324832,"주식회사 이레엠케어","2020-11-13","2020-11-20",1,"EA",950000,1,950000,1,950000,44154,"결제",44155,0,null,950000,44154,950000,44154,"상신","결재완료",0,null,0]
[1102,1000072031,20,"물품구매 휠체어 옥*규, 방석 박*호 외 /창원센터",2045601872,"활동형 휠체어 등 8종",20,"Z20130023","욕창예방방석공기격자형-로호 (의지재료) (의지재료)","Z01",456,null,44148,"최종승인",6166,"김현종",44153,324832,"주식회사 이레엠케어","2020-11-13","2020-11-20",1,"EA",370000,1,370000,1,370000,44154,"결제",44155,0,null,370000,44154,370000,44154,"상신","결재완료",0,null,0]
[1102,1000072031,30,"물품구매 휠체어 옥*규, 방석 박*호 외 /창원센터",2045601872,"활동형 휠체어 등 8종",30,"Z20120344","휠체어수리-타이어전동용(14in) (의지재료) (의지재료)","Z01",456,null,44148,"최종승인",6166,"김현종",44153,324832,"주식회사 이레엠케어","2020-11-13","2020-11-20",2,"EA",20000,1,40000,2,40000,44154,"결제",44155,0,null,40000,44154,40000,44154,"상신","결재완료",0,null,0]
[1102,1000072031,40,"물품구매 휠체어 옥*규, 방석 박*호 외 /창원센터",2045601872,"활동형 휠체어 등 8종",40,"Z20120395","휠체어수리-튜브전동용(14in) (의지재료) (의지재료)","Z01",456,null,44148,"최종승인",6166,"김현종",44153,324832,"주식회사 이레엠케어","2020-11-13","2020-11-20",2,"EA",9000,1,18000,2,18000,44154,"결제",44155,0,null,18000,44154,18000,44154,"상신","결재완료",0,null,0]
[1102,1000072031,50,"물품구매 휠체어 옥*규, 방석 박*호 외 /창원센터",2045601872,"활동형 휠체어 등 8종",50,"Z20120264","휠체어수리-앞바퀴조립전동용(9in) (의지재료) (의지재료)","Z01",456,null,44148,"최종승인",6166,"김현종",44153,324832,"주식회사 이레엠케어","2020-11-13","2020-11-20",2,"EA",25000,1,50000,2,50000,44154,"결제",44155,0,null,50000,44154,50000,44154,"상신","결재완료",0,null,0]
[1102,1000072031,60,"물품구매 휠체어 옥*규, 방석 박*호 외 /창원센터",2045601872,"활동형 휠체어 등 8종",60,"Z20011286","전동휠체어-JUVO B4(오토복)","Z01",456,null,44152,"최종승인",6166,"김현종",44153,324832,"주식회사 이레엠케어","2020-11-13","2020-11-20",1,"EA",2622000,1,2622000,1,2622000,44154,"결제",44155,0,null,2622000,44154,2622000,44154,"상신","결재완료",0,null,0]
[1102,1000072031,70,"물품구매 휠체어 옥*규, 방석 박*호 외 /창원센터",2045601872,"활동형 휠체어 등 8종",70,"Z20120676","일반형휠체어-이클립스X2(휠로피아)","Z01",456,null,44152,"최종승인",6166,"김현종",44153,324832,"주식회사 이레엠케어","2020-11-13","2020-11-20",1,"EA",440000,1,440000,1,440000,44154,"결제",44155,0,null,440000,44154,440000,44154,"상신","결재완료",0,null,0]
[1102,1000072031,80,"물품구매 휠체어 옥*규, 방석 박*호 외 /창원센터",2045601872,"활동형 휠체어 등 8종",80,"Z20120620","전동휠체어-GK11 (의지재료)","Z01",456,null,44152,"최종승인",6166,"김현종",44153,324832,"주식회사 이레엠케어","2020-11-13","2020-11-20",1,"EA",1957000,1,1957000,1,1957000,44154,"결제",44155,0,null,1957000,44154,1957000,44154,"상신","결재완료",0,null,0]
[1102,1000072118,10,"물품구매(익스트루더 등 4건/ 법인카드)",2045601887,"스마트소켓/extruder 등 4종",10,"Z20050607","스마트소켓(연구재료) (연구재료)","Z01",456,null,44176,"최종승인",28673,"전경진",44155,516502312,"스마트소켓-2312","2020-11-19","2020-12-18",1,"EA",385000,1,385000,1,385000,44154,"결제",44168,0,null,385000,44154,385000,44154,"상신","결재완료",0,null,0]
[1102,1000072118,20,"물품구매(익스트루더 등 4건/ 법인카드)",2045601887,"스마트소켓/extruder 등 4종",20,"Z20050607","스마트소켓(연구재료) (연구재료)","Z01",456,null,44176,"최종승인",28673,"전경진",44155,516502312,"스마트소켓-2312","2020-11-19","2020-12-18",1,"EA",385000,1,385000,1,385000,44154,"결제",44168,0,null,385000,44154,385000,44154,"상신","결재완료",0,null,0]
[1102,1000072118,30,"물품구매(익스트루더 등 4건/ 법인카드)",2045601887,"스마트소켓/extruder 등 4종",30,"Z20050607","스마트소켓(연구재료) (연구재료)","Z01",456,null,44176,"최종승인",28673,"전경진",44155,516502312,"스마트소켓-2312","2020-11-19","2020-12-18",7,"EA",27500,1,192500,7,192500,44154,"결제",44168,0,null,192500,44154,192500,44154,"상신","결재완료",0,null,0]
[1102,1000072118,40,"물품구매(익스트루더 등 4건/ 법인카드)",2045601887,"스마트소켓/extruder 등 4종",40,"Z20050607","스마트소켓(연구재료) (연구재료)","Z01",456,null,44176,"최종승인",28673,"전경진",44155,516502312,"스마트소켓-2312","2020-11-19","2020-12-18",3,"EA",11000,1,33000,3,33000,44154,"결제",44168,0,null,33000,44154,33000,44154,"상신","결재완료",0,null,0]
[1102,1300013052,10,"20년 11월 소방점검(중앙소방이엔지)",2045800065,"11월 소방점검",10,null,"20년 11월 소방점검","Z04",458,null,44137,"최종승인",4473,"허관",44140,302183,"(주) 중앙소방이앤지","2020-11-02","2020-11-30",1,"식",190000,1,190000,1,190000,44154,"결제",44158,0,null,190000,44154,190000,44154,"상신","결재완료",190000,44160,190000,44160]
[1102,1300013174,10,"물품구매요구(전동 5지 의수 파지력 시험검사/세금계산서)",2045601905,"골유착임플란트/전동 5지 의수 파지력 시험검사",10,null,"전동 5지 의수 파지력 시험검사","Z04",456,"서비스",44155,"최종승인",11510,"정성윤",44158,301397,"한국산업기술시험원","2020-11-19","2020-11-27",1,"AU",878900,1,878900,1,878900,44154,"결제",44162,0,null,878900,44154,878900,44154,"상신","결재완료",0,null,878900,44175]
[1102,1000072023,10,"물품구매(하이브리드 Knee 제어기 PCB 제작 1건/세금계산서)",2045601878,"스마트소켓/하이브리드 knee 제어기 pcb제작",10,"Z20050607","스마트소켓(연구재료) (연구재료)","Z01",456,null,44172,"최종승인",11511,"이희태",44153,303359,"주식회사 디엘테크","2020-11-13","2020-12-12",5,"EA",451000,1,2255000,5,2255000,44153,"결제",44160,0,null,2255000,44153,2255000,44153,"상신","결재완료",0,null,2255000,44175]
[1102,1000072047,10,"물품구매(리프트)",2045601865,"시험상용화/파워 리프트",10,"Z20050001","파워 리프트(PML-100A)-프로메디","Z01",456,null,44151,"최종승인",27783,"이미경",44151,326875,"주식회사 프로메디","2020-11-16","2020-11-23",3,"EA",1992727,1,5978181,3,5978181,44153,"결제",44154,0,null,5978181,44153,5978181,44153,"상신","결재완료",5978181,44160,5978181,44160]
[1102,1000072062,10,"물품구매(Profile bar/세금계산서)",2045601868,"단차해소보조기기/profile bar",10,"Z20050917","단차해소보조기기","Z01",456,null,44152,"최종승인",6149,"최기원",44152,303269,"에스씨엠테크놀러지","2020-11-17","2020-11-24",2,"EA",52800,1,105600,2,105600,44153,"결제",44154,0,null,105600,44153,105600,44153,"상신","결재완료",0,null,105600,44160]
[1102,1300013053,10,"20년 11월 승강기점검(서울승강기서비스)",2045800063,"11월 승강기점검",10,null,"20년 11월 승강기점검","Z04",458,null,44137,"최종승인",4473,"허관",44140,315165,"서울승강기서비스","2020-11-02","2020-11-30",1,"식",140000,1,140000,1,140000,44153,"결제",44154,0,null,140000,44153,140000,44153,"상신","결재완료",140000,44160,140000,44160]
[1102,1000070516,10,"물품구매(휠체어 주행 제어 UNITS)",2045601459,"모듈형휠체어/휠체어 주행 제어 유닛",10,"Z20050916","모듈형휠체어","Z01",456,null,44148,"최종승인",27377,"정성배",44085,303269,"에스씨엠테크놀러지","2020-09-10","2020-11-20",1,"EA",8800000,1,8800000,1,8800000,44152,"결제",44153,0,null,8800000,44152,8800000,44152,"상신","결재완료",0,null,8800000,44160]
[1102,1000071993,10,"물품구매-소모품/임*은",2045601869,"소모품 pp 등 5종",10,"Z20010336","소모품-P.P(3x120x240) (의지재료) (의지재료)","Z01",456,null,44147,"최종승인",9620,"임성은",44152,301148,"신성메디칼","2020-11-12","2020-11-19",3,"EA",78000,1,234000,3,234000,44152,"결제",44153,0,null,234000,44152,234000,44152,"상신","결재완료",0,null,0]
[1102,1000071993,20,"물품구매-소모품/임*은",2045601869,"소모품 pp 등 5종",20,"Z20010337","소모품-P.P(4x120x240) (의지재료) (의지재료)","Z01",456,null,44147,"최종승인",9620,"임성은",44152,301148,"신성메디칼","2020-11-12","2020-11-19",2,"EA",86000,1,172000,2,172000,44152,"결제",44153,0,null,172000,44152,172000,44152,"상신","결재완료",0,null,0]
[1102,1000071993,30,"물품구매-소모품/임*은",2045601869,"소모품 pp 등 5종",30,"Z20010338","소모품-P.P(5x120x240) (의지재료) (의지재료)","Z01",456,null,44147,"최종승인",9620,"임성은",44152,301148,"신성메디칼","2020-11-12","2020-11-19",2,"EA",95000,1,190000,2,190000,44152,"결제",44153,0,null,190000,44152,190000,44152,"상신","결재완료",0,null,0]
[1102,1000071993,40,"물품구매-소모품/임*은",2045601869,"소모품 pp 등 5종",40,"Z20010259","소모품-젤렉스(A급) (의지재료) (의지재료)","Z01",456,null,44147,"최종승인",9620,"임성은",44152,301148,"신성메디칼","2020-11-12","2020-11-19",5,"EA",35000,1,175000,5,175000,44152,"결제",44153,0,null,175000,44152,175000,44152,"상신","결재완료",0,null,0]
[1102,1000071993,50,"물품구매-소모품/임*은",2045601869,"소모품 pp 등 5종",50,"Z20010221","소모품-썰린(10x40x40) (의지재료) (의지재료)","Z01",456,null,44147,"최종승인",9620,"임성은",44152,301148,"신성메디칼","2020-11-12","2020-11-19",5,"EA",40000,1,200000,5,200000,44152,"결제",44153,0,null,200000,44152,200000,44152,"상신","결재완료",0,null,0]
[1102,1000071994,10,"물품구매-휠체어수리/임*은",2045601870,"휠체어수리 배터리 등 6종",10,"Z20120616","휠체어수리-배터리(12V62AH) (의지재료)","Z01",456,null,44147,"최종승인",9620,"임성은",44152,301700,"(주)휠로피아","2020-11-12","2020-11-19",2,"EA",105000,1,210000,2,210000,44152,"결제",44153,0,null,210000,44152,210000,44152,"상신","결재완료",0,null,0]
[1102,1000071994,20,"물품구매-휠체어수리/임*은",2045601870,"휠체어수리 배터리 등 6종",20,"Z20120358","휠체어수리-타이어전동용휠로피아(16in) (의지재료) (의지재료)","Z01",456,null,44147,"최종승인",9620,"임성은",44152,301700,"(주)휠로피아","2020-11-12","2020-11-19",2,"EA",18000,1,36000,2,36000,44152,"결제",44153,0,null,36000,44152,36000,44152,"상신","결재완료",0,null,0]
[1102,1000071994,30,"물품구매-휠체어수리/임*은",2045601870,"휠체어수리 배터리 등 6종",30,"Z20120400","휠체어수리-튜브전동용휠로피아(16in) (의지재료) (의지재료)","Z01",456,null,44147,"최종승인",9620,"임성은",44152,301700,"(주)휠로피아","2020-11-12","2020-11-19",2,"EA",8000,1,16000,2,16000,44152,"결제",44153,0,null,16000,44152,16000,44152,"상신","결재완료",0,null,0]
[1102,1000071994,40,"물품구매-휠체어수리/임*은",2045601870,"휠체어수리 배터리 등 6종",40,"Z20120545","휠체어수리-휠체어타이어-전동용 9' 휠로피아 (의지재료) (의지재료)","Z01",456,null,44147,"최종승인",9620,"임성은",44152,301700,"(주)휠로피아","2020-11-12","2020-11-19",2,"EA",8000,1,16000,2,16000,44152,"결제",44153,0,null,16000,44152,16000,44152,"상신","결재완료",0,null,0]
[1102,1000071994,50,"물품구매-휠체어수리/임*은",2045601870,"휠체어수리 배터리 등 6종",50,"Z20120542","휠체어수리-휠체어튜브-전동용 9' 휠로피아 (의지재료) (의지재료)","Z01",456,null,44147,"최종승인",9620,"임성은",44152,301700,"(주)휠로피아","2020-11-12","2020-11-19",2,"EA",6000,1,12000,2,12000,44152,"결제",44153,0,null,12000,44152,12000,44152,"상신","결재완료",0,null,0]
[1102,1000071994,60,"물품구매-휠체어수리/임*은",2045601870,"휠체어수리 배터리 등 6종",60,"Z20120164","휠체어수리-배터리(12V,40Ah) (의지재료) (의지재료)","Z01",456,null,44147,"최종승인",9620,"임성은",44152,301700,"(주)휠로피아","2020-11-12","2020-11-19",2,"EA",75000,1,150000,2,150000,44152,"결제",44153,0,null,150000,44152,150000,44152,"상신","결재완료",0,null,0]
[1102,1000072016,10,"물품구매(손의지-이*준 외 조*정)",2045601857,"의지상지 미관형의수 등 2종",10,"Z20010367","의지상지-미관형의수실리콘두손 (의지재료) (의지재료)","Z01",456,null,44148,"최종승인",11764,"조혜정",44151,300508,"두손의수","2020-11-13","2020-11-20",5,"EA",230000,1,1150000,5,1150000,44152,"결제",44154,0,null,1150000,44152,1150000,44152,"상신","결재완료",0,null,0]
[1102,1000072016,20,"물품구매(손의지-이*준 외 조*정)",2045601857,"의지상지 미관형의수 등 2종",20,"Z20010372","의지상지-미관형의수지실리콘 (의지재료) (의지재료)","Z01",456,null,44148,"최종승인",11764,"조혜정",44151,300508,"두손의수","2020-11-13","2020-11-20",3,"EA",65000,1,195000,3,195000,44152,"결제",44154,0,null,195000,44152,195000,44152,"상신","결재완료",0,null,0]
[1102,1000072018,10,"물품구매(안*수-이*준/유*선)",2045601852,"휠체어침대형 등 2종",10,"Z20120619","휠체어침대형-P.7005파트너(대세) (의지재료)","Z01",456,null,44148,"최종승인",26283,"유재선",44151,306977,"(주)대세엠케어 경인지점 (인천)","2020-11-13","2020-11-20",2,"EA",500000,1,1000000,2,1000000,44152,"결제",44153,0,null,1000000,44152,1000000,44152,"상신","결재완료",0,null,0]
[1102,1000072018,20,"물품구매(안*수-이*준/유*선)",2045601852,"휠체어침대형 등 2종",20,"Z20120661","소모품-휠체어 멀티트레이(대세)","Z01",456,null,44148,"최종승인",26283,"유재선",44151,306977,"(주)대세엠케어 경인지점 (인천)","2020-11-13","2020-11-20",1,"EA",45455,1,45455,1,45455,44152,"결제",44153,0,null,45455,44152,45455,44152,"상신","결재완료",0,null,0]
[1102,1000072019,10,"물품구매(정*화-정*화-이*열/유*선)",2045601853,"휠체어꺽기형 등 5종",10,"Z20120055","휠체어꺽기형-미라지7일반형미키 (의지재료) (의지재료)","Z01",456,null,44148,"최종승인",26283,"유재선",44151,301882,"미키메디칼","2020-11-13","2020-11-20",2,"EA",440000,1,880000,2,880000,44152,"결제",44154,0,null,880000,44152,880000,44152,"상신","결재완료",0,null,0]
[1102,1000072019,20,"물품구매(정*화-정*화-이*열/유*선)",2045601853,"휠체어꺽기형 등 5종",20,"Z20010641","휠체어-꺽기형미라지7 드럼브레이크(미키) (의지재료) (의지재료)","Z01",456,null,44148,"최종승인",26283,"유재선",44151,301882,"미키메디칼","2020-11-13","2020-11-20",1,"EA",490000,1,490000,1,490000,44152,"결제",44154,0,null,490000,44152,490000,44152,"상신","결재완료",0,null,0]
[1102,1000072019,30,"물품구매(정*화-정*화-이*열/유*선)",2045601853,"휠체어꺽기형 등 5종",30,"Z20011285","일반형휠체어 - 미라지2 16D","Z01",456,null,44148,"최종승인",26283,"유재선",44151,301882,"미키메디칼","2020-11-13","2020-11-20",1,"EA",440000,1,440000,1,440000,44152,"결제",44154,0,null,440000,44152,440000,44152,"상신","결재완료",0,null,0]
[1102,1000072019,40,"물품구매(정*화-정*화-이*열/유*선)",2045601853,"휠체어꺽기형 등 5종",40,"Z20120663","휠체어수리 - 타이어 마라톤플러스(24in)  미키메디칼","Z01",456,null,44148,"최종승인",26283,"유재선",44151,301882,"미키메디칼","2020-11-13","2020-11-20",10,"EA",32000,1,320000,10,320000,44152,"결제",44154,0,null,320000,44152,320000,44152,"상신","결재완료",0,null,0]
[1102,1000072019,50,"물품구매(정*화-정*화-이*열/유*선)",2045601853,"휠체어꺽기형 등 5종",50,"Z20120279","휠체어수리-요크베아링미키(6001Z) (의지재료) (의지재료)","Z01",456,null,44148,"최종승인",26283,"유재선",44151,301882,"미키메디칼","2020-11-13","2020-11-20",50,"EA",2000,1,100000,50,100000,44152,"결제",44154,0,null,100000,44152,100000,44152,"상신","결재완료",0,null,0]
[1102,1000072020,10,"물품구매(구*원/유*선)",2045601855,"일반형휠체어",10,"Z20120654","일반형휠체어-SMART-Twin(22D)(우리체어메디칼)","Z01",456,null,44148,"최종승인",26283,"유재선",44151,324470,"우리체어메디칼","2020-11-13","2020-11-20",1,"EA",450000,1,450000,1,450000,44152,"결제",44153,0,null,450000,44152,450000,44152,"상신","결재완료",0,null,0]
[1102,1000072025,10,"물품구매 의지하지/창원센터",2045601862,"의지하지 폼카바하퇴용 등 4종",10,"Z20010557","의지하지-폼카바하퇴용대만(대만산) (의지재료) (의지재료)","Z01",456,null,44148,"최종승인",8445,"차민국",44151,301263,"성림교역","2020-11-13","2020-11-20",10,"EA",53000,1,530000,10,530000,44152,"결제",44158,0,null,530000,44152,530000,44152,"상신","결재완료",0,null,0]
[1102,1000072025,20,"물품구매 의지하지/창원센터",2045601862,"의지하지 폼카바하퇴용 등 4종",20,"Z20010697","의지하지-하퇴용소켓어댑터스틸 (의지재료)","Z01",456,null,44148,"최종승인",8445,"차민국",44151,301263,"성림교역","2020-11-13","2020-11-20",10,"EA",45000,1,450000,10,450000,44152,"결제",44158,0,null,450000,44152,450000,44152,"상신","결재완료",0,null,0]
[1102,1000072025,30,"물품구매 의지하지/창원센터",2045601862,"의지하지 폼카바하퇴용 등 4종",30,"Z20010585","의지하지-일체형튜브어뎁터(하퇴용) (의지재료) (의지재료)","Z01",456,null,44148,"최종승인",8445,"차민국",44151,301263,"성림교역","2020-11-13","2020-11-20",10,"EA",42000,1,420000,10,420000,44152,"결제",44158,0,null,420000,44152,420000,44152,"상신","결재완료",0,null,0]
[1102,1000072025,40,"물품구매 의지하지/창원센터",2045601862,"의지하지 폼카바하퇴용 등 4종",40,"Z20010075","의지하지-클램프알미늄(알미늄) (의지재료) (의지재료)","Z01",456,null,44148,"최종승인",8445,"차민국",44151,301263,"성림교역","2020-11-13","2020-11-20",10,"EA",39000,1,390000,10,390000,44152,"결제",44158,0,null,390000,44152,390000,44152,"상신","결재완료",0,null,0]
[1102,1000072027,10,"물품구매 수부 /창원센터",2045601860,"의지상지 미관형의수 등 2종",10,"Z20010367","의지상지-미관형의수실리콘두손 (의지재료) (의지재료)","Z01",456,null,44148,"최종승인",6166,"김현종",44151,300508,"두손의수","2020-11-13","2020-11-20",5,"EA",230000,1,1150000,5,1150000,44152,"결제",44153,0,null,1150000,44152,1150000,44152,"상신","결재완료",0,null,0]
[1102,1000072027,20,"물품구매 수부 /창원센터",2045601860,"의지상지 미관형의수 등 2종",20,"Z20010372","의지상지-미관형의수지실리콘 (의지재료) (의지재료)","Z01",456,null,44148,"최종승인",6166,"김현종",44151,300508,"두손의수","2020-11-13","2020-11-20",7,"EA",65000,1,455000,7,455000,44152,"결제",44153,0,null,455000,44152,455000,44152,"상신","결재완료",0,null,0]
[1102,1000072028,10,"물품구매 휠체어 양*남 /창원센터",2045601861,"활동형휠체어",10,"Z20011130","활동형휠체어 - 제니스-X (휠라인)","Z01",456,null,44148,"최종승인",6166,"김현종",44151,327607,"(주) 삼우티에스","2020-11-13","2020-11-20",1,"EA",1250000,1,1250000,1,1250000,44152,"결제",44153,0,null,1250000,44152,1250000,44152,"상신","결재완료",0,null,0]
[1102,1000072029,10,"물품구매 매트리스 박*호 /창원센터",2045601858,"욕창예방매트리스",10,"Z20130055","욕창예방매트리스-Md-100 TPU3","Z01",456,null,44148,"최종승인",6166,"김현종",44151,301766,"은혜메디칼","2020-11-13","2020-11-20",2,"EA",350000,1,700000,2,700000,44152,"결제",44153,0,null,700000,44152,700000,44152,"상신","결재완료",0,null,0]
[1102,1000072030,10,"물품구매 집뇨기 /창원센터",2045601859,"집뇨기유린백",10,"Z20130035","집뇨기유린백-외산1000(외산1000cc) (의지재료) (의지재료)","Z01",456,null,44148,"최종승인",6166,"김현종",44151,301700,"(주)휠로피아","2020-11-13","2020-11-20",10,"EA",54000,1,540000,10,540000,44152,"결제",44153,0,null,540000,44152,540000,44152,"상신","결재완료",0,null,0]
[1102,1000072041,10,"물품구매(김*하-박*주/유*선)",2045601854,"전동형휠체어 등 3종",10,"Z20120674","전동형휠체어- 나래200,210 (썬메디테크)","Z01",456,null,44148,"최종승인",26283,"유재선",44151,325322,"썬메디테크","2020-11-13","2020-11-20",1,"EA",1900000,1,1900000,1,1900000,44152,"결제",44154,0,null,1900000,44152,1900000,44152,"상신","결재완료",0,null,0]
[1102,1000072041,20,"물품구매(김*하-박*주/유*선)",2045601854,"전동형휠체어 등 3종",20,"Z20120474","휠체어일반형-M1스타트 (의지재료) (의지재료)","Z01",456,null,44148,"최종승인",26283,"유재선",44151,325322,"썬메디테크","2020-11-13","2020-11-20",1,"EA",450000,1,450000,1,450000,44152,"결제",44154,0,null,450000,44152,450000,44152,"상신","결재완료",0,null,0]
[1102,1000072041,30,"물품구매(김*하-박*주/유*선)",2045601854,"전동형휠체어 등 3종",30,"Z20011282","휠체어수리-노바제로 등받이 중간바","Z01",456,null,44148,"최종승인",26283,"유재선",44151,325322,"썬메디테크","2020-11-13","2020-11-20",1,"EA",20000,1,20000,1,20000,44152,"결제",44154,0,null,20000,44152,20000,44152,"상신","결재완료",0,null,0]
[1102,1000072057,10,"물품구매(미관형의수-정*구)",2045601877,"미관형의수 등 3종",10,"Z20010367","의지상지-미관형의수실리콘두손 (의지재료) (의지재료)","Z01",456,null,44151,"최종승인",9144,"정창희",44153,300508,"두손의수","2020-11-16","2020-11-23",3,"EA",230000,1,690000,3,690000,44152,"결제",44158,0,null,690000,44152,690000,44152,"상신","결재완료",0,null,0]
[1102,1000072057,20,"물품구매(미관형의수-정*구)",2045601877,"미관형의수 등 3종",20,"Z20010372","의지상지-미관형의수지실리콘 (의지재료) (의지재료)","Z01",456,null,44151,"최종승인",9144,"정창희",44153,300508,"두손의수","2020-11-16","2020-11-23",1,"EA",65000,1,65000,1,65000,44152,"결제",44158,0,null,65000,44152,65000,44152,"상신","결재완료",0,null,0]
[1102,1300013051,10,"20년 11월 산업안전점검(케이아이안전보건기술원)",2045800064,"11월 산업안전점검",10,null,"20년 11월 산업안전점검","Z04",458,null,44137,"최종승인",4473,"허관",44140,304163,"케이아이안전보건기술원(주) 지점","2020-11-02","2020-11-30",1,"식",180000,1,180000,1,180000,44152,"결제",44153,0,null,180000,44152,180000,44152,"상신","결재완료",180000,44160,180000,44160]
[1102,1000071432,10,"물품구매(IPX NOZZEL SET)",2045601700,"휠체어사용성검증/ipx nozzel set",10,"Z20050915","휠체어사용성검증","Z01",456,null,44158,"최종승인",27377,"정성배",44124,303269,"에스씨엠테크놀러지","2020-10-20","2020-11-30",1,"EA",9340000,1,9340000,1,9340000,44151,"결제",44152,0,null,9340000,44151,9340000,44151,"상신","결재완료",0,null,9340000,44160]
[1102,1000071623,10,"물품구매(배터리 PCB 등 2건/세금계산서)",2045601739,"골유착임플란트/배터리 pcb 등 2종",10,"Z20050686","골유착임플란트(연구재료)","Z01",456,null,44145,"최종승인",27962,"김승기",44132,303359,"주식회사 디엘테크","2020-10-27","2020-11-17",20,"EA",16500,1,330000,20,330000,44151,"결제",44152,0,null,330000,44151,330000,44151,"상신","결재완료",0,null,330000,44160]
[1102,1000071623,20,"물품구매(배터리 PCB 등 2건/세금계산서)",2045601739,"골유착임플란트/배터리 pcb 등 2종",20,"Z20050686","골유착임플란트(연구재료)","Z01",456,null,44145,"최종승인",27962,"김승기",44132,303359,"주식회사 디엘테크","2020-10-27","2020-11-17",30,"EA",550000,30,550000,30,550000,44151,"결제",44152,0,null,550000,44151,550000,44151,"상신","결재완료",0,null,550000,44160]
[1102,1000071918,10,"물품구매(센서전극금도금 등 1건/세금계산서)",2045601843,"스마트소켓/센서 전극 금도금",10,"Z20050607","스마트소켓(연구재료) (연구재료)","Z01",456,null,44158,"최종승인",28673,"전경진",44145,320288,"(주) 민성정밀","2020-11-09","2020-11-30",28,"EA",110000,28,110000,28,110000,44151,"결제",44153,0,null,110000,44151,110000,44151,"상신","결재완료",0,null,110000,44160]
[1102,1000071938,10,"물품구매(전동기립 휠체어)",2045601841,"시험상용화/전동기립 휠체어",10,"Z20050919","전동기립전동휠체어","Z01",456,null,44144,"최종승인",27783,"이미경",44145,304132,"조영승 (상윤산업)","2020-11-09","2020-11-16",2,"EA",5430000,1,10860000,2,10860000,44151,"결제",44152,0,null,10860000,44151,10860000,44151,"상신","결재완료",10860000,44160,10860000,44160]
[1102,1000072009,10,"물품구매(실리콘튜브 등 1건/ 세금계산서)",2045601848,"작업의수마우스/alignment 실리콘튜브",10,"Z20050928","작업의수마우스","Z01",456,null,44148,"최종승인",27961,"홍범기",44148,323203,"코스텍","2020-11-12","2020-11-20",4,"EA",55000,1,220000,4,220000,44151,"결제",44154,0,null,220000,44151,220000,44151,"상신","결재완료",0,null,220000,44160]
[1102,1000071224,10,"물품구매(휠체어 하중 리프트 장치)",2045601623,"휠체어사용성검증/휠체어 하중 리프트 장치",10,"Z20050915","휠체어사용성검증","Z01",456,null,44141,"최종승인",27377,"정성배",44116,319518,"한울","2020-10-12","2020-11-13",2,"EA",2090000,1,4180000,2,4180000,44148,"결제",44153,0,null,4180000,44148,4180000,44148,"상신","결재완료",0,null,4180000,44160]
[1102,1000071433,10,"물품구매(주수 시험 방수 CASE)",2045601699,"휠체어사용성검증/주수 시험 방수 케이스",10,"Z20050915","휠체어사용성검증","Z01",456,null,44158,"최종승인",27377,"정성배",44124,328029,"주식회사 제이에스이(JSE)","2020-10-20","2020-11-30",1,"EA",9400000,1,9400000,1,9400000,44148,"결제",44151,0,null,9400000,44148,9400000,44148,"상신","결재완료",0,null,9400000,44160]
[1102,1000071924,10,"물품구매(리프트)",2045601839,"시험상용화/파워 리프트",10,"Z20050001","파워 리프트(PML-100A)-프로메디","Z01",456,null,44144,"최종승인",27783,"이미경",44144,326875,"주식회사 프로메디","2020-11-09","2020-11-16",3,"EA",1992727,1,5978181,3,5978181,44148,"결제",44152,0,null,5978181,44148,5978181,44148,"상신","결재완료",5978181,44160,5978181,44160]
[1102,1000072002,10,"물품구매(아세탈Φ90*120 등 2건/ 세금계산서)",2045601850,"직무지원/아세탈 등 3종",10,"Z20050113","직무지원 연구재료 (연구재료) (연구재료)","Z01",456,null,44158,"최종승인",28673,"전경진",44148,312450,"우남하이텍","2020-11-12","2020-11-30",8,"EA",8000,1,64000,8,64000,44148,"결제",44152,0,null,64000,44148,64000,44148,"상신","결재완료",64000,44160,64000,44160]
[1102,1000072002,20,"물품구매(아세탈Φ90*120 등 2건/ 세금계산서)",2045601850,"직무지원/아세탈 등 3종",20,"Z20050113","직무지원 연구재료 (연구재료) (연구재료)","Z01",456,null,44158,"최종승인",28673,"전경진",44148,312450,"우남하이텍","2020-11-12","2020-11-30",4,"EA",12000,1,48000,4,48000,44148,"결제",44152,0,null,48000,44148,48000,44148,"상신","결재완료",48000,44160,48000,44160]
[1102,1000072002,30,"물품구매(아세탈Φ90*120 등 2건/ 세금계산서)",2045601850,"직무지원/아세탈 등 3종",30,"Z20050113","직무지원 연구재료 (연구재료) (연구재료)","Z01",456,null,44158,"최종승인",28673,"전경진",44148,312450,"우남하이텍","2020-11-12","2020-11-30",4,"EA",7500,1,30000,4,30000,44148,"결제",44152,0,null,30000,44148,30000,44148,"상신","결재완료",30000,44160,30000,44160]
[1102,1000072032,10,"물품구매(소모품)",2045601867,"소모품 본드 등 4종",10,"Z20010152","소모품-본드(1kg) (의지재료) (의지재료)","Z01",456,null,44148,"최종승인",9144,"정창희",44152,301148,"신성메디칼","2020-11-12","2020-11-20",5,"EA",10000,1,50000,5,50000,44148,"결제",44158,0,null,50000,44148,50000,44148,"상신","결재완료",0,null,0]
[1102,1000072032,20,"물품구매(소모품)",2045601867,"소모품 본드 등 4종",20,"Z20010174","소모품-석고소석고2급b(25kg) (의지재료) (의지재료)","Z01",456,null,44148,"최종승인",9144,"정창희",44152,301148,"신성메디칼","2020-11-12","2020-11-20",5,"EA",35000,1,175000,5,175000,44148,"결제",44158,0,null,175000,44148,175000,44148,"상신","결재완료",0,null,0]
[1102,1000072032,30,"물품구매(소모품)",2045601867,"소모품 본드 등 4종",30,"Z20010781","소모품-진공펌프오일 (의지재료)","Z01",456,null,44148,"최종승인",9144,"정창희",44152,301148,"신성메디칼","2020-11-12","2020-11-20",2,"EA",20000,1,40000,2,40000,44148,"결제",44158,0,null,40000,44148,40000,44148,"상신","결재완료",0,null,0]
[1102,1000072032,40,"물품구매(소모품)",2045601867,"소모품 본드 등 4종",40,"Z20010139","소모품-박스포장용테이프(6cm) (의지재료) (의지재료)","Z01",456,null,44148,"최종승인",9144,"정창희",44152,301148,"신성메디칼","2020-11-12","2020-11-20",10,"EA",1000,1,10000,10,10000,44148,"결제",44158,0,null,10000,44148,10000,44148,"상신","결재완료",0,null,0]
[1102,1000071741,10,"물품구매(욕창침대로봇 접촉압력측정장치 충전배터리SET)",2045601778,"돌봄로봇평가/욕창침대로봇 접촉압력측정장치 충전배터리 셑",10,"Z20050814","돌봄로봇평가(연구재료)","Z01",456,null,44148,"최종승인",27377,"정성배",44137,319518,"한울","2020-11-02","2020-11-20",1,"EA",898000,1,898000,1,898000,44147,"결제",44151,0,null,898000,44147,898000,44147,"상신","결재완료",0,null,898000,44160]
[1102,1000071761,10,"물품구매(소모품-실리콘의수팀)",2045601784,"chlorosil 20sh hv 등 2종",10,"Z20011095","의지재료-Chlorosil 20Sh HV(오토복)","Z01",456,null,44144,"최종승인",8664,"유효종",44138,305386,"(주) 오토복코리아헬스케어","2020-11-02","2020-11-16",1,"EA",1917000,1,1917000,1,1917000,44147,"결제",44158,0,null,1917000,44147,1917000,44147,"상신","결재완료",0,null,0]
[1102,1000071761,20,"물품구매(소모품-실리콘의수팀)",2045601784,"chlorosil 20sh hv 등 2종",20,"Z20011186","의지재료-Sanding sleeve for 89F16(89F18)","Z01",456,null,44144,"최종승인",8664,"유효종",44138,305386,"(주) 오토복코리아헬스케어","2020-11-02","2020-11-16",2,"EA",60000,1,120000,2,120000,44147,"결제",44158,0,null,120000,44147,120000,44147,"상신","결재완료",0,null,0]
[1102,1300013173,10,"물품구매요구(5지 의수 파지력 측정기 교정비/세금계산서)",2045601904,"골유착임플란트/5지 의수 파지력 측정기 교정비",10,null,"5지 의수 파지력 측정기 교정비","Z04",456,"서비스",44155,"최종승인",11510,"정성윤",44158,328193,"대경테크주식회사","2020-11-11","2020-11-24",1,"AU",271524,1,271524,1,271524,44147,"결제",44158,0,null,271524,44147,271524,44147,"상신","결재완료",0,null,271524,44160]
[1102,1000071276,10,"물품구매(공압스위치등5종 1건/세금계산서)",2045601637,"모듈형휠체어/공압스위치 등 5종",10,"Z20050916","모듈형휠체어","Z01",456,null,44153,"최종승인",6363,"홍응표",44118,323396,"스마트솔루션","2020-10-13","2020-11-25",1,"EA",2215400,1,2215400,1,2215400,44146,"결제",44148,0,null,2215400,44146,2215400,44146,"상신","결재완료",0,null,2215400,44160]
[1102,1000071386,10,"물품구매(조종기 하부 케이스 등 12건/세금계산서)",2045601704,"스마트어시스트/조종기 하부 케이스 등 12종",10,"Z20050649","스마트어시스트(연구재료) (연구재료)","Z01",456,null,44141,"최종승인",26892,"권칠용",44125,302038,"이룩스","2020-10-16","2020-11-13",1,"EA",440000,1,440000,1,440000,44146,"결제",44152,0,null,440000,44146,440000,44146,"상신","결재완료",0,null,440000,44160]
[1102,1000071386,20,"물품구매(조종기 하부 케이스 등 12건/세금계산서)",2045601704,"스마트어시스트/조종기 하부 케이스 등 12종",20,"Z20050649","스마트어시스트(연구재료) (연구재료)","Z01",456,null,44141,"최종승인",26892,"권칠용",44125,302038,"이룩스","2020-10-16","2020-11-13",1,"EA",286000,1,286000,1,286000,44146,"결제",44152,0,null,286000,44146,286000,44146,"상신","결재완료",0,null,286000,44160]
[1102,1000071386,30,"물품구매(조종기 하부 케이스 등 12건/세금계산서)",2045601704,"스마트어시스트/조종기 하부 케이스 등 12종",30,"Z20050649","스마트어시스트(연구재료) (연구재료)","Z01",456,null,44141,"최종승인",26892,"권칠용",44125,302038,"이룩스","2020-10-16","2020-11-13",1,"EA",286000,1,286000,1,286000,44146,"결제",44152,0,null,286000,44146,286000,44146,"상신","결재완료",0,null,286000,44160]
[1102,1000071386,40,"물품구매(조종기 하부 케이스 등 12건/세금계산서)",2045601704,"스마트어시스트/조종기 하부 케이스 등 12종",40,"Z20050649","스마트어시스트(연구재료) (연구재료)","Z01",456,null,44141,"최종승인",26892,"권칠용",44125,302038,"이룩스","2020-10-16","2020-11-13",1,"EA",16500,1,16500,1,16500,44146,"결제",44152,0,null,16500,44146,16500,44146,"상신","결재완료",0,null,16500,44160]
[1102,1000071386,50,"물품구매(조종기 하부 케이스 등 12건/세금계산서)",2045601704,"스마트어시스트/조종기 하부 케이스 등 12종",50,"Z20050649","스마트어시스트(연구재료) (연구재료)","Z01",456,null,44141,"최종승인",26892,"권칠용",44125,302038,"이룩스","2020-10-16","2020-11-13",1,"EA",22000,1,22000,1,22000,44146,"결제",44152,0,null,22000,44146,22000,44146,"상신","결재완료",0,null,22000,44160]
[1102,1000071386,60,"물품구매(조종기 하부 케이스 등 12건/세금계산서)",2045601704,"스마트어시스트/조종기 하부 케이스 등 12종",60,"Z20050649","스마트어시스트(연구재료) (연구재료)","Z01",456,null,44141,"최종승인",26892,"권칠용",44125,302038,"이룩스","2020-10-16","2020-11-13",2,"EA",71500,1,143000,2,143000,44146,"결제",44152,0,null,143000,44146,143000,44146,"상신","결재완료",0,null,143000,44160]
[1102,1000071386,70,"물품구매(조종기 하부 케이스 등 12건/세금계산서)",2045601704,"스마트어시스트/조종기 하부 케이스 등 12종",70,"Z20050649","스마트어시스트(연구재료) (연구재료)","Z01",456,null,44141,"최종승인",26892,"권칠용",44125,302038,"이룩스","2020-10-16","2020-11-13",2,"EA",71500,1,143000,2,143000,44146,"결제",44152,0,null,143000,44146,143000,44146,"상신","결재완료",0,null,143000,44160]
[1102,1000071386,80,"물품구매(조종기 하부 케이스 등 12건/세금계산서)",2045601704,"스마트어시스트/조종기 하부 케이스 등 12종",80,"Z20050649","스마트어시스트(연구재료) (연구재료)","Z01",456,null,44141,"최종승인",26892,"권칠용",44125,302038,"이룩스","2020-10-16","2020-11-13",2,"EA",71500,1,143000,2,143000,44146,"결제",44152,0,null,143000,44146,143000,44146,"상신","결재완료",0,null,143000,44160]
[1102,1000071386,90,"물품구매(조종기 하부 케이스 등 12건/세금계산서)",2045601704,"스마트어시스트/조종기 하부 케이스 등 12종",90,"Z20050649","스마트어시스트(연구재료) (연구재료)","Z01",456,null,44141,"최종승인",26892,"권칠용",44125,302038,"이룩스","2020-10-16","2020-11-13",2,"EA",71500,1,143000,2,143000,44146,"결제",44152,0,null,143000,44146,143000,44146,"상신","결재완료",0,null,143000,44160]
[1102,1000071386,100,"물품구매(조종기 하부 케이스 등 12건/세금계산서)",2045601704,"스마트어시스트/조종기 하부 케이스 등 12종",100,"Z20050649","스마트어시스트(연구재료) (연구재료)","Z01",456,null,44141,"최종승인",26892,"권칠용",44125,302038,"이룩스","2020-10-16","2020-11-13",2,"EA",71500,1,143000,2,143000,44146,"결제",44152,0,null,143000,44146,143000,44146,"상신","결재완료",0,null,143000,44160]
[1102,1000071386,110,"물품구매(조종기 하부 케이스 등 12건/세금계산서)",2045601704,"스마트어시스트/조종기 하부 케이스 등 12종",110,"Z20050649","스마트어시스트(연구재료) (연구재료)","Z01",456,null,44141,"최종승인",26892,"권칠용",44125,302038,"이룩스","2020-10-16","2020-11-13",2,"EA",71500,1,143000,2,143000,44146,"결제",44152,0,null,143000,44146,143000,44146,"상신","결재완료",0,null,143000,44160]
[1102,1000071386,120,"물품구매(조종기 하부 케이스 등 12건/세금계산서)",2045601704,"스마트어시스트/조종기 하부 케이스 등 12종",120,"Z20050649","스마트어시스트(연구재료) (연구재료)","Z01",456,null,44141,"최종승인",26892,"권칠용",44125,302038,"이룩스","2020-10-16","2020-11-13",2,"EA",88000,1,176000,2,176000,44146,"결제",44152,0,null,176000,44146,176000,44146,"상신","결재완료",0,null,176000,44160]
[1102,1300013128,10,"20년 하반기 저수조 청소 및 소독",2045800066,"저수조 청소 및 소독(2020년 하반기)",10,null,"20년 하반기 저수조 청소 및 소독","Z04",458,null,44146,"최종승인",4473,"허관",44146,302071,"덕인환경","2020-11-11","2020-11-30",1,"식",440000,1,440000,1,440000,44146,"결제",44147,0,null,440000,44146,440000,44146,"상신","결재완료",440000,44160,440000,44160]
[1102,1000071709,10,"물품구매요구(5지 의수 손가락 고정 부품 모듈 제작/세금계산서)",2045601799,"골유착임플란트/5지 의수 손가락 고정부품 모듈 제작",10,"Z20050686","골유착임플란트(연구재료)","Z01",456,null,44141,"최종승인",11510,"정성윤",44140,324705,"주식회사 신성텍","2020-10-30","2020-11-13",2,"EA",643500,1,1287000,2,1287000,44145,"결제",44153,0,null,1287000,44145,1287000,44145,"상신","결재완료",0,null,1287000,44160]
[1102,1000071710,10,"물품구매요구(5지 의수용 엄지 회전용 부품 모듈 제작/세금계산서)",2045601798,"골유착임플란트/5지 의수용 엄지 회전용 부품 모듈 제작",10,"Z20050686","골유착임플란트(연구재료)","Z01",456,null,44141,"최종승인",11510,"정성윤",44140,324705,"주식회사 신성텍","2020-10-30","2020-11-13",4,"EA",990000,1,3960000,4,3960000,44145,"결제",44153,0,null,3960000,44145,3960000,44145,"상신","결재완료",0,null,3960000,44160]
[1102,1000071721,10,"물품구매요구(오지의수용 웜휠기어 가공/세금계산서)",2045601800,"골유착임플란트/오지 의수용 웜휠 기어 가공",10,"Z20050686","골유착임플란트(연구재료)","Z01",456,null,44141,"최종승인",11510,"정성윤",44140,324705,"주식회사 신성텍","2020-10-30","2020-11-13",10,"EA",55000,1,550000,10,550000,44145,"결제",44153,0,null,550000,44145,550000,44145,"상신","결재완료",0,null,550000,44160]
[1102,1000071860,10,"물품구매/실리콘내피/임*식/박*식/조*서/조*문",2045601815,"의지하지 실리콘싹스 등 2종",10,"Z20010532","의지하지-실리콘싹스컴포트하퇴용(외산) (의지재료) (의지재료)","Z01",456,null,44140,"최종승인",6164,"조성문",44144,301434,"오서코리아주식회사","2020-11-06","2020-11-12",2,"EA",335000,1,670000,2,670000,44145,"결제",44146,0,null,670000,44145,670000,44145,"상신","결재완료",0,null,0]
[1102,1000071860,20,"물품구매/실리콘내피/임*식/박*식/조*서/조*문",2045601815,"의지하지 실리콘싹스 등 2종",20,"Z20010663","의지하지-실리콘싹스X5씰린라이너웨이브하퇴용(오서) (의지재료) (의지재료","Z01",456,null,44140,"최종승인",6164,"조성문",44144,301434,"오서코리아주식회사","2020-11-06","2020-11-12",2,"EA",398000,1,796000,2,796000,44145,"결제",44146,0,null,796000,44145,796000,44145,"상신","결재완료",0,null,0]
[1102,1000071878,10,"물품구매 의지하지/창원센터",2045601835,"의지하지 실리콘싹스 등 2종",10,"Z20010532","의지하지-실리콘싹스컴포트하퇴용(외산) (의지재료) (의지재료)","Z01",456,null,44141,"최종승인",8445,"차민국",44144,301434,"오서코리아주식회사","2020-11-06","2020-11-13",1,"EA",335000,1,335000,1,335000,44145,"결제",44146,0,null,335000,44145,335000,44145,"상신","결재완료",0,null,0]
[1102,1000071878,20,"물품구매 의지하지/창원센터",2045601835,"의지하지 실리콘싹스 등 2종",20,"Z20010672","의지하지-플랙스풋커버(오서) (의지재료)","Z01",456,null,44141,"최종승인",8445,"차민국",44144,301434,"오서코리아주식회사","2020-11-06","2020-11-13",1,"EA",148000,1,148000,1,148000,44145,"결제",44146,0,null,148000,44145,148000,44145,"상신","결재완료",0,null,0]
[1102,1000071879,10,"물품구매 의지상하지/창원센터",2045601834,"의지하지 실리콘싹스 등 4종",10,"Z20010526","의지하지-실리콘싹스이지락킹(미국산) (의지재료) (의지재료)","Z01",456,null,44141,"최종승인",8445,"차민국",44144,301263,"성림교역","2020-11-06","2020-11-13",1,"EA",330000,1,330000,1,330000,44145,"결제",44146,0,null,330000,44145,330000,44145,"상신","결재완료",0,null,0]
[1102,1000071879,20,"물품구매 의지상하지/창원센터",2045601834,"의지하지 실리콘싹스 등 4종",20,"Z20010368","의지상지-미관형의수실리콘리갈(외산) (의지재료) (의지재료)","Z01",456,null,44141,"최종승인",8445,"차민국",44144,301263,"성림교역","2020-11-06","2020-11-13",4,"EA",230000,1,920000,4,920000,44145,"결제",44146,0,null,920000,44145,920000,44145,"상신","결재완료",0,null,0]
[1102,1000071879,30,"물품구매 의지상하지/창원센터",2045601834,"의지하지 실리콘싹스 등 4종",30,"Z20010486","의지하지-발족부외피카바프리덤 (의지재료) (의지재료)","Z01",456,null,44141,"최종승인",8445,"차민국",44144,301263,"성림교역","2020-11-06","2020-11-13",1,"EA",160000,1,160000,1,160000,44145,"결제",44146,0,null,160000,44145,160000,44145,"상신","결재완료",0,null,0]
[1102,1000071879,40,"물품구매 의지상하지/창원센터",2045601834,"의지하지 실리콘싹스 등 4종",40,"Z20010611","보조기하지-CEPA (의지재료) (의지재료)","Z01",456,null,44141,"최종승인",8445,"차민국",44144,301263,"성림교역","2020-11-06","2020-11-13",1,"EA",108000,1,108000,1,108000,44145,"결제",44146,0,null,108000,44145,108000,44145,"상신","결재완료",0,null,0]
[1102,1000071880,10,"물품구매 의지하지/창원센터",2045601833,"의지하지 코렉 풋",10,"Z20011070","의지하지-KOREC FOOT 3 LP","Z01",456,null,44141,"최종승인",8445,"차민국",44144,324453,"(주) 한일산업","2020-11-06","2020-11-13",1,"EA",491700,1,491700,1,491700,44145,"결제",44148,0,null,491700,44145,491700,44145,"상신","결재완료",0,null,0]
[1102,1000071884,10,"물품구매(남*식/유*선)",2045601824,"휠체어수리 타이어 등 13종",10,"Z20120342","휠체어수리-타이어일반형휠로피아(24in) (의지재료) (의지재료)","Z01",456,null,44141,"최종승인",26283,"유재선",44144,301700,"(주)휠로피아","2020-11-06","2020-11-13",10,"EA",6600,1,66000,10,66000,44145,"결제",44146,0,null,66000,44145,66000,44145,"상신","결재완료",0,null,0]
[1102,1000071884,20,"물품구매(남*식/유*선)",2045601824,"휠체어수리 타이어 등 13종",20,"Z20120392","휠체어수리-튜브일반형휠로피아(24x13/8in) (의지재료) (의지재료)","Z01",456,null,44141,"최종승인",26283,"유재선",44144,301700,"(주)휠로피아","2020-11-06","2020-11-13",50,"EA",4400,1,220000,50,220000,44145,"결제",44146,0,null,220000,44145,220000,44145,"상신","결재완료",0,null,0]
[1102,1000071884,30,"물품구매(남*식/유*선)",2045601824,"휠체어수리 타이어 등 13종",30,"Z20120332","휠체어수리-타이어산악용일산(24,25in) (의지재료) (의지재료)","Z01",456,null,44141,"최종승인",26283,"유재선",44144,301700,"(주)휠로피아","2020-11-06","2020-11-13",10,"EA",23200,1,232000,10,232000,44145,"결제",44146,0,null,232000,44145,232000,44145,"상신","결재완료",0,null,0]
[1102,1000071884,40,"물품구매(남*식/유*선)",2045601824,"휠체어수리 타이어 등 13종",40,"Z20120335","휠체어수리-타이어스포츠용휠로피아(24in) (의지재료) (의지재료)","Z01",456,null,44141,"최종승인",26283,"유재선",44144,301700,"(주)휠로피아","2020-11-06","2020-11-13",10,"EA",23200,1,232000,10,232000,44145,"결제",44146,0,null,232000,44145,232000,44145,"상신","결재완료",0,null,0]
[1102,1000071884,50,"물품구매(남*식/유*선)",2045601824,"휠체어수리 타이어 등 13종",50,"Z20120561","타이어-24\"마라톤점검 (퓔로피아) (의지재료) (의지재료)","Z01",456,null,44141,"최종승인",26283,"유재선",44144,301700,"(주)휠로피아","2020-11-06","2020-11-13",10,"EA",32000,1,320000,10,320000,44145,"결제",44146,0,null,320000,44145,320000,44145,"상신","결재완료",0,null,0]
[1102,1000071884,60,"물품구매(남*식/유*선)",2045601824,"휠체어수리 타이어 등 13종",60,"Z20011283","휠체어수리-팔걸이패드 kp-31","Z01",456,null,44141,"최종승인",26283,"유재선",44144,301700,"(주)휠로피아","2020-11-06","2020-11-13",2,"EA",20000,1,40000,2,40000,44145,"결제",44146,0,null,40000,44145,40000,44145,"상신","결재완료",0,null,0]
[1102,1000071884,70,"물품구매(남*식/유*선)",2045601824,"휠체어수리 타이어 등 13종",70,"Z20120172","휠체어수리-배터리휠로피아(12V50AH) (의지재료) (의지재료)","Z01",456,null,44141,"최종승인",26283,"유재선",44144,301700,"(주)휠로피아","2020-11-06","2020-11-13",2,"EA",95000,1,190000,2,190000,44145,"결제",44146,0,null,190000,44145,190000,44145,"상신","결재완료",0,null,0]
[1102,1000071884,80,"물품구매(남*식/유*선)",2045601824,"휠체어수리 타이어 등 13종",80,"Z20120616","휠체어수리-배터리(12V62AH) (의지재료)","Z01",456,null,44141,"최종승인",26283,"유재선",44144,301700,"(주)휠로피아","2020-11-06","2020-11-13",2,"EA",105000,1,210000,2,210000,44145,"결제",44146,0,null,210000,44145,210000,44145,"상신","결재완료",0,null,0]
[1102,1000071884,90,"물품구매(남*식/유*선)",2045601824,"휠체어수리 타이어 등 13종",90,"Z20120218","휠체어수리-스쿠터용타이어10in3.00-4휠로피아(10in) (의지재료)","Z01",456,null,44141,"최종승인",26283,"유재선",44144,301700,"(주)휠로피아","2020-11-06","2020-11-13",4,"EA",10000,1,40000,4,40000,44145,"결제",44146,0,null,40000,44145,40000,44145,"상신","결재완료",0,null,0]
[1102,1000071884,100,"물품구매(남*식/유*선)",2045601824,"휠체어수리 타이어 등 13종",100,"Z20120222","휠체어수리-스쿠터용튜브10in3.00-4휠로피아(10in) (의지재료)","Z01",456,null,44141,"최종승인",26283,"유재선",44144,301700,"(주)휠로피아","2020-11-06","2020-11-13",5,"EA",6000,1,30000,5,30000,44145,"결제",44146,0,null,30000,44145,30000,44145,"상신","결재완료",0,null,0]
[1102,1000071884,110,"물품구매(남*식/유*선)",2045601824,"휠체어수리 타이어 등 13종",110,"Z20120352","휠체어수리-타이어전동용에휠로피아(14in) (의지재료) (의지재료)","Z01",456,null,44141,"최종승인",26283,"유재선",44144,301700,"(주)휠로피아","2020-11-06","2020-11-13",4,"EA",18000,1,72000,4,72000,44145,"결제",44146,0,null,72000,44145,72000,44145,"상신","결재완료",0,null,0]
[1102,1000071884,120,"물품구매(남*식/유*선)",2045601824,"휠체어수리 타이어 등 13종",120,"Z20120395","휠체어수리-튜브전동용(14in) (의지재료) (의지재료)","Z01",456,null,44141,"최종승인",26283,"유재선",44144,301700,"(주)휠로피아","2020-11-06","2020-11-13",4,"EA",8000,1,32000,4,32000,44145,"결제",44146,0,null,32000,44145,32000,44145,"상신","결재완료",0,null,0]
[1102,1000071884,130,"물품구매(남*식/유*선)",2045601824,"휠체어수리 타이어 등 13종",130,"Z20120559","휠체어전동형 KP31 (휠로피아) (의지재료) (의지재료)","Z01",456,null,44141,"최종승인",26283,"유재선",44144,301700,"(주)휠로피아","2020-11-06","2020-11-13",1,"EA",1860000,1,1860000,1,1860000,44145,"결제",44146,0,null,1860000,44145,1860000,44145,"상신","결재완료",0,null,0]
[1102,1000071885,10,"물품구매(양*주-손*화/유*선)",2045601823,"활동형휠체어",10,"Z20011130","활동형휠체어 - 제니스-X (휠라인)","Z01",456,null,44141,"최종승인",26283,"유재선",44144,325857,"주식회사 엠코리아토탈서비스","2020-11-06","2020-11-13",2,"EA",1250000,1,2500000,2,2500000,44145,"결제",44146,0,null,2500000,44145,2500000,44145,"상신","결재완료",0,null,0]
[1102,1000071886,10,"물품구매(오*교-이*범/유*선)",2045601822,"활동형휠체어 등 3종",10,"Z20120641","활동형휠체어- 노바제로 A타입 (티오엠)","Z01",456,null,44141,"최종승인",26283,"유재선",44144,325322,"썬메디테크","2020-11-06","2020-11-13",2,"EA",950000,1,1900000,2,1900000,44145,"결제",44146,0,null,1900000,44145,1900000,44145,"상신","결재완료",0,null,0]
[1102,1000071886,20,"물품구매(오*교-이*범/유*선)",2045601822,"활동형휠체어 등 3종",20,"Z20120611","휠체어수리-팔걸이조립-노바제로용-티오엠보빌리티 (의지재료)","Z01",456,null,44141,"최종승인",26283,"유재선",44144,325322,"썬메디테크","2020-11-06","2020-11-13",2,"EA",40000,1,80000,2,80000,44145,"결제",44146,0,null,80000,44145,80000,44145,"상신","결재완료",0,null,0]
[1102,1000071886,30,"물품구매(오*교-이*범/유*선)",2045601822,"활동형휠체어 등 3종",30,"Z20011282","휠체어수리-노바제로 등받이 중간바","Z01",456,null,44141,"최종승인",26283,"유재선",44144,325322,"썬메디테크","2020-11-06","2020-11-13",1,"EA",20000,1,20000,1,20000,44145,"결제",44146,0,null,20000,44145,20000,44145,"상신","결재완료",0,null,0]
[1102,1000071887,10,"기타(휠체어타이어)",2045601821,"휠체어수리 타이어",10,"Z20120371","휠체어수리-타이어J2용미키(22,24x1in) (의지재료) (의지재료)","Z01",456,null,44141,"최종승인",26283,"유재선",44144,309507,"미키코리아(주)","2020-11-06","2020-11-13",30,"EA",8000,1,240000,30,240000,44145,"결제",44146,0,null,240000,44145,240000,44145,"상신","결재완료",0,null,0]
[1102,1000071888,10,"물품구매(정*근-김*동-조*형-이*형/유*선)",2045601820,"휠체어꺽기형 등 4종",10,"Z20120054","휠체어꺽기형-미라지7분리형미키 (의지재료) (의지재료)","Z01",456,null,44141,"최종승인",26283,"유재선",44144,301882,"미키메디칼","2020-11-06","2020-11-13",2,"EA",540000,1,1080000,2,1080000,44145,"결제",44148,0,null,1080000,44145,1080000,44145,"상신","결재완료",0,null,0]
[1102,1000071888,20,"물품구매(정*근-김*동-조*형-이*형/유*선)",2045601820,"휠체어꺽기형 등 4종",20,"Z20120055","휠체어꺽기형-미라지7일반형미키 (의지재료) (의지재료)","Z01",456,null,44141,"최종승인",26283,"유재선",44144,301882,"미키메디칼","2020-11-06","2020-11-13",1,"EA",440000,1,440000,1,440000,44145,"결제",44148,0,null,440000,44145,440000,44145,"상신","결재완료",0,null,0]
[1102,1000071888,30,"물품구매(정*근-김*동-조*형-이*형/유*선)",2045601820,"휠체어꺽기형 등 4종",30,"Z20120628","침대형휠체어-HAL-48알루미늄드럼브레이크(미키코리아) (의지재료)","Z01",456,null,44141,"최종승인",26283,"유재선",44144,301882,"미키메디칼","2020-11-06","2020-11-13",1,"EA",740000,1,740000,1,740000,44145,"결제",44148,0,null,740000,44145,740000,44145,"상신","결재완료",0,null,0]
[1102,1000071888,40,"물품구매(정*근-김*동-조*형-이*형/유*선)",2045601820,"휠체어꺽기형 등 4종",40,"Z20120268","휠체어수리-앞바퀴조립포밍미키(6in) (의지재료) (의지재료)","Z01",456,null,44141,"최종승인",26283,"유재선",44144,301882,"미키메디칼","2020-11-06","2020-11-13",10,"EA",20000,1,200000,10,200000,44145,"결제",44148,0,null,200000,44145,200000,44145,"상신","결재완료",0,null,0]
[1102,1000071889,10,"물품구매(이*용/유*선)",2045601819,"일반형휠체어",10,"Z20120654","일반형휠체어-SMART-Twin(22D)(우리체어메디칼)","Z01",456,null,44141,"최종승인",26283,"유재선",44144,324470,"우리체어메디칼","2020-11-06","2020-11-13",1,"EA",450000,1,450000,1,450000,44145,"결제",44146,0,null,450000,44145,450000,44145,"상신","결재완료",0,null,0]
[1102,1000071890,10,"기타(클러치,4발지팡이,타이어)",2045601818,"휠체어수리 통타이어 등 3종",10,"Z20120659","휠체어수리-통타이어일반형대세(24in)","Z01",456,null,44141,"최종승인",26283,"유재선",44144,306977,"(주)대세엠케어 경인지점 (인천)","2020-11-06","2020-11-13",20,"EA",16000,1,320000,20,320000,44145,"결제",44146,0,null,320000,44145,320000,44145,"상신","결재완료",0,null,0]
[1102,1000071890,20,"기타(클러치,4발지팡이,타이어)",2045601818,"휠체어수리 통타이어 등 3종",20,"Z20120017","소모품-알무늄클럿치대세(大,中,小) (의지재료) (의지재료)","Z01",456,null,44141,"최종승인",26283,"유재선",44144,306977,"(주)대세엠케어 경인지점 (인천)","2020-11-06","2020-11-13",20,"EA",12000,1,240000,20,240000,44145,"결제",44146,0,null,240000,44145,240000,44145,"상신","결재완료",0,null,0]
[1102,1000071890,30,"기타(클러치,4발지팡이,타이어)",2045601818,"휠체어수리 통타이어 등 3종",30,"Z20120040","소모품-지팡이대세(4발용) (의지재료) (의지재료)","Z01",456,null,44141,"최종승인",26283,"유재선",44144,306977,"(주)대세엠케어 경인지점 (인천)","2020-11-06","2020-11-13",10,"EA",8000,1,80000,10,80000,44145,"결제",44146,0,null,80000,44145,80000,44145,"상신","결재완료",0,null,0]
[1102,1000071891,10,"물품구매/미관형의수,의수지(실리콘)/주*용/제*자/장*호/신*녀/안*균/김*숙/",2045601812,"의지상지 미관형의수 등 2종",10,"Z20010367","의지상지-미관형의수실리콘두손 (의지재료) (의지재료)","Z01",456,null,44141,"최종승인",6164,"조성문",44144,300508,"두손의수","2020-11-06","2020-11-13",5,"EA",230000,1,1150000,5,1150000,44145,"결제",44146,0,null,1150000,44145,1150000,44145,"상신","결재완료",0,null,0]
[1102,1000071891,20,"물품구매/미관형의수,의수지(실리콘)/주*용/제*자/장*호/신*녀/안*균/김*숙/",2045601812,"의지상지 미관형의수 등 2종",20,"Z20010372","의지상지-미관형의수지실리콘 (의지재료) (의지재료)","Z01",456,null,44141,"최종승인",6164,"조성문",44144,300508,"두손의수","2020-11-06","2020-11-13",6,"EA",65000,1,390000,6,390000,44145,"결제",44146,0,null,390000,44145,390000,44145,"상신","결재완료",0,null,0]
[1102,1000071892,10,"물품구매 수부 /창원센터",2045601831,"의지상지 미관형의수 등 4종",10,"Z20010367","의지상지-미관형의수실리콘두손 (의지재료) (의지재료)","Z01",456,null,44141,"최종승인",8445,"차민국",44144,300508,"두손의수","2020-11-06","2020-11-13",6,"EA",230000,1,1380000,6,1380000,44145,"결제",44146,0,null,1380000,44145,1380000,44145,"상신","결재완료",0,null,0]
[1102,1000071892,20,"물품구매 수부 /창원센터",2045601831,"의지상지 미관형의수 등 4종",20,"Z20010372","의지상지-미관형의수지실리콘 (의지재료) (의지재료)","Z01",456,null,44141,"최종승인",8445,"차민국",44144,300508,"두손의수","2020-11-06","2020-11-13",8,"EA",65000,1,520000,8,520000,44145,"결제",44146,0,null,520000,44145,520000,44145,"상신","결재완료",0,null,0]
[1102,1000071892,30,"물품구매 수부 /창원센터",2045601831,"의지상지 미관형의수 등 4종",30,"Z20010363","의지상지-미관형의수레진두손 (의지재료) (의지재료)","Z01",456,null,44141,"최종승인",8445,"차민국",44144,300508,"두손의수","2020-11-06","2020-11-13",2,"EA",90000,1,180000,2,180000,44145,"결제",44146,0,null,180000,44145,180000,44145,"상신","결재완료",0,null,0]
[1102,1000071892,40,"물품구매 수부 /창원센터",2045601831,"의지상지 미관형의수 등 4종",40,"Z20010362","의지상지-미관형발족부레진 (의지재료) (의지재료)","Z01",456,null,44141,"최종승인",8445,"차민국",44144,300508,"두손의수","2020-11-06","2020-11-13",3,"EA",90000,1,270000,3,270000,44145,"결제",44146,0,null,270000,44145,270000,44145,"상신","결재완료",0,null,0]
[1102,1000071893,10,"물품구매 휠체어 서*우 /창원센터",2045601832,"일반형휠체어",10,"Z20120652","일반형휠체어-SMART-cpu(24D)우리체어메디칼","Z01",456,null,44141,"최종승인",8445,"차민국",44144,327607,"(주) 삼우티에스","2020-11-06","2020-11-13",1,"EA",450000,1,450000,1,450000,44145,"결제",44146,0,null,450000,44145,450000,44145,"상신","결재완료",0,null,0]
[1102,1000071894,10,"물품구매 휠체어 허*수 /창원센터",2045601829,"일반형휠체어",10,"Z20120676","일반형휠체어-이클립스X2(휠로피아)","Z01",456,null,44141,"최종승인",8445,"차민국",44144,324832,"주식회사 이레엠케어","2020-11-06","2020-11-13",1,"EA",440000,1,440000,1,440000,44145,"결제",44146,0,null,440000,44145,440000,44145,"상신","결재완료",0,null,0]
[1102,1000071895,10,"물품구매 휠체어 박*훈 /창원센터",2045601828,"휠체어꺽기형",10,"Z20120055","휠체어꺽기형-미라지7일반형미키 (의지재료) (의지재료)","Z01",456,null,44141,"최종승인",8445,"차민국",44144,309507,"미키코리아(주)","2020-11-06","2020-11-13",1,"EA",440000,1,440000,1,440000,44145,"결제",44146,0,null,440000,44145,440000,44145,"상신","결재완료",0,null,0]
[1102,1000071896,10,"물품구매 소모품 /창원센터",2045601830,"소모품 석고소석고 등 8종",10,"Z20010174","소모품-석고소석고2급b(25kg) (의지재료) (의지재료)","Z01",456,null,44141,"최종승인",8445,"차민국",44144,301148,"신성메디칼","2020-11-06","2020-11-13",5,"EA",35000,1,175000,5,175000,44145,"결제",44146,0,null,175000,44145,175000,44145,"상신","결재완료",0,null,0]
[1102,1000071896,20,"물품구매 소모품 /창원센터",2045601830,"소모품 석고소석고 등 8종",20,"Z20010170","소모품-석고붕대(10cm) (의지재료) (의지재료)","Z01",456,null,44141,"최종승인",8445,"차민국",44144,301148,"신성메디칼","2020-11-06","2020-11-13",120,"EA",3000,1,360000,120,360000,44145,"결제",44146,0,null,360000,44145,360000,44145,"상신","결재완료",0,null,0]
[1102,1000071896,30,"물품구매 소모품 /창원센터",2045601830,"소모품 석고소석고 등 8종",30,"Z20010171","소모품-석고붕대(15cm) (의지재료) (의지재료)","Z01",456,null,44141,"최종승인",8445,"차민국",44144,301148,"신성메디칼","2020-11-06","2020-11-13",72,"EA",3500,1,252000,72,252000,44145,"결제",44146,0,null,252000,44145,252000,44145,"상신","결재완료",0,null,0]
[1102,1000071896,40,"물품구매 소모품 /창원센터",2045601830,"소모품 석고소석고 등 8종",40,"Z20010334","소모품-P.P(12x40x40) (의지재료) (의지재료)","Z01",456,null,44141,"최종승인",8445,"차민국",44144,301148,"신성메디칼","2020-11-06","2020-11-13",5,"EA",20000,1,100000,5,100000,44145,"결제",44146,0,null,100000,44145,100000,44145,"상신","결재완료",0,null,0]
[1102,1000071896,50,"물품구매 소모품 /창원센터",2045601830,"소모품 석고소석고 등 8종",50,"Z20010335","소모품-P.P(15x40x40) (의지재료) (의지재료)","Z01",456,null,44141,"최종승인",8445,"차민국",44144,301148,"신성메디칼","2020-11-06","2020-11-13",5,"EA",25500,1,127500,5,127500,44145,"결제",44146,0,null,127500,44145,127500,44145,"상신","결재완료",0,null,0]
[1102,1000071896,60,"물품구매 소모품 /창원센터",2045601830,"소모품 석고소석고 등 8종",60,"Z20010259","소모품-젤렉스(A급) (의지재료) (의지재료)","Z01",456,null,44141,"최종승인",8445,"차민국",44144,301148,"신성메디칼","2020-11-06","2020-11-13",5,"EA",35000,1,175000,5,175000,44145,"결제",44146,0,null,175000,44145,175000,44145,"상신","결재완료",0,null,0]
[1102,1000071896,70,"물품구매 소모품 /창원센터",2045601830,"소모품 석고소석고 등 8종",70,"Z20010134","소모품-면스타키넷(국산3in) (의지재료) (의지재료)","Z01",456,null,44141,"최종승인",8445,"차민국",44144,301148,"신성메디칼","2020-11-06","2020-11-13",100,"EA",1000,1,100000,100,100000,44145,"결제",44146,0,null,100000,44145,100000,44145,"상신","결재완료",0,null,0]
[1102,1000071896,80,"물품구매 소모품 /창원센터",2045601830,"소모품 석고소석고 등 8종",80,"Z20010100","소모품-내피피혁(30cm) (의지재료) (의지재료)","Z01",456,null,44141,"최종승인",8445,"차민국",44144,301148,"신성메디칼","2020-11-06","2020-11-13",60,"EA",5000,1,300000,60,300000,44145,"결제",44146,0,null,300000,44145,300000,44145,"상신","결재완료",0,null,0]
[1102,1000071906,10,"물품구매(미관형의수-이*재 외 조*정)",2045601844,"의지상지 미관형의수 등 2종",10,"Z20010367","의지상지-미관형의수실리콘두손 (의지재료) (의지재료)","Z01",456,null,44141,"최종승인",11764,"조혜정",44145,300508,"두손의수","2020-11-06","2020-11-13",12,"EA",230000,1,2760000,12,2760000,44145,"결제",44151,0,null,2760000,44145,2760000,44145,"상신","결재완료",0,null,0]
[1102,1000071906,20,"물품구매(미관형의수-이*재 외 조*정)",2045601844,"의지상지 미관형의수 등 2종",20,"Z20010372","의지상지-미관형의수지실리콘 (의지재료) (의지재료)","Z01",456,null,44141,"최종승인",11764,"조혜정",44145,300508,"두손의수","2020-11-06","2020-11-13",6,"EA",65000,1,390000,6,390000,44145,"결제",44151,0,null,390000,44145,390000,44145,"상신","결재완료",0,null,0]
[1102,1000071913,10,"물품구매-의지하지/임*은",2045601837,"의지하지 미관형족지레진",10,"Z20010838","의지하지-미관형족지레진(두손) (의지재료)","Z01",456,null,44144,"최종승인",9620,"임성은",44144,300508,"두손의수","2020-11-09","2020-11-16",1,"EA",90000,1,90000,1,90000,44145,"결제",44153,0,null,90000,44145,90000,44145,"상신","결재완료",0,null,0]
[1102,1000071941,10,"물품구매(미관형의수-이*자)",2045601845,"의지상지 미관형의수 등 3종",10,"Z20010367","의지상지-미관형의수실리콘두손 (의지재료) (의지재료)","Z01",456,null,44144,"최종승인",9144,"정창희",44145,300508,"두손의수","2020-11-09","2020-11-16",1,"EA",230000,1,230000,1,230000,44145,"결제",44158,0,null,230000,44145,230000,44145,"상신","결재완료",0,null,0]
[1102,1000071941,20,"물품구매(미관형의수-이*자)",2045601845,"의지상지 미관형의수 등 3종",20,"Z20010372","의지상지-미관형의수지실리콘 (의지재료) (의지재료)","Z01",456,null,44144,"최종승인",9144,"정창희",44145,300508,"두손의수","2020-11-09","2020-11-16",4,"EA",65000,1,260000,4,260000,44145,"결제",44158,0,null,260000,44145,260000,44145,"상신","결재완료",0,null,0]
[1102,1000071941,30,"물품구매(미관형의수-이*자)",2045601845,"의지상지 미관형의수 등 3종",30,"Z20010838","의지하지-미관형족지레진(두손) (의지재료)","Z01",456,null,44144,"최종승인",9144,"정창희",44145,300508,"두손의수","2020-11-09","2020-11-16",1,"EA",90000,1,90000,1,90000,44145,"결제",44158,0,null,90000,44145,90000,44145,"상신","결재완료",0,null,0]
[1102,1000071942,10,"물품구매(욕창예방방석)",2045601840,"욕창예방방석",10,"Z20130029","욕창예방방석공기격자형-Smdub0003(8x9x5) (의지재료) (의지재","Z01",456,null,44144,"최종승인",27783,"이미경",44145,323411,"주식회사씰테크 용인지점","2020-11-09","2020-11-16",10,"EA",230000,1,2300000,10,2300000,44145,"결제",44146,0,null,2300000,44145,2300000,44145,"상신","결재완료",0,null,0]
[1102,1000071967,10,"물품구매(네오박스 /법인카드)",2045601847,"스마트어시스트/네오박스",10,"Z20050649","스마트어시스트(연구재료) (연구재료)","Z01",456,null,44159,"최종승인",11512,"남기태",44147,516589379,"스마트어시스트-9379","2020-11-10","2020-12-01",9,"EA",31350,1,282150,9,282150,44145,"결제",44153,0,null,282150,44145,282150,44145,"상신","결재완료",0,null,282150,44161]
[1102,1000070756,10,"물품구매(휠체어 주행 시험 SYSTEM)",2045601519,"모듈형휠체어/휠체어 주행 시험 시스템",10,"Z20050916","모듈형휠체어","Z01",456,null,44158,"최종승인",27377,"정성배",44095,303269,"에스씨엠테크놀러지","2020-09-18","2020-11-30",1,"EA",8250000,1,8250000,1,8250000,44144,"결제",44144,0,null,8250000,44144,8250000,44144,"상신","결재완료",0,null,8250000,44160]
[1102,1000071245,10,"물품구매(주수 시험 프레임 유닛)",2045601628,"휠체어사용성검증/주수 시험 프레임 유닛",10,"Z20050915","휠체어사용성검증","Z01",456,null,44158,"최종승인",27377,"정성배",44117,328029,"주식회사 제이에스이(JSE)","2020-10-12","2020-11-30",1,"EA",8800000,1,8800000,1,8800000,44144,"결제",44144,0,null,8800000,44144,8800000,44144,"상신","결재완료",0,null,8800000,44160]
[1102,1000071264,10,"물품구매(휠체어 틸팅 시험 CLAMP Jig 등 3종)",2045601638,"모듈형휠체어/휠체어 틸팅 시험 등 3종",10,"Z20050916","모듈형휠체어","Z01",456,null,44158,"최종승인",6152,"정진석",44118,303269,"에스씨엠테크놀러지","2020-10-13","2020-11-30",2,"EA",2200000,1,4400000,2,4400000,44144,"결제",44144,0,null,4400000,44144,4400000,44144,"상신","결재완료",0,null,4400000,44160]
[1102,1000071264,20,"물품구매(휠체어 틸팅 시험 CLAMP Jig 등 3종)",2045601638,"모듈형휠체어/휠체어 틸팅 시험 등 3종",20,"Z20050916","모듈형휠체어","Z01",456,null,44158,"최종승인",6152,"정진석",44118,303269,"에스씨엠테크놀러지","2020-10-13","2020-11-30",2,"EA",1980000,1,3960000,2,3960000,44144,"결제",44144,0,null,3960000,44144,3960000,44144,"상신","결재완료",0,null,3960000,44160]
[1102,1000071264,30,"물품구매(휠체어 틸팅 시험 CLAMP Jig 등 3종)",2045601638,"모듈형휠체어/휠체어 틸팅 시험 등 3종",30,"Z20050916","모듈형휠체어","Z01",456,null,44158,"최종승인",6152,"정진석",44118,303269,"에스씨엠테크놀러지","2020-10-13","2020-11-30",1,"EA",1320000,1,1320000,1,1320000,44144,"결제",44144,0,null,1320000,44144,1320000,44144,"상신","결재완료",0,null,1320000,44160]
[1102,1000071438,10,"물품구매(접촉압력 교정측정용 지지대 세트)",2045601697,"돌봄로봇평가/접촉압력 교정측정용 지지대 세트",10,"Z20050814","돌봄로봇평가(연구재료)","Z01",456,null,44141,"최종승인",27377,"정성배",44124,319518,"한울","2020-10-20","2020-11-13",1,"EA",902000,1,902000,1,902000,44144,"결제",44146,0,null,902000,44144,902000,44144,"상신","결재완료",0,null,902000,44160]
[1102,1000071833,10,"물품구매(상지의지-최*규 외 1명/양*호)",2045601827,"의지상지 상박관절장식 등 3종",10,"Z20010378","의지상지-상박관절장식호스머(미국산) (의지재료) (의지재료)","Z01",456,null,44139,"최종승인",27264,"양철호",44144,301263,"성림교역","2020-11-04","2020-11-11",1,"EA",760000,1,760000,1,760000,44144,"결제",44145,0,null,760000,44144,760000,44144,"상신","결재완료",0,null,0]
[1102,1000071833,20,"물품구매(상지의지-최*규 외 1명/양*호)",2045601827,"의지상지 상박관절장식 등 3종",20,"Z20010397","의지상지-작업의수후크알미늄호스머(미국산) (의지재료) (의지재료)","Z01",456,null,44139,"최종승인",27264,"양철호",44144,301263,"성림교역","2020-11-04","2020-11-11",1,"EA",520000,1,520000,1,520000,44144,"결제",44145,0,null,520000,44144,520000,44144,"상신","결재완료",0,null,0]
[1102,1000071833,30,"물품구매(상지의지-최*규 외 1명/양*호)",2045601827,"의지상지 상박관절장식 등 3종",30,"Z20010902","의지하지-쉬링커 하퇴용(성림) (의지재료)","Z01",456,null,44139,"최종승인",27264,"양철호",44144,301263,"성림교역","2020-11-04","2020-11-11",1,"EA",37000,1,37000,1,37000,44144,"결제",44145,0,null,37000,44144,37000,44144,"상신","결재완료",0,null,0]
[1102,1000071834,10,"물품구매(하지의지-김*태 외2명 / 양*호)",2045601826,"의지하지 실리콘싹스",10,"Z20010532","의지하지-실리콘싹스컴포트하퇴용(외산) (의지재료) (의지재료)","Z01",456,null,44139,"최종승인",27264,"양철호",44144,301434,"오서코리아주식회사","2020-11-04","2020-11-11",3,"EA",335000,1,1005000,3,1005000,44144,"결제",44146,0,null,1005000,44144,1005000,44144,"상신","결재완료",0,null,0]
[1102,1000071857,10,"물품구매/고기능인공발/장*진/조*문",2045601801,"의지하지 프로플렉스",10,"Z20011278","의지하지- 프로-플렉스 피봇 유니티(미국산)","Z01",456,null,44140,"최종승인",6164,"조성문",44140,301434,"오서코리아주식회사","2020-11-05","2020-11-12",1,"EA",8900000,1,8900000,1,8900000,44144,"결제",44146,0,null,8900000,44144,8900000,44144,"상신","결재완료",0,null,0]
[1102,1000071863,10,"물품구매-욕창매트리스/임*",2045601808,"욕창예방매트리스",10,"Z20130020","욕창예방매트리스교대부양형-Yh0302(890x2450mm) (의지재료)","Z01",456,null,44140,"최종승인",9620,"임성은",44141,301174,"주식회사 영화의료기","2020-11-05","2020-11-12",1,"EA",380000,1,380000,1,380000,44144,"결제",44145,0,null,380000,44144,380000,44144,"상신","결재완료",0,null,0]
[1102,1000071864,10,"물품구매-휠체어수리/임*은",2045601809,"휠체어수리 측받이 등 2종",10,"Z20120312","휠체어수리-측받이파트너(大,小 ) (의지재료) (의지재료)","Z01",456,null,44140,"최종승인",9620,"임성은",44141,308571,"(주)대세엠케어 호남영업소","2020-11-05","2020-11-12",4,"EA",5091,1,20364,4,20364,44144,"결제",44145,0,null,20364,44144,20364,44144,"상신","결재완료",0,null,0]
[1102,1000071864,20,"물품구매-휠체어수리/임*은",2045601809,"휠체어수리 측받이 등 2종",20,"Z20120417","휠체어수리-팔받이대세(大,中,小 ) (의지재료) (의지재료)","Z01",456,null,44140,"최종승인",9620,"임성은",44141,308571,"(주)대세엠케어 호남영업소","2020-11-05","2020-11-12",6,"EA",7273,1,43638,6,43638,44144,"결제",44145,0,null,43638,44144,43638,44144,"상신","결재완료",0,null,0]
[1102,1000071865,10,"물품구매-척추보조기/임*은",2045601807,"보조기척추",10,"Z20010036","보조기척추-Tlso몸통보조기 (의지재료) (의지재료)","Z01",456,null,44140,"최종승인",9620,"임성은",44141,322758,"오르텍주식회사","2020-11-05","2020-11-12",3,"EA",70000,1,210000,3,210000,44144,"결제",44145,0,null,210000,44144,210000,44144,"상신","결재완료",0,null,0]
[1102,1000071866,10,"물품구매-욕창방석/임*은",2045601806,"욕창예방방석",10,"Z20130024","욕창예방방석공기격자형-커트로 (의지재료) (의지재료)","Z01",456,null,44140,"최종승인",9620,"임성은",44141,305386,"(주) 오토복코리아헬스케어","2020-11-05","2020-11-12",4,"EA",370000,1,1480000,4,1480000,44144,"결제",44146,0,null,1480000,44144,1480000,44144,"상신","결재완료",0,null,0]
[1102,1000071868,10,"물품구매(실리콘싹스/천*민)",2045601804,"의지하지 실리콘싹스",10,"Z20010507","의지하지-실리콘싹스국산(국산) (의지재료) (의지재료)","Z01",456,null,44140,"최종승인",27784,"천성민",44141,323203,"코스텍","2020-11-05","2020-11-12",6,"EA",120000,1,720000,6,720000,44144,"결제",44145,0,null,720000,44144,720000,44144,"상신","결재완료",0,null,0]
[1102,1000071869,10,"물품구매(국산발등/천*민)",2045601805,"의지하지 발 등 3종",10,"Z20010494","의지하지-발Bk(국산) (의지재료) (의지재료)","Z01",456,null,44140,"최종승인",27784,"천성민",44141,302514,"비케이메디텍","2020-11-05","2020-11-12",5,"EA",188000,1,940000,5,940000,44144,"결제",44145,0,null,940000,44144,940000,44144,"상신","결재완료",0,null,0]
[1102,1000071869,20,"물품구매(국산발등/천*민)",2045601805,"의지하지 발 등 3종",20,"Z20010458","의지하지-락장식Bk(대퇴,하퇴겸용) (의지재료) (의지재료)","Z01",456,null,44140,"최종승인",27784,"천성민",44141,302514,"비케이메디텍","2020-11-05","2020-11-12",10,"EA",223000,1,2230000,10,2230000,44144,"결제",44145,0,null,2230000,44144,2230000,44144,"상신","결재완료",0,null,0]
[1102,1000071869,30,"물품구매(국산발등/천*민)",2045601805,"의지하지 발 등 3종",30,"Z20010504","의지하지-슬관절용무릎장식Bk(국산) (의지재료) (의지재료)","Z01",456,null,44140,"최종승인",27784,"천성민",44141,302514,"비케이메디텍","2020-11-05","2020-11-12",1,"EA",777000,1,777000,1,777000,44144,"결제",44145,0,null,777000,44144,777000,44144,"상신","결재완료",0,null,0]
[1102,1000071870,10,"물품구매/배터리(전동휠체어)/박*준/조*문",2045601814,"휠체어수리 배터리",10,"Z20120616","휠체어수리-배터리(12V62AH) (의지재료)","Z01",456,null,44141,"최종승인",6164,"조성문",44144,324832,"주식회사 이레엠케어","2020-11-06","2020-11-13",2,"EA",131820,1,263640,2,263640,44144,"결제",44145,0,null,263640,44144,263640,44144,"상신","결재완료",0,null,0]
[1102,1000071871,10,"물품구매/(회전테이블,락장식,에너지발)/조*문",2045601802,"의지하지 락장식 등 3종",10,"Z20010458","의지하지-락장식Bk(대퇴,하퇴겸용) (의지재료) (의지재료)","Z01",456,null,44140,"최종승인",6164,"조성문",44140,302514,"비케이메디텍","2020-11-05","2020-11-12",5,"EA",223000,1,1115000,5,1115000,44144,"결제",44145,0,null,1115000,44144,1115000,44144,"상신","결재완료",0,null,0]
[1102,1000071871,20,"물품구매/(회전테이블,락장식,에너지발)/조*문",2045601802,"의지하지 락장식 등 3종",20,"Z20010461","의지하지-무릎회전장식Bk(국산) (의지재료) (의지재료)","Z01",456,null,44140,"최종승인",6164,"조성문",44140,302514,"비케이메디텍","2020-11-05","2020-11-12",3,"EA",226000,1,678000,3,678000,44144,"결제",44145,0,null,678000,44144,678000,44144,"상신","결재완료",0,null,0]
[1102,1000071871,30,"물품구매/(회전테이블,락장식,에너지발)/조*문",2045601802,"의지하지 락장식 등 3종",30,"Z20010494","의지하지-발Bk(국산) (의지재료) (의지재료)","Z01",456,null,44140,"최종승인",6164,"조성문",44140,302514,"비케이메디텍","2020-11-05","2020-11-12",3,"EA",188000,1,564000,3,564000,44144,"결제",44145,0,null,564000,44144,564000,44144,"상신","결재완료",0,null,0]
[1102,1000071873,10,"물품구매/휠체어(일반형)/욕창예방방석/배*열/이*우/이*성/조*문",2045601813,"일반형휠체어 등 2종",10,"Z20011239","일반형휠체어-SMART-TWIN/(22D/24D)휠라인 업 스포츠","Z01",456,null,44140,"최종승인",6164,"조성문",44144,326308,"휠라인 업 스포츠(whell line up sports)","2020-11-06","2020-11-13",1,"EA",450000,1,450000,1,450000,44144,"결제",44146,0,null,450000,44144,450000,44144,"상신","결재완료",0,null,0]
[1102,1000071873,20,"물품구매/휠체어(일반형)/욕창예방방석/배*열/이*우/이*성/조*문",2045601813,"일반형휠체어 등 2종",20,"Z20130024","욕창예방방석공기격자형-커트로 (의지재료) (의지재료)","Z01",456,null,44140,"최종승인",6164,"조성문",44144,326308,"휠라인 업 스포츠(whell line up sports)","2020-11-06","2020-11-13",2,"EA",370000,1,740000,2,740000,44144,"결제",44146,0,null,740000,44144,740000,44144,"상신","결재완료",0,null,0]
[1102,1000071875,10,"물품구매/의지재료(소모품)/조*문",2045601816,"소모품 수술용장갑 등 9종",10,"Z20010189","소모품-수술용장갑 (의지재료) (의지재료)","Z01",456,null,44140,"최종승인",6164,"조성문",44144,301148,"신성메디칼","2020-11-05","2020-11-12",4,"EA",15000,1,60000,4,60000,44144,"결제",44145,0,null,60000,44144,60000,44144,"상신","결재완료",0,null,0]
[1102,1000071875,20,"물품구매/의지재료(소모품)/조*문",2045601816,"소모품 수술용장갑 등 9종",20,"Z20010136","소모품-면장갑(작업용) (의지재료) (의지재료)","Z01",456,null,44140,"최종승인",6164,"조성문",44144,301148,"신성메디칼","2020-11-05","2020-11-12",10,"EA",2000,1,20000,10,20000,44144,"결제",44145,0,null,20000,44144,20000,44144,"상신","결재완료",0,null,0]
[1102,1000071875,30,"물품구매/의지재료(소모품)/조*문",2045601816,"소모품 수술용장갑 등 9종",30,"Z20011244","소모품-카타칼","Z01",456,null,44140,"최종승인",6164,"조성문",44144,301148,"신성메디칼","2020-11-05","2020-11-12",10,"EA",1500,1,15000,10,15000,44144,"결제",44145,0,null,15000,44144,15000,44144,"상신","결재완료",0,null,0]
[1102,1000071875,40,"물품구매/의지재료(소모품)/조*문",2045601816,"소모품 수술용장갑 등 9종",40,"Z20011009","소모품-카타칼(일제)","Z01",456,null,44140,"최종승인",6164,"조성문",44144,301148,"신성메디칼","2020-11-05","2020-11-12",5,"EA",10000,1,50000,5,50000,44144,"결제",44145,0,null,50000,44144,50000,44144,"상신","결재완료",0,null,0]
[1102,1000071875,50,"물품구매/의지재료(소모품)/조*문",2045601816,"소모품 수술용장갑 등 9종",50,"Z20010794","소모품-삼중마스크 (의지재료)","Z01",456,null,44140,"최종승인",6164,"조성문",44144,301148,"신성메디칼","2020-11-05","2020-11-12",2,"EA",15000,1,30000,2,30000,44144,"결제",44145,0,null,30000,44144,30000,44144,"상신","결재완료",0,null,0]
[1102,1000071875,60,"물품구매/의지재료(소모품)/조*문",2045601816,"소모품 수술용장갑 등 9종",60,"Z20010272","소모품-철톱대(12in) (의지재료) (의지재료)","Z01",456,null,44140,"최종승인",6164,"조성문",44144,301148,"신성메디칼","2020-11-05","2020-11-12",1,"EA",25000,1,25000,1,25000,44144,"결제",44145,0,null,25000,44144,25000,44144,"상신","결재완료",0,null,0]
[1102,1000071875,70,"물품구매/의지재료(소모품)/조*문",2045601816,"소모품 수술용장갑 등 9종",70,"Z20010139","소모품-박스포장용테이프(6cm) (의지재료) (의지재료)","Z01",456,null,44140,"최종승인",6164,"조성문",44144,301148,"신성메디칼","2020-11-05","2020-11-12",20,"EA",1000,1,20000,20,20000,44144,"결제",44145,0,null,20000,44144,20000,44144,"상신","결재완료",0,null,0]
[1102,1000071875,80,"물품구매/의지재료(소모품)/조*문",2045601816,"소모품 수술용장갑 등 9종",80,"Z20010337","소모품-P.P(4x120x240) (의지재료) (의지재료)","Z01",456,null,44140,"최종승인",6164,"조성문",44144,301148,"신성메디칼","2020-11-05","2020-11-12",1,"EA",86000,1,86000,1,86000,44144,"결제",44145,0,null,86000,44144,86000,44144,"상신","결재완료",0,null,0]
[1102,1000071875,90,"물품구매/의지재료(소모품)/조*문",2045601816,"소모품 수술용장갑 등 9종",90,"Z20010289","소모품-테프론시트(오븐기용) (의지재료) (의지재료)","Z01",456,null,44140,"최종승인",6164,"조성문",44144,301148,"신성메디칼","2020-11-05","2020-11-12",1,"EA",35000,1,35000,1,35000,44144,"결제",44145,0,null,35000,44144,35000,44144,"상신","결재완료",0,null,0]
[1102,1000071904,10,"물품구매/미관형의수(실리콘)/박*용/최*옥/윤*숙/장*철/정*곤/조*문",2045601817,"의지상지 미관형의수 등 4종",10,"Z20010368","의지상지-미관형의수실리콘리갈(외산) (의지재료) (의지재료)","Z01",456,null,44141,"최종승인",6164,"조성문",44144,301263,"성림교역","2020-11-06","2020-11-13",3,"EA",230000,1,690000,3,690000,44144,"결제",44145,0,null,690000,44144,690000,44144,"상신","결재완료",0,null,0]
[1102,1000071904,20,"물품구매/미관형의수(실리콘)/박*용/최*옥/윤*숙/장*철/정*곤/조*문",2045601817,"의지상지 미관형의수 등 4종",20,"Z20010379","의지상지-상박신경줄호스머(호스머) (의지재료) (의지재료)","Z01",456,null,44141,"최종승인",6164,"조성문",44144,301263,"성림교역","2020-11-06","2020-11-13",1,"EA",95000,1,95000,1,95000,44144,"결제",44145,0,null,95000,44144,95000,44144,"상신","결재완료",0,null,0]
[1102,1000071904,30,"물품구매/미관형의수(실리콘)/박*용/최*옥/윤*숙/장*철/정*곤/조*문",2045601817,"의지상지 미관형의수 등 4종",30,"Z20010524","의지하지-실리콘싹스알프스Gpdt(미국산) (의지재료) (의지재료)","Z01",456,null,44141,"최종승인",6164,"조성문",44144,301263,"성림교역","2020-11-06","2020-11-13",1,"EA",270000,1,270000,1,270000,44144,"결제",44145,0,null,270000,44144,270000,44144,"상신","결재완료",0,null,0]
[1102,1000071904,40,"물품구매/미관형의수(실리콘)/박*용/최*옥/윤*숙/장*철/정*곤/조*문",2045601817,"의지상지 미관형의수 등 4종",40,"Z20010526","의지하지-실리콘싹스이지락킹(미국산) (의지재료) (의지재료)","Z01",456,null,44141,"최종승인",6164,"조성문",44144,301263,"성림교역","2020-11-06","2020-11-13",1,"EA",330000,1,330000,1,330000,44144,"결제",44145,0,null,330000,44144,330000,44144,"상신","결재완료",0,null,0]
[1102,1000071908,10,"물품구매(욕창예방방석)",2045601811,"욕창예방방석",10,"Z20130023","욕창예방방석공기격자형-로호 (의지재료) (의지재료)","Z01",456,null,44141,"최종승인",27783,"이미경",44144,305386,"(주) 오토복코리아헬스케어","2020-11-06","2020-11-13",8,"EA",370000,1,2960000,8,2960000,44144,"결제",44147,0,null,2960000,44144,2960000,44144,"상신","결재완료",0,null,0]
[1102,1000071916,10,"물품구매(인장스프링 등 1건/법인카드)",2045601842,"스마트소켓/인장스프링",10,"Z20050607","스마트소켓(연구재료) (연구재료)","Z01",456,null,44158,"최종승인",28673,"전경진",44145,516502312,"스마트소켓-2312","2020-11-09","2020-11-30",1,"EA",284500,1,284500,1,284500,44144,"결제",44155,0,null,284500,44144,284500,44144,"상신","결재완료",0,null,284500,44161]
[1102,1000071318,10,"물품구매(휠고정지그/세금계산서)",2045601656,"단차해소보조기기/흴 고정 지그",10,"Z20050917","단차해소보조기기","Z01",456,null,44148,"최종승인",6149,"최기원",44120,303269,"에스씨엠테크놀러지","2020-10-14","2020-11-20",1,"EA",8690000,1,8690000,1,8690000,44141,"결제",44144,0,null,8690000,44141,8690000,44141,"상신","결재완료",0,null,8690000,44160]
[1102,1000071827,10,"물품구매(상지의지-정*채)/손*호",2045601825,"의지상지 미관형의수 등 2종",10,"Z20010368","의지상지-미관형의수실리콘리갈(외산) (의지재료) (의지재료)","Z01",456,null,44139,"최종승인",6167,"손진호",44144,301263,"성림교역","2020-11-04","2020-11-11",1,"EA",230000,1,230000,1,230000,44141,"결제",44151,0,null,230000,44141,230000,44141,"상신","결재완료",0,null,0]
[1102,1000071827,20,"물품구매(상지의지-정*채)/손*호",2045601825,"의지상지 미관형의수 등 2종",20,"Z20010812","의지하지-셔틀락핀(ST&G) (의지재료)","Z01",456,null,44139,"최종승인",6167,"손진호",44144,301263,"성림교역","2020-11-04","2020-11-11",1,"EA",33000,1,33000,1,33000,44141,"결제",44151,0,null,33000,44141,33000,44141,"상신","결재완료",0,null,0]
[1102,1000071842,10,"물품구매(프로플렉스XC외)",2045601795,"시험상용화/프로플렉스 등 2종",10,"Z20050809","하지-프로플렉스XC토션유니티(연구재료)","Z01",456,null,44139,"최종승인",27783,"이미경",44140,301434,"오서코리아주식회사","2020-11-04","2020-11-11",1,"EA",3700000,1,3700000,1,3700000,44141,"결제",44145,0,null,3700000,44141,3700000,44141,"상신","결재완료",3700000,44160,3700000,44160]
[1102,1000071842,20,"물품구매(프로플렉스XC외)",2045601795,"시험상용화/프로플렉스 등 2종",20,"Z20050537","하지-유니티밸브(연구재료) (연구재료)","Z01",456,null,44139,"최종승인",27783,"이미경",44140,301434,"오서코리아주식회사","2020-11-04","2020-11-11",1,"EA",130000,1,130000,1,130000,44141,"결제",44145,0,null,130000,44141,130000,44141,"상신","결재완료",130000,44160,130000,44160]
[1102,1000071843,10,"물품구매(토탈니 외)",2045601796,"시험상용화/프로플렉스 등 4종",10,"Z20050663","하지-직무형인공발(프로플렉스LP토션)(연구재료)","Z01",456,null,44139,"최종승인",27783,"이미경",44140,301434,"오서코리아주식회사","2020-11-04","2020-11-11",2,"EA",2800000,1,5600000,2,5600000,44141,"결제",44145,0,null,5600000,44141,5600000,44141,"상신","결재완료",5600000,44160,5600000,44160]
[1102,1000071843,20,"물품구매(토탈니 외)",2045601796,"시험상용화/프로플렉스 등 4종",20,"Z20050111","하지-토탈니2000 (연구재료) (연구재료)","Z01",456,null,44139,"최종승인",27783,"이미경",44140,301434,"오서코리아주식회사","2020-11-04","2020-11-11",1,"EA",2870000,1,2870000,1,2870000,44141,"결제",44145,0,null,2870000,44141,2870000,44141,"상신","결재완료",2870000,44160,2870000,44160]
[1102,1000071843,30,"물품구매(토탈니 외)",2045601796,"시험상용화/프로플렉스 등 4종",30,"Z20050094","하지-토탈니피라미드어댑터 (연구재료) (연구재료)","Z01",456,null,44139,"최종승인",27783,"이미경",44140,301434,"오서코리아주식회사","2020-11-04","2020-11-11",1,"EA",130000,1,130000,1,130000,44141,"결제",44145,0,null,130000,44141,130000,44141,"상신","결재완료",130000,44160,130000,44160]
[1102,1000071843,40,"물품구매(토탈니 외)",2045601796,"시험상용화/프로플렉스 등 4종",40,"Z20050020","토탈니 신전보조스프링 (연구재료) (연구재료)","Z01",456,null,44139,"최종승인",27783,"이미경",44140,301434,"오서코리아주식회사","2020-11-04","2020-11-11",1,"EA",98000,1,98000,1,98000,44141,"결제",44145,0,null,98000,44141,98000,44141,"상신","결재완료",98000,44160,98000,44160]
[1102,1000071844,10,"물품구매(파소니)",2045601797,"시험상용화/파소니",10,"Z20050620","하지-무릎관절장치파소니(연구재료) (연구재료)","Z01",456,null,44139,"최종승인",27783,"이미경",44140,301434,"오서코리아주식회사","2020-11-04","2020-11-11",2,"EA",3700000,1,7400000,2,7400000,44141,"결제",44145,0,null,7400000,44141,7400000,44141,"상신","결재완료",7400000,44160,7400000,44160]
[1102,1000071874,10,"물품구매(욕창예방 매트리스)",2045601803,"욕창예방매트리스 등 2종",10,"Z20130055","욕창예방매트리스-Md-100 TPU3","Z01",456,null,44140,"최종승인",27783,"이미경",44141,301766,"은혜메디칼","2020-11-05","2020-11-12",7,"EA",350000,1,2450000,7,2450000,44141,"결제",44144,0,null,2450000,44141,2450000,44141,"상신","결재완료",0,null,0]
[1102,1000071874,20,"물품구매(욕창예방 매트리스)",2045601803,"욕창예방매트리스 등 2종",20,"Z20130014","욕창예방매트리스교대부양형-Md200(800x1800x50mm) (의지재료","Z01",456,null,44140,"최종승인",27783,"이미경",44141,301766,"은혜메디칼","2020-11-05","2020-11-12",1,"EA",120000,1,120000,1,120000,44141,"결제",44144,0,null,120000,44141,120000,44141,"상신","결재완료",0,null,0]
[1102,1500035248,10,"사무용품 1SET 구입(돌봄로봇평가)",2045601836,"돌봄로봇평가/사무용품 10종",10,null,"사무용품 1set","Z06",456,null,44141,"최종승인",26292,"오혜정",44144,516545806,"돌봄로봇평가-5806","2020-11-06","2020-11-13",1,"EA",37000,1,37000,1,37000,44141,"결제",44144,0,null,37000,44141,37000,44141,"상신","결재완료",0,null,37000,44161]
[1102,1000071678,10,"물품구매(국산후크-좌 등 2건)",2045601775,"작업의수마우스/국산후크 좌 등 2종",10,"Z20050928","작업의수마우스","Z01",456,null,44141,"최종승인",27961,"홍범기",44137,301263,"성림교역","2020-10-30","2020-11-13",1,"EA",200000,1,200000,1,200000,44140,"결제",44161,0,null,200000,44140,200000,44140,"상신","결재완료",0,null,200000,44175]
[1102,1000071678,20,"물품구매(국산후크-좌 등 2건)",2045601775,"작업의수마우스/국산후크 좌 등 2종",20,"Z20050928","작업의수마우스","Z01",456,null,44141,"최종승인",27961,"홍범기",44137,301263,"성림교역","2020-10-30","2020-11-13",1,"EA",200000,1,200000,1,200000,44140,"결제",44161,0,null,200000,44140,200000,44140,"상신","결재완료",0,null,200000,44175]
[1102,1000071680,10,"물품구매(이너핸드,속커버)",2045601776,"시험상용화/이너핸드 속커버",10,"Z20050550","상지-근전전동의수 내피/오토복(연구재료) (연구재료)","Z01",456,null,44141,"최종승인",27961,"홍범기",44137,305386,"(주) 오토복코리아헬스케어","2020-10-30","2020-11-13",6,"EA",126000,1,756000,6,756000,44140,"결제",44162,0,null,756000,44140,756000,44140,"상신","결재완료",756000,44175,756000,44175]
[1102,1000071789,10,"물품구매(의지재료/천*민)",2045601791,"소모품 pp 등 13종",10,"Z20010334","소모품-P.P(12x40x40) (의지재료) (의지재료)","Z01",456,null,44138,"최종승인",27784,"천성민",44139,301148,"신성메디칼","2020-11-03","2020-11-10",50,"EA",20000,1,1000000,50,1000000,44140,"결제",44141,0,null,1000000,44140,1000000,44140,"상신","결재완료",0,null,0]
[1102,1000071789,20,"물품구매(의지재료/천*민)",2045601791,"소모품 pp 등 13종",20,"Z20010338","소모품-P.P(5x120x240) (의지재료) (의지재료)","Z01",456,null,44138,"최종승인",27784,"천성민",44139,301148,"신성메디칼","2020-11-03","2020-11-10",6,"EA",95000,1,570000,6,570000,44140,"결제",44141,0,null,570000,44140,570000,44140,"상신","결재완료",0,null,0]
[1102,1000071789,30,"물품구매(의지재료/천*민)",2045601791,"소모품 pp 등 13종",30,"Z20010111","소모품-뒤플렉스(10x40x40) (의지재료) (의지재료)","Z01",456,null,44138,"최종승인",27784,"천성민",44139,301148,"신성메디칼","2020-11-03","2020-11-10",50,"EA",35000,1,1750000,50,1750000,44140,"결제",44141,0,null,1750000,44140,1750000,44140,"상신","결재완료",0,null,0]
[1102,1000071789,40,"물품구매(의지재료/천*민)",2045601791,"소모품 pp 등 13종",40,"Z20010666","소모품-마대 (의지재료)","Z01",456,null,44138,"최종승인",27784,"천성민",44139,301148,"신성메디칼","2020-11-03","2020-11-10",100,"EA",250,1,25000,100,25000,44140,"결제",44141,0,null,25000,44140,25000,44140,"상신","결재완료",0,null,0]
[1102,1000071789,50,"물품구매(의지재료/천*민)",2045601791,"소모품 pp 등 13종",50,"Z20010794","소모품-삼중마스크 (의지재료)","Z01",456,null,44138,"최종승인",27784,"천성민",44139,301148,"신성메디칼","2020-11-03","2020-11-10",5,"EA",15000,1,75000,5,75000,44140,"결제",44141,0,null,75000,44140,75000,44140,"상신","결재완료",0,null,0]
[1102,1000071789,60,"물품구매(의지재료/천*민)",2045601791,"소모품 pp 등 13종",60,"Z20010153","소모품-본드솔 (의지재료) (의지재료)","Z01",456,null,44138,"최종승인",27784,"천성민",44139,301148,"신성메디칼","2020-11-03","2020-11-10",50,"EA",1000,1,50000,50,50000,44140,"결제",44141,0,null,50000,44140,50000,44140,"상신","결재완료",0,null,0]
[1102,1000071789,70,"물품구매(의지재료/천*민)",2045601791,"소모품 pp 등 13종",70,"Z20010594","소모품-반창고 (의지재료) (의지재료)","Z01",456,null,44138,"최종승인",27784,"천성민",44139,301148,"신성메디칼","2020-11-03","2020-11-10",3,"EA",1000,1,3000,3,3000,44140,"결제",44141,0,null,3000,44140,3000,44140,"상신","결재완료",0,null,0]
[1102,1000071789,80,"물품구매(의지재료/천*민)",2045601791,"소모품 pp 등 13종",80,"Z20010758","소모품-EVA스폰지(20mm) (의지재료)","Z01",456,null,44138,"최종승인",27784,"천성민",44139,301148,"신성메디칼","2020-11-03","2020-11-10",1,"EA",25000,1,25000,1,25000,44140,"결제",44141,0,null,25000,44140,25000,44140,"상신","결재완료",0,null,0]
[1102,1000071789,90,"물품구매(의지재료/천*민)",2045601791,"소모품 pp 등 13종",90,"Z20011196","소모품-청바지천","Z01",456,null,44138,"최종승인",27784,"천성민",44139,301148,"신성메디칼","2020-11-03","2020-11-10",5,"EA",10000,1,50000,5,50000,44140,"결제",44141,0,null,50000,44140,50000,44140,"상신","결재완료",0,null,0]
[1102,1000071789,100,"물품구매(의지재료/천*민)",2045601791,"소모품 pp 등 13종",100,"Z20011065","소모품-광목천","Z01",456,null,44138,"최종승인",27784,"천성민",44139,301148,"신성메디칼","2020-11-03","2020-11-10",5,"EA",10000,1,50000,5,50000,44140,"결제",44141,0,null,50000,44140,50000,44140,"상신","결재완료",0,null,0]
[1102,1000071789,110,"물품구매(의지재료/천*민)",2045601791,"소모품 pp 등 13종",110,"Z20010145","소모품-밴드스타킹 (의지재료) (의지재료)","Z01",456,null,44138,"최종승인",27784,"천성민",44139,301148,"신성메디칼","2020-11-03","2020-11-10",100,"EA",1100,1,110000,100,110000,44140,"결제",44141,0,null,110000,44140,110000,44140,"상신","결재완료",0,null,0]
[1102,1000071789,120,"물품구매(의지재료/천*민)",2045601791,"소모품 pp 등 13종",120,"Z20010147","소모품-벨크로1미터(1in) (의지재료) (의지재료)","Z01",456,null,44138,"최종승인",27784,"천성민",44139,301148,"신성메디칼","2020-11-03","2020-11-10",6,"EA",18000,1,108000,6,108000,44140,"결제",44141,0,null,108000,44140,108000,44140,"상신","결재완료",0,null,0]
[1102,1000071789,130,"물품구매(의지재료/천*민)",2045601791,"소모품 pp 등 13종",130,"Z20010088","소모품-고무반도(5cm) (의지재료) (의지재료)","Z01",456,null,44138,"최종승인",27784,"천성민",44139,301148,"신성메디칼","2020-11-03","2020-11-10",1,"EA",5000,1,5000,1,5000,44140,"결제",44141,0,null,5000,44140,5000,44140,"상신","결재완료",0,null,0]
[1102,1000071793,10,"물품구매(파워리프트)",2045601793,"시험상용화/파워 리프트",10,"Z20050001","파워 리프트(PML-100A)-프로메디","Z01",456,null,44144,"최종승인",27783,"이미경",44140,326875,"주식회사 프로메디","2020-11-02","2020-11-16",3,"EA",1992727,1,5978181,3,5978181,44140,"결제",44144,0,null,5978181,44140,5978181,44140,"상신","결재완료",5978181,44160,5978181,44160]
[1102,1000071830,10,"물품구매(집뇨기)",2045601794,"집뇨기유린백",10,"Z20130035","집뇨기유린백-외산1000(외산1000cc) (의지재료) (의지재료)","Z01",456,null,44139,"최종승인",27783,"이미경",44140,301700,"(주)휠로피아","2020-11-04","2020-11-11",20,"EA",54000,1,1080000,20,1080000,44140,"결제",44144,0,null,1080000,44140,1080000,44140,"상신","결재완료",0,null,0]
[1102,1000071867,10,"물품구매(렌치세트등13종/ 법인카드)",2045601810,"스마트어시스트/렌치세트 등 13종",10,"Z20050649","스마트어시스트(연구재료) (연구재료)","Z01",456,null,44154,"최종승인",11512,"남기태",44141,516589379,"스마트어시스트-9379","2020-11-05","2020-11-26",1,"EA",522260,1,522260,1,522260,44140,"결제",44148,0,null,522260,44140,522260,44140,"상신","결재완료",0,null,522260,44161]
[1102,1000071819,10,"물품구매(매트리스)",2045601790,"욕창예방매트리스",10,"Z20130001","욕창예방매트리스공기격자형-국산(870x1970x65mm) (의지재료) (","Z01",456,null,44138,"최종승인",27783,"이미경",44139,323411,"주식회사씰테크 용인지점","2020-11-03","2020-11-10",1,"EA",1300000,1,1300000,1,1300000,44139,"결제",44140,0,null,1300000,44139,1300000,44139,"상신","결재완료",0,null,0]
[1102,1000071722,10,"물품구매 휠체어 변*용 /창원센터",2045601781,"활동형휠체어",10,"Z20011130","활동형휠체어 - 제니스-X (휠라인)","Z01",456,null,44137,"최종승인",6166,"김현종",44137,327607,"(주) 삼우티에스","2020-11-02","2020-11-09",1,"EA",1250000,1,1250000,1,1250000,44138,"결제",44140,0,null,1250000,44138,1250000,44138,"상신","결재완료",0,null,0]
[1102,1000071723,10,"물품구매 휠체어 이*열,김*삼 /창원센터",2045601782,"휠체어침대형 등 2종",10,"Z20010640","휠체어-침대형 HAL-48알루미늄(미키) (의지재료) (의지재료)","Z01",456,null,44137,"최종승인",6166,"김현종",44137,309507,"미키코리아(주)","2020-11-02","2020-11-09",1,"EA",730000,1,730000,1,730000,44138,"결제",44144,0,null,730000,44138,730000,44138,"상신","결재완료",0,null,0]
[1102,1000071723,20,"물품구매 휠체어 이*열,김*삼 /창원센터",2045601782,"휠체어침대형 등 2종",20,"Z20120650","활동형휠체어-P2(미키코리아)","Z01",456,null,44137,"최종승인",6166,"김현종",44137,309507,"미키코리아(주)","2020-11-02","2020-11-09",1,"EA",950000,1,950000,1,950000,44138,"결제",44144,0,null,950000,44138,950000,44138,"상신","결재완료",0,null,0]
[1102,1000071724,10,"물품구매 매트리스 김*경 /창원센터",2045601783,"욕창예방매트리스",10,"Z20130055","욕창예방매트리스-Md-100 TPU3","Z01",456,null,44137,"최종승인",6166,"김현종",44137,301766,"은혜메디칼","2020-11-02","2020-11-09",2,"EA",350000,1,700000,2,700000,44138,"결제",44140,0,null,700000,44138,700000,44138,"상신","결재완료",0,null,0]
[1102,1000071725,10,"물품구매 의지상지 /창원센터",2045601779,"의지상지 미관형의수",10,"Z20010368","의지상지-미관형의수실리콘리갈(외산) (의지재료) (의지재료)","Z01",456,null,44137,"최종승인",6166,"김현종",44137,301263,"성림교역","2020-11-02","2020-11-09",2,"EA",230000,1,460000,2,460000,44138,"결제",44140,0,null,460000,44138,460000,44138,"상신","결재완료",0,null,0]
[1102,1000071726,10,"물품구매 방석 김*수,휠체어 최*인,유*문 /창원센터",2045601780,"욕창예방방석 등 3종",10,"Z20130023","욕창예방방석공기격자형-로호 (의지재료) (의지재료)","Z01",456,null,44137,"최종승인",6166,"김현종",44137,324832,"주식회사 이레엠케어","2020-11-02","2020-11-09",1,"EA",370000,1,370000,1,370000,44138,"결제",44140,0,null,370000,44138,370000,44138,"상신","결재완료",0,null,0]
[1102,1000071726,20,"물품구매 방석 김*수,휠체어 최*인,유*문 /창원센터",2045601780,"욕창예방방석 등 3종",20,"Z20120676","일반형휠체어-이클립스X2(휠로피아)","Z01",456,null,44137,"최종승인",6166,"김현종",44137,324832,"주식회사 이레엠케어","2020-11-02","2020-11-09",1,"EA",440000,1,440000,1,440000,44138,"결제",44140,0,null,440000,44138,440000,44138,"상신","결재완료",0,null,0]
[1102,1000071726,30,"물품구매 방석 김*수,휠체어 최*인,유*문 /창원센터",2045601780,"욕창예방방석 등 3종",30,"Z20120674","전동형휠체어- 나래200,210 (썬메디테크)","Z01",456,null,44137,"최종승인",6166,"김현종",44137,324832,"주식회사 이레엠케어","2020-11-02","2020-11-09",1,"EA",1900000,1,1900000,1,1900000,44138,"결제",44140,0,null,1900000,44138,1900000,44138,"상신","결재완료",0,null,0]
[1102,1000071739,10,"물품구매(맞춤형 인솔)",2045601787,"시험상용화/맞춤형 인솔",10,"Z20050638","하지-맞춤형 인솔(연구재료) (연구재료)","Z01",456,null,44137,"최종승인",27783,"이미경",44138,301263,"성림교역","2020-11-02","2020-11-09",1,"EA",450000,1,450000,1,450000,44138,"결제",44140,0,null,450000,44138,450000,44138,"상신","결재완료",450000,44145,450000,44145]
[1102,1000071777,10,"물품구매(아세탈)",2045601785,"직무지원/아세탈 등 2종",10,"Z20050113","직무지원 연구재료 (연구재료) (연구재료)","Z01",456,null,44137,"최종승인",6147,"김도완",44138,312450,"우남하이텍","2020-11-02","2020-11-09",6,"EA",4000,1,24000,6,24000,44138,"결제",44140,0,null,24000,44138,24000,44138,"상신","결재완료",24000,44145,24000,44145]
[1102,1000071777,20,"물품구매(아세탈)",2045601785,"직무지원/아세탈 등 2종",20,"Z20050113","직무지원 연구재료 (연구재료) (연구재료)","Z01",456,null,44137,"최종승인",6147,"김도완",44138,312450,"우남하이텍","2020-11-02","2020-11-09",6,"EA",5500,1,33000,6,33000,44138,"결제",44140,0,null,33000,44138,33000,44138,"상신","결재완료",33000,44145,33000,44145]
[1102,1000071780,10,"물품구매(웨이브 슬리브)",2045601786,"시험상용화/웨이브 슬리브",10,"Z20050957","웨이브 슬리브","Z01",456,null,44137,"최종승인",27783,"이미경",44138,323203,"코스텍","2020-11-02","2020-11-09",1,"EA",120000,1,120000,1,120000,44138,"결제",44140,0,null,120000,44138,120000,44138,"상신","결재완료",120000,44145,120000,44145]
[1102,1000071791,10,"물품구매(레니게이드외)",2045601789,"시험상용화/인공발 레니게이드 등 3종",10,"Z20050457","하지-고기능인공발(레니게이드)(연구재료) (연구재료)","Z01",456,null,44137,"최종승인",27783,"이미경",44138,301263,"성림교역","2020-11-02","2020-11-09",1,"EA",3550000,1,3550000,1,3550000,44138,"결제",44140,0,null,3550000,44138,3550000,44138,"상신","결재완료",3550000,44145,3550000,44145]
[1102,1000071791,20,"물품구매(레니게이드외)",2045601789,"시험상용화/인공발 레니게이드 등 3종",20,"Z20050095","하지-프리덤 씨에라풋 (연구재료) (연구재료)","Z01",456,null,44137,"최종승인",27783,"이미경",44138,301263,"성림교역","2020-11-02","2020-11-09",1,"EA",1790000,1,1790000,1,1790000,44138,"결제",44140,0,null,1790000,44138,1790000,44138,"상신","결재완료",1790000,44145,1790000,44145]
[1102,1000071791,30,"물품구매(레니게이드외)",2045601789,"시험상용화/인공발 레니게이드 등 3종",30,"Z20050958","기계식 다축 슬관절 무릎","Z01",456,null,44137,"최종승인",27783,"이미경",44138,301263,"성림교역","2020-11-02","2020-11-09",1,"EA",1028000,1,1028000,1,1028000,44138,"결제",44140,0,null,1028000,44138,1028000,44138,"상신","결재완료",1028000,44145,1028000,44145]
[1102,1000071792,10,"물품구매(캐피탈 니 외)",2045601788,"시험상용화/유압식 캐피탈 니 등 3종",10,"Z20050959","유압식 캐피탈 니","Z01",456,null,44137,"최종승인",27783,"이미경",44138,301263,"성림교역","2020-11-02","2020-11-09",1,"EA",3500000,1,3500000,1,3500000,44138,"결제",44140,0,null,3500000,44138,3500000,44138,"상신","결재완료",3500000,44145,3500000,44145]
[1102,1000071792,20,"물품구매(캐피탈 니 외)",2045601788,"시험상용화/유압식 캐피탈 니 등 3종",20,"Z20050835","하지-직무형인공발(오딧세이 K3)(연구재료)","Z01",456,null,44137,"최종승인",27783,"이미경",44138,301263,"성림교역","2020-11-02","2020-11-09",2,"EA",2990000,1,5980000,2,5980000,44138,"결제",44140,0,null,5980000,44138,5980000,44138,"상신","결재완료",5980000,44145,5980000,44145]
[1102,1000071792,30,"물품구매(캐피탈 니 외)",2045601788,"시험상용화/유압식 캐피탈 니 등 3종",30,"Z20050029","미관형 의수(성림) (연구재료) (연구재료)","Z01",456,null,44137,"최종승인",27783,"이미경",44138,301263,"성림교역","2020-11-02","2020-11-09",1,"EA",230000,1,230000,1,230000,44138,"결제",44140,0,null,230000,44138,230000,44138,"상신","결재완료",230000,44145,230000,44145]
[1102,1000071822,10,"물품구매(롱핸드소켓세트 등 4건/법인카드)",2045601838,"외골격로봇/롱핸드소켓세트 등 4종",10,"Z20050807","외골격로봇(연구재료)","Z01",456,null,44148,"최종승인",27685,"황석진",44144,516525410,"외골격로봇-5410","2020-11-03","2020-11-20",1,"EA",153989,1,153989,1,153989,44138,"결제",44153,0,null,153989,44138,153989,44138,"상신","결재완료",0,null,153989,44161]
[1102,1000071822,20,"물품구매(롱핸드소켓세트 등 4건/법인카드)",2045601838,"외골격로봇/롱핸드소켓세트 등 4종",20,"Z20050807","외골격로봇(연구재료)","Z01",456,null,44148,"최종승인",27685,"황석진",44144,516525410,"외골격로봇-5410","2020-11-03","2020-11-20",5,"EA",38489,1,192445,5,192445,44138,"결제",44153,0,null,192445,44138,192445,44138,"상신","결재완료",0,null,192445,44161]
[1102,1000071822,30,"물품구매(롱핸드소켓세트 등 4건/법인카드)",2045601838,"외골격로봇/롱핸드소켓세트 등 4종",30,"Z20050807","외골격로봇(연구재료)","Z01",456,null,44148,"최종승인",27685,"황석진",44144,516525410,"외골격로봇-5410","2020-11-03","2020-11-20",1,"EA",417989,1,417989,1,417989,44138,"결제",44153,0,null,417989,44138,417989,44138,"상신","결재완료",0,null,417989,44161]
[1102,1000071822,40,"물품구매(롱핸드소켓세트 등 4건/법인카드)",2045601838,"외골격로봇/롱핸드소켓세트 등 4종",40,"Z20050807","외골격로봇(연구재료)","Z01",456,null,44148,"최종승인",27685,"황석진",44144,516525410,"외골격로봇-5410","2020-11-03","2020-11-20",3,"EA",95689,1,287067,3,287067,44138,"결제",44153,0,null,287067,44138,287067,44138,"상신","결재완료",0,null,287067,44161]
[1102,1000071676,10,"물품구매 (ASSY 3.2 Φ 등 4건/ 세금계산서)",2045601774,"스마트소켓/assy 3.2 등 4종",10,"Z20050607","스마트소켓(연구재료) (연구재료)","Z01",456,null,44147,"최종승인",27826,"전만기",44137,322572,"앤트와이어","2020-10-29","2020-11-19",5,"EA",19800,1,99000,5,99000,44137,"결제",44144,0,null,99000,44137,99000,44137,"상신","결재완료",0,null,99000,44160]
[1102,1000071676,20,"물품구매 (ASSY 3.2 Φ 등 4건/ 세금계산서)",2045601774,"스마트소켓/assy 3.2 등 4종",20,"Z20050607","스마트소켓(연구재료) (연구재료)","Z01",456,null,44147,"최종승인",27826,"전만기",44137,322572,"앤트와이어","2020-10-29","2020-11-19",5,"EA",19800,1,99000,5,99000,44137,"결제",44144,0,null,99000,44137,99000,44137,"상신","결재완료",0,null,99000,44160]
[1102,1000071676,30,"물품구매 (ASSY 3.2 Φ 등 4건/ 세금계산서)",2045601774,"스마트소켓/assy 3.2 등 4종",30,"Z20050607","스마트소켓(연구재료) (연구재료)","Z01",456,null,44147,"최종승인",27826,"전만기",44137,322572,"앤트와이어","2020-10-29","2020-11-19",5,"EA",19800,1,99000,5,99000,44137,"결제",44144,0,null,99000,44137,99000,44137,"상신","결재완료",0,null,99000,44160]
[1102,1000071676,40,"물품구매 (ASSY 3.2 Φ 등 4건/ 세금계산서)",2045601774,"스마트소켓/assy 3.2 등 4종",40,"Z20050607","스마트소켓(연구재료) (연구재료)","Z01",456,null,44147,"최종승인",27826,"전만기",44137,322572,"앤트와이어","2020-10-29","2020-11-19",5,"EA",19800,1,99000,5,99000,44137,"결제",44144,0,null,99000,44137,99000,44137,"상신","결재완료",0,null,99000,44160]
[1102,1500034926,10,"물품구매(사무용품 등 1건/세금계산서)",2045601658,"식약처cosd/사무용품",10,null,"사무용품","Z06",456,null,44119,"최종승인",28673,"전경진",44120,327247,"드림디포 부평점","2020-10-15","2020-10-30",1,"SET",412400,1,412400,1,412400,44134,"결제",44144,0,null,412400,44134,412400,44134,"상신","결재완료",412400,44145,412400,44145]
[1102,1000071468,10,"물품구매(드라이버용칩셋5종 1건/세금계산서)",2045601733,"모듈형휠체어/드라이버용 칩셋 5종",10,"Z20050916","모듈형휠체어","Z01",456,null,44138,"최종승인",6363,"홍응표",44127,312856,"세림전자","2020-10-21","2020-11-10",1,"EA",1731620,1,1731620,1,1731620,44133,"결제",44138,0,null,1731620,44133,1731620,44133,"상신","결재완료",0,null,1731620,44160]
[1102,1000071478,10,"물품구매(릴단위 전자부품 11종 1건/세금계산서)",2045601731,"모듈형휠체어/릴단위 전자부품 11종",10,"Z20050916","모듈형휠체어","Z01",456,null,44138,"최종승인",6363,"홍응표",44127,312856,"세림전자","2020-10-21","2020-11-10",1,"EA",2300100,1,2300100,1,2300100,44133,"결제",44138,0,null,2300100,44133,2300100,44133,"상신","결재완료",0,null,2300100,44160]
[1102,1000071479,10,"물품구매(조종기제어기용 칩셋5종 1건/세금계산서)",2045601732,"모듈형휠체어/조종기 제어기용 칩셋 5종",10,"Z20050916","모듈형휠체어","Z01",456,null,44138,"최종승인",6363,"홍응표",44127,312856,"세림전자","2020-10-21","2020-11-10",1,"EA",1954700,1,1954700,1,1954700,44133,"결제",44138,0,null,1954700,44133,1954700,44133,"상신","결재완료",0,null,1954700,44160]
[1102,1000071549,10,"물품구매(Sip/Puff check module 1건/세금계산서)",2045601735,"모듈형휠체어/sip puff check module",10,"Z20050916","모듈형휠체어","Z01",456,null,44138,"최종승인",6363,"홍응표",44127,323396,"스마트솔루션","2020-10-22","2020-11-10",1,"EA",6600000,1,6600000,1,6600000,44133,"결제",44138,0,null,6600000,44133,6600000,44133,"상신","결재완료",0,null,6600000,44160]
[1102,1000071603,10,"물품구매(정*석,허*원)전*만",2045601762,"의지하지 폼카바대퇴용 등 3종",10,"Z20010555","의지하지-폼카바대퇴용대만(대만산) (의지재료) (의지재료)","Z01",456,null,44131,"최종승인",6160,"전영만",44132,301263,"성림교역","2020-10-27","2020-11-03",2,"EA",89000,1,178000,2,178000,44133,"결제",44137,0,null,178000,44133,178000,44133,"상신","결재완료",178000,44165,178000,44165]
[1102,1000071603,20,"물품구매(정*석,허*원)전*만",2045601762,"의지하지 폼카바대퇴용 등 3종",20,"Z20010557","의지하지-폼카바하퇴용대만(대만산) (의지재료) (의지재료)","Z01",456,null,44131,"최종승인",6160,"전영만",44132,301263,"성림교역","2020-10-27","2020-11-03",5,"EA",53000,1,265000,5,265000,44133,"결제",44137,0,null,265000,44133,265000,44133,"상신","결재완료",265000,44165,265000,44165]
[1102,1000071603,30,"물품구매(정*석,허*원)전*만",2045601762,"의지하지 폼카바대퇴용 등 3종",30,"Z20010894","보조기하지-UDFlex짧은다리보조기 보아식 (성림) (의지재료)","Z01",456,null,44131,"최종승인",6160,"전영만",44132,301263,"성림교역","2020-10-27","2020-11-03",2,"EA",108000,1,216000,2,216000,44133,"결제",44137,0,null,216000,44133,216000,44133,"상신","결재완료",216000,44165,216000,44165]
[1102,1000071605,10,"물품구매(태백중앙,송*자,김*화,김*자,양*미,우*수)전*만",2045601763,"보조기척추 등 5종",10,"Z20010967","보조기척추-OT TLSO 몰딩 (의지재료)","Z01",456,null,44131,"최종승인",6160,"전영만",44132,322758,"오르텍주식회사","2020-10-27","2020-11-03",5,"EA",80000,1,400000,5,400000,44133,"결제",44137,0,null,400000,44133,400000,44133,"상신","결재완료",400000,44165,400000,44165]
[1102,1000071605,20,"물품구매(태백중앙,송*자,김*화,김*자,양*미,우*수)전*만",2045601763,"보조기척추 등 5종",20,"Z20010732","보조기척추-OT 콜셋 (의지재료)","Z01",456,null,44131,"최종승인",6160,"전영만",44132,322758,"오르텍주식회사","2020-10-27","2020-11-03",2,"EA",35000,1,70000,2,70000,44133,"결제",44137,0,null,70000,44133,70000,44133,"상신","결재완료",70000,44165,70000,44165]
[1102,1000071605,30,"물품구매(태백중앙,송*자,김*화,김*자,양*미,우*수)전*만",2045601763,"보조기척추 등 5종",30,"Z20011281","보조기척추 - GHI 콜셋(오르텍)","Z01",456,null,44131,"최종승인",6160,"전영만",44132,322758,"오르텍주식회사","2020-10-27","2020-11-03",6,"EA",30000,1,180000,6,180000,44133,"결제",44137,0,null,180000,44133,180000,44133,"상신","결재완료",180000,44165,180000,44165]
[1102,1000071605,40,"물품구매(태백중앙,송*자,김*화,김*자,양*미,우*수)전*만",2045601763,"보조기척추 등 5종",40,"Z20010038","보조기하지-각도조절돈조이(大,中,小) (의지재료) (의지재료)","Z01",456,null,44131,"최종승인",6160,"전영만",44132,322758,"오르텍주식회사","2020-10-27","2020-11-03",1,"EA",45000,1,45000,1,45000,44133,"결제",44137,0,null,45000,44133,45000,44133,"상신","결재완료",45000,44165,45000,44165]
[1102,1000071605,50,"물품구매(태백중앙,송*자,김*화,김*자,양*미,우*수)전*만",2045601763,"보조기척추 등 5종",50,"Z20010041","보조기하지-내측측부인대 (의지재료) (의지재료)","Z01",456,null,44131,"최종승인",6160,"전영만",44132,322758,"오르텍주식회사","2020-10-27","2020-11-03",2,"EA",32000,1,64000,2,64000,44133,"결제",44137,0,null,64000,44133,64000,44133,"상신","결재완료",64000,44165,64000,44165]
[1102,1000071606,10,"물품구매(김*성,김*춘,최호진*)전*만",2045601764,"휠체어수리 배터리 등 4종",10,"Z20120616","휠체어수리-배터리(12V62AH) (의지재료)","Z01",456,null,44131,"최종승인",6160,"전영만",44132,301700,"(주)휠로피아","2020-10-27","2020-11-03",2,"EA",105000,1,210000,2,210000,44133,"결제",44137,0,null,210000,44133,210000,44133,"상신","결재완료",210000,44165,210000,44165]
[1102,1000071606,20,"물품구매(김*성,김*춘,최호진*)전*만",2045601764,"휠체어수리 배터리 등 4종",20,"Z20120318","휠체어수리-클린튜브활동형형(24in) (의지재료) (의지재료)","Z01",456,null,44131,"최종승인",6160,"전영만",44132,301700,"(주)휠로피아","2020-10-27","2020-11-03",14,"EA",4000,1,56000,14,56000,44133,"결제",44137,0,null,56000,44133,56000,44133,"상신","결재완료",56000,44165,56000,44165]
[1102,1000071606,30,"물품구매(김*성,김*춘,최호진*)전*만",2045601764,"휠체어수리 배터리 등 4종",30,"Z20120561","타이어-24\"마라톤점검 (퓔로피아) (의지재료) (의지재료)","Z01",456,null,44131,"최종승인",6160,"전영만",44132,301700,"(주)휠로피아","2020-10-27","2020-11-03",2,"EA",32000,1,64000,2,64000,44133,"결제",44137,0,null,64000,44133,64000,44133,"상신","결재완료",64000,44165,64000,44165]
[1102,1000071606,40,"물품구매(김*성,김*춘,최호진*)전*만",2045601764,"휠체어수리 배터리 등 4종",40,"Z20130035","집뇨기유린백-외산1000(외산1000cc) (의지재료) (의지재료)","Z01",456,null,44131,"최종승인",6160,"전영만",44132,301700,"(주)휠로피아","2020-10-27","2020-11-03",4,"EA",54000,1,216000,4,216000,44133,"결제",44137,0,null,216000,44133,216000,44133,"상신","결재완료",216000,44165,216000,44165]
[1102,1000071613,10,"물품구매(의지상지-염*성 외1명/손*지)",2045601766,"의지상지 미관형의수",10,"Z20010368","의지상지-미관형의수실리콘리갈(외산) (의지재료) (의지재료)","Z01",456,null,44131,"최종승인",28716,"손민지",44132,301263,"성림교역","2020-10-27","2020-11-03",2,"EA",230000,1,460000,2,460000,44133,"결제",44138,0,null,460000,44133,460000,44133,"상신","결재완료",460000,44165,460000,44165]
[1102,1000071643,10,"물품구매(워커시트)",2045601771,"휠체어수리 팔받이 등 4종",10,"Z20120670","휠체어수리-팔받이assey (대세)","Z01",456,null,44132,"최종승인",9144,"정창희",44133,323873,"하나엠케어","2020-10-27","2020-11-04",2,"EA",27273,1,54546,2,54546,44133,"결제",44140,0,null,54546,44133,54546,44133,"상신","결재완료",54546,44165,54546,44165]
[1102,1000071643,20,"물품구매(워커시트)",2045601771,"휠체어수리 팔받이 등 4종",20,"Z20120192","휠체어수리-브레이크일반형대세(일반형) (의지재료) (의지재료)","Z01",456,null,44132,"최종승인",9144,"정창희",44133,323873,"하나엠케어","2020-10-27","2020-11-04",2,"EA",11818,1,23636,2,23636,44133,"결제",44140,0,null,23636,44133,23636,44133,"상신","결재완료",23636,44165,23636,44165]
[1102,1000071643,30,"물품구매(워커시트)",2045601771,"휠체어수리 팔받이 등 4종",30,"Z20120244","휠체어수리-앞바퀴우레탄대세(8in) (의지재료) (의지재료)","Z01",456,null,44132,"최종승인",9144,"정창희",44133,323873,"하나엠케어","2020-10-27","2020-11-04",2,"EA",13637,1,27274,2,27274,44133,"결제",44140,0,null,27274,44133,27274,44133,"상신","결재완료",27274,44165,27274,44165]
[1102,1000071643,40,"물품구매(워커시트)",2045601771,"휠체어수리 팔받이 등 4종",40,"Z20120278","휠체어수리-요크베아링대세 (의지재료) (의지재료)","Z01",456,null,44132,"최종승인",9144,"정창희",44133,323873,"하나엠케어","2020-10-27","2020-11-04",4,"EA",5455,1,21820,4,21820,44133,"결제",44140,0,null,21820,44133,21820,44133,"상신","결재완료",21820,44165,21820,44165]
[1102,1000071661,10,"물품구매(실리콘라이너-이*휘)",2045601769,"의지하지 실리콘싹스 등 11종",10,"Z20010543","의지하지-실리콘싹스향균라이너하퇴용(독일산) (의지재료) (의지재료)","Z01",456,null,44132,"최종승인",9144,"정창희",44133,305386,"(주) 오토복코리아헬스케어","2020-10-27","2020-11-04",5,"EA",235000,1,1175000,5,1175000,44133,"결제",44137,0,null,1175000,44133,1175000,44133,"상신","결재완료",1175000,44165,1175000,44165]
[1102,1000071661,20,"물품구매(실리콘라이너-이*휘)",2045601769,"의지하지 실리콘싹스 등 11종",20,"Z20010376","의지상지-상박관절장식원통형(외산) (의지재료) (의지재료)","Z01",456,null,44132,"최종승인",9144,"정창희",44133,305386,"(주) 오토복코리아헬스케어","2020-10-27","2020-11-04",1,"EA",360000,1,360000,1,360000,44133,"결제",44137,0,null,360000,44133,360000,44133,"상신","결재완료",360000,44165,360000,44165]
[1102,1000071661,30,"물품구매(실리콘라이너-이*휘)",2045601769,"의지하지 실리콘싹스 등 11종",30,"Z20010581","의지하지-발트리아스(독일산) (의지재료) (의지재료)","Z01",456,null,44132,"최종승인",9144,"정창희",44133,305386,"(주) 오토복코리아헬스케어","2020-10-27","2020-11-04",1,"EA",730000,1,730000,1,730000,44133,"결제",44137,0,null,730000,44133,730000,44133,"상신","결재완료",730000,44165,730000,44165]
[1102,1000071661,40,"물품구매(실리콘라이너-이*휘)",2045601769,"의지하지 실리콘싹스 등 11종",40,"Z20010373","의지상지-반자동의수(독일산) (의지재료) (의지재료)","Z01",456,null,44132,"최종승인",9144,"정창희",44133,305386,"(주) 오토복코리아헬스케어","2020-10-27","2020-11-04",1,"EA",363000,1,363000,1,363000,44133,"결제",44137,0,null,363000,44133,363000,44133,"상신","결재완료",363000,44165,363000,44165]
[1102,1000071661,50,"물품구매(실리콘라이너-이*휘)",2045601769,"의지하지 실리콘싹스 등 11종",50,"Z20011072","의지상지-근전전동의수내피(독일산)","Z01",456,null,44132,"최종승인",9144,"정창희",44133,305386,"(주) 오토복코리아헬스케어","2020-10-27","2020-11-04",2,"EA",126000,1,252000,2,252000,44133,"결제",44137,0,null,252000,44133,252000,44133,"상신","결재완료",252000,44165,252000,44165]
[1102,1000071661,60,"물품구매(실리콘라이너-이*휘)",2045601769,"의지하지 실리콘싹스 등 11종",60,"Z20010369","의지상지-미관형의수전자글러브레진(외산) (의지재료) (의지재료)","Z01",456,null,44132,"최종승인",9144,"정창희",44133,305386,"(주) 오토복코리아헬스케어","2020-10-27","2020-11-04",2,"EA",162000,1,324000,2,324000,44133,"결제",44137,0,null,324000,44133,324000,44133,"상신","결재완료",324000,44165,324000,44165]
[1102,1000071661,70,"물품구매(실리콘라이너-이*휘)",2045601769,"의지하지 실리콘싹스 등 11종",70,"Z20010422","의지하지-단축발발목장식알루미늄포함셋트(독일산) (의지재료) (의지재료)","Z01",456,null,44132,"최종승인",9144,"정창희",44133,305386,"(주) 오토복코리아헬스케어","2020-10-27","2020-11-04",1,"EA",176000,1,176000,1,176000,44133,"결제",44137,0,null,176000,44133,176000,44133,"상신","결재완료",176000,44165,176000,44165]
[1102,1000071661,80,"물품구매(실리콘라이너-이*휘)",2045601769,"의지하지 실리콘싹스 등 11종",80,"Z20010542","의지하지-실리콘싹스향균라이너대퇴용(독일산) (의지재료) (의지재료)","Z01",456,null,44132,"최종승인",9144,"정창희",44133,305386,"(주) 오토복코리아헬스케어","2020-10-27","2020-11-04",1,"EA",515000,1,515000,1,515000,44133,"결제",44137,0,null,515000,44133,515000,44133,"상신","결재완료",515000,44165,515000,44165]
[1102,1000071661,90,"물품구매(실리콘라이너-이*휘)",2045601769,"의지하지 실리콘싹스 등 11종",90,"Z20010177","소모품-석고칼날반원형(반원형외산) (의지재료) (의지재료)","Z01",456,null,44132,"최종승인",9144,"정창희",44133,305386,"(주) 오토복코리아헬스케어","2020-10-27","2020-11-04",5,"EA",12000,1,60000,5,60000,44133,"결제",44137,0,null,60000,44133,60000,44133,"상신","결재완료",60000,44165,60000,44165]
[1102,1000071661,100,"물품구매(실리콘라이너-이*휘)",2045601769,"의지하지 실리콘싹스 등 11종",100,"Z20010178","소모품-석고칼날원형(원형외산) (의지재료) (의지재료)","Z01",456,null,44132,"최종승인",9144,"정창희",44133,305386,"(주) 오토복코리아헬스케어","2020-10-27","2020-11-04",5,"EA",11000,1,55000,5,55000,44133,"결제",44137,0,null,55000,44133,55000,44133,"상신","결재완료",55000,44165,55000,44165]
[1102,1000071661,110,"물품구매(실리콘라이너-이*휘)",2045601769,"의지하지 실리콘싹스 등 11종",110,"Z20010680","소모품-silicone parting agent (독일) (의지재료)","Z01",456,null,44132,"최종승인",9144,"정창희",44133,305386,"(주) 오토복코리아헬스케어","2020-10-27","2020-11-04",2,"EA",33000,1,66000,2,66000,44133,"결제",44137,0,null,66000,44133,66000,44133,"상신","결재완료",66000,44165,66000,44165]
[1102,1000071674,10,"물품구매(실리콘라이너-강*수)",2045601772,"의지하지 실리콘싹스 등 10종",10,"Z20010526","의지하지-실리콘싹스이지락킹(미국산) (의지재료) (의지재료)","Z01",456,null,44133,"최종승인",9144,"정창희",44134,301263,"성림교역","2020-10-28","2020-11-05",1,"EA",330000,1,330000,1,330000,44133,"결제",44137,0,null,330000,44133,330000,44133,"상신","결재완료",330000,44165,330000,44165]
[1102,1000071674,20,"물품구매(실리콘라이너-강*수)",2045601772,"의지하지 실리콘싹스 등 10종",20,"Z20010368","의지상지-미관형의수실리콘리갈(외산) (의지재료) (의지재료)","Z01",456,null,44133,"최종승인",9144,"정창희",44134,301263,"성림교역","2020-10-28","2020-11-05",3,"EA",230000,1,690000,3,690000,44133,"결제",44137,0,null,690000,44133,690000,44133,"상신","결재완료",690000,44165,690000,44165]
[1102,1000071674,30,"물품구매(실리콘라이너-강*수)",2045601772,"의지하지 실리콘싹스 등 10종",30,"Z20010378","의지상지-상박관절장식호스머(미국산) (의지재료) (의지재료)","Z01",456,null,44133,"최종승인",9144,"정창희",44134,301263,"성림교역","2020-10-28","2020-11-05",2,"EA",760000,1,1520000,2,1520000,44133,"결제",44137,0,null,1520000,44133,1520000,44133,"상신","결재완료",1520000,44165,1520000,44165]
[1102,1000071674,40,"물품구매(실리콘라이너-강*수)",2045601772,"의지하지 실리콘싹스 등 10종",40,"Z20010379","의지상지-상박신경줄호스머(호스머) (의지재료) (의지재료)","Z01",456,null,44133,"최종승인",9144,"정창희",44134,301263,"성림교역","2020-10-28","2020-11-05",2,"EA",95000,1,190000,2,190000,44133,"결제",44137,0,null,190000,44133,190000,44133,"상신","결재완료",190000,44165,190000,44165]
[1102,1000071674,50,"물품구매(실리콘라이너-강*수)",2045601772,"의지하지 실리콘싹스 등 10종",50,"Z20010388","의지상지-상박주관절장식키드형중국(중국산) (의지재료) (의지재료)","Z01",456,null,44133,"최종승인",9144,"정창희",44134,301263,"성림교역","2020-10-28","2020-11-05",1,"EA",170000,1,170000,1,170000,44133,"결제",44137,0,null,170000,44133,170000,44133,"상신","결재완료",170000,44165,170000,44165]
[1102,1000071674,60,"물품구매(실리콘라이너-강*수)",2045601772,"의지하지 실리콘싹스 등 10종",60,"Z20010565","소모품-하퇴용스탐프싹스국산 (의지재료) (의지재료)","Z01",456,null,44133,"최종승인",9144,"정창희",44134,301263,"성림교역","2020-10-28","2020-11-05",20,"EA",6000,1,120000,20,120000,44133,"결제",44137,0,null,120000,44133,120000,44133,"상신","결재완료",120000,44165,120000,44165]
[1102,1000071674,70,"물품구매(실리콘라이너-강*수)",2045601772,"의지하지 실리콘싹스 등 10종",70,"Z20010555","의지하지-폼카바대퇴용대만(대만산) (의지재료) (의지재료)","Z01",456,null,44133,"최종승인",9144,"정창희",44134,301263,"성림교역","2020-10-28","2020-11-05",5,"EA",89000,1,445000,5,445000,44133,"결제",44137,0,null,445000,44133,445000,44133,"상신","결재완료",445000,44165,445000,44165]
[1102,1000071674,80,"물품구매(실리콘라이너-강*수)",2045601772,"의지하지 실리콘싹스 등 10종",80,"Z20010457","의지하지-락장식필라우더 (의지재료) (의지재료)","Z01",456,null,44133,"최종승인",9144,"정창희",44134,301263,"성림교역","2020-10-28","2020-11-05",2,"EA",155000,1,310000,2,310000,44133,"결제",44137,0,null,310000,44133,310000,44133,"상신","결재완료",310000,44165,310000,44165]
[1102,1000071674,90,"물품구매(실리콘라이너-강*수)",2045601772,"의지하지 실리콘싹스 등 10종",90,"Z20010558","의지하지-피라미드 (의지재료) (의지재료)","Z01",456,null,44133,"최종승인",9144,"정창희",44134,301263,"성림교역","2020-10-28","2020-11-05",2,"EA",30000,1,60000,2,60000,44133,"결제",44137,0,null,60000,44133,60000,44133,"상신","결재완료",60000,44165,60000,44165]
[1102,1000071674,100,"물품구매(실리콘라이너-강*수)",2045601772,"의지하지 실리콘싹스 등 10종",100,"Z20010880","하지의지-발프리덤외피(의지재료) (의지재료)","Z01",456,null,44133,"최종승인",9144,"정창희",44134,301263,"성림교역","2020-10-28","2020-11-05",4,"EA",160000,1,640000,4,640000,44133,"결제",44137,0,null,640000,44133,640000,44133,"상신","결재완료",640000,44165,640000,44165]
[1102,1000071699,10,"물품구매(벨크로 1건 / 외골격로봇-5410(법인카드)",2045601777,"외골격로봇/벨크로",10,"Z20050807","외골격로봇(연구재료)","Z01",456,null,44141,"최종승인",27520,"최혁재",44137,516525410,"외골격로봇-5410","2020-10-29","2020-11-13",1,"EA",385000,1,385000,1,385000,44133,"결제",44139,0,null,385000,44133,385000,44133,"상신","결재완료",0,null,385000,44161]
[1102,1500035119,10,"컬러프린터 토너 구입(운영지원부)",2045601773,"운영지원부 칼라 프린터 토너 구매",10,null,"컬러프린터 토너(파랑)","Z06",456,null,44133,"최종승인",4729,"김선경",44134,321731,"주식회사 소명시스템","2020-10-29","2020-11-05",1,"EA",360000,1,360000,1,360000,44133,"결제",44138,0,null,360000,44133,360000,44133,"상신","결재완료",360000,44145,360000,44145]
[1102,1500035119,20,"컬러프린터 토너 구입(운영지원부)",2045601773,"운영지원부 칼라 프린터 토너 구매",20,null,"컬러프린터 토너(검정)","Z06",456,null,44133,"최종승인",4729,"김선경",44134,321731,"주식회사 소명시스템","2020-10-29","2020-11-05",1,"EA",220000,1,220000,1,220000,44133,"결제",44138,0,null,220000,44133,220000,44133,"상신","결재완료",220000,44145,220000,44145]
[1102,1000070520,10,"물품구매(Perlon Stockinette 등 3건/ 세금계산서)",2045601441,"농작업보조시스템/perlon stockinette 등 3종",10,"Z20050918","농작업보조시스템","Z01",456,null,44140,"최종승인",27961,"홍범기",44085,305386,"(주) 오토복코리아헬스케어","2020-09-10","2020-11-12",3,"EA",123200,1,369600,3,369600,44132,"결제",44137,0,null,369600,44132,369600,44132,"상신","결재완료",0,null,369600,44160]
[1102,1000070520,20,"물품구매(Perlon Stockinette 등 3건/ 세금계산서)",2045601441,"농작업보조시스템/perlon stockinette 등 3종",20,"Z20050918","농작업보조시스템","Z01",456,null,44140,"최종승인",27961,"홍범기",44085,305386,"(주) 오토복코리아헬스케어","2020-09-10","2020-11-12",3,"EA",127600,1,382800,3,382800,44132,"결제",44137,0,null,382800,44132,382800,44132,"상신","결재완료",0,null,382800,44160]
[1102,1000070520,30,"물품구매(Perlon Stockinette 등 3건/ 세금계산서)",2045601441,"농작업보조시스템/perlon stockinette 등 3종",30,"Z20050918","농작업보조시스템","Z01",456,null,44140,"최종승인",27961,"홍범기",44085,305386,"(주) 오토복코리아헬스케어","2020-09-10","2020-11-12",2,"EA",91300,1,182600,2,182600,44132,"결제",44137,0,null,182600,44132,182600,44132,"상신","결재완료",0,null,182600,44160]
[1102,1000070534,10,"물품구매(PVA Bags 등 9건/ 세금계산서)",2045601438,"골유착임플란트/pva bags 등 9종",10,"Z20050686","골유착임플란트(연구재료)","Z01",456,null,44140,"최종승인",28673,"전경진",44084,305386,"(주) 오토복코리아헬스케어","2020-09-10","2020-11-12",1,"EA",73700,1,73700,1,73700,44132,"결제",44138,0,null,73700,44132,73700,44132,"상신","결재완료",0,null,73700,44160]
[1102,1000070534,20,"물품구매(PVA Bags 등 9건/ 세금계산서)",2045601438,"골유착임플란트/pva bags 등 9종",20,"Z20050686","골유착임플란트(연구재료)","Z01",456,null,44140,"최종승인",28673,"전경진",44084,305386,"(주) 오토복코리아헬스케어","2020-09-10","2020-11-12",1,"EA",106700,1,106700,1,106700,44132,"결제",44138,0,null,106700,44132,106700,44132,"상신","결재완료",0,null,106700,44160]
[1102,1000070534,30,"물품구매(PVA Bags 등 9건/ 세금계산서)",2045601438,"골유착임플란트/pva bags 등 9종",30,"Z20050686","골유착임플란트(연구재료)","Z01",456,null,44140,"최종승인",28673,"전경진",44084,305386,"(주) 오토복코리아헬스케어","2020-09-10","2020-11-12",1,"EA",38500,1,38500,1,38500,44132,"결제",44138,0,null,38500,44132,38500,44132,"상신","결재완료",0,null,38500,44160]
[1102,1000070534,40,"물품구매(PVA Bags 등 9건/ 세금계산서)",2045601438,"골유착임플란트/pva bags 등 9종",40,"Z20050686","골유착임플란트(연구재료)","Z01",456,null,44140,"최종승인",28673,"전경진",44084,305386,"(주) 오토복코리아헬스케어","2020-09-10","2020-11-12",1,"EA",71500,1,71500,1,71500,44132,"결제",44138,0,null,71500,44132,71500,44132,"상신","결재완료",0,null,71500,44160]
[1102,1000070534,50,"물품구매(PVA Bags 등 9건/ 세금계산서)",2045601438,"골유착임플란트/pva bags 등 9종",50,"Z20050686","골유착임플란트(연구재료)","Z01",456,null,44140,"최종승인",28673,"전경진",44084,305386,"(주) 오토복코리아헬스케어","2020-09-10","2020-11-12",1,"EA",105600,1,105600,1,105600,44132,"결제",44138,0,null,105600,44132,105600,44132,"상신","결재완료",0,null,105600,44160]
[1102,1000070534,60,"물품구매(PVA Bags 등 9건/ 세금계산서)",2045601438,"골유착임플란트/pva bags 등 9종",60,"Z20050686","골유착임플란트(연구재료)","Z01",456,null,44140,"최종승인",28673,"전경진",44084,305386,"(주) 오토복코리아헬스케어","2020-09-10","2020-11-12",1,"EA",44000,1,44000,1,44000,44132,"결제",44138,0,null,44000,44132,44000,44132,"상신","결재완료",0,null,44000,44160]
[1102,1000070534,70,"물품구매(PVA Bags 등 9건/ 세금계산서)",2045601438,"골유착임플란트/pva bags 등 9종",70,"Z20050686","골유착임플란트(연구재료)","Z01",456,null,44140,"최종승인",28673,"전경진",44084,305386,"(주) 오토복코리아헬스케어","2020-09-10","2020-11-12",1,"EA",60500,1,60500,1,60500,44132,"결제",44138,0,null,60500,44132,60500,44132,"상신","결재완료",0,null,60500,44160]
[1102,1000070534,80,"물품구매(PVA Bags 등 9건/ 세금계산서)",2045601438,"골유착임플란트/pva bags 등 9종",80,"Z20050686","골유착임플란트(연구재료)","Z01",456,null,44140,"최종승인",28673,"전경진",44084,305386,"(주) 오토복코리아헬스케어","2020-09-10","2020-11-12",4,"EA",50600,1,202400,4,202400,44132,"결제",44138,0,null,202400,44132,202400,44132,"상신","결재완료",0,null,202400,44160]
[1102,1000070534,90,"물품구매(PVA Bags 등 9건/ 세금계산서)",2045601438,"골유착임플란트/pva bags 등 9종",90,"Z20050686","골유착임플란트(연구재료)","Z01",456,null,44140,"최종승인",28673,"전경진",44084,305386,"(주) 오토복코리아헬스케어","2020-09-10","2020-11-12",2,"EA",137500,1,275000,2,275000,44132,"결제",44138,0,null,275000,44132,275000,44132,"상신","결재완료",0,null,275000,44160]
[1102,1000070992,10,"물품구매(C-Othocryl 등 10건/ 세금계산서)",2045601593,"농작업보조시스템/c orthocryl 등 10종",10,"Z20050918","농작업보조시스템","Z01",456,null,44153,"최종승인",27961,"홍범기",44102,305386,"(주) 오토복코리아헬스케어","2020-09-25","2020-11-25",1,"EA",220000,1,220000,1,220000,44132,"결제",44137,0,null,220000,44132,220000,44132,"상신","결재완료",0,null,220000,44160]
[1102,1000070992,20,"물품구매(C-Othocryl 등 10건/ 세금계산서)",2045601593,"농작업보조시스템/c orthocryl 등 10종",20,"Z20050918","농작업보조시스템","Z01",456,null,44153,"최종승인",27961,"홍범기",44102,305386,"(주) 오토복코리아헬스케어","2020-09-25","2020-11-25",1,"EA",184800,1,184800,1,184800,44132,"결제",44137,0,null,184800,44132,184800,44132,"상신","결재완료",0,null,184800,44160]
[1102,1000070992,30,"물품구매(C-Othocryl 등 10건/ 세금계산서)",2045601593,"농작업보조시스템/c orthocryl 등 10종",30,"Z20050918","농작업보조시스템","Z01",456,null,44153,"최종승인",27961,"홍범기",44102,305386,"(주) 오토복코리아헬스케어","2020-09-25","2020-11-25",1,"EA",220000,1,220000,1,220000,44132,"결제",44137,0,null,220000,44132,220000,44132,"상신","결재완료",0,null,220000,44160]
[1102,1000070992,40,"물품구매(C-Othocryl 등 10건/ 세금계산서)",2045601593,"농작업보조시스템/c orthocryl 등 10종",40,"Z20050918","농작업보조시스템","Z01",456,null,44153,"최종승인",27961,"홍범기",44102,305386,"(주) 오토복코리아헬스케어","2020-09-25","2020-11-25",3,"EA",12100,1,36300,3,36300,44132,"결제",44137,0,null,36300,44132,36300,44132,"상신","결재완료",0,null,36300,44160]
[1102,1000070992,50,"물품구매(C-Othocryl 등 10건/ 세금계산서)",2045601593,"농작업보조시스템/c orthocryl 등 10종",50,"Z20050918","농작업보조시스템","Z01",456,null,44153,"최종승인",27961,"홍범기",44102,305386,"(주) 오토복코리아헬스케어","2020-09-25","2020-11-25",1,"EA",74800,1,74800,1,74800,44132,"결제",44137,0,null,74800,44132,74800,44132,"상신","결재완료",0,null,74800,44160]
[1102,1000070992,60,"물품구매(C-Othocryl 등 10건/ 세금계산서)",2045601593,"농작업보조시스템/c orthocryl 등 10종",60,"Z20050918","농작업보조시스템","Z01",456,null,44153,"최종승인",27961,"홍범기",44102,305386,"(주) 오토복코리아헬스케어","2020-09-25","2020-11-25",1,"EA",12100,1,12100,1,12100,44132,"결제",44137,0,null,12100,44132,12100,44132,"상신","결재완료",0,null,12100,44160]
[1102,1000070992,70,"물품구매(C-Othocryl 등 10건/ 세금계산서)",2045601593,"농작업보조시스템/c orthocryl 등 10종",70,"Z20050918","농작업보조시스템","Z01",456,null,44153,"최종승인",27961,"홍범기",44102,305386,"(주) 오토복코리아헬스케어","2020-09-25","2020-11-25",1,"EA",25300,1,25300,1,25300,44132,"결제",44137,0,null,25300,44132,25300,44132,"상신","결재완료",0,null,25300,44160]
[1102,1000070992,80,"물품구매(C-Othocryl 등 10건/ 세금계산서)",2045601593,"농작업보조시스템/c orthocryl 등 10종",80,"Z20050918","농작업보조시스템","Z01",456,null,44153,"최종승인",27961,"홍범기",44102,305386,"(주) 오토복코리아헬스케어","2020-09-25","2020-11-25",1,"EA",29700,1,29700,1,29700,44132,"결제",44137,0,null,29700,44132,29700,44132,"상신","결재완료",0,null,29700,44160]
[1102,1000070992,90,"물품구매(C-Othocryl 등 10건/ 세금계산서)",2045601593,"농작업보조시스템/c orthocryl 등 10종",90,"Z20050918","농작업보조시스템","Z01",456,null,44153,"최종승인",27961,"홍범기",44102,305386,"(주) 오토복코리아헬스케어","2020-09-25","2020-11-25",1,"EA",35200,1,35200,1,35200,44132,"결제",44137,0,null,35200,44132,35200,44132,"상신","결재완료",0,null,35200,44160]
[1102,1000070992,100,"물품구매(C-Othocryl 등 10건/ 세금계산서)",2045601593,"농작업보조시스템/c orthocryl 등 10종",100,"Z20050918","농작업보조시스템","Z01",456,null,44153,"최종승인",27961,"홍범기",44102,305386,"(주) 오토복코리아헬스케어","2020-09-25","2020-11-25",1,"EA",28600,1,28600,1,28600,44132,"결제",44137,0,null,28600,44132,28600,44132,"상신","결재완료",0,null,28600,44160]
[1102,1000071511,10,"물품구매(조종기 케이스 3D프린팅 등 2건/세금계산서)",2045601743,"모듈형휠체어/조종기 케이스3d 프린팅 등 2종",10,"Z20050916","모듈형휠체어","Z01",456,null,44155,"최종승인",26892,"권칠용",44132,316049,"(주)씨이피테크","2020-10-21","2020-11-27",1,"EA",3172000,1,3172000,1,3172000,44132,"결제",44134,0,null,3172000,44132,3172000,44132,"상신","결재완료",0,null,3172000,44160]
[1102,1000071511,20,"물품구매(조종기 케이스 3D프린팅 등 2건/세금계산서)",2045601743,"모듈형휠체어/조종기 케이스3d 프린팅 등 2종",20,"Z20050916","모듈형휠체어","Z01",456,null,44155,"최종승인",26892,"권칠용",44132,316049,"(주)씨이피테크","2020-10-21","2020-11-27",1,"EA",3100000,1,3100000,1,3100000,44132,"결제",44134,0,null,3100000,44132,3100000,44132,"상신","결재완료",0,null,3100000,44160]
[1102,1000071519,10,"물품구매(회전테이블등/천*민)",2045601746,"의지하지 무릎회전장식 등 2종",10,"Z20010461","의지하지-무릎회전장식Bk(국산) (의지재료) (의지재료)","Z01",456,null,44127,"최종승인",27784,"천성민",44132,302514,"비케이메디텍","2020-10-23","2020-10-30",20,"EA",226000,1,4520000,20,4520000,44132,"결제",44134,0,null,4520000,44132,4520000,44132,"상신","결재완료",4520000,44165,4520000,44165]
[1102,1000071519,20,"물품구매(회전테이블등/천*민)",2045601746,"의지하지 무릎회전장식 등 2종",20,"Z20010494","의지하지-발Bk(국산) (의지재료) (의지재료)","Z01",456,null,44127,"최종승인",27784,"천성민",44132,302514,"비케이메디텍","2020-10-23","2020-10-30",12,"EA",188000,1,2256000,12,2256000,44132,"결제",44134,0,null,2256000,44132,2256000,44132,"상신","결재완료",2256000,44165,2256000,44165]
[1102,1000071578,10,"물품구매(김*준/유*선)",2045601755,"전동형휠체어 등 3종",10,"Z20120674","전동형휠체어- 나래200,210 (썬메디테크)","Z01",456,null,44130,"최종승인",26283,"유재선",44132,325322,"썬메디테크","2020-10-26","2020-11-02",1,"EA",1900000,1,1900000,1,1900000,44132,"결제",44134,0,null,1900000,44132,1900000,44132,"상신","결재완료",1900000,44165,1900000,44165]
[1102,1000071578,20,"물품구매(김*준/유*선)",2045601755,"전동형휠체어 등 3종",20,"Z20120420","휠체어수리-팔받이스타트오토복 (의지재료) (의지재료)","Z01",456,null,44130,"최종승인",26283,"유재선",44132,325322,"썬메디테크","2020-10-26","2020-11-02",2,"EA",16000,1,32000,2,32000,44132,"결제",44134,0,null,32000,44132,32000,44132,"상신","결재완료",32000,44165,32000,44165]
[1102,1000071578,30,"물품구매(김*준/유*선)",2045601755,"전동형휠체어 등 3종",30,"Z20120413","휠체어수리-팔걸이조립퀴키 (의지재료) (의지재료)","Z01",456,null,44130,"최종승인",26283,"유재선",44132,325322,"썬메디테크","2020-10-26","2020-11-02",7,"EA",20000,1,140000,7,140000,44132,"결제",44134,0,null,140000,44132,140000,44132,"상신","결재완료",140000,44165,140000,44165]
[1102,1000071591,10,"물품구매(육*근/유*선)",2045601756,"휠체어 꺽기형미라지7",10,"Z20010641","휠체어-꺽기형미라지7 드럼브레이크(미키) (의지재료) (의지재료)","Z01",456,null,44130,"최종승인",26283,"유재선",44132,301882,"미키메디칼","2020-10-26","2020-11-02",1,"EA",490000,1,490000,1,490000,44132,"결제",44134,0,null,490000,44132,490000,44132,"상신","결재완료",490000,44165,490000,44165]
[1102,1000071615,10,"물품구매(무릎장식-유*성)",2045601757,"의지하지 대퇴무릎장식 등 3종",10,"Z20010446","의지하지-대퇴무릎장식Bk인공지능(인공지능) (의지재료) (의지재료)","Z01",456,null,44131,"최종승인",9144,"정창희",44132,302514,"비케이메디텍","2020-10-26","2020-11-03",1,"EA",2484000,1,2484000,1,2484000,44132,"결제",44138,0,null,2484000,44132,2484000,44132,"상신","결재완료",2484000,44165,2484000,44165]
[1102,1000071615,20,"물품구매(무릎장식-유*성)",2045601757,"의지하지 대퇴무릎장식 등 3종",20,"Z20010445","의지하지-대퇴무릎장식Bk공압식(4절공압식) (의지재료) (의지재료)","Z01",456,null,44131,"최종승인",9144,"정창희",44132,302514,"비케이메디텍","2020-10-26","2020-11-03",1,"EA",777000,1,777000,1,777000,44132,"결제",44138,0,null,777000,44132,777000,44132,"상신","결재완료",777000,44165,777000,44165]
[1102,1000071615,30,"물품구매(무릎장식-유*성)",2045601757,"의지하지 대퇴무릎장식 등 3종",30,"Z20010461","의지하지-무릎회전장식Bk(국산) (의지재료) (의지재료)","Z01",456,null,44131,"최종승인",9144,"정창희",44132,302514,"비케이메디텍","2020-10-26","2020-11-03",3,"EA",226000,1,678000,3,678000,44132,"결제",44138,0,null,678000,44132,678000,44132,"상신","결재완료",678000,44165,678000,44165]
[1102,1000071616,10,"물품구매(휠체어-정*섭)",2045601759,"활동형휠체어",10,"Z20120641","활동형휠체어- 노바제로 A타입 (티오엠)","Z01",456,null,44131,"최종승인",9144,"정창희",44132,325322,"썬메디테크","2020-10-27","2020-11-03",2,"EA",950000,1,1900000,2,1900000,44132,"결제",44137,0,null,1900000,44132,1900000,44132,"상신","결재완료",1900000,44165,1900000,44165]
[1102,1000071617,10,"물품구매(니케이지)",2045601761,"보조기하지 니게이지",10,"Z20010042","보조기하지-니게이지(大,中,小) (의지재료) (의지재료)","Z01",456,null,44131,"최종승인",9144,"정창희",44132,322758,"오르텍주식회사","2020-10-27","2020-11-03",10,"EA",25000,1,250000,10,250000,44132,"결제",44137,0,null,250000,44132,250000,44132,"상신","결재완료",250000,44165,250000,44165]
[1102,1000071621,10,"물품구매(휠체어-최*종)",2045601760,"휠체어침대형 등 10종",10,"Z20010640","휠체어-침대형 HAL-48알루미늄(미키) (의지재료) (의지재료)","Z01",456,null,44131,"최종승인",9144,"정창희",44132,309507,"미키코리아(주)","2020-10-27","2020-11-03",1,"EA",730000,1,730000,1,730000,44132,"결제",44137,0,null,730000,44132,730000,44132,"상신","결재완료",730000,44165,730000,44165]
[1102,1000071621,20,"물품구매(휠체어-최*종)",2045601760,"휠체어침대형 등 10종",20,"Z20120340","휠체어수리-타이어일반형미키(22,24in) (의지재료) (의지재료)","Z01",456,null,44131,"최종승인",9144,"정창희",44132,309507,"미키코리아(주)","2020-10-27","2020-11-03",10,"EA",7000,1,70000,10,70000,44132,"결제",44137,0,null,70000,44132,70000,44132,"상신","결재완료",70000,44165,70000,44165]
[1102,1000071621,30,"물품구매(휠체어-최*종)",2045601760,"휠체어침대형 등 10종",30,"Z20120390","휠체어수리-튜브일반형미키(22,24in) (의지재료) (의지재료)","Z01",456,null,44131,"최종승인",9144,"정창희",44132,309507,"미키코리아(주)","2020-10-27","2020-11-03",10,"EA",4000,1,40000,10,40000,44132,"결제",44137,0,null,40000,44132,40000,44132,"상신","결재완료",40000,44165,40000,44165]
[1102,1000071621,40,"물품구매(휠체어-최*종)",2045601760,"휠체어침대형 등 10종",40,"Z20120367","휠체어수리-타이어활동형미키(24in) (의지재료) (의지재료)","Z01",456,null,44131,"최종승인",9144,"정창희",44132,309507,"미키코리아(주)","2020-10-27","2020-11-03",10,"EA",8000,1,80000,10,80000,44132,"결제",44137,0,null,80000,44132,80000,44132,"상신","결재완료",80000,44165,80000,44165]
[1102,1000071621,50,"물품구매(휠체어-최*종)",2045601760,"휠체어침대형 등 10종",50,"Z20120405","휠체어수리-튜브활동형미키(22,24in) (의지재료) (의지재료)","Z01",456,null,44131,"최종승인",9144,"정창희",44132,309507,"미키코리아(주)","2020-10-27","2020-11-03",10,"EA",6000,1,60000,10,60000,44132,"결제",44137,0,null,60000,44132,60000,44132,"상신","결재완료",60000,44165,60000,44165]
[1102,1000071621,60,"물품구매(휠체어-최*종)",2045601760,"휠체어침대형 등 10종",60,"Z20120650","활동형휠체어-P2(미키코리아)","Z01",456,null,44131,"최종승인",9144,"정창희",44132,309507,"미키코리아(주)","2020-10-27","2020-11-03",1,"EA",950000,1,950000,1,950000,44132,"결제",44137,0,null,950000,44132,950000,44132,"상신","결재완료",950000,44165,950000,44165]
[1102,1000071621,70,"물품구매(휠체어-최*종)",2045601760,"휠체어침대형 등 10종",70,"Z20120055","휠체어꺽기형-미라지7일반형미키 (의지재료) (의지재료)","Z01",456,null,44131,"최종승인",9144,"정창희",44132,309507,"미키코리아(주)","2020-10-27","2020-11-03",1,"EA",440000,1,440000,1,440000,44132,"결제",44137,0,null,440000,44132,440000,44132,"상신","결재완료",440000,44165,440000,44165]
[1102,1000071621,80,"물품구매(휠체어-최*종)",2045601760,"휠체어침대형 등 10종",80,"Z20120260","휠체어수리-앞바퀴조립우레탄미키(6in) (의지재료) (의지재료)","Z01",456,null,44131,"최종승인",9144,"정창희",44132,309507,"미키코리아(주)","2020-10-27","2020-11-03",10,"EA",20000,1,200000,10,200000,44132,"결제",44137,0,null,200000,44132,200000,44132,"상신","결재완료",200000,44165,200000,44165]
[1102,1000071621,90,"물품구매(휠체어-최*종)",2045601760,"휠체어침대형 등 10종",90,"Z20120419","휠체어수리-팔받이미키(大,中,小 ) (의지재료) (의지재료)","Z01",456,null,44131,"최종승인",9144,"정창희",44132,309507,"미키코리아(주)","2020-10-27","2020-11-03",6,"EA",12000,1,72000,6,72000,44132,"결제",44137,0,null,72000,44132,72000,44132,"상신","결재완료",72000,44165,72000,44165]
[1102,1000071621,100,"물품구매(휠체어-최*종)",2045601760,"휠체어침대형 등 10종",100,"Z20120054","휠체어꺽기형-미라지7분리형미키 (의지재료) (의지재료)","Z01",456,null,44131,"최종승인",9144,"정창희",44132,309507,"미키코리아(주)","2020-10-27","2020-11-03",1,"EA",540000,1,540000,1,540000,44132,"결제",44137,0,null,540000,44132,540000,44132,"상신","결재완료",540000,44165,540000,44165]
[1102,1000071631,10,"물품구매(김*택/유*선)",2045601754,"활동형휠체어 등 9종",10,"Z20120635","활동형 휠체어- CAMEL SPORT A타입 휠로피아","Z01",456,null,44132,"최종승인",26283,"유재선",44132,301700,"(주)휠로피아","2020-10-26","2020-11-04",1,"EA",950000,1,950000,1,950000,44132,"결제",44134,0,null,950000,44132,950000,44132,"상신","결재완료",950000,44165,950000,44165]
[1102,1000071631,20,"물품구매(김*택/유*선)",2045601754,"활동형휠체어 등 9종",20,"Z20120172","휠체어수리-배터리휠로피아(12V50AH) (의지재료) (의지재료)","Z01",456,null,44132,"최종승인",26283,"유재선",44132,301700,"(주)휠로피아","2020-10-26","2020-11-04",2,"EA",95000,1,190000,2,190000,44132,"결제",44134,0,null,190000,44132,190000,44132,"상신","결재완료",190000,44165,190000,44165]
[1102,1000071631,30,"물품구매(김*택/유*선)",2045601754,"활동형휠체어 등 9종",30,"Z20120169","휠체어수리-배터리(55Ah) (의지재료) (의지재료)","Z01",456,null,44132,"최종승인",26283,"유재선",44132,301700,"(주)휠로피아","2020-10-26","2020-11-04",2,"EA",100000,1,200000,2,200000,44132,"결제",44134,0,null,200000,44132,200000,44132,"상신","결재완료",200000,44165,200000,44165]
[1102,1000071631,40,"물품구매(김*택/유*선)",2045601754,"활동형휠체어 등 9종",40,"Z20120616","휠체어수리-배터리(12V62AH) (의지재료)","Z01",456,null,44132,"최종승인",26283,"유재선",44132,301700,"(주)휠로피아","2020-10-26","2020-11-04",2,"EA",105000,1,210000,2,210000,44132,"결제",44134,0,null,210000,44132,210000,44132,"상신","결재완료",210000,44165,210000,44165]
[1102,1000071631,50,"물품구매(김*택/유*선)",2045601754,"활동형휠체어 등 9종",50,"Z20120545","휠체어수리-휠체어타이어-전동용 9' 휠로피아 (의지재료) (의지재료)","Z01",456,null,44132,"최종승인",26283,"유재선",44132,301700,"(주)휠로피아","2020-10-26","2020-11-04",4,"EA",8000,1,32000,4,32000,44132,"결제",44134,0,null,32000,44132,32000,44132,"상신","결재완료",32000,44165,32000,44165]
[1102,1000071631,60,"물품구매(김*택/유*선)",2045601754,"활동형휠체어 등 9종",60,"Z20120352","휠체어수리-타이어전동용에휠로피아(14in) (의지재료) (의지재료)","Z01",456,null,44132,"최종승인",26283,"유재선",44132,301700,"(주)휠로피아","2020-10-26","2020-11-04",4,"EA",18000,1,72000,4,72000,44132,"결제",44134,0,null,72000,44132,72000,44132,"상신","결재완료",72000,44165,72000,44165]
[1102,1000071631,70,"물품구매(김*택/유*선)",2045601754,"활동형휠체어 등 9종",70,"Z20120401","휠체어수리-튜브전동형(9in) (의지재료) (의지재료)","Z01",456,null,44132,"최종승인",26283,"유재선",44132,301700,"(주)휠로피아","2020-10-26","2020-11-04",6,"EA",6000,1,36000,6,36000,44132,"결제",44134,0,null,36000,44132,36000,44132,"상신","결재완료",36000,44165,36000,44165]
[1102,1000071631,80,"물품구매(김*택/유*선)",2045601754,"활동형휠체어 등 9종",80,"Z20120395","휠체어수리-튜브전동용(14in) (의지재료) (의지재료)","Z01",456,null,44132,"최종승인",26283,"유재선",44132,301700,"(주)휠로피아","2020-10-26","2020-11-04",4,"EA",8000,1,32000,4,32000,44132,"결제",44134,0,null,32000,44132,32000,44132,"상신","결재완료",32000,44165,32000,44165]
[1102,1000071631,90,"물품구매(김*택/유*선)",2045601754,"활동형휠체어 등 9종",90,"Z20120393","휠체어수리-튜브일산활동형휠로피아(24,25in) (의지재료) (의지재료)","Z01",456,null,44132,"최종승인",26283,"유재선",44132,301700,"(주)휠로피아","2020-10-26","2020-11-04",50,"EA",4000,1,200000,50,200000,44132,"결제",44134,0,null,200000,44132,200000,44132,"상신","결재완료",200000,44165,200000,44165]
[1102,1000071647,10,"물품구매(실리콘라이너-이*배)",2045601770,"의지하지 실리콘싹스 등 3종",10,"Z20010532","의지하지-실리콘싹스컴포트하퇴용(외산) (의지재료) (의지재료)","Z01",456,null,44132,"최종승인",9144,"정창희",44133,301434,"오서코리아주식회사","2020-10-27","2020-11-04",2,"EA",335000,1,670000,2,670000,44132,"결제",44137,0,null,670000,44132,670000,44132,"상신","결재완료",670000,44165,670000,44165]
[1102,1000071647,20,"물품구매(실리콘라이너-이*배)",2045601770,"의지하지 실리콘싹스 등 3종",20,"Z20010530","의지하지-실리콘싹스컴포트대퇴용(외산) (의지재료) (의지재료)","Z01",456,null,44132,"최종승인",9144,"정창희",44133,301434,"오서코리아주식회사","2020-10-27","2020-11-04",1,"EA",500000,1,500000,1,500000,44132,"결제",44137,0,null,500000,44132,500000,44132,"상신","결재완료",500000,44165,500000,44165]
[1102,1000071647,30,"물품구매(실리콘라이너-이*배)",2045601770,"의지하지 실리콘싹스 등 3종",30,"Z20010652","의지하지-플렉스풋 EVO 카바 (오서) (의지재료) (의지재료)","Z01",456,null,44132,"최종승인",9144,"정창희",44133,301434,"오서코리아주식회사","2020-10-27","2020-11-04",1,"EA",148000,1,148000,1,148000,44132,"결제",44137,0,null,148000,44132,148000,44132,"상신","결재완료",148000,44165,148000,44165]
[1102,1000070990,10,"물품구매(250 Base Only 등 3건/ 세금계산서)",2045601595,"스마트소켓/250 base only 등 3종",10,"Z20050607","스마트소켓(연구재료) (연구재료)","Z01",456,null,44130,"최종승인",28673,"전경진",44103,320288,"(주) 민성정밀","2020-09-25","2020-11-02",3,"EA",78100,1,234300,3,234300,44131,"결제",44133,0,null,234300,44131,234300,44131,"상신","결재완료",0,null,234300,44160]
[1102,1000070990,20,"물품구매(250 Base Only 등 3건/ 세금계산서)",2045601595,"스마트소켓/250 base only 등 3종",20,"Z20050607","스마트소켓(연구재료) (연구재료)","Z01",456,null,44130,"최종승인",28673,"전경진",44103,320288,"(주) 민성정밀","2020-09-25","2020-11-02",3,"EA",45100,1,135300,3,135300,44131,"결제",44133,0,null,135300,44131,135300,44131,"상신","결재완료",0,null,135300,44160]
[1102,1000070990,30,"물품구매(250 Base Only 등 3건/ 세금계산서)",2045601595,"스마트소켓/250 base only 등 3종",30,"Z20050607","스마트소켓(연구재료) (연구재료)","Z01",456,null,44130,"최종승인",28673,"전경진",44103,320288,"(주) 민성정밀","2020-09-25","2020-11-02",3,"EA",7700,1,23100,3,23100,44131,"결제",44133,0,null,23100,44131,23100,44131,"상신","결재완료",0,null,23100,44160]
[1102,1000071332,10,"물품구매(K-Foot 2차 Sample 등 1건/ 세금계산서)",2045601654,"직무지원/k foot 2차 샘플",10,"Z20050113","직무지원 연구재료 (연구재료) (연구재료)","Z01",456,null,44158,"최종승인",27961,"홍범기",44120,324453,"(주) 한일산업","2020-10-14","2020-11-30",3,"EA",800000,1,2400000,3,2400000,44131,"결제",44137,0,null,2400000,44131,2400000,44131,"상신","결재완료",2400000,44145,2400000,44145]
[1102,1000071356,10,"물품구매(다이오드보드 /세금계산서)",2045601681,"스마트어시스트/다이오드보드",10,"Z20050649","스마트어시스트(연구재료) (연구재료)","Z01",456,null,44141,"최종승인",11512,"남기태",44123,319888,"트리송","2020-10-16","2020-11-13",10,"EA",33000,1,330000,10,330000,44131,"결제",44134,0,null,330000,44131,330000,44131,"상신","결재완료",0,null,330000,44160]
[1102,1000071440,10,"물품구매(스프링 2차 샘플 등 1건/ 세금계산서)",2045601723,"농작업보조시스템/스프링 2차 샘플",10,"Z20050918","농작업보조시스템","Z01",456,null,44138,"최종승인",27961,"홍범기",44126,322075,"신광스프링","2020-10-20","2020-11-10",40,"EA",742500,40,742500,40,742500,44131,"결제",44137,0,null,742500,44131,742500,44131,"상신","결재완료",0,null,742500,44160]
[1102,1000071469,10,"물품구매-소모품",2045601713,"보조기척추 등 2종",10,"Z20010967","보조기척추-OT TLSO 몰딩 (의지재료)","Z01",456,null,44125,"최종승인",6154,"김순종",44126,322758,"오르텍주식회사","2020-10-21","2020-10-28",8,"EA",80000,1,640000,8,640000,44131,"결제",44133,0,null,640000,44131,640000,44131,"상신","결재완료",640000,44165,640000,44165]
[1102,1000071469,20,"물품구매-소모품",2045601713,"보조기척추 등 2종",20,"Z20011064","보조기척추-OT LSO 몰딩","Z01",456,null,44125,"최종승인",6154,"김순종",44126,322758,"오르텍주식회사","2020-10-21","2020-10-28",1,"EA",75000,1,75000,1,75000,44131,"결제",44133,0,null,75000,44131,75000,44131,"상신","결재완료",75000,44165,75000,44165]
[1102,1000071470,10,"물품구매(김*석/김*종)",2045601717,"보조기구두 특수보조화",10,"Z20010610","보조기구두-특수보조화(목이높은구두) (의지재료) (의지재료)","Z01",456,null,44125,"최종승인",6154,"김순종",44126,325837,"포아야","2020-10-21","2020-10-28",3,"EA",200000,1,600000,3,600000,44131,"결제",44134,0,null,600000,44131,600000,44131,"상신","결재완료",600000,44165,600000,44165]
[1102,1000071481,10,"물품구매(의수-이*군/김*종)",2045601718,"보조기하지 등 2종",10,"Z20010611","보조기하지-CEPA (의지재료) (의지재료)","Z01",456,null,44125,"최종승인",6154,"김순종",44126,301263,"성림교역","2020-10-21","2020-10-28",1,"EA",80000,1,80000,1,80000,44131,"결제",44133,0,null,80000,44131,80000,44131,"상신","결재완료",80000,44165,80000,44165]
[1102,1000071481,20,"물품구매(의수-이*군/김*종)",2045601718,"보조기하지 등 2종",20,"Z20011148","의지상지-미관형의수지(리갈)","Z01",456,null,44125,"최종승인",6154,"김순종",44126,301263,"성림교역","2020-10-21","2020-10-28",1,"EA",230000,1,230000,1,230000,44131,"결제",44133,0,null,230000,44131,230000,44131,"상신","결재완료",230000,44165,230000,44165]
[1102,1000071482,10,"물품구매-소모품",2045601716,"욕창예방방석",10,"Z20130023","욕창예방방석공기격자형-로호 (의지재료) (의지재료)","Z01",456,null,44125,"최종승인",6154,"김순종",44126,305386,"(주) 오토복코리아헬스케어","2020-10-21","2020-10-28",2,"EA",370000,1,740000,2,740000,44131,"결제",44134,0,null,740000,44131,740000,44131,"상신","결재완료",740000,44165,740000,44165]
[1102,1000071483,10,"물품구매-소모품",2045601714,"휠체어수리 타이어",10,"Z20120371","휠체어수리-타이어J2용미키(22,24x1in) (의지재료) (의지재료)","Z01",456,null,44125,"최종승인",6154,"김순종",44126,309507,"미키코리아(주)","2020-10-21","2020-10-28",6,"EA",8000,1,48000,6,48000,44131,"결제",44134,0,null,48000,44131,48000,44131,"상신","결재완료",48000,44165,48000,44165]
[1102,1000071484,10,"물품구매-소모품",2045601715,"휠체어꺽기형 등 3종",10,"Z20120055","휠체어꺽기형-미라지7일반형미키 (의지재료) (의지재료)","Z01",456,null,44125,"최종승인",6154,"김순종",44126,301882,"미키메디칼","2020-10-21","2020-10-28",1,"EA",440000,1,440000,1,440000,44131,"결제",44134,0,null,440000,44131,440000,44131,"상신","결재완료",440000,44165,440000,44165]
[1102,1000071484,20,"물품구매-소모품",2045601715,"휠체어꺽기형 등 3종",20,"Z20120628","침대형휠체어-HAL-48알루미늄드럼브레이크(미키코리아) (의지재료)","Z01",456,null,44125,"최종승인",6154,"김순종",44126,301882,"미키메디칼","2020-10-21","2020-10-28",1,"EA",740000,1,740000,1,740000,44131,"결제",44134,0,null,740000,44131,740000,44131,"상신","결재완료",740000,44165,740000,44165]
[1102,1000071484,30,"물품구매-소모품",2045601715,"휠체어꺽기형 등 3종",30,"Z20120419","휠체어수리-팔받이미키(大,中,小 ) (의지재료) (의지재료)","Z01",456,null,44125,"최종승인",6154,"김순종",44126,301882,"미키메디칼","2020-10-21","2020-10-28",6,"EA",10909,1,65454,6,65454,44131,"결제",44134,0,null,65454,44131,65454,44131,"상신","결재완료",65454,44165,65454,44165]
[1102,1000071520,10,"물품구매 의지하지/창원센터",2045601750,"의지상지 미관형의수 등 2종",10,"Z20010369","의지상지-미관형의수전자글러브레진(외산) (의지재료) (의지재료)","Z01",456,null,44127,"최종승인",8445,"차민국",44132,305386,"(주) 오토복코리아헬스케어","2020-10-23","2020-10-30",2,"EA",162000,1,324000,2,324000,44131,"결제",44134,0,null,324000,44131,324000,44131,"상신","결재완료",324000,44165,324000,44165]
[1102,1000071520,20,"물품구매 의지하지/창원센터",2045601750,"의지상지 미관형의수 등 2종",20,"Z20010471","의지하지-발목장식오토복단축식알루미늄(독일산) (의지재료) (의지재료)","Z01",456,null,44127,"최종승인",8445,"차민국",44132,305386,"(주) 오토복코리아헬스케어","2020-10-23","2020-10-30",1,"EA",176000,1,176000,1,176000,44131,"결제",44134,0,null,176000,44131,176000,44131,"상신","결재완료",176000,44165,176000,44165]
[1102,1000071551,10,"물품구매 의지하지/창원센터",2045601749,"소모품 아이스로스슬리브 등 4종",10,"Z20010226","소모품-아이스로스슬리브(미국산) (의지재료) (의지재료)","Z01",456,null,44127,"최종승인",8445,"차민국",44132,301434,"오서코리아주식회사","2020-10-23","2020-10-30",1,"EA",185000,1,185000,1,185000,44131,"결제",44134,0,null,185000,44131,185000,44131,"상신","결재완료",185000,44165,185000,44165]
[1102,1000071551,20,"물품구매 의지하지/창원센터",2045601749,"소모품 아이스로스슬리브 등 4종",20,"Z20011049","의지하지-실리콘싹스씰인X하퇴용(오서)","Z01",456,null,44127,"최종승인",8445,"차민국",44132,301434,"오서코리아주식회사","2020-10-23","2020-10-30",1,"EA",400000,1,400000,1,400000,44131,"결제",44134,0,null,400000,44131,400000,44131,"상신","결재완료",400000,44165,400000,44165]
[1102,1000071551,30,"물품구매 의지하지/창원센터",2045601749,"소모품 아이스로스슬리브 등 4종",30,"Z20010546","의지하지-실리콘싹스X5씰린대퇴용(미국산) (의지재료) (의지재료)","Z01",456,null,44127,"최종승인",8445,"차민국",44132,301434,"오서코리아주식회사","2020-10-23","2020-10-30",1,"EA",600000,1,600000,1,600000,44131,"결제",44134,0,null,600000,44131,600000,44131,"상신","결재완료",600000,44165,600000,44165]
[1102,1000071551,40,"물품구매 의지하지/창원센터",2045601749,"소모품 아이스로스슬리브 등 4종",40,"Z20010532","의지하지-실리콘싹스컴포트하퇴용(외산) (의지재료) (의지재료)","Z01",456,null,44127,"최종승인",8445,"차민국",44132,301434,"오서코리아주식회사","2020-10-23","2020-10-30",1,"EA",335000,1,335000,1,335000,44131,"결제",44134,0,null,335000,44131,335000,44131,"상신","결재완료",335000,44165,335000,44165]
[1102,1000071552,10,"물품구매 수부 /창원센터",2045601753,"의지상지 미관형의수 등 3종",10,"Z20010367","의지상지-미관형의수실리콘두손 (의지재료) (의지재료)","Z01",456,null,44127,"최종승인",6166,"김현종",44132,300508,"두손의수","2020-10-23","2020-10-30",3,"EA",230000,1,690000,3,690000,44131,"결제",44133,0,null,690000,44131,690000,44131,"상신","결재완료",690000,44165,690000,44165]
[1102,1000071552,20,"물품구매 수부 /창원센터",2045601753,"의지상지 미관형의수 등 3종",20,"Z20010363","의지상지-미관형의수레진두손 (의지재료) (의지재료)","Z01",456,null,44127,"최종승인",6166,"김현종",44132,300508,"두손의수","2020-10-23","2020-10-30",1,"EA",90000,1,90000,1,90000,44131,"결제",44133,0,null,90000,44131,90000,44131,"상신","결재완료",90000,44165,90000,44165]
[1102,1000071552,30,"물품구매 수부 /창원센터",2045601753,"의지상지 미관형의수 등 3종",30,"Z20010362","의지상지-미관형발족부레진 (의지재료) (의지재료)","Z01",456,null,44127,"최종승인",6166,"김현종",44132,300508,"두손의수","2020-10-23","2020-10-30",1,"EA",90000,1,90000,1,90000,44131,"결제",44133,0,null,90000,44131,90000,44131,"상신","결재완료",90000,44165,90000,44165]
[1102,1000071553,10,"물품구매 휠체어 김*곤 /창원센터",2045601752,"휠체어꺽기형",10,"Z20120055","휠체어꺽기형-미라지7일반형미키 (의지재료) (의지재료)","Z01",456,null,44127,"최종승인",6166,"김현종",44132,309507,"미키코리아(주)","2020-10-23","2020-10-30",1,"EA",440000,1,440000,1,440000,44131,"결제",44134,0,null,440000,44131,440000,44131,"상신","결재완료",440000,44165,440000,44165]
[1102,1000071555,10,"물품구매 의지상지 천*조 외 /창원센터",2045601751,"의지상지 작업의수 등 4종",10,"Z20010397","의지상지-작업의수후크알미늄호스머(미국산) (의지재료) (의지재료)","Z01",456,null,44127,"최종승인",6166,"김현종",44132,301263,"성림교역","2020-10-23","2020-10-30",1,"EA",520000,1,520000,1,520000,44131,"결제",44133,0,null,520000,44131,520000,44131,"상신","결재완료",520000,44165,520000,44165]
[1102,1000071555,20,"물품구매 의지상지 천*조 외 /창원센터",2045601751,"의지상지 작업의수 등 4종",20,"Z20010389","의지상지-손목장식국산(국산) (의지재료) (의지재료)","Z01",456,null,44127,"최종승인",6166,"김현종",44132,301263,"성림교역","2020-10-23","2020-10-30",1,"EA",17000,1,17000,1,17000,44131,"결제",44133,0,null,17000,44131,17000,44131,"상신","결재완료",17000,44165,17000,44165]
[1102,1000071555,30,"물품구매 의지상지 천*조 외 /창원센터",2045601751,"의지상지 작업의수 등 4종",30,"Z20010368","의지상지-미관형의수실리콘리갈(외산) (의지재료) (의지재료)","Z01",456,null,44127,"최종승인",6166,"김현종",44132,301263,"성림교역","2020-10-23","2020-10-30",2,"EA",230000,1,460000,2,460000,44131,"결제",44133,0,null,460000,44131,460000,44131,"상신","결재완료",460000,44165,460000,44165]
[1102,1000071555,40,"물품구매 의지상지 천*조 외 /창원센터",2045601751,"의지상지 작업의수 등 4종",40,"Z20010453","의지하지-락장식셔틀락키드하지용(미국하퇴용) (의지재료) (의지재료)","Z01",456,null,44127,"최종승인",6166,"김현종",44132,301263,"성림교역","2020-10-23","2020-10-30",10,"EA",155000,1,1550000,10,1550000,44131,"결제",44133,0,null,1550000,44131,1550000,44131,"상신","결재완료",1550000,44165,1550000,44165]
[1102,1000071556,10,"물품구매(미관형의수등/천*민)",2045601747,"의지상지 미관형의수 등 2종",10,"Z20010367","의지상지-미관형의수실리콘두손 (의지재료) (의지재료)","Z01",456,null,44127,"최종승인",27784,"천성민",44132,300508,"두손의수","2020-10-23","2020-10-30",5,"EA",230000,1,1150000,5,1150000,44131,"결제",44133,0,null,1150000,44131,1150000,44131,"상신","결재완료",1150000,44165,1150000,44165]
[1102,1000071556,20,"물품구매(미관형의수등/천*민)",2045601747,"의지상지 미관형의수 등 2종",20,"Z20010372","의지상지-미관형의수지실리콘 (의지재료) (의지재료)","Z01",456,null,44127,"최종승인",27784,"천성민",44132,300508,"두손의수","2020-10-23","2020-10-30",2,"EA",65000,1,130000,2,130000,44131,"결제",44133,0,null,130000,44131,130000,44131,"상신","결재완료",130000,44165,130000,44165]
[1102,1000071561,10,"물품구매(권*섭,이*선,임*희,박*규)전*만",2045601765,"의지상지 미관형의수",10,"Z20010367","의지상지-미관형의수실리콘두손 (의지재료) (의지재료)","Z01",456,null,44127,"최종승인",6160,"전영만",44132,300508,"두손의수","2020-10-23","2020-10-30",4,"EA",230000,1,920000,4,920000,44131,"결제",44137,0,null,920000,44131,920000,44131,"상신","결재완료",920000,44165,920000,44165]
[1102,1000071564,10,"물품구매(미관형 의수외)",2045601744,"시험상용화/미관형의수 등 2종",10,"Z20050030","미관형 의수(두손) (연구재료) (연구재료)","Z01",456,null,44127,"최종승인",27783,"이미경",44132,300508,"두손의수","2020-10-23","2020-10-30",11,"EA",230000,1,2530000,11,2530000,44131,"결제",44133,0,null,2530000,44131,2530000,44131,"상신","결재완료",2530000,44145,2530000,44145]
[1102,1000071564,20,"물품구매(미관형 의수외)",2045601744,"시험상용화/미관형의수 등 2종",20,"Z20050848","미관형 수지(두손)(연구재료)","Z01",456,null,44127,"최종승인",27783,"이미경",44132,300508,"두손의수","2020-10-23","2020-10-30",5,"EA",65000,1,325000,5,325000,44131,"결제",44133,0,null,325000,44131,325000,44131,"상신","결재완료",325000,44145,325000,44145]
[1102,1000071581,10,"물품구매-의지상지/임*은",2045601748,"의지상지 미관형의수",10,"Z20010367","의지상지-미관형의수실리콘두손 (의지재료) (의지재료)","Z01",456,null,44127,"최종승인",9620,"임성은",44132,300508,"두손의수","2020-10-23","2020-10-30",1,"EA",230000,1,230000,1,230000,44131,"결제",44134,0,null,230000,44131,230000,44131,"상신","결재완료",230000,44165,230000,44165]
[1102,1000071634,10,"물품구매(패럴린 코팅)",2045601768,"시험상용화/패럴린 코팅",10,"Z20050913","패럴린 코팅 의수","Z01",456,null,44132,"최종승인",27783,"이미경",44132,323203,"코스텍","2020-10-22","2020-11-04",6,"EA",50000,1,300000,6,300000,44131,"결제",44137,0,null,300000,44131,300000,44131,"상신","결재완료",300000,44145,300000,44145]
[1102,1000071580,10,"물품구매(성형 실리콘/법인카드)",2045601742,"헬스케어/성형 실리콘",10,"Z20050765","헬스케어(연구재료)","Z01",456,null,44134,"최종승인",27685,"황석진",44132,516539017,"헬스케어-9017","2020-10-26","2020-11-06",2,"EA",34970,1,69940,2,69940,44130,"결제",44134,0,null,69940,44130,69940,44130,"상신","결재완료",0,null,69940,44161]
[1102,1500034974,10,"물품구매(사무용품 1SET/세금계산서)",2045601724,"외골격로봇/사무용품 1셑",10,null,"사무용품 1SET","Z06",456,null,44123,"최종승인",27158,"정보라",44126,323112,"(주) 드림디포구월점","2020-10-19","2020-11-02",1,"EA",248050,1,248050,1,248050,44130,"결제",44140,0,null,248050,44130,248050,44130,"상신","결재완료",0,null,248050,44160]
[1102,1500035038,10,"물품구매(문서출력 및 제본/세금계산서)",2045601734,"문서출력 및 제본",10,null,"문서출력 및 제본","Z06",456,null,44127,"최종승인",8218,"장윤희",44127,303376,"대동상사","2020-10-23","2020-10-30",15,"권",11000,1,165000,15,165000,44130,"결제",44133,0,null,165000,44130,165000,44130,"상신","결재완료",165000,44145,165000,44145]
[1102,1000071260,10,"물품구매(발착용부 outsole part A 우측 등 4건/세금계산서)",2045601640,"외골격로봇/발착용부 outsole part A우측 등 4종",10,"Z20050807","외골격로봇(연구재료)","Z01",456,null,44141,"최종승인",26892,"권칠용",44118,302038,"이룩스","2020-10-13","2020-11-13",5,"EA",394900,1,1974500,5,1974500,44127,"결제",44133,0,null,1974500,44127,1974500,44127,"상신","결재완료",0,null,1974500,44160]
[1102,1000071260,20,"물품구매(발착용부 outsole part A 우측 등 4건/세금계산서)",2045601640,"외골격로봇/발착용부 outsole part A우측 등 4종",20,"Z20050807","외골격로봇(연구재료)","Z01",456,null,44141,"최종승인",26892,"권칠용",44118,302038,"이룩스","2020-10-13","2020-11-13",5,"EA",394900,1,1974500,5,1974500,44127,"결제",44133,0,null,1974500,44127,1974500,44127,"상신","결재완료",0,null,1974500,44160]
[1102,1000071260,30,"물품구매(발착용부 outsole part A 우측 등 4건/세금계산서)",2045601640,"외골격로봇/발착용부 outsole part A우측 등 4종",30,"Z20050807","외골격로봇(연구재료)","Z01",456,null,44141,"최종승인",26892,"권칠용",44118,302038,"이룩스","2020-10-13","2020-11-13",5,"EA",100100,1,500500,5,500500,44127,"결제",44133,0,null,500500,44127,500500,44127,"상신","결재완료",0,null,500500,44160]
[1102,1000071260,40,"물품구매(발착용부 outsole part A 우측 등 4건/세금계산서)",2045601640,"외골격로봇/발착용부 outsole part A우측 등 4종",40,"Z20050807","외골격로봇(연구재료)","Z01",456,null,44141,"최종승인",26892,"권칠용",44118,302038,"이룩스","2020-10-13","2020-11-13",5,"EA",100100,1,500500,5,500500,44127,"결제",44133,0,null,500500,44127,500500,44127,"상신","결재완료",0,null,500500,44160]
[1102,1000071385,10,"물품구매(허리 고정부 A-P [상단] 연결 파트 등 6건/세금계산서)",2045601703,"외골격로봇/허리 고정부 등 6종",10,"Z20050807","외골격로봇(연구재료)","Z01",456,null,44141,"최종승인",26892,"권칠용",44125,302038,"이룩스","2020-10-16","2020-11-13",3,"EA",27500,1,82500,3,82500,44127,"결제",44133,0,null,82500,44127,82500,44127,"상신","결재완료",0,null,82500,44160]
[1102,1000071385,20,"물품구매(허리 고정부 A-P [상단] 연결 파트 등 6건/세금계산서)",2045601703,"외골격로봇/허리 고정부 등 6종",20,"Z20050807","외골격로봇(연구재료)","Z01",456,null,44141,"최종승인",26892,"권칠용",44125,302038,"이룩스","2020-10-16","2020-11-13",3,"EA",41800,1,125400,3,125400,44127,"결제",44133,0,null,125400,44127,125400,44127,"상신","결재완료",0,null,125400,44160]
[1102,1000071385,30,"물품구매(허리 고정부 A-P [상단] 연결 파트 등 6건/세금계산서)",2045601703,"외골격로봇/허리 고정부 등 6종",30,"Z20050807","외골격로봇(연구재료)","Z01",456,null,44141,"최종승인",26892,"권칠용",44125,302038,"이룩스","2020-10-16","2020-11-13",6,"EA",37950,1,227700,6,227700,44127,"결제",44133,0,null,227700,44127,227700,44127,"상신","결재완료",0,null,227700,44160]
[1102,1000071385,40,"물품구매(허리 고정부 A-P [상단] 연결 파트 등 6건/세금계산서)",2045601703,"외골격로봇/허리 고정부 등 6종",40,"Z20050807","외골격로봇(연구재료)","Z01",456,null,44141,"최종승인",26892,"권칠용",44125,302038,"이룩스","2020-10-16","2020-11-13",6,"EA",28600,1,171600,6,171600,44127,"결제",44133,0,null,171600,44127,171600,44127,"상신","결재완료",0,null,171600,44160]
[1102,1000071385,50,"물품구매(허리 고정부 A-P [상단] 연결 파트 등 6건/세금계산서)",2045601703,"외골격로봇/허리 고정부 등 6종",50,"Z20050807","외골격로봇(연구재료)","Z01",456,null,44141,"최종승인",26892,"권칠용",44125,302038,"이룩스","2020-10-16","2020-11-13",6,"EA",57200,1,343200,6,343200,44127,"결제",44133,0,null,343200,44127,343200,44127,"상신","결재완료",0,null,343200,44160]
[1102,1000071385,60,"물품구매(허리 고정부 A-P [상단] 연결 파트 등 6건/세금계산서)",2045601703,"외골격로봇/허리 고정부 등 6종",60,"Z20050807","외골격로봇(연구재료)","Z01",456,null,44141,"최종승인",26892,"권칠용",44125,302038,"이룩스","2020-10-16","2020-11-13",12,"EA",28600,1,343200,12,343200,44127,"결제",44133,0,null,343200,44127,343200,44127,"상신","결재완료",0,null,343200,44160]
[1102,1000071463,10,"물품구매/의지재료(소모품)/조*문",2045601707,"소모품pp 등 3종",10,"Z20010334","소모품-P.P(12x40x40) (의지재료) (의지재료)","Z01",456,null,44124,"최종승인",6164,"조성문",44125,301148,"신성메디칼","2020-10-20","2020-10-27",10,"EA",20000,1,200000,10,200000,44127,"결제",44132,0,null,200000,44127,200000,44127,"상신","결재완료",200000,44165,200000,44165]
[1102,1000071463,20,"물품구매/의지재료(소모품)/조*문",2045601707,"소모품pp 등 3종",20,"Z20010111","소모품-뒤플렉스(10x40x40) (의지재료) (의지재료)","Z01",456,null,44124,"최종승인",6164,"조성문",44125,301148,"신성메디칼","2020-10-20","2020-10-27",10,"EA",35000,1,350000,10,350000,44127,"결제",44132,0,null,350000,44127,350000,44127,"상신","결재완료",350000,44165,350000,44165]
[1102,1000071463,30,"물품구매/의지재료(소모품)/조*문",2045601707,"소모품pp 등 3종",30,"Z20010221","소모품-썰린(10x40x40) (의지재료) (의지재료)","Z01",456,null,44124,"최종승인",6164,"조성문",44125,301148,"신성메디칼","2020-10-20","2020-10-27",10,"EA",40000,1,400000,10,400000,44127,"결제",44132,0,null,400000,44127,400000,44127,"상신","결재완료",400000,44165,400000,44165]
[1102,1000071472,10,"물품구매(의지하지-유*영/김*동)",2045601722,"의지하지 실리콘싹스 등 5종",10,"Z20011192","의지하지-실리콘싹스컴포트락킹","Z01",456,null,44125,"최종승인",8219,"김수동",44126,301434,"오서코리아주식회사","2020-10-21","2020-10-28",2,"EA",335000,1,670000,2,670000,44127,"결제",44134,0,null,670000,44127,670000,44127,"상신","결재완료",670000,44165,670000,44165]
[1102,1000071472,20,"물품구매(의지하지-유*영/김*동)",2045601722,"의지하지 실리콘싹스 등 5종",20,"Z20010623","의지하지-실리콘싹스아이스로스오리지날천커버락킹 (의지재료) (의지재료)","Z01",456,null,44125,"최종승인",8219,"김수동",44126,301434,"오서코리아주식회사","2020-10-21","2020-10-28",1,"EA",240000,1,240000,1,240000,44127,"결제",44134,0,null,240000,44127,240000,44127,"상신","결재완료",240000,44165,240000,44165]
[1102,1000071472,30,"물품구매(의지하지-유*영/김*동)",2045601722,"의지하지 실리콘싹스 등 5종",30,"Z20010546","의지하지-실리콘싹스X5씰린대퇴용(미국산) (의지재료) (의지재료)","Z01",456,null,44125,"최종승인",8219,"김수동",44126,301434,"오서코리아주식회사","2020-10-21","2020-10-28",1,"EA",600000,1,600000,1,600000,44127,"결제",44134,0,null,600000,44127,600000,44127,"상신","결재완료",600000,44165,600000,44165]
[1102,1000071472,40,"물품구매(의지하지-유*영/김*동)",2045601722,"의지하지 실리콘싹스 등 5종",40,"Z20010570","의지하지-흡입밸브실린라이너대퇴용(미국산) (의지재료) (의지재료)","Z01",456,null,44125,"최종승인",8219,"김수동",44126,301434,"오서코리아주식회사","2020-10-21","2020-10-28",1,"EA",95000,1,95000,1,95000,44127,"결제",44134,0,null,95000,44127,95000,44127,"상신","결재완료",95000,44165,95000,44165]
[1102,1000071472,50,"물품구매(의지하지-유*영/김*동)",2045601722,"의지하지 실리콘싹스 등 5종",50,"Z20011280","보조기하지-리바운드 포스트 오피니 브레이스","Z01",456,null,44125,"최종승인",8219,"김수동",44126,301434,"오서코리아주식회사","2020-10-21","2020-10-28",1,"EA",145200,1,145200,1,145200,44127,"결제",44134,0,null,145200,44127,145200,44127,"상신","결재완료",145200,44165,145200,44165]
[1102,1000071473,10,"물품구매(의지상지-홍*기/김*동)",2045601721,"의지상지 미관형의수",10,"Z20010368","의지상지-미관형의수실리콘리갈(외산) (의지재료) (의지재료)","Z01",456,null,44125,"최종승인",8219,"김수동",44126,301263,"성림교역","2020-10-21","2020-10-28",1,"EA",230000,1,230000,1,230000,44127,"결제",44133,0,null,230000,44127,230000,44127,"상신","결재완료",230000,44165,230000,44165]
[1102,1000071485,10,"물품구매-휠체어수리/임*은",2045601725,"휠체어수리 등받이",10,"Z20120125","휠체어수리-등받이파트너(36x44cm) (의지재료) (의지재료)","Z01",456,null,44125,"최종승인",9620,"임성은",44127,308571,"(주)대세엠케어 호남영업소","2020-10-21","2020-10-28",2,"EA",21818,1,43636,2,43636,44127,"결제",44134,0,null,43636,44127,43636,44127,"상신","결재완료",43636,44165,43636,44165]
[1102,1000071488,10,"물품구매-의지상지/박*철/이*연/임*은",2045601726,"의지상지 작업의수 등 3종",10,"Z20010397","의지상지-작업의수후크알미늄호스머(미국산) (의지재료) (의지재료)","Z01",456,null,44125,"최종승인",9620,"임성은",44127,301263,"성림교역","2020-10-21","2020-10-28",1,"EA",520000,1,520000,1,520000,44127,"결제",44133,0,null,520000,44127,520000,44127,"상신","결재완료",520000,44165,520000,44165]
[1102,1000071488,20,"물품구매-의지상지/박*철/이*연/임*은",2045601726,"의지상지 작업의수 등 3종",20,"Z20010378","의지상지-상박관절장식호스머(미국산) (의지재료) (의지재료)","Z01",456,null,44125,"최종승인",9620,"임성은",44127,301263,"성림교역","2020-10-21","2020-10-28",1,"EA",760000,1,760000,1,760000,44127,"결제",44133,0,null,760000,44127,760000,44127,"상신","결재완료",760000,44165,760000,44165]
[1102,1000071488,30,"물품구매-의지상지/박*철/이*연/임*은",2045601726,"의지상지 작업의수 등 3종",30,"Z20010389","의지상지-손목장식국산(국산) (의지재료) (의지재료)","Z01",456,null,44125,"최종승인",9620,"임성은",44127,301263,"성림교역","2020-10-21","2020-10-28",5,"EA",17000,1,85000,5,85000,44127,"결제",44133,0,null,85000,44127,85000,44127,"상신","결재완료",85000,44165,85000,44165]
[1102,1000071500,10,"물품구매(의지하지-원*희 외2명/김*선)",2045601720,"의지하지 대퇴무릎장식 등 3종",10,"Z20010437","의지하지-대퇴무릎장식단축식잠금기능티타늄(독일산) (의지재료) (의지재료)","Z01",456,null,44125,"최종승인",6675,"김훈선",44126,305386,"(주) 오토복코리아헬스케어","2020-10-21","2020-10-28",1,"EA",703000,1,703000,1,703000,44127,"결제",44133,0,null,703000,44127,703000,44127,"상신","결재완료",703000,44165,703000,44165]
[1102,1000071500,20,"물품구매(의지하지-원*희 외2명/김*선)",2045601720,"의지하지 대퇴무릎장식 등 3종",20,"Z20010487","의지하지-발족부카바트리아스(외산) (의지재료) (의지재료)","Z01",456,null,44125,"최종승인",6675,"김훈선",44126,305386,"(주) 오토복코리아헬스케어","2020-10-21","2020-10-28",1,"EA",140000,1,140000,1,140000,44127,"결제",44133,0,null,140000,44127,140000,44127,"상신","결재완료",140000,44165,140000,44165]
[1102,1000071500,30,"물품구매(의지하지-원*희 외2명/김*선)",2045601720,"의지하지 대퇴무릎장식 등 3종",30,"Z20010422","의지하지-단축발발목장식알루미늄포함셋트(독일산) (의지재료) (의지재료)","Z01",456,null,44125,"최종승인",6675,"김훈선",44126,305386,"(주) 오토복코리아헬스케어","2020-10-21","2020-10-28",1,"EA",176000,1,176000,1,176000,44127,"결제",44133,0,null,176000,44127,176000,44127,"상신","결재완료",176000,44165,176000,44165]
[1102,1000071501,10,"물품구맴(의지하지-신*태,정*준/김*선)",2045601719,"의지하지 피라밋형 등 4종",10,"Z20010969","의지하지-피라밋형 알미늄 어댑터+플레이트 (의지재료)","Z01",456,null,44125,"최종승인",6675,"김훈선",44126,301263,"성림교역","2020-10-21","2020-10-28",1,"EA",65000,1,65000,1,65000,44127,"결제",44133,0,null,65000,44127,65000,44127,"상신","결재완료",65000,44165,65000,44165]
[1102,1000071501,20,"물품구맴(의지하지-신*태,정*준/김*선)",2045601719,"의지하지 피라밋형 등 4종",20,"Z20011168","의지재료-실리콘싹스알프스ELDT","Z01",456,null,44125,"최종승인",6675,"김훈선",44126,301263,"성림교역","2020-10-21","2020-10-28",2,"EA",330000,1,660000,2,660000,44127,"결제",44133,0,null,660000,44127,660000,44127,"상신","결재완료",660000,44165,660000,44165]
[1102,1000071501,30,"물품구맴(의지하지-신*태,정*준/김*선)",2045601719,"의지하지 피라밋형 등 4종",30,"Z20010453","의지하지-락장식셔틀락키드하지용(미국하퇴용) (의지재료) (의지재료)","Z01",456,null,44125,"최종승인",6675,"김훈선",44126,301263,"성림교역","2020-10-21","2020-10-28",2,"EA",155000,1,310000,2,310000,44127,"결제",44133,0,null,310000,44127,310000,44127,"상신","결재완료",310000,44165,310000,44165]
[1102,1000071501,40,"물품구맴(의지하지-신*태,정*준/김*선)",2045601719,"의지하지 피라밋형 등 4종",40,"Z20010567","의지하지-회전조절소켓아답타(대퇴용) (의지재료) (의지재료)","Z01",456,null,44125,"최종승인",6675,"김훈선",44126,301263,"성림교역","2020-10-21","2020-10-28",2,"EA",72000,1,144000,2,144000,44127,"결제",44133,0,null,144000,44127,144000,44127,"상신","결재완료",144000,44165,144000,44165]
[1102,1000071558,10,"물품구매(방석-서*수)",2045601758,"욕창예방방석",10,"Z20130029","욕창예방방석공기격자형-Smdub0003(8x9x5) (의지재료) (의지재","Z01",456,null,44127,"최종승인",9144,"정창희",44132,323411,"주식회사씰테크 용인지점","2020-10-22","2020-10-30",1,"EA",230000,1,230000,1,230000,44127,"결제",44137,0,null,230000,44127,230000,44127,"상신","결재완료",230000,44165,230000,44165]
[1102,1000071576,10,"물품구매(트래커 센서 개발 및 테스트용 잡자재/법인카드)",2045601741,"헬스케어/트레커 센서 개발 및 테스트용 잡자재",10,"Z20050765","헬스케어(연구재료)","Z01",456,null,44127,"최종승인",27685,"황석진",44132,516539017,"헬스케어-9017","2020-10-23","2020-10-30",1,"EA",365260,1,365260,1,365260,44127,"결제",44134,0,null,365260,44127,365260,44127,"상신","결재완료",0,null,365260,44161]
[1102,1300012957,10,"모터시험의뢰비",2045601648,"모듈형휠체어/모터시험",10,null,"모터시험의뢰비","Z04",456,"서비스",44118,"최종승인",6879,"김용철",44118,313308,"한국전자기술연구원","2020-10-14","2020-10-30",1,"AU",110000,1,110000,1,110000,44127,"결제",44132,0,null,110000,44127,110000,44127,"상신","결재완료",0,null,110000,44160]
[1102,1000070697,10,"물품구매(2 기압 센서)",2045601482,"휠체어사용성검증/2기압 센서",10,"Z20050915","휠체어사용성검증","Z01",456,null,44120,"최종승인",27377,"정성배",44090,319449,"주식회사 상우과학","2020-09-15","2020-10-23",1,"EA",308000,1,308000,1,308000,44126,"결제",44127,0,null,308000,44126,308000,44126,"상신","결재완료",0,null,308000,44160]
[1102,1000070865,10,"물품구매(디지털 마노미터)",2045601560,"휠체어사용성검증/디지털 마노미터",10,"Z20050915","휠체어사용성검증","Z01",456,null,44120,"최종승인",27377,"정성배",44097,319449,"주식회사 상우과학","2020-09-23","2020-10-23",1,"EA",770000,1,770000,1,770000,44126,"결제",44127,0,null,770000,44126,770000,44126,"상신","결재완료",0,null,770000,44160]
[1102,1000071531,10,"물품구매(M5-16 외 4종 볼트 모음 등 1건/법이카드)",2045601730,"외골격로봇/m5 16 볼트 모음",10,"Z20050807","외골격로봇(연구재료)","Z01",456,null,44148,"최종승인",26892,"권칠용",44127,516525410,"외골격로봇-5410","2020-10-22","2020-11-20",1,"EA",970200,1,970200,1,970200,44126,"결제",44141,0,null,970200,44126,970200,44126,"상신","결재완료",0,null,970200,44161]
[1102,1000071533,10,"물품구매(M5-30 외 9종 볼트 모음 등 1건/법인카드)",2045601729,"외골격로봇/m5 30 볼트 모음",10,"Z20050807","외골격로봇(연구재료)","Z01",456,null,44148,"최종승인",26892,"권칠용",44127,516525410,"외골격로봇-5410","2020-10-22","2020-11-20",1,"EA",936045,1,936045,1,936045,44126,"결제",44141,0,null,936045,44126,936045,44126,"상신","결재완료",0,null,936045,44161]
[1102,1000071534,10,"물품구매(M5-50 외 17종 볼트 모음 등 1건/법인카드)",2045601728,"외골격로봇/m5 50 볼트 모음",10,"Z20050807","외골격로봇(연구재료)","Z01",456,null,44148,"최종승인",26892,"권칠용",44127,516525410,"외골격로봇-5410","2020-10-22","2020-11-20",1,"EA",911914,1,911914,1,911914,44126,"결제",44141,0,null,911914,44126,911914,44126,"상신","결재완료",0,null,911914,44161]
[1102,1000071535,10,"물품구매(RDOC3-250 외 5종 볼트 모음 등 1건/법인카드)",2045601727,"외골격로봇/rdoc3 250 등 볼트 모음",10,"Z20050807","외골격로봇(연구재료)","Z01",456,null,44148,"최종승인",26892,"권칠용",44127,516525410,"외골격로봇-5410","2020-10-22","2020-11-20",1,"EA",629090,1,629090,1,629090,44126,"결제",44141,0,null,629090,44126,629090,44126,"상신","결재완료",0,null,629090,44161]
[1102,1500034988,10,"물품구매(토너4색 구매)",2045601701,"식약처cosd/토너 4색",10,null,"토너4색","Z06",456,null,44124,"최종승인",28673,"전경진",44125,321731,"주식회사 소명시스템","2020-10-20","2020-11-03",1,"SET",935000,1,935000,1,935000,44126,"결제",44140,0,null,935000,44126,935000,44126,"상신","결재완료",935000,44145,935000,44145]
[1102,1500035000,10,"물품구매(토너구입)",2045601708,"토너구입",10,null,"프린트토너","Z06",456,null,44125,"최종승인",11764,"조혜정",44125,321731,"주식회사 소명시스템","2020-10-21","2020-10-27",2,"EA",250000,1,500000,2,500000,44126,"결제",44133,0,null,500000,44126,500000,44126,"상신","결재완료",500000,44145,500000,44145]
[1102,1500035048,10,"물품구매(컬러프린터 토너 1건/법인카드)",2045601737,"모듈형휠체어/컬러프린터 토너",10,null,"컬러프린터 토너","Z06",456,null,44127,"최종승인",26927,"허윤",44127,516585676,"모듈형휠체어-5676","2020-10-22","2020-10-30",1,"SET",754780,1,754780,1,754780,44126,"결제",44148,0,null,754780,44126,754780,44126,"상신","결재완료",0,null,754780,44161]
[1102,1000071370,10,"물품구매(방석, 매트리스)",2045601663,"욕창예방방석 등 2종",10,"Z20130029","욕창예방방석공기격자형-Smdub0003(8x9x5) (의지재료) (의지재","Z01",456,null,44120,"최종승인",27783,"이미경",44123,323411,"주식회사씰테크 용인지점","2020-10-16","2020-10-23",10,"EA",230000,1,2300000,10,2300000,44125,"결제",44127,0,null,2300000,44125,2300000,44125,"상신","결재완료",2300000,44165,2300000,44165]
[1102,1000071370,20,"물품구매(방석, 매트리스)",2045601663,"욕창예방방석 등 2종",20,"Z20130001","욕창예방매트리스공기격자형-국산(870x1970x65mm) (의지재료) (","Z01",456,null,44120,"최종승인",27783,"이미경",44123,323411,"주식회사씰테크 용인지점","2020-10-16","2020-10-23",1,"EA",1300000,1,1300000,1,1300000,44125,"결제",44127,0,null,1300000,44125,1300000,44125,"상신","결재완료",1300000,44165,1300000,44165]
[1102,1000071412,10,"물품구매(방석및 매트리스)",2045601695,"욕창예방매트리스 등 2종",10,"Z20130002","욕창예방매트리스공기격자형-로호(860x2040x89mm) (의지재료) (","Z01",456,null,44123,"최종승인",27783,"이미경",44124,305386,"(주) 오토복코리아헬스케어","2020-10-19","2020-10-26",1,"EA",1650000,1,1650000,1,1650000,44125,"결제",44126,0,null,1650000,44125,1650000,44125,"상신","결재완료",1650000,44165,1650000,44165]
[1102,1000071412,20,"물품구매(방석및 매트리스)",2045601695,"욕창예방매트리스 등 2종",20,"Z20130023","욕창예방방석공기격자형-로호 (의지재료) (의지재료)","Z01",456,null,44123,"최종승인",27783,"이미경",44124,305386,"(주) 오토복코리아헬스케어","2020-10-19","2020-10-26",5,"EA",370000,1,1850000,5,1850000,44125,"결제",44126,0,null,1850000,44125,1850000,44125,"상신","결재완료",1850000,44165,1850000,44165]
[1102,1000071413,10,"물품구매(방석 커버)",2045601694,"욕창예방방석커버",10,"Z20130032","욕창예방방석카바공기격자형-로호 (의지재료) (의지재료)","Z01",456,null,44123,"최종승인",27783,"이미경",44124,305386,"(주) 오토복코리아헬스케어","2020-10-19","2020-10-26",2,"EA",45000,1,90000,2,90000,44125,"결제",44126,0,null,90000,44125,90000,44125,"상신","결재완료",90000,44165,90000,44165]
[1102,1000071414,10,"가타(P-7005침대형 실린더)",2045601685,"휠체어수리",10,"Z20011275","휠체어수리 - P-7005 침대형 실린더","Z01",456,null,44123,"최종승인",26283,"유재선",44124,306977,"(주)대세엠케어 경인지점 (인천)","2020-10-19","2020-10-26",2,"EA",44000,1,88000,2,88000,44125,"결제",44126,0,null,88000,44125,88000,44125,"상신","결재완료",88000,44165,88000,44165]
[1102,1000071415,10,"물품구매(정*모-신*수-이*만-전*순-유*건/유*선)",2045601687,"휠체어꺽기형 등 3종",10,"Z20120055","휠체어꺽기형-미라지7일반형미키 (의지재료) (의지재료)","Z01",456,null,44123,"최종승인",26283,"유재선",44124,301882,"미키메디칼","2020-10-19","2020-10-26",2,"EA",440000,1,880000,2,880000,44125,"결제",44133,0,null,880000,44125,880000,44125,"상신","결재완료",880000,44165,880000,44165]
[1102,1000071415,20,"물품구매(정*모-신*수-이*만-전*순-유*건/유*선)",2045601687,"휠체어꺽기형 등 3종",20,"Z20120054","휠체어꺽기형-미라지7분리형미키 (의지재료) (의지재료)","Z01",456,null,44123,"최종승인",26283,"유재선",44124,301882,"미키메디칼","2020-10-19","2020-10-26",2,"EA",540000,1,1080000,2,1080000,44125,"결제",44133,0,null,1080000,44125,1080000,44125,"상신","결재완료",1080000,44165,1080000,44165]
[1102,1000071415,30,"물품구매(정*모-신*수-이*만-전*순-유*건/유*선)",2045601687,"휠체어꺽기형 등 3종",30,"Z20120628","침대형휠체어-HAL-48알루미늄드럼브레이크(미키코리아) (의지재료)","Z01",456,null,44123,"최종승인",26283,"유재선",44124,301882,"미키메디칼","2020-10-19","2020-10-26",1,"EA",740000,1,740000,1,740000,44125,"결제",44133,0,null,740000,44125,740000,44125,"상신","결재완료",740000,44165,740000,44165]
[1102,1000071416,10,"기타(U2팔받이 스윙)",2045601686,"휠체어수리 팔받이",10,"Z20011235","휠체어수리 - U2팔받이 스윙 (미키코리아)","Z01",456,null,44123,"최종승인",26283,"유재선",44124,309507,"미키코리아(주)","2020-10-19","2020-10-26",1,"EA",60000,1,60000,1,60000,44125,"결제",44127,0,null,60000,44125,60000,44125,"상신","결재완료",60000,44165,60000,44165]
[1102,1000071417,10,"물품구매(T*E-황*하-장*기/유*선)",2045601690,"활동형휠체어 등 3종",10,"Z20120641","활동형휠체어- 노바제로 A타입 (티오엠)","Z01",456,null,44123,"최종승인",26283,"유재선",44124,325322,"썬메디테크","2020-10-19","2020-10-26",2,"EA",950000,1,1900000,2,1900000,44125,"결제",44126,0,null,1900000,44125,1900000,44125,"상신","결재완료",1900000,44165,1900000,44165]
[1102,1000071417,20,"물품구매(T*E-황*하-장*기/유*선)",2045601690,"활동형휠체어 등 3종",20,"Z20120674","전동형휠체어- 나래200,210 (썬메디테크)","Z01",456,null,44123,"최종승인",26283,"유재선",44124,325322,"썬메디테크","2020-10-19","2020-10-26",1,"EA",1900000,1,1900000,1,1900000,44125,"결제",44126,0,null,1900000,44125,1900000,44125,"상신","결재완료",1900000,44165,1900000,44165]
[1102,1000071417,30,"물품구매(T*E-황*하-장*기/유*선)",2045601690,"활동형휠체어 등 3종",30,"Z20120420","휠체어수리-팔받이스타트오토복 (의지재료) (의지재료)","Z01",456,null,44123,"최종승인",26283,"유재선",44124,325322,"썬메디테크","2020-10-19","2020-10-26",2,"EA",16000,1,32000,2,32000,44125,"결제",44126,0,null,32000,44125,32000,44125,"상신","결재완료",32000,44165,32000,44165]
[1102,1000071418,10,"물품구매(윤*철/유*선)",2045601691,"활동형휠체어 제니스",10,"Z20011130","활동형휠체어 - 제니스-X (휠라인)","Z01",456,null,44123,"최종승인",26283,"유재선",44124,325857,"주식회사 엠코리아토탈서비스","2020-10-19","2020-10-26",1,"EA",1250000,1,1250000,1,1250000,44125,"결제",44126,0,null,1250000,44125,1250000,44125,"상신","결재완료",1250000,44165,1250000,44165]
[1102,1000071419,10,"물품구매(김*관/유*선)",2045601689,"일반형휠체어",10,"Z20120652","일반형휠체어-SMART-cpu(24D)우리체어메디칼","Z01",456,null,44123,"최종승인",26283,"유재선",44124,324470,"우리체어메디칼","2020-10-19","2020-10-26",1,"EA",450000,1,450000,1,450000,44125,"결제",44126,0,null,450000,44125,450000,44125,"상신","결재완료",450000,44165,450000,44165]
[1102,1000071420,10,"물품구매(이*규-김*선-임*근-최*훈/유*선)",2045601688,"일반형휠체어 등 4종",10,"Z20120676","일반형휠체어-이클립스X2(휠로피아)","Z01",456,null,44123,"최종승인",26283,"유재선",44124,301700,"(주)휠로피아","2020-10-19","2020-10-26",1,"EA",440000,1,440000,1,440000,44125,"결제",44127,0,null,440000,44125,440000,44125,"상신","결재완료",440000,44165,440000,44165]
[1102,1000071420,20,"물품구매(이*규-김*선-임*근-최*훈/유*선)",2045601688,"일반형휠체어 등 4종",20,"Z20120635","활동형 휠체어- CAMEL SPORT A타입 휠로피아","Z01",456,null,44123,"최종승인",26283,"유재선",44124,301700,"(주)휠로피아","2020-10-19","2020-10-26",2,"EA",950000,1,1900000,2,1900000,44125,"결제",44127,0,null,1900000,44125,1900000,44125,"상신","결재완료",1900000,44165,1900000,44165]
[1102,1000071420,30,"물품구매(이*규-김*선-임*근-최*훈/유*선)",2045601688,"일반형휠체어 등 4종",30,"Z20120500","휠체어전동형-Kp45 (의지재료) (의지재료)","Z01",456,null,44123,"최종승인",26283,"유재선",44124,301700,"(주)휠로피아","2020-10-19","2020-10-26",1,"EA",3600000,1,3600000,1,3600000,44125,"결제",44127,0,null,3600000,44125,3600000,44125,"상신","결재완료",3600000,44165,3600000,44165]
[1102,1000071420,40,"물품구매(이*규-김*선-임*근-최*훈/유*선)",2045601688,"일반형휠체어 등 4종",40,"Z20011276","휠체어수리-KP-45조이스틱 컨트롤바","Z01",456,null,44123,"최종승인",26283,"유재선",44124,301700,"(주)휠로피아","2020-10-19","2020-10-26",1,"EA",25000,1,25000,1,25000,44125,"결제",44127,0,null,25000,44125,25000,44125,"상신","결재완료",25000,44165,25000,44165]
[1102,1000071423,10,"물품구매(방석외)",2045601693,"욕창예방석 등 2종",10,"Z20130043","욕창예방방석공기격자형-Standard(표준형) (의지재료)","Z01",456,null,44123,"최종승인",27783,"이미경",44124,301700,"(주)휠로피아","2020-10-19","2020-10-26",1,"EA",370000,1,370000,1,370000,44125,"결제",44127,0,null,370000,44125,370000,44125,"상신","결재완료",370000,44165,370000,44165]
[1102,1000071423,20,"물품구매(방석외)",2045601693,"욕창예방석 등 2종",20,"Z20130035","집뇨기유린백-외산1000(외산1000cc) (의지재료) (의지재료)","Z01",456,null,44123,"최종승인",27783,"이미경",44124,301700,"(주)휠로피아","2020-10-19","2020-10-26",20,"EA",54000,1,1080000,20,1080000,44125,"결제",44127,0,null,1080000,44125,1080000,44125,"상신","결재완료",1080000,44165,1080000,44165]
[1102,1000071439,10,"물품구매(소모품)",2045601706,"소모품 면스타키넷 등 4종",10,"Z20010134","소모품-면스타키넷(국산3in) (의지재료) (의지재료)","Z01",456,null,44124,"최종승인",9144,"정창희",44125,301148,"신성메디칼","2020-10-20","2020-10-27",50,"EA",1000,1,50000,50,50000,44125,"결제",44137,0,null,50000,44125,50000,44125,"상신","결재완료",50000,44165,50000,44165]
[1102,1000071439,20,"물품구매(소모품)",2045601706,"소모품 면스타키넷 등 4종",20,"Z20010135","소모품-면스타키넷(국산4in) (의지재료) (의지재료)","Z01",456,null,44124,"최종승인",9144,"정창희",44125,301148,"신성메디칼","2020-10-20","2020-10-27",50,"EA",1500,1,75000,50,75000,44125,"결제",44137,0,null,75000,44125,75000,44125,"상신","결재완료",75000,44165,75000,44165]
[1102,1000071439,30,"물품구매(소모품)",2045601706,"소모품 면스타키넷 등 4종",30,"Z20010132","소모품-면스타키넷(5in) (의지재료) (의지재료)","Z01",456,null,44124,"최종승인",9144,"정창희",44125,301148,"신성메디칼","2020-10-20","2020-10-27",50,"EA",2000,1,100000,50,100000,44125,"결제",44137,0,null,100000,44125,100000,44125,"상신","결재완료",100000,44165,100000,44165]
[1102,1000071439,40,"물품구매(소모품)",2045601706,"소모품 면스타키넷 등 4종",40,"Z20010338","소모품-P.P(5x120x240) (의지재료) (의지재료)","Z01",456,null,44124,"최종승인",9144,"정창희",44125,301148,"신성메디칼","2020-10-20","2020-10-27",3,"EA",95000,1,285000,3,285000,44125,"결제",44137,0,null,285000,44125,285000,44125,"상신","결재완료",285000,44165,285000,44165]
[1102,1000071529,10,"물품구매(트래커 센서 개발용 전자부품 5종/법인카드)",2045601740,"헬스케어/트레커 센서 개발용 전자부품 5종",10,"Z20050765","헬스케어(연구재료)","Z01",456,null,44127,"최종승인",27685,"황석진",44132,516539017,"헬스케어-9017","2020-10-21","2020-10-30",1,"EA",264220,1,264220,1,264220,44125,"결제",44134,0,null,264220,44125,264220,44125,"상신","결재완료",0,null,264220,44161]
[1102,1300012893,10,"20년 10월 승강기점검(서울승강기서비스)",2045800060,"10월 승강기점검",10,null,"20년 10월 승강기점검","Z04",458,null,44109,"최종승인",4473,"허관",44110,315165,"서울승강기서비스","2020-10-01","2020-10-31",1,"식",140000,1,140000,1,140000,44125,"결제",44127,0,null,140000,44125,140000,44125,"상신","결재완료",140000,44145,140000,44145]
[1102,1300012982,10,"20. 10월 방역소독(덕인환경)",2045601698,"10월 방역소독",10,null,"20. 10월 방역소독(덕인환경)","Z04",456,null,44124,"최종승인",4473,"허관",44124,302071,"덕인환경","2020-10-01","2020-10-31",1,"식",160000,1,160000,1,160000,44125,"결제",44126,0,null,160000,44125,160000,44125,"상신","결재완료",160000,44127,160000,44127]
[1102,1000071064,10,"물품구매(휠체어 임팩트테스트 지그)",2045601603,"휠체어사용성검증/휠체어 임팩트테스트 지그",10,"Z20050915","휠체어사용성검증","Z01",456,null,44120,"최종승인",27377,"정성배",44110,319518,"한울","2020-10-05","2020-10-23",1,"EA",935000,1,935000,1,935000,44124,"결제",44125,0,null,935000,44124,935000,44124,"상신","결재완료",0,null,935000,44127]
[1102,1000071341,10,"물품구매(의지상지-김*태/조*정)",2045601651,"의지상지 전자의수",10,"Z20010405","의지상지-전자의수Bk(국산) (의지재료) (의지재료)","Z01",456,null,44119,"최종승인",11764,"조혜정",44120,302514,"비케이메디텍","2020-10-15","2020-10-22",1,"EA",2685000,1,2685000,1,2685000,44124,"결제",44126,0,null,2685000,44124,2685000,44124,"상신","결재완료",2685000,44165,2685000,44165]
[1102,1000071347,10,"물품구매(미관형의수-김*만)",2045601696,"의지상지 미관형의수",10,"Z20010367","의지상지-미관형의수실리콘두손 (의지재료) (의지재료)","Z01",456,null,44119,"최종승인",9144,"정창희",44124,300508,"두손의수","2020-10-15","2020-10-22",3,"EA",230000,1,690000,3,690000,44124,"결제",44137,0,null,690000,44124,690000,44124,"상신","결재완료",690000,44165,690000,44165]
[1102,1000071357,10,"물품구매 의지하지/창원센터",2045601672,"의지하지 실리콘싹스",10,"Z20010507","의지하지-실리콘싹스국산(국산) (의지재료) (의지재료)","Z01",456,null,44120,"최종승인",8445,"차민국",44123,323203,"코스텍","2020-10-16","2020-10-23",6,"EA",120000,1,720000,6,720000,44124,"결제",44125,0,null,720000,44124,720000,44124,"상신","결재완료",720000,44165,720000,44165]
[1102,1000071358,10,"물품구매 수부 /창원센터",2045601676,"의지상지 미관형의수",10,"Z20010367","의지상지-미관형의수실리콘두손 (의지재료) (의지재료)","Z01",456,null,44120,"최종승인",6166,"김현종",44123,300508,"두손의수","2020-10-16","2020-10-23",4,"EA",230000,1,920000,4,920000,44124,"결제",44125,0,null,920000,44124,920000,44124,"상신","결재완료",920000,44165,920000,44165]
[1102,1000071359,10,"물품구매 휠체어 김*열 방석 이*용 /창원센터",2045601673,"활동형휠체어 등 2종",10,"Z20120641","활동형휠체어- 노바제로 A타입 (티오엠)","Z01",456,null,44120,"최종승인",6166,"김현종",44123,324832,"주식회사 이레엠케어","2020-10-16","2020-10-23",1,"EA",950000,1,950000,1,950000,44124,"결제",44125,0,null,950000,44124,950000,44124,"상신","결재완료",950000,44165,950000,44165]
[1102,1000071359,20,"물품구매 휠체어 김*열 방석 이*용 /창원센터",2045601673,"활동형휠체어 등 2종",20,"Z20130023","욕창예방방석공기격자형-로호 (의지재료) (의지재료)","Z01",456,null,44120,"최종승인",6166,"김현종",44123,324832,"주식회사 이레엠케어","2020-10-16","2020-10-23",1,"EA",370000,1,370000,1,370000,44124,"결제",44125,0,null,370000,44124,370000,44124,"상신","결재완료",370000,44165,370000,44165]
[1102,1000071360,10,"물품구매 매트리스 김*길,박*열 /창원센터",2045601675,"욕창예방매트리스",10,"Z20130055","욕창예방매트리스-Md-100 TPU3","Z01",456,null,44120,"최종승인",6166,"김현종",44123,301766,"은혜메디칼","2020-10-16","2020-10-23",2,"EA",350000,1,700000,2,700000,44124,"결제",44125,0,null,700000,44124,700000,44124,"상신","결재완료",700000,44165,700000,44165]
[1102,1000071366,10,"물품구매/미관형의수(실리콘)/김*동/금*대/이*기/박*미/윤*선/전*석/조*문",2045601670,"의지상지 미관형의수 등 3종",10,"Z20010367","의지상지-미관형의수실리콘두손 (의지재료) (의지재료)","Z01",456,null,44120,"최종승인",6164,"조성문",44123,300508,"두손의수","2020-10-16","2020-10-23",2,"EA",230000,1,460000,2,460000,44124,"결제",44125,0,null,460000,44124,460000,44124,"상신","결재완료",460000,44165,460000,44165]
[1102,1000071366,20,"물품구매/미관형의수(실리콘)/김*동/금*대/이*기/박*미/윤*선/전*석/조*문",2045601670,"의지상지 미관형의수 등 3종",20,"Z20010372","의지상지-미관형의수지실리콘 (의지재료) (의지재료)","Z01",456,null,44120,"최종승인",6164,"조성문",44123,300508,"두손의수","2020-10-16","2020-10-23",8,"EA",65000,1,520000,8,520000,44124,"결제",44125,0,null,520000,44124,520000,44124,"상신","결재완료",520000,44165,520000,44165]
[1102,1000071366,30,"물품구매/미관형의수(실리콘)/김*동/금*대/이*기/박*미/윤*선/전*석/조*문",2045601670,"의지상지 미관형의수 등 3종",30,"Z20010363","의지상지-미관형의수레진두손 (의지재료) (의지재료)","Z01",456,null,44120,"최종승인",6164,"조성문",44123,300508,"두손의수","2020-10-16","2020-10-23",2,"EA",90000,1,180000,2,180000,44124,"결제",44125,0,null,180000,44124,180000,44124,"상신","결재완료",180000,44165,180000,44165]
[1102,1000071368,10,"물품구매/실리콘내피(대퇴,하퇴)/인공발/이*학/김*진/김*섭/이*열/조*문",2045601680,"의지하지 실리콘싹스 등 6종",10,"Z20010533","의지하지-실리콘싹스코니칼+스텐다드대퇴용(미국산) (의지재료) (의지재료)","Z01",456,null,44120,"최종승인",6164,"조성문",44123,301434,"오서코리아주식회사","2020-10-16","2020-10-23",1,"EA",500000,1,500000,1,500000,44124,"결제",44125,0,null,500000,44124,500000,44124,"상신","결재완료",500000,44165,500000,44165]
[1102,1000071368,20,"물품구매/실리콘내피(대퇴,하퇴)/인공발/이*학/김*진/김*섭/이*열/조*문",2045601680,"의지하지 실리콘싹스 등 6종",20,"Z20010532","의지하지-실리콘싹스컴포트하퇴용(외산) (의지재료) (의지재료)","Z01",456,null,44120,"최종승인",6164,"조성문",44123,301434,"오서코리아주식회사","2020-10-16","2020-10-23",2,"EA",335000,1,670000,2,670000,44124,"결제",44125,0,null,670000,44124,670000,44124,"상신","결재완료",670000,44165,670000,44165]
[1102,1000071368,30,"물품구매/실리콘내피(대퇴,하퇴)/인공발/이*학/김*진/김*섭/이*열/조*문",2045601680,"의지하지 실리콘싹스 등 6종",30,"Z20011277","의지하지-프로플렉스XC토션","Z01",456,null,44120,"최종승인",6164,"조성문",44123,301434,"오서코리아주식회사","2020-10-16","2020-10-23",1,"EA",3000000,1,3000000,1,3000000,44124,"결제",44125,0,null,3000000,44124,3000000,44124,"상신","결재완료",3000000,44165,3000000,44165]
[1102,1000071368,40,"물품구매/실리콘내피(대퇴,하퇴)/인공발/이*학/김*진/김*섭/이*열/조*문",2045601680,"의지하지 실리콘싹스 등 6종",40,"Z20011026","의지하지-하퇴유니티벨브(오서)","Z01",456,null,44120,"최종승인",6164,"조성문",44123,301434,"오서코리아주식회사","2020-10-16","2020-10-23",1,"EA",130000,1,130000,1,130000,44124,"결제",44125,0,null,130000,44124,130000,44124,"상신","결재완료",130000,44165,130000,44165]
[1102,1000071368,50,"물품구매/실리콘내피(대퇴,하퇴)/인공발/이*학/김*진/김*섭/이*열/조*문",2045601680,"의지하지 실리콘싹스 등 6종",50,"Z20010722","의지하지-더모웨이브락킹(오서) (의지재료)","Z01",456,null,44120,"최종승인",6164,"조성문",44123,301434,"오서코리아주식회사","2020-10-16","2020-10-23",1,"EA",398000,1,398000,1,398000,44124,"결제",44125,0,null,398000,44124,398000,44124,"상신","결재완료",398000,44165,398000,44165]
[1102,1000071368,60,"물품구매/실리콘내피(대퇴,하퇴)/인공발/이*학/김*진/김*섭/이*열/조*문",2045601680,"의지하지 실리콘싹스 등 6종",60,"Z20010701"," 의지하지-하퇴메일피라미드소켓어댑터(외산) (의지재료)","Z01",456,null,44123,"최종승인",6164,"조성문",44123,301434,"오서코리아주식회사","2020-10-16","2020-10-23",1,"EA",138000,1,138000,1,138000,44124,"결제",44125,0,null,138000,44124,138000,44124,"상신","결재완료",138000,44165,138000,44165]
[1102,1000071369,10,"물품구매/미관형의수(실리콘)/정*곤/박*훈/장*하/송*관/정*재/김*진/조*문",2045601669,"의지상지 미관형의수 등 6종",10,"Z20010368","의지상지-미관형의수실리콘리갈(외산) (의지재료) (의지재료)","Z01",456,null,44120,"최종승인",6164,"조성문",44123,301263,"성림교역","2020-10-16","2020-10-23",6,"EA",230000,1,1380000,6,1380000,44124,"결제",44125,0,null,1380000,44124,1380000,44124,"상신","결재완료",1380000,44165,1380000,44165]
[1102,1000071369,20,"물품구매/미관형의수(실리콘)/정*곤/박*훈/장*하/송*관/정*재/김*진/조*문",2045601669,"의지상지 미관형의수 등 6종",20,"Z20010569","의지하지-흡입밸브(외산) (의지재료) (의지재료)","Z01",456,null,44120,"최종승인",6164,"조성문",44123,301263,"성림교역","2020-10-16","2020-10-23",3,"EA",10000,1,30000,3,30000,44124,"결제",44125,0,null,30000,44124,30000,44124,"상신","결재완료",30000,44165,30000,44165]
[1102,1000071369,30,"물품구매/미관형의수(실리콘)/정*곤/박*훈/장*하/송*관/정*재/김*진/조*문",2045601669,"의지상지 미관형의수 등 6종",30,"Z20010573","의지하지-흡입벨브자동(외산) (의지재료) (의지재료)","Z01",456,null,44120,"최종승인",6164,"조성문",44123,301263,"성림교역","2020-10-16","2020-10-23",3,"EA",15000,1,45000,3,45000,44124,"결제",44125,0,null,45000,44124,45000,44124,"상신","결재완료",45000,44165,45000,44165]
[1102,1000071369,40,"물품구매/미관형의수(실리콘)/정*곤/박*훈/장*하/송*관/정*재/김*진/조*문",2045601669,"의지상지 미관형의수 등 6종",40,"Z20010664","보조기하지-오클라우마앵클장식 (의지재료)","Z01",456,null,44120,"최종승인",6164,"조성문",44123,301263,"성림교역","2020-10-16","2020-10-23",2,"EA",10000,1,20000,2,20000,44124,"결제",44125,0,null,20000,44124,20000,44124,"상신","결재완료",20000,44165,20000,44165]
[1102,1000071369,50,"물품구매/미관형의수(실리콘)/정*곤/박*훈/장*하/송*관/정*재/김*진/조*문",2045601669,"의지상지 미관형의수 등 6종",50,"Z20010894","보조기하지-UDFlex짧은다리보조기 보아식 (성림) (의지재료)","Z01",456,null,44120,"최종승인",6164,"조성문",44123,301263,"성림교역","2020-10-16","2020-10-23",3,"EA",108000,1,324000,3,324000,44124,"결제",44125,0,null,324000,44124,324000,44124,"상신","결재완료",324000,44165,324000,44165]
[1102,1000071369,60,"물품구매/미관형의수(실리콘)/정*곤/박*훈/장*하/송*관/정*재/김*진/조*문",2045601669,"의지상지 미관형의수 등 6종",60,"Z20010424","의지하지-단축발알미늄세트(중국산) (의지재료) (의지재료)","Z01",456,null,44120,"최종승인",6164,"조성문",44123,301263,"성림교역","2020-10-16","2020-10-23",1,"EA",162000,1,162000,1,162000,44124,"결제",44125,0,null,162000,44124,162000,44124,"상신","결재완료",162000,44165,162000,44165]
[1102,1000071371,10,"물품구매 의지상지 /창원센터",2045601674,"의지상지 미관형의수",10,"Z20010368","의지상지-미관형의수실리콘리갈(외산) (의지재료) (의지재료)","Z01",456,null,44120,"최종승인",6166,"김현종",44123,301263,"성림교역","2020-10-16","2020-10-23",4,"EA",230000,1,920000,4,920000,44124,"결제",44125,0,null,920000,44124,920000,44124,"상신","결재완료",920000,44165,920000,44165]
[1102,1000071373,10,"물품구매-의지상지/임*은",2045601664,"의지상지 미관형의수 등 3종",10,"Z20010367","의지상지-미관형의수실리콘두손 (의지재료) (의지재료)","Z01",456,null,44120,"최종승인",9620,"임성은",44123,300508,"두손의수","2020-10-16","2020-10-23",2,"EA",230000,1,460000,2,460000,44124,"결제",44124,0,null,460000,44124,460000,44124,"상신","결재완료",460000,44165,460000,44165]
[1102,1000071373,20,"물품구매-의지상지/임*은",2045601664,"의지상지 미관형의수 등 3종",20,"Z20010372","의지상지-미관형의수지실리콘 (의지재료) (의지재료)","Z01",456,null,44120,"최종승인",9620,"임성은",44123,300508,"두손의수","2020-10-16","2020-10-23",5,"EA",65000,1,325000,5,325000,44124,"결제",44124,0,null,325000,44124,325000,44124,"상신","결재완료",325000,44165,325000,44165]
[1102,1000071373,30,"물품구매-의지상지/임*은",2045601664,"의지상지 미관형의수 등 3종",30,"Z20010838","의지하지-미관형족지레진(두손) (의지재료)","Z01",456,null,44120,"최종승인",9620,"임성은",44123,300508,"두손의수","2020-10-16","2020-10-23",1,"EA",90000,1,90000,1,90000,44124,"결제",44124,0,null,90000,44124,90000,44124,"상신","결재완료",90000,44165,90000,44165]
[1102,1000071374,10,"물품구매(상지의수-장*성/김*종)",2045601671,"의지상지 미관형의수 등 2종",10,"Z20010367","의지상지-미관형의수실리콘두손 (의지재료) (의지재료)","Z01",456,null,44120,"최종승인",6154,"김순종",44123,300508,"두손의수","2020-10-16","2020-10-23",1,"EA",230000,1,230000,1,230000,44124,"결제",44126,0,null,230000,44124,230000,44124,"상신","결재완료",230000,44165,230000,44165]
[1102,1000071374,20,"물품구매(상지의수-장*성/김*종)",2045601671,"의지상지 미관형의수 등 2종",20,"Z20010372","의지상지-미관형의수지실리콘 (의지재료) (의지재료)","Z01",456,null,44120,"최종승인",6154,"김순종",44123,300508,"두손의수","2020-10-16","2020-10-23",2,"EA",65000,1,130000,2,130000,44124,"결제",44126,0,null,130000,44124,130000,44124,"상신","결재완료",130000,44165,130000,44165]
[1102,1000071376,10,"물품구매(미관형의수/천*민)",2045601677,"의지상지 미관형의수 등 4종",10,"Z20010367","의지상지-미관형의수실리콘두손 (의지재료) (의지재료)","Z01",456,null,44123,"최종승인",27784,"천성민",44123,300508,"두손의수","2020-10-19","2020-10-26",4,"EA",230000,1,920000,4,920000,44124,"결제",44126,0,null,920000,44124,920000,44124,"상신","결재완료",920000,44165,920000,44165]
[1102,1000071376,20,"물품구매(미관형의수/천*민)",2045601677,"의지상지 미관형의수 등 4종",20,"Z20010372","의지상지-미관형의수지실리콘 (의지재료) (의지재료)","Z01",456,null,44123,"최종승인",27784,"천성민",44123,300508,"두손의수","2020-10-19","2020-10-26",1,"EA",65000,1,65000,1,65000,44124,"결제",44126,0,null,65000,44124,65000,44124,"상신","결재완료",65000,44165,65000,44165]
[1102,1000071376,30,"물품구매(미관형의수/천*민)",2045601677,"의지상지 미관형의수 등 4종",30,"Z20010838","의지하지-미관형족지레진(두손) (의지재료)","Z01",456,null,44123,"최종승인",27784,"천성민",44123,300508,"두손의수","2020-10-19","2020-10-26",2,"EA",90000,1,180000,2,180000,44124,"결제",44126,0,null,180000,44124,180000,44124,"상신","결재완료",180000,44165,180000,44165]
[1102,1000071376,40,"물품구매(미관형의수/천*민)",2045601677,"의지상지 미관형의수 등 4종",40,"Z20010363","의지상지-미관형의수레진두손 (의지재료) (의지재료)","Z01",456,null,44123,"최종승인",27784,"천성민",44123,300508,"두손의수","2020-10-19","2020-10-26",1,"EA",90000,1,90000,1,90000,44124,"결제",44126,0,null,90000,44124,90000,44124,"상신","결재완료",90000,44165,90000,44165]
[1102,1000071377,10,"물품구매(석고칼날등/천*민)",2045601678,"소모품 석고칼날 등 3종",10,"Z20010177","소모품-석고칼날반원형(반원형외산) (의지재료) (의지재료)","Z01",456,null,44123,"최종승인",27784,"천성민",44123,301263,"성림교역","2020-10-19","2020-10-26",20,"EA",10000,1,200000,20,200000,44124,"결제",44126,0,null,200000,44124,200000,44124,"상신","결재완료",200000,44165,200000,44165]
[1102,1000071377,20,"물품구매(석고칼날등/천*민)",2045601678,"소모품 석고칼날 등 3종",20,"Z20010175","소모품-석고연필(석고형외산) (의지재료) (의지재료)","Z01",456,null,44123,"최종승인",27784,"천성민",44123,301263,"성림교역","2020-10-19","2020-10-26",10,"EA",3000,1,30000,10,30000,44124,"결제",44126,0,null,30000,44124,30000,44124,"상신","결재완료",30000,44165,30000,44165]
[1102,1000071377,30,"물품구매(석고칼날등/천*민)",2045601678,"소모품 석고칼날 등 3종",30,"Z20010890","소모품-멀티폼 3mm(성림) (의지재료)","Z01",456,null,44123,"최종승인",27784,"천성민",44123,301263,"성림교역","2020-10-19","2020-10-26",3,"EA",59000,1,177000,3,177000,44124,"결제",44126,0,null,177000,44124,177000,44124,"상신","결재완료",177000,44165,177000,44165]
[1102,1000071378,10,"물품구매(미관형리갈등/천*민)",2045601679,"의지상지 미관형의수 등 7종",10,"Z20010368","의지상지-미관형의수실리콘리갈(외산) (의지재료) (의지재료)","Z01",456,null,44123,"최종승인",27784,"천성민",44123,301263,"성림교역","2020-10-19","2020-10-26",5,"EA",230000,1,1150000,5,1150000,44124,"결제",44126,0,null,1150000,44124,1150000,44124,"상신","결재완료",1150000,44165,1150000,44165]
[1102,1000071378,20,"물품구매(미관형리갈등/천*민)",2045601679,"의지상지 미관형의수 등 7종",20,"Z20010565","소모품-하퇴용스탐프싹스국산 (의지재료) (의지재료)","Z01",456,null,44123,"최종승인",27784,"천성민",44123,301263,"성림교역","2020-10-19","2020-10-26",40,"EA",6000,1,240000,40,240000,44124,"결제",44126,0,null,240000,44124,240000,44124,"상신","결재완료",240000,44165,240000,44165]
[1102,1000071378,30,"물품구매(미관형리갈등/천*민)",2045601679,"의지상지 미관형의수 등 7종",30,"Z20010714","소모품-국산양말(Thin,H-35cm) (의지재료)","Z01",456,null,44123,"최종승인",27784,"천성민",44123,301263,"성림교역","2020-10-19","2020-10-26",20,"EA",3500,1,70000,20,70000,44124,"결제",44126,0,null,70000,44124,70000,44124,"상신","결재완료",70000,44165,70000,44165]
[1102,1000071378,40,"물품구매(미관형리갈등/천*민)",2045601679,"의지상지 미관형의수 등 7종",40,"Z20010526","의지하지-실리콘싹스이지락킹(미국산) (의지재료) (의지재료)","Z01",456,null,44123,"최종승인",27784,"천성민",44123,301263,"성림교역","2020-10-19","2020-10-26",1,"EA",330000,1,330000,1,330000,44124,"결제",44126,0,null,330000,44124,330000,44124,"상신","결재완료",330000,44165,330000,44165]
[1102,1000071378,50,"물품구매(미관형리갈등/천*민)",2045601679,"의지상지 미관형의수 등 7종",50,"Z20010229","소모품-알루미늄튜브 (의지재료) (의지재료)","Z01",456,null,44123,"최종승인",27784,"천성민",44123,301263,"성림교역","2020-10-19","2020-10-26",5,"EA",35000,1,175000,5,175000,44124,"결제",44126,0,null,175000,44124,175000,44124,"상신","결재완료",175000,44165,175000,44165]
[1102,1000071378,60,"물품구매(미관형리갈등/천*민)",2045601679,"의지상지 미관형의수 등 7종",60,"Z20010424","의지하지-단축발알미늄세트(중국산) (의지재료) (의지재료)","Z01",456,null,44123,"최종승인",27784,"천성민",44123,301263,"성림교역","2020-10-19","2020-10-26",1,"EA",162000,1,162000,1,162000,44124,"결제",44126,0,null,162000,44124,162000,44124,"상신","결재완료",162000,44165,162000,44165]
[1102,1000071378,70,"물품구매(미관형리갈등/천*민)",2045601679,"의지상지 미관형의수 등 7종",70,"Z20010388","의지상지-상박주관절장식키드형중국(중국산) (의지재료) (의지재료)","Z01",456,null,44123,"최종승인",27784,"천성민",44123,301263,"성림교역","2020-10-19","2020-10-26",1,"EA",170000,1,170000,1,170000,44124,"결제",44126,0,null,170000,44124,170000,44124,"상신","결재완료",170000,44165,170000,44165]
[1102,1000071379,10,"물품구매(보바스슬링등/천*민)",2045601684,"보조기상지 짧은팔보조기 등 2종",10,"Z20010015","보조기상지-짧은팔보조기 (의지재료) (의지재료)","Z01",456,null,44123,"최종승인",27784,"천성민",44124,322758,"오르텍주식회사","2020-10-19","2020-10-26",1,"EA",60000,1,60000,1,60000,44124,"결제",44126,0,null,60000,44124,60000,44124,"상신","결재완료",60000,44165,60000,44165]
[1102,1000071379,20,"물품구매(보바스슬링등/천*민)",2045601684,"보조기상지 짧은팔보조기 등 2종",20,"Z20010011","보조기상지-보바스슬링 (의지재료) (의지재료)","Z01",456,null,44123,"최종승인",27784,"천성민",44124,322758,"오르텍주식회사","2020-10-19","2020-10-26",1,"EA",30000,1,30000,1,30000,44124,"결제",44126,0,null,30000,44124,30000,44124,"상신","결재완료",30000,44165,30000,44165]
[1102,1000071381,10,"물품구매/상박관절장식/욕창예방메트리스/권*화/양*훈/조*문",2045601668,"욕창예방매트리스 등 2종",10,"Z20130002","욕창예방매트리스공기격자형-로호(860x2040x89mm) (의지재료) (","Z01",456,null,44120,"최종승인",6164,"조성문",44123,305386,"(주) 오토복코리아헬스케어","2020-10-16","2020-10-23",1,"EA",1650000,1,1650000,1,1650000,44124,"결제",44125,0,null,1650000,44124,1650000,44124,"상신","결재완료",1650000,44165,1650000,44165]
[1102,1000071381,20,"물품구매/상박관절장식/욕창예방메트리스/권*화/양*훈/조*문",2045601668,"욕창예방매트리스 등 2종",20,"Z20010377","의지상지-상박관절장식키트형(외산) (의지재료) (의지재료)","Z01",456,null,44120,"최종승인",6164,"조성문",44123,305386,"(주) 오토복코리아헬스케어","2020-10-16","2020-10-23",1,"EA",275000,1,275000,1,275000,44124,"결제",44125,0,null,275000,44124,275000,44124,"상신","결재완료",275000,44165,275000,44165]
[1102,1000071382,10,"물품구매/의지재료(소모품)/조*문",2045601667,"소모품 석고 등 16종",10,"Z20010174","소모품-석고소석고2급b(25kg) (의지재료) (의지재료)","Z01",456,null,44120,"최종승인",6164,"조성문",44123,301148,"신성메디칼","2020-10-16","2020-10-23",3,"EA",35000,1,105000,3,105000,44124,"결제",44125,0,null,105000,44124,105000,44124,"상신","결재완료",105000,44165,105000,44165]
[1102,1000071382,20,"물품구매/의지재료(소모품)/조*문",2045601667,"소모품 석고 등 16종",20,"Z20010171","소모품-석고붕대(15cm) (의지재료) (의지재료)","Z01",456,null,44120,"최종승인",6164,"조성문",44123,301148,"신성메디칼","2020-10-16","2020-10-23",72,"EA",3500,1,252000,72,252000,44124,"결제",44125,0,null,252000,44124,252000,44124,"상신","결재완료",252000,44165,252000,44165]
[1102,1000071382,30,"물품구매/의지재료(소모품)/조*문",2045601667,"소모품 석고 등 16종",30,"Z20010103","소모품-단돌림감(백색) (의지재료) (의지재료)","Z01",456,null,44120,"최종승인",6164,"조성문",44123,301148,"신성메디칼","2020-10-16","2020-10-23",1,"EA",10000,1,10000,1,10000,44124,"결제",44125,0,null,10000,44124,10000,44124,"상신","결재완료",10000,44165,10000,44165]
[1102,1000071382,40,"물품구매/의지재료(소모품)/조*문",2045601667,"소모품 석고 등 16종",40,"Z20010350","소모품-TR압축단추 (의지재료) (의지재료)","Z01",456,null,44120,"최종승인",6164,"조성문",44123,301148,"신성메디칼","2020-10-16","2020-10-23",1,"EA",40000,1,40000,1,40000,44124,"결제",44125,0,null,40000,44124,40000,44124,"상신","결재완료",40000,44165,40000,44165]
[1102,1000071382,50,"물품구매/의지재료(소모품)/조*문",2045601667,"소모품 석고 등 16종",50,"Z20010729","소모품-멀티폼3mm(국산) (의지재료)","Z01",456,null,44120,"최종승인",6164,"조성문",44123,301148,"신성메디칼","2020-10-16","2020-10-23",5,"EA",15000,1,75000,5,75000,44124,"결제",44125,0,null,75000,44124,75000,44124,"상신","결재완료",75000,44165,75000,44165]
[1102,1000071382,60,"물품구매/의지재료(소모품)/조*문",2045601667,"소모품 석고 등 16종",60,"Z20010139","소모품-박스포장용테이프(6cm) (의지재료) (의지재료)","Z01",456,null,44120,"최종승인",6164,"조성문",44123,301148,"신성메디칼","2020-10-16","2020-10-23",10,"EA",1000,1,10000,10,10000,44124,"결제",44125,0,null,10000,44124,10000,44124,"상신","결재완료",10000,44165,10000,44165]
[1102,1000071382,70,"물품구매/의지재료(소모품)/조*문",2045601667,"소모품 석고 등 16종",70,"Z20010099","소모품-나이론반도흑색(2in흑색) (의지재료) (의지재료)","Z01",456,null,44120,"최종승인",6164,"조성문",44123,301148,"신성메디칼","2020-10-16","2020-10-23",1,"EA",50000,1,50000,1,50000,44124,"결제",44125,0,null,50000,44124,50000,44124,"상신","결재완료",50000,44165,50000,44165]
[1102,1000071382,80,"물품구매/의지재료(소모품)/조*문",2045601667,"소모품 석고 등 16종",80,"Z20010257","소모품-전기테이프(19mm) (의지재료) (의지재료)","Z01",456,null,44120,"최종승인",6164,"조성문",44123,301148,"신성메디칼","2020-10-16","2020-10-23",10,"EA",500,1,5000,10,5000,44124,"결제",44125,0,null,5000,44124,5000,44124,"상신","결재완료",5000,44165,5000,44165]
[1102,1000071382,90,"물품구매/의지재료(소모품)/조*문",2045601667,"소모품 석고 등 16종",90,"Z20010259","소모품-젤렉스(A급) (의지재료) (의지재료)","Z01",456,null,44120,"최종승인",6164,"조성문",44123,301148,"신성메디칼","2020-10-16","2020-10-23",5,"EA",35000,1,175000,5,175000,44124,"결제",44125,0,null,175000,44124,175000,44124,"상신","결재완료",175000,44165,175000,44165]
[1102,1000071294,10,"물품구매-소모품/임*은",2045601643,"소모품 석고 등 6종",10,"Z20010174","소모품-석고소석고2급b(25kg) (의지재료) (의지재료)","Z01",456,null,44118,"최종승인",9620,"임성은",44118,301148,"신성메디칼","2020-10-14","2020-10-21",3,"EA",35000,1,105000,3,105000,44123,"결제",44124,0,null,105000,44123,105000,44123,"상신","결재완료",105000,44165,105000,44165]
[1102,1000071372,20,"물품구매-의지하지/임*은",2045601665,"의지하지 실리콘싹스 등 2종",20,"Z20010546","의지하지-실리콘싹스X5씰린대퇴용(미국산) (의지재료) (의지재료)","Z01",456,null,44120,"최종승인",9620,"임성은",44123,301434,"오서코리아주식회사","2020-10-16","2020-10-23",1,"EA",600000,1,600000,1,600000,44123,"결제",44127,0,null,600000,44123,600000,44123,"상신","결재완료",600000,44165,600000,44165]
[1102,1300012891,10,"20년 10월 산업안전점검(케이아이안전보건기술원)",2045800061,"10월 산업안전점검",10,null,"20년 10월 산업안전점검","Z04",458,null,44109,"최종승인",4473,"허관",44110,304163,"케이아이안전보건기술원(주) 지점","2020-10-01","2020-10-31",1,"식",180000,1,180000,1,180000,44123,"결제",44124,0,null,180000,44123,180000,44123,"상신","결재완료",180000,44127,180000,44127]
[1102,1000070980,10,"물품구매(범용 착용부 M사이즈 3D프린팅 등 1건/세금계산서)",2045601596,"외골격로봇/범용 착용부 m사이즈 3d 프린팅",10,"Z20050807","외골격로봇(연구재료)","Z01",456,null,44127,"최종승인",26892,"권칠용",44103,327286,"(주) 에이엠코리아","2020-09-25","2020-10-30",2,"EA",3630000,1,7260000,2,7260000,44119,"결제",44126,0,null,7260000,44119,7260000,44119,"상신","결재완료",0,null,7260000,44160]
[1102,1000071261,20,"물품구매(하지의지-신*영,정*숙,윤*용/양*호)",2045601633,"의지하지 실리콘싹스 등 4종",20,"Z20010570","의지하지-흡입밸브실린라이너대퇴용(미국산) (의지재료) (의지재료)","Z01",456,null,44117,"최종승인",27264,"양철호",44117,301434,"오서코리아주식회사","2020-10-13","2020-10-20",1,"EA",95000,1,95000,1,95000,44118,"결제",44120,0,null,95000,44118,95000,44118,"상신","결재완료",95000,44165,95000,44165]
[1102,1000071186,10,"물품구매 의지하지/창원센터",2045601621,"의지하지 국산단소하퇴장식 등 2종",10,"Z20010415","의지하지-국산단소하퇴장식(국산) (의지재료) (의지재료)","Z01",456,null,44112,"최종승인",8445,"차민국",44116,301263,"성림교역","2020-10-08","2020-10-15",1,"EA",75000,1,75000,1,75000,44117,"결제",44118,0,null,75000,44117,75000,44117,"상신","결재완료",75000,44165,75000,44165]
[1102,1000071270,10,"물품구매(조글스위치등8종 1건/법인카드)",2045601639,"모듈형휠체어/조글스위치 등 8종",10,"Z20050916","모듈형휠체어","Z01",456,null,44123,"최종승인",6363,"홍응표",44118,516585676,"모듈형휠체어-5676","2020-10-13","2020-10-26",1,"EA",1873000,1,1873000,1,1873000,44117,"결제",44132,0,null,1873000,44117,1873000,44117,"상신","결재완료",0,null,1873000,44161]
[1102,1000071246,60,"물품구매(다이오드 등 8건/ 법인카드)",2045601646,"스마트어시스트/다이오드 등 8종",60,"Z20050649","스마트어시스트(연구재료) (연구재료)","Z01",456,null,44137,"최종승인",11512,"남기태",44118,516589379,"스마트어시스트-9379","2020-10-12","2020-11-09",1,"EA",62700,1,62700,1,62700,44116,"결제",44133,0,null,62700,44116,62700,44116,"상신","결재완료",0,null,62700,44161]
[1102,1000071106,30,"물품구매(소모품/천*민)",2045601604,"소모품 pp 등 8종",30,"Z20010170","소모품-석고붕대(10cm) (의지재료) (의지재료)","Z01",456,null,44109,"최종승인",27784,"천성민",44110,301148,"신성메디칼","2020-10-05","2020-10-12",120,"EA",3000,1,360000,120,360000,44110,"결제",44112,0,null,360000,44110,360000,44110,"상신","결재완료",360000,44165,360000,44165]
[1102,1000070892,20,"물품구매(플렉스풋등/천*민)",2045601563,"의지하지 플렉스풋 등 4종",20,"Z20010532","의지하지-실리콘싹스컴포트하퇴용(외산) (의지재료) (의지재료)","Z01",456,null,44097,"최종승인",27784,"천성민",44098,301434,"오서코리아주식회사","2020-09-23","2020-09-30",3,"EA",335000,1,1005000,3,1005000,44102,"결제",44102,0,null,1005000,44102,1005000,44102,"상신","결재완료",1005000,44134,1005000,44134]
[1102,1000070973,10,"기타",2045601580,"휠체어수리 배터리",10,"Z20120172","휠체어수리-배터리휠로피아(12V50AH) (의지재료) (의지재료)","Z01",456,null,44099,"최종승인",26283,"유재선",44099,301700,"(주)휠로피아","2020-09-25","2020-10-02",2,"EA",95000,1,190000,2,190000,44102,"결제",44103,0,null,190000,44102,190000,44102,"상신","결재완료",190000,44134,190000,44134]
[1102,1500034579,150,"청소용품(점보롤 외 17종)",2045601553,"청소용품 점보롤 등 17종",150,null,"k-1/박리제","Z06",456,null,44097,"최종승인",4473,"허관",44097,313863,"주식회사 꿈이있는일터","2020-09-23","2020-09-30",1,"말",23000,1,23000,1,23000,44102,"결제",44103,0,null,23000,44102,23000,44102,"상신","결재완료",23000,44116,23000,44116]
[1102,1000070829,20,"물품구매-하지",2045601542,"의지하지 단축발발목장식 등 3종",20,"Z20010511","의지하지-실리콘싹스라이너(독일산) (의지재료) (의지재료)","Z01",456,null,44095,"최종승인",6154,"김순종",44096,305386,"(주) 오토복코리아헬스케어","2020-09-21","2020-09-28",1,"EA",300000,1,300000,1,300000,44099,"결제",44103,0,null,300000,44099,300000,44099,"상신","결재완료",300000,44134,300000,44134]
[1102,1000070855,20,"물품구매(미관형 의수외)",2045601559,"시험상용화/미관형의수 등 2종",20,"Z20050117","미관형 의수-PVC (연구재료) (연구재료)","Z01",456,null,44096,"최종승인",27783,"이미경",44097,300508,"두손의수","2020-09-22","2020-09-29",2,"EA",90000,1,180000,2,180000,44099,"결제",44102,0,null,180000,44099,180000,44099,"상신","결재완료",180000,44116,180000,44116]
[1102,1000070926,10,"물품구매-의지상지/임*은",2045601572,"의지상지 미관형의수 등 4종",10,"Z20010368","의지상지-미관형의수실리콘리갈(외산) (의지재료) (의지재료)","Z01",456,null,44097,"최종승인",9620,"임성은",44098,301263,"성림교역","2020-09-23","2020-09-30",3,"EA",230000,1,690000,3,690000,44099,"결제",44102,0,null,690000,44099,690000,44099,"상신","결재완료",690000,44134,690000,44134]
[1102,1000070952,10,"물품구매-보조기척추/임*은",2045601585,"보조기척추 등 2종",10,"Z20010036","보조기척추-Tlso몸통보조기 (의지재료) (의지재료)","Z01",456,null,44098,"최종승인",9620,"임성은",44099,322758,"오르텍주식회사","2020-09-24","2020-10-01",2,"EA",70000,1,140000,2,140000,44099,"결제",44103,0,null,140000,44099,140000,44099,"상신","결재완료",140000,44134,140000,44134]
[1102,1000070991,10,"물품구매(방석-윤*후)",2045601590,"욕창예방방석 등 4종",10,"Z20130024","욕창예방방석공기격자형-커트로 (의지재료) (의지재료)","Z01",456,null,44099,"최종승인",9144,"정창희",44102,305386,"(주) 오토복코리아헬스케어","2020-09-24","2020-10-02",2,"EA",370000,1,740000,2,740000,44099,"결제",44109,0,null,740000,44099,740000,44099,"상신","결재완료",740000,44134,740000,44134]
[1102,1000070843,10,"물품구매(보조기상지-오*환/김*동)",2045601554,"보조기상지 보바스슬링",10,"Z20010011","보조기상지-보바스슬링 (의지재료) (의지재료)","Z01",456,null,44095,"최종승인",8219,"김수동",44097,301263,"성림교역","2020-09-21","2020-09-28",1,"EA",30000,1,30000,1,30000,44098,"결제",44103,0,null,30000,44098,30000,44098,"상신","결재완료",30000,44134,30000,44134]
[1102,1000070919,30,"물품구매(집뇨기)",2045601566,"집뇨기유린백 등 3종",30,"Z20120392","휠체어수리-튜브일반형휠로피아(24x13/8in) (의지재료) (의지재료)","Z01",456,null,44097,"최종승인",9144,"정창희",44098,301700,"(주)휠로피아","2020-09-23","2020-09-30",10,"EA",4400,1,44000,10,44000,44098,"결제",44103,0,null,44000,44098,44000,44098,"상신","결재완료",44000,44134,44000,44134]
[1102,1000070791,10,"물품구매(황*하-김*대-김*곤/유*선)",2045601528,"휠체어꺽기형 등 2종",10,"Z20120055","휠체어꺽기형-미라지7일반형미키 (의지재료) (의지재료)","Z01",456,null,44092,"최종승인",26283,"유재선",44095,301882,"미키메디칼","2020-09-18","2020-09-25",2,"EA",440000,1,880000,2,880000,44097,"결제",44103,0,null,880000,44097,880000,44097,"상신","결재완료",880000,44134,880000,44134]
[1102,1500034674,50,"전기실 소모품 구매(수정)",2045601597,"전기실 소모품 10종 구매",50,null,"전기작업안전수칙(1)","Z06",456,null,44103,"최종승인",28101,"김형국",44103,300045,"모아이엔티","2020-09-10","2020-10-07",1,"개",30000,1,30000,1,30000,44097,"결제",44103,0,null,30000,44097,30000,44097,"상신","결재완료",30000,44116,30000,44116]
[1102,1000070783,40,"물품구매 소모품 /창원센터",2045601535,"소모품 pp 등 6종",40,"Z20010217","소모품-실리콘유리용(급속형) (의지재료) (의지재료)","Z01",456,null,44092,"최종승인",6166,"김현종",44096,301148,"신성메디칼","2020-09-18","2020-09-25",10,"EA",2500,1,25000,10,25000,44096,"결제",44097,0,null,25000,44096,25000,44096,"상신","결재완료",25000,44134,25000,44134]
[1102,1000070789,70,"물품구매-소모품/임*은",2045601521,"소모품 면바도웨빙 등 7종",70,"Z20010198","소모품-스타키넷칼라(4in) (의지재료) (의지재료)","Z01",456,null,44095,"최종승인",9620,"임성은",44095,301148,"신성메디칼","2020-09-21","2020-09-28",40,"EA",3500,1,140000,40,140000,44096,"결제",44097,0,null,140000,44096,140000,44096,"상신","결재완료",140000,44134,140000,44134]
[1102,1000070528,30,"물품구매(MC1600 starter kit 등 4건/ 세금계산서)",2045601460,"모듈형휠체어/mc1600 starter kit 등 4종",30,"Z20050916","모듈형휠체어","Z01",456,null,44120,"최종승인",6879,"김용철",44088,325939,"(주) 카이트로닉스","2020-09-10","2020-10-23",4,"EA",49500,1,198000,4,198000,44095,"결제",44102,0,null,198000,44095,198000,44095,"상신","결재완료",0,null,198000,44116]
[1102,1000070640,20,"물품구매(의지재료소모품/천*민)",2045601494,"소모품 뒤플렉스 등 16종",20,"Z20010221","소모품-썰린(10x40x40) (의지재료) (의지재료)","Z01",456,null,44088,"최종승인",27784,"천성민",44092,301148,"신성메디칼","2020-09-14","2020-09-21",20,"EA",40000,1,800000,20,800000,44095,"결제",44097,0,null,800000,44095,800000,44095,"상신","결재완료",800000,44134,800000,44134]
[1102,1000069518,10,"물품구매(Wheel Chair Driving Control Parts Units)",2045601221,"휠체어사용성검증/휠체어 드라이빙 컨트롤 파트 유닛",10,"Z20050915","휠체어사용성검증","Z01",456,null,44092,"최종승인",27377,"정성배",44053,303269,"에스씨엠테크놀러지","2020-08-03","2020-09-25",1,"EA",6600000,1,6600000,1,6600000,44092,"결제",44095,0,null,6600000,44092,6600000,44092,"상신","결재완료",0,null,6600000,44099]
[1102,1000070689,10,"물품구매(엘리트외)",2045601487,"시험상용화/고기능 인공발 엘리트 등 3종",10,"Z20050952","고기능 인공발(엘리트)","Z01",456,null,44089,"최종승인",27783,"이미경",44090,301263,"성림교역","2020-09-15","2020-09-22",1,"EA",2500000,1,2500000,1,2500000,44091,"결제",44092,0,null,2500000,44091,2500000,44091,"상신","결재완료",2500000,44099,2500000,44099]
[1102,1000070701,20,"물품구매(실리콘 젤 라이너외)",2045601489,"시험상용화/실리콘 젤 라이너 등 8종",20,"Z20050850","반자동 의수 세트(펄론케이블)(연구재료)","Z01",456,null,44089,"최종승인",27783,"이미경",44090,305386,"(주) 오토복코리아헬스케어","2020-09-15","2020-09-22",1,"EA",363000,1,363000,1,363000,44091,"결제",44092,0,null,363000,44091,363000,44091,"상신","결재완료",363000,44099,363000,44099]
[1102,1000070624,50,"기타",2045601479,"휠체어수리 배터리 등 5종",50,"Z20120393","휠체어수리-튜브일산활동형휠로피아(24,25in) (의지재료) (의지재료)","Z01",456,null,44088,"최종승인",26283,"유재선",44088,301700,"(주)휠로피아","2020-09-14","2020-09-21",50,"EA",4000,1,200000,50,200000,44090,"결제",44103,0,null,200000,44090,200000,44090,"상신","결재완료",200000,44134,200000,44134]
[1102,1000070531,20,"물품구매(근전도센서 인터페이스 등 2건/ 세금계산서)",2045601457,"작업의수마우스/근전도 센서 인터페이스 등 2종",20,"Z20050928","작업의수마우스","Z01",456,null,44140,"최종승인",27961,"홍범기",44085,303359,"주식회사 디엘테크","2020-09-10","2020-11-12",1,"EA",660000,1,660000,1,660000,44089,"결제",44095,0,null,660000,44089,660000,44089,"상신","결재완료",0,null,660000,44099]
[1102,1000070537,20,"물품구매/근전동의수/락장식/에너지발/윤*/조*문",2045601467,"의지상지 전자의수 등 3종",20,"Z20010458","의지하지-락장식Bk(대퇴,하퇴겸용) (의지재료) (의지재료)","Z01",456,null,44084,"최종승인",6164,"조성문",44088,302514,"비케이메디텍","2020-09-10","2020-09-17",5,"EA",223000,1,1115000,5,1115000,44088,"결제",44092,0,null,1115000,44088,1115000,44088,"상신","결재완료",1115000,44134,1115000,44134]
[1102,1000070560,70,"물품구매(미관형리갈등/천*민)",2045601453,"의지상지 미관형의수 등 7종",70,"Z20010555","의지하지-폼카바대퇴용대만(대만산) (의지재료) (의지재료)","Z01",456,null,44084,"최종승인",27784,"천성민",44085,301263,"성림교역","2020-09-10","2020-09-17",30,"EA",89000,1,2670000,30,2670000,44088,"결제",44090,0,null,2670000,44088,2670000,44088,"상신","결재완료",2670000,44134,2670000,44134]
[1102,1000070605,30,"물품구매/장보조기장식/미관형의수(실리콘)/이*권/권*화/강*미/조*문",2045601463,"보조기하지 등 6종",30,"Z20010664","보조기하지-오클라우마앵클장식 (의지재료)","Z01",456,null,44085,"최종승인",6164,"조성문",44088,301263,"성림교역","2020-09-10","2020-09-18",4,"EA",10000,1,40000,4,40000,44088,"결제",44103,0,null,40000,44088,40000,44088,"상신","결재완료",40000,44134,40000,44134]
[1102,1000070427,10,"물품구매(로봇용 풋 플레이트 제작/세금계산서)",2045601433,"외골격로봇/로봇용 풋 플레이트 제작",10,"Z20050807","외골격로봇(연구재료)","Z01",456,null,44090,"최종승인",27685,"황석진",44084,327286,"(주) 에이엠코리아","2020-09-04","2020-09-23",1,"EA",1375000,1,1375000,1,1375000,44084,"결제",44089,0,null,1375000,44084,1375000,44084,"상신","결재완료",0,null,1375000,44099]
[1102,1000070464,40,"물품구매(대퇴용스타킹등/천*민)",2045601415,"소모품 대퇴용스타킹 등 4종",40,"Z20010318","소모품-필라이트(외산5mm) (의지재료) (의지재료)","Z01",456,null,44082,"최종승인",27784,"천성민",44083,305386,"(주) 오토복코리아헬스케어","2020-09-08","2020-09-15",3,"EA",79000,1,237000,3,237000,44083,"결제",44088,0,null,237000,44083,237000,44083,"상신","결재완료",237000,44134,237000,44134]
[1102,1000070389,30,"물품구매 의지상지 김*수,김*래 /창원센터",2045601422,"의지상지 견갑장식 등 4종",30,"Z20010382","의지상지-상박용키트폼블록(외산) (의지재료) (의지재료)","Z01",456,null,44078,"최종승인",6166,"김현종",44083,301263,"성림교역","2020-09-04","2020-09-11",2,"EA",80000,1,160000,2,160000,44082,"결제",44088,0,null,160000,44082,160000,44082,"상신","결재완료",160000,44134,160000,44134]
[1102,1000070391,10,"물품구매 휠체어 이*종 외 /창원센터",2045601424,"휠체어꺽기형 등 2종",10,"Z20120056","휠체어꺽기형-미라지7핸드림스텐미키 (의지재료) (의지재료)","Z01",456,null,44078,"최종승인",6166,"김현종",44083,309507,"미키코리아(주)","2020-09-04","2020-09-11",1,"EA",470000,1,470000,1,470000,44082,"결제",44109,0,null,470000,44082,470000,44082,"상신","결재완료",470000,44134,470000,44134]
[1102,1000070419,20,"기타",2045601412,"타이어 등 7종",20,"Z20120335","휠체어수리-타이어스포츠용휠로피아(24in) (의지재료) (의지재료)","Z01",456,null,44078,"최종승인",26283,"유재선",44083,301700,"(주)휠로피아","2020-09-04","2020-09-11",10,"EA",23200,1,232000,10,232000,44082,"결제",44088,0,null,232000,44082,232000,44082,"상신","결재완료",232000,44134,232000,44134]
[1102,1000070428,10,"물품구매(로봇용 센서 및 납땜작업부품 9종/법인카드)",2045601435,"외골격로봇/로봇용 센서 및 남땜작업부품 9종",10,"Z20050807","외골격로봇(연구재료)","Z01",456,null,44085,"최종승인",27685,"황석진",44084,516525410,"외골격로봇-5410","2020-09-04","2020-09-18",1,"EA",991584,1,991584,1,991584,44081,"결제",44089,0,null,991584,44081,991584,44081,"상신","결재완료",0,null,991584,44102]
[1102,1000070217,70,"물품구매(니트럴 장갑 등 8건/세금계산서)",2045601394,"농작업보조시스템/니트릴장갑 등 8종",70,"Z20050918","농작업보조시스템","Z01",456,null,44090,"최종승인",27962,"김승기",44076,320291,"에스제이전자","2020-08-28","2020-09-23",4,"EA",68200,1,272800,4,272800,44077,"결제",44085,0,null,272800,44077,272800,44077,"상신","결재완료",0,null,272800,44099]
[1102,1000070335,10,"물품구매(CALLAR/법인카드)",2045601395,"모듈형휠체어/cimrsf d35 v30 to2 callar",10,"Z20050916","CALLAR","Z01",456,null,44076,"최종승인",11509,"장대진",44077,516585676,"모듈형휠체어-5676","2020-09-01","2020-09-09",8,"EA",43586,8,43586,8,43586,44075,"결제",44092,0,null,43586,44075,43586,44075,"상신","결재완료",0,null,43586,44102]
[1102,1000070003,10,"물품구매-소모품",2045601325,"욕창예방방석",10,"Z20130029","욕창예방방석공기격자형-Smdub0003(8x9x5) (의지재료) (의지재","Z01",456,null,44064,"최종승인",6154,"김순종",44067,323411,"주식회사씰테크 용인지점","2020-08-21","2020-08-28",3,"EA",230000,1,690000,3,690000,44070,"결제",44071,0,null,690000,44070,690000,44070,"상신","결재완료",690000,44103,690000,44103]
[1102,1000070021,50,"물품구매(이*수-홍*철/김*종)",2045601322,"휠체어꺽기형 등 5종",50,"Z20120268","휠체어수리-앞바퀴조립포밍미키(6in) (의지재료) (의지재료)","Z01",456,null,44064,"최종승인",6154,"김순종",44067,301882,"미키메디칼","2020-08-21","2020-08-28",4,"EA",20000,1,80000,4,80000,44070,"결제",44074,0,null,80000,44070,80000,44070,"상신","결재완료",80000,44103,80000,44103]
[1102,1000070069,20,"물품구매(P.P등/천*민)",2045601364,"소모품 pp 등 4종",20,"Z20010337","소모품-P.P(4x120x240) (의지재료) (의지재료)","Z01",456,null,44068,"최종승인",27784,"천성민",44069,301148,"신성메디칼","2020-08-25","2020-09-01",1,"EA",86000,1,86000,1,86000,44069,"결제",44070,0,null,86000,44069,86000,44069,"상신","결재완료",86000,44103,86000,44103]
[1102,1000070088,70,"물품구매(미관형의수-김*곤)",2045601368,"의지상지 미관형의수 등 10종",70,"Z20010611","보조기하지-CEPA (의지재료) (의지재료)","Z01",456,null,44068,"최종승인",9144,"정창희",44069,301263,"성림교역","2020-08-25","2020-09-01",1,"EA",80000,1,80000,1,80000,44069,"결제",44071,0,null,80000,44069,80000,44069,"상신","결재완료",80000,44103,80000,44103]
[1102,1000070104,10,"물품구매(방석-남*진)",2045601372,"욕창예방방석",10,"Z20130024","욕창예방방석공기격자형-커트로 (의지재료) (의지재료)","Z01",456,null,44068,"최종승인",9144,"정창희",44069,305386,"(주) 오토복코리아헬스케어","2020-08-25","2020-09-01",6,"EA",370000,1,2220000,6,2220000,44069,"결제",44071,0,null,2220000,44069,2220000,44069,"상신","결재완료",2220000,44103,2220000,44103]
[1102,1000069988,10,"물품구매 수부 /창원센터",2045601313,"의지상지 미관형의수 등 3종",10,"Z20010367","의지상지-미관형의수실리콘두손 (의지재료) (의지재료)","Z01",456,null,44064,"최종승인",6166,"김현종",44067,300508,"두손의수","2020-08-21","2020-08-28",2,"EA",230000,1,460000,2,460000,44068,"결제",44069,0,null,460000,44068,460000,44068,"상신","결재완료",460000,44103,460000,44103]
[1102,1000069992,20,"물품구매(프로플렉스 외)",2045601356,"시험상용화/토탈니2100 등 3종",20,"Z20050094","하지-토탈니피라미드어댑터 (연구재료) (연구재료)","Z01",456,null,44063,"최종승인",27783,"이미경",44068,301434,"오서코리아주식회사","2020-08-21","2020-08-27",1,"EA",130000,1,130000,1,130000,44068,"결제",44070,0,null,130000,44068,130000,44068,"상신","결재완료",130000,44084,130000,44084]
[1102,1000070000,10,"물품구매(맞춤형 인솔)",2045601355,"시험상용화/맞춤형 인솔",10,"Z20050638","하지-맞춤형 인솔(연구재료) (연구재료)","Z01",456,null,44064,"최종승인",27783,"이미경",44068,301263,"성림교역","2020-08-21","2020-08-28",1,"EA",450000,1,450000,1,450000,44068,"결제",44069,0,null,450000,44068,450000,44068,"상신","결재완료",450000,44084,450000,44084]
[1102,1000070026,10,"물품구매/미관형의수(실리콘)/김*홍/박*수/이*수/조*문",2045601335,"의지상지 미관형의수 등 2종",10,"Z20010367","의지상지-미관형의수실리콘두손 (의지재료) (의지재료)","Z01",456,null,44067,"최종승인",6164,"조성문",44067,300508,"두손의수","2020-08-21","2020-08-31",3,"EA",230000,1,690000,3,690000,44068,"결제",44069,0,null,690000,44068,690000,44068,"상신","결재완료",690000,44103,690000,44103]
[1102,1000069936,10,"물품구매-활동형휠체어/박*섭/고*동/임*은",2045601332,"활동형휠체어",10,"Z20011130","활동형휠체어 - 제니스-X (휠라인)","Z01",456,null,44062,"최종승인",9620,"임성은",44067,308985,"혜성재활사","2020-08-19","2020-08-26",2,"EA",1250000,1,2500000,2,2500000,44067,"결제",44070,0,null,2500000,44067,2500000,44067,"상신","결재완료",2500000,44103,2500000,44103]
[1102,1000069956,10,"물품구매(마그네틱 휠 마운트/세금계산서)",2045601347,"헬스케어/마그네틱 휠 마운트",10,"Z20050765","헬스케어(연구재료)","Z01",456,null,44063,"최종승인",27685,"황석진",44067,304132,"조영승 (상윤산업)","2020-08-20","2020-08-27",25,"EA",12364,1,309100,25,309100,44064,"결제",44070,0,null,309100,44064,309100,44064,"상신","결재완료",0,null,309100,44084]
[1102,1000069897,70,"물품구매(유*열/유*선)",2045601288,"휠체어수리 타이어 등 8종",70,"Z20011249","휠체어수리 - 발걸이조립 KP-31","Z01",456,null,44057,"최종승인",26283,"유재선",44061,301700,"(주)휠로피아","2020-08-14","2020-08-21",1,"EA",75000,1,75000,1,75000,44063,"결제",44069,0,null,75000,44063,75000,44063,"상신","결재완료",75000,44103,75000,44103]
[1102,1000069932,70,"물품구매(의지재료소모품/천*민)",2045601305,"소모품 뒤플렉스 등 12종",70,"Z20010189","소모품-수술용장갑 (의지재료) (의지재료)","Z01",456,null,44062,"최종승인",27784,"천성민",44063,301148,"신성메디칼","2020-08-19","2020-08-26",10,"EA",15000,1,150000,10,150000,44063,"결제",44069,0,null,150000,44063,150000,44063,"상신","결재완료",150000,44103,150000,44103]
[1102,1000069849,10,"물품구매(락장식,에너지발/천*민)",2045601297,"의지하지 락장식 등 2종",10,"Z20010458","의지하지-락장식Bk(대퇴,하퇴겸용) (의지재료) (의지재료)","Z01",456,null,44057,"최종승인",27784,"천성민",44061,302514,"비케이메디텍","2020-08-14","2020-08-21",15,"EA",223000,1,3345000,15,3345000,44062,"결제",44063,0,null,3345000,44062,3345000,44062,"상신","결재완료",3345000,44103,3345000,44103]
[1102,1000069847,20,"물품구매/미관형의수(실리콘)/김*헌/이*순/신*균/김*구/송*우/주*광/박*율/조",2045601282,"의지상지 미관형의수 등 6종",20,"Z20011148","의지상지-미관형의수지(리갈)","Z01",456,null,44056,"최종승인",6164,"조성문",44057,301263,"성림교역","2020-08-13","2020-08-20",1,"EA",150000,1,150000,1,150000,44061,"결제",44068,0,null,150000,44061,150000,44061,"상신","결재완료",150000,44103,150000,44103]
[1102,1000069867,60,"물품구매 의지상하지/창원센터",2045601291,"의지하지 일체형튜브 등 7종",60,"Z20010486","의지하지-발족부외피카바프리덤 (의지재료) (의지재료)","Z01",456,null,44057,"최종승인",8445,"차민국",44061,301263,"성림교역","2020-08-14","2020-08-21",1,"EA",160000,1,160000,1,160000,44061,"결제",44062,0,null,160000,44061,160000,44061,"상신","결재완료",160000,44103,160000,44103]
[1102,1000069872,80,"물품구매(의지재료)전*만",2045601340,"소모품 티렌치 등 10종",80,"Z20010224","소모품-아세톤 (의지재료) (의지재료)","Z01",456,null,44057,"최종승인",6160,"전영만",44067,301148,"신성메디칼","2020-08-14","2020-08-21",10,"EA",5000,1,50000,10,50000,44061,"결제",44070,0,null,50000,44061,50000,44061,"상신","결재완료",50000,44103,50000,44103]
[1102,1000069773,20,"물품구매(퀀텀발 외피외)",2045601267,"시험상용화/퀀텀발 외피 등 4종",20,"Z20050947","퀀텀 스프링 모듈","Z01",456,null,44054,"최종승인",27783,"이미경",44055,301263,"성림교역","2020-08-11","2020-08-18",1,"EA",355000,1,355000,1,355000,44057,"결제",44062,0,null,355000,44057,355000,44057,"상신","결재완료",355000,44068,355000,44068]
[1102,1000069917,50,"물품구매(톱날 등 5건/ 법인카드)",2045601302,"스마트어시스트/톱날 등 5종",50,"Z20050649","스마트어시스트(연구재료) (연구재료)","Z01",456,null,44061,"최종승인",6879,"김용철",44062,516589379,"스마트어시스트-9379","2020-08-14","2020-08-25",10,"EA",330,1,3300,10,3300,44057,"결제",44063,0,null,3300,44057,3300,44057,"상신","결재완료",0,null,3300,44102]
[1102,1000069745,20,"물품구매/실리콘내피(상지,하지)/정*호/김*광/송*우/황*철/조*문",2045601257,"의지하지 실리콘싹스 등 4종",20,"Z20010525","의지하지-실리콘싹스어퍼액스전박용(미국산) (의지재료) (의지재료)","Z01",456,null,44053,"최종승인",6164,"조성문",44054,301434,"오서코리아주식회사","2020-08-11","2020-08-17",1,"EA",340000,1,340000,1,340000,44056,"결제",44057,0,null,340000,44056,340000,44056,"상신","결재완료",340000,44103,340000,44103]
[1102,1000069646,10,"물품구매(욕창예방방석/SM-DUB-003)",2045601218,"시험상용화/욕창예방방석",10,"Z20050341","욕창예방방석SM-DUB-0003(시험) (연구재료)","Z01",456,null,44049,"최종승인",26292,"오혜정",44053,323411,"주식회사씰테크 용인지점","2020-08-06","2020-08-13",1,"EA",230000,1,230000,1,230000,44055,"결제",44062,0,null,230000,44055,230000,44055,"상신","결재완료",230000,44068,230000,44068]
[1102,1000069758,10,"물품구매(욕창예방매트리스/MD-100 TPU3 등 2종)",2045601255,"시험상용화/욕창예방매트리스 등 2종",10,"Z20050943","욕창예방매트리스MD-100-TPU3(시험인증센터)","Z01",456,null,44054,"최종승인",26292,"오혜정",44054,301766,"은혜메디칼","2020-08-11","2020-08-18",1,"EA",350000,1,350000,1,350000,44055,"결제",44062,0,null,350000,44055,350000,44055,"상신","결재완료",350000,44068,350000,44068]
[1102,1000069702,10,"물품구매 의지상지 /창원센터",2045601242,"의지상지 미관형의수 등 2종",10,"Z20010368","의지상지-미관형의수실리콘리갈(외산) (의지재료) (의지재료)","Z01",456,null,44050,"최종승인",6166,"김현종",44053,301263,"성림교역","2020-08-07","2020-08-14",2,"EA",230000,1,460000,2,460000,44054,"결제",44062,0,null,460000,44054,460000,44054,"상신","결재완료",460000,44103,460000,44103]
[1102,1000069709,10,"물품구매/워커(앞바퀴부착)/조*문",2045601246,"소모품 워커앞바퀴",10,"Z20120030","소모품-워커앞바퀴부착 (의지재료) (의지재료)","Z01",456,null,44050,"최종승인",6164,"조성문",44053,320519,"(주) 대세엠케어 대구동영업소","2020-08-07","2020-08-14",3,"EA",23000,1,69000,3,69000,44054,"결제",44057,0,null,69000,44054,69000,44054,"상신","결재완료",69000,44103,69000,44103]
[1102,1000069743,30,"물품구매/실리콘내피(대퇴,하퇴)/장*원/김*동/김*완/권*윤/허*무/김*구/조*문",2045601252,"의지하지 더모웨이브락킹 등 5종",30,"Z20010620","의지하지-3-프롱대퇴회전조절소켓 (의지재료) (의지재료)","Z01",456,null,44053,"최종승인",6164,"조성문",44054,301434,"오서코리아주식회사","2020-08-10","2020-08-17",1,"EA",80000,1,80000,1,80000,44054,"결제",44062,0,null,80000,44054,80000,44054,"상신","결재완료",80000,44103,80000,44103]
[1102,1000069501,10,"물품구매(구동휠 지그제작 등 1건/ 세금계산서)",2045601216,"스마트어시스트/구동휠 지그제작",10,"Z20050649","스마트어시스트(연구재료) (연구재료)","Z01",456,null,44057,"최종승인",6879,"김용철",44053,309507,"미키코리아(주)","2020-07-31","2020-08-21",1,"EA",330000,1,330000,1,330000,44053,"결제",44056,0,null,330000,44053,330000,44053,"상신","결재완료",0,null,330000,44068]
[1102,1000069498,10,"물품구매(수동휠체어/P7005)",2045601208,"시험상용화/수동휠체어",10,"Z20050937","수동휠체어(P7005)(시험인증센터)","Z01",456,null,44043,"최종승인",26292,"오혜정",44053,306977,"(주)대세엠케어 경인지점 (인천)","2020-07-31","2020-08-07",1,"EA",500000,1,500000,1,500000,44048,"결제",44056,0,null,500000,44048,500000,44048,"상신","결재완료",500000,44068,500000,44068]
[1102,1000067764,10,"물품구매(웨어러블 로봇 허리고정부 L사이즈 카본 외골격 등 3건 / 세금계산",2045600731,"외골격로봇/웨어러블 로봇 허리고정부 l사이즈 카본 외골격 등 3종",10,"Z20050807","외골격로봇(연구재료)","Z01",456,null,44036,"최종승인",26892,"권칠용",43977,405295,"(주) 한일하이테크","2020-05-22","2020-07-31",4,"EA",1089000,1,4356000,4,4356000,44041,"결제",44054,0,null,4356000,44041,4356000,44041,"상신","결재완료",0,null,4356000,44068]
[1102,1000069373,20,"기타",2045601187,"소모품 클럿치 등 2종",20,"Z20120417","휠체어수리-팔받이대세(大,中,小 ) (의지재료) (의지재료)","Z01",456,null,44039,"최종승인",26283,"유재선",44040,306977,"(주)대세엠케어 경인지점 (인천)","2020-07-27","2020-08-03",10,"EA",7273,1,72730,10,72730,44041,"결제",44043,0,null,72730,44041,72730,44041,"상신","결재완료",72730,44074,72730,44074]
[1102,1000069414,50,"물품구매(단축발-오*식)",2045601190,"의지하지 단축발발목장식 등 6종",50,"Z20010104","소모품-대퇴용스타킹 (의지재료) (의지재료)","Z01",456,null,44040,"최종승인",9144,"정창희",44041,305386,"(주) 오토복코리아헬스케어","2020-07-28","2020-08-04",10,"EA",11000,1,110000,10,110000,44041,"결제",44043,0,null,110000,44041,110000,44041,"상신","결재완료",110000,44074,110000,44074]
[1102,1000069240,10,"물품구매(휠체어)",2045601128,"휠체어꺽기형 등 2종",10,"Z20120055","휠체어꺽기형-미라지7일반형미키 (의지재료) (의지재료)","Z01",456,null,44034,"최종승인",6154,"김순종",44035,301882,"미키메디칼","2020-07-22","2020-07-29",3,"EA",440000,1,1320000,3,1320000,44040,"결제",44043,0,null,1320000,44040,1320000,44040,"상신","결재완료",1320000,44074,1320000,44074]
[1102,1000069262,10,"물푸구매-매트리스",2045601131,"욕창예방매트리스",10,"Z20130055","욕창예방매트리스-Md-100 TPU3","Z01",456,null,44034,"최종승인",6154,"김순종",44035,301766,"은혜메디칼","2020-07-22","2020-07-29",1,"EA",350000,1,350000,1,350000,44040,"결제",44043,0,null,350000,44040,350000,44040,"상신","결재완료",350000,44074,350000,44074]
[1102,1000069334,10,"물품구매 의지하지/창원센터",2045601172,"의지하지 폼카바하퇴용",10,"Z20010557","의지하지-폼카바하퇴용대만(대만산) (의지재료) (의지재료)","Z01",456,null,44036,"최종승인",8445,"차민국",44039,301263,"성림교역","2020-07-24","2020-07-31",10,"EA",53000,1,530000,10,530000,44040,"결제",44043,0,null,530000,44040,530000,44040,"상신","결재완료",530000,44074,530000,44074]
[1102,1000069339,30,"물품구매-의지하지/임*은",2045601170,"신형단축발 등 3종",30,"Z20010533","의지하지-실리콘싹스코니칼+스텐다드대퇴용(미국산) (의지재료) (의지재료)","Z01",456,null,44036,"최종승인",9620,"임성은",44039,301434,"오서코리아주식회사","2020-07-24","2020-07-31",2,"EA",500000,1,1000000,2,1000000,44040,"결제",44043,0,null,1000000,44040,1000000,44040,"상신","결재완료",1000000,44074,1000000,44074]
[1102,1500033607,10,"물품구매(사무용품 1SET)",2045601098,"돌봄로봇평가/사무용품 20종",10,null,"사무용품 1SET","Z06",456,null,44034,"최종승인",26292,"오혜정",44035,303191,"인성","2020-07-22","2020-07-29",1,"EA",365900,1,365900,1,365900,44040,"결제",44041,0,null,365900,44040,365900,44040,"상신","결재완료",0,null,365900,44053]
[1102,1000069248,10,"물품구매(욕창예방매트리스)",2045601142,"욕창예방매트리스",10,"Z20130007","욕창예방매트리스교대부양형-Ad1200tube(860x2000x110mm)","Z01",456,null,44034,"최종승인",27783,"이미경",44036,303862,"(주) 영원메디칼","2020-07-22","2020-07-29",1,"EA",287000,1,287000,1,287000,44039,"결제",44041,0,null,287000,44039,287000,44039,"상신","결재완료",287000,44074,287000,44074]
[1102,1500033680,10,"운영지원부 명패및 명함 제작",2045601197,"명함 등 3종",10,null,"명함 3건","Z06",456,null,44039,"최종승인",4752,"이은아",44041,303142,"이삭광고","2020-07-27","2020-07-31",1,"EA",36000,1,36000,1,36000,44039,"결제",44043,0,null,36000,44039,36000,44039,"상신","결재완료",36000,44053,36000,44053]
[1102,1000069208,50,"물품구매(보조기-이*주 외/양*호)",2045601125,"보조기척추 등 5종",50,"Z20010611","보조기하지-CEPA (의지재료) (의지재료)","Z01",456,null,44033,"최종승인",27264,"양철호",44035,301263,"성림교역","2020-07-21","2020-07-28",1,"EA",80000,1,80000,1,80000,44036,"결제",44039,0,null,80000,44036,80000,44036,"상신","결재완료",80000,44074,80000,44074]
[1102,1000069113,10,"물품구매(카본브레이드 등 1건/ 세금계산서)",2045601080,"골유착임플란트/카본 브레이드",10,"Z20050686","골유착임플란트(연구재료)","Z01",456,null,44028,"최종승인",28673,"전경진",44029,320868,"주식회사 온써지칼","2020-07-16","2020-07-23",3,"EA",626175,1,1878525,3,1878525,44035,"결제",44039,0,null,1878525,44035,1878525,44035,"상신","결재완료",0,null,1878525,44053]
[1102,1300012499,10,"인버터 급수펌프 압력탱크 긴급수리",2045800044,"인버터 급수펌프 압력탱크 긴급수리",10,null,"인버터 급수펌프 압력탱크 긴급수리","Z04",458,null,44034,"최종승인",28101,"김형국",44035,313036,"(주) 세고산업","2020-07-22","2020-07-31",1,"식",1000000,1,1000000,1,1000000,44035,"결제",44042,0,null,1000000,44035,1000000,44035,"상신","결재완료",1000000,44053,1000000,44053]
[1102,1000069125,40,"물품구매(호스머엘보 외)",2045601086,"시험상용화/호스머 엘보 등 6종",40,"Z20050062","상지-반자동의수 (연구재료) (연구재료)","Z01",456,null,44029,"최종승인",27783,"이미경",44032,301263,"성림교역","2020-07-17","2020-07-24",2,"EA",419000,1,838000,2,838000,44034,"결제",44039,0,null,838000,44034,838000,44034,"상신","결재완료",838000,44053,838000,44053]
[1102,1000069174,20,"물품구매(황*중/유*선)",2045601107,"휠체어침대형 등 2종",20,"Z20120661","소모품-휠체어 멀티트레이(대세)","Z01",456,null,44032,"최종승인",26283,"유재선",44035,306977,"(주)대세엠케어 경인지점 (인천)","2020-07-20","2020-07-27",1,"EA",45455,1,45455,1,45455,44034,"결제",44039,0,null,45455,44034,45455,44034,"상신","결재완료",45455,44074,45455,44074]
[1102,1000069146,20,"물품구매 방석 류*형, 휠체어 이*철 /창원센터",2045601090,"욕창예방방석 등 2종",20,"Z20120641","활동형휠체어- 노바제로 A타입 (티오엠)","Z01",456,null,44029,"최종승인",6166,"김현종",44032,324832,"주식회사 이레엠케어","2020-07-17","2020-07-24",1,"EA",950000,1,950000,1,950000,44033,"결제",44039,0,null,950000,44033,950000,44033,"상신","결재완료",950000,44074,950000,44074]
[1102,1000069150,20,"물품구매(의지하지-윤*아 외4명/김*선)",2045601116,"의지하지 발트리아스 등 5종",20,"Z20011061","의지하지-대퇴용회전조절소켓어댑터(티탄)(독일)","Z01",456,null,44029,"최종승인",6675,"김훈선",44035,305386,"(주) 오토복코리아헬스케어","2020-07-17","2020-07-24",2,"EA",163000,1,326000,2,326000,44033,"결제",44039,0,null,326000,44033,326000,44033,"상신","결재완료",326000,44074,326000,44074]
[1102,1000069035,10,"물품구매(LCD제어개발보드/세금계산서)",2045601070,"스마트어시스트/LCD제어 개발보드",10,"Z20050649","스마트어시스트(연구재료) (연구재료)","Z01",456,null,44046,"최종승인",11512,"남기태",44027,327101,"블랭크 (BlANK)","2020-07-13","2020-08-10",1,"EA",330000,1,330000,1,330000,44032,"결제",44039,0,null,330000,44032,330000,44032,"상신","결재완료",0,null,330000,44053]
[1102,1000069059,30,"물품구매-휠체어수리/임*은",2045601075,"휠체어수리 타이어 등 5종",30,"Z20120205","휠체어수리-브레이크활동형미키(활동형) (의지재료) (의지재료)","Z01",456,null,44027,"최종승인",9620,"임성은",44028,309507,"미키코리아(주)","2020-07-15","2020-07-22",10,"EA",22000,1,220000,10,220000,44032,"결제",44039,0,null,220000,44032,220000,44032,"상신","결재완료",220000,44074,220000,44074]
[1102,1300012451,10,"샤워장 타일보수 및 방재실 방충망 설치",2045800042,"샤워장 타일보수 및 방재실 방충망 설치",10,null,"샤워장 타일보수 및 방재실 방충망 설치","Z04",458,null,44025,"최종승인",28101,"김형국",44025,324726,"예향건설 주식회사","2020-07-13","2020-07-31",1,"식",600000,1,600000,1,600000,44029,"결제",44039,0,null,600000,44029,600000,44029,"상신","결재완료",600000,44053,600000,44053]
[1102,1000068992,10,"기타",2045601058,"휠체어수리 배터리 등 4종",10,"Z20120616","휠체어수리-배터리(12V62AH) (의지재료)","Z01",456,null,44025,"최종승인",26283,"유재선",44025,301700,"(주)휠로피아","2020-07-13","2020-07-20",6,"EA",105000,1,630000,6,630000,44027,"결제",44032,0,null,630000,44027,630000,44027,"상신","결재완료",630000,44074,630000,44074]
[1102,1000068607,10,"물품구매(프로그래머 등 2종/세금계산서)",2045600975,"스마트어시스트/프로그래머 등 2종",10,"Z20050649","스마트어시스트(연구재료) (연구재료)","Z01",456,null,44036,"최종승인",6363,"홍응표",44011,320015,"(주)케이엔에이치","2020-06-26","2020-07-31",1,"EA",1034000,1,1034000,1,1034000,44026,"결제",44029,0,null,1034000,44026,1034000,44026,"상신","결재완료",0,null,1034000,44036]
[1102,1000068966,10,"물품구매 방석 /창원센터",2045601046,"욕창예방방석",10,"Z20130029","욕창예방방석공기격자형-Smdub0003(8x9x5) (의지재료) (의지재","Z01",456,null,44025,"최종승인",6166,"김현종",44022,323411,"주식회사씰테크 용인지점","2020-07-10","2020-07-20",5,"EA",230000,1,1150000,5,1150000,44026,"결제",44027,0,null,1150000,44026,1150000,44026,"상신","결재완료",1150000,44074,1150000,44074]
[1102,1000068995,50,"물품구매(종이컵 외)",2045601059,"골유착임플란트/종이컵 등 6종",50,"Z20050686","골유착임플란트(연구재료)","Z01",456,null,44025,"최종승인",6146,"차국찬",44025,322296,"위랩","2020-07-07","2020-07-20",1,"EA",63800,1,63800,1,63800,44026,"결제",44028,0,null,63800,44026,63800,44026,"상신","결재완료",0,null,63800,44036]
[1102,1000069003,120,"물품구매(의지재료소모품/천*민)",2045601061,"소모품 석고소석고 등 13종",120,"Z20010139","소모품-박스포장용테이프(6cm) (의지재료) (의지재료)","Z01",456,null,44025,"최종승인",27784,"천성민",44026,301148,"신성메디칼","2020-07-13","2020-07-20",20,"EA",1000,1,20000,20,20000,44026,"결제",44027,0,null,20000,44026,20000,44026,"상신","결재완료",20000,44074,20000,44074]
[1102,1000069005,80,"물품구매(반자동의수등/천*민)",2045601063,"의지상지 반자동의수 등 8종",80,"Z20010377","의지상지-상박관절장식키트형(외산) (의지재료) (의지재료)","Z01",456,null,44025,"최종승인",27784,"천성민",44026,305386,"(주) 오토복코리아헬스케어","2020-07-13","2020-07-20",3,"EA",275000,1,825000,3,825000,44026,"결제",44028,0,null,825000,44026,825000,44026,"상신","결재완료",825000,44074,825000,44074]
[1102,1000068939,10,"물품구매(미관형의수/손*지)",2045601030,"의지상지 미관형의수",10,"Z20010368","의지상지-미관형의수실리콘리갈(외산) (의지재료) (의지재료)","Z01",456,null,44020,"최종승인",28716,"손민지",44021,301263,"성림교역","2020-07-08","2020-07-15",2,"EA",230000,1,460000,2,460000,44025,"결제",44027,0,null,460000,44025,460000,44025,"상신","결재완료",460000,44074,460000,44074]
[1102,1000068837,90,"물품구매(전자파 차단제 등 9건/세근계산서)",2045601006,"골유착임플란트/전자파 차단제 등 9종",90,"Z20050686","골유착임플란트(연구재료)","Z01",456,null,44028,"최종승인",27962,"김승기",44018,312883,"(주) 엔티렉스","2020-07-06","2020-07-24",5,"EA",2673,1,13365,5,13365,44022,"결제",44026,0,null,13365,44022,13365,44022,"상신","결재완료",0,null,13365,44036]
[1102,1000068872,10,"물품구매(의지재료/천*민)",2045601024,"의지하지 대퇴무릎장식 등 4종",10,"Z20010445","의지하지-대퇴무릎장식Bk공압식(4절공압식) (의지재료) (의지재료)","Z01",456,null,44019,"최종승인",27784,"천성민",44020,302514,"비케이메디텍","2020-07-07","2020-07-14",4,"EA",777000,1,3108000,4,3108000,44021,"결제",44022,0,null,3108000,44021,3108000,44021,"상신","결재완료",3108000,44074,3108000,44074]
[1102,1000068789,10,"물품구매 의지하지/창원센터",2045601000,"의지하지 실리콘싹스",10,"Z20010507","의지하지-실리콘싹스국산(국산) (의지재료) (의지재료)","Z01",456,null,44015,"최종승인",8445,"차민국",44018,323203,"코스텍","2020-07-03","2020-07-10",10,"EA",120000,1,1200000,10,1200000,44019,"결제",44020,0,null,1200000,44019,1200000,44019,"상신","결재완료",1200000,44074,1200000,44074]
[1102,1000068802,30,"물품구매 의지상하지/창원센터",2045600997,"의지하지 일체형튜브 등 6종",30,"Z20010075","의지하지-클램프알미늄(알미늄) (의지재료) (의지재료)","Z01",456,null,44015,"최종승인",8445,"차민국",44018,301263,"성림교역","2020-07-03","2020-07-10",10,"EA",39000,1,390000,10,390000,44019,"결제",44020,0,null,390000,44019,390000,44019,"상신","결재완료",390000,44074,390000,44074]
[1102,1000068828,50,"물품구매(이*희/유*선)",2045600985,"활동형휠체어 등 10종",50,"Z20120404","휠체어수리-튜브좁은것휠로피아(8x11/4in) (의지재료) (의지재료)","Z01",456,null,44015,"최종승인",26283,"유재선",44018,301700,"(주)휠로피아","2020-07-03","2020-07-10",10,"EA",4500,1,45000,10,45000,44019,"결제",44025,0,null,45000,44019,45000,44019,"상신","결재완료",45000,44074,45000,44074]
[1102,1000068853,10,"물품구매(접시머리 일반피스 외 6종 등 1건/법인카드)",2045601027,"외골격로봇/접시머리 일반피스 등 6종",10,"Z20050807","외골격로봇(연구재료)","Z01",456,null,44036,"최종승인",26892,"권칠용",44020,516525410,"외골격로봇-5410","2020-07-06","2020-07-31",1,"EA",567400,1,567400,1,567400,44018,"결제",44039,0,null,567400,44018,567400,44018,"상신","결재완료",0,null,567400,44039]
[1102,1000068457,10,"물품구매(RTV-3040)",2045600901,"골유착임플란트/rtv 3040",10,"Z20050686","골유착임플란트(연구재료)","Z01",456,null,44004,"최종승인",6146,"차국찬",44004,324848,"(주) 일범","2020-06-22","2020-07-31",2,"EA",1056000,2,1056000,2,1056000,44014,"결제",44018,0,null,1056000,44014,1056000,44014,"상신","결재완료",0,null,1056000,44022]
[1102,1000068471,10,"물품구매(타코메타(회전계) 등 2건/세금계산서)",2045600964,"헬스케어/타코메타 등 2종",10,"Z20050765","헬스케어(연구재료)","Z01",456,null,44035,"최종승인",27685,"황석진",44007,327517,"영광사이언스","2020-06-22","2020-07-30",1,"EA",77000,1,77000,1,77000,44013,"결제",44018,0,null,77000,44013,77000,44013,"상신","결재완료",0,null,77000,44022]
[1102,1000068520,40,"물품구매/무릎관절장식/실리콘내피(대퇴,하퇴)/신*철/김*관/이*섭/강*호/조*",2045600956,"의지하지 더모웨이브락킹 등 5종",40,"Z20010659","의지하지-토탈니신전보조스프링 (의지재료) (의지재료)","Z01",456,null,44006,"최종승인",6164,"조성문",44007,301434,"오서코리아주식회사","2020-06-24","2020-07-01",1,"EA",98000,1,98000,1,98000,44008,"결제",44011,0,null,98000,44008,98000,44008,"상신","결재완료",98000,44043,98000,44043]
[1102,1000068554,20,"물품구매 수부 /창원센터",2045600958,"의지상지 미관형의수 등 3종",20,"Z20010372","의지상지-미관형의수지실리콘 (의지재료) (의지재료)","Z01",456,null,44006,"최종승인",6166,"김현종",44007,300508,"두손의수","2020-06-24","2020-07-01",5,"EA",65000,1,325000,5,325000,44008,"결제",44011,0,null,325000,44008,325000,44008,"상신","결재완료",325000,44043,325000,44043]
[1102,1000068560,10,"물품구매(유*민/유*선)",2045600942,"일반형휠체어",10,"Z20120652","일반형휠체어-SMART-cpu(24D)우리체어메디칼","Z01",456,null,44006,"최종승인",26283,"유재선",44007,324470,"우리체어메디칼","2020-06-24","2020-07-01",1,"EA",450000,1,450000,1,450000,44008,"결제",44011,0,null,450000,44008,450000,44008,"상신","결재완료",450000,44043,450000,44043]
[1102,1000068474,10,"물품구매(맞춤형 인솔)",2045600931,"시험상용화/맞춤형인솔 등 3종",10,"Z20050638","하지-맞춤형 인솔(연구재료) (연구재료)","Z01",456,null,44004,"최종승인",27783,"이미경",44006,301263,"성림교역","2020-06-22","2020-06-29",2,"EA",350000,1,700000,2,700000,44007,"결제",44008,0,null,700000,44007,700000,44007,"상신","결재완료",700000,44022,700000,44022]
[1102,1000068493,80,"물품구매(의지부품/천*민)",2045600960,"의지하지 실리콘싹스 등 8종",80,"Z20011237","보조기하지-폼핏 니 랩어라운드(미국산)","Z01",456,null,44005,"최종승인",27784,"천성민",44007,301434,"오서코리아주식회사","2020-06-23","2020-06-30",1,"EA",59000,1,59000,1,59000,44007,"결제",44011,0,null,59000,44007,59000,44007,"상신","결재완료",59000,44043,59000,44043]
[1102,1000068564,30,"물품구매-욕창방석외2종/임*은",2045600943,"욕창예방방석 등 3종",30,"Z20010369","의지상지-미관형의수전자글러브레진(외산) (의지재료) (의지재료)","Z01",456,null,44006,"최종승인",9620,"임성은",44007,305386,"(주) 오토복코리아헬스케어","2020-06-24","2020-07-01",1,"EA",162000,1,162000,1,162000,44007,"결제",44012,0,null,162000,44007,162000,44007,"상신","결재완료",162000,44043,162000,44043]
[1102,1000068498,10,"물품구매(방석)",2045600937,"욕창예방방석",10,"Z20130029","욕창예방방석공기격자형-Smdub0003(8x9x5) (의지재료) (의지재","Z01",456,null,44005,"최종승인",9144,"정창희",44006,323411,"주식회사씰테크 용인지점","2020-06-23","2020-06-30",5,"EA",230000,1,1150000,5,1150000,44006,"결제",44012,0,null,1150000,44006,1150000,44006,"상신","결재완료",1150000,44043,1150000,44043]
[1102,1000068521,30,"물품구매(집뇨기)",2045600935,"집뇨기유린백 등 3종",30,"Z20120392","휠체어수리-튜브일반형휠로피아(24x13/8in) (의지재료) (의지재료)","Z01",456,null,44005,"최종승인",9144,"정창희",44006,301700,"(주)휠로피아","2020-06-23","2020-06-30",10,"EA",4400,1,44000,10,44000,44006,"결제",44012,0,null,44000,44006,44000,44006,"상신","결재완료",44000,44043,44000,44043]
[1102,1000068319,10,"물품구매(제어기 회로 디버깅 및 센서 측정 셋트 1건/세금계산서)",2045600940,"골유착임플란트/little hand 손가락 마디 제작",10,"Z20050686","골유착임플란트(연구재료)","Z01",456,null,44021,"최종승인",11511,"이희태",44006,313051,"(주) 엘레파츠","2020-06-16","2020-07-16",1,"EA",510950,1,510950,1,510950,44005,"결제",44011,0,null,510950,44005,510950,44005,"상신","결재완료",0,null,510950,44022]
[1102,1000068427,10,"물품구매 의지하지 김*수 외 /창원센터",2045600912,"의지하지 실리콘싹스 등 2종",10,"Z20010526","의지하지-실리콘싹스이지락킹(미국산) (의지재료) (의지재료)","Z01",456,null,44001,"최종승인",6166,"김현종",44005,301263,"성림교역","2020-06-19","2020-06-26",1,"EA",330000,1,330000,1,330000,44005,"결제",44006,0,null,330000,44005,330000,44005,"상신","결재완료",330000,44043,330000,44043]
[1102,1000068444,30,"물품구매(미관형의수/천*민)",2045600919,"의지상지 미관형의수 등 3종",30,"Z20010838","의지하지-미관형족지레진(두손) (의지재료)","Z01",456,null,44004,"최종승인",27784,"천성민",44005,300508,"두손의수","2020-06-22","2020-06-29",1,"EA",90000,1,90000,1,90000,44005,"결제",44006,0,null,90000,44005,90000,44005,"상신","결재완료",90000,44043,90000,44043]
[1102,1000068370,110,"물품구매(Taleo외)",2045600878,"시험상용화/tube clamp adapter 등 11종",110,"Z20050923","Tube Adapter (10 degrees)","Z01",456,null,43999,"최종승인",27783,"이미경",44000,305386,"(주) 오토복코리아헬스케어","2020-06-17","2020-06-24",1,"EA",243000,1,243000,1,243000,44004,"결제",44006,0,null,243000,44004,243000,44004,"상신","결재완료",243000,44007,243000,44007]
[1102,1000068371,40,"물품구매(액션발외)",2045600879,"시험상용화/액션발 등 4종",40,"Z20050279","하지-트리톤 (연구재료)","Z01",456,null,43999,"최종승인",27783,"이미경",44000,305386,"(주) 오토복코리아헬스케어","2020-06-17","2020-06-24",1,"EA",1870000,1,1870000,1,1870000,44004,"결제",44006,0,null,1870000,44004,1870000,44004,"상신","결재완료",1870000,44007,1870000,44007]
[1102,1500033125,20,"인도 보도블럭 보수 자재구입",2045800037,"보도블럭 보수 자재 구입",20,null,"모레(강사 2.5t)","Z06",458,null,43998,"최종승인",6176,"김상수",43999,324726,"예향건설 주식회사","2020-06-16","2020-06-30",1,"개",200000,1,200000,1,200000,44000,"결제",44005,0,null,200000,44000,200000,44000,"상신","결재완료",200000,44007,200000,44007]
[1102,1500033125,50,"인도 보도블럭 보수 자재구입",2045800037,"보도블럭 보수 자재 구입",50,null,"다이아몬드 날(4\")","Z06",458,null,43998,"최종승인",6176,"김상수",43999,324726,"예향건설 주식회사","2020-06-16","2020-06-30",1,"개",28000,1,28000,1,28000,44000,"결제",44005,0,null,28000,44000,28000,44000,"상신","결재완료",28000,44007,28000,44007]
[1102,1000068271,60,"기타",2045600845,"휠체어수리 배터리 등 8종",60,"Z20120542","휠체어수리-휠체어튜브-전동용 9' 휠로피아 (의지재료) (의지재료)","Z01",456,null,43994,"최종승인",26283,"유재선",43997,301700,"(주)휠로피아","2020-06-12","2020-06-19",5,"EA",6000,1,30000,5,30000,43999,"결제",44007,0,null,30000,43999,30000,43999,"상신","결재완료",30000,44043,30000,44043]
[1102,1000068290,30,"물품구매/의지재료(소모품)/조*문",2045600871,"소모품 썰린 등 13종",30,"Z20010292","소모품-파우다(백색분말) (의지재료) (의지재료)","Z01",456,null,43997,"최종승인",6164,"조성문",43999,301148,"신성메디칼","2020-06-15","2020-06-22",2,"EA",20800,1,41600,2,41600,43999,"결제",44004,0,null,41600,43999,41600,43999,"상신","결재완료",41600,44043,41600,44043]
[1102,1000068381,40,"물품구매(라즈베리파이 등 8건/ 법인카드)",2045600882,"스마트어시스트/라즈베리파이 등 8종",40,"Z20050649","스마트어시스트(연구재료) (연구재료)","Z01",456,null,44020,"최종승인",11512,"남기태",44001,516589379,"스마트어시스트-9379","2020-06-17","2020-07-15",2,"EA",4070,1,8140,2,8140,43999,"결제",44005,0,null,8140,43999,8140,43999,"상신","결재완료",0,null,8140,44039]
[1102,1000068260,10,"물품구매 의지상하지/창원센터",2045600858,"의지하지 알프스유니버셜마운팅플레이 등 6종",10,"Z20010837","의지하지-알프스유니버셜마운팅플레이트(성림) (의지재료)","Z01",456,null,43994,"최종승인",8445,"차민국",43997,301263,"성림교역","2020-06-12","2020-06-19",10,"EA",33000,1,330000,10,330000,43998,"결제",44000,0,null,330000,43998,330000,43998,"상신","결재완료",330000,44043,330000,44043]
[1102,1000068270,50,"물품구매(의지재료/천*민)",2045600865,"소모품 뒤플렉스 등 14종",50,"Z20010095","소모품-나이론낙하산줄(낙하산줄) (의지재료) (의지재료)","Z01",456,null,43997,"최종승인",27784,"천성민",43998,301148,"신성메디칼","2020-06-15","2020-06-22",2,"EA",40000,1,80000,2,80000,43998,"결제",44000,0,null,80000,43998,80000,43998,"상신","결재완료",80000,44043,80000,44043]
[1102,1000068180,30,"물품구매(의지하지-최*규,김*형,김*광/김*선)",2045600830,"하지의지 발프리덤 등 4종",30,"Z20010397","의지상지-작업의수후크알미늄호스머(미국산) (의지재료) (의지재료)","Z01",456,null,43992,"최종승인",6675,"김훈선",43993,301263,"성림교역","2020-06-10","2020-06-17",1,"EA",520000,1,520000,1,520000,43997,"결제",44001,0,null,520000,43997,520000,43997,"상신","결재완료",520000,44043,520000,44043]
[1102,1000068225,10,"물품구매(태백중앙병원)전*만",2045600875,"소모품 알무늄클럿치",10,"Z20120016","소모품-알무늄클럿치(大,中,小) (의지재료) (의지재료)","Z01",456,null,43993,"최종승인",6160,"전영만",44000,305283,"(주)부림메디칼","2020-06-11","2020-06-18",20,"EA",4450,1,89000,20,89000,43997,"결제",44012,0,null,89000,43997,89000,43997,"상신","결재완료",89000,44043,89000,44043]
[1102,1000068183,70,"물품구매/의지재료/",2045600836,"의지상지 작업의수후크 등 8종",70,"Z20010368","의지상지-미관형의수실리콘리갈(외산) (의지재료) (의지재료)","Z01",456,null,43992,"최종승인",6164,"조성문",43993,301263,"성림교역","2020-06-10","2020-06-17",2,"EA",230000,1,460000,2,460000,43994,"결제",43998,0,null,460000,43994,460000,43994,"상신","결재완료",460000,44043,460000,44043]
[1102,1000067927,10,"물품구매(휠체어충전기/ 세금계산서)",2045600760,"휠체어트래커/휠체어충전기",10,"Z20050738","휠체어트래커(연구재료)","Z01",456,null,44015,"최종승인",11512,"남기태",43983,319888,"트리송","2020-05-29","2020-07-10",12,"EA",25300,1,303600,12,303600,43992,"결제",43998,0,null,303600,43992,303600,43992,"상신","결재완료",0,null,303600,44007]
[1102,1000068075,10,"물품구매/휠체어(활동형)/오*윤/조*문",2045600814,"활동형휠체어",10,"Z20120641","활동형휠체어- 노바제로 A타입 (티오엠)","Z01",456,null,43987,"최종승인",6164,"조성문",43991,325322,"썬메디테크","2020-06-05","2020-06-12",1,"EA",950000,1,950000,1,950000,43991,"결제",43992,0,null,950000,43991,950000,43991,"상신","결재완료",950000,44043,950000,44043]
[1102,1000068097,30,"물품구매 휠체어 김*일,김*숙,박*흠 /창원센터",2045600811,"활동형휠체어 등 6종",30,"Z20120054","휠체어꺽기형-미라지7분리형미키 (의지재료) (의지재료)","Z01",456,null,43987,"최종승인",6166,"김현종",43991,309507,"미키코리아(주)","2020-06-05","2020-06-12",1,"EA",540000,1,540000,1,540000,43991,"결제",43993,0,null,540000,43991,540000,43991,"상신","결재완료",540000,44043,540000,44043]
[1102,1000068101,10,"물품구매(이*열/유*선)",2045600802,"활동형휠체어",10,"Z20011130","활동형휠체어 - 제니스-X (휠라인)","Z01",456,null,43987,"최종승인",26283,"유재선",43990,325857,"주식회사 엠코리아토탈서비스","2020-06-05","2020-06-12",1,"EA",1250000,1,1250000,1,1250000,43991,"결제",43992,0,null,1250000,43991,1250000,43991,"상신","결재완료",1250000,44043,1250000,44043]
[1102,1000068104,30,"기타",2045600800,"소모품 알무늄클럿치 등 3종",30,"Z20120661","소모품-휠체어 멀티트레이(대세)","Z01",456,null,43987,"최종승인",26283,"유재선",43990,306977,"(주)대세엠케어 경인지점 (인천)","2020-06-05","2020-06-12",1,"EA",45455,1,45455,1,45455,43991,"결제",43992,0,null,45455,43991,45455,43991,"상신","결재완료",45455,44043,45455,44043]
[1102,1000068051,20,"물품구매(의지재료/천*민)",2045600781,"의지상지 미관형의수 등 3종",20,"Z20010073","보조기하지-크렌작장식일산 (의지재료) (의지재료)","Z01",456,null,43986,"최종승인",27784,"천성민",43987,301263,"성림교역","2020-06-04","2020-06-11",3,"EA",130000,1,390000,3,390000,43990,"결제",43993,0,null,390000,43990,390000,43990,"상신","결재완료",390000,44043,390000,44043]
[1102,1000068154,40,"물품구매/의지재료/곽*락/노*승/양*수/김*환/양*열/임*근/김*현/이*석/조*문",2045600825,"의지하지 흡입밸브 등 10종",40,"Z20010444","의지하지-대퇴무릎장식토탈니유압식(미국산) (의지재료) (의지재료)","Z01",456,null,43991,"최종승인",6164,"조성문",43992,301434,"오서코리아주식회사","2020-06-04","2020-06-16",1,"EA",2870000,1,2870000,1,2870000,43990,"결제",43993,0,null,2870000,43990,2870000,43990,"상신","결재완료",2870000,44043,2870000,44043]
[1102,1500032951,160,"청소용품(점보롤 외15종",2045800035,"청소용품 16종",160,null,"우산비닐(대)","Z06",458,null,43986,"최종승인",6176,"김상수",43986,313863,"주식회사 꿈이있는일터","2020-06-04","2020-06-30",1,"BOX",16000,1,16000,1,16000,43990,"결제",43997,0,null,16000,43990,16000,43990,"상신","결재완료",16000,44007,16000,44007]
[1102,1000067948,20,"물품구매(의지재료/천*민)",2045600763,"의지하지 실리콘싹스 등 3종",20,"Z20010525","의지하지-실리콘싹스어퍼액스전박용(미국산) (의지재료) (의지재료)","Z01",456,null,43983,"최종승인",27784,"천성민",43985,301434,"오서코리아주식회사","2020-06-01","2020-06-08",1,"EA",340000,1,340000,1,340000,43986,"결제",43991,0,null,340000,43986,340000,43986,"상신","결재완료",340000,44043,340000,44043]
[1102,1000067926,10,"물품구매(LCD/ 세금계산서)",2045600758,"스마트어시스트/lcd",10,"Z20050649","스마트어시스트(연구재료) (연구재료)","Z01",456,null,44008,"최종승인",11512,"남기태",43983,319888,"트리송","2020-05-29","2020-07-03",1,"EA",130900,1,130900,1,130900,43985,"결제",43986,0,null,130900,43985,130900,43985,"상신","결재완료",0,null,130900,43992]
[1102,1000067707,10,"물품구매(Socket adapter 장치)",2045600705,"직무지원/socket adapter 장치",10,"Z20050113","직무지원 연구재료 (연구재료) (연구재료)","Z01",456,null,43997,"최종승인",27961,"홍범기",43976,320288,"(주) 민성정밀","2020-05-21","2020-06-20",1,"EA",2100000,1,2100000,1,2100000,43983,"결제",43985,0,null,2100000,43983,2100000,43983,"상신","결재완료",2100000,43992,2100000,43992]
[1102,1000067794,10,"물품구매(권*달)전*만",2045600741,"의지하지 대퇴무릎장식",10,"Z20010445","의지하지-대퇴무릎장식Bk공압식(4절공압식) (의지재료) (의지재료)","Z01",456,null,43976,"최종승인",6160,"전영만",43978,302514,"비케이메디텍","2020-05-25","2020-06-01",1,"EA",777000,1,777000,1,777000,43979,"결제",43980,0,null,777000,43979,777000,43979,"상신","결재완료",777000,44012,777000,44012]
[1102,1000067852,50,"물품구매(실리콘라이너-김*성)",2045600743,"의지하지 실리콘싹스 등 5종",50,"Z20010373","의지상지-반자동의수(독일산) (의지재료) (의지재료)","Z01",456,null,43978,"최종승인",9144,"정창희",43979,305386,"(주) 오토복코리아헬스케어","2020-05-27","2020-06-03",1,"EA",363000,1,363000,1,363000,43979,"결제",43980,0,null,363000,43979,363000,43979,"상신","결재완료",363000,44012,363000,44012]
[1102,1000067407,10,"물품구매(K-Leg cylinder 제작/세금계산서)",2045600614,"직무지원/k leg cylinder 제작",10,"Z20050113","직무지원 연구재료 (연구재료) (연구재료)","Z01",456,null,43980,"최종승인",26891,"박진국",43959,324705,"주식회사 신성텍","2020-05-07","2020-06-05",2,"EA",3350000,1,6700000,2,6700000,43978,"결제",43985,0,null,6700000,43978,6700000,43978,"상신","결재완료",6700000,43992,6700000,43992]
[1102,1000067695,10,"물품구매-상지(김*종)",2045600692,"의지상지 미관형의수",10,"Z20010369","의지상지-미관형의수전자글러브레진(외산) (의지재료) (의지재료)","Z01",456,null,43972,"최종승인",6154,"김순종",43972,305386,"(주) 오토복코리아헬스케어","2020-05-21","2020-05-28",1,"EA",162000,1,162000,1,162000,43977,"결제",43978,0,null,162000,43977,162000,43977,"상신","결재완료",162000,44012,162000,44012]
[1102,1000067749,30,"물품구매 수부 /창원센터",2045600727,"의지상지 미관형의수 등 3종",30,"Z20010362","의지상지-미관형발족부레진 (의지재료) (의지재료)","Z01",456,null,43973,"최종승인",6166,"김현종",43977,300508,"두손의수","2020-05-22","2020-05-29",2,"EA",90000,1,180000,2,180000,43977,"결제",43978,0,null,180000,43977,180000,43977,"상신","결재완료",180000,44012,180000,44012]
[1102,1000067762,10,"물품구매-의지상지/이*열/임*은",2045600714,"의지상지 미관형의수",10,"Z20010372","의지상지-미관형의수지실리콘 (의지재료) (의지재료)","Z01",456,null,43973,"최종승인",9620,"임성은",43976,300508,"두손의수","2020-05-22","2020-05-29",1,"EA",65000,1,65000,1,65000,43977,"결제",43979,0,null,65000,43977,65000,43977,"상신","결재완료",65000,44012,65000,44012]
[1102,1000067741,10,"물품구매(의지재료/천*민)",2045600703,"의지하지 단축발알리늄세트 등 3종",10,"Z20010424","의지하지-단축발알미늄세트(중국산) (의지재료) (의지재료)","Z01",456,null,43973,"최종승인",27784,"천성민",43973,301263,"성림교역","2020-05-22","2020-05-29",1,"EA",162000,1,162000,1,162000,43976,"결제",43979,0,null,162000,43976,162000,43976,"상신","결재완료",162000,44012,162000,44012]
[1102,1000067548,10,"물품구매(욕창패드용 인장인열 SPARE BLADE)",2045600654,"돌봄로봇평가/욕창 패드용 인장인열 spare blade",10,"Z20050814","돌봄로봇평가(연구재료)","Z01",456,null,43973,"최종승인",27377,"정성배",43969,319518,"한울","2020-05-15","2020-05-29",10,"EA",77000,1,770000,10,770000,43973,"결제",43977,0,null,770000,43973,770000,43973,"상신","결재완료",0,null,770000,43992]
[1102,1000067684,30,"물품구매(의지하지-김*천,빈*/김*동)",2045600689,"의지하지 단축발발목장식 등 3종",30,"Z20010377","의지상지-상박관절장식키트형(외산) (의지재료) (의지재료)","Z01",456,null,43971,"최종승인",8219,"김수동",43972,305386,"(주) 오토복코리아헬스케어","2020-05-20","2020-05-25",1,"EA",275000,1,275000,1,275000,43973,"결제",43983,0,null,275000,43973,275000,43973,"상신","결재완료",275000,44012,275000,44012]
[1102,1000067528,20,"물품구매(하지의지-실리콘싹스/양*호)",2045600649,"실리콘싹스 엠보싱라이너 등 2종",20,"Z20010709","의지하지-실리콘싹스MagFabric라이너(국산) (의지재료)","Z01",456,null,43965,"최종승인",27264,"양철호",43969,323203,"코스텍","2020-05-14","2020-05-21",2,"EA",138000,1,276000,2,276000,43971,"결제",43978,0,null,276000,43971,276000,43971,"상신","결재완료",276000,44012,276000,44012]
[1102,1000067643,50,"물품구매(의지재료/천*민)",2045600674,"의지하지 대퇴무릎장식 등 7종",50,"Z20010520","의지하지-실리콘싹스씰린라이너대퇴용(외산) (의지재료) (의지재료)","Z01",456,null,43970,"최종승인",27784,"천성민",43971,301434,"오서코리아주식회사","2020-05-19","2020-05-26",1,"EA",600000,1,600000,1,600000,43971,"결제",43973,0,null,600000,43971,600000,43971,"상신","결재완료",600000,44012,600000,44012]
[1102,1000067556,10,"물품구매 의지하지/창원센터",2045600661,"의지하지 발트리아스",10,"Z20010581","의지하지-발트리아스(독일산) (의지재료) (의지재료)","Z01",456,null,43966,"최종승인",8445,"차민국",43969,305386,"(주) 오토복코리아헬스케어","2020-05-15","2020-05-22",2,"EA",730000,1,1460000,2,1460000,43970,"결제",43971,0,null,1460000,43970,1460000,43970,"상신","결재완료",1460000,44012,1460000,44012]
[1102,1000067553,30,"물품구매(칩탄탈 샘플키드 41종 등 4건/세금계산)",2045600664,"골유착임플란트/칩탄탈 샘플키드 등 4종",30,"Z20050686","골유착임플란트(연구재료)","Z01",456,null,43972,"최종승인",27962,"김승기",43969,312883,"(주) 엔티렉스","2020-05-14","2020-05-28",50,"EA",572,1,28600,50,28600,43969,"결제",43973,0,null,28600,43969,28600,43969,"상신","결재완료",0,null,28600,43976]
[1102,1000067074,10,"물품구매(이승로봇 인체더미 지그)",2045600533,"돌봄로봇평가/이송로봇 인체더미 지그",10,"Z20050814","돌봄로봇평가(연구재료)","Z01",456,null,43966,"최종승인",27377,"정성배",43941,303269,"에스씨엠테크놀러지","2020-04-17","2020-05-22",1,"EA",1815000,1,1815000,1,1815000,43966,"결제",43970,0,null,1815000,43966,1815000,43966,"상신","결재완료",0,null,1815000,43976]
[1102,1000067486,10,"물품구매/실리콘내피/미관형의수(실리콘)/박*서/권*학/이*원/조*문",2045600641,"의지상지 미관형의수 등 2종",10,"Z20010368","의지상지-미관형의수실리콘리갈(외산) (의지재료) (의지재료)","Z01",456,null,43963,"최종승인",6164,"조성문",43964,301263,"성림교역","2020-05-12","2020-05-19",2,"EA",230000,1,460000,2,460000,43965,"결제",43970,0,null,460000,43965,460000,43965,"상신","결재완료",460000,44012,460000,44012]
[1102,1000067455,30,"물품구매(장*호-정*희/유*선)",2045600638,"침대형휠체어 등 4종",30,"Z20120340","휠체어수리-타이어일반형미키(22,24in) (의지재료) (의지재료)","Z01",456,null,43962,"최종승인",26283,"유재선",43963,301882,"미키메디칼","2020-05-11","2020-05-18",10,"EA",8000,1,80000,10,80000,43964,"결제",43970,0,null,80000,43964,80000,43964,"상신","결재완료",80000,44012,80000,44012]
[1102,1000067457,30,"물품구매(추*석/유*선)",2045600637,"활동형휠체어 등 3종",30,"Z20120206","휠체어수리-브레이크활동형J2(활동형) (의지재료) (의지재료)","Z01",456,null,43962,"최종승인",26283,"유재선",43963,309507,"미키코리아(주)","2020-05-11","2020-05-18",10,"EA",22000,1,220000,10,220000,43964,"결제",43970,0,null,220000,43964,220000,43964,"상신","결재완료",220000,44012,220000,44012]
[1102,1000067471,80,"기타",2045600633,"휠체어수리 스쿠터용타이어 등 12종",80,"Z20011154","휠체어수리-브레이크활동형CAMEL(알파카)","Z01",456,null,43962,"최종승인",26283,"유재선",43963,301700,"(주)휠로피아","2020-05-11","2020-05-18",1,"EA",25000,1,25000,1,25000,43964,"결제",43970,0,null,25000,43964,25000,43964,"상신","결재완료",25000,44012,25000,44012]
[1102,1000067416,20,"물품구매(의지재료/천*민)",2045600623,"의지하지 실리콘싹스 등 2종",20,"Z20010374","의지상지-반자동의수속카바(외산) (의지재료) (의지재료)","Z01",456,null,43959,"최종승인",27784,"천성민",43962,305386,"(주) 오토복코리아헬스케어","2020-05-08","2020-05-15",1,"EA",121000,1,121000,1,121000,43963,"결제",43965,0,null,121000,43963,121000,43963,"상신","결재완료",121000,44012,121000,44012]
[1102,1000067445,30,"물품구매(타이어)",2045600628,"휠체어수리 타이어 등 5종",30,"Z20120542","휠체어수리-휠체어튜브-전동용 9' 휠로피아 (의지재료) (의지재료)","Z01",456,null,43962,"최종승인",9144,"정창희",43963,301700,"(주)휠로피아","2020-05-11","2020-05-18",2,"EA",6000,1,12000,2,12000,43963,"결제",43970,0,null,12000,43963,12000,43963,"상신","결재완료",12000,44012,12000,44012]
[1102,1000066910,30,"물품구매(제어기 케이블 3건 / 세금계산서)",2045600504,"골유착임플란트/보행 제어기 케이블 등 3종",30,"Z20050686","골유착임플란트(연구재료)","Z01",456,null,43934,"최종승인",9294,"최종문",43934,303359,"주식회사 디엘테크","2020-04-09","2020-05-31",50,"EA",20350,1,1017500,50,1017500,43959,"결제",43973,0,null,1017500,43959,1017500,43959,"상신","결재완료",0,null,1017500,43976]
[1102,1000067269,10,"물품구매(NP-400(호환배터리+LCD1구충전기 등 8건)/세금계산서)",2045600603,"골유착임플란트/np 400 등 8종",10,"Z20050686","골유착임플란트(연구재료)","Z01",456,null,43966,"최종승인",27962,"김승기",43950,320291,"에스제이전자","2020-04-28","2020-05-22",2,"EA",35200,1,70400,2,70400,43957,"결제",43958,0,null,70400,43957,70400,43957,"상신","결재완료",0,null,70400,43962]
[1102,1000067268,10,"물품구매(BCD-US B-TB 등 5건/세금계산서)",2045600602,"골유착임플란트/bcd us b tb 등 5종",10,"Z20050686","골유착임플란트(연구재료)","Z01",456,null,43963,"최종승인",27962,"김승기",43950,320291,"에스제이전자","2020-04-24","2020-05-19",5,"EA",31900,1,159500,5,159500,43955,"결제",43958,0,null,159500,43955,159500,43955,"상신","결재완료",0,null,159500,43962]
[1102,1000067183,50,"물품구매(지팡이 등 8종)",2045600574,"시험상용화/지팡이 등 8종",50,"Z20050896"," 욕창예방방석-메디케어코리아(MC4040-06)(시험검사)","Z01",456,null,43950,"최종승인",27377,"정성배",43945,325713,"엔티바이오","2020-04-23","2020-05-06",2,"EA",266000,2,266000,2,266000,43950,"결제",43950,0,null,266000,43950,266000,43950,"상신","결재완료",266000,43962,266000,43962]
[1102,1000067186,210,"물품구매(요실금팬티 등 36종)",2045600573,"요실금팬티 등 36종",210,"Z20050876"," 이동변기-파나소닉이에스신동아(PN-L23320KR)(시험검사)","Z01",456,null,43950,"최종승인",27377,"정성배",43945,325713,"엔티바이오","2020-04-23","2020-05-06",1,"EA",250000,1,250000,1,250000,43950,"결제",43957,0,null,250000,43950,250000,43950,"상신","결재완료",250000,43962,250000,43962]
[1102,1000067186,290,"물품구매(요실금팬티 등 36종)",2045600573,"요실금팬티 등 36종",290,"Z20050884","안전손잡이-유광정밀(YGA003)(시험검사)","Z01",456,null,43950,"최종승인",27377,"정성배",43945,325713,"엔티바이오","2020-04-23","2020-05-06",2,"EA",45818,2,45818,2,45818,43950,"결제",43957,0,null,45818,43950,45818,43950,"상신","결재완료",45818,43962,45818,43962]
[1102,1000067159,20,"물품구매(보조기-김*종)",2045600559,"보조기하지 등 2종",20,"Z20010967","보조기척추-OT TLSO 몰딩 (의지재료)","Z01",456,null,43943,"최종승인",6154,"김순종",43944,322758,"오르텍주식회사","2020-04-22","2020-04-29",2,"EA",80000,1,160000,2,160000,43949,"결제",43950,0,null,160000,43949,160000,43949,"상신","결재완료",160000,43980,160000,43980]
[1102,1000067247,20,"물품구매(실리콘라이너-이*원)",2045600593,"의지하지 실리콘싹스 등 4종",20,"Z20010543","의지하지-실리콘싹스향균라이너하퇴용(독일산) (의지재료) (의지재료)","Z01",456,null,43948,"최종승인",9144,"정창희",43949,305386,"(주) 오토복코리아헬스케어","2020-04-27","2020-05-04",7,"EA",235000,1,1645000,7,1645000,43949,"결제",43957,0,null,1645000,43949,1645000,43949,"상신","결재완료",1645000,43980,1645000,43980]
[1102,1000067245,10,"물품구매(실리콘라이너-윤*호)",2045600595,"의지하지 실리콘싹스 등 8종",10,"Z20010526","의지하지-실리콘싹스이지락킹(미국산) (의지재료) (의지재료)","Z01",456,null,43948,"최종승인",9144,"정창희",43949,301263,"성림교역","2020-04-27","2020-05-04",3,"EA",330000,1,990000,3,990000,43948,"결제",43957,0,null,990000,43948,990000,43948,"상신","결재완료",990000,43980,990000,43980]
[1102,1000066997,70,"물품구매(motor bushing-r2 등 7건/세금계산서)",2045600524,"스마트소켓/motor bushing r2 등 7종",70,"Z20050607","스마트소켓(연구재료) (연구재료)","Z01",456,null,43951,"최종승인",26891,"박진국",43941,324705,"주식회사 신성텍","2020-04-13","2020-05-08",12,"EA",27500,1,330000,12,330000,43945,"결제",43957,0,null,330000,43945,330000,43945,"상신","결재완료",0,null,330000,43962]
[1102,1000067128,20,"물품구매(욕창예방매트리스)",2045600554,"욕창예방매트리스 등 2종",20,"Z20130029","욕창예방방석공기격자형-Smdub0003(8x9x5) (의지재료) (의지재","Z01",456,null,43942,"최종승인",28716,"손민지",43943,323411,"주식회사씰테크 용인지점","2020-04-21","2020-04-28",20,"EA",230000,1,4600000,20,4600000,43945,"결제",43950,0,null,4600000,43945,4600000,43945,"상신","결재완료",4600000,43980,4600000,43980]
[1102,1000067191,30,"물품구매(김*규,박*존,이*향)전*만",2045600577,"의지상지 미관형의수 등 3종",30,"Z20010229","소모품-알루미늄튜브 (의지재료) (의지재료)","Z01",456,null,43944,"최종승인",6160,"전영만",43945,301263,"성림교역","2020-04-23","2020-04-30",5,"EA",25000,1,125000,5,125000,43945,"결제",43957,0,null,125000,43945,125000,43945,"상신","결재완료",125000,43980,125000,43980]
[1102,1000067137,10,"물품구매(상지의지-한*만 외/양*호)",2045600555,"보조기하지 등 3종",10,"Z20010611","보조기하지-CEPA (의지재료) (의지재료)","Z01",456,null,43942,"최종승인",27264,"양철호",43943,301263,"성림교역","2020-04-21","2020-04-28",1,"EA",80000,1,80000,1,80000,43944,"결제",43948,0,null,80000,43944,80000,43944,"상신","결재완료",80000,43980,80000,43980]
[1102,1000067151,60,"물품구매(석고)",2045600565,"소모품 석고 등 8종",60,"Z20010259","소모품-젤렉스(A급) (의지재료) (의지재료)","Z01",456,null,43943,"최종승인",9144,"정창희",43944,301148,"신성메디칼","2020-04-21","2020-04-29",13,"EA",35000,1,455000,13,455000,43943,"결제",43957,0,null,455000,43943,455000,43943,"상신","결재완료",455000,43980,455000,43980]
[1102,1000067036,10,"물품구매(맞춤형 깔창)",2045600529,"시험상용화/하지 맞춤형 인솔",10,"Z20050638","하지-맞춤형 인솔(연구재료) (연구재료)","Z01",456,null,43937,"최종승인",27783,"이미경",43941,325837,"포아야","2020-04-16","2020-04-23",2,"EA",320000,1,640000,2,640000,43942,"결제",43943,0,null,640000,43942,640000,43942,"상신","결재완료",640000,43945,640000,43945]
[1102,1000067089,10,"물품구매-의지상지/임*은",2045600523,"의지상지 미관형의수",10,"Z20010367","의지상지-미관형의수실리콘두손 (의지재료) (의지재료)","Z01",456,null,43938,"최종승인",9620,"임성은",43941,300508,"두손의수","2020-04-17","2020-04-24",2,"EA",230000,1,460000,2,460000,43942,"결제",43943,0,null,460000,43942,460000,43942,"상신","결재완료",460000,43980,460000,43980]
[1102,1000067064,20,"물품구매(의지재료/천*민)",2045600517,"소모품 석고소석고 등 9종",20,"Z20010171","소모품-석고붕대(15cm) (의지재료) (의지재료)","Z01",456,null,43938,"최종승인",27784,"천성민",43941,301148,"신성메디칼","2020-04-17","2020-04-24",144,"EA",3500,1,504000,144,504000,43941,"결제",43943,0,null,504000,43941,504000,43941,"상신","결재완료",504000,43980,504000,43980]
[1102,1000067035,10,"물품구매(하지의지-최*열)/손*호",2045600511,"의지하지 밸런즈풋 등 4종",10,"Z20011039","의지하지-밸런스풋(오서)","Z01",456,null,43937,"최종승인",6167,"손진호",43937,301434,"오서코리아주식회사","2020-04-16","2020-04-23",1,"EA",670000,1,670000,1,670000,43938,"결제",43942,0,null,670000,43938,670000,43938,"상신","결재완료",670000,43980,670000,43980]
[1102,1000066892,50,"물품구매(하지의지-신*복등/천*민)",2045600492,"의지하지 대퇴무릎장식 등 6종",50,"Z20010226","소모품-아이스로스슬리브(미국산) (의지재료) (의지재료)","Z01",456,null,43929,"최종승인",27784,"천성민",43934,301434,"오서코리아주식회사","2020-04-08","2020-04-15",1,"EA",185000,1,185000,1,185000,43935,"결제",43941,0,null,185000,43935,185000,43935,"상신","결재완료",185000,43980,185000,43980]
[1102,1000066935,10,"물품구매(의지하지-임*배,전*범/김*선)",2045600493,"의지하지 실리콘싹스 등 2종",10,"Z20010532","의지하지-실리콘싹스컴포트하퇴용(외산) (의지재료) (의지재료)","Z01",456,null,43931,"최종승인",6675,"김훈선",43934,301434,"오서코리아주식회사","2020-04-10","2020-04-17",1,"EA",335000,1,335000,1,335000,43935,"결제",43941,0,null,335000,43935,335000,43935,"상신","결재완료",335000,43980,335000,43980]
[1102,1000066940,90,"기타",2045600500,"휠체어수리 등 9종",90,"Z20120332","휠체어수리-타이어산악용일산(24,25in) (의지재료) (의지재료)","Z01",456,null,43931,"최종승인",26283,"유재선",43934,301700,"(주)휠로피아","2020-04-10","2020-04-17",10,"EA",23200,1,232000,10,232000,43935,"결제",43941,0,null,232000,43935,232000,43935,"상신","결재완료",232000,43980,232000,43980]
[1102,1000066850,10,"물품구매(인체밀착부고정링크/세금계산서)",2045600478,"외골격로봇/인체밀착부고정링크",10,"Z20050807","외골격로봇(연구재료)","Z01",456,null,43944,"최종승인",27607,"이종원",43929,322571,"주식회사 비엠케이","2020-04-07","2020-04-30",2,"EA",1144000,1,2288000,2,2288000,43934,"결제",null,0,null,2288000,43934,2288000,43934,"상신","결재완료",0,null,2288000,43945]
[1102,1000066845,10,"물품구매(인터페이스PCB /세금계산서)",2045600483,"휠체어트래커/인터페이스pcb",10,"Z20050738","휠체어트래커(연구재료)","Z01",456,null,43948,"최종승인",11512,"남기태",43929,319888,"트리송","2020-04-06","2020-05-04",10,"EA",148500,1,1485000,10,1485000,43930,"결제",null,0,null,1485000,43930,1485000,43930,"상신","결재완료",0,null,1485000,43945]
[1102,1000066905,10,"물품구매(딥타입홀센서 등 2건/ 법인카드)",2045600496,"휠체어트래커/딥타입홀센서 등 2종",10,"Z20050738","휠체어트래커(연구재료)","Z01",456,null,43944,"최종승인",11512,"남기태",43934,516501005,"휠체어트래커-1005","2020-04-09","2020-04-30",20,"EA",770,1,15400,20,15400,43930,"결제",null,0,null,15400,43930,15400,43930,"상신","결재완료",0,null,15400,43948]
[1102,1000066652,70,"물품구매(파나소닉 Eneloop 에네루프,급속충전기 등 8건/세금계산서)",2045600432,"골유착임플란트/파나소닉 에네루프 급속충전기 등 8종",70,"Z20050686","골유착임플란트(연구재료)","Z01",456,null,43923,"최종승인",27962,"김승기",43916,320291,"에스제이전자","2020-03-26","2020-04-09",10,"EA",8580,1,85800,10,85800,43927,"결제",null,0,null,85800,43927,85800,43927,"상신","결재완료",0,null,85800,43931]
[1102,1000066817,10,"물품구매(구동부체결부품/법인카드)",2045600477,"외골격로봇/구동부체결부품",10,"Z20050807","외골격로봇(연구재료)","Z01",456,null,43944,"최종승인",27607,"이종원",43929,516525410,"외골격로봇-5410","2020-04-03","2020-04-30",1,"EA",580503,1,580503,1,580503,43924,"결제",null,0,null,580503,43924,580503,43924,"상신","결재완료",0,null,580503,43948]
[1102,1000065969,20,"물품구매(pcb 케이스 방수 패킹 금형 등 2건/세금계산서)",2045600298,"스마트소켓/pcb 케이스 방수 패킹금형 등 2종",20,"Z20050607","스마트소켓(연구재료) (연구재료)","Z01",456,null,43914,"최종승인",26892,"권칠용",43893,323023,"유디테크","2020-02-25","2020-03-31",1,"EA",56100,1,56100,1,56100,43920,"결제",null,0,null,56100,43920,56100,43920,"상신","결재완료",0,null,56100,43931]
[1102,1000066416,60,"물품구매(하퇴 고정부 A-P [상단] 연결 파트 등 6건/세금계산서)",2045600374,"외골격로봇/하퇴 고정부 등 6종",60,"Z20050807","외골격로봇(연구재료)","Z01",456,null,43944,"최종승인",26892,"권칠용",43908,302038,"이룩스","2020-03-17","2020-03-24",6,"EA",35200,1,211200,6,211200,43920,"결제",null,0,null,211200,43920,211200,43920,"상신","결재완료",0,null,211200,43931]
[1102,1000066656,100,"물품구매(방석-이*걸)",2045600435,"욕창예방방석 등 11종",100,"Z20010117","소모품-레진경화제(150g) (의지재료) (의지재료)","Z01",456,null,43916,"최종승인",9144,"정창희",43917,305386,"(주) 오토복코리아헬스케어","2020-03-26","2020-04-02",1,"EA",11000,1,11000,1,11000,43917,"결제",null,0,null,11000,43917,11000,43917,"상신","결재완료",11000,43950,11000,43950]
[1102,1000066602,50,"물품구매(레니게이드외)",2045600414,"시험상용화/고기능 인공발 레니게이드 등 8종",50,"Z20050852","ELT STRAP TAN KIT","Z01",456,null,43914,"최종승인",27783,"이미경",43915,301263,"성림교역","2020-03-24","2020-03-31",1,"EA",160000,1,160000,1,160000,43916,"결제",null,0,null,160000,43916,160000,43916,"상신","결재완료",160000,43931,160000,43931]
[1102,1000066612,10,"물품구매(욕창예방방석)",2045600422,"욕창예방방석",10,"Z20130023","욕창예방방석공기격자형-로호 (의지재료) (의지재료)","Z01",456,null,43915,"최종승인",28716,"손민지",43916,305386,"(주) 오토복코리아헬스케어","2020-03-24","2020-04-01",8,"EA",370000,1,2960000,8,2960000,43916,"결제",null,0,null,2960000,43916,2960000,43916,"상신","결재완료",2960000,43950,2960000,43950]
[1102,1000065968,60,"물품구매(pcb 전면 케이스 등 9건/세금계산서)",2045600297,"스마트소켓/pcb 전면 케이스 등 9종",60,"Z20050607","스마트소켓(연구재료) (연구재료)","Z01",456,null,43914,"최종승인",26892,"권칠용",43893,302038,"이룩스","2020-02-25","2020-03-31",20,"EA",16500,1,330000,20,330000,43915,"결제",null,0,null,330000,43915,330000,43915,"상신","결재완료",0,null,330000,43931]
[1102,1000066189,10,"물품구매(liner rib 등 1건/세금계산서)",2045600321,"스마트소켓/liner rib",10,"Z20050607","스마트소켓(연구재료) (연구재료)","Z01",456,null,43944,"최종승인",26892,"권칠용",43899,302038,"이룩스","2020-03-04","2020-04-30",10,"EA",71500,1,715000,10,715000,43915,"결제",null,0,null,715000,43915,715000,43915,"상신","결재완료",0,null,715000,43931]
[1102,1000066589,10,"물품구매(하지의지-김*현)/ 손*호",2045600413,"슬관절무릎 등 10종",10,"Z20011205","의지하지-슬관절무릎(서보공압식다축무릎)(3R106Pro)(독일)","Z01",456,null,43914,"최종승인",6167,"손진호",43914,305386,"(주) 오토복코리아헬스케어","2020-03-24","2020-03-31",1,"EA",2400000,1,2400000,1,2400000,43915,"결제",null,0,null,2400000,43915,2400000,43915,"상신","결재완료",2400000,43950,2400000,43950]
[1102,1000066552,10,"물품구매(유*종-전*우/유*선)",2045600403,"활동형휠체어",10,"Z20120641","활동형휠체어- 노바제로 A타입 (티오엠)","Z01",456,null,43910,"최종승인",26283,"유재선",43913,325322,"썬메디테크","2020-03-20","2020-03-27",2,"EA",950000,1,1900000,2,1900000,43914,"결제",null,0,null,1900000,43914,1900000,43914,"상신","결재완료",1900000,43950,1900000,43950]
[1102,1000066440,30,"물품구매(의지하지-김*호,전*국,김*률,유*종/김*동)",2045600373,"의지하지 트리톤 등 3종",30,"Z20011061","의지하지-대퇴용회전조절소켓어댑터(티탄)(독일)","Z01",456,null,43907,"최종승인",8219,"김수동",43908,305386,"(주) 오토복코리아헬스케어","2020-03-17","2020-03-24",2,"EA",163000,1,326000,2,326000,43913,"결제",null,0,null,326000,43913,326000,43913,"상신","결재완료",326000,43950,326000,43950]
[1102,1000066452,10,"물품구매(의지하지-남*호/김*동)",2045600371,"의지하지 실리콘싹스",10,"Z20010981","의지하지-실리콘싹스알프스Spdt(미국산) (의지재료) (의지재료)","Z01",456,null,43907,"최종승인",8219,"김수동",43908,301263,"성림교역","2020-03-17","2020-03-24",1,"EA",270000,1,270000,1,270000,43913,"결제",null,0,null,270000,43913,270000,43913,"상신","결재완료",270000,43950,270000,43950]
[1102,1000066533,10,"물품구매(상지의지-최*자 외 3명/양*호)",2045600384,"의지상지 미관형의수 등 2종",10,"Z20010368","의지상지-미관형의수실리콘리갈(외산) (의지재료) (의지재료)","Z01",456,null,43910,"최종승인",27264,"양철호",43910,301263,"성림교역","2020-03-20","2020-03-27",3,"EA",230000,1,690000,3,690000,43913,"결제",null,0,null,690000,43913,690000,43913,"상신","결재완료",690000,43950,690000,43950]
[1102,1000066484,20,"물품구매(워커시트)",2045600379,"휠체어수리 팔받이 등 3종",20,"Z20120141","휠체어수리-발판거상형 (의지재료) (의지재료)","Z01",456,null,43908,"최종승인",9144,"정창희",43909,323873,"하나엠케어","2020-03-18","2020-03-25",1,"EA",9091,1,9091,1,9091,43909,"결제",null,0,null,9091,43909,9091,43909,"상신","결재완료",9091,43950,9091,43950]
[1102,1000066336,10,"물품구매 (Rotary Cylinder 등 10건/ 세금계산서)",2045600346,"스마트소켓/rotary cylinder 등 10종",10,"Z20050607","스마트소켓(연구재료) (연구재료)","Z01",456,null,43902,"최종승인",28673,"전경진",43903,324705,"주식회사 신성텍","2020-03-10","2020-03-19",1,"EA",1056000,1,1056000,1,1056000,43908,"결제",null,0,null,1056000,43908,1056000,43908,"상신","결재완료",0,null,1056000,43915]
[1102,1000065076,10,"물품구매(EPSON 센서등 2건/세금계산서)",2045600123,"직무지원/epson m g325 신제품 등 2종",10,"Z20050113","직무지원 연구재료 (연구재료) (연구재료)","Z01",456,null,43885,"최종승인",28671,"김진률",43860,326789,"(주) 바리코리아","2020-01-21","2020-04-30",3,"EA",500000,1,1500000,3,1500000,43907,"결제",null,0,null,1500000,43907,1500000,43907,"상신","결재완료",1500000,43931,1500000,43931]
[1102,1000066401,20,"물품구매(이*철/유*선)",2045600355,"일반형휠체어 등 4종",20,"Z20120352","휠체어수리-타이어전동용에휠로피아(14in) (의지재료) (의지재료)","Z01",456,null,43903,"최종승인",26283,"유재선",43906,301700,"(주)휠로피아","2020-03-13","2020-03-20",4,"EA",18000,1,72000,4,72000,43907,"결제",null,0,null,72000,43907,72000,43907,"상신","결재완료",72000,43950,72000,43950]
[1102,1000066523,30,"물품구매(BEXEL 건전지 등 5건/세금계산서)",2045600387,"스마트소켓/벡셀건전지 등 5종",30,"Z20050607","스마트소켓(연구재료) (연구재료)","Z01",456,null,43923,"최종승인",11511,"이희태",43910,313051,"(주) 엘레파츠","2020-03-10","2020-04-09",2,"EA",13200,1,26400,2,26400,43906,"결제",null,0,null,26400,43906,26400,43906,"상신","결재완료",0,null,26400,43915]
[1102,1000066314,60,"물품구매(가공재료)",2045600340,"직무지원/AL6061 등 7종",60,"Z20050113","직무지원 연구재료 (연구재료) (연구재료)","Z01",456,null,43900,"최종승인",6147,"김도완",43902,300799,"(주) 동양기재상사","2020-03-10","2020-03-17",3,"EA",12000,1,36000,3,36000,43902,"결제",null,0,null,36000,43902,36000,43902,"상신","결재완료",36000,43915,36000,43915]
[1102,1500031698,70,"물품구매(토너 등 8건/세금계산서)",2045600361,"스마트소켓/토너 등 8종",70,null,"스마트소켓(연구재료) (연구재료)","Z06",456,null,43921,"최종승인",11511,"이희태",43906,323112,"(주) 드림디포구월점","2020-03-10","2020-04-07",5,"EA",288000,5,288000,5,288000,43902,"결제",null,0,null,288000,43902,288000,43902,"상신","결재완료",0,null,288000,43915]
[1102,1000066309,10,"물품구매-의지상지/김*란/조*용/임*은",2045600334,"의지상지 미관형의수 등 4종",10,"Z20010368","의지상지-미관형의수실리콘리갈(외산) (의지재료) (의지재료)","Z01",456,null,43899,"최종승인",9620,"임성은",43900,301263,"성림교역","2020-03-09","2020-03-16",2,"EA",230000,1,460000,2,460000,43901,"결제",null,0,null,460000,43901,460000,43901,"상신","결재완료",460000,43950,460000,43950]
[1102,1000066409,10,"물품구매(손의지-함*숙 외 조*정)",2045600365,"의지상지 미관형의수 등 2종",10,"Z20010367","의지상지-미관형의수실리콘두손 (의지재료) (의지재료)","Z01",456,null,43903,"최종승인",11764,"조혜정",43907,300508,"두손의수","2020-03-09","2020-03-20",1,"EA",230000,1,230000,1,230000,43900,"결제",null,0,null,230000,43900,230000,43900,"상신","결재완료",230000,43950,230000,43950]
[1102,1000066190,20,"물품구매(상지의지-홍*수 외/양*호)",2045600310,"의지상지 미관형의수 등 3종",20,"Z20010378","의지상지-상박관절장식호스머(미국산) (의지재료) (의지재료)","Z01",456,null,43894,"최종승인",27264,"양철호",43895,301263,"성림교역","2020-03-04","2020-03-11",1,"EA",760000,1,760000,1,760000,43896,"결제",null,0,null,760000,43896,760000,43896,"상신","결재완료",760000,43950,760000,43950]
[1102,1000066248,20,"물품구매요구(압력센서 등 4건/법인카드)",2045600327,"골유착임플란트/압력센서 등 4종",20,"Z20050686","골유착임플란트(연구재료)","Z01",456,null,43903,"최종승인",11510,"정성윤",43899,516545280,"골유착임플란트-5280","2020-03-06","2020-03-20",10,"EA",8008,1,80080,10,80080,43896,"결제",null,0,null,80080,43896,80080,43896,"상신","결재완료",0,null,80080,43916]
[1102,1000065757,30,"물품구매 (Rotary Cylinder 등 10건/ 세금계산서)",2045600229,"스마트소켓/rotary cylinder 등 10종",30,"Z20050607","스마트소켓(연구재료) (연구재료)","Z01",456,null,43901,"최종승인",28673,"전경진",43882,324705,"주식회사 신성텍","2020-02-18","2020-03-18",1,"EA",660000,1,660000,1,660000,43893,"결제",null,0,null,660000,43893,660000,43893,"상신","결재완료",0,null,660000,43900]
[1102,1000066195,20,"물품구매(손의지-노*주 외 조*정)",2045600308,"의지상지 미관형의수 등 2종",20,"Z20010372","의지상지-미관형의수지실리콘 (의지재료) (의지재료)","Z01",456,null,43894,"최종승인",11764,"조혜정",43895,300508,"두손의수","2020-03-02","2020-03-11",2,"EA",65000,1,130000,2,130000,43893,"결제",null,0,null,130000,43893,130000,43893,"상신","결재완료",130000,43950,130000,43950]
[1102,1000065847,30,"물품구매(소모품재료-김*종)",2045600248,"소모품 본드 등 13종",30,"Z20010151","소모품-복수지(30x30) (의지재료) (의지재료)","Z01",456,null,43882,"최종승인",6154,"김순종",43885,301148,"신성메디칼","2020-02-21","2020-02-28",25,"EA",6000,1,150000,25,150000,43888,"결제",null,0,null,150000,43888,150000,43888,"상신","결재완료",150000,43921,150000,43921]
[1102,1000065922,50,"물품구매(칩세라믹 1608 사이즈 108종 키트 등 15건/세금계산서)",2045600267,"스마트소켓/칩세락믹 등 15종",50,"Z20050607","스마트소켓(연구재료) (연구재료)","Z01",456,null,43892,"최종승인",27962,"김승기",43886,312883,"(주) 엔티렉스","2020-02-24","2020-03-09",3,"EA",6600,1,19800,3,19800,43888,"결제",null,0,null,19800,43888,19800,43888,"상신","결재완료",0,null,19800,43900]
[1102,1000065923,10,"물품구매(탄소성 코팅제 등 10건/세금계산서)",2045600268,"골유착임플란트/탄소 전도성 코팅제등 10종",10,"Z20050686","골유착임플란트(연구재료)","Z01",456,null,43889,"최종승인",27962,"김승기",43886,320291,"에스제이전자","2020-02-24","2020-03-06",1,"EA",134200,1,134200,1,134200,43888,"결제",null,0,null,134200,43888,134200,43888,"상신","결재완료",0,null,134200,43900]
[1102,1000065983,10,"물품구매(클램프-고*국)",2045600282,"의지하지 슬라이딩 클램프",10,"Z20010721","의지하지-슬라이딩 클램프(티탄) (의지재료)","Z01",456,null,43887,"최종승인",9144,"정창희",43888,305386,"(주) 오토복코리아헬스케어","2020-02-26","2020-03-04",2,"EA",162000,1,324000,2,324000,43888,"결제",null,0,null,324000,43888,324000,43888,"상신","결재완료",324000,43921,324000,43921]
[1102,1000065982,10,"물품구매(워커앞바퀴)",2045600283,"워커앞바퀴부착",10,"Z20120030","소모품-워커앞바퀴부착 (의지재료) (의지재료)","Z01",456,null,43887,"최종승인",9144,"정창희",43888,307353,"(주)대세엠케어 (대전)","2020-02-25","2020-03-04",6,"EA",14545,1,87270,6,87270,43887,"결제",null,0,null,87270,43887,87270,43887,"상신","결재완료",87270,43921,87270,43921]
[1102,1000065838,20,"물품구매(방석및매트리스)",2045600237,"욕창예방매트리스 등 2종",20,"Z20130029","욕창예방방석공기격자형-Smdub0003(8x9x5) (의지재료) (의지재","Z01",456,null,43881,"최종승인",11764,"조혜정",43882,323411,"주식회사씰테크 용인지점","2020-02-14","2020-02-27",20,"EA",230000,1,4600000,20,4600000,43886,"결제",null,0,null,4600000,43886,4600000,43886,"상신","결재완료",4600000,43921,4600000,43921]
[1102,1000065861,20,"물품구매(손의지-최*길 외 조*정)",2045600253,"의지상지 미관형의수 등 3종",20,"Z20010372","의지상지-미관형의수지실리콘 (의지재료) (의지재료)","Z01",456,null,43882,"최종승인",11764,"조혜정",43885,300508,"두손의수","2020-02-21","2020-02-28",3,"EA",65000,1,195000,3,195000,43886,"결제",null,0,null,195000,43886,195000,43886,"상신","결재완료",195000,43921,195000,43921]
[1102,1000065886,20,"물품구매/상지보조기/조*문",2045600286,"보조기상지 보바스슬링 등 2종",20,"Z20010017","보조기상지-케이슬링 (의지재료) (의지재료)","Z01",456,null,43882,"최종승인",6164,"조성문",43888,322758,"오르텍주식회사","2020-02-21","2020-02-28",1,"EA",30000,1,30000,1,30000,43886,"결제",null,0,null,30000,43886,30000,43886,"상신","결재완료",30000,43921,30000,43921]
[1102,1000065981,10,"물품구매(기타재료)",2045600280,"가스토치 등 48종",10,"Z20010712","소모품-토치머리 (의지재료)","Z01",456,null,43887,"최종승인",11764,"조혜정",43887,301148,"신성메디칼","2020-02-20","2020-02-28",3,"EA",15000,1,45000,3,45000,43886,"결제",null,0,null,45000,43886,45000,43886,"상신","결재완료",45000,43921,45000,43921]
[1102,1000065981,170,"물품구매(기타재료)",2045600280,"가스토치 등 48종",170,"Z20010794","소모품-삼중마스크 (의지재료)","Z01",456,null,43887,"최종승인",11764,"조혜정",43887,301148,"신성메디칼","2020-02-20","2020-02-28",10,"EA",10000,1,100000,10,100000,43886,"결제",null,0,null,100000,43886,100000,43886,"상신","결재완료",100000,43921,100000,43921]
[1102,1000065981,280,"물품구매(기타재료)",2045600280,"가스토치 등 48종",270,"Z20010109","소모품-동망사 (의지재료) (의지재료)","Z01",456,null,43887,"최종승인",11764,"조혜정",43887,301148,"신성메디칼","2020-02-20","2020-02-28",5,"EA",30000,1,150000,5,150000,43886,"결제",null,0,null,150000,43886,150000,43886,"상신","결재완료",150000,43921,150000,43921]
[1102,1300011493,10,"20년02월안전점검(케이아이안전보건기술원)",2045800008,"2월 산업안전점검",10,null,"20년02월안전점검","Z04",458,null,43864,"최종승인",6176,"김상수",43865,304163,"케이아이안전보건기술원(주) 지점","2020-02-01","2020-02-29",1,"개",180000,1,180000,1,180000,43886,"결제",null,0,null,180000,43886,180000,43886,"상신","결재완료",180000,43900,180000,43900]
[1102,1000065842,10,"물품구매(하지의지-최*호,김*환/천*민)",2045600243,"의지하지 실리콘싹스 등 2종",10,"Z20010546","의지하지-실리콘싹스X5씰린대퇴용(미국산) (의지재료) (의지재료)","Z01",456,null,43882,"최종승인",27784,"천성민",43882,301434,"오서코리아주식회사","2020-02-21","2020-02-28",1,"EA",620000,1,620000,1,620000,43885,"결제",null,0,null,620000,43885,620000,43885,"상신","결재완료",620000,43921,620000,43921]
[1102,1500031369,120,"사무용품구매",2045600254,"사무용품 16종",120,null,"대용량PP정부화일","Z06",456,null,43882,"최종승인",11764,"조혜정",43885,303191,"인성","2020-02-21","2020-02-25",2,"EA",5820,1,11640,2,11640,43885,"결제",null,0,null,11640,43885,11640,43885,"상신","결재완료",11640,43900,11640,43900]
[1102,1000065841,20,"물품구매(부싱 등 3건/ 세금계산서)",2045600255,"스마트소켓/부싱 등 3종",20,"Z20050607","스마트소켓(연구재료) (연구재료)","Z01",456,null,43888,"최종승인",28673,"전경진",43885,303459,"한국이구스 주식회사","2020-02-20","2020-03-05",50,"EA",561,1,28050,50,28050,43882,"결제",null,0,null,28050,43882,28050,43882,"상신","결재완료",0,null,28050,43900]
[1102,1500031263,120,"LED유도등외 14종 전기소모품 구매",2045600262,"led유도등 등 15종",120,null,"소화기 받침대","Z06",456,null,43875,"최종승인",28101,"김형국",43885,300045,"모아이엔티","2020-02-14","2020-02-22",1,"EA",40000,1,40000,1,40000,43882,"결제",null,0,null,40000,43882,40000,43882,"상신","결재완료",40000,43900,40000,43900]
[1102,1000065674,30,"물품구매 소모품 /창원센터",2045600216,"소모품 석고붕대 등 11종",30,"Z20010100","소모품-내피피혁(30cm) (의지재료) (의지재료)","Z01",456,null,43875,"최종승인",6166,"김현종",43878,301148,"신성메디칼","2020-02-14","2020-02-21",60,"EA",5000,1,300000,60,300000,43879,"결제",null,0,null,300000,43879,300000,43879,"상신","결재완료",300000,43921,300000,43921]
[1102,1000065691,30,"물품구매 수부 /창원센터",2045600215,"의지상지 미관형의수 등 3종",30,"Z20010363","의지상지-미관형의수레진두손 (의지재료) (의지재료)","Z01",456,null,43875,"최종승인",6166,"김현종",43878,300508,"두손의수","2020-02-14","2020-02-21",1,"EA",90000,1,90000,1,90000,43879,"결제",null,0,null,90000,43879,90000,43879,"상신","결재완료",90000,43921,90000,43921]
[1102,1000065684,70,"물품구매-의지상지/임*은",2045600210,"보조기상지 케이슬링 등 8종",70,"Z20010397","의지상지-작업의수후크알미늄호스머(미국산) (의지재료) (의지재료)","Z01",456,null,43875,"최종승인",9620,"임성은",43878,301263,"성림교역","2020-02-14","2020-02-21",2,"EA",520000,1,1040000,2,1040000,43878,"결제",null,0,null,1040000,43878,1040000,43878,"상신","결재완료",1040000,43921,1040000,43921]
[1102,1000065547,10,"물품구매(이동식 리프트)",2045600196,"시험상용화/이동형리프트",10,"Z20050655","이동형리프트(연구재료) (연구재료)","Z01",456,null,43872,"최종승인",27783,"이미경",43874,302514,"비케이메디텍","2020-02-11","2020-02-18",1,"EA",2110000,1,2110000,1,2110000,43875,"결제",null,0,null,2110000,43875,2110000,43875,"상신","결재완료",2110000,43886,2110000,43886]
[1102,1000065587,70,"물품구매-소모품/임*은",2045600209,"소모품 나이론 반도백색 등 17종",70,"Z20010715","소모품-사각고리 1\" (의지재료)","Z01",456,null,43873,"최종승인",9620,"임성은",43878,301148,"신성메디칼","2020-02-12","2020-02-19",1,"EA",50000,1,50000,1,50000,43875,"결제",null,0,null,50000,43875,50000,43875,"상신","결재완료",50000,43921,50000,43921]
[1102,1000065613,40,"물품구매/휠체어(일반형)/소모품/이*규/김*서/박*수/이*기/조*문",2045600183,"휠체어꺽기형 등 7종",40,"Z20120180","휠체어수리-보조바퀴U2 (의지재료) (의지재료)","Z01",456,null,43873,"최종승인",6164,"조성문",43874,309507,"미키코리아(주)","2020-02-12","2020-02-19",4,"EA",40000,1,160000,4,160000,43875,"결제",null,0,null,160000,43875,160000,43875,"상신","결재완료",160000,43921,160000,43921]
[1102,1000065650,20,"물품구매/무릎관절장식/김*광/리*파/조*문",2045600202,"의지하지 대퇴무릎장식 토탈니 등 2종",20,"Z20010590","의지하지-토탈니메일피라미드어댑터(외산) (의지재료) (의지재료)","Z01",456,null,43874,"최종승인",6164,"조성문",43875,301434,"오서코리아주식회사","2020-02-13","2020-02-20",1,"EA",130000,1,130000,1,130000,43875,"결제",null,0,null,130000,43875,130000,43875,"상신","결재완료",130000,43921,130000,43921]
[1102,1000065627,10,"물품구매요구(가공재료 및 부품)",2045600189,"직무지원/cpc15w2uu 등 3종",10,"Z20050113","직무지원 연구재료 (연구재료) (연구재료)","Z01",456,null,43873,"최종승인",6147,"김도완",43874,312606,"(주) 엘토","2020-02-12","2020-02-19",6,"EA",50000,1,300000,6,300000,43874,"결제",null,0,null,300000,43874,300000,43874,"상신","결재완료",300000,43886,300000,43886]
[1102,1000065629,10,"물품구매(슬링)",2045600207,"보조기상지 견갑탈골보조기",10,"Z20010006","보조기상지-견갑탈골보조기 (의지재료) (의지재료)","Z01",456,null,43874,"최종승인",9144,"정창희",43875,322758,"오르텍주식회사","2020-02-12","2020-02-20",10,"EA",28000,1,280000,10,280000,43874,"결제",null,0,null,280000,43874,280000,43874,"상신","결재완료",280000,43921,280000,43921]
[1102,1000065493,10,"물품구매/락장식/국산발/조*문",2045600153,"의지하지 락장식 등 2종",10,"Z20010458","의지하지-락장식Bk(대퇴,하퇴겸용) (의지재료) (의지재료)","Z01",456,null,43868,"최종승인",6164,"조성문",43871,302514,"비케이메디텍","2020-02-07","2020-02-14",1,"EA",223000,1,223000,1,223000,43872,"결제",null,0,null,223000,43872,223000,43872,"상신","결재완료",223000,43921,223000,43921]
[1102,1000065521,20,"물품구매(손의지-김*스 외 조*정)",2045600171,"의지상지 미관형의수 등 2종",20,"Z20010372","의지상지-미관형의수지실리콘 (의지재료) (의지재료)","Z01",456,null,43871,"최종승인",11764,"조혜정",43872,300508,"두손의수","2020-02-10","2020-02-17",1,"EA",65000,1,65000,1,65000,43872,"결제",null,0,null,65000,43872,65000,43872,"상신","결재완료",65000,43921,65000,43921]
[1102,1000065633,50,"물품구매/의지재료/김*광/박*서/강*호/리*파/조*현/정*석/조*",2045600201,"의지하지 프롱대퇴회전조절소켓 등 8종",50,"Z20010369","의지상지-미관형의수전자글러브레진(외산) (의지재료) (의지재료)","Z01",456,null,43874,"최종승인",6164,"조성문",43875,305386,"(주) 오토복코리아헬스케어","2020-02-07","2020-02-14",2,"EA",162000,1,324000,2,324000,43872,"결제",null,0,null,324000,43872,324000,43872,"상신","결재완료",324000,43921,324000,43921]
[1102,1000065457,10,"물품구매(실리콘의수팀/유*종)",2045600150,"pastasil",10,"Z20011190","의지재료-Pastasil(A+B) (오토복)","Z01",456,null,43867,"최종승인",8664,"유효종",43867,305386,"(주) 오토복코리아헬스케어","2020-02-06","2020-02-13",1,"EA",888000,1,888000,1,888000,43871,"결제",null,0,null,888000,43871,888000,43871,"상신","결재완료",888000,43921,888000,43921]
[1102,1500031059,10,"물품구매(컬러프린트토너(검정)등 8건/세금계산서)",2045600146,"배터리성능평가/컬러프린터 토너 등 8종",10,null,"컬러프린터 토너(검정)","Z06",456,null,43865,"최종승인",27783,"이미경",43867,321731,"주식회사 소명시스템","2020-02-04","2020-02-18",2,"EA",132000,1,264000,2,264000,43867,"결제",null,0,null,264000,43867,264000,43867,"상신","결재완료",0,null,264000,43871]
[1102,1000065351,10,"물품구매(상지의지-박*이 외/양*호)",2045600138,"의지상지 미관형의수 등 5종",10,"Z20010369","의지상지-미관형의수전자글러브레진(외산) (의지재료) (의지재료)","Z01",456,null,43864,"최종승인",27264,"양철호",43865,305386,"(주) 오토복코리아헬스케어","2020-02-03","2020-02-10",3,"EA",162000,1,486000,3,486000,43866,"결제",null,0,null,486000,43866,486000,43866,"상신","결재완료",486000,43921,486000,43921]
[1102,1000065333,10,"물품구매 휠체어 김*수 외 /창원센터",2045600132,"휠체어꺽기형 등 4종",10,"Z20120054","휠체어꺽기형-미라지7분리형미키 (의지재료) (의지재료)","Z01",456,null,43864,"최종승인",6166,"김현종",43865,309507,"미키코리아(주)","2020-02-03","2020-02-10",1,"EA",540000,1,540000,1,540000,43865,"결제",null,0,null,540000,43865,540000,43865,"상신","결재완료",540000,43921,540000,43921]
[1102,1000065268,30,"기타",2045600127,"휠체어 수리 등 8종",30,"Z20120407","휠체어수리-튜브휠로피아(22in) (의지재료) (의지재료)","Z01",456,null,43860,"최종승인",26283,"유재선",43861,301700,"(주)휠로피아","2020-01-30","2020-02-06",20,"EA",4400,1,88000,20,88000,43861,"결제",null,0,null,88000,43861,88000,43861,"상신","결재완료",88000,43889,88000,43889]
[1102,1000065180,20,"물품구매(우*택,함*식,송*선)",2045600108,"타이어 등 6종",20,"Z20120319","휠체어수리-타이어25-559파랑휠로피아(26in파랑) (의지재료) (의지","Z01",456,null,43858,"최종승인",6160,"전영만",43859,301700,"(주)휠로피아","2020-01-28","2020-02-04",2,"EA",24000,1,48000,2,48000,43860,"결제",null,0,null,48000,43860,48000,43860,"상신","결재완료",48000,43889,48000,43889]
[1102,1000065240,40,"물품구매-휠체어수리/임*은",2045600121,"휠체어수리 등 6종",40,"Z20120268","휠체어수리-앞바퀴조립포밍미키(6in) (의지재료) (의지재료)","Z01",456,null,43859,"최종승인",9620,"임성은",43860,309507,"미키코리아(주)","2020-01-29","2020-02-05",14,"EA",20000,1,280000,14,280000,43860,"결제",null,0,null,280000,43860,280000,43860,"상신","결재완료",280000,43889,280000,43889]
[1102,1000065125,10,"물품구매(리프트)",2045600093,"시험상용화/이동형리프트",10,"Z20050655","이동형리프트(연구재료) (연구재료)","Z01",456,null,43853,"최종승인",27783,"이미경",43853,302514,"비케이메디텍","2020-01-23","2020-01-30",2,"EA",2110000,1,4220000,2,4220000,43858,"결제",null,0,null,4220000,43858,4220000,43858,"상신","결재완료",4220000,43871,4220000,43871]
[1102,1000065161,10,"물품구매(김*태 외 조*정)",2045600109,"의지상지 미관형의수 등 3종",10,"Z20010367","의지상지-미관형의수실리콘두손 (의지재료) (의지재료)","Z01",456,null,43858,"최종승인",11764,"조혜정",43859,300508,"두손의수","2020-01-28","2020-02-04",4,"EA",230000,1,920000,4,920000,43858,"결제",null,0,null,920000,43858,920000,43858,"상신","결재완료",920000,43889,920000,43889]
[1102,1000064984,20,"물품구매-최*훈/김*종",2045600089,"휠체어 꺽기형 등 2종",20,"Z20120677","일반형휠체어-미라지22","Z01",456,null,43850,"최종승인",6154,"김순종",43853,301882,"미키메디칼","2020-01-20","2020-01-27",1,"EA",340000,1,340000,1,340000,43853,"결제",null,0,null,340000,43853,340000,43853,"상신","결재완료",340000,43889,340000,43889]
[1102,1000065054,50,"물품구매/의지재료(소모품)/조*문",2045600094,"소모품 면장갑 등 30종",50,"Z20010257","소모품-전기테이프(19mm) (의지재료) (의지재료)","Z01",456,null,43851,"최종승인",6164,"조성문",43853,301148,"신성메디칼","2020-01-21","2020-01-28",10,"EA",1000,1,10000,10,10000,43853,"결제",null,0,null,10000,43853,10000,43853,"상신","결재완료",10000,43889,10000,43889]
[1102,1000065054,260,"물품구매/의지재료(소모품)/조*문",2045600094,"소모품 면장갑 등 30종",260,"Z20010873","소모품-록타이트 (의지재료)","Z01",456,null,43851,"최종승인",6164,"조성문",43853,301148,"신성메디칼","2020-01-21","2020-01-28",1,"EA",50000,1,50000,1,50000,43853,"결제",null,0,null,50000,43853,50000,43853,"상신","결재완료",50000,43889,50000,43889]
[1102,1000065085,40,"물품구매(미관형의수-조*숙)",2045600100,"의지상지 미관형의수 등 7종",40,"Z20010566","의지하지-하퇴용스탐프싹스외산 (의지재료) (의지재료)","Z01",456,null,43851,"최종승인",9144,"정창희",43858,301263,"성림교역","2020-01-21","2020-01-28",20,"EA",6000,1,120000,20,120000,43853,"결제",null,0,null,120000,43853,120000,43853,"상신","결재완료",120000,43889,120000,43889]
[1102,1000064971,10,"물품무개(미관용의수)",2045600037,"자체 시험상용화/미관형의수",10,"Z20050029","미관형 의수(성림) (연구재료) (연구재료)","Z01",456,null,43847,"최종승인",27783,"이미경",43850,301263,"성림교역","2020-01-17","2020-01-24",2,"EA",230000,1,460000,2,460000,43852,"결제",null,0,null,460000,43852,460000,43852,"상신","결재완료",460000,43871,460000,43871]
[1102,1000064986,70,"물품구매(실리콘의수팀/유*종)",2045600052,"의지재료 araform 등 8종",70,"Z20011087","의지재료-Pigmisil paste, White (25g)(오토복)","Z01",456,null,43850,"최종승인",8664,"유효종",43851,305386,"(주) 오토복코리아헬스케어","2020-01-20","2020-01-27",1,"EA",69000,1,69000,1,69000,43852,"결제",null,0,null,69000,43852,69000,43852,"상신","결재완료",69000,43889,69000,43889]
[1102,1000065020,20,"물품구매(최*섭-안*수-이*덕/유*선)",2045600053,"일반형휠체어등 2종",20,"Z20120652","일반형휠체어-SMART-cpu(24D)우리체어메디칼","Z01",456,null,43850,"최종승인",26283,"유재선",43851,324470,"우리체어메디칼","2020-01-20","2020-01-27",1,"EA",450000,1,450000,1,450000,43852,"결제",null,0,null,450000,43852,450000,43852,"상신","결재완료",450000,43889,450000,43889]
[1102,1000064936,40,"물품구매 의지하지/창원센터",2045600030,"의지하지 실리콘싹스 등 5종",40,"Z20010546","의지하지-실리콘싹스X5씰린대퇴용(미국산) (의지재료) (의지재료)","Z01",456,null,43847,"최종승인",8445,"차민국",43850,301434,"오서코리아주식회사","2020-01-17","2020-01-24",1,"EA",600000,1,600000,1,600000,43851,"결제",null,0,null,600000,43851,600000,43851,"상신","결재완료",600000,43889,600000,43889]
[1102,1000064954,10,"물품구매(마우크 니 외)",2045600045,"자체 시험상용화/마우크플러스 등 5종",10,"Z20050320","하지-마우크플러스(연구재료) (연구재료)","Z01",456,null,43847,"최종승인",27783,"이미경",43850,301434,"오서코리아주식회사","2020-01-17","2020-01-24",1,"EA",3980000,1,3980000,1,3980000,43851,"결제",null,0,null,3980000,43851,3980000,43851,"상신","결재완료",3980000,43871,3980000,43871]
[1102,1000064961,60,"물품구매 의지상지 외 /창원센터",2045600020,"의지상지 미관형의수 등 12종",60,"Z20010389","의지상지-손목장식국산(국산) (의지재료) (의지재료)","Z01",456,null,43847,"최종승인",6166,"김현종",43850,301263,"성림교역","2020-01-17","2020-01-24",2,"EA",17000,1,34000,2,34000,43851,"결제",null,0,null,34000,43851,34000,43851,"상신","결재완료",34000,43889,34000,43889]
[1102,1000064965,30,"물품구매 휠체어 배*남,성*원,노*석 외 /창원센터",2045600035,"휠체어꺽기형 등 4종",30,"Z20120267","휠체어수리-앞바퀴조립투명휠(3,4,5in) (의지재료) (의지재료)","Z01",456,null,43847,"최종승인",6166,"김현종",43850,309507,"미키코리아(주)","2020-01-17","2020-01-24",10,"EA",20000,1,200000,10,200000,43851,"결제",null,0,null,200000,43851,200000,43851,"상신","결재완료",200000,43889,200000,43889]
[1102,1000064977,10,"물품구매(무릎 보조기)",2045600044,"자체 시험상용화/웹어라운드무릎보조기",10,"Z20050001","연구재료-웹어라운드무릎보조기","Z01",456,null,43847,"최종승인",27783,"이미경",43850,301434,"오서코리아주식회사","2020-01-17","2020-01-24",1,"EA",34000,1,34000,1,34000,43851,"결제",null,0,null,34000,43851,34000,43851,"상신","결재완료",34000,43871,34000,43871]
[1102,1000065014,100,"물품구매(의지하지-장*훈 외 조*정)",2045600072,"의지하지 대퇴무릎장식 등 10종",100,"Z20011187","소모품-멀티폼B3(오토복)","Z01",456,null,43851,"최종승인",11764,"조혜정",43852,305386,"(주) 오토복코리아헬스케어","2020-01-20","2020-01-27",1,"EA",62000,1,62000,1,62000,43851,"결제",null,0,null,62000,43851,62000,43851,"상신","결재완료",62000,43889,62000,43889]
[1102,1000065032,140,"물품구매(기타재료)",2045600077,"소모품 피피 등 29종",140,"Z20010189","소모품-수술용장갑 (의지재료) (의지재료)","Z01",456,null,43850,"최종승인",11764,"조혜정",43852,301148,"신성메디칼","2020-01-20","2020-01-27",10,"EA",10000,1,100000,10,100000,43851,"결제",null,0,null,100000,43851,100000,43851,"상신","결재완료",100000,43889,100000,43889]
[1102,1000065038,10,"물품구매(손의지-이*희 외 조*정)",2045600078,"의지상지 미관형의수 등 4종",10,"Z20010367","의지상지-미관형의수실리콘두손 (의지재료) (의지재료)","Z01",456,null,43851,"최종승인",11764,"조혜정",43852,300508,"두손의수","2020-01-21","2020-01-28",24,"EA",230000,1,5520000,24,5520000,43851,"결제",null,0,null,5520000,43851,5520000,43851,"상신","결재완료",5520000,43889,5520000,43889]
[1102,1500030845,10,"점보롤 등 청소용품 구매",2045600013,"점보롤 등 청소용품",10,null,"점보롤","Z06",456,null,43846,"최종승인",4752,"이은아",43847,313863,"주식회사 꿈이있는일터","2020-01-16","2020-01-23",1,"EA",255000,1,255000,1,255000,43847,"결제",null,0,null,255000,43847,255000,43847,"상신","결재완료",255000,43853,255000,43853]
[1102,1500030845,140,"점보롤 등 청소용품 구매",2045600013,"점보롤 등 청소용품",140,null,"방향제","Z06",456,null,43846,"최종승인",4752,"이은아",43847,313863,"주식회사 꿈이있는일터","2020-01-16","2020-01-23",1,"EA",20000,1,20000,1,20000,43847,"결제",null,0,null,20000,43847,20000,43847,"상신","결재완료",20000,43853,20000,43853]
[1102,1000064778,60,"물품구매(카메라모듈 등 9건/ 법인카드)",2045600001,"휠체어트래커/카메라모듈 등 9종",60,"Z20050738","휠체어트래커(연구재료)","Z01",456,null,43860,"최종승인",11512,"남기태",43846,516501005,"휠체어트래커-1005","2020-01-09","2020-02-06",2,"EA",80300,1,160600,2,160600,43839,"결제",null,0,null,160600,43839,160600,43839,"상신","결재완료",0,null,160600,43858]
[1102,1100005295,10,"모니터 구매",1945602355,"모니터 구매",10,null,"모니터 구매","Z02",456,null,43815,"최종승인",null,null,43819,301528,"조달청(고지서전용)","2019-12-16","2019-12-31",1,"대",159546,1,159546,1,159546,43829,"결제",null,0,null,159546,43829,159546,43829,"상신","결재완료",159546,43837,159546,43837]
[1102,1000064409,50,"물품구매(실리콘라이너-최*열)",1945602371,"의지하지 실리콘싹스 등 8종",50,"Z20010384","의지상지-상박잠금기능골격식엘보(외산) (의지재료) (의지재료)","Z01",456,null,43822,"최종승인",9144,"정창희",43823,305386,"(주) 오토복코리아헬스케어","2019-12-23","2019-12-30",1,"EA",393000,1,393000,1,393000,43823,"결제",null,0,null,393000,43823,393000,43823,"상신","결재완료",393000,43861,393000,43861]
[1102,1000064416,30,"물품구매(의지하지-박*근 외 조*정)",1945602365,"프로텍터 등 4종",30,"Z20010699","의지하지-발 어스파이어스풋 (오서) (의지재료)","Z01",456,null,43822,"최종승인",26461,"조혜정",43822,301434,"오서코리아주식회사","2019-12-23","2019-12-30",1,"EA",660000,1,660000,1,660000,43823,"결제",null,0,null,660000,43823,660000,43823,"상신","결재완료",660000,43861,660000,43861]
[1102,1000064427,10,"물품구매(이*재 외 조*정)",1945602370,"보조기하지 등 12종",10,"Z20010894","보조기하지-UDFlex짧은다리보조기 보아식 (성림) (의지재료)","Z01",456,null,43822,"최종승인",26461,"조혜정",43823,301263,"성림교역","2019-12-23","2019-12-30",3,"EA",120000,1,360000,3,360000,43823,"결제",null,0,null,360000,43823,360000,43823,"상신","결재완료",360000,43861,360000,43861]
[1102,1000064414,10,"물품구매 휠체어부품 박*연 /창원센터",1945602358,"휠체어수리 배터리 등 4종",10,"Z20120169","휠체어수리-배터리(55Ah) (의지재료) (의지재료)","Z01",456,null,43822,"최종승인",6166,"김현종",43822,324832,"주식회사 이레엠케어","2019-12-23","2019-12-30",2,"EA",105000,1,210000,2,210000,43822,"결제",null,0,null,210000,43822,210000,43822,"상신","결재완료",210000,43861,210000,43861]
[1102,1100005279,10,"사무용책상 구매(연구원실 신규연구원)",1945602285,"사무용책상연구원실",10,null,"사무용책상 구매(연구원실 신규연구원)","Z02",456,null,43812,"최종승인",null,null,43812,301528,"조달청(고지서전용)","2019-12-13","2019-12-27",1,"개",126000,1,126000,1,126000,43822,"결제",null,0,null,126000,43822,126000,43822,"상신","결재완료",126000,43830,126000,43830]
[1102,1000064235,20,"물품구매(최*주,의지재료)전*만",1945602313,"의지하지 슬관절용무릎장식 등 2종",20,"Z20010494","의지하지-발Bk(국산) (의지재료) (의지재료)","Z01",456,null,43815,"최종승인",6160,"전영만",43816,302514,"비케이메디텍","2019-12-16","2019-12-23",2,"EA",188000,1,376000,2,376000,43818,"결제",null,0,null,376000,43818,376000,43818,"상신","결재완료",376000,43861,376000,43861]
[1102,1000064300,10,"물품구매(실리콘의수팀/유*종)",1945602344,"dragon skin",10,"Z20011180","의지재료-Dragon skin 10(7.26kg)","Z01",456,null,43818,"최종승인",8664,"유효종",43817,300556,"협신물산","2019-12-18","2019-12-26",1,"EA",360000,1,360000,1,360000,43818,"결제",null,0,null,360000,43818,360000,43818,"상신","결재완료",360000,43861,360000,43861]
[1102,1000064370,70,"물품구매 소모품/창원센터",1945602346,"소모품 본드 등 15종",70,"Z20010338","소모품-P.P(5x120x240) (의지재료) (의지재료)","Z01",456,null,43818,"최종승인",6166,"김현종",43818,301148,"신성메디칼","2019-12-18","2019-12-26",3,"EA",65000,1,195000,3,195000,43818,"결제",null,0,null,195000,43818,195000,43818,"상신","결재완료",195000,43861,195000,43861]
[1102,1000064370,140,"물품구매 소모품/창원센터",1945602346,"소모품 본드 등 15종",140,"Z20010716","소모품-기리드릴날4.2mm (의지재료)","Z01",456,null,43818,"최종승인",6166,"김현종",43818,301148,"신성메디칼","2019-12-18","2019-12-26",10,"EA",1100,1,11000,10,11000,43818,"결제",null,0,null,11000,43818,11000,43818,"상신","결재완료",11000,43861,11000,43861]
[1102,1000064208,20,"물품구매(심박수 측정 센서 등 2건/세금계산서)",1945602308,"헬스케어/심박수 측정 센서 등 2종",20,"Z20050765","헬스케어(연구재료)","Z01",456,null,43823,"최종승인",27353,"강정선",43815,302341,"주식회사 케이엠텍","2019-12-16","2019-12-31",1,"EA",495000,1,495000,1,495000,43817,"결제",null,0,null,495000,43817,495000,43817,"상신","결재완료",0,null,495000,43823]
[1102,1000064263,10,"물품구매-활동형휠체어/지*구/이*행/임*은",1945602324,"활동형휠체어",10,"Z20011130","활동형휠체어 - 제니스-X (휠라인)","Z01",456,null,43816,"최종승인",9620,"임성은",43816,325857,"주식회사 엠코리아토탈서비스","2019-12-17","2019-12-24",2,"EA",1250000,1,2500000,2,2500000,43817,"결제",null,0,null,2500000,43817,2500000,43817,"상신","결재완료",2500000,43861,2500000,43861]
[1102,1000064264,50,"물품구매-휠체어수리/임*은",1945602332,"휠체어수리 배터리 등 8종",50,"Z20120542","휠체어수리-휠체어튜브-전동용 9' 휠로피아 (의지재료) (의지재료)","Z01",456,null,43816,"최종승인",9620,"임성은",43817,301700,"(주)휠로피아","2019-12-17","2019-12-24",4,"EA",6000,1,24000,4,24000,43817,"결제",null,0,null,24000,43817,24000,43817,"상신","결재완료",24000,43861,24000,43861]
[1102,1000064352,30,"물품구매(3M듀라포 실크반창고 등 4건/법인카드)",1945602351,"헬스케어/3m 듀라포 실크반창고 등 4종",30,"Z20050765","헬스케어(연구재료)","Z01",456,null,43826,"최종승인",27158,"정보라",43819,516523835,"헬스케어-3835","2019-12-18","2020-01-03",5,"EA",15400,1,77000,5,77000,43817,"결제",null,0,null,77000,43817,77000,43817,"상신","결재완료",0,null,77000,43858]
[1102,1000064237,10,"물품구매(미관형의수-박*섭)",1945602318,"의지상지 미관형의수",10,"Z20010367","의지상지-미관형의수실리콘두손 (의지재료) (의지재료)","Z01",456,null,43815,"최종승인",9144,"정창희",43816,300508,"두손의수","2019-12-16","2019-12-23",3,"EA",230000,1,690000,3,690000,43816,"결제",null,0,null,690000,43816,690000,43816,"상신","결재완료",690000,43861,690000,43861]
[1102,1300011168,10,"19년12월산업안전점검(케이아이안전보건기술원)",1945800079,"12월 산업안전점검",10,null,"19년12월산업안전점검","Z04",458,null,43802,"최종승인",6176,"김상수",43802,304163,"케이아이안전보건기술원(주) 지점","2019-12-01","2019-12-31",1,"개",180000,1,180000,1,180000,43816,"결제",null,0,null,180000,43816,180000,43816,"상신","결재완료",180000,43823,180000,43823]
[1102,1000064061,20,"물품구매(상지의지-이*기 외/양*호)",1945602271,"의지상지 견갑장식세트 등 7종",20,"Z20010377","의지상지-상박관절장식키트형(외산) (의지재료) (의지재료)","Z01",456,null,43809,"최종승인",27264,"양철호",43812,305386,"(주) 오토복코리아헬스케어","2019-12-10","2019-12-17",3,"EA",275000,1,825000,3,825000,43815,"결제",null,0,null,825000,43815,825000,43815,"상신","결재완료",825000,43861,825000,43861]
[1102,1300011167,10,"19년12월승강기점검(서울승강기서비스)",1945800080,"12월 승강기점검",10,null,"19년12월승강기점검","Z04",458,null,43802,"최종승인",6176,"김상수",43802,315165,"서울승강기서비스","2019-12-01","2019-12-31",1,"개",110000,1,110000,1,110000,43815,"결제",null,0,null,110000,43815,110000,43815,"상신","결재완료",110000,43823,110000,43823]
[1102,1000064098,10,"물품구매/일반형휠체어/박*홍",1945602290,"휠체어일반형/박*홍",10,"Z20120462","휠체어일반형-미라지7분리형 (의지재료) (의지재료)","Z01",456,null,43811,"최종승인",6164,"조성문",43812,309507,"미키코리아(주)","2019-12-12","2019-12-19",1,"EA",540000,1,540000,1,540000,43812,"결제",null,0,null,540000,43812,540000,43812,"상신","결재완료",540000,43861,540000,43861]
[1102,1000064065,30,"물품구매/반자동의수/견박장식/채*춘/조*문",1945602253,"의지상지 반자동의수 등 5종",30,"Z20010356","의지상지-견갑장식세트(독일산) (의지재료) (의지재료)","Z01",456,null,43809,"최종승인",6164,"조성문",43810,305386,"(주) 오토복코리아헬스케어","2019-12-10","2019-12-17",1,"EA",530000,1,530000,1,530000,43810,"결제",null,0,null,530000,43810,530000,43810,"상신","결재완료",530000,43861,530000,43861]
[1102,1000064000,10,"물품구매 의지하지 구*조 /창원센터",1945602237,"의지하지 실리콘싹스",10,"Z20010520","의지하지-실리콘싹스씰린라이너대퇴용(외산) (의지재료) (의지재료)","Z01",456,null,43805,"최종승인",6166,"김현종",43808,301434,"오서코리아주식회사","2019-12-06","2019-12-13",1,"EA",600000,1,600000,1,600000,43809,"결제",null,0,null,600000,43809,600000,43809,"상신","결재완료",600000,43861,600000,43861]
[1102,1000063953,30,"물품구매(기타재료)",1945602223,"의지하지 락장식 등 3종",30,"Z20010504","의지하지-슬관절용무릎장식Bk(국산) (의지재료) (의지재료)","Z01",456,null,43803,"최종승인",27264,"양철호",43804,302514,"비케이메디텍","2019-12-04","2019-12-11",2,"EA",777000,1,1554000,2,1554000,43808,"결제",null,0,null,1554000,43808,1554000,43808,"상신","결재완료",1554000,43861,1554000,43861]
[1102,1000063879,10,"물품구매요구(스크류밸브세트 등 3건/세금계산서)",1945602210,"스마트소켓/themolyb eva ldpe 등 3종",10,"Z20050607","스마트소켓(연구재료) (연구재료)","Z01",456,null,43805,"최종승인",6142,"김종권",43802,305386,"(주) 오토복코리아헬스케어","2019-12-02","2019-12-13",2,"EA",132000,1,264000,2,264000,43803,"결제",null,0,null,264000,43803,264000,43803,"상신","결재완료",0,null,264000,43823]
[1102,1000063847,10,"물품구매 집뇨기 /창원센터",1945602202,"집뇨기유린백",10,"Z20130035","집뇨기유린백-외산1000(외산1000cc) (의지재료) (의지재료)","Z01",456,null,43801,"최종승인",6166,"김현종",43802,301700,"(주)휠로피아","2019-12-02","2019-12-09",20,"EA",54000,1,1080000,20,1080000,43802,"결제",null,0,null,1080000,43802,1080000,43802,"상신","결재완료",1080000,43861,1080000,43861]
[1102,1000063784,10,"물품구매(건강관리모니터링용 손목밴드 등 2건/법인카드)",1945602222,"헬스케어/건강관리모니터링용 손목밴드 등 2종",10,"Z20050765","헬스케어(연구재료)","Z01",456,null,43808,"최종승인",27685,"황석진",43803,516523835,"헬스케어-3835","2019-11-29","2019-12-16",3,"EA",254920,3,254920,3,254920,43801,"결제",null,0,null,254920,43801,254920,43801,"상신","결재완료",0,null,254920,43825]
[1102,1000063711,30,"물품구매(호스머 후크외 2종)",1945602192,"자체 시험상용화/호스머 후크 등 3종",30,"Z20050297","하지-엔도라이트 에스프리트 (연구재료)","Z01",456,null,43796,"최종승인",27783,"이미경",43798,301263,"성림교역","2019-11-26","2019-12-04",1,"EA",1220000,1,1220000,1,1220000,43798,"결제",null,0,null,1220000,43798,1220000,43798,"상신","결재완료",1220000,43809,1220000,43809]
[1102,1000063750,30,"물품구매(남*길/유*선)",1945602193,"침대형휠체어 등 3종",30,"Z20120340","휠체어수리-타이어일반형미키(22,24in) (의지재료) (의지재료)","Z01",456,null,43797,"최종승인",26283,"유재선",43798,301882,"미키메디칼","2019-11-28","2019-12-05",20,"EA",8000,1,160000,20,160000,43798,"결제",null,0,null,160000,43798,160000,43798,"상신","결재완료",160000,43830,160000,43830]
[1102,1000063687,80,"물품구매(미관형의수-김*구)",1945602189,"의지상지 미관형의수 등 10종",80,"Z20010075","의지하지-클램프알미늄(알미늄) (의지재료) (의지재료)","Z01",456,null,43796,"최종승인",9144,"정창희",43798,301263,"성림교역","2019-11-27","2019-12-04",10,"EA",39000,1,390000,10,390000,43797,"결제",null,0,null,390000,43797,390000,43797,"상신","결재완료",390000,43830,390000,43830]
[1102,1000063477,20,"물품구매(foot shell size 23 left beige 등 12건/세금계산서)",1945602119,"스마트소켓/foot shell size23left beige 등 12종",20,"Z20050607","스마트소켓(연구재료) (연구재료)","Z01",456,null,43798,"최종승인",26891,"박진국",43789,320868,"주식회사 온써지칼","2019-11-19","2019-12-06",2,"EA",33880,1,67760,2,67760,43796,"결제",null,0,null,67760,43796,67760,43796,"상신","결재완료",0,null,67760,43811]
[1102,1000063477,120,"물품구매(foot shell size 23 left beige 등 12건/세금계산서)",1945602119,"스마트소켓/foot shell size23left beige 등 12종",120,"Z20050607","스마트소켓(연구재료) (연구재료)","Z01",456,null,43798,"최종승인",26891,"박진국",43789,320868,"주식회사 온써지칼","2019-11-19","2019-12-06",2,"EA",33880,1,67760,2,67760,43796,"결제",null,0,null,67760,43796,67760,43796,"상신","결재완료",0,null,67760,43811]
[1102,1000063704,30,"물품구매(몰렉스커넥터 등5건/ 법인카드)",1945602198,"스마트어시스트/몰렉스커넥터 등 5종",30,"Z20050649","스마트어시스트(연구재료) (연구재료)","Z01",456,null,43818,"최종승인",11512,"남기태",43798,516589379,"스마트어시스트-9379","2019-11-27","2019-12-25",30,"EA",176,1,5280,30,5280,43796,"결제",null,0,null,5280,43796,5280,43796,"상신","결재완료",0,null,5280,43825]
[1102,1000063571,10,"물품구매 의지하지/창원센터",1945602158,"의지하지 발",10,"Z20010494","의지하지-발Bk(국산) (의지재료) (의지재료)","Z01",456,null,43791,"최종승인",8445,"차민국",43794,302514,"비케이메디텍","2019-11-22","2019-11-29",10,"EA",188000,1,1880000,10,1880000,43795,"결제",null,0,null,1880000,43795,1880000,43795,"상신","결재완료",1880000,43830,1880000,43830]
[1102,1000063602,20,"물품구매 휠체어 이*훈,천*렬,신*찬 /창원센터",1945602161,"활동형휠체어 등 3종",20,"Z20120657","활동형 휠체어 - NA-430 ㈜알에스케어 서비스","Z01",456,null,43794,"최종승인",6166,"김현종",43794,324832,"주식회사 이레엠케어","2019-11-25","2019-12-02",1,"EA",950000,1,950000,1,950000,43795,"결제",null,0,null,950000,43795,950000,43795,"상신","결재완료",950000,43830,950000,43830]
[1102,1000063647,20,"물품구매(의지하지-김*구 외 조*정)",1945602174,"의지하지 단축발발목장식 등 6종",20,"Z20010373","의지상지-반자동의수(독일산) (의지재료) (의지재료)","Z01",456,null,43795,"최종승인",26461,"조혜정",43796,305386,"(주) 오토복코리아헬스케어","2019-11-25","2019-12-03",2,"EA",363000,1,726000,2,726000,43795,"결제",null,0,null,726000,43795,726000,43795,"상신","결재완료",726000,43830,726000,43830]
[1102,1000063556,20,"물품구매-의지하지/임*은",1945602143,"의지상지 미관형의수 전자글러브 등 3종",20,"Z20010373","의지상지-반자동의수(독일산) (의지재료) (의지재료)","Z01",456,null,43790,"최종승인",9620,"임성은",43791,305386,"(주) 오토복코리아헬스케어","2019-11-21","2019-11-28",1,"EA",363000,1,363000,1,363000,43794,"결제",null,0,null,363000,43794,363000,43794,"상신","결재완료",363000,43830,363000,43830]
[1102,1000063682,120,"물품구매(상지의지-한*영 외 조*정)",1945602184,"의지상지 미관형의수 등 3종",110,"Z20010379","의지상지-상박신경줄호스머(호스머) (의지재료) (의지재료)","Z01",456,null,43796,"최종승인",26461,"조혜정",43797,301263,"성림교역","2019-11-25","2019-11-28",3,"EA",95000,1,285000,3,285000,43794,"결제",null,0,null,285000,43794,285000,43794,"상신","결재완료",285000,43830,285000,43830]
[1102,1000063506,20,"물품구매(의지하지-박*규,배*임/김*선)",1945602139,"의지하지 단축발발목장식 등 2종",20,"Z20010438","의지하지-대퇴무릎장식단축식티타늄3R49(독일산) (의지재료) (의지재료)","Z01",456,null,43789,"최종승인",6675,"김훈선",43791,305386,"(주) 오토복코리아헬스케어","2019-11-20","2019-11-27",1,"EA",700000,1,700000,1,700000,43791,"결제",null,0,null,700000,43791,700000,43791,"상신","결재완료",700000,43830,700000,43830]
[1102,1000063665,10,"물품구매(베어링 등 3건/법인카드)",1945602179,"골유착임플란트/베어링 등 3종",10,"Z20050686","베어링(KT303620)","Z01",456,null,43795,"최종승인",11509,"장대진",43796,516545280,"골유착임플란트-5280","2019-11-22","2019-11-29",6,"EA",4620,1,27720,6,27720,43791,"결제",null,0,null,27720,43791,27720,43791,"상신","결재완료",0,null,27720,43825]
[1102,1000063378,10,"물품 구매(의지 하지-서*택/신*현)",1945602109,"의지하지 실리콘싹스",10,"Z20010508","의지하지-실리콘싹스대퇴용(대퇴용) (의지재료) (의지재료)","Z01",456,null,43783,"최종승인",6158,"신무현",43788,305386,"(주) 오토복코리아헬스케어","2019-11-14","2019-11-21",1,"EA",399000,1,399000,1,399000,43790,"결제",null,0,null,399000,43790,399000,43790,"상신","결재완료",399000,43830,399000,43830]
[1102,1000063516,10,"물품구매-소모품/임*은",1945602127,"소모품 실리콘유리용 등 7종",10,"Z20010217","소모품-실리콘유리용(급속형) (의지재료) (의지재료)","Z01",456,null,43789,"최종승인",9620,"임성은",43790,301148,"신성메디칼","2019-11-20","2019-11-27",10,"EA",3000,1,30000,10,30000,43790,"결제",null,0,null,30000,43790,30000,43790,"상신","결재완료",30000,43830,30000,43830]
[1102,1000063417,10,"물품구매/전동휠체어/박*준/조*문",1945602088,"휠체어전동형",10,"Z20120492","휠체어전동형-B400 (의지재료) (의지재료)","Z01",456,null,43784,"최종승인",6164,"조성문",43787,324832,"주식회사 이레엠케어","2019-11-15","2019-11-22",1,"EA",2070000,1,2070000,1,2070000,43788,"결제",null,0,null,2070000,43788,2070000,43788,"상신","결재완료",2070000,43830,2070000,43830]
[1102,1000063434,30,"물품구매 의지하지/창원센터",1945602097,"의지하지 대퇴무릎장식 등 3종",30,"Z20010471","의지하지-발목장식오토복단축식알루미늄(독일산) (의지재료) (의지재료)","Z01",456,null,43787,"최종승인",8445,"차민국",43787,305386,"(주) 오토복코리아헬스케어","2019-11-18","2019-11-25",1,"EA",176000,1,176000,1,176000,43788,"결제",null,0,null,176000,43788,176000,43788,"상신","결재완료",176000,43830,176000,43830]
[1102,1000063497,10,"물품구매(손의지-박*수 외 조*정)",1945602124,"의지상지 미관형의수 등 3종",10,"Z20010367","의지상지-미관형의수실리콘두손 (의지재료) (의지재료)","Z01",456,null,43789,"최종승인",26461,"조혜정",43790,300508,"두손의수","2019-11-19","2019-11-27",7,"EA",230000,1,1610000,7,1610000,43788,"결제",null,0,null,1610000,43788,1610000,43788,"상신","결재완료",1610000,43830,1610000,43830]
[1102,1000063365,50,"물품구매(의지하지=강*호 외 조*정)",1945602110,"의지하지 컴포트웨이브 등 5종",50,"Z20010722","의지하지-더모웨이브락킹(오서) (의지재료)","Z01",456,null,43783,"최종승인",26461,"조혜정",43788,301434,"오서코리아주식회사","2019-11-13","2019-11-21",1,"EA",398000,1,398000,1,398000,43787,"결제",null,0,null,398000,43787,398000,43787,"상신","결재완료",398000,43830,398000,43830]
[1102,1000063409,50,"물품구매(호스머 후크 등 6종)",1945602095,"자체 시험상용화/호스머후크등 6종",50,"Z20050625","상지-상박용하니스키트(연구재료) (연구재료)","Z01",456,null,43784,"최종승인",27783,"이미경",43787,301263,"성림교역","2019-11-15","2019-11-22",1,"EA",110000,1,110000,1,110000,43787,"결제",null,0,null,110000,43787,110000,43787,"상신","결재완료",110000,43809,110000,43809]
[1102,1000063281,20,"물품구매(손 3D스캔 및 모델 제작 등 2건/세금계산서)",1945602051,"스마트소켓/손 3d스캔 및 모델 제작 등 2종",20,"Z20050607","스마트소켓(연구재료) (연구재료)","Z01",456,null,43794,"최종승인",8220,"신현준",43781,324326,"퍼스트 케이","2019-11-11","2019-11-30",1,"EA",450000,1,450000,1,450000,43784,"결제",null,0,null,450000,43784,450000,43784,"상신","결재완료",0,null,450000,43794]
[1102,1000063367,90,"물품구매(기타재료)",1945602107,"소모품 석고소석고 등 16종",90,"Z20010276","소모품-카타칼大(10개입) (의지재료) (의지재료)","Z01",456,null,43783,"최종승인",26461,"조혜정",43788,301148,"신성메디칼","2019-11-12","2019-11-21",10,"EA",1350,1,13500,10,13500,43784,"결제",null,0,null,13500,43784,13500,43784,"상신","결재완료",13500,43830,13500,43830]
[1102,1000063367,100,"물품구매(기타재료)",1945602107,"소모품 석고소석고 등 16종",100,"Z20010189","소모품-수술용장갑 (의지재료) (의지재료)","Z01",456,null,43783,"최종승인",26461,"조혜정",43788,301148,"신성메디칼","2019-11-12","2019-11-21",10,"EA",10000,1,100000,10,100000,43784,"결제",null,0,null,100000,43784,100000,43784,"상신","결재완료",100000,43830,100000,43830]
[1102,1500029952,100,"LED등 전기 소모품 구매",1945602062,"led 등 전기 소모품 등 10종",100,null,"자물쇠","Z06",456,null,43781,"최종승인",4752,"이은아",43782,300045,"모아이엔티","2019-11-12","2019-11-20",1,"EA",6000,1,6000,1,6000,43784,"결제",null,0,null,6000,43784,6000,43784,"상신","결재완료",6000,43794,6000,43794]
[1102,1000063156,10,"물품구매(식사보조 충격 제한 시험용 Dummy등 2종)",1945602027,"돌봄로봇평가/식사보조 충격 제한 시험용 더비 등 2종",10,"Z20050814","돌봄로봇평가(연구재료)","Z01",456,null,43784,"최종승인",27377,"정성배",43780,303269,"에스씨엠테크놀러지","2019-11-06","2019-11-22",1,"EA",3960000,1,3960000,1,3960000,43781,"결제",null,0,null,3960000,43781,3960000,43781,"상신","결재완료",0,null,3960000,43794]
[1102,1000063213,30,"물품구매(강*규-서*택/유*선)",1945602035,"활동형휠체어 등 8종",30,"Z20120163","휠체어수리-배터리(12V,34Ah) (의지재료) (의지재료)","Z01",456,null,43777,"최종승인",26283,"유재선",43780,301700,"(주)휠로피아","2019-11-08","2019-11-15",2,"EA",65000,1,130000,2,130000,43781,"결제",null,0,null,130000,43781,130000,43781,"상신","결재완료",130000,43830,130000,43830]
[1102,1000063218,10,"물품구매(미관형의수-정*구)",1945602042,"의지상지 미관형의수",10,"Z20010367","의지상지-미관형의수실리콘두손 (의지재료) (의지재료)","Z01",456,null,43780,"최종승인",9144,"정창희",43781,300508,"두손의수","2019-11-11","2019-11-18",1,"EA",230000,1,230000,1,230000,43781,"결제",null,0,null,230000,43781,230000,43781,"상신","결재완료",230000,43830,230000,43830]
[1102,1000063237,20,"물품구매(휠체어수리/천*민)",1945602040,"휠체어수리 등 2종",20,"Z20120387","휠체어수리-튜브에어용미키(20in) (의지재료) (의지재료)","Z01",456,null,43780,"최종승인",27784,"천성민",43780,301882,"미키메디칼","2019-11-11","2019-11-18",6,"EA",5455,1,32730,6,32730,43781,"결제",null,0,null,32730,43781,32730,43781,"상신","결재완료",32730,43830,32730,43830]
[1102,1000062715,20,"물품구매(기어 1 등 5건/세금계산서)",1945601935,"스마트어시스트/기어1 등 5종",20,"Z20050649","기어 2","Z01",456,null,43773,"최종승인",11509,"장대진",43761,325087,"대성정밀","2019-10-22","2019-11-11",2,"EA",121000,1,242000,2,242000,43780,"결제",null,0,null,242000,43780,242000,43780,"상신","결재완료",0,null,242000,43794]
[1102,1000063128,30,"물품구매(하지의지-라*언/양*호)",1945602009,"의지하지 등 3종",30,"Z20011156","의지하지-Tub Adapter, Angled, titan(오토복)","Z01",456,null,43774,"최종승인",27264,"양철호",43774,305386,"(주) 오토복코리아헬스케어","2019-11-04","2019-11-11",1,"EA",243000,1,243000,1,243000,43780,"결제",null,0,null,243000,43780,243000,43780,"상신","결재완료",243000,43830,243000,43830]
[1102,1000063164,20,"물품구매/실리콘내피(대퇴,하퇴용)/김*수/김*동/김*진/김*관/박*훈/조*문",1945602020,"의지하지 실리콘싹스 등 3종",20,"Z20010532","의지하지-실리콘싹스컴포트하퇴용(외산) (의지재료) (의지재료)","Z01",456,null,43775,"최종승인",6164,"조성문",43776,301434,"오서코리아주식회사","2019-11-06","2019-11-13",6,"EA",338000,1,2028000,6,2028000,43777,"결제",null,0,null,2028000,43777,2028000,43777,"상신","결재완료",2028000,43830,2028000,43830]
[1102,1000063089,40,"물품구매/휠체어(소모품)/조*문",1945602000,"휠체어일반형 등 4종",40,"Z20120251","휠체어수리-앞바퀴조립수동오토복(6in) (의지재료) (의지재료)","Z01",456,null,43773,"최종승인",6164,"조성문",43774,324832,"주식회사 이레엠케어","2019-11-04","2019-11-11",2,"EA",23000,1,46000,2,46000,43775,"결제",null,0,null,46000,43775,46000,43775,"상신","결재완료",46000,43830,46000,43830]
[1102,1000063093,40,"물품구매/의지재료/조*문",1945602003,"보조기하지 등 8종",40,"Z20010075","의지하지-클램프알미늄(알미늄) (의지재료) (의지재료)","Z01",456,null,43773,"최종승인",6164,"조성문",43774,301263,"성림교역","2019-11-04","2019-11-11",10,"EA",39000,1,390000,10,390000,43775,"결제",null,0,null,390000,43775,390000,43775,"상신","결재완료",390000,43830,390000,43830]
[1102,1000063117,80,"물품구매/의지재료(소모품)/조*문",1945601996,"소모품 썰린 등 10종",80,"Z20010156","소모품-부탄가스(220g) (의지재료) (의지재료)","Z01",456,null,43774,"최종승인",6164,"조성문",43774,301148,"신성메디칼","2019-11-05","2019-11-12",5,"EA",1000,1,5000,5,5000,43775,"결제",null,0,null,5000,43775,5000,43775,"상신","결재완료",5000,43830,5000,43830]
[1102,1000063033,20,"물품구매 수부 /창원센터",1945601987,"의지상지 미관형의수 등 4종",20,"Z20010363","의지상지-미관형의수레진두손 (의지재료) (의지재료)","Z01",456,null,43770,"최종승인",6166,"김현종",43773,300508,"두손의수","2019-11-01","2019-11-08",3,"EA",90000,1,270000,3,270000,43774,"결제",null,0,null,270000,43774,270000,43774,"상신","결재완료",270000,43830,270000,43830]
[1102,1000063034,60,"물품구매 휠체어, 방석 /창원센터",1945601984,"휠체어 나래 등 6종",60,"Z20120641","활동형휠체어- 노바제로 A타입 (티오엠)","Z01",456,null,43770,"최종승인",6166,"김현종",43773,324832,"주식회사 이레엠케어","2019-11-01","2019-11-08",1,"EA",950000,1,950000,1,950000,43774,"결제",null,0,null,950000,43774,950000,43774,"상신","결재완료",950000,43830,950000,43830]
[1102,1000062856,10,"물품구매(이동형 리프트)",1945601970,"자체 시험상용화/이동형리프트",10,"Z20050655","이동형리프트(연구재료) (연구재료)","Z01",456,null,43773,"최종승인",26292,"오혜정",43768,302514,"비케이메디텍","2019-10-29","2019-11-11",3,"EA",2110000,1,6330000,3,6330000,43769,"결제",null,0,null,6330000,43769,6330000,43769,"상신","결재완료",6330000,43780,6330000,43780]
[1102,1000062862,10,"물품구매(조*옥-이*희-길*일-오*규-김*환/유*선)",1945601964,"활동형휠체어 등 4종",10,"Z20120635","활동형 휠체어- CAMEL SPORT A타입 휠로피아","Z01",456,null,43767,"최종승인",26283,"유재선",43767,301700,"(주)휠로피아","2019-10-29","2019-11-05",2,"EA",950000,1,1900000,2,1900000,43768,"결제",null,0,null,1900000,43768,1900000,43768,"상신","결재완료",1900000,43798,1900000,43798]
[1102,1000062881,30,"물품구매(토탈니 2000) 등 4종",1945601968,"자체 시험상용화/무릎관절장치 토탈니 등 4종",30,"Z20050540","하지-회전4홀피메일어댑터(연구재료) (연구재료)","Z01",456,null,43767,"최종승인",26292,"오혜정",43768,301434,"오서코리아주식회사","2019-10-29","2019-11-05",1,"EA",75000,1,75000,1,75000,43768,"결제",null,0,null,75000,43768,75000,43768,"상신","결재완료",75000,43780,75000,43780]
[1102,1000062746,10,"물품 구매(의지 하지-신*복/신*현)",1945601967,"의지하지 실리콘싹스",10,"Z20010546","의지하지-실리콘싹스X5씰린대퇴용(미국산) (의지재료) (의지재료)","Z01",456,null,43761,"최종승인",6158,"신무현",43768,301434,"오서코리아주식회사","2019-10-23","2019-10-30",1,"EA",600000,1,600000,1,600000,43767,"결제",null,0,null,600000,43767,600000,43767,"상신","결재완료",600000,43798,600000,43798]
[1102,1000062870,10,"물품구매(의수 패럴린 코팅)",1945601973,"직무지원/의수 패럴린 코팅",10,"Z20050113","직무지원 연구재료 (연구재료) (연구재료)","Z01",456,null,43767,"최종승인",26292,"오혜정",43768,323203,"코스텍","2019-10-29","2019-11-05",2,"EA",50000,1,100000,2,100000,43767,"결제",null,0,null,100000,43767,100000,43767,"상신","결재완료",100000,43780,100000,43780]
[1102,1000062697,10,"물품구매(의지재료/천*민)",1945601934,"보조기척추 등 10종",10,"Z20010034","보조기척추-필라델피아 (의지재료) (의지재료)","Z01",456,null,43760,"최종승인",27784,"천성민",43761,301148,"신성메디칼","2019-10-22","2019-10-29",16,"EA",25000,1,400000,16,400000,43762,"결제",null,0,null,400000,43762,400000,43762,"상신","결재완료",400000,43798,400000,43798]
[1102,1000062797,10,"물품구매요구(케이블타이등 10건/법인카드)",1945601945,"작업용의자차/케이블다이등 10건",10,"Z20050766","작업용의자차(연구재료)","Z01",456,null,43770,"최종승인",11510,"정성윤",43762,507597926,"보조기구부합화-7926","2019-10-24","2019-11-08",1,"EA",794970,1,794970,1,794970,43762,"결제",null,0,null,794970,43762,794970,43762,"상신","결재완료",0,null,794970,43811]
[1102,1000062660,10,"물품구매 의지하지/창원센터",1945601916,"의지하지 발",10,"Z20010494","의지하지-발Bk(국산) (의지재료) (의지재료)","Z01",456,null,43756,"최종승인",8445,"차민국",43759,302514,"비케이메디텍","2019-10-18","2019-10-25",2,"EA",188000,1,376000,2,376000,43760,"결제",null,0,null,376000,43760,376000,43760,"상신","결재완료",376000,43798,376000,43798]
[1102,1000062694,10,"물품구매(미관형의수-박*수)",1945601923,"의지상지 미관형의수/박*수",10,"Z20010367","의지상지-미관형의수실리콘두손 (의지재료) (의지재료)","Z01",456,null,43759,"최종승인",9144,"정창희",43760,300508,"두손의수","2019-10-21","2019-10-28",2,"EA",230000,1,460000,2,460000,43760,"결제",null,0,null,460000,43760,460000,43760,"상신","결재완료",460000,43798,460000,43798]
[1102,1000062478,30,"물품 구매(의지 상지-박*택,임*석,배*오/신*현)",1945601890,"의지상지 미관형의수 등 3종",30,"Z20011060","의지상지-호스머후크-대우,스텐(고무X)","Z01",456,null,43752,"최종승인",6158,"신무현",43754,301263,"성림교역","2019-10-14","2019-10-21",1,"EA",510000,1,510000,1,510000,43759,"결제",null,0,null,510000,43759,510000,43759,"상신","결재완료",510000,43798,510000,43798]
[1102,1000062454,30,"물품구매(기타재료)",1945601864,"소모품 뒤플렉스 등 12종",30,"Z20010338","소모품-P.P(5x120x240) (의지재료) (의지재료)","Z01",456,null,43749,"최종승인",26461,"조혜정",43752,301148,"신성메디칼","2019-10-11","2019-10-18",2,"EA",65000,1,130000,2,130000,43756,"결제",null,0,null,130000,43756,130000,43756,"상신","결재완료",130000,43798,130000,43798]
[1102,1300010815,10,"19년10월소방점검(중앙소방이앤지)",1945800071,"10월 소방점검",10,null,"19년10월소방점검","Z04",458,null,43740,"최종승인",6176,"김상수",43745,302183,"(주) 중앙소방이앤지","2019-10-01","2019-10-31",1,"개",190000,1,190000,1,190000,43756,"결제",null,0,null,190000,43756,190000,43756,"상신","결재완료",190000,43780,190000,43780]
[1102,1000062687,30,"물품구매(체간부지지 버클 등 4건 / 법인카드)",1945601917,"외골격로봇/체간부지지 버클 조리개 등 4종",30,"Z20050807","외골격로봇(연구재료)","Z01",456,null,43791,"최종승인",27520,"최혁재",43759,516525410,"외골격로봇-5410","2019-10-16","2019-11-29",1,"EA",19600,1,19600,1,19600,43754,"결제",null,0,null,19600,43754,19600,43754,"상신","결재완료",0,null,19600,43795]
[1102,1000062445,20,"물품구매 의지하지/창원센터",1945601874,"의지하지 실리콘싹스 등 4종",20,"Z20010672","의지하지-플랙스풋커버(오서) (의지재료)","Z01",456,null,43749,"최종승인",8445,"차민국",43752,301434,"오서코리아주식회사","2019-10-10","2019-10-18",1,"EA",148000,1,148000,1,148000,43753,"결제",null,0,null,148000,43753,148000,43753,"상신","결재완료",148000,43798,148000,43798]
[1102,1000062926,40,"물품구매(김*자,홍*철,김*호)전*만",1945601977,"상지 호스머 엘보 등 3종",30,"Z20010969","의지하지-피라밋형 알미늄 어댑터+플레이트 (의지재료)","Z01",456,null,43768,"최종승인",6160,"전영만",43769,301263,"성림교역","2019-10-10","2019-11-06",1,"EA",65000,1,65000,1,65000,43753,"결제",null,0,null,65000,43753,65000,43753,"상신","결재완료",65000,43798,65000,43798]
[1102,1000062399,20,"물품구매(기타재료)/양*호",1945601873,"의지하지 락장식 등 2종",20,"Z20010494","의지하지-발Bk(국산) (의지재료) (의지재료)","Z01",456,null,43748,"최종승인",27264,"양철호",43752,302514,"비케이메디텍","2019-10-08","2019-10-15",14,"EA",188000,1,2632000,14,2632000,43752,"결제",null,0,null,2632000,43752,2632000,43752,"상신","결재완료",2632000,43798,2632000,43798]
[1102,1000062430,40,"물품구매(본드)",1945601857,"소모품 본드 등 7종",40,"Z20010174","소모품-석고소석고2급b(25kg) (의지재료) (의지재료)","Z01",456,null,43749,"최종승인",9144,"정창희",43749,301148,"신성메디칼","2019-10-11","2019-10-18",5,"EA",23750,1,118750,5,118750,43752,"결제",null,0,null,118750,43752,118750,43752,"상신","결재완료",118750,43798,118750,43798]
[1102,1000062481,10,"물품구매(체간부보관함/법인카드)",1945601863,"외골격로봇/체간부보관함",10,"Z20050807","외골격로봇(연구재료)","Z01",456,null,43762,"최종승인",27607,"이종원",43752,516525410,"외골격로봇-5410","2019-10-14","2019-10-31",1,"EA",867840,1,867840,1,867840,43752,"결제",null,0,null,867840,43752,867840,43752,"상신","결재완료",0,null,867840,43795]
[1102,1000062381,20,"기타",1945601836,"타이어 등 19종",20,"Z20120332","휠체어수리-타이어산악용일산(24,25in) (의지재료) (의지재료)","Z01",456,null,43746,"최종승인",26283,"유재선",43748,301700,"(주)휠로피아","2019-10-08","2019-10-15",10,"EA",23200,1,232000,10,232000,43749,"결제",null,0,null,232000,43749,232000,43749,"상신","결재완료",232000,43798,232000,43798]
[1102,1000062381,170,"기타",1945601836,"타이어 등 19종",170,"Z20120164","휠체어수리-배터리(12V,40Ah) (의지재료) (의지재료)","Z01",456,null,43746,"최종승인",26283,"유재선",43748,301700,"(주)휠로피아","2019-10-08","2019-10-15",2,"EA",75000,1,150000,2,150000,43749,"결제",null,0,null,150000,43749,150000,43749,"상신","결재완료",150000,43798,150000,43798]
[1102,1000062383,20,"기타",1945601838,"휠체어수리 타이어 등 6종",20,"Z20120663","휠체어수리 - 타이어 마라톤플러스(24in)  미키메디칼","Z01",456,null,43746,"최종승인",26283,"유재선",43748,301882,"미키메디칼","2019-10-08","2019-10-15",10,"EA",32000,1,320000,10,320000,43749,"결제",null,0,null,320000,43749,320000,43749,"상신","결재완료",320000,43798,320000,43798]
[1102,1000062238,10,"물품구매(이승보조로봇 시험용 슬링세트 등 3종)",1945601799,"돌봄로봇평가/이승보조로봇 시험용 슬링세트 등 3종",10,"Z20050814","돌봄로봇평가(연구재료)","Z01",456,null,43746,"최종승인",27377,"정성배",43742,319518,"한울","2019-10-01","2019-10-15",2,"EA",275000,1,550000,2,550000,43746,"결제",null,0,null,550000,43746,550000,43746,"상신","결재완료",0,null,550000,43763]
[1102,1000062297,50,"물품구매(휠체어-김*철)",1945601813,"활동형휠체어 등 6종",50,"Z20120260","휠체어수리-앞바퀴조립우레탄미키(6in) (의지재료) (의지재료)","Z01",456,null,43742,"최종승인",9144,"정창희",43745,309507,"미키코리아(주)","2019-10-04","2019-10-11",10,"EA",20000,1,200000,10,200000,43746,"결제",null,0,null,200000,43746,200000,43746,"상신","결재완료",200000,43798,200000,43798]
[1102,1000062311,10,"물품구매 수부 /창원센터",1945601822,"의지상지 미관형의수 등 2종",10,"Z20010367","의지상지-미관형의수실리콘두손 (의지재료) (의지재료)","Z01",456,null,43742,"최종승인",6166,"김현종",43745,300508,"두손의수","2019-10-04","2019-10-11",8,"EA",230000,1,1840000,8,1840000,43746,"결제",null,0,null,1840000,43746,1840000,43746,"상신","결재완료",1840000,43798,1840000,43798]
[1102,1500029357,70,"물품구매(컬러프린터 토너(검정) 등 9건/세금계산서)",1945601804,"스마트어시스트/컬러프린터 등 9종",70,null,"컬러프린터 잉크 (파랑)","Z06",456,null,43740,"최종승인",26892,"권칠용",43742,321731,"주식회사 소명시스템","2019-10-02","2019-10-31",2,"EA",19800,1,39600,2,39600,43745,"결제",null,0,null,39600,43745,39600,43745,"상신","결재완료",0,null,39600,43763]
[1102,1000062191,10,"물품구매(iglidur)",1945601798,"직무지원/iglidur",10,"Z20050113","직무지원 연구재료 (연구재료) (연구재료)","Z01",456,null,43738,"최종승인",6147,"김도완",43742,303459,"한국이구스 주식회사","2019-09-30","2019-10-07",10,"EA",1080,1,10800,10,10800,43739,"결제",null,0,null,10800,43739,10800,43739,"상신","결재완료",10800,43748,10800,43748]
[1102,1000062141,10,"물품구매(ACL 등 3종)",1945601792,"자체 시험상용화/acl 등 3종",10,"Z20050827","기타-ACL(연구재료)","Z01",456,null,43735,"최종승인",26292,"오혜정",43738,322758,"오르텍주식회사","2019-09-26","2019-10-04",1,"EA",32000,1,32000,1,32000,43738,"결제",null,0,null,32000,43738,32000,43738,"상신","결재완료",32000,43748,32000,43748]
[1102,1000062161,30,"물품구매(직무형인골발/오딧세이K2 등 3종)",1945601795,"자체 시험상용화/직무형인공발 오딧세이 등 3종",30,"Z20050835","하지-직무형인공발(오딧세이 K3)(연구재료)","Z01",456,null,43735,"최종승인",26292,"오혜정",43738,301263,"성림교역","2019-09-27","2019-10-04",1,"EA",2990000,1,2990000,1,2990000,43738,"결제",null,0,null,2990000,43738,2990000,43738,"상신","결재완료",2990000,43748,2990000,43748]
[1102,1000061989,10,"물품구매요구(ES2.9-12배터리 등 2건/법인카드)",1945601783,"작업용의자차/es2.9 12배터리 등 2종",10,"Z20050766","작업용의자차(연구재료)","Z01",456,null,43731,"최종승인",11510,"정성윤",43734,507597926,"보조기구부합화-7926","2019-09-23","2019-09-30",20,"EA",390750,20,390750,20,390750,43731,"결제",null,0,null,390750,43731,390750,43731,"상신","결재완료",0,null,390750,43781]
[1102,1500029186,30,"물품구매(흑백프린터토너 등 6종)",1945601775,"돌봄로봇평가/흑백프린터토너 등 6종",30,null,"컬러프린터토너(검정)-CLX6260FR","Z06",456,null,43727,"최종승인",27377,"정성배",43727,321731,"주식회사 소명시스템","2019-09-19","2019-09-27",1,"EA",88000,1,88000,1,88000,43731,"결제",null,0,null,88000,43731,88000,43731,"상신","결재완료",0,null,88000,43733]
[1102,1500029259,20,"물품구매 (아크릴 양면테이프 등 5건/ 법인카드 5410(외골격로봇))",1945601785,"외골격로봇/아크릴 양면테이프 등 5종",20,null,"외골격로봇(연구재료)","Z06",456,null,43762,"최종승인",27520,"최혁재",43735,516525410,"외골격로봇-5410","2019-09-18","2019-10-31",1,"EA",101600,1,101600,1,101600,43726,"결제",null,0,null,101600,43726,101600,43726,"상신","결재완료",0,null,101600,43766]
[1102,1000061684,40,"물품구맴(의지하지-김*민,왕*영/김*선)",1945601748,"의지하지 실리콘싹스 등 4종",40,"Z20010525","의지하지-실리콘싹스어퍼액스전박용(미국산) (의지재료) (의지재료)","Z01",456,null,43712,"최종승인",6675,"김훈선",43714,301434,"오서코리아주식회사","2019-09-04","2019-09-11",1,"EA",340000,1,340000,1,340000,43717,"결제",null,0,null,340000,43717,340000,43717,"상신","결재완료",340000,43769,340000,43769]
[1102,1000061689,10,"물품구매(임*출-임*택/유*선)",1945601729,"일반형휠체어 등 2종",10,"Z20120652","일반형휠체어-SMART-cpu(24D)우리체어메디칼","Z01",456,null,43713,"최종승인",26283,"유재선",43713,324470,"우리체어메디칼","2019-09-05","2019-09-12",1,"EA",450000,1,450000,1,450000,43717,"결제",null,0,null,450000,43717,450000,43717,"상신","결재완료",450000,43769,450000,43769]
[1102,1000061714,10,"물품구매(라미네이션레진/양*호)",1945601735,"소모품 레진라미네이션",10,"Z20010118","소모품-레진라미네이션(4kg) (의지재료) (의지재료)","Z01",456,null,43713,"최종승인",27264,"양철호",43714,305386,"(주) 오토복코리아헬스케어","2019-09-05","2019-09-12",1,"EA",168000,1,168000,1,168000,43717,"결제",null,0,null,168000,43717,168000,43717,"상신","결재완료",168000,43769,168000,43769]
[1102,1000061721,50,"물품구매(Modula Kit Transhumeral 등 5종)",1945601739,"자체 시험상용화/modular kit 등 5종",50,"Z20050822","하지-직무형인공발(Taleo)(연구재료)","Z01",456,null,43713,"최종승인",26292,"오혜정",43714,305386,"(주) 오토복코리아헬스케어","2019-09-05","2019-09-12",1,"EA",2100000,1,2100000,1,2100000,43717,"결제",null,0,null,2100000,43717,2100000,43717,"상신","결재완료",2100000,43733,2100000,43733]
[1102,1000061627,20,"물품구매(매트리스)",1945601715,"욕창예방매트리스 등 2종",20,"Z20130055","욕창예방매트리스-Md-100 TPU3","Z01",456,null,43711,"최종승인",26461,"조혜정",43712,301766,"은혜메디칼","2019-09-02","2019-09-10",3,"EA",380000,1,1140000,3,1140000,43714,"결제",null,0,null,1140000,43714,1140000,43714,"상신","결재완료",1140000,43769,1140000,43769]
[1102,1000061629,10,"물품구매(박리샌딩흑색무광)",1945601718,"직무지원/박리샌딩흑색무광",10,"Z20050113","직무지원 연구재료 (연구재료) (연구재료)","Z01",456,null,43711,"최종승인",6147,"김도완",43712,312202,"주식회사삼원알텍","2019-09-03","2019-09-10",11,"EA",4000,1,44000,11,44000,43712,"결제",null,0,null,44000,43712,44000,43712,"상신","결재완료",44000,43718,44000,43718]
[1102,1000061641,10,"물품구매(평가보드 등 4종 1건/법인카드)",1945601711,"스마트어시스트/평가보드 등 4종",10,"Z20050649","스마트어시스트(연구재료) (연구재료)","Z01",456,null,43731,"최종승인",6363,"홍응표",43712,516589379,"스마트어시스트-9379","2019-09-03","2019-09-30",1,"EA",455279,1,455279,1,455279,43711,"결제",null,0,null,455279,43711,455279,43711,"상신","결재완료",0,null,455279,43734]
[1102,1000061320,10,"물품구매(Battery Endurance Tester Jig)",1945601653,"배터리성능평가/battery endurance tester jig",10,"Z20050606","배터리성능평가(연구재료) (연구재료)","Z01",456,null,43707,"최종승인",27377,"정성배",43704,303269,"에스씨엠테크놀러지","2019-08-26","2019-09-06",1,"EA",880000,1,880000,1,880000,43706,"결제",null,0,null,880000,43706,880000,43706,"상신","결재완료",0,null,880000,43718]
[1102,1000061383,10,"물품구매-의지상지/이*승/임*은",1945601673,"의지상지 전자의수/이*승",10,"Z20010405","의지상지-전자의수Bk(국산) (의지재료) (의지재료)","Z01",456,null,43705,"최종승인",9620,"임성은",43705,302514,"비케이메디텍","2019-08-28","2019-09-04",1,"EA",2685000,1,2685000,1,2685000,43706,"결제",null,0,null,2685000,43706,2685000,43706,"상신","결재완료",2685000,43738,2685000,43738]
[1102,1000061442,10,"물품구매(볼트 외 5건/법인카드)",1945601695,"작업용의자차/볼트 등 6건",10,"Z20050766","작업용의자차(연구재료)","Z01",456,null,43720,"최종승인",27685,"황석진",43710,507597926,"보조기구부합화-7926","2019-08-29","2019-09-19",1,"EA",381700,1,381700,1,381700,43706,"결제",null,0,null,381700,43706,381700,43706,"상신","결재완료",0,null,381700,43752]
[1102,1000061295,20,"물품구매(휠체어-구*용,ZHAO*/천*민)",1945601630,"활동형휠체어 등 2종",20,"Z20120392","휠체어수리-튜브일반형휠로피아(24x13/8in) (의지재료) (의지재료)","Z01",456,null,43700,"최종승인",27784,"천성민",43703,301700,"(주)휠로피아","2019-08-23","2019-08-30",10,"EA",4400,1,44000,10,44000,43705,"결제",null,0,null,44000,43705,44000,43705,"상신","결재완료",44000,43738,44000,43738]
[1102,1000061261,10,"물품구매(미관형의수)",1945601655,"자체 시험상용화/미관형의수",10,"Z20050118","미관형 의수-고강도 실리콘 (연구재료) (연구재료)","Z01",456,null,43703,"최종승인",26292,"오혜정",43704,300508,"두손의수","2019-08-26","2019-09-02",2,"EA",230000,1,460000,2,460000,43704,"결제",null,0,null,460000,43704,460000,43704,"상신","결재완료",460000,43718,460000,43718]
[1102,1000061273,30,"물품구매 수부 /창원센터",1945601634,"의지상지 미관형의수 등 3종",30,"Z20010363","의지상지-미관형의수레진두손 (의지재료) (의지재료)","Z01",456,null,43700,"최종승인",6166,"김현종",43703,300508,"두손의수","2019-08-23","2019-08-30",2,"EA",90000,1,180000,2,180000,43704,"결제",null,0,null,180000,43704,180000,43704,"상신","결재완료",180000,43738,180000,43738]
[1102,1000061289,10,"물품구매(NUCLEO-F446RE/법인카드)",1945601662,"스마트소켓/nucleo f446re",10,"Z20050607","스마트소켓(연구재료) (연구재료)","Z01",456,null,43717,"최종승인",27184,"배주환",43704,516506169,"스마트소켓-6169","2019-08-26","2019-09-16",10,"EA",23650,1,236500,10,236500,43704,"결제",null,0,null,236500,43704,236500,43704,"상신","결재완료",0,null,236500,43734]
[1102,1000061362,40,"물품구매(미관형의수-김*국)",1945601683,"의지상지 미관형의수 등 11종",40,"Z20010388","의지상지-상박주관절장식키드형중국(중국산) (의지재료) (의지재료)","Z01",456,null,43704,"최종승인",9144,"정창희",43705,301263,"성림교역","2019-08-27","2019-09-03",1,"EA",170000,1,170000,1,170000,43704,"결제",null,0,null,170000,43704,170000,43704,"상신","결재완료",170000,43738,170000,43738]
[1102,1000061367,50,"물품구매(실리콘라이너-신*길)",1945601684,"의지하지 실리콘싹스 등 8종",50,"Z20010543","의지하지-실리콘싹스향균라이너하퇴용(독일산) (의지재료) (의지재료)","Z01",456,null,43704,"최종승인",9144,"정창희",43705,305386,"(주) 오토복코리아헬스케어","2019-08-27","2019-09-03",1,"EA",235000,1,235000,1,235000,43704,"결제",null,0,null,235000,43704,235000,43704,"상신","결재완료",235000,43738,235000,43738]
[1102,1000061248,10,"물품구매(방석)",1945601639,"욕창예방방석 등 2종",10,"Z20130023","욕창예방방석공기격자형-로호 (의지재료) (의지재료)","Z01",456,null,43700,"최종승인",26461,"조혜정",43704,305386,"(주) 오토복코리아헬스케어","2019-08-23","2019-08-30",18,"EA",370000,1,6660000,18,6660000,43703,"결제",null,0,null,6660000,43703,6660000,43703,"상신","결재완료",6660000,43738,6660000,43738]
[1102,1000061135,10,"물품구매(인공지능 무릎/양*호)",1945601597,"의지하지 대퇴무릎장식",10,"Z20010446","의지하지-대퇴무릎장식Bk인공지능(인공지능) (의지재료) (의지재료)","Z01",456,null,43697,"최종승인",27264,"양철호",43699,302514,"비케이메디텍","2019-08-20","2019-08-27",2,"EA",2484000,1,4968000,2,4968000,43700,"결제",null,0,null,4968000,43700,4968000,43700,"상신","결재완료",4968000,43738,4968000,43738]
[1102,1000061182,10,"물품구매/장하지보조기장식/정형화/박*섭/조*문",1945601595,"보조기구두 정형화 등 3종",10,"Z20010003","보조기구두-정형화 (의지재료) (의지재료)","Z01",456,null,43698,"최종승인",6164,"조성문",43699,322758,"오르텍주식회사","2019-08-21","2019-08-28",1,"EA",35000,1,35000,1,35000,43700,"결제",null,0,null,35000,43700,35000,43700,"상신","결재완료",35000,43738,35000,43738]
[1102,1000061244,20,"물품구매(스타키넷)",1945601621,"소모품 스타키넷 등 3종",20,"Z20010095","소모품-나이론낙하산줄(낙하산줄) (의지재료) (의지재료)","Z01",456,null,43700,"최종승인",9144,"정창희",43703,301148,"신성메디칼","2019-08-22","2019-08-30",3,"EA",40000,1,120000,3,120000,43700,"결제",null,0,null,120000,43700,120000,43700,"상신","결재완료",120000,43738,120000,43738]
[1102,1000061163,10,"물품구매(한*진/유*선)",1945601589,"활동형휠체어 등 4종",10,"Z20120635","활동형 휠체어- CAMEL SPORT A타입 휠로피아","Z01",456,null,43697,"최종승인",26283,"유재선",43698,301700,"(주)휠로피아","2019-08-20","2019-08-27",1,"EA",950000,1,950000,1,950000,43699,"결제",null,0,null,950000,43699,950000,43699,"상신","결재완료",950000,43738,950000,43738]
[1102,1000061206,20,"물품구매(의지상지-김*호 외 조*정)",1945601606,"의지상지 미관형의수 등 8종",20,"Z20011072","의지상지-근전전동의수내피(독일산)","Z01",456,null,43698,"최종승인",26461,"조혜정",43699,305386,"(주) 오토복코리아헬스케어","2019-08-20","2019-08-28",2,"EA",126000,1,252000,2,252000,43699,"결제",null,0,null,252000,43699,252000,43699,"상신","결재완료",252000,43738,252000,43738]
[1102,1000061209,20,"물품구매(의지상지-주*수 외 조*정)",1945601609,"의지상지 호스머후크 등 7종",20,"Z20010368","의지상지-미관형의수실리콘리갈(외산) (의지재료) (의지재료)","Z01",456,null,43698,"최종승인",26461,"조혜정",43699,301263,"성림교역","2019-08-20","2019-08-28",2,"EA",230000,1,460000,2,460000,43699,"결제",null,0,null,460000,43699,460000,43699,"상신","결재완료",460000,43738,460000,43738]
[1102,1000061210,40,"물품구매(의지하지-권*진 외 조*정)",1945601610,"의지하지 실리콘싹스 등 4종",40,"Z20010989","의지하지-Renew Silicone (맞춤형 실리콘) (의지재료) (의지","Z01",456,null,43698,"최종승인",26461,"조혜정",43699,301263,"성림교역","2019-08-20","2019-08-28",1,"EA",80000,1,80000,1,80000,43699,"결제",null,0,null,80000,43699,80000,43699,"상신","결재완료",80000,43738,80000,43738]
[1102,1000061212,80,"물품구매(노루페인트 핑고 제네럴 스프레이 베이스코트 등 9건/법인카드)",1945601593,"작업용의자차/노루페인트 핑고 제네럴 등 9종",80,"Z20050766","작업용의자차(연구재료)","Z01",456,null,43728,"최종승인",26892,"권칠용",43698,507597926,"보조기구부합화-7926","2019-08-21","2019-09-27",1,"EA",67100,1,67100,1,67100,43698,"결제",null,0,null,67100,43698,67100,43698,"상신","결재완료",0,null,67100,43752]
[1102,1000061057,30,"무품구매(손의지-이*삼 외 조*정)",1945601582,"의지상지 미관형의수 등 3종",30,"Z20010360","의지상지-미관형발레진 (의지재료) (의지재료)","Z01",456,null,43693,"최종승인",26461,"조혜정",43696,300508,"두손의수","2019-08-16","2019-08-23",2,"EA",90000,1,180000,2,180000,43697,"결제",null,0,null,180000,43697,180000,43697,"상신","결재완료",180000,43738,180000,43738]
[1102,1000061160,10,"물품구매-욕창방석/박*섭/김*현/김*옥/임*은",1945601624,"욕창예방방석",10,"Z20130024","욕창예방방석공기격자형-커트로 (의지재료) (의지재료)","Z01",456,null,43697,"최종승인",9620,"임성은",43703,305386,"(주) 오토복코리아헬스케어","2019-08-19","2019-08-26",3,"EA",370000,1,1110000,3,1110000,43697,"결제",null,0,null,1110000,43697,1110000,43697,"상신","결재완료",1110000,43738,1110000,43738]
[1102,1000061022,10,"물품구매(의지상지-현*옥 외 조*정)",1945601576,"의지상지 미관형의수 등 3종",10,"Z20010368","의지상지-미관형의수실리콘리갈(외산) (의지재료) (의지재료)","Z01",456,null,43691,"최종승인",26461,"조혜정",43693,301263,"성림교역","2019-08-14","2019-08-21",2,"EA",230000,1,460000,2,460000,43693,"결제",null,0,null,460000,43693,460000,43693,"상신","결재완료",460000,43738,460000,43738]
[1102,1000060985,20,"물품구매(김*석-김*택-한*각/유*선)",1945601557,"휠체어꺽기형 등 5종",20,"Z20120054","휠체어꺽기형-미라지7분리형미키 (의지재료) (의지재료)","Z01",456,null,43689,"최종승인",26283,"유재선",43691,301882,"미키메디칼","2019-08-12","2019-08-19",1,"EA",540000,1,540000,1,540000,43691,"결제",null,0,null,540000,43691,540000,43691,"상신","결재완료",540000,43738,540000,43738]
[1102,1000060938,10,"물품구매 수부 최*진 외 /창원센터",1945601545,"의지상지 미관형의수 등 2종",10,"Z20010367","의지상지-미관형의수실리콘두손 (의지재료) (의지재료)","Z01",456,null,43686,"최종승인",6166,"김현종",43690,300508,"두손의수","2019-08-09","2019-08-16",5,"EA",230000,1,1150000,5,1150000,43690,"결제",null,0,null,1150000,43690,1150000,43690,"상신","결재완료",1150000,43738,1150000,43738]
[1102,1000060896,10,"물품구매(하지의지-순*환/양*호)",1945601538,"의지하리 실리콘싹스 등 3종",10,"Z20010545","의지하지-실리콘싹스향균젤라이너하퇴용(독일산) (의지재료) (의지재료)","Z01",456,null,43684,"최종승인",27264,"양철호",43689,305386,"(주) 오토복코리아헬스케어","2019-08-07","2019-08-14",1,"EA",235000,1,235000,1,235000,43689,"결제",null,0,null,235000,43689,235000,43689,"상신","결재완료",235000,43738,235000,43738]
[1102,1000060925,40,"물품구매(휠체어-박*주)",1945601527,"휠체어꺽기형 등 10종",40,"Z20010602","휠체어수리-브레이크(일반형)-미키 (의지재료) (의지재료)","Z01",456,null,43684,"최종승인",9144,"정창희",43686,309507,"미키코리아(주)","2019-08-07","2019-08-14",6,"EA",12000,1,72000,6,72000,43689,"결제",null,0,null,72000,43689,72000,43689,"상신","결재완료",72000,43738,72000,43738]
[1102,1000060913,30,"물품구매/휠체어(활동,수동)/조*제/안*하/박*준/대구병원/배*우/조*",1945601521,"활동형휠체어 등 5종",30,"Z20120461","휠체어일반형-미라지7 (의지재료) (의지재료)","Z01",456,null,43684,"최종승인",6164,"조성문",43685,309507,"미키코리아(주)","2019-08-07","2019-08-14",1,"EA",520000,1,520000,1,520000,43686,"결제",null,0,null,520000,43686,520000,43686,"상신","결재완료",520000,43738,520000,43738]
[1102,1000060971,30,"물품구매요구(초음파세척기세정제 등 3건/법인카드)",1945601536,"골유착임플란트/초음파세척기용 세정제 등 3종",30,"Z20050686","골유착임플란트(연구재료)","Z01",456,null,43691,"최종승인",26346,"정성윤",43689,516545280,"골유착임플란트-5280","2019-08-09","2019-08-22",2,"EA",33000,1,66000,2,66000,43686,"결제",null,0,null,66000,43686,66000,43686,"상신","결재완료",0,null,66000,43703]
[1102,1500028700,60,"사무용 소모품 구매 (정부화일등 7종)",1945601539,"사무용품 7종",60,null,"플러스펜","Z06",456,null,43689,"최종승인",4752,"이은아",43690,303191,"인성","2019-08-09","2019-08-14",1,"EA",6818,1,6818,1,6818,43686,"결제",null,0,null,6818,43686,6818,43686,"상신","결재완료",6818,43700,6818,43700]
[1102,1500028700,70,"사무용 소모품 구매 (정부화일등 7종)",1945601539,"사무용품 7종",70,null,"매직테이프","Z06",456,null,43689,"최종승인",4752,"이은아",43690,303191,"인성","2019-08-09","2019-08-14",1,"EA",13454,1,13454,1,13454,43686,"결제",null,0,null,13454,43686,13454,43686,"상신","결재완료",13454,43700,13454,43700]
[1102,1000060944,10,"물품구매(경화형에폭시 등 22종 1건/법인카드)",1945601532,"스마트어시스트/경화형금속에폭시 등 22종",10,"Z20050649","스마트어시스트(연구재료) (연구재료)","Z01",456,null,43700,"최종승인",6363,"홍응표",43686,516589379,"스마트어시스트-9379","2019-08-08","2019-08-30",1,"EA",940170,1,940170,1,940170,43685,"결제",null,0,null,940170,43685,940170,43685,"상신","결재완료",0,null,940170,43703]
[1102,1000060862,20,"물품구매(손의지-박*준 외 조*정)",1945601516,"의지상지 미관형의수 등 2종",20,"Z20010372","의지상지-미관형의수지실리콘 (의지재료) (의지재료)","Z01",456,null,43682,"최종승인",26461,"조혜정",43685,300508,"두손의수","2019-08-05","2019-08-12",3,"EA",65000,1,195000,3,195000,43683,"결제",null,0,null,195000,43683,195000,43683,"상신","결재완료",195000,43738,195000,43738]
[1102,1300010387,10,"19년07월 소방시설점검(중앙소방이앤지)",1945800049,"7월 소방점검",10,null,"19년07월소방시설점검","Z04",458,null,43649,"최종승인",6176,"김상수",43649,302183,"(주) 중앙소방이앤지","2019-07-01","2019-07-31",1,"개",190000,1,190000,1,190000,43677,"결제",null,0,null,190000,43677,190000,43677,"상신","결재완료",190000,43689,190000,43689]
[1102,1000060555,10,"물품구매 수부 /창원센터",1945601479,"의지상지 미관형의수 등 3종",10,"Z20010367","의지상지-미관형의수실리콘두손 (의지재료) (의지재료)","Z01",456,null,43672,"최종승인",6166,"김현종",43675,300508,"두손의수","2019-07-26","2019-08-02",5,"EA",213099,1,1065495,5,1065495,43676,"결제",null,0,null,1065495,43676,1065495,43676,"상신","결재완료",1065495,43707,1065495,43707]
[1102,1000060624,10,"물품구매(황*민/유*선)",1945601491,"휠체어일반형/황*민",10,"Z20120474","휠체어일반형-M1스타트 (의지재료) (의지재료)","Z01",456,null,43675,"최종승인",26283,"유재선",43677,305386,"(주) 오토복코리아헬스케어","2019-07-29","2019-08-05",1,"EA",450000,1,450000,1,450000,43676,"결제",null,0,null,450000,43676,450000,43676,"상신","결재완료",450000,43707,450000,43707]
[1102,1000060631,30,"물품구매/의지재료(소모품)/조*문",1945601480,"소모품 스타키넷 등 4종",30,"Z20010174","소모품-석고소석고2급b(25kg) (의지재료) (의지재료)","Z01",456,null,43675,"최종승인",6164,"조성문",43675,301148,"신성메디칼","2019-07-29","2019-08-05",5,"EA",23750,1,118750,5,118750,43676,"결제",null,0,null,118750,43676,118750,43676,"상신","결재완료",118750,43707,118750,43707]
[1102,1000060581,10,"물품구매(매트리스/천*민)",1945601471,"욕창예방매트리스",10,"Z20130055","욕창예방매트리스-Md-100 TPU3","Z01",456,null,43672,"최종승인",27784,"천성민",43675,301766,"은혜메디칼","2019-07-26","2019-08-02",3,"EA",380000,1,1140000,3,1140000,43675,"결제",null,0,null,1140000,43675,1140000,43675,"상신","결재완료",1140000,43707,1140000,43707]
[1102,1000060427,20,"물품 구매(의지 하지-윤*명/신*현)",1945601420,"의지하지 실리콘싹스 등 2종",20,"Z20010533","의지하지-실리콘싹스코니칼+스텐다드대퇴용(미국산) (의지재료) (의지재료)","Z01",456,null,43668,"최종승인",6158,"신무현",43669,301434,"오서코리아주식회사","2019-07-22","2019-07-29",1,"EA",500000,1,500000,1,500000,43672,"결제",null,0,null,500000,43672,500000,43672,"상신","결재완료",500000,43707,500000,43707]
[1102,1000060389,10,"물품구매(Batuino-BT 외 2종/세금계산서)",1945601414,"직무지원/batuino bt 등 2종",10,"Z20050113","직무지원 연구재료 (연구재료) (연구재료)","Z01",456,null,43686,"최종승인",9294,"최종문",43669,325303,"(주)아이투에이시스템즈","2019-07-22","2019-08-15",1,"EA",725000,1,725000,1,725000,43671,"결제",null,0,null,725000,43671,725000,43671,"상신","결재완료",725000,43700,725000,43700]
[1102,1000060533,10,"물품구매(권*춘,김*수)전*만",1945601466,"의지하지 실리콘싹스 등 2종",10,"Z20010545","의지하지-실리콘싹스향균젤라이너하퇴용(독일산) (의지재료) (의지재료)","Z01",456,null,43671,"최종승인",6160,"전영만",43675,305386,"(주) 오토복코리아헬스케어","2019-07-25","2019-08-01",1,"EA",235000,1,235000,1,235000,43671,"결제",null,0,null,235000,43671,235000,43671,"상신","결재완료",235000,43707,235000,43707]
[1102,1000060563,50,"물품구매 커버 등 14건 / 법인카드 5410",1945601464,"외골격로봇/커버 등 14종",50,"Z20050807","외골격로봇(연구재료)","Z01",456,null,43707,"최종승인",27520,"최혁재",43672,516525410,"외골격로봇-5410","2019-07-25","2019-09-06",1,"EA",48100,1,48100,1,48100,43671,"결제",null,0,null,48100,43671,48100,43671,"상신","결재완료",0,null,48100,43703]
[1102,1000060417,10,"기타",1945601415,"휠체어수리",10,"Z20120668","휠체어수리-분리형발걸이(노바제로)","Z01",456,null,43668,"최종승인",26283,"유재선",43669,325322,"썬메디테크","2019-07-22","2019-07-29",1,"EA",120000,1,120000,1,120000,43670,"결제",null,0,null,120000,43670,120000,43670,"상신","결재완료",120000,43707,120000,43707]
[1102,1000060514,20,"물품구매(기타재료)",1945601446,"소모품 하퇴용스탐프 등 2종",20,"Z20010526","의지하지-실리콘싹스이지락킹(미국산) (의지재료) (의지재료)","Z01",456,null,43670,"최종승인",26461,"조혜정",43671,301263,"성림교역","2019-07-23","2019-07-31",2,"EA",330000,1,660000,2,660000,43670,"결제",null,0,null,660000,43670,660000,43670,"상신","결재완료",660000,43707,660000,43707]
[1102,1000060138,10,"물품구매(Spring for Toe Flex 등 3종)",1945601374,"직무지원/spring for toe flex 등 3종",10,"Z20050113","직무지원 연구재료 (연구재료) (연구재료)","Z01",456,null,43670,"최종승인",6144,"송점식",43663,320288,"(주) 민성정밀","2019-07-09","2019-07-31",1,"EA",200000,1,200000,1,200000,43669,"결제",null,0,null,200000,43669,200000,43669,"상신","결재완료",200000,43689,200000,43689]
[1102,1000060386,20,"물품구매(상지의지-김*명등 4명/천*민)",1945601400,"의지상지 미관형의수 등 2종",20,"Z20010372","의지상지-미관형의수지실리콘 (의지재료) (의지재료)","Z01",456,null,43665,"최종승인",27784,"천성민",43668,300508,"두손의수","2019-07-19","2019-07-26",1,"EA",51901,1,51901,1,51901,43669,"결제",null,0,null,51901,43669,51901,43669,"상신","결재완료",51901,43707,51901,43707]
[1102,1000060388,70,"물품구매(의지재료/천*민)",1945601401,"소모품 핑킹가위 등 9종",70,"Z20010650","보조기하지-발목장식질레트(국산) (의지재료) (의지재료)","Z01",456,null,43665,"최종승인",27784,"천성민",43668,301148,"신성메디칼","2019-07-19","2019-07-26",10,"EA",10000,1,100000,10,100000,43669,"결제",null,0,null,100000,43669,100000,43669,"상신","결재완료",100000,43707,100000,43707]
[1102,1000060463,40,"물품구매(방석-안*철)",1945601425,"욕창예방방석 등 5종",40,"Z20010318","소모품-필라이트(외산5mm) (의지재료) (의지재료)","Z01",456,null,43669,"최종승인",9144,"정창희",43669,305386,"(주) 오토복코리아헬스케어","2019-07-23","2019-07-30",2,"EA",79000,1,158000,2,158000,43669,"결제",null,0,null,158000,43669,158000,43669,"상신","결재완료",158000,43707,158000,43707]
[1102,1000060531,20,"물품구매(손의지-최*석 외 조*정)",1945601498,"의지상지 미관형의수 등 2종",20,"Z20010372","의지상지-미관형의수지실리콘 (의지재료) (의지재료)","Z01",456,null,43670,"최종승인",26461,"조혜정",43678,300508,"두손의수","2019-07-23","2019-07-31",2,"EA",51901,1,103802,2,103802,43669,"결제",null,0,null,103802,43669,103802,43669,"상신","결재완료",103802,43707,103802,43707]
[1102,1000060352,20,"물품구매(의지하지-김*운/김*선)",1945601396,"의지하지 컴포트웨이브 등 2종",20,"Z20010420","의지하지-단축발(미국산) (의지재료) (의지재료)","Z01",456,null,43663,"최종승인",6675,"김훈선",43665,301434,"오서코리아주식회사","2019-07-17","2019-07-24",1,"EA",148000,1,148000,1,148000,43668,"결제",null,0,null,148000,43668,148000,43668,"상신","결재완료",148000,43707,148000,43707]
[1102,1000060066,40,"물품구매 ( Roatary Cylinder ver1.0 외 3건/ 세금계산서)",1945601327,"직무지원/rota교 cylinder 등 4종",40,"Z20050113","직무지원 연구재료 (연구재료) (연구재료)","Z01",456,null,43705,"최종승인",28446,"전경진",43656,324705,"주식회사 신성텍","2019-07-09","2019-09-04",1,"EA",200000,1,200000,1,200000,43664,"결제",null,0,null,200000,43664,200000,43664,"상신","결재완료",200000,43671,200000,43671]
[1102,1000060302,10,"물품구매(Electrode cable/전자계산서)",1945601371,"표준부합화/electrode cable",10,"Z20050458","Electrode cable","Z01",456,null,43689,"최종승인",6149,"최기원",43662,301263,"성림교역","2019-07-16","2019-08-17",2,"EA",70000,1,140000,2,140000,43664,"결제",null,0,null,140000,43664,140000,43664,"상신","결재완료",0,null,140000,43671]
[1102,1000060165,10,"물품구매(휠체어 배터리 내구 시험기 소모품)",1945601331,"배터리성능평가/휠체어 배터리 내구 시험기 소모품",10,"Z20050606","배터리성능평가(연구재료) (연구재료)","Z01",456,null,43658,"최종승인",27377,"정성배",43656,303269,"에스씨엠테크놀러지","2019-07-09","2019-07-19",1,"EA",825000,1,825000,1,825000,43662,"결제",null,0,null,825000,43662,825000,43662,"상신","결재완료",0,null,825000,43671]
[1102,1000060181,10,"물품구매(상지의지-신*균 외 9명/양*호)",1945601335,"의지상지 미관형의수 등 4종",10,"Z20010368","의지상지-미관형의수실리콘리갈(외산) (의지재료) (의지재료)","Z01",456,null,43657,"최종승인",27264,"양철호",43656,301263,"성림교역","2019-07-10","2019-07-18",8,"EA",230000,1,1840000,8,1840000,43662,"결제",null,0,null,1840000,43662,1840000,43662,"상신","결재완료",1840000,43707,1840000,43707]
[1102,1000060239,20,"물품구매 의지상,하지 /창원센터",1945601350,"의지상지 미관형의수 등 6종/민*기 등",20,"Z20010073","보조기하지-크렌작장식일산 (의지재료) (의지재료)","Z01",456,null,43658,"최종승인",6166,"김현종",43661,301263,"성림교역","2019-07-12","2019-07-19",2,"EA",130000,1,260000,2,260000,43662,"결제",null,0,null,260000,43662,260000,43662,"상신","결재완료",260000,43707,260000,43707]
[1102,1000060245,130,"물품구매(기타재료)",1945601381,"소모품 석고붕대 등 30종",130,"Z20010145","소모품-밴드스타킹 (의지재료) (의지재료)","Z01",456,null,43658,"최종승인",26461,"조혜정",43664,301148,"신성메디칼","2019-07-12","2019-07-19",100,"EA",1100,1,110000,100,110000,43662,"결제",null,0,null,110000,43662,110000,43662,"상신","결재완료",110000,43707,110000,43707]
[1102,1000060245,290,"물품구매(기타재료)",1945601381,"소모품 석고붕대 등 30종",290,"Z20011134","소모품-팝콘컵","Z01",456,null,43662,"최종승인",26461,"조혜정",43664,301148,"신성메디칼","2019-07-12","2019-07-19",300,"EA",300,1,90000,300,90000,43662,"결제",null,0,null,90000,43662,90000,43662,"상신","결재완료",90000,43707,90000,43707]
[1102,1000060290,30,"물품구매(기타재료)",1945601383,"소모품 스타키넷 등 3종",30,"Z20010189","소모품-수술용장갑 (의지재료) (의지재료)","Z01",456,null,43662,"최종승인",26461,"조혜정",43664,301148,"신성메디칼","2019-07-16","2019-07-23",10,"EA",10000,1,100000,10,100000,43662,"결제",null,0,null,100000,43662,100000,43662,"상신","결재완료",100000,43707,100000,43707]
[1102,1000060124,20,"물품구매(안전손잡이-대구정공(DGP-0001) 등 21종",1945601313,"자체 시험상용화/안전손잡이 등 3종",20,"Z20050803","안전손잡이-주식회사대구정공(DGP-0002)(시험검사)","Z01",456,null,43658,"최종승인",27377,"정성배",43655,320195,"가정복지","2019-07-08","2019-07-19",2,"EA",287273,2,287273,2,287273,43658,"결제",null,0,null,287273,43658,287273,43658,"상신","결재완료",287273,43671,287273,43671]
[1102,1000060124,170,"물품구매(안전손잡이-대구정공(DGP-0001) 등 21종",1945601313,"자체 시험상용화/안전손잡이 등 3종",170,"Z20050783","미끄럼방지용품-정성케어(JSS-103여성용)","Z01",456,null,43658,"최종승인",27377,"정성배",43655,320195,"가정복지","2019-07-08","2019-07-19",6,"EA",15818,6,15818,6,15818,43658,"결제",null,0,null,15818,43658,15818,43658,"상신","결재완료",15818,43671,15818,43671]
[1102,1000060159,10,"물품구매(전자의수수리/양*호)",1945601336,"의지상지 근전전동의수",10,"Z20011131","의지상지-근전전동의수 기어부BK(국산)","Z01",456,null,43655,"최종승인",27264,"양철호",43656,302514,"비케이메디텍","2019-07-09","2019-07-16",2,"EA",150000,1,300000,2,300000,43657,"결제",null,0,null,300000,43657,300000,43657,"상신","결재완료",300000,43707,300000,43707]
[1102,1000060067,30,"물품구매 (Rotational Blade 외 5건/ 세금계산서)",1945601326,"직무지원/rotaional blade hd 등 6종",30,"Z20050113","직무지원 연구재료 (연구재료) (연구재료)","Z01",456,null,43705,"최종승인",28446,"전경진",43656,324705,"주식회사 신성텍","2019-07-04","2019-09-04",3,"EA",62000,1,186000,3,186000,43656,"결제",null,0,null,186000,43656,186000,43656,"상신","결재완료",186000,43671,186000,43671]
[1102,1000060137,30,"물품구매(차*천/유*선)",1945601308,"활동형휠체어 등 3종",30,"Z20120667","휠체어 수리 - 팔받이 이클립스","Z01",456,null,43654,"최종승인",26283,"유재선",43655,301700,"(주)휠로피아","2019-07-08","2019-07-15",2,"EA",10000,1,20000,2,20000,43656,"결제",null,0,null,20000,43656,20000,43656,"상신","결재완료",20000,43707,20000,43707]
[1102,1000060214,20,"물품구매 (캐틀벨 등 16건 / 법인카드 5410)(외골격로봇)",1945601368,"외골격로봇/캐틀벨 등 13종",20,"Z20050807","외골격로봇(연구재료)","Z01",456,null,43686,"최종승인",27520,"최혁재",43662,516525410,"외골격로봇-5410","2019-07-10","2019-08-15",1,"EA",72000,1,72000,1,72000,43656,"결제",null,0,null,72000,43656,72000,43656,"상신","결재완료",0,null,72000,43672]
[1102,1000060091,20,"물품구매/미관형의수(실리콘)/김*희/노*표/안*희/정*조/정*대/박*종/이*순/조",1945601292,"의지상지 미관형의수 등 2종",20,"Z20010372","의지상지-미관형의수지실리콘 (의지재료) (의지재료)","Z01",456,null,43651,"최종승인",6164,"조성문",43654,300508,"두손의수","2019-07-05","2019-07-12",1,"EA",51901,1,51901,1,51901,43655,"결제",null,0,null,51901,43655,51901,43655,"상신","결재완료",51901,43707,51901,43707]
[1102,1000060127,30,"물품구매 집뇨기 외 /창원센터",1945601317,"집뇨기유린백 등 3종",30,"Z20120393","휠체어수리-튜브일산활동형휠로피아(24,25in) (의지재료) (의지재료)","Z01",456,null,43655,"최종승인",6166,"김현종",43655,301700,"(주)휠로피아","2019-07-05","2019-07-16",30,"EA",4000,1,120000,30,120000,43655,"결제",null,0,null,120000,43655,120000,43655,"상신","결재완료",120000,43707,120000,43707]
[1102,1000060017,10,"물품구매(휠체어-김*성)",1945601266,"휠체어일반형 등 2종",10,"Z20120467","휠체어일반형-콤피 (의지재료) (의지재료)","Z01",456,null,43649,"최종승인",9144,"정창희",43649,307353,"(주)대세엠케어 (대전)","2019-07-03","2019-07-10",1,"EA",320000,1,320000,1,320000,43650,"결제",null,0,null,320000,43650,320000,43650,"상신","결재완료",320000,43707,320000,43707]
[1102,1000060063,10,"물품구매(전동스쿠터-김*식)",1945601287,"전동스쿠터",10,"Z20120666","전동스쿠터-나드리100","Z01",456,null,43650,"최종승인",9144,"정창희",43651,325689,"주식회사 라인의료기","2019-07-03","2019-07-11",1,"EA",1381818,1,1381818,1,1381818,43650,"결제",null,0,null,1381818,43650,1381818,43650,"상신","결재완료",1381818,43707,1381818,43707]
[1102,1000059614,20,"물품구매(C-Check-e-upper R2 등 4건/세금계산서)",1945601223,"직무지원/c check e upper r2 등 4종",20,"Z20050113","직무지원 연구재료 (연구재료) (연구재료)","Z01",456,null,43664,"최종승인",26891,"박진국",43641,302514,"비케이메디텍","2019-06-20","2019-07-25",6,"EA",50000,1,300000,6,300000,43648,"결제",null,0,null,300000,43648,300000,43648,"상신","결재완료",300000,43656,300000,43656]
[1102,1000059900,10,"물품구매 방석 /창원센터",1945601256,"욕창예방방석",10,"Z20130029","욕창예방방석공기격자형-Smdub0003(8x9x5) (의지재료) (의지재","Z01",456,null,43647,"최종승인",6166,"김현종",43648,324832,"주식회사 이레엠케어","2019-07-01","2019-07-08",5,"EA",230000,1,1150000,5,1150000,43648,"결제",null,0,null,1150000,43648,1150000,43648,"상신","결재완료",1150000,43707,1150000,43707]
[1102,1000059590,10,"물품구매(BMS보드/세금계산서)",1945601193,"휠체어트래커/bms보드",10,"Z20050738","휠체어트래커(연구재료)","Z01",456,null,43657,"최종승인",26940,"남기태",43640,319888,"트리송","2019-06-20","2019-07-18",6,"EA",2835802,6,2835802,6,2835802,43644,"결제",null,0,null,2835802,43644,2835802,43644,"상신","결재완료",0,null,2835802,43656]
[1102,1000059662,20,"물품구매(휠체어수리/천*민)",1945601218,"휠체어수리 등 3종",20,"Z20120230","휠체어수리-시트대세(32-50cm) (의지재료) (의지재료)","Z01",456,null,43637,"최종승인",27784,"천성민",43641,306977,"(주)대세엠케어 경인지점 (인천)","2019-06-21","2019-06-28",4,"EA",19800,1,79200,4,79200,43642,"결제",null,0,null,79200,43642,79200,43642,"상신","결재완료",79200,43677,79200,43677]
[1102,1000059679,10,"물품구매(직무형인공발/오딧세이 등 3종)",1945601227,"자체 시험상용화/직무형인공발 오딧세이 등 3종",10,"Z20050767","하지-직무형인공발(오딧세이)(연구재료)","Z01",456,null,43640,"최종승인",26292,"오혜정",43642,301263,"성림교역","2019-06-25","2019-07-01",1,"EA",2600000,1,2600000,1,2600000,43642,"결제",null,0,null,2600000,43642,2600000,43642,"상신","결재완료",2600000,43656,2600000,43656]
[1102,1000059455,20,"물품구매(작업자용 모델 대퇴 고정부 프레임 등 5건/세금계산서)",1945601111,"맞춤형근골격/작업자용 모델 대퇴 고정부 프레임 등 5종",20,"Z20050524","맞춤형근골격(연구재료) (연구재료)","Z01",456,null,43637,"최종승인",26892,"권칠용",43630,316049,"(주)씨이피테크","2019-06-14","2019-06-28",1,"EA",396000,1,396000,1,396000,43641,"결제",null,0,null,396000,43641,396000,43641,"상신","결재완료",0,null,396000,43656]
[1102,1000059681,20,"물품구매 휠체어 송*건, 방석 강*석 /창원센터",1945601210,"활동형휠체어 등 2종",20,"Z20130023","욕창예방방석공기격자형-로호 (의지재료) (의지재료)","Z01",456,null,43640,"최종승인",6166,"김현종",43640,324832,"주식회사 이레엠케어","2019-06-24","2019-07-01",1,"EA",370000,1,370000,1,370000,43641,"결제",null,0,null,370000,43641,370000,43641,"상신","결재완료",370000,43677,370000,43677]
[1102,1000059687,10,"물품구매 휠체어 채*대 /창원센터",1945601208,"휠체어꺽기형",10,"Z20120056","휠체어꺽기형-미라지7핸드림스텐미키 (의지재료) (의지재료)","Z01",456,null,43640,"최종승인",6166,"김현종",43640,309507,"미키코리아(주)","2019-06-24","2019-07-01",1,"EA",470000,1,470000,1,470000,43641,"결제",null,0,null,470000,43641,470000,43641,"상신","결재완료",470000,43677,470000,43677]
[1102,1000059896,40,"물품구매/미관형의수(실리콘)/김*용/이*우/조*문",1945601253,"의지상지 미관형의수 등 4종",40,"Z20010379","의지상지-상박신경줄호스머(호스머) (의지재료) (의지재료)","Z01",456,null,43647,"최종승인",6164,"조성문",43647,301263,"성림교역","2019-06-21","2019-07-08",1,"EA",95000,1,95000,1,95000,43641,"결제",null,0,null,95000,43641,95000,43641,"상신","결재완료",95000,43677,95000,43677]
[1102,1000059697,10,"물품구매(이*용,태백,김*선,김*곤,임*자,고*자,김*훈)전*만",1945601214,"보조기척추 등 3종",10,"Z20010967","보조기척추-OT TLSO 몰딩 (의지재료)","Z01",456,null,43640,"최종승인",6160,"전영만",43641,322758,"오르텍주식회사","2019-06-24","2019-07-01",4,"EA",80000,1,320000,4,320000,43640,"결제",null,0,null,320000,43640,320000,43640,"상신","결재완료",320000,43677,320000,43677]
[1102,1000059705,10,"물품구매(안*덕,김*춘,한*협)",1945601216,"휠체어수리 등 2종",10,"Z20120332","휠체어수리-타이어산악용일산(24,25in) (의지재료) (의지재료)","Z01",456,null,43640,"최종승인",6160,"전영만",43641,301700,"(주)휠로피아","2019-06-24","2019-07-01",4,"EA",23200,1,92800,4,92800,43640,"결제",null,0,null,92800,43640,92800,43640,"상신","결재완료",92800,43677,92800,43677]
[1102,1000059632,10,"물품구매(폼카바)",1945601185,"의지하지 품카바대퇴용 등 4종",10,"Z20010555","의지하지-폼카바대퇴용대만(대만산) (의지재료) (의지재료)","Z01",456,null,43637,"최종승인",9144,"정창희",43640,301148,"신성메디칼","2019-06-20","2019-06-28",10,"EA",88000,1,880000,10,880000,43637,"결제",null,0,null,880000,43637,880000,43637,"상신","결재완료",880000,43677,880000,43677]
[1102,1000059647,20,"물품구매(기타재료)",1945601222,"소모품 대퇴용스타킹등 2종",20,"Z20010319","소모품-하퇴용스타킹 (의지재료) (의지재료)","Z01",456,null,43637,"최종승인",26461,"조혜정",43641,305386,"(주) 오토복코리아헬스케어","2019-06-21","2019-06-28",20,"EA",9000,1,180000,20,180000,43637,"결제",null,0,null,180000,43637,180000,43637,"상신","결재완료",180000,43677,180000,43677]
[1102,1000059537,10,"물품구매(소모품)",1945601171,"소모품 삼중마스크 등 21종",10,"Z20010794","소모품-삼중마스크 (의지재료)","Z01",456,null,43634,"최종승인",26461,"조혜정",43636,301148,"신성메디칼","2019-06-18","2019-06-25",5,"EA",10000,1,50000,5,50000,43636,"결제",null,0,null,50000,43636,50000,43636,"상신","결재완료",50000,43677,50000,43677]
[1102,1000059537,160,"물품구매(소모품)",1945601171,"소모품 삼중마스크 등 21종",160,"Z20010336","소모품-P.P(3x120x240) (의지재료) (의지재료)","Z01",456,null,43634,"최종승인",26461,"조혜정",43636,301148,"신성메디칼","2019-06-18","2019-06-25",1,"EA",45000,1,45000,1,45000,43636,"결제",null,0,null,45000,43636,45000,43636,"상신","결재완료",45000,43677,45000,43677]
[1102,1000059390,10,"물품구매(마이크로 벨크로/세금계산서)",1945601136,"맞춤형근골격/마이크로 벨크로",10,"Z20050524","맞춤형근골격(연구재료) (연구재료)","Z01",456,null,43637,"최종승인",27685,"황석진",43633,301148,"신성메디칼","2019-06-11","2019-06-28",50,"EA",9900,1,495000,50,495000,43635,"결제",null,0,null,495000,43635,495000,43635,"상신","결재완료",0,null,495000,43656]
[1102,1000059478,10,"물품구매(의지하지-박*일/김*선)",1945601155,"의지하지 흡입밸브실린라이너대퇴용",10,"Z20010570","의지하지-흡입밸브실린라이너대퇴용(미국산) (의지재료) (의지재료)","Z01",456,null,43630,"최종승인",6675,"김훈선",43635,301434,"오서코리아주식회사","2019-06-14","2019-06-21",1,"EA",95000,1,95000,1,95000,43635,"결제",null,0,null,95000,43635,95000,43635,"상신","결재완료",95000,43677,95000,43677]
[1102,1000059592,30,"물품구매(미관형의수-오*관)",1945601165,"의지상지 미관형의수 등 4종",30,"Z20010542","의지하지-실리콘싹스향균라이너대퇴용(독일산) (의지재료) (의지재료)","Z01",456,null,43635,"최종승인",9144,"정창희",43636,305386,"(주) 오토복코리아헬스케어","2019-06-18","2019-06-26",2,"EA",515000,1,1030000,2,1030000,43635,"결제",null,0,null,1030000,43635,1030000,43635,"상신","결재완료",1030000,43677,1030000,43677]
[1102,1000059606,70,"물품구매(의지상지-정*래 외 조*정)",1945601174,"의지상지 미관형의수 등 8종",70,"Z20010003","보조기구두-정형화 (의지재료) (의지재료)","Z01",456,null,43636,"최종승인",26461,"조혜정",43640,301263,"성림교역","2019-06-19","2019-06-27",1,"EA",57000,1,57000,1,57000,43635,"결제",null,0,null,57000,43635,57000,43635,"상신","결재완료",57000,43677,57000,43677]
[1102,1000059482,10,"기타",1945601134,"휠체어수리 팔걸이조립",10,"Z20120413","휠체어수리-팔걸이조립퀴키 (의지재료) (의지재료)","Z01",456,null,43630,"최종승인",26283,"유재선",43633,325322,"썬메디테크","2019-06-14","2019-06-21",6,"EA",20000,1,120000,6,120000,43634,"결제",null,0,null,120000,43634,120000,43634,"상신","결재완료",120000,43677,120000,43677]
[1102,1000059492,10,"물품구매/의지재료(락장식)/조*문",1945601126,"의지하지 락장식 등 2종",10,"Z20010458","의지하지-락장식Bk(대퇴,하퇴겸용) (의지재료) (의지재료)","Z01",456,null,43630,"최종승인",6164,"조성문",43633,302514,"비케이메디텍","2019-06-14","2019-06-21",5,"EA",223000,1,1115000,5,1115000,43634,"결제",null,0,null,1115000,43634,1115000,43634,"상신","결재완료",1115000,43677,1115000,43677]
[1102,1000059547,70,"물품구매(조각용칼 등 7건/법인카드)",1945601153,"휠체어트래커/조각용칼 등 7종",70,"Z20050738","휠체어트래커(연구재료)","Z01",456,null,43655,"최종승인",26940,"남기태",43635,516501005,"휠체어트래커-1005","2019-06-18","2019-07-16",100,"EA",27720,100,27720,100,27720,43634,"결제",null,0,null,27720,43634,27720,43634,"상신","결재완료",0,null,27720,43672]
[1102,1000059446,10,"물품구매(타이어)",1945601112,"타이어 등 2종",10,"Z20120561","타이어-24\"마라톤점검 (퓔로피아) (의지재료) (의지재료)","Z01",456,null,43629,"최종승인",9144,"정창희",43633,301700,"(주)휠로피아","2019-06-13","2019-06-20",4,"EA",32000,1,128000,4,128000,43630,"결제",null,0,null,128000,43630,128000,43630,"상신","결재완료",128000,43677,128000,43677]
[1102,1000059399,60,"물품구매(의지재료/양*호)",1945601103,"소모품 백펄론스타키넷 등 6종",50,"Z20010339","소모품-P.P외산(3x120x240) (의지재료) (의지재료)","Z01",456,null,43627,"최종승인",27264,"양철호",43628,305386,"(주) 오토복코리아헬스케어","2019-06-11","2019-06-18",3,"EA",65000,1,195000,3,195000,43629,"결제",null,0,null,195000,43629,195000,43629,"상신","결재완료",195000,43677,195000,43677]
[1102,1000059345,30,"기타",1945601099,"휠체어수리 핸드림 등 3종",30,"Z20120231","휠체어수리-시트미키(32-50cm) (의지재료) (의지재료)","Z01",456,null,43623,"최종승인",26283,"유재선",43626,301882,"미키메디칼","2019-06-07","2019-06-14",1,"EA",16364,1,16364,1,16364,43627,"결제",null,0,null,16364,43627,16364,43627,"상신","결재완료",16364,43677,16364,43677]
[1102,1000059362,10,"물품구매 이*덕 /창원센터",1945601091,"의지하지 실리콘싹스/이*덕",10,"Z20010546","의지하지-실리콘싹스X5씰린대퇴용(미국산) (의지재료) (의지재료)","Z01",456,null,43623,"최종승인",6166,"김현종",43626,301434,"오서코리아주식회사","2019-06-07","2019-06-14",1,"EA",600000,1,600000,1,600000,43627,"결제",null,0,null,600000,43627,600000,43627,"상신","결재완료",600000,43677,600000,43677]
[1102,1000059383,10,"물품구매(미관형의수)",1945601101,"자체 시험상용화/미관형의수/황*모 등",10,"Z20050118","미관형 의수-고강도 실리콘 (연구재료) (연구재료)","Z01",456,null,43626,"최종승인",26292,"오혜정",43627,300508,"두손의수","2019-06-10","2019-06-17",5,"EA",213099,1,1065495,5,1065495,43627,"결제",null,0,null,1065495,43627,1065495,43627,"상신","결재완료",1065495,43641,1065495,43641]
[1102,1000059256,20,"물품구매(의지하지-이*심,박*체/김*선)",1945601071,"의지하지 락장식셔틀락키드 등 3종",20,"Z20010969","의지하지-피라밋형 알미늄 어댑터+플레이트 (의지재료)","Z01",456,null,43619,"최종승인",6675,"김훈선",43619,301263,"성림교역","2019-06-03","2019-06-10",1,"EA",65000,1,65000,1,65000,43621,"결제",null,0,null,65000,43621,65000,43621,"상신","결재완료",65000,43677,65000,43677]
[1102,1000059273,10,"물품구매-전동스쿠터/박*국/임*은",1945601078,"전동스쿠터/박*국",10,"Z20120640","전동스쿠터-나드리200","Z01",456,null,43619,"최종승인",9620,"임성은",43620,308985,"혜성재활사","2019-06-03","2019-06-10",1,"EA",1563636,1,1563636,1,1563636,43621,"결제",null,0,null,1563636,43621,1563636,43621,"상신","결재완료",1563636,43677,1563636,43677]
[1102,1000059313,20,"물품구매(미관형의수-이*옥)",1945601087,"의지상지 미관형의수지 등 2종",20,"Z20010367","의지상지-미관형의수실리콘두손 (의지재료) (의지재료)","Z01",456,null,43621,"최종승인",9144,"정창희",43623,300508,"두손의수","2019-06-03","2019-06-12",1,"EA",213099,1,213099,1,213099,43620,"결제",null,0,null,213099,43620,213099,43620,"상신","결재완료",213099,43677,213099,43677]
[1102,1000059148,20,"물품구매(김*광-김*호/유*선)",1945601059,"휠체어침대형/김*광 등",20,"Z20120619","휠체어침대형-P.7005파트너(대세) (의지재료)","Z01",456,null,43616,"최종승인",26283,"유재선",43616,306977,"(주)대세엠케어 경인지점 (인천)","2019-05-30","2019-06-07",1,"EA",500000,1,500000,1,500000,43616,"결제",null,0,null,500000,43616,500000,43616,"상신","결재완료",500000,43644,500000,43644]
[1102,1000059172,60,"물품구매(단자압착기 등 6건/ 법인카드)",1945601060,"휠체어트래커/단자압착기 등 6종",60,"Z20050738","휠체어트래커(연구재료)","Z01",456,null,43637,"최종승인",26940,"남기태",43619,516501005,"휠체어트래커-1005","2019-05-31","2019-06-28",1,"EA",121092,1,121092,1,121092,43616,"결제",null,0,null,121092,43616,121092,43616,"상신","결재완료",0,null,121092,43642]
[1102,1000059034,40,"물품구매(직무형인공발/레니게이드 등 6종)",1945601040,"자체 시험상용화/직무형인공발 레니게이드 등 6종",40,"Z20050096","하지-프리덤 페시피카엘피풋 (연구재료) (연구재료)","Z01",456,null,43612,"최종승인",26292,"오혜정",43614,301263,"성림교역","2019-05-27","2019-06-03",1,"EA",1790000,1,1790000,1,1790000,43614,"결제",null,0,null,1790000,43614,1790000,43614,"상신","결재완료",1790000,43626,1790000,43626]
[1102,1000059109,10,"물품구매(실리콘라이너-김*자)",1945601056,"의지하지 실리콘싹스 등 3종",10,"Z20010530","의지하지-실리콘싹스컴포트대퇴용(외산) (의지재료) (의지재료)","Z01",456,null,43614,"최종승인",9144,"정창희",43615,301434,"오서코리아주식회사","2019-05-28","2019-06-05",1,"EA",500000,1,500000,1,500000,43614,"결제",null,0,null,500000,43614,500000,43614,"상신","결재완료",500000,43644,500000,43644]
[1102,1000058978,20,"물품구매 휠체어부품 /창원센터",1945600999,"타이어 등 2종",20,"Z20120369","휠체어수리-타이어활동형일산휠로피아(24,25in) (의지재료) (의지재료","Z01",456,null,43609,"최종승인",6166,"김현종",43612,301700,"(주)휠로피아","2019-05-24","2019-05-31",10,"EA",23200,1,232000,10,232000,43613,"결제",null,0,null,232000,43613,232000,43613,"상신","결재완료",232000,43644,232000,43644]
[1102,1000058999,10,"물품구매/워커(앞바퀴부착)/장*식/조*문",1945601016,"소모품 워커앞바퀴부착",10,"Z20120030","소모품-워커앞바퀴부착 (의지재료) (의지재료)","Z01",456,null,43612,"최종승인",6164,"조성문",43612,320519,"(주) 대세엠케어 대구동영업소","2019-05-27","2019-06-03",1,"EA",25000,1,25000,1,25000,43613,"결제",null,0,null,25000,43613,25000,43613,"상신","결재완료",25000,43644,25000,43644]
[1102,1000059014,10,"물품구매/실리콘내피(대퇴,하퇴용)신*동/외10명/조*문",1945601005,"의지하지 실리콘싹스 등 7종",10,"Z20010533","의지하지-실리콘싹스코니칼+스텐다드대퇴용(미국산) (의지재료) (의지재료)","Z01",456,null,43609,"최종승인",6164,"조성문",43612,301434,"오서코리아주식회사","2019-05-24","2019-05-31",1,"EA",500000,1,500000,1,500000,43613,"결제",null,0,null,500000,43613,500000,43613,"상신","결재완료",500000,43644,500000,43644]
[1102,1000059028,30,"물품구매/의지재료(소모품)/조*문",1945601019,"소모품 tr압축단추 등 15종",30,"Z20010145","소모품-밴드스타킹 (의지재료) (의지재료)","Z01",456,null,43612,"최종승인",6164,"조성문",43612,301148,"신성메디칼","2019-05-27","2019-06-03",100,"EA",1100,1,110000,100,110000,43613,"결제",null,0,null,110000,43613,110000,43613,"상신","결재완료",110000,43644,110000,43644]
[1102,1000059069,10,"물품구매(휠체어-이*영)",1945601047,"휠체어침대형/이*영",10,"Z20120619","휠체어침대형-P.7005파트너(대세) (의지재료)","Z01",456,null,43613,"최종승인",9144,"정창희",43614,307353,"(주)대세엠케어 (대전)","2019-05-27","2019-06-04",1,"EA",470000,1,470000,1,470000,43613,"결제",null,0,null,470000,43613,470000,43613,"상신","결재완료",470000,43644,470000,43644]
[1102,1000059101,30,"물품구매(견갑장식-박*균)",1945601044,"의지상지 견갑장식 등 10종",30,"Z20010836","의지하지-실리콘싹스더블젤라이너(성림) (의지재료)","Z01",456,null,43613,"최종승인",9144,"정창희",43614,301263,"성림교역","2019-05-27","2019-06-04",2,"EA",105000,1,210000,2,210000,43613,"결제",null,0,null,210000,43613,210000,43613,"상신","결재완료",210000,43644,210000,43644]
[1102,1000058183,20,"물품구매(Inner-cylinder rev03 등 2건/세금계산서)",1945600747,"스마트소켓/inner cylinder rev03 등 2종",20,"Z20050607","스마트소켓(연구재료) (연구재료)","Z01",456,null,43608,"최종승인",26891,"박진국",43577,301754,"무한정밀","2019-04-18","2019-05-30",1,"EA",357500,1,357500,1,357500,43609,"결제",null,0,null,357500,43609,357500,43609,"상신","결재완료",0,null,357500,43626]
[1102,1000058765,10,"물품구매(cylinder-f-bushing 등 2건/세금계산서)",1945600925,"스마트소켓/cylinder f bushing 등 2종",10,"Z20050607","스마트소켓(연구재료) (연구재료)","Z01",456,null,43616,"최종승인",26891,"박진국",43601,302514,"비케이메디텍","2019-05-14","2019-06-07",20,"EA",22000,1,440000,20,440000,43609,"결제",null,0,null,440000,43609,440000,43609,"상신","결재완료",0,null,440000,43626]
[1102,1000058959,10,"물품구매(방석-송*오 외 조*정)",1945600994,"욕창예방방석 등 3종",10,"Z20130042","욕창예방방석공기격자형-STARLOCK(스타락) (의지재료)","Z01",456,null,43608,"최종승인",26461,"조혜정",43609,301700,"(주)휠로피아","2019-05-23","2019-05-30",1,"EA",400000,1,400000,1,400000,43609,"결제",null,0,null,400000,43609,400000,43609,"상신","결재완료",400000,43644,400000,43644]
[1102,1000058818,30,"물품구매(의지상지-엄*용,양*일,박*원,노*창/김*동)",1945600938,"보조기하지 긴다리보조기 등 3종",30,"Z20010577","하지의지-하퇴용더마실(외산) (의지재료) (의지재료)","Z01",456,null,43601,"최종승인",8219,"김수동",43602,301263,"성림교역","2019-05-16","2019-05-23",1,"EA",90000,1,90000,1,90000,43608,"결제",null,0,null,90000,43608,90000,43608,"상신","결재완료",90000,43644,90000,43644]
[1102,1000058841,140,"물품구매(의지재료-실리콘의수)",1945600957,"의재재료 fibersil 등 15종",140,"Z20011099","의지재료-Silicon Scissors, small, bent(89S10","Z01",456,null,43602,"최종승인",8664,"유효종",43606,305386,"(주) 오토복코리아헬스케어","2019-05-17","2019-05-24",2,"EA",135000,1,270000,2,270000,43608,"결제",null,0,null,270000,43608,270000,43608,"상신","결재완료",270000,43644,270000,43644]
[1102,1000058821,30,"물품구매(김*수/유*선)",1945600951,"활동형휠체어 등 3종/김*수",30,"Z20120413","휠체어수리-팔걸이조립퀴키 (의지재료) (의지재료)","Z01",456,null,43601,"최종승인",26283,"유재선",43605,325322,"썬메디테크","2019-05-16","2019-05-23",4,"EA",20000,1,80000,4,80000,43606,"결제",null,0,null,80000,43606,80000,43606,"상신","결재완료",80000,43644,80000,43644]
[1102,1000058837,10,"물품구매 의지하지 황*봉, 소모품 /창원센터",1945600940,"보조기하지 등 5종",10,"Z20010720","보조기하지-다이나믹보조기(신성) (의지재료)","Z01",456,null,43602,"최종승인",6166,"김현종",43602,301148,"신성메디칼","2019-05-17","2019-05-24",1,"EA",90000,1,90000,1,90000,43606,"결제",null,0,null,90000,43606,90000,43606,"상신","결재완료",90000,43644,90000,43644]
[1102,1000058874,30,"물품구매(pigment paste 등 4종)",1945600976,"직무지원/pigment paste 등 4종",30,"Z20050113","직무지원 연구재료 (연구재료) (연구재료)","Z01",456,null,43605,"최종승인",26292,"오혜정",43607,305386,"(주) 오토복코리아헬스케어","2019-05-20","2019-05-27",1,"EA",97000,1,97000,1,97000,43606,"결제",null,0,null,97000,43606,97000,43606,"상신","결재완료",97000,43626,97000,43626]
[1102,1000058617,10,"물품구매(Mechanical Maglock,AK 외 1종)",1945600885,"자체 시험상용화/mechanical 등 2종",10,"Z20050411","기계식 자석락(AK)(연구재료) (연구재료)","Z01",456,null,43609,"최종승인",27961,"홍범기",43594,301263,"성림교역","2019-05-07","2019-05-31",1,"EA",200000,1,200000,1,200000,43605,"결제",null,0,null,200000,43605,200000,43605,"상신","결재완료",200000,43609,200000,43609]
[1102,1000058848,40,"물품구매(한*미,김*영)전*만",1945600956,"활동형휠체어 등 3종",30,"Z20120340","휠체어수리-타이어일반형미키(22,24in) (의지재료) (의지재료)","Z01",456,null,43605,"최종승인",6160,"전영만",43605,309507,"미키코리아(주)","2019-05-20","2019-05-27",1,"EA",7000,1,7000,1,7000,43605,"결제",null,0,null,7000,43605,7000,43605,"상신","결재완료",7000,43644,7000,43644]
[1102,1000058792,60,"물품구매(의지상지-김*곤 외 조*정)",1945600935,"의지상지 미관형의수 등 8종",60,"Z20010524","의지하지-실리콘싹스알프스Gpdt(미국산) (의지재료) (의지재료)","Z01",456,null,43600,"최종승인",26461,"조혜정",43602,301263,"성림교역","2019-05-15","2019-05-22",2,"EA",270000,1,540000,2,540000,43602,"결제",null,0,null,540000,43602,540000,43602,"상신","결재완료",540000,43644,540000,43644]
[1102,1000058727,40,"물품구매(sanding sleeve 등 4종)",1945600922,"직무지원/sanding sleeve 등 4종",40,"Z20050113","직무지원 연구재료 (연구재료) (연구재료)","Z01",456,null,43599,"최종승인",26292,"오혜정",43600,305386,"(주) 오토복코리아헬스케어","2019-05-14","2019-05-21",1,"EA",27000,1,27000,1,27000,43601,"결제",null,0,null,27000,43601,27000,43601,"상신","결재완료",27000,43609,27000,43609]
[1102,1000058802,110,"물품구매(토마스칼라)",1945600929,"보조기척추 등 11종",110,"Z20010259","소모품-젤렉스(A급) (의지재료) (의지재료)","Z01",456,null,43601,"최종승인",9144,"정창희",43601,301148,"신성메디칼","2019-05-15","2019-05-23",10,"EA",35000,1,350000,10,350000,43601,"결제",null,0,null,350000,43601,350000,43601,"상신","결재완료",350000,43644,350000,43644]
[1102,1000058677,50,"물품구매(리플렉스로테이트) 등 6종",1945600913,"자체 시험상용화/직무형인공발 리플렉스 등 6종",50,"Z20050454","하지-고기능인공발(프로플렉스XC)(연구재료) (연구재료)","Z01",456,null,43595,"최종승인",26292,"오혜정",43599,301434,"오서코리아주식회사","2019-05-10","2019-05-17",1,"EA",2300000,1,2300000,1,2300000,43600,"결제",null,0,null,2300000,43600,2300000,43600,"상신","결재완료",2300000,43609,2300000,43609]
[1102,1000058449,30,"물품구매(원웨이 클러치 베어링 외륜 등 3건/세금계산서)",1945600849,"직무지원/원웨이 클러치 베어링 외륜 등 3종",30,"Z20050113","베어링 카바","Z01",456,null,43595,"최종승인",26286,"장대진",43588,301754,"무한정밀","2019-05-02","2019-05-17",2,"EA",115000,1,230000,2,230000,43599,"결제",null,0,null,230000,43599,230000,43599,"상신","결재완료",230000,43641,230000,43641]
[1102,1000058679,40,"물품구매 의지상지 최*일 외 /창원센터",1945600903,"의지상지 반자동의수 등 5종",40,"Z20010339","소모품-P.P외산(3x120x240) (의지재료) (의지재료)","Z01",456,null,43595,"최종승인",6166,"김현종",43598,305386,"(주) 오토복코리아헬스케어","2019-05-10","2019-05-17",1,"EA",65000,1,65000,1,65000,43599,"결제",null,0,null,65000,43599,65000,43599,"상신","결재완료",65000,43644,65000,43644]
[1102,1000058694,10,"물품구매(집뇨기)",1945600918,"집뇨기 유린백",10,"Z20130035","집뇨기유린백-외산1000(외산1000cc) (의지재료) (의지재료)","Z01",456,null,43598,"최종승인",9144,"정창희",43599,301700,"(주)휠로피아","2019-05-13","2019-05-20",16,"EA",54000,1,864000,16,864000,43599,"결제",null,0,null,864000,43599,864000,43599,"상신","결재완료",864000,43644,864000,43644]
[1102,1000058649,10,"물품구매(하지의지-김*철,박*호,박*우,박*용/양*호)",1945600899,"의지하지 실리콘싹스 등 2종",10,"Z20010546","의지하지-실리콘싹스X5씰린대퇴용(미국산) (의지재료) (의지재료)","Z01",456,null,43594,"최종승인",27264,"양철호",43598,301434,"오서코리아주식회사","2019-05-09","2019-05-16",1,"EA",600000,1,600000,1,600000,43598,"결제",null,0,null,600000,43598,600000,43598,"상신","결재완료",600000,43644,600000,43644]
[1102,1000058653,10,"물품구매 (마그넷 등 3건/ 법인카드)",1945600897,"스마트소켓/마그넷 등 4건",10,"Z20050607","스마트소켓(연구재료) (연구재료)","Z01",456,null,43601,"최종승인",28446,"전경진",43595,516506169,"스마트소켓-6169","2019-05-09","2019-05-23",1,"EA",971318,1,971318,1,971318,43594,"결제",null,0,null,971318,43594,971318,43594,"상신","결재완료",0,null,971318,43612]
[1102,1000058525,20,"물품구매(iglidur W300 등 5건/세금계산서)",1945600874,"스마트소켓/lglidur w300 등 5종",20,"Z20050607","스마트소켓(연구재료) (연구재료)","Z01",456,null,43594,"최종승인",26891,"박진국",43593,303459,"한국이구스 주식회사","2019-05-02","2019-05-16",10,"EA",1606,1,16060,10,16060,43593,"결제",null,0,null,16060,43593,16060,43593,"상신","결재완료",0,null,16060,43609]
[1102,1000058546,20,"물품구매 수부 /창원센터",1945600860,"의지상지 미관형의수 등 3종",20,"Z20010372","의지상지-미관형의수지실리콘 (의지재료) (의지재료)","Z01",456,null,43588,"최종승인",6166,"김현종",43592,300508,"두손의수","2019-05-03","2019-05-10",4,"EA",51901,1,207604,4,207604,43592,"결제",null,0,null,207604,43592,207604,43592,"상신","결재완료",207604,43644,207604,43644]
[1102,1000058564,40,"물품구매(강*근-강*현-정*운-유*희/유*선)",1945600873,"휠체어꺽기형 등 4종",40,"Z20120180","휠체어수리-보조바퀴U2 (의지재료) (의지재료)","Z01",456,null,43588,"최종승인",26283,"유재선",43593,301882,"미키메디칼","2019-05-03","2019-05-10",2,"EA",40000,1,80000,2,80000,43592,"결제",null,0,null,80000,43592,80000,43592,"상신","결재완료",80000,43644,80000,43644]
[1102,1000058594,20,"물품구매(미관형의수 등 2종)",1945600882,"자체 시험상용화/미관형 의수 등 2종",20,"Z20050030","미관형 의수(두손) (연구재료) (연구재료)","Z01",456,null,43592,"최종승인",26292,"오혜정",43593,300508,"두손의수","2019-05-07","2019-05-14",1,"EA",35000,1,35000,1,35000,43592,"결제",null,0,null,35000,43592,35000,43592,"상신","결재완료",35000,43609,35000,43609]
[1102,1000058398,10,"물품구매(직무형인공발/씨워크 등 2종)",1945600839,"자체 시험상용화/직무형 인공발 씨워크등 2종",10,"Z20050226","하지-씨워크 (연구재료)","Z01",456,null,43584,"최종승인",26292,"오혜정",43585,305386,"(주) 오토복코리아헬스케어","2019-04-29","2019-05-06",1,"EA",1800000,1,1800000,1,1800000,43588,"결제",null,0,null,1800000,43588,1800000,43588,"상신","결재완료",1800000,43609,1800000,43609]
[1102,1000058503,10,"물품구매(실리콘라이너-김*수)",1945600846,"의지하지 실리콘싹스 등 2종/김*수",10,"Z20010530","의지하지-실리콘싹스컴포트대퇴용(외산) (의지재료) (의지재료)","Z01",456,null,43587,"최종승인",9144,"정창희",43588,301434,"오서코리아주식회사","2019-05-02","2019-05-09",1,"EA",500000,1,500000,1,500000,43587,"결제",null,0,null,500000,43587,500000,43587,"상신","결재완료",500000,43644,500000,43644]
[1102,1000057869,50,"물품구매(Rotational Blade HT 등 6건/ 세금계산서)",1945600638,"스마트소켓/rotaional blade ht 등 6종",50,"Z20050607","스마트소켓(연구재료) (연구재료)","Z01",456,null,43614,"최종승인",28446,"전경진",43563,324705,"주식회사 신성텍","2019-04-05","2019-06-05",2,"EA",36300,1,72600,2,72600,43585,"결제",null,0,null,72600,43585,72600,43585,"상신","결재완료",0,null,72600,43595]
[1102,1000058307,20,"물품구매(작업용의수 SET 등 3종)",1945600817,"자체 시험상용화/작업용의수 등 3종",20,"Z20050422","하지-높이조절이중아답타(연구재료) (연구재료)","Z01",456,null,43580,"최종승인",26292,"오혜정",43581,301263,"성림교역","2019-04-25","2019-05-02",1,"EA",250000,1,250000,1,250000,43584,"결제",null,0,null,250000,43584,250000,43584,"상신","결재완료",250000,43595,250000,43595]
[1102,1000058337,50,"물품구매(직무형인공발/레니게이드 등 5종)",1945600816,"자체 시험상용화/직무형인공발 레니게이드등 5종",50,"Z20050278","하지-디스탈컵 (연구재료)","Z01",456,null,43580,"최종승인",26292,"오혜정",43581,301263,"성림교역","2019-04-25","2019-05-02",1,"EA",110000,1,110000,1,110000,43584,"결제",null,0,null,110000,43584,110000,43584,"상신","결재완료",110000,43595,110000,43595]
[1102,1000058063,40,"물품구매(C-Check-F-Lower 등 7건/세금계산서)",1945600737,"스마트소켓/c check f lower 등 7종",40,"Z20050607","스마트소켓(연구재료) (연구재료)","Z01",456,null,43588,"최종승인",26891,"박진국",43573,302514,"비케이메디텍","2019-04-15","2019-05-10",2,"EA",176000,1,352000,2,352000,43580,"결제",null,0,null,352000,43580,352000,43580,"상신","결재완료",0,null,352000,43595]
[1102,1000058283,10,"물품구매-소모품/임*은",1945600794,"의지하지 폼카바대퇴용 등 5종",10,"Z20010555","의지하지-폼카바대퇴용대만(대만산) (의지재료) (의지재료)","Z01",456,null,43580,"최종승인",9620,"임성은",43579,301148,"신성메디칼","2019-04-24","2019-05-02",15,"EA",75000,1,1125000,15,1125000,43580,"결제",null,0,null,1125000,43580,1125000,43580,"상신","결재완료",1125000,43616,1125000,43616]
[1102,1000058143,10,"물품구매(근전전동의수SET/우측)",1945600735,"자체 시험상용화/상지 전자의수",10,"Z20050074","상지-전자의수(오토복) (연구재료) (연구재료)","Z01",456,null,43572,"최종승인",26292,"오혜정",43573,305386,"(주) 오토복코리아헬스케어","2019-04-17","2019-04-24",1,"EA",8540000,1,8540000,1,8540000,43579,"결제",null,0,null,8540000,43579,8540000,43579,"상신","결재완료",8540000,43595,8540000,43595]
[1102,1000058250,60,"물품구매(의지재료/천*민)",1945600788,"소모품 피피 등 15종",60,"Z20010217","소모품-실리콘유리용(급속형) (의지재료) (의지재료)","Z01",456,null,43578,"최종승인",27784,"천성민",43578,301148,"신성메디칼","2019-04-23","2019-04-30",2,"EA",2500,1,5000,2,5000,43579,"결제",null,0,null,5000,43579,5000,43579,"상신","결재완료",5000,43616,5000,43616]
[1102,1000058274,40,"물품구매(렌치볼트 등 5건/법인카드)",1945600805,"맞춤형근골격/렌치볼트 등 5종",40,"Z20050524","맞춤형근골격(연구재료) (연구재료)","Z01",456,null,43592,"최종승인",27184,"배주환",43580,516570269,"연구-0269(맞춤형근골격)","2019-04-23","2019-05-14",1,"EA",18700,1,18700,1,18700,43579,"결제",null,0,null,18700,43579,18700,43579,"상신","결재완료",0,null,18700,43612]
[1102,1000058139,20,"물품구매(의지재료-실리콘의형틀준비)",1945600732,"의지재료 smooth cast 등 3종",20,"Z20011074","의지재료-Task 16(1.35kg)(협신)","Z01",456,null,43573,"최종승인",8664,"유효종",43573,300556,"협신물산","2019-04-18","2019-04-25",2,"EA",45000,1,90000,2,90000,43578,"결제",null,0,null,90000,43578,90000,43578,"상신","결재완료",90000,43616,90000,43616]
[1102,1000058186,20,"물품구매-의지상지/임*은",1945600773,"의지상지 미관형의수 등 2종",20,"Z20010372","의지상지-미관형의수지실리콘 (의지재료) (의지재료)","Z01",456,null,43574,"최종승인",9620,"임성은",43578,300508,"두손의수","2019-04-19","2019-04-26",1,"EA",51901,1,51901,1,51901,43578,"결제",null,0,null,51901,43578,51901,43578,"상신","결재완료",51901,43616,51901,43616]
[1102,1000058206,10,"물품구매(이*룡-이*준-서*용-이*호/유*선)",1945600760,"일반형휠체어/이*룡 등",10,"Z20120652","일반형휠체어-SMART-cpu(24D)우리체어메디칼","Z01",456,null,43574,"최종승인",26283,"유재선",43577,324470,"우리체어메디칼","2019-04-19","2019-04-26",4,"EA",450000,1,1800000,4,1800000,43578,"결제",null,0,null,1800000,43578,1800000,43578,"상신","결재완료",1800000,43616,1800000,43616]
[1102,1000058207,40,"물품구매(김*홍-김*조-최*수-신*균-전*월/유*선)",1945600759,"휠체어꺽기형 등 4종/김*홍 등",40,"Z20120231","휠체어수리-시트미키(32-50cm) (의지재료) (의지재료)","Z01",456,null,43574,"최종승인",26283,"유재선",43577,301882,"미키메디칼","2019-04-19","2019-04-26",1,"EA",16364,1,16364,1,16364,43578,"결제",null,0,null,16364,43578,16364,43578,"상신","결재완료",16364,43616,16364,43616]
[1102,1500027118,30,"청소용품(왁스 등 13종) 구매",1945600720,"청소용품 13종 구매",30,null,"유한락스 18키로그람","Z06",456,null,43572,"최종승인",4960,"송상달",43572,313863,"주식회사 꿈이있는일터","2019-04-12","2019-04-23",3,"말",15000,1,45000,3,45000,43578,"결제",null,0,null,45000,43578,45000,43578,"상신","결재완료",45000,43595,45000,43595]
[1102,1000058137,40,"물품구매(의지재료/양*호)",1945600728,"소모품 나이글래스스타키넷 등 5종",40,"Z20011076","소모품-Rubber Cork(루버코르크)(독일산)","Z01",456,null,43573,"최종승인",27264,"양철호",43573,305386,"(주) 오토복코리아헬스케어","2019-04-18","2019-04-25",1,"EA",89000000,1000,89000,1,89000,43577,"결제",null,0,null,89000,43577,89000,43577,"상신","결재완료",89000,43616,89000,43616]
[1102,1000058225,10,"물품구매요구(접시스프링 외 14건/법인카드)",1945600808,"골유착임플란트/접시스프링 등 15종",10,"Z20050686","골유착임플란트(연구재료)","Z01",456,null,43581,"최종승인",26346,"정성윤",43580,516545280,"골유착임플란트-5280","2019-04-22","2019-05-03",1,"EA",810404,1,810404,1,810404,43577,"결제",null,0,null,810404,43577,810404,43577,"상신","결재완료",0,null,810404,43612]
[1102,1000058233,10,"물품구매(윤*진)전*만",1945600780,"욕창예방매트리스/윤*진",10,"Z20130007","욕창예방매트리스교대부양형-Ad1200tube(860x2000x110mm)","Z01",456,null,43577,"최종승인",6160,"전영만",43578,303862,"(주) 영원메디칼","2019-04-22","2019-04-29",1,"EA",287000,1,287000,1,287000,43577,"결제",null,0,null,287000,43577,287000,43577,"상신","결재완료",287000,43616,287000,43616]
[1102,1000058116,20,"물품구매(상지의지-김*진, 조*례/양*호)",1945600726,"의지상지 미관형의수 등 2종/김*진",20,"Z20010894","보조기하지-UDFlex짧은다리보조기 보아식 (성림) (의지재료)","Z01",456,null,43572,"최종승인",27264,"양철호",43573,301263,"성림교역","2019-04-17","2019-04-24",1,"EA",120000,1,120000,1,120000,43574,"결제",null,0,null,120000,43574,120000,43574,"상신","결재완료",120000,43616,120000,43616]
[1102,1000058221,10,"물품구매요구(전원스위치외 21건/법인카드)",1945600751,"골유착임플란트/전원 스위치 등 21건",10,"Z20050686","골유착임플란트(연구재료)","Z01",456,null,43581,"최종승인",26346,"정성윤",43577,516545280,"골유착임플란트-5280","2019-04-19","2019-05-03",1,"EA",470388,1,470388,1,470388,43574,"결제",null,0,null,470388,43574,470388,43574,"상신","결재완료",0,null,470388,43612]
[1102,1000058146,30,"물품구매(상지의지-박*구)/손*호",1945600723,"의지상지 상박잠금기능엘보 등 3종",30,"Z20010379","의지상지-상박신경줄호스머(호스머) (의지재료) (의지재료)","Z01",456,null,43572,"최종승인",6167,"손진호",43573,301263,"성림교역","2019-04-17","2019-04-24",1,"EA",95000,1,95000,1,95000,43573,"결제",null,0,null,95000,43573,95000,43573,"상신","결재완료",95000,43616,95000,43616]
[1102,1000057740,50,"물품구매(임상용 모델B(KYM) 허리고정부 외측 메인파트 3D프린팅 등 7건/세금",1945600629,"맞춤형근골격/허리고정부 이측 메인 파트3d 프린팅 등 7종",50,"Z20050524","맞춤형근골격(연구재료) (연구재료)","Z01",456,null,43578,"최종승인",26892,"권칠용",43563,322095,"BluEyes(블루아이즈)","2019-04-01","2019-04-30",1,"EA",607750,1,607750,1,607750,43572,"결제",null,0,null,607750,43572,607750,43572,"상신","결재완료",0,null,607750,43580]
[1102,1000058083,50,"물품구매 (ASSY 2.4 Φ 등 5건/ 세금계산서)",1945600715,"스마트소켓/assy2.4 등 5종",50,"Z20050607","스마트소켓(연구재료) (연구재료)","Z01",456,null,43598,"최종승인",27826,"전만기",43572,322572,"앤트와이어","2019-04-15","2019-05-20",2,"EA",11550,1,23100,2,23100,43571,"결제",null,0,null,23100,43571,23100,43571,"상신","결재완료",0,null,23100,43580]
[1102,1000057396,20,"물품구매(O-Ring HS70 등 3건/세금계산서)",1945600507,"스마트소켓/o ring hs70 등 3종",20,"Z20050607","스마트소켓(연구재료) (연구재료)","Z01",456,null,43578,"최종승인",26891,"박진국",43545,321519,"(주) 우성종합씰","2019-03-19","2019-04-30",200,"EA",660,1,132000,200,132000,43570,"결제",null,0,null,132000,43570,132000,43570,"상신","결재완료",0,null,132000,43580]
[1102,1000058021,120,"물품구매/의지재료(소모품)/조*문",1945600684,"의지하지 폼카바대퇴용 등 27종",120,"Z20010246","소모품-위생랩(30cm) (의지재료) (의지재료)","Z01",456,null,43566,"최종승인",6164,"조성문",43567,301148,"신성메디칼","2019-04-11","2019-04-18",5,"EA",5000,1,25000,5,25000,43570,"결제",null,0,null,25000,43570,25000,43570,"상신","결재완료",25000,43616,25000,43616]
[1102,1000058021,180,"물품구매/의지재료(소모품)/조*문",1945600684,"의지하지 폼카바대퇴용 등 27종",180,"Z20010224","소모품-아세톤 (의지재료) (의지재료)","Z01",456,null,43566,"최종승인",6164,"조성문",43567,301148,"신성메디칼","2019-04-11","2019-04-18",5,"EA",3200,1,16000,5,16000,43570,"결제",null,0,null,16000,43570,16000,43570,"상신","결재완료",16000,43616,16000,43616]
[1102,1000058033,30,"물품구매(전*표-이*환/유*선)",1945600685,"활동형 휠체어 등 5종",30,"Z20120393","휠체어수리-튜브일산활동형휠로피아(24,25in) (의지재료) (의지재료)","Z01",456,null,43566,"최종승인",26283,"유재선",43567,301700,"(주)휠로피아","2019-04-11","2019-04-18",50,"EA",4000,1,200000,50,200000,43570,"결제",null,0,null,200000,43570,200000,43570,"상신","결재완료",200000,43616,200000,43616]
[1102,1000057986,20,"물품구매/미관형의수(실리콘)/의지재료/이*동/조*문",1945600667,"의지상지 미관형의수 등 2종/이*동 등",20,"Z20010075","의지하지-클램프알미늄(알미늄) (의지재료) (의지재료)","Z01",456,null,43565,"최종승인",6164,"조성문",43566,301263,"성림교역","2019-04-10","2019-04-17",15,"EA",39000,1,585000,15,585000,43567,"결제",null,0,null,585000,43567,585000,43567,"상신","결재완료",585000,43616,585000,43616]
[1102,1000058018,30,"물품구매(의지하지-김*환 외 조*정)",1945600690,"의지하지 실리콘싹스 등 6종",30,"Z20010546","의지하지-실리콘싹스X5씰린대퇴용(미국산) (의지재료) (의지재료)","Z01",456,null,43566,"최종승인",26461,"조혜정",43567,301434,"오서코리아주식회사","2019-04-11","2019-04-18",2,"EA",600000,1,1200000,2,1200000,43566,"결제",null,0,null,1200000,43566,1200000,43566,"상신","결재완료",1200000,43616,1200000,43616]
[1102,1000057898,10,"물품구매(척추,하지보조기/천*민)",1945600647,"보조기척추 등 3종",10,"Z20010967","보조기척추-OT TLSO 몰딩 (의지재료)","Z01",456,null,43560,"최종승인",27784,"천성민",43564,322758,"오르텍주식회사","2019-04-05","2019-04-12",2,"EA",80000,1,160000,2,160000,43565,"결제",null,0,null,160000,43565,160000,43565,"상신","결재완료",160000,43616,160000,43616]
[1102,1000057992,100,"물품구매(의지재료)전*만",1945600697,"소모품 피피 등 10종",100,"Z20010720","보조기하지-다이나믹보조기(신성) (의지재료)","Z01",456,null,43565,"최종승인",6160,"전영만",43570,301148,"신성메디칼","2019-04-10","2019-04-17",4,"EA",90000,1,360000,4,360000,43565,"결제",null,0,null,360000,43565,360000,43565,"상신","결재완료",360000,43616,360000,43616]
[1102,1000057885,10,"물품구매 의지하지/창원센터",1945600634,"의지하지 실리콘싹스",10,"Z20010507","의지하지-실리콘싹스국산(국산) (의지재료) (의지재료)","Z01",456,null,43560,"최종승인",8445,"차민국",43563,323203,"코스텍","2019-04-05","2019-04-12",10,"EA",100000,1,1000000,10,1000000,43564,"결제",null,0,null,1000000,43564,1000000,43564,"상신","결재완료",1000000,43616,1000000,43616]
[1102,1000057908,30,"물품구매 의지상지 이*희 /창원센터",1945600654,"의지상지 상박주관절장식 등 3종",30,"Z20010382","의지상지-상박용키트폼블록(외산) (의지재료) (의지재료)","Z01",456,null,43563,"최종승인",6166,"김현종",43564,301263,"성림교역","2019-04-08","2019-04-15",1,"EA",80000,1,80000,1,80000,43564,"결제",null,0,null,80000,43564,80000,43564,"상신","결재완료",80000,43616,80000,43616]
[1102,1000057944,80,"물품구매(기타재료)",1945600660,"소모품 피피 등 8종",80,"Z20010389","의지상지-손목장식국산(국산) (의지재료) (의지재료)","Z01",456,null,43564,"최종승인",26461,"조혜정",43566,301148,"신성메디칼","2019-04-09","2019-04-16",10,"EA",15000,1,150000,10,150000,43564,"결제",null,0,null,150000,43564,150000,43564,"상신","결재완료",150000,43616,150000,43616]
[1102,1000057873,30,"물품구매(김*구-이*립-이*흠/유*선)",1945600613,"휠체어꺽기형 등 4종/김*구 등",30,"Z20120340","휠체어수리-타이어일반형미키(22,24in) (의지재료) (의지재료)","Z01",456,null,43560,"최종승인",26283,"유재선",43563,301882,"미키메디칼","2019-04-05","2019-04-12",20,"EA",8000,1,160000,20,160000,43563,"결제",null,0,null,160000,43563,160000,43563,"상신","결재완료",160000,43616,160000,43616]
[1102,1000057875,10,"물품구매(커넥터51004-0700 등 13종 1건/법인카드)",1945600631,"휠체어트래커/커넥터 등 13종",10,"Z20050738","휠체어트래커(연구재료)","Z01",456,null,43578,"최종승인",6363,"홍응표",43563,516501005,"휠체어트래커-1005","2019-04-05","2019-04-30",1,"EA",965872,1,965872,1,965872,43560,"결제",null,0,null,965872,43560,965872,43560,"상신","결재완료",0,null,965872,43581]
[1102,1000057337,30,"물품구매(에폭시 접착제 EP0-30G 셋트 등 4건/ 세금계산서)",1945600542,"스마트소켓/에폭시접착제 등 4종",30,"Z20050607","스마트소켓(연구재료) (연구재료)","Z01",456,null,43563,"최종승인",9294,"최종문",43549,313051,"(주) 엘레파츠","2019-03-15","2019-04-15",1,"EA",445500,1,445500,1,445500,43558,"결제",null,0,null,445500,43558,445500,43558,"상신","결재완료",0,null,445500,43580]
[1102,1000057712,10,"물품구매 수부 /창원센터",1945600589,"의지상지 미관형의수",10,"Z20010367","의지상지-미관형의수실리콘두손 (의지재료) (의지재료)","Z01",456,null,43556,"최종승인",6166,"김현종",43556,300508,"두손의수","2019-04-01","2019-04-08",2,"EA",213099,1,426198,2,426198,43557,"결제",null,0,null,426198,43557,426198,43557,"상신","결재완료",426198,43616,426198,43616]
[1102,1000057763,20,"물품구매(미관형의수-김*성)",1945600603,"의지상지 미관형의수 등 2종/김*성",20,"Z20010372","의지상지-미관형의수지실리콘 (의지재료) (의지재료)","Z01",456,null,43557,"최종승인",9144,"정창희",43558,300508,"두손의수","2019-04-01","2019-04-09",1,"EA",51901,1,51901,1,51901,43557,"결제",null,0,null,51901,43557,51901,43557,"상신","결재완료",51901,43616,51901,43616]
[1102,1000057667,20,"물품구매(몰렉스 커넥터 클림프 등 11건/법인카드)",1945600602,"맞춤형근골격/몰렉스 커넥터 클림프 등 11종",20,"Z20050524","맞춤형근골격(연구재료) (연구재료)","Z01",456,null,43565,"최종승인",27685,"황석진",43557,516570269,"연구-0269(맞춤형근골격)","2019-03-29","2019-04-17",1,"EA",108900,1,108900,1,108900,43553,"결제",null,0,null,108900,43553,108900,43553,"상신","결재완료",0,null,108900,43581]
[1102,1000057605,10,"기타",1945600575,"소모품 아무늄클럿치 등 2종",10,"Z20120017","소모품-알무늄클럿치대세(大,中,小) (의지재료) (의지재료)","Z01",456,null,43551,"최종승인",26283,"유재선",43552,306977,"(주)대세엠케어 경인지점 (인천)","2019-03-27","2019-04-03",20,"EA",12000,1,240000,20,240000,43552,"결제",null,0,null,240000,43552,240000,43552,"상신","결재완료",240000,43585,240000,43585]
[1102,1000057638,50,"물품구매 (RUBBER ROPE 등 5건/ 법인카드)",1945600584,"스마트소켓/rubber rope 등 5종",50,"Z20050607","스마트소켓(연구재료) (연구재료)","Z01",456,null,43573,"최종승인",27826,"전만기",43553,516506169,"스마트소켓-6169","2019-03-28","2019-04-25",20,"EA",517,1,10340,20,10340,43552,"결제",null,0,null,10340,43552,10340,43552,"상신","결재완료",0,null,10340,43581]
[1102,1000057542,60,"물품구매(미관형의수-김*선)",1945600557,"의지상지 미관형의수 등 9종/김*선 등",60,"Z20010565","소모품-하퇴용스탐프싹스국산 (의지재료) (의지재료)","Z01",456,null,43550,"최종승인",9144,"정창희",43550,301263,"성림교역","2019-03-26","2019-04-02",10,"EA",6000,1,60000,10,60000,43551,"결제",null,0,null,60000,43551,60000,43551,"상신","결재완료",60000,43585,60000,43585]
[1102,1000057427,20,"물품구매 (ASSY2.4Φ 등 6건/ 세금계산서)",1945600528,"스마트소켓/assy2.4 등 5종",20,"Z20050607","스마트소켓(연구재료) (연구재료)","Z01",456,null,43573,"최종승인",27826,"전만기",43549,322572,"앤트와이어","2019-03-21","2019-04-25",5,"EA",13200,1,66000,5,66000,43550,"결제",null,0,null,66000,43550,66000,43550,"상신","결재완료",0,null,66000,43565]
[1102,1000057456,10,"물품구매-의지상지/박*재/임*은",1945600569,"의지상지 미관형의수/박*재",10,"Z20010367","의지상지-미관형의수실리콘두손 (의지재료) (의지재료)","Z01",456,null,43546,"최종승인",9620,"임성은",43551,300508,"두손의수","2019-03-22","2019-03-29",1,"EA",213099,1,213099,1,213099,43550,"결제",null,0,null,213099,43550,213099,43550,"상신","결재완료",213099,43585,213099,43585]
[1102,1000057488,10,"물품구매(유*희/유*선)",1945600550,"일반형휠체어/유*희",10,"Z20120654","일반형휠체어-SMART-Twin(22D)(우리체어메디칼)","Z01",456,null,43546,"최종승인",26283,"유재선",43550,324470,"우리체어메디칼","2019-03-22","2019-03-29",1,"EA",450000,1,450000,1,450000,43550,"결제",null,0,null,450000,43550,450000,43550,"상신","결재완료",450000,43585,450000,43585]
[1102,1000057506,10,"물품구매(기타재료)",1945600533,"의지상지 미관형의수",10,"Z20010369","의지상지-미관형의수전자글러브레진(외산) (의지재료) (의지재료)","Z01",456,null,43549,"최종승인",26461,"조혜정",43549,305386,"(주) 오토복코리아헬스케어","2019-03-25","2019-04-01",10,"EA",162000,1,1620000,10,1620000,43550,"결제",null,0,null,1620000,43550,1620000,43550,"상신","결재완료",1620000,43585,1620000,43585]
[1102,1300009895,10,"용역구매(논문교정료 1건/법인카드)",1945600571,"스마트소켓/논문교정료",10,null,"논문교정료","Z04",456,"서비스",43550,"최종승인",27158,"정보라",43551,516506169,"스마트소켓-6169","2019-03-26","2019-04-02",1,"AU",278850,1,278850,1,278850,43550,"결제",null,0,null,278850,43550,278850,43550,"상신","결재완료",0,null,278850,43581]
[1102,1000057501,10,"물품구매(유*호,박*호,권*종,한*협,김*봉)전*만",1945600530,"휠체어꺽기형 등 8종/유*호 등",10,"Z20120055","휠체어꺽기형-미라지7일반형미키 (의지재료) (의지재료)","Z01",456,null,43549,"최종승인",6160,"전영만",43549,309507,"미키코리아(주)","2019-03-25","2019-04-01",1,"EA",440000,1,440000,1,440000,43549,"결제",null,0,null,440000,43549,440000,43549,"상신","결재완료",440000,43585,440000,43585]
[1102,1000057381,10,"물품구매(의지재료)/양*호",1945600485,"소모품 레진실링 등 9종",10,"Z20010578","소모품-레진실링(4kg) (의지재료) (의지재료)","Z01",456,null,43543,"최종승인",27264,"양철호",43544,305386,"(주) 오토복코리아헬스케어","2019-03-19","2019-03-26",2,"EA",200000,1,400000,2,400000,43546,"결제",null,0,null,400000,43546,400000,43546,"상신","결재완료",400000,43585,400000,43585]
[1102,1000057402,10,"물품구매/어깨가슴의지관절장식/반자동의수/윤*용/김*석/조*문",1945600498,"의지상지 견갑장식세트 등 5종/윤*용 등",10,"Z20010356","의지상지-견갑장식세트(독일산) (의지재료) (의지재료)","Z01",456,null,43544,"최종승인",6164,"조성문",43545,305386,"(주) 오토복코리아헬스케어","2019-03-20","2019-03-27",1,"EA",530000,1,530000,1,530000,43546,"결제",null,0,null,530000,43546,530000,43546,"상신","결재완료",530000,43585,530000,43585]
[1102,1000057418,10,"물품구매(의수 패럴린 코팅)",1945600516,"직무지지원/의수패럴린 코팅",10,"Z20050113","직무지원 연구재료 (연구재료) (연구재료)","Z01",456,null,43545,"최종승인",26292,"오혜정",43546,323203,"코스텍","2019-03-21","2019-03-28",1,"EA",50000,1,50000,1,50000,43546,"결제",null,0,null,50000,43546,50000,43546,"상신","결재완료",50000,43565,50000,43565]
[1102,1000057448,50,"물품구매(의지하지-박*제 외 조*정)",1945600534,"의지하지 실리콘싹스 등 6종/박*제 등",50,"Z20010832","의지하지-회전식4-홀피메일피라미드티타늄(외산) (의지재료)","Z01",456,null,43546,"최종승인",26461,"조혜정",43549,301434,"오서코리아주식회사","2019-03-22","2019-03-29",1,"EA",155000,1,155000,1,155000,43546,"결제",null,0,null,155000,43546,155000,43546,"상신","결재완료",155000,43585,155000,43585]
[1102,1000057433,10,"물품구매(와셔/법인카드)",1945600510,"스마트소켓/와셔",10,"Z20050607","스마트소켓(연구재료) (연구재료)","Z01",456,null,43566,"최종승인",8220,"신현준",43545,516506169,"스마트소켓-6169","2019-03-21","2019-04-18",500,"EA",77,1,38500,500,38500,43545,"결제",null,0,null,38500,43545,38500,43545,"상신","결재완료",0,null,38500,43581]
[1102,1000057422,10,"물품구매(배터리팩 등 2건/ 법인카드)",1945600513,"휠체어트래커/배터리팩 등 2종",10,"Z20050738","휠체어트래커(연구재료)","Z01",456,null,43572,"최종승인",26940,"남기태",43546,516501005,"휠체어트래커-1005","2019-03-20","2019-04-24",1,"EA",418000,1,418000,1,418000,43544,"결제",null,0,null,418000,43544,418000,43544,"상신","결재완료",0,null,418000,43581]
[1102,1000057294,60,"물품구매(기타재료)",1945600484,"의지상지 폼카바대퇴용 등 27종",60,"Z20010224","소모품-아세톤 (의지재료) (의지재료)","Z01",456,null,43539,"최종승인",26461,"조혜정",43544,301148,"신성메디칼","2019-03-19","2019-03-22",5,"EA",3200,1,16000,5,16000,43543,"결제",null,0,null,16000,43543,16000,43543,"상신","결재완료",16000,43585,16000,43585]
[1102,1000057294,100,"물품구매(기타재료)",1945600484,"의지상지 폼카바대퇴용 등 27종",100,"Z20010151","소모품-복수지(30x30) (의지재료) (의지재료)","Z01",456,null,43539,"최종승인",26461,"조혜정",43544,301148,"신성메디칼","2019-03-19","2019-03-22",55,"EA",4400,1,242000,55,242000,43543,"결제",null,0,null,242000,43543,242000,43543,"상신","결재완료",242000,43585,242000,43585]
[1102,1000057294,250,"물품구매(기타재료)",1945600484,"의지상지 폼카바대퇴용 등 27종",250,"Z20011067","소모품-드라이버(소)","Z01",456,null,43543,"최종승인",26461,"조혜정",43544,301148,"신성메디칼","2019-03-19","2019-03-22",6,"EA",5000,1,30000,6,30000,43543,"결제",null,0,null,30000,43543,30000,43543,"상신","결재완료",30000,43585,30000,43585]
[1102,1000057348,30,"물품구매(휠체어-이*숙)",1945600490,"휠체어꺽기형 등 4종/이*숙",30,"Z20120367","휠체어수리-타이어활동형미키(24in) (의지재료) (의지재료)","Z01",456,null,43542,"최종승인",9144,"정창희",43544,309507,"미키코리아(주)","2019-03-18","2019-03-25",10,"EA",8000,1,80000,10,80000,43543,"결제",null,0,null,80000,43543,80000,43543,"상신","결재완료",80000,43585,80000,43585]
[1102,1000057349,10,"물품구매(방석)",1945600491,"욕창예방방석",10,"Z20130029","욕창예방방석공기격자형-Smdub0003(8x9x5) (의지재료) (의지재","Z01",456,null,43542,"최종승인",9144,"정창희",43544,323411,"주식회사씰테크 용인지점","2019-03-18","2019-03-25",5,"EA",230000,1,1150000,5,1150000,43543,"결제",null,0,null,1150000,43543,1150000,43543,"상신","결재완료",1150000,43585,1150000,43585]
[1102,1000057331,40,"물품구매(최*호-박*홍-김*수/유*선)",1945600466,"전동휠체어 등 4종/최*호 등",40,"Z20120164","휠체어수리-배터리(12V,40Ah) (의지재료) (의지재료)","Z01",456,null,43539,"최종승인",26283,"유재선",43542,301700,"(주)휠로피아","2019-03-15","2019-03-22",2,"EA",75000,1,150000,2,150000,43542,"결제",null,0,null,150000,43542,150000,43542,"상신","결재완료",150000,43585,150000,43585]
[1102,1000057126,10,"물품구매(척추보조기/천*민)",1945600441,"보조기척추 등 3종",10,"Z20010967","보조기척추-OT TLSO 몰딩 (의지재료)","Z01",456,null,43532,"최종승인",27784,"천성민",43537,322758,"오르텍주식회사","2019-03-08","2019-03-15",2,"EA",80000,1,160000,2,160000,43538,"결제",null,0,null,160000,43538,160000,43538,"상신","결재완료",160000,43585,160000,43585]
[1102,1000057164,10,"물품구매(의지하지-권*주/김*선)",1945600447,"의지하지 대퇴무릎장식/권*주",10,"Z20010438","의지하지-대퇴무릎장식단축식티타늄3R49(독일산) (의지재료) (의지재료)","Z01",456,null,43532,"최종승인",6675,"김훈선",43537,305386,"(주) 오토복코리아헬스케어","2019-03-08","2019-03-13",1,"EA",700000,1,700000,1,700000,43537,"결제",null,0,null,700000,43537,700000,43537,"상신","결재완료",700000,43585,700000,43585]
[1102,1000057263,30,"물품구매(원형자석 등 4건/법인카드)",1945600453,"스마트소켓/원형자석 등 5종",30,"Z20050607","스마트소켓(연구재료) (연구재료)","Z01",456,null,43551,"최종승인",8220,"신현준",43539,516506169,"스마트소켓-6169","2019-03-13","2019-04-03",4,"EA",13750,1,55000,4,55000,43537,"결제",null,0,null,55000,43537,55000,43537,"상신","결재완료",0,null,55000,43581]
[1102,1000057145,30,"물품구매-휠체어/김*수/황*기/류*석/임*은",1945600408,"휠체어일반형 등 9종",30,"Z20120528","휠체어활동형-J2 (의지재료) (의지재료)","Z01",456,null,43532,"최종승인",9620,"임성은",43532,309507,"미키코리아(주)","2019-03-08","2019-03-15",1,"EA",720000,1,720000,1,720000,43536,"결제",null,0,null,720000,43536,720000,43536,"상신","결재완료",720000,43585,720000,43585]
[1102,1000057155,20,"물품구매/미관형의수(실리콘)/김*돈/박*근/손*임/최*태/조*문",1945600426,"의지상지 미관형의수 등 2종/김*돈 등",20,"Z20010372","의지상지-미관형의수지실리콘 (의지재료) (의지재료)","Z01",456,null,43532,"최종승인",6164,"조성문",43536,300508,"두손의수","2019-03-08","2019-03-15",2,"EA",51901,1,103802,2,103802,43536,"결제",null,0,null,103802,43536,103802,43536,"상신","결재완료",103802,43585,103802,43585]
[1102,1000057181,20,"물품구매(이*기-정*덕-김*재/유*선)",1945600422,"활동형휠체어 등 4종/이*기 등",20,"Z20120352","휠체어수리-타이어전동용에휠로피아(14in) (의지재료) (의지재료)","Z01",456,null,43532,"최종승인",26283,"유재선",43536,301700,"(주)휠로피아","2019-03-08","2019-03-15",4,"EA",18000,1,72000,4,72000,43536,"결제",null,0,null,72000,43536,72000,43536,"상신","결재완료",72000,43585,72000,43585]
[1102,1000057189,20,"물품구매(직무형인공발/트리톤 등 2종)",1945600434,"자체 시험상용화/직무형인공발 트리톤 등 2종",20,"Z20050226","하지-씨워크 (연구재료)","Z01",456,null,43535,"최종승인",26292,"오혜정",43536,305386,"(주) 오토복코리아헬스케어","2019-03-11","2019-03-18",1,"EA",1800000,1,1800000,1,1800000,43536,"결제",null,0,null,1800000,43536,1800000,43536,"상신","결재완료",1800000,43549,1800000,43549]
[1102,1000057192,10,"물품구매(보조배터리 등 2건/ 법인카드)",1945600416,"휠체어트래커/보조배터리 등 2종",10,"Z20050738","휠체어트래커(연구재료)","Z01",456,null,43556,"최종승인",26940,"남기태",43536,516501005,"휠체어트래커-1005","2019-03-11","2019-04-08",3,"EA",23570,1,70710,3,70710,43535,"결제",null,0,null,70710,43535,70710,43535,"상신","결재완료",0,null,70710,43550]
[1102,1500026494,20,"사무용품(플러스펜 등) 구매",1945600392,"사무용품 를러스펜 등 구매",20,null,"계산기","Z06",456,null,43530,"최종승인",26609,"이미현",43530,303191,"인성","2019-03-06","2019-03-13",2,"EA",27273,2,27273,2,27273,43530,"결제",null,0,null,27273,43530,27273,43530,"상신","결재완료",27273,43535,27273,43535]
[1102,1000056725,30,"물품구매요구(웜기어 하단부 부싱 등 3건/세금계산서)",1945600333,"스마트소켓/웜기어 하단부 부싱 등 4종",30,"Z20050607","스마트소켓(연구재료) (연구재료)","Z01",456,null,43532,"최종승인",26346,"정성윤",43522,301754,"무한정밀","2019-02-19","2019-03-15",3,"EA",38500,1,115500,3,115500,43529,"결제",null,0,null,115500,43529,115500,43529,"상신","결재완료",0,null,115500,43549]
[1102,1000056973,10,"기타",1945600366,"휠체어수리 등 7종",10,"Z20120393","휠체어수리-튜브일산활동형휠로피아(24,25in) (의지재료) (의지재료)","Z01",456,null,43524,"최종승인",26283,"유재선",43528,301700,"(주)휠로피아","2019-02-28","2019-03-07",50,"EA",4000,1,200000,50,200000,43529,"결제",null,0,null,200000,43529,200000,43529,"상신","결재완료",200000,43585,200000,43585]
[1102,1000057088,20,"물품구매(손의지-김*혁 외 조*정)",1945600448,"의지상지 미관형의수 등 3종/김*혁 등",20,"Z20010367","의지상지-미관형의수실리콘두손 (의지재료) (의지재료)","Z01",456,null,43530,"최종승인",26461,"조혜정",43537,300508,"두손의수","2019-03-04","2019-03-13",3,"EA",213099,1,639297,3,639297,43529,"결제",null,0,null,639297,43529,639297,43529,"상신","결재완료",639297,43585,639297,43585]
[1102,1000057008,10,"물품구매(체결용부품/법인카드)",1945600372,"맞춤형근골격/초극저두볼트 등 11건",10,"Z20050524","맞춤형근골격(연구재료) (연구재료)","Z01",456,null,43546,"최종승인",27607,"이종원",43528,516570269,"연구-0269(맞춤형근골격)","2019-03-04","2019-03-29",1,"EA",942139,1,942139,1,942139,43528,"결제",null,0,null,942139,43528,942139,43528,"상신","결재완료",0,null,942139,43550]
[1102,1000056904,20,"물품구매(작업용 의수(후크set) 등 6종)",1945600352,"자체 시험상용화/작업용의수 후크 등 6종",20,"Z20050230","상지-작업용의수(후크형) (연구재료)","Z01",456,null,43522,"최종승인",26292,"오혜정",43523,301263,"성림교역","2019-02-26","2019-03-05",1,"EA",940000,1,940000,1,940000,43524,"결제",null,0,null,940000,43524,940000,43524,"상신","결재완료",940000,43535,940000,43535]
[1102,1000056928,10,"물품구매(6출힘센서/ 세금계산서)",1945600363,"스마트어시스트/6축 힘센서",10,"Z20050649","스마트어시스트(연구재료) (연구재료)","Z01",456,null,43544,"최종승인",26940,"남기태",43528,324833,"(주) 엔티로봇","2019-02-27","2019-03-27",1,"EA",5390000,1,5390000,1,5390000,43524,"결제",null,0,null,5390000,43524,5390000,43524,"상신","결재완료",0,null,5390000,43535]
[1102,1000056815,10,"물품구매 소모품 /창원센터",1945600313,"소모품선심풀 등 10종",10,"Z20010181","소모품-선심풀(제화용) (의지재료) (의지재료)","Z01",456,null,43521,"최종승인",6166,"김현종",43521,301148,"신성메디칼","2019-02-22","2019-03-04",2,"EA",10000,1,20000,2,20000,43522,"결제",null,0,null,20000,43522,20000,43522,"상신","결재완료",20000,43553,20000,43553]
[1102,1000056858,10,"물품구매-실리콘라이너/임*은",1945600341,"의지하지 실리콘싹스 등 2종",10,"Z20010532","의지하지-실리콘싹스컴포트하퇴용(외산) (의지재료) (의지재료)","Z01",456,null,43521,"최종승인",9620,"임성은",43523,301434,"오서코리아주식회사","2019-02-25","2019-03-04",4,"EA",338000,1,1352000,4,1352000,43522,"결제",null,0,null,1352000,43522,1352000,43522,"상신","결재완료",1352000,43553,1352000,43553]
[1102,1000056906,40,"물품구매(기타재료)",1945600337,"소모품 나이론반도백색 등 11종",40,"Z20010794","소모품-삼중마스크 (의지재료)","Z01",456,null,43522,"최종승인",26461,"조혜정",43523,301148,"신성메디칼","2019-02-26","2019-03-05",5,"EA",10000,1,50000,5,50000,43522,"결제",null,0,null,50000,43522,50000,43522,"상신","결재완료",50000,43553,50000,43553]
[1102,1000056827,10,"물품구매(방석)",1945600306,"욕창예방방석",10,"Z20130029","욕창예방방석공기격자형-Smdub0003(8x9x5) (의지재료) (의지재","Z01",456,null,43521,"최종승인",26461,"조혜정",43521,323411,"주식회사씰테크 용인지점","2019-02-22","2019-03-04",20,"EA",230000,1,4600000,20,4600000,43521,"결제",null,0,null,4600000,43521,4600000,43521,"상신","결재완료",4600000,43553,4600000,43553]
[1102,1000056848,10,"물품구매(전*우-신*균-전*길/유*선)",1945600319,"활동형휠체어/전*우 등",10,"Z20120641","활동형휠체어- 노바제로 A타입 (티오엠)","Z01",456,null,43521,"최종승인",26283,"유재선",43521,319782,"주식회사 티오엠모빌리티 (TOM MOBILITY)-폐쇄","2019-02-22","2019-03-04",3,"EA",950000,1,2850000,3,2850000,43521,"결제",null,0,null,2850000,43521,2850000,43521,"상신","결재완료",2850000,43553,2850000,43553]
[1102,1000056691,10,"물품구매(의지하지-원*혁/김*동)",1945600284,"의지하지 단축발발목장식/원*혁",10,"Z20010422","의지하지-단축발발목장식알루미늄포함셋트(독일산) (의지재료) (의지재료)","Z01",456,null,43514,"최종승인",8219,"김수동",43515,305386,"(주) 오토복코리아헬스케어","2019-02-18","2019-02-22",1,"EA",176000,1,176000,1,176000,43518,"결제",null,0,null,176000,43518,176000,43518,"상신","결재완료",176000,43553,176000,43553]
[1102,1000056178,20,"물품구매(근전도센서송신모듈 등 5건/세금계산서)",1945600153,"맞춤형근골격/근전도센서송신모듈 등 5종",20,"Z20050524","맞춤형근골격(연구재료) (연구재료)","Z01",456,null,43514,"최종승인",6898,"고창용",43489,316425,"(주)시드테크","2019-01-21","2019-02-25",1,"EA",858000,1,858000,1,858000,43517,"결제",null,0,null,858000,43517,858000,43517,"상신","결재완료",0,null,858000,43535]
[1102,1000056752,40,"물품구매(무릎관절장치3R80 등9종)",1945600295,"자체 시험상용화/무릎관절장치  등 9종",40,"Z20050531","상지-반자동의수외피(연구재료) (연구재료)","Z01",456,null,43515,"최종승인",26292,"오혜정",43517,305386,"(주) 오토복코리아헬스케어","2019-02-19","2019-02-26",1,"EA",162000,1,162000,1,162000,43517,"결제",null,0,null,162000,43517,162000,43517,"상신","결재완료",162000,43535,162000,43535]
[1102,1000056659,40,"물품구매-의지하지/임*은",1945600259,"의지하지 클램프 등 4종",40,"Z20010368","의지상지-미관형의수실리콘리갈(외산) (의지재료) (의지재료)","Z01",456,null,43511,"최종승인",9620,"임성은",43514,301263,"성림교역","2019-02-15","2019-02-22",2,"EA",230000,1,460000,2,460000,43515,"결제",null,0,null,460000,43515,460000,43515,"상신","결재완료",460000,43553,460000,43553]
[1102,1000056682,20,"물품구매(장*연/유*선)",1945600264,"활동형휠체어 등 2종/장*연",20,"Z20120200","휠체어수리-브레이크토글휠로피아(대만산) (의지재료) (의지재료)","Z01",456,null,43511,"최종승인",26283,"유재선",43514,301700,"(주)휠로피아","2019-02-15","2019-02-22",10,"EA",25000,1,250000,10,250000,43515,"결제",null,0,null,250000,43515,250000,43515,"상신","결재완료",250000,43553,250000,43553]
[1102,1500026183,50,"전기실 LAN커넥터외15종 구입",1945600241,"전기실 lan커넥터 등 17종",50,null,"매입모듈러 콘센트(2구8핀)","Z06",456,null,43507,"최종승인",28101,"김형국",43508,300045,"모아이엔티","2019-02-11","2019-02-23",5,"개",7200,1,36000,5,36000,43515,"결제",null,0,null,36000,43515,36000,43515,"상신","결재완료",36000,43521,36000,43521]
[1102,1500026304,10,"파일서버(1070010110)용 SSD 구매",1945600273,"파일서버용 ssd 구매",10,null,"SSD 256GB","Z06",456,null,43514,"최종승인",6145,"조현석",43514,507196932,"운영지원부-6932","2019-02-18","2019-02-28",1,"EA",95872,1,95872,1,95872,43514,"결제",null,0,null,95872,43514,95872,43514,"상신","결재완료",95872,43536,95872,43536]
[1102,1000056653,20,"물품구매(휠체어-경*호)",1945600258,"휠체어꺽기형 등 2종/경*호",20,"Z20120650","활동형휠체어-P2(미키코리아)","Z01",456,null,43510,"최종승인",9144,"정창희",43511,309507,"미키코리아(주)","2019-02-14","2019-02-21",1,"EA",950000,1,950000,1,950000,43511,"결제",null,0,null,950000,43511,950000,43511,"상신","결재완료",950000,43553,950000,43553]
[1102,1000056576,30,"물품구매-의지상지/임*은",1945600229,"자체 시험상용화/손의지",30,"Z20010373","의지상지-반자동의수(독일산) (의지재료) (의지재료)","Z01",456,null,43507,"최종승인",9620,"임성은",43508,305386,"(주) 오토복코리아헬스케어","2019-02-11","2019-02-18",1,"EA",363000,1,363000,1,363000,43509,"결제",null,0,null,363000,43509,363000,43509,"상신","결재완료",363000,43553,363000,43553]
[1102,1300009733,10,"승강기 정기점검('19.2월분) 수수료",1945800012,"2월 승강기점검",10,null,"승강기 정기점검(19년2월분)","Z04",458,null,43511,"최종승인",4960,"송상달",43514,315165,"서울승강기서비스","2019-02-01","2019-02-28",1,"EA",110000,1,110000,1,110000,43509,"결제",null,0,null,110000,43509,110000,43509,"상신","결재완료",110000,43521,110000,43521]
[1102,1000056588,10,"물품구매(손의지-최*술 외 조*정)",1945600242,"의지상지 미관형의수 등 4종",10,"Z20010367","의지상지-미관형의수실리콘두손 (의지재료) (의지재료)","Z01",456,null,43508,"최종승인",26461,"조혜정",43509,300508,"두손의수","2019-02-12","2019-02-19",17,"EA",213099,1,3622683,17,3622683,43508,"결제",null,0,null,3622683,43508,3622683,43508,"상신","결재완료",3622683,43553,3622683,43553]
[1102,1000056588,40,"물품구매(손의지-최*술 외 조*정)",1945600242,"의지상지 미관형의수 등 4종",40,"Z20010363","의지상지-미관형의수레진두손 (의지재료) (의지재료)","Z01",456,null,43508,"최종승인",26461,"조혜정",43509,300508,"두손의수","2019-02-12","2019-02-19",2,"EA",90000,1,180000,2,180000,43508,"결제",null,0,null,180000,43508,180000,43508,"상신","결재완료",180000,43553,180000,43553]
[1102,1000056433,60,"물품구매(최*진/유*선)",1945600209,"활동형휠체어 등 12종",60,"Z20120392","휠체어수리-튜브일반형휠로피아(24x13/8in) (의지재료) (의지재료)","Z01",456,null,43497,"최종승인",26283,"유재선",43497,301700,"(주)휠로피아","2019-02-01","2019-02-08",20,"EA",4400,1,88000,20,88000,43503,"결제",null,0,null,88000,43503,88000,43503,"상신","결재완료",88000,43553,88000,43553]
[1102,1000056121,40,"물품구매(Nozzle 등 8건/세금계산서)",1945600127,"맞춤형근골격/nozzle 등 8종",40,"Z20050524","맞춤형근골격(연구재료) (연구재료)","Z01",456,null,43514,"최종승인",6898,"고창용",43487,323374,"비온드테크(BEYOND TECH)","2019-01-21","2019-02-25",1,"EA",55000,1,55000,1,55000,43497,"결제",null,0,null,55000,43497,55000,43497,"상신","결재완료",0,null,55000,43504]
[1102,1000056363,10,"물품구매(스마트어시스트 제어기 케이스등 제작등 1/세금계산서)",1945600207,"스마트어시스트/제어기 케이스 등 제작",10,"Z20050649","스마트어시스트(연구재료) (연구재료)","Z01",456,null,43502,"최종승인",6879,"김용철",43497,304132,"조영승 (상윤산업)","2019-01-30","2019-02-13",1,"EA",810700,1,810700,1,810700,43497,"결제",null,0,null,810700,43497,810700,43497,"상신","결재완료",0,null,810700,43521]
[1102,1000056409,70,"물품구매(링크바인딩 부속품 토우 스트랩 스크류 등 7건/법인카드)",1945600204,"맞춤형근골격/토우 스트랩 스크류 등 7종",70,"Z20050524","맞춤형근골격(연구재료) (연구재료)","Z01",456,null,43517,"최종승인",26892,"권칠용",43497,516570269,"연구-0269(맞춤형근골격)","2019-01-31","2019-02-28",12,"EA",10000,1,120000,12,120000,43496,"결제",null,0,null,120000,43496,120000,43496,"상신","결재완료",0,null,120000,43522]
[1102,1000056333,20,"물품구매(전자의수-김*근)",1945600189,"의지상지 전자의수 등 3종",20,"Z20010900","의지상지-전자의수완관절용BK(국산) (의지재료)","Z01",456,null,43494,"최종승인",9144,"정창희",43495,302514,"비케이메디텍","2019-01-29","2019-02-05",1,"EA",2640000,1,2640000,1,2640000,43495,"결제",null,0,null,2640000,43495,2640000,43495,"상신","결재완료",2640000,43524,2640000,43524]
[1102,1000055844,10,"물품구매(엔코더프로그래머 등 3건/세금계산서)",1945600008,"스마트어시스트/엔코더 프로그래머 등 3종",10,"Z20050649","스마트어시스트(연구재료) (연구재료)","Z01",456,null,43510,"최종승인",26940,"남기태",43476,302993,"주식회사 트론","2019-01-10","2019-02-21",1,"EA",440000,1,440000,1,440000,43494,"결제",null,0,null,440000,43494,440000,43494,"상신","결재완료",0,null,440000,43504]
[1102,1000056263,10,"물품구매-상지의지/김*록/전*식/임*은",1945600161,"의지상지 미관형의수 등 2종/김*록",10,"Z20010367","의지상지-미관형의수실리콘두손 (의지재료) (의지재료)","Z01",456,null,43490,"최종승인",9620,"임성은",43493,300508,"두손의수","2019-01-25","2019-02-01",1,"EA",213099,1,213099,1,213099,43494,"결제",null,0,null,213099,43494,213099,43494,"상신","결재완료",213099,43524,213099,43524]
[1102,1000056273,10,"물품구매(정*식-박*운/유*선)",1945600181,"휠체어꺽기형 등 2종/정*식 등",10,"Z20120054","휠체어꺽기형-미라지7분리형미키 (의지재료) (의지재료)","Z01",456,null,43490,"최종승인",26283,"유재선",43493,301882,"미키메디칼","2019-01-25","2019-02-01",1,"EA",540000,1,540000,1,540000,43493,"결제",null,0,null,540000,43493,540000,43493,"상신","결재완료",540000,43524,540000,43524]
[1102,1000056122,10,"물품구매(PP filament/세금계산서)",1945600128,"맞춤형근골격/pp filament",10,"Z20050524","맞춤형근골격(연구재료) (연구재료)","Z01",456,null,43514,"최종승인",6898,"고창용",43487,323283,"제이엠전자","2019-01-21","2019-02-25",3,"EA",264000,1,792000,3,792000,43490,"결제",null,0,null,792000,43490,792000,43490,"상신","결재완료",0,null,792000,43504]
[1102,1500025996,10,"컬러프린터 토너 1SET",1945600147,"배터리성능평가/토너",10,null,"컬러프린터 토너 1SET","Z06",456,null,43489,"최종승인",6149,"최기원",43489,321731,"주식회사 소명시스템","2019-01-24","2019-01-31",1,"EA",544500,1,544500,1,544500,43490,"결제",null,0,null,544500,43490,544500,43490,"상신","결재완료",0,null,544500,43504]
[1102,1000056196,160,"물품구매(기타재료)",1945600169,"의지상지 손목장식 등 23종",160,"Z20010139","소모품-박스포장용테이프(6cm) (의지재료) (의지재료)","Z01",456,null,43488,"최종승인",26461,"조혜정",43493,301148,"신성메디칼","2019-01-23","2019-01-30",10,"EA",800,1,8000,10,8000,43489,"결제",null,0,null,8000,43489,8000,43489,"상신","결재완료",8000,43524,8000,43524]
[1102,1000056196,230,"물품구매(기타재료)",1945600169,"의지상지 손목장식 등 23종",230,"Z20010271","소모품-철톱날(외산12in) (의지재료) (의지재료)","Z01",456,null,43488,"최종승인",26461,"조혜정",43493,301148,"신성메디칼","2019-01-23","2019-01-30",5,"EA",13000,1,65000,5,65000,43489,"결제",null,0,null,65000,43489,65000,43489,"상신","결재완료",65000,43524,65000,43524]
[1102,1000055878,10,"물품구매(스마트어시스트 구동모터 시제품 제작등 1건/세금계산서)",1945600020,"스마트어시스트/구동모터 시제품 제작",10,"Z20050649","스마트어시스트(연구재료) (연구재료)","Z01",456,null,43496,"최종승인",6879,"김용철",43476,309519,"(주) 휴모닉","2019-01-10","2019-02-07",2,"EA",495000,1,990000,2,990000,43488,"결제",null,0,null,990000,43488,990000,43488,"상신","결재완료",0,null,990000,43504]
[1102,1000056053,20,"물품구매 의지하지/창원센터",1945600108,"의지하지 실리콘싹스 등 2종",20,"Z20010570","의지하지-흡입밸브실린라이너대퇴용(미국산) (의지재료) (의지재료)","Z01",456,null,43483,"최종승인",8445,"차민국",43486,301434,"오서코리아주식회사","2019-01-18","2019-01-25",2,"EA",95000,1,190000,2,190000,43487,"결제",null,0,null,190000,43487,190000,43487,"상신","결재완료",190000,43524,190000,43524]
[1102,1000056056,10,"물품구매 의지하지/창원센터",1945600110,"의지하지 발 등 2종",10,"Z20010494","의지하지-발Bk(국산) (의지재료) (의지재료)","Z01",456,null,43483,"최종승인",8445,"차민국",43486,302514,"비케이메디텍","2019-01-18","2019-01-25",10,"EA",179850,1,1798500,10,1798500,43487,"결제",null,0,null,1798500,43487,1798500,43487,"상신","결재완료",1798500,43524,1798500,43524]
[1102,1000056115,40,"물품구매(하지의지-정*영)/손*호",1945600122,"의지하지 실리콘싹스 등 4종/정*영",40,"Z20010969","의지하지-피라밋형 알미늄 어댑터+플레이트 (의지재료)","Z01",456,null,43486,"최종승인",6167,"손진호",43487,301263,"성림교역","2019-01-21","2019-01-28",1,"EA",65000,1,65000,1,65000,43487,"결제",null,0,null,65000,43487,65000,43487,"상신","결재완료",65000,43524,65000,43524]
[1102,1000056162,10,"물품구매/휠체어(일반형)/권*오/조*문",1945600135,"휠체어꺽기형/권*호",10,"Z20120055","휠체어꺽기형-미라지7일반형미키 (의지재료) (의지재료)","Z01",456,null,43487,"최종승인",6164,"조성문",43488,309507,"미키코리아(주)","2019-01-18","2019-01-29",1,"EA",440000,1,440000,1,440000,43487,"결제",null,0,null,440000,43487,440000,43487,"상신","결재완료",440000,43524,440000,43524]
[1102,1000056079,20,"물품구매(의지재료-실리콘의수형틀준비)",1945600092,"실리콘고무 등 2종",20,"Z20011042","의지재료-내열퍼티(일범)","Z01",456,null,43483,"최종승인",8664,"유효종",43483,324848,"(주) 일범","2019-01-18","2019-01-25",10,"EA",16000,1,160000,10,160000,43486,"결제",null,0,null,160000,43486,160000,43486,"상신","결재완료",160000,43524,160000,43524]
[1102,1500025934,10,"청소용품(점보롤 등 10종) 구매",1945600129,"청소용품 10종",10,null,"점보롤/500m","Z06",456,null,43486,"최종승인",4960,"송상달",43487,313863,"주식회사 꿈이있는일터","2019-01-21","2019-01-21",10,"EA",255000,10,255000,10,255000,43486,"결제",null,0,null,255000,43486,255000,43486,"상신","결재완료",255000,43504,255000,43504]
[1102,1000055928,10,"물품구매(상지의지-김*근/유*종)",1945600071,"의지상지 미관형의수/김*근",10,"Z20010368","의지상지-미관형의수실리콘리갈(외산) (의지재료) (의지재료)","Z01",456,null,43479,"최종승인",8664,"유효종",43482,301263,"성림교역","2019-01-14","2019-01-21",1,"EA",230000,1,230000,1,230000,43482,"결제",null,0,null,230000,43482,230000,43482,"상신","결재완료",230000,43524,230000,43524]
[1102,1000055925,10,"물품구매-실리콘라이너/박*희/임*은",1945600053,"의지하지 실리콘싹스/박*희",10,"Z20010532","의지하지-실리콘싹스컴포트하퇴용(외산) (의지재료) (의지재료)","Z01",456,null,43479,"최종승인",9620,"임성은",43479,301434,"오서코리아주식회사","2019-01-14","2019-01-21",2,"EA",338000,1,676000,2,676000,43481,"결제",null,0,null,676000,43481,676000,43481,"상신","결재완료",676000,43524,676000,43524]
[1102,1000055850,30,"물품구매(상지의지-김*철 외 6명/양*호)",1945600017,"의지상지 미관형의수 등 3종/김*철 등",30,"Z20010565","소모품-하퇴용스탐프싹스국산 (의지재료) (의지재료)","Z01",456,null,43475,"최종승인",27264,"양철호",43476,301263,"성림교역","2019-01-10","2019-01-17",20,"EA",6000,1,120000,20,120000,43480,"결제",null,0,null,120000,43480,120000,43480,"상신","결재완료",120000,43524,120000,43524]
[1102,1000055901,10,"물품구매 휠체어 현*용 외,방석 김*곤 외 /창원센터",1945600027,"활동형휠체어 등 3종/현*용 등",10,"Z20120641","활동형휠체어- 노바제로 A타입 (티오엠)","Z01",456,null,43476,"최종승인",6166,"김현종",43476,324832,"주식회사 이레엠케어","2019-01-11","2019-01-18",2,"EA",950000,1,1900000,2,1900000,43480,"결제",null,0,null,1900000,43480,1900000,43480,"상신","결재완료",1900000,43524,1900000,43524]
[1102,1000055933,50,"물품구매(무황 Clay 등 12건/세금계산서)",1945600078,"스마트어시스트/무황 clay 등 12종",50,"Z20050649","스마트어시스트(연구재료) (연구재료)","Z01",456,null,43504,"최종승인",26892,"권칠용",43482,324834,"우진문기상사","2019-01-11","2019-02-15",1,"EA",108350,1,108350,1,108350,43480,"결제",null,0,null,108350,43480,108350,43480,"상신","결재완료",0,null,108350,43490]
[1102,1000055972,10,"물품구매(맞춤형교정용신발)",1945600075,"자체 시험상용화/맞춤형교정용신발",10,"Z20050719","하지-맞춤형교정용신발(연구재료)","Z01",456,null,43480,"최종승인",26292,"오혜정",43482,305173,"한국보훈복지의료공단중앙보훈병원","2019-01-15","2019-01-22",1,"EA",427000,1,427000,1,427000,43480,"결제",null,0,null,427000,43480,427000,43480,"상신","결재완료",427000,43490,427000,43490]
[1102,1000055876,40,"기타",1945600010,"휠체어수리 등 6종",40,"Z20120400","휠체어수리-튜브전동용휠로피아(16in) (의지재료) (의지재료)","Z01",456,null,43475,"최종승인",26283,"유재선",43476,301700,"(주)휠로피아","2019-01-10","2019-01-17",6,"EA",8000,1,48000,6,48000,43479,"결제",null,0,null,48000,43479,48000,43479,"상신","결재완료",48000,43524,48000,43524]
[1102,1000055939,100,"물품구매(극세선 내열 난연성 전선(배선용)등 12종/법인카드)",1945600048,"맞춤형근골격/극세선 내열 난연성 전선 등 12종",100,"Z20050524","맞춤형근골격(연구재료) (연구재료)","Z01",456,null,43517,"최종승인",27685,"황석진",43479,516570269,"연구-0269(맞춤형근골격)","2019-01-11","2019-02-28",3000,"EA",11,1,33000,3000,33000,43479,"결제",null,0,null,33000,43479,33000,43479,"상신","결재완료",0,null,33000,43522]
[1102,1000055845,50,"물품구매(송*호,의지재료)전*만",1945600006,"휠체어꺽기형 등 5종/송*호 등",50,"Z20120318","휠체어수리-클린튜브활동형형(24in) (의지재료) (의지재료)","Z01",456,null,43475,"최종승인",6160,"전영만",43476,309507,"미키코리아(주)","2019-01-10","2019-01-17",10,"EA",6000,1,60000,10,60000,43475,"결제",null,0,null,60000,43475,60000,43475,"상신","결재완료",60000,43524,60000,43524]
[1102,1000055832,20,"물품구매(엘보클러치 등 2건 / 법인카드 0269)",1945600001,"맞춤형근골격/엘보클러치 등 2종",20,"Z20050524","맞춤형근골격(연구재료) (연구재료)","Z01",456,null,43489,"최종승인",27520,"최혁재",43475,516570269,"연구-0269(맞춤형근골격)","2019-01-08","2019-01-31",10,"EA",13570,1,135700,10,135700,43473,"결제",null,0,null,135700,43473,135700,43473,"상신","결재완료",0,null,135700,43493]
[1102,1000054335,20,"물품구매요구(DCX10s 등 1건/세금계산서)",1845602220,"골유착임플란트/dcx10s dc모터 등 2종",20,"Z20050686","골유착임플란트(연구재료)","Z01",456,null,43458,"최종승인",26346,"정성윤",43411,305366,"(주) 맥슨모터코리아","2018-11-05","2018-12-31",20,"EA",222200,1,4444000,20,4444000,43455,"결제",null,0,null,4444000,43455,4444000,43455,"상신","결재완료",0,null,4444000,43475]
[1102,1000055379,10,"물품구매요구(5지핸드프레임/세금계산서)",1845602572,"골유착임플란트/5지 핸드 프레임",10,"Z20050686","골유착임플란트(연구재료)","Z01",456,null,43453,"최종승인",26346,"정성윤",43448,324705,"주식회사 신성텍","2018-12-14","2018-12-26",2,"EA",715000,1,1430000,2,1430000,43455,"결제",null,0,null,1430000,43455,1430000,43455,"상신","결재완료",0,null,1430000,43475]
[1102,1000055488,10,"물품구매-욕창예방방석/김*문/임*은",1845602614,"욕창예방방석/김*문",10,"Z20130024","욕창예방방석공기격자형-커트로 (의지재료) (의지재료)","Z01",456,null,43453,"최종승인",9620,"임성은",43454,305386,"(주) 오토복코리아헬스케어","2018-12-19","2018-12-26",1,"EA",370000,1,370000,1,370000,43454,"결제",null,0,null,370000,43454,370000,43454,"상신","결재완료",370000,43496,370000,43496]
[1102,1000055499,20,"물품구매/미관형의수(실리콘)/김*규/조*문",1845602611,"의지상지 미관형의수 등 4종/김*규 등",20,"Z20010395","의지상지-작업의수후크스텐호스머(미국산) (의지재료) (의지재료)","Z01",456,null,43453,"최종승인",6164,"조성문",43454,301263,"성림교역","2018-12-19","2018-12-26",1,"EA",690000,1,690000,1,690000,43454,"결제",null,0,null,690000,43454,690000,43454,"상신","결재완료",690000,43496,690000,43496]
[1102,1000055530,20,"물품구매(방석-김*원 외 조*정)",1845602648,"욕창예방방석 등 2종/김*원등",20,"Z20130002","욕창예방매트리스공기격자형-로호(860x2040x89mm) (의지재료) (","Z01",456,null,43454,"최종승인",26461,"조혜정",43455,305386,"(주) 오토복코리아헬스케어","2018-12-20","2018-12-27",1,"EA",1650000,1,1650000,1,1650000,43454,"결제",null,0,null,1650000,43454,1650000,43454,"상신","결재완료",1650000,43496,1650000,43496]
[1102,1000055552,40,"물품구매(미관형의수-민*기)",1845602658,"의지상지 미관형의수 등 6종/민*기 등",40,"Z20010895","소모품-PVA백 4inch (의지재료)","Z01",456,null,43454,"최종승인",9144,"정창희",43458,305386,"(주) 오토복코리아헬스케어","2018-12-19","2018-12-27",1,"EA",67000,1,67000,1,67000,43454,"결제",null,0,null,67000,43454,67000,43454,"상신","결재완료",67000,43496,67000,43496]
[1102,1000055554,20,"물품구매(상박장식-유*덕)",1845602659,"의지상지 상박주관절장식 등 8종/유*덕 등",20,"Z20010526","의지하지-실리콘싹스이지락킹(미국산) (의지재료) (의지재료)","Z01",456,null,43454,"최종승인",9144,"정창희",43458,301263,"성림교역","2018-12-19","2018-12-27",1,"EA",330000,1,330000,1,330000,43454,"결제",null,0,null,330000,43454,330000,43454,"상신","결재완료",330000,43496,330000,43496]
[1102,1000055396,20,"물품구매(근전전동의수 외피-좌측 외1건)",1845602593,"골유착임플란트/근전전동의수 외피 등 2종",20,"Z20050686","골유착임플란트(연구재료)","Z01",456,null,43453,"최종승인",27961,"홍범기",43451,305386,"(주) 오토복코리아헬스케어","2018-12-14","2018-12-26",3,"EA",162000,1,486000,3,486000,43453,"결제",null,0,null,486000,43453,486000,43453,"상신","결재완료",0,null,486000,43458]
[1102,1000055473,30,"물품구매(기타재료)",1845602630,"소모품 엘라스틱밴드 등 6종",30,"Z20010118","소모품-레진라미네이션(4kg) (의지재료) (의지재료)","Z01",456,null,43453,"최종승인",26461,"조혜정",43454,305386,"(주) 오토복코리아헬스케어","2018-12-18","2018-12-26",1,"EA",168000,1,168000,1,168000,43453,"결제",null,0,null,168000,43453,168000,43453,"상신","결재완료",168000,43496,168000,43496]
[1102,1000055476,40,"물품구매(의지재료)전*만",1845602610,"소모품 pp 등 4종",40,"Z20010720","보조기하지-다이나믹보조기(신성) (의지재료)","Z01",456,null,43453,"최종승인",6160,"전영만",43454,301148,"신성메디칼","2018-12-19","2018-12-26",1,"EA",90000,1,90000,1,90000,43453,"결제",null,0,null,90000,43453,90000,43453,"상신","결재완료",90000,43496,90000,43496]
[1102,1000055417,10,"물품구매-의지상지/임*은",1845602604,"의지상지 미관형의수 등 2종",10,"Z20010372","의지상지-미관형의수지실리콘 (의지재료) (의지재료)","Z01",456,null,43451,"최종승인",9620,"임성은",43452,300508,"두손의수","2018-12-17","2018-12-24",2,"EA",51901,1,103802,2,103802,43452,"결제",null,0,null,103802,43452,103802,43452,"상신","결재완료",103802,43496,103802,43496]
[1102,1000055299,20,"물품구매(ST-80 80W 고급형 무연 인두 스테이션 등 2건/세금계산서)",1845602564,"골유착임플란트/st80  80w고급형 무연인두 스테이션 등 2종",20,"Z20050686","골유착임플란트(연구재료)","Z01",456,null,43446,"최종승인",27962,"김승기",43448,324663,"(주) 바이셀텍","2018-12-12","2018-12-19",1,"EA",342540,1,342540,1,342540,43451,"결제",null,0,null,342540,43451,342540,43451,"상신","결재완료",0,null,342540,43458]
[1102,1000055322,40,"물품구매/대퇴단축식무릎관절장식/짧은다리플라스틱보조기/김*주/이*성/정*숙",1845602552,"의지하지 대퇴무릎장식등 7종/김*주 등",40,"Z20010404","의지상지-전자의수플라스틱센서더미(외산) (의지재료) (의지재료)","Z01",456,null,43447,"최종승인",6164,"조성문",43448,305386,"(주) 오토복코리아헬스케어","2018-12-13","2018-12-20",4,"EA",48000,1,192000,4,192000,43451,"결제",null,0,null,192000,43451,192000,43451,"상신","결재완료",192000,43496,192000,43496]
[1102,1000055324,20,"물품구매/실리콘내피/조*서/배*훈/조*문",1845602550,"의지하지 실리콘싹스 등 4종/조*서 등",20,"Z20010532","의지하지-실리콘싹스컴포트하퇴용(외산) (의지재료) (의지재료)","Z01",456,null,43447,"최종승인",6164,"조성문",43448,301434,"오서코리아주식회사","2018-12-13","2018-12-20",1,"EA",338000,1,338000,1,338000,43451,"결제",null,0,null,338000,43451,338000,43451,"상신","결재완료",338000,43496,338000,43496]
[1102,1000055352,10,"물품구매(이동형리프트)",1845602568,"자체 시험상용화/이동형리프트",10,"Z20050655","이동형리프트(연구재료) (연구재료)","Z01",456,null,43447,"최종승인",26292,"오혜정",43448,302514,"비케이메디텍","2018-12-14","2018-12-20",3,"EA",2110000,1,6330000,3,6330000,43451,"결제",null,0,null,6330000,43451,6330000,43451,"상신","결재완료",6330000,43458,6330000,43458]
[1102,1000055371,10,"물품구매/이단지팡이/목발고무/지팡이고무/조*문",1845602585,"소모품 지팡이 등 3종",10,"Z20120037","소모품-지팡이(2단) (의지재료) (의지재료)","Z01",456,null,43448,"최종승인",6164,"조성문",43451,320519,"(주) 대세엠케어 대구동영업소","2018-12-14","2018-12-21",5,"EA",4500,1,22500,5,22500,43451,"결제",null,0,null,22500,43451,22500,43451,"상신","결재완료",22500,43496,22500,43496]
[1102,1000055375,10,"물품구매(BLDC모터(TBMS-6013-B00)/세금계산서)",1845602586,"맞춤형근골격/bldc모터",10,"Z20050524","맞춤형근골격(연구재료) (연구재료)","Z01",456,null,43448,"최종승인",27685,"황석진",43451,318502,"(주)삼정오토메이션","2018-12-14","2018-12-21",8,"EA",935000,1,7480000,8,7480000,43451,"결제",null,0,null,7480000,43451,7480000,43451,"상신","결재완료",0,null,7480000,43458]
[1102,1000055566,10,"물품구매(기타재료)",1845602656,"소모품 삼중마스크 등 19종",10,"Z20010794","소모품-삼중마스크 (의지재료)","Z01",456,null,43455,"최종승인",26461,"조혜정",43458,301148,"신성메디칼","2018-12-17","2018-12-28",5,"EA",10000,1,50000,5,50000,43451,"결제",null,0,null,50000,43451,50000,43451,"상신","결재완료",50000,43496,50000,43496]
[1102,1000055566,150,"물품구매(기타재료)",1845602656,"소모품 삼중마스크 등 19종",150,"Z20010152","소모품-본드(1kg) (의지재료) (의지재료)","Z01",456,null,43455,"최종승인",26461,"조혜정",43458,301148,"신성메디칼","2018-12-17","2018-12-28",10,"EA",10000,1,100000,10,100000,43451,"결제",null,0,null,100000,43451,100000,43451,"상신","결재완료",100000,43496,100000,43496]
[1102,1000055173,10,"물품구매(접이식 보행기 바퀴형-청소년용 외 1종)",1845602508,"직무지원/접이식 보행기 바퀴형 등 2종",10,"Z20050113","직무지원 연구재료 (연구재료) (연구재료)","Z01",456,null,43454,"최종승인",6151,"육선우",43444,324586,"치즈탱크","2018-12-06","2018-12-27",1,"EA",420000,1,420000,1,420000,43448,"결제",null,0,null,420000,43448,420000,43448,"상신","결재완료",420000,43458,420000,43458]
[1102,1000055297,10,"물품구매(cobalte Jet tap 등 7종)",1845602542,"직무지원/cobalte jet tap",10,"Z20050113","직무지원 연구재료 (연구재료) (연구재료)","Z01",456,null,43446,"최종승인",6147,"김도완",43447,312606,"(주) 엘토","2018-12-13","2018-12-19",5,"EA",15200,1,76000,5,76000,43448,"결제",null,0,null,76000,43448,76000,43448,"상신","결재완료",76000,43458,76000,43458]
[1102,1000055326,40,"물품구매(열 수축튜브 150MM/SET 등 4건/세금계산서)",1845602565,"골유착임플란트/열수축튜브 등 4종",40,"Z20050686","골유착임플란트(연구재료)","Z01",456,null,43447,"최종승인",27962,"김승기",43448,320291,"에스제이전자","2018-12-13","2018-12-20",5,"EA",30800,1,154000,5,154000,43448,"결제",null,0,null,154000,43448,154000,43448,"상신","결재완료",0,null,154000,43458]
[1102,1000055356,20,"물품구매(레니게이드LP 등 6종)",1845602569,"자체 시험상용화/직무형인공발 레니게이드 등 6종",20,"Z20050222","하지-프리덤레니게이드LP (연구재료)","Z01",456,null,43448,"최종승인",26292,"오혜정",43448,301263,"성림교역","2018-12-14","2018-12-21",1,"EA",3550000,1,3550000,1,3550000,43448,"결제",null,0,null,3550000,43448,3550000,43448,"상신","결재완료",3550000,43458,3550000,43458]
[1102,1000055135,10,"물품구매(베어링-693 OPEN 외 2종)",1845602497,"직무지원/베어링 등 3종",10,"Z20050113","직무지원 연구재료 (연구재료) (연구재료)","Z01",456,null,43448,"최종승인",27961,"홍범기",43441,324557,"미래코리아 (주)","2018-12-05","2018-12-21",300,"EA",350,1,105000,300,105000,43447,"결제",null,0,null,105000,43447,105000,43447,"상신","결재완료",105000,43458,105000,43458]
[1102,1500025250,20,"물품구매(프린터 토너(소용량) 등 6건/세금계산서)",1845602526,"골유착임플란트/프린터 토너 등 6종",20,null,"프린터 토너(대용량)","Z06",456,null,43440,"최종승인",27174,"이희태",43446,321731,"주식회사 소명시스템","2018-12-06","2018-12-15",1,"EA",300000,1,300000,1,300000,43447,"결제",null,0,null,300000,43447,300000,43447,"상신","결재완료",0,null,300000,43458]
[1102,1000055204,10,"물품구매-의지상지/김*화/임*은",1845602529,"의지상지 미관형의수/김*화",10,"Z20010367","의지상지-미관형의수실리콘두손 (의지재료) (의지재료)","Z01",456,null,43441,"최종승인",9620,"임성은",43446,300508,"두손의수","2018-12-07","2018-12-14",1,"EA",213099,1,213099,1,213099,43445,"결제",null,0,null,213099,43445,213099,43445,"상신","결재완료",213099,43496,213099,43496]
[1102,1500025302,10,"프린터토너구매",1845602532,"프린터 토너 구매",10,null,"프린트토너","Z06",456,null,43444,"최종승인",26461,"조혜정",43447,321731,"주식회사 소명시스템","2018-12-10","2018-12-17",3,"EA",13000,1,39000,3,39000,43445,"결제",null,0,null,39000,43445,39000,43445,"상신","결재완료",39000,43465,39000,43465]
[1102,1000055216,10,"물품구매(이*훈/유*선)",1845602514,"활동형휠체어/이*훈",10,"Z20120641","활동형휠체어- 노바제로 A타입 (티오엠)","Z01",456,null,43441,"최종승인",26283,"유재선",43444,319782,"주식회사 티오엠모빌리티 (TOM MOBILITY)-폐쇄","2018-12-07","2018-12-14",1,"EA",950000,1,950000,1,950000,43444,"결제",null,0,null,950000,43444,950000,43444,"상신","결재완료",950000,43496,950000,43496]
[1102,1000054840,50,"물품구매(부싱 1 등 9건/세금계산서)",1845602480,"스마트소켓/부싱 등 9종",50,"Z20050607","스마트소켓(연구재료) (연구재료)","Z01",456,null,43441,"최종승인",26891,"박진국",43439,301759,"창신정공","2018-11-26","2018-12-14",3,"EA",16500,1,49500,3,49500,43440,"결제",null,0,null,49500,43440,49500,43440,"상신","결재완료",0,null,49500,43458]
[1102,1100004367,10,"2층 냉난방기 설치공사",1845800124,"2층 냉난방공사 설치공사",10,null,"2층 냉난방기 설치공사","Z02",458,null,43423,"최종승인",5031,"김찬호",43454,323677,"선우시스템","2018-11-19","2018-12-18",1,"AU",17900000,1,17900000,1,17900000,43439,"결제",null,0,null,17900000,43439,17900000,43439,"상신","결재완료",17900000,43458,17900000,43458]
[1102,1000054994,20,"물품구매(USB페달 외 3건)",1845602466,"직무지원/USB페달 등 4종",20,"Z20050113","직무지원 연구재료 (연구재료) (연구재료)","Z01",456,null,43448,"최종승인",27961,"홍범기",43438,303371,"토탈솔루션과학","2018-11-30","2018-12-21",2,"EA",53500,1,107000,2,107000,43438,"결제",null,0,null,107000,43438,107000,43438,"상신","결재완료",107000,43458,107000,43458]
[1102,1000055082,20,"물품구매(미관형 의수 등 2종)",1845602468,"자체 시험상용화/미관형의수 등 2종",20,"Z20050030","미관형 의수(두손) (연구재료) (연구재료)","Z01",456,null,43437,"최종승인",26292,"오혜정",43438,300508,"두손의수","2018-12-03","2018-12-10",1,"EA",51901,1,51901,1,51901,43438,"결제",null,0,null,51901,43438,51901,43438,"상신","결재완료",51901,43458,51901,43458]
[1102,1000054939,10,"물품구매(방석-이*식 외 조*정)",1845602441,"욕창예방방석/이*식 등",10,"Z20130023","욕창예방방석공기격자형-로호 (의지재료) (의지재료)","Z01",456,null,43433,"최종승인",26461,"조혜정",43434,305386,"(주) 오토복코리아헬스케어","2018-11-29","2018-12-06",4,"EA",370000,1,1480000,4,1480000,43434,"결제",null,0,null,1480000,43434,1480000,43434,"상신","결재완료",1480000,43465,1480000,43465]
[1102,1000054504,10,"물품구매(6CH_BD65496MU4_REV2.0/세금계산서)",1845602267,"골유착임플란트/6ch bd65496mu4",10,"Z20050686","골유착임플란트(연구재료)","Z01",456,null,43441,"최종승인",27962,"김승기",43416,303359,"주식회사 디엘테크","2018-11-09","2018-12-14",10,"EA",775500,1,7755000,10,7755000,43433,"결제",null,0,null,7755000,43433,7755000,43433,"상신","결재완료",0,null,7755000,43444]
[1102,1500025102,10,"복사지 등 사무용품 1set",1845602423,"휠체어안전표준화/사무용품 복사지 등 39종",10,null,"복사지","Z06",456,null,43431,"최종승인",26292,"오혜정",43432,303467,"(주) 드림디포글로벌","2018-11-27","2018-12-04",5,"EA",27000,1,135000,5,135000,43433,"결제",null,0,null,135000,43433,135000,43433,"상신","결재완료",0,null,135000,43458]
[1102,1500025102,240,"복사지 등 사무용품 1set",1845602423,"휠체어안전표준화/사무용품 복사지 등 39종",240,null,"분류표기용라벨 LS-3130","Z06",456,null,43431,"최종승인",26292,"오혜정",43432,303467,"(주) 드림디포글로벌","2018-11-27","2018-12-04",1,"EA",39500,1,39500,1,39500,43433,"결제",null,0,null,39500,43433,39500,43433,"상신","결재완료",0,null,39500,43458]
[1102,1500025109,10,"컬러프린터 토너(검정) 등 구매",1845602438,"식약처cosd/컬러프린터 토너 등 2종",10,null,"컬러프린터 토너(검정)","Z06",456,null,43432,"최종승인",26609,"이미현",43433,321731,"주식회사 소명시스템","2018-11-27","2018-12-05",1,"EA",242000,1,242000,1,242000,43433,"결제",null,0,null,242000,43433,242000,43433,"상신","결재완료",0,null,242000,43444]
[1102,1000054844,10,"물품구매-활동형휠체어외1종/임*은",1845602403,"활동형휠체어 등 2종",10,"Z20120641","활동형휠체어- 노바제로 A타입 (티오엠)","Z01",456,null,43430,"최종승인",9620,"임성은",43431,319782,"주식회사 티오엠모빌리티 (TOM MOBILITY)-폐쇄","2018-11-26","2018-12-03",1,"EA",950000,1,950000,1,950000,43432,"결제",null,0,null,950000,43432,950000,43432,"상신","결재완료",950000,43465,950000,43465]
[1102,1000054888,10,"물품구매/반자동의수카바(의지재료)/서*수/정*원/안*형/배*훈/정*수/조*문",1845602416,"의지상지 미관형의수 등 4종/서*수 등",10,"Z20010369","의지상지-미관형의수전자글러브레진(외산) (의지재료) (의지재료)","Z01",456,null,43431,"최종승인",6164,"조성문",43432,305386,"(주) 오토복코리아헬스케어","2018-11-27","2018-12-04",3,"EA",162000,1,486000,3,486000,43432,"결제",null,0,null,486000,43432,486000,43432,"상신","결재완료",486000,43465,486000,43465]
[1102,1000054915,40,"물품구매(기타재료)",1845602431,"보조기하지 /한*희",40,"Z20010844","소모품-EVA 스폰지 (25mm) (의지재료)","Z01",456,null,43432,"최종승인",26461,"조혜정",43433,301148,"신성메디칼","2018-11-27","2018-12-05",1,"EA",41000,1,41000,1,41000,43432,"결제",null,0,null,41000,43432,41000,43432,"상신","결재완료",41000,43465,41000,43465]
[1102,1500025105,10,"흑백프린터 토너 등 5종",1845602424,"휠체어안전표준화/흑백프린터 토너 등 5종",10,null,"흑백프린터 토너","Z06",456,null,43431,"최종승인",26292,"오혜정",43432,321731,"주식회사 소명시스템","2018-11-27","2018-12-04",1,"EA",275000,1,275000,1,275000,43432,"결제",null,0,null,275000,43432,275000,43432,"상신","결재완료",0,null,275000,43444]
[1102,1000054778,70,"물품구매 소모품 /창원센터",1845602400,"소모품 젤렉스 등 9종",70,"Z20010084","소모품-가스도찌(소형) (의지재료) (의지재료)","Z01",456,null,43427,"최종승인",6166,"김현종",43430,301148,"신성메디칼","2018-11-23","2018-11-30",2,"EA",60000,1,120000,2,120000,43431,"결제",null,0,null,120000,43431,120000,43431,"상신","결재완료",120000,43465,120000,43465]
[1102,1000054807,20,"물품구매(조*행-S*B-선*주/유*선)",1845602393,"휠체어꺽기형 등 2종/조*행 등",20,"Z20120055","휠체어꺽기형-미라지7일반형미키 (의지재료) (의지재료)","Z01",456,null,43427,"최종승인",26283,"유재선",43430,301882,"미키메디칼","2018-11-23","2018-11-30",2,"EA",440000,1,880000,2,880000,43431,"결제",null,0,null,880000,43431,880000,43431,"상신","결재완료",880000,43465,880000,43465]
[1102,1000054898,20,"물품구매(손의지-명*빈 외 조*정)",1845602421,"의지상지 미관형의수 등 2종/명*빈 등",20,"Z20010360","의지상지-미관형발레진 (의지재료) (의지재료)","Z01",456,null,43431,"최종승인",26461,"조혜정",43432,300508,"두손의수","2018-11-27","2018-12-04",1,"EA",90000,1,90000,1,90000,43431,"결제",null,0,null,90000,43431,90000,43431,"상신","결재완료",90000,43465,90000,43465]
[1102,1000054721,30,"물품구매(발 고정부 Heel Cup 좌측 카본 3D프린팅 등 4건/세금계산서)",1845602344,"맞춤형근골격/발고정부 heel cup 좌측 등 4종",30,"Z20050524","맞춤형근골격(연구재료) (연구재료)","Z01",456,null,43455,"최종승인",26892,"권칠용",43425,324487,"제이엔텍","2018-11-20","2018-12-28",1,"EA",94600,1,94600,1,94600,43430,"결제",null,0,null,94600,43430,94600,43430,"상신","결재완료",0,null,94600,43444]
[1102,1000054811,100,"물품구매(테프론 래핑와이어 등 13건/세금계산서)",1845602439,"스마트소켓/테프론 래핑와이어 등 13종",100,"Z20050607","스마트소켓(연구재료) (연구재료)","Z01",456,null,43427,"최종승인",27174,"이희태",43434,313051,"(주) 엘레파츠","2018-11-23","2018-11-30",500,"EA",40425,500,40425,500,40425,43430,"결제",null,0,null,40425,43430,40425,43430,"상신","결재완료",0,null,40425,43458]
[1102,1000054768,10,"물품구매(방석-김*수 외 조*정)",1845602368,"욕창예방매트리스 등 2종/김*수 등",10,"Z20130015","욕창예방매트리스교대부양형-Md300(800x1800x100mm) (의지재","Z01",456,null,43426,"최종승인",26461,"조혜정",43427,301766,"은혜메디칼","2018-11-22","2018-11-29",8,"EA",380000,1,3040000,8,3040000,43427,"결제",null,0,null,3040000,43427,3040000,43427,"상신","결재완료",3040000,43465,3040000,43465]
[1102,1000054665,10,"물품구매(하지보조기-서*훈/유*종)",1845602340,"보조기하지/서*훈",10,"Z20010611","보조기하지-CEPA (의지재료) (의지재료)","Z01",456,null,43423,"최종승인",8664,"유효종",43425,301263,"성림교역","2018-11-19","2018-11-26",1,"EA",80000,1,80000,1,80000,43426,"결제",null,0,null,80000,43426,80000,43426,"상신","결재완료",80000,43465,80000,43465]
[1102,1000054700,20,"물품구매(직무형인공발/에스프리트 등 5종)",1845602351,"자체 시험상용화/직무형인공발 에스프리트 등 5종",20,"Z20050421","하지-머큐리유압식무릎관절장치(연구재료) (연구재료)","Z01",456,null,43424,"최종승인",26292,"오혜정",43425,301263,"성림교역","2018-11-20","2018-11-27",1,"EA",3500000,1,3500000,1,3500000,43426,"결제",null,0,null,3500000,43426,3500000,43426,"상신","결재완료",3500000,43444,3500000,43444]
[1102,1000054726,30,"물품구매-휠체어소모품/임*은",1845602342,"타이어 등 3종",30,"Z20120200","휠체어수리-브레이크토글휠로피아(대만산) (의지재료) (의지재료)","Z01",456,null,43424,"최종승인",9620,"임성은",43425,301700,"(주)휠로피아","2018-11-20","2018-11-27",10,"EA",25000,1,250000,10,250000,43426,"결제",null,0,null,250000,43426,250000,43426,"상신","결재완료",250000,43465,250000,43465]
[1102,1500024995,20,"물품구매(교세라 FS-1370토너 등 2건)세금계산서(맞춤형근골격)",1845602343,"맞춤형근골격/재생토너 등 2종",20,null,"맞춤형근골격(연구재료) (연구재료)","Z06",456,null,43455,"최종승인",27520,"최혁재",43425,302969,"늘푸른직업재활원","2018-11-20","2018-11-28",1,"EA",48400,1,48400,1,48400,43426,"결제",null,0,null,48400,43426,48400,43426,"상신","결재완료",0,null,48400,43444]
[1102,1000054375,20,"물품구매(KOREC-FOOT-III-LP 230mm-5G/세금계산서)",1845602203,"자체 시험상용화/korec foot  등 2종",20,"Z20050721","하지-KOREC FOOT III LK 230mm-5G(연구재료)","Z01",456,null,43430,"최종승인",6146,"차국찬",43410,405295,"(주) 한일하이테크","2018-11-05","2018-12-03",6,"EA",603200,1,3619200,6,3619200,43425,"결제",null,0,null,3619200,43425,3619200,43425,"상신","결재완료",3619200,43444,3619200,43444]
[1102,1000054685,40,"물품구매(안*섭-이*봉-송*근-이*준-김*금/유*선)",1845602333,"휠체어꺽기형 등 4종/안*섭등",40,"Z20120628","침대형휠체어-HAL-48알루미늄드럼브레이크(미키코리아) (의지재료)","Z01",456,null,43423,"최종승인",26283,"유재선",43424,301882,"미키메디칼","2018-11-19","2018-11-26",1,"EA",740000,1,740000,1,740000,43425,"결제",null,0,null,740000,43425,740000,43425,"상신","결재완료",740000,43465,740000,43465]
[1102,1500024951,10,"물품구매(사무용품 1SET)",1845602329,"표준부합화/사무용품 1set",10,null,"사무용품 1SET","Z06",456,null,43420,"최종승인",27377,"정성배",43424,303191,"인성","2018-11-15","2018-11-23",1,"EA",525000,1,525000,1,525000,43425,"결제",null,0,null,525000,43425,525000,43425,"상신","결재완료",0,null,525000,43444]
[1102,1000054715,30,"물품구매 휠체어 배*상,방석 김*국 외 /창원센터",1845602337,"활동형휠체어 등 5종/배*상 등",30,"Z20120345","휠체어수리-타이어전동용(16in) (의지재료) (의지재료)","Z01",456,null,43424,"최종승인",6166,"김현종",43425,311792,"이레엠케어// 폐쇄-법인변경190101","2018-11-16","2018-11-27",2,"EA",30000,1,60000,2,60000,43424,"결제",null,0,null,60000,43424,60000,43424,"상신","결재완료",60000,43465,60000,43465]
[1102,1000054597,20,"물품구매-일반형휠체어/임*은",1845602297,"휠체어일반형 등 2종",20,"Z20120095","휠체어수리-뒷바퀴조립미키(22,24in) (의지재료) (의지재료)","Z01",456,null,43419,"최종승인",9620,"임성은",43420,309507,"미키코리아(주)","2018-11-15","2018-11-22",2,"EA",45000,1,90000,2,90000,43423,"결제",null,0,null,90000,43423,90000,43423,"상신","결재완료",90000,43465,90000,43465]
[1102,1000054005,30,"물품구매(4axis-up body 등 6건/세금계산서)",1845602133,"스마트소켓/4axis up body 등 5종",30,"Z20050607","스마트소켓(연구재료) (연구재료)","Z01",456,null,43427,"최종승인",26891,"박진국",43402,301759,"창신정공","2018-10-24","2018-11-30",3,"EA",137500,1,412500,3,412500,43420,"결제",null,0,null,412500,43420,412500,43420,"상신","결재완료",0,null,412500,43444]
[1102,1000054578,70,"물품구매(기타재료)",1845602305,"소모품 석고소석고 등 12종",70,"Z20010794","소모품-삼중마스크 (의지재료)","Z01",456,null,43419,"최종승인",26461,"조혜정",43420,301148,"신성메디칼","2018-11-15","2018-11-22",5,"EA",10000,1,50000,5,50000,43420,"결제",null,0,null,50000,43420,50000,43420,"상신","결재완료",50000,43465,50000,43465]
[1102,1000054602,30,"물품구매(휠체어-김*태)",1845602292,"휠체어침대형 등 3종/김*태",30,"Z20120254","휠체어수리-앞바퀴조립에어대세(6in) (의지재료) (의지재료)","Z01",456,null,43419,"최종승인",9144,"정창희",43419,307353,"(주)대세엠케어 (대전)","2018-11-15","2018-11-22",10,"EA",16364,1,163640,10,163640,43420,"결제",null,0,null,163640,43420,163640,43420,"상신","결재완료",163640,43465,163640,43465]
[1102,1000054649,60,"물품구매(의지하지-이*환 외 조*정)",1845602319,"의지하지 실리콘싹스 등 8종",60,"Z20011034","의지하지-무릎관절장식마우크니플러스(오서)","Z01",456,null,43420,"최종승인",26461,"조혜정",43423,301434,"오서코리아주식회사","2018-11-15","2018-11-23",1,"EA",3980000,1,3980000,1,3980000,43420,"결제",null,0,null,3980000,43420,3980000,43420,"상신","결재완료",3980000,43465,3980000,43465]
[1102,1000054403,10,"물품구매(근전전동의수 내피(좌) 외 1건)",1845602217,"자체 시험상용화/근전전동의수 내피 등 2종",10,"Z20050239","상지-근전전동의수내피(메텍스) (연구재료)","Z01",456,null,43420,"최종승인",27961,"홍범기",43411,323203,"코스텍","2018-11-06","2018-11-23",5,"EA",60000,1,300000,5,300000,43418,"결제",null,0,null,300000,43418,300000,43418,"상신","결재완료",300000,43427,300000,43427]
[1102,1000054527,20,"물품구매/활동형휠체어/정*호/조*문",1845602264,"휠체어활동형 등 2종/정*호",20,"Z20120176","휠체어수리-보조바퀴경량용(경량용) (의지재료) (의지재료)","Z01",456,null,43416,"최종승인",6164,"조성문",43416,319782,"주식회사 티오엠모빌리티 (TOM MOBILITY)-폐쇄","2018-11-12","2018-11-19",2,"EA",40000,1,80000,2,80000,43418,"결제",null,0,null,80000,43418,80000,43418,"상신","결재완료",80000,43465,80000,43465]
[1102,1000054506,10,"물품구매 의지하지/창원센터",1845602261,"의지하지 락장식",10,"Z20010458","의지하지-락장식Bk(대퇴,하퇴겸용) (의지재료) (의지재료)","Z01",456,null,43413,"최종승인",8445,"차민국",43416,302514,"비케이메디텍","2018-11-09","2018-11-16",5,"EA",193000,1,965000,5,965000,43417,"결제",null,0,null,965000,43417,965000,43417,"상신","결재완료",965000,43465,965000,43465]
[1102,1000054518,10,"물품구매 휠체어 김*호 /창원센터",1845602255,"활동형휠체어/김*호",10,"Z20120650","활동형휠체어-P2(미키코리아)","Z01",456,null,43413,"최종승인",6166,"김현종",43416,309507,"미키코리아(주)","2018-11-09","2018-11-16",1,"EA",950000,1,950000,1,950000,43417,"결제",null,0,null,950000,43417,950000,43417,"상신","결재완료",950000,43465,950000,43465]
[1102,1000054550,40,"물품구매(의지하지-김*철 외 조*정)",1845602275,"하지의지대퇴튜브티탄 등 5종/김*철 등",40,"Z20011033","소모품-Gas spring for door IR-Oven (오토복)","Z01",456,null,43417,"최종승인",26461,"조혜정",43418,305386,"(주) 오토복코리아헬스케어","2018-11-13","2018-11-20",2,"EA",110000,1,220000,2,220000,43417,"결제",null,0,null,220000,43417,220000,43417,"상신","결재완료",220000,43465,220000,43465]
[1102,1000054434,10,"물품구매(카본 아크릴 레진 등 4종)",1845602390,"직무지원/카본 아크릴 레진 등 4종",10,"Z20050113","직무지원 연구재료 (연구재료) (연구재료)","Z01",456,null,43410,"최종승인",6144,"송점식",43430,305386,"(주) 오토복코리아헬스케어","2018-11-07","2018-11-13",1,"EA",200000,1,200000,1,200000,43416,"결제",null,0,null,200000,43416,200000,43416,"상신","결재완료",200000,43444,200000,43444]
[1102,1000054477,10,"물품구매(기타재료)",1845602250,"소모품 pva백",10,"Z20010895","소모품-PVA백 4inch (의지재료)","Z01",456,null,43412,"최종승인",26461,"조혜정",43416,301263,"성림교역","2018-11-08","2018-11-15",4,"EA",66000,1,264000,4,264000,43416,"결제",null,0,null,264000,43416,264000,43416,"상신","결재완료",264000,43465,264000,43465]
[1102,1000054491,20,"물품구매(매트-김*원 외 조*정)",1845602248,"욕창예방매트리스 등 2종/김*원",20,"Z20130015","욕창예방매트리스교대부양형-Md300(800x1800x100mm) (의지재","Z01",456,null,43412,"최종승인",26461,"조혜정",43416,301766,"은혜메디칼","2018-11-08","2018-11-15",2,"EA",380000,1,760000,2,760000,43413,"결제",null,0,null,760000,43413,760000,43413,"상신","결재완료",760000,43465,760000,43465]
[1102,1000054416,10,"물품구매-휠체어소모품/임*은",1845602228,"휠체어수리 등 6종",10,"Z20120371","휠체어수리-타이어J2용미키(22,24x1in) (의지재료) (의지재료)","Z01",456,null,43410,"최종승인",9620,"임성은",43412,309507,"미키코리아(주)","2018-11-06","2018-11-13",16,"EA",8000,1,128000,16,128000,43412,"결제",null,0,null,128000,43412,128000,43412,"상신","결재완료",128000,43465,128000,43465]
[1102,1000054420,10,"물품구매(집뇨기)",1845602212,"집뇨기유린백",10,"Z20130035","집뇨기유린백-외산1000(외산1000cc) (의지재료) (의지재료)","Z01",456,null,43410,"최종승인",9144,"정창희",43411,301700,"(주)휠로피아","2018-11-06","2018-11-13",14,"EA",54000,1,756000,14,756000,43411,"결제",null,0,null,756000,43411,756000,43411,"상신","결재완료",756000,43465,756000,43465]
[1102,1000054328,20,"물품구매 수부 /창원센터",1845602171,"의지상지 미관형의수 등 2종",20,"Z20010372","의지상지-미관형의수지실리콘 (의지재료) (의지재료)","Z01",456,null,43406,"최종승인",6166,"김현종",43409,300508,"두손의수","2018-11-02","2018-11-09",2,"EA",51901,1,103802,2,103802,43410,"결제",null,0,null,103802,43410,103802,43410,"상신","결재완료",103802,43465,103802,43465]
[1102,1000054275,10,"물품구매-욕창예방방석/김*현/임*은",1845602164,"욕창예방방석/김*현",10,"Z20130023","욕창예방방석공기격자형-로호 (의지재료) (의지재료)","Z01",456,null,43405,"최종승인",9620,"임성은",43406,319782,"주식회사 티오엠모빌리티 (TOM MOBILITY)-폐쇄","2018-11-01","2018-11-08",1,"EA",370000,1,370000,1,370000,43409,"결제",null,0,null,370000,43409,370000,43409,"상신","결재완료",370000,43465,370000,43465]
[1102,1000054308,50,"물품구매(최*교-임*진-박*국-여*호/유*선)",1845602177,"휠체어전동형 등 5종/최*교 등",50,"Z20120651","휠체어수리- 브레이크 이클립스 (휠로피아)","Z01",456,null,43405,"최종승인",26283,"유재선",43409,301700,"(주)휠로피아","2018-11-01","2018-11-08",2,"EA",17000,1,34000,2,34000,43409,"결제",null,0,null,34000,43409,34000,43409,"상신","결재완료",34000,43465,34000,43465]
[1102,1000054229,10,"물품구매(욕창예방시트쿠션/커트로)",1845602170,"자체 시험상용화/욕창예방시트쿠션",10,"Z20050342","욕창예방방석커트로(시험) (연구재료)","Z01",456,null,43405,"최종승인",26292,"오혜정",43406,305386,"(주) 오토복코리아헬스케어","2018-11-01","2018-11-08",1,"EA",370000,1,370000,1,370000,43406,"결제",null,0,null,370000,43406,370000,43406,"상신","결재완료",370000,43427,370000,43427]
[1102,1000053886,20,"물품구매(3D 스캐닝 등 2건/세금계산서)",1845602071,"직무지원/3d 스캐닝 등 2종",20,"Z20050113","직무지원 연구재료 (연구재료) (연구재료)","Z01",456,null,43416,"최종승인",61646,"이병준",43395,324326,"퍼스트 케이","2018-10-18","2018-11-19",3,"EA",100000,1,300000,3,300000,43404,"결제",null,0,null,300000,43404,300000,43404,"상신","결재완료",300000,43427,300000,43427]
[1102,1500024630,20,"일반 소모품 구매",1845602157,"일반소모품 구매 18종",20,null,"칼라정부화일","Z06",456,null,43403,"최종승인",4752,"이은아",43403,303191,"인성","2018-10-30","2018-11-05",1,"EA",11364,1,11364,1,11364,43404,"결제",null,0,null,11364,43404,11364,43404,"상신","결재완료",11364,43413,11364,43413]
[1102,1000054087,10,"물품구매(미관형의수-황*화)",1845602116,"의지상지 미관형의수/황*화",10,"Z20010367","의지상지-미관형의수실리콘두손 (의지재료) (의지재료)","Z01",456,null,43399,"최종승인",9144,"정창희",43402,300508,"두손의수","2018-10-26","2018-11-02",2,"EA",213099,1,426198,2,426198,43403,"결제",null,0,null,426198,43403,426198,43403,"상신","결재완료",426198,43434,426198,43434]
[1102,1000054107,20,"물품구매 휠체어 김*호,김*택 /창원센터",1845602124,"휠체어꺽기형 등 2종/김*호 등",20,"Z20120642","휠체어활동형-U2/A","Z01",456,null,43399,"최종승인",6166,"김현종",43402,309507,"미키코리아(주)","2018-10-26","2018-11-02",1,"EA",1060000,1,1060000,1,1060000,43403,"결제",null,0,null,1060000,43403,1060000,43403,"상신","결재완료",1060000,43434,1060000,43434]
[1102,1000054133,10,"물품구매(무릎관절장치/3R60)",1845602149,"자체 시험상용화/무릎관절장치",10,"Z20050082","하지-대퇴용무릎장식 3R60 (연구재료) (연구재료)","Z01",456,null,43402,"최종승인",26292,"오혜정",43403,305386,"(주) 오토복코리아헬스케어","2018-10-29","2018-11-05",2,"EA",3690000,1,7380000,2,7380000,43403,"결제",null,0,null,7380000,43403,7380000,43403,"상신","결재완료",7380000,43413,7380000,43413]
[1102,1000054093,20,"물품구매(TDS3014C 등 2건/세금계산서)",1845602131,"골유착임플란트/tds3014c 등 2종",20,"Z20050686","골유착임플란트(연구재료)","Z01",456,null,43399,"최종승인",27962,"김승기",43402,324354,"젠프로","2018-10-26","2018-10-31",1,"EA",2664750,1,2664750,1,2664750,43402,"결제",null,0,null,2664750,43402,2664750,43402,"상신","결재완료",0,null,2664750,43413]
[1102,1000054128,80,"물품구매(방석-조*현)",1845602141,"욕창에방방석 등 10종",80,"Z20010369","의지상지-미관형의수전자글러브레진(외산) (의지재료) (의지재료)","Z01",456,null,43402,"최종승인",9144,"정창희",43403,305386,"(주) 오토복코리아헬스케어","2018-10-26","2018-11-05",7,"EA",162000,1,1134000,7,1134000,43402,"결제",null,0,null,1134000,43402,1134000,43402,"상신","결재완료",1134000,43434,1134000,43434]
[1102,1000054130,40,"물품구매(폼카바)",1845602143,"의지하지 폼카바대퇴용 등 5종",40,"Z20010338","소모품-P.P(5x120x240) (의지재료) (의지재료)","Z01",456,null,43402,"최종승인",9144,"정창희",43403,301148,"신성메디칼","2018-10-26","2018-11-05",2,"EA",65000,1,130000,2,130000,43402,"결제",null,0,null,130000,43402,130000,43402,"상신","결재완료",130000,43434,130000,43434]
[1102,1000053970,10,"물품구매/정형화/양*환/이*오/황*연/조*문",1845602093,"보조기구두/양*환 등",10,"Z20010003","보조기구두-정형화 (의지재료) (의지재료)","Z01",456,null,43396,"최종승인",6164,"조성문",43396,322794,"편한메디케어(폐업-190120)","2018-10-23","2018-10-30",3,"EA",150000,1,450000,3,450000,43399,"결제",null,0,null,450000,43399,450000,43399,"상신","결재완료",450000,43434,450000,43434]
[1102,1300009046,10,"중앙소방이앤지-소방점검('18.10월)",1845800094,"10월 소방점검",10,null,"중앙소방이앤지-소방점검('18.10월)","Z04",458,null,43384,"최종승인",5031,"김찬호",43388,302183,"(주) 중앙소방이앤지","2018-10-01","2018-10-31",1,"EA",180000,1,180000,1,180000,43399,"결제",null,0,null,180000,43399,180000,43399,"상신","결재완료",180000,43413,180000,43413]
[1102,1000053442,10,"물품구매(대퇴소켓취형용 스타킹 등 5건/세금계산서)",1845601920,"스마트소켓/body cover set 등 5종",10,"Z20050607","스마트소켓(연구재료) (연구재료)","Z01",456,null,43406,"최종승인",6145,"조현석",43371,305386,"(주) 오토복코리아헬스케어","2018-09-28","2018-11-09",1,"EA",136400,1,136400,1,136400,43396,"결제",null,0,null,136400,43396,136400,43396,"상신","결재완료",0,null,136400,43413]
[1102,1000053628,10,"물품구매(Unilateral Ankle Joint 등 3건 / 세금계산서)",1845601988,"맞춤형근골격/unilateral ankle joint",10,"Z20050524","맞춤형근골격(연구재료) (연구재료)","Z01",456,null,43427,"최종승인",26892,"권칠용",43385,301263,"성림교역","2018-10-02","2018-11-30",2,"EA",260000,1,520000,2,520000,43396,"결제",null,0,null,520000,43396,520000,43396,"상신","결재완료",0,null,520000,43413]
[1102,1000053859,30,"물품구매(파소니 등 5종)",1845602078,"자체 시험상용화/무릎관절장치 파소니 등 5종",30,"Z20050709","하지-오프셋피메일싱글어댑터(연구재료)","Z01",456,null,43391,"최종승인",26292,"오혜정",43395,301434,"오서코리아주식회사","2018-10-18","2018-10-25",1,"EA",150000,1,150000,1,150000,43396,"결제",null,0,null,150000,43396,150000,43396,"상신","결재완료",150000,43413,150000,43413]
[1102,1000053912,10,"물품구매 의지상지 /창원센터",1845602058,"의지상지 미관형의수 등 2종",10,"Z20010368","의지상지-미관형의수실리콘리갈(외산) (의지재료) (의지재료)","Z01",456,null,43392,"최종승인",6166,"김현종",43395,301263,"성림교역","2018-10-19","2018-10-26",4,"EA",230000,1,920000,4,920000,43396,"결제",null,0,null,920000,43396,920000,43396,"상신","결재완료",920000,43434,920000,43434]
[1102,1000053918,10,"물품구매 집뇨기 외 /창원센터",1845602063,"집뇨기유린백 등 3종",10,"Z20130035","집뇨기유린백-외산1000(외산1000cc) (의지재료) (의지재료)","Z01",456,null,43392,"최종승인",6166,"김현종",43395,301700,"(주)휠로피아","2018-10-19","2018-10-26",10,"EA",54000,1,540000,10,540000,43396,"결제",null,0,null,540000,43396,540000,43396,"상신","결재완료",540000,43434,540000,43434]
[1102,1000053934,10,"물품구매(홍*완)전*만",1845602069,"의지상지 미관형의수/홍*완",10,"Z20010367","의지상지-미관형의수실리콘두손 (의지재료) (의지재료)","Z01",456,null,43395,"최종승인",6160,"전영만",43395,300508,"두손의수","2018-10-22","2018-10-29",1,"EA",213099,1,213099,1,213099,43396,"결제",null,0,null,213099,43396,213099,43396,"상신","결재완료",213099,43434,213099,43434]
[1102,1000053856,10,"물품구매-미관형의수/임*은",1845602036,"의지상지 미관형의수",10,"Z20010368","의지상지-미관형의수실리콘리갈(외산) (의지재료) (의지재료)","Z01",456,null,43391,"최종승인",9620,"임성은",43392,301263,"성림교역","2018-10-18","2018-10-25",2,"EA",230000,1,460000,2,460000,43395,"결제",null,0,null,460000,43395,460000,43395,"상신","결재완료",460000,43434,460000,43434]
[1102,1000053923,10,"물품구매(이*호-이*용/유*선)",1845602083,"휠체어활동형 등 2종/이*용",10,"Z20120610","휠체어-활동형-노바제로-티오엠모빌리티 (의지재료)","Z01",456,null,43392,"최종승인",26283,"유재선",43395,319782,"주식회사 티오엠모빌리티 (TOM MOBILITY)-폐쇄","2018-10-19","2018-10-26",2,"EA",720000,1,1440000,2,1440000,43395,"결제",null,0,null,1440000,43395,1440000,43395,"상신","결재완료",1440000,43434,1440000,43434]
[1102,1300009049,10,"지하주차장 전동셔트 보수공사",1845800097,"지하주차장전동셔트 보수",10,null,"지하주차장 전동셔트 보수공사","Z04",458,null,43388,"최종승인",5031,"김찬호",43389,324310,"안산샷다","2018-10-15","2018-10-31",1,"EA",550000,1,550000,1,550000,43395,"결제",null,0,null,550000,43395,550000,43395,"상신","결재완료",550000,43398,550000,43398]
[1102,1000053747,20,"물품구매(기타재료)",1845602022,"소모품 석고붕대 등 8종",20,"Z20010171","소모품-석고붕대(15cm) (의지재료) (의지재료)","Z01",456,null,43384,"최종승인",26461,"조혜정",43389,301148,"신성메디칼","2018-10-11","2018-10-18",144,"EA",2500,1,360000,144,360000,43390,"결제",null,0,null,360000,43390,360000,43390,"상신","결재완료",360000,43434,360000,43434]
[1102,1000053747,70,"물품구매(기타재료)",1845602022,"소모품 석고붕대 등 8종",70,"Z20010259","소모품-젤렉스(A급) (의지재료) (의지재료)","Z01",456,null,43384,"최종승인",26461,"조혜정",43389,301148,"신성메디칼","2018-10-11","2018-10-18",5,"EA",31000,1,155000,5,155000,43390,"결제",null,0,null,155000,43390,155000,43390,"상신","결재완료",155000,43434,155000,43434]
[1102,1500024315,40,"물품구매(투명홀더 외 25종사무용품)/세금계산서)",1845601979,"체감형휠체어/투명홀더 등 26종",40,null,"카피홀더","Z06",456,null,43383,"최종승인",27158,"정보라",43384,323112,"(주) 드림디포구월점","2018-10-10","2018-10-31",1,"EA",12000,1,12000,1,12000,43390,"결제",null,0,null,12000,43390,12000,43390,"상신","결재완료",0,null,12000,43398]
[1102,1000053778,10,"물품구매(박*과/유*선)",1845602004,"휠체어일반형/박*과",10,"Z20120557","휠체어일반형-이클립스+바퀴분리형 휠로피아 (의지재료) (의지재료)","Z01",456,null,43385,"최종승인",26283,"유재선",43388,301700,"(주)휠로피아","2018-10-12","2018-10-19",1,"EA",400000,1,400000,1,400000,43389,"결제",null,0,null,400000,43389,400000,43389,"상신","결재완료",400000,43434,400000,43434]
[1102,1000053784,10,"물품구매 의지하지 한*수,신*경 /창원센터",1845601998,"의지하지 실리콘싹스 등 2종/한*수 등",10,"Z20010546","의지하지-실리콘싹스X5씰린대퇴용(미국산) (의지재료) (의지재료)","Z01",456,null,43385,"최종승인",6166,"김현종",43385,301434,"오서코리아주식회사","2018-10-12","2018-10-19",1,"EA",600000,1,600000,1,600000,43389,"결제",null,0,null,600000,43389,600000,43389,"상신","결재완료",600000,43434,600000,43434]
[1102,1000053825,20,"물품구매(미관형 의수 등 4종)",1845602023,"자체 시험상용화/미관형 의수 등 4종",20,"Z20050118","미관형 의수-고강도 실리콘 (연구재료) (연구재료)","Z01",456,null,43389,"최종승인",26292,"오혜정",43391,300508,"두손의수","2018-10-16","2018-10-23",1,"EA",213099,1,213099,1,213099,43389,"결제",null,0,null,213099,43389,213099,43389,"상신","결재완료",213099,43413,213099,43413]
[1102,1500024391,20,"청소용품(점보롤/500m) 구매",1845602008,"청소용품 구매",20,null,"핸드타올/5000매","Z06",456,null,43388,"최종승인",26609,"이미현",43388,313863,"주식회사 꿈이있는일터","2018-10-15","2018-10-22",10,"EA",230000,10,230000,10,230000,43388,"결제",null,0,null,230000,43388,230000,43388,"상신","결재완료",230000,43398,230000,43398]
[1102,1000053564,30,"물품구매(NT-PCB서포트 샘플키트 등 14건/세금계산서)",1845601969,"골유착임플란트/nt pcb서포크 샘플키트 등 14종",30,"Z20050686","골유착임플란트(연구재료)","Z01",456,null,43396,"최종승인",27962,"김승기",43383,312883,"(주) 엔티렉스","2018-10-02","2018-10-30",30,"EA",363,1,10890,30,10890,43385,"결제",null,0,null,10890,43385,10890,43385,"상신","결재완료",0,null,10890,43398]
[1102,1000053711,30,"물품구매(의지하지-정*태,김*구,이*수/김*선)",1845602017,"의지하지 기계식브레이크 등 3종/정*태 등",30,"Z20010424","의지하지-단축발알미늄세트(중국산) (의지재료) (의지재료)","Z01",456,null,43383,"최종승인",6675,"김훈선",43389,301263,"성림교역","2018-10-10","2018-10-17",1,"EA",162000,1,162000,1,162000,43385,"결제",null,0,null,162000,43385,162000,43385,"상신","결재완료",162000,43434,162000,43434]
[1102,1000053605,30,"물품 구매(의지 하지-김*례/신*현)",1845601958,"의지하지 대퇴무릎장식 등 3종/김*례",30,"Z20010832","의지하지-회전식4-홀피메일피라미드티타늄(외산) (의지재료)","Z01",456,null,43377,"최종승인",6158,"신무현",43383,305386,"(주) 오토복코리아헬스케어","2018-10-04","2018-10-11",1,"EA",163000,1,163000,1,163000,43384,"결제",null,0,null,163000,43384,163000,43384,"상신","결재완료",163000,43434,163000,43434]
[1102,1000053660,20,"물품구매(손의지-심*홍 외 조*정)",1845601966,"의지상지 미관형의수 등 3종/심*홍 등",20,"Z20010372","의지상지-미관형의수지실리콘 (의지재료) (의지재료)","Z01",456,null,43378,"최종승인",26461,"조혜정",43383,300508,"두손의수","2018-10-05","2018-10-12",6,"EA",51901,1,311406,6,311406,43383,"결제",null,0,null,311406,43383,311406,43383,"상신","결재완료",311406,43434,311406,43434]
[1102,1000053677,20,"물품구매 의지 상.하지 /창원센터",1845601952,"소모품 하퇴용스타킹 등 4종",20,"Z20010104","소모품-대퇴용스타킹 (의지재료) (의지재료)","Z01",456,null,43381,"최종승인",6166,"김현종",43383,305386,"(주) 오토복코리아헬스케어","2018-10-08","2018-10-15",20,"EA",11000,1,220000,20,220000,43383,"결제",null,0,null,220000,43383,220000,43383,"상신","결재완료",220000,43434,220000,43434]
[1102,1000053712,20,"물품구매(미관형 의수)",1845601997,"자체 시험상용화/미관형 의수 등 2종",20,"Z20050117","미관형 의수-PVC (연구재료) (연구재료)","Z01",456,null,43383,"최종승인",26292,"오혜정",43385,300508,"두손의수","2018-10-10","2018-10-17",1,"EA",90000,1,90000,1,90000,43383,"결제",null,0,null,90000,43383,90000,43383,"상신","결재완료",90000,43413,90000,43413]
[1102,1500024377,130,"물품구매(다용도 OPP테이프 등 19건 / 법인카드)",1845602044,"골유착임플란트/다용도 opp테이프 등 19건",130,null,"라인테이프","Z06",456,null,43385,"최종승인",28222,"한지영",43392,516545280,"골유착임플란트-5280","2018-10-10","2018-10-26",10,"EA",2000,1,20000,10,20000,43383,"결제",null,0,null,20000,43383,20000,43383,"상신","결재완료",0,null,20000,43399]
[1102,1000052917,30,"물품구매(아이스로스슬리브 등4건/세금계산서)",1845601739,"직무지원/아이로스 씰인라이너 등 4종",30,"Z20050113","직무지원 연구재료 (연구재료) (연구재료)","Z01",456,null,43371,"최종승인",6898,"고창용",43347,301434,"오서코리아주식회사","2018-08-27","2018-10-05",1,"EA",80000,1,80000,1,80000,43378,"결제",null,0,null,80000,43378,80000,43378,"상신","결재완료",80000,43398,80000,43398]
[1102,1000053452,60,"물품구매(무연납 SENJU 등 9건/세금계산서)",1845601942,"골유착임플란트/무연납 등 9종",60,"Z20050686","골유착임플란트(연구재료)","Z01",456,null,43388,"최종승인",27962,"김승기",43375,312883,"(주) 엔티렉스","2018-09-28","2018-10-20",5,"EA",3025,1,15125,5,15125,43378,"결제",null,0,null,15125,43378,15125,43378,"상신","결재완료",0,null,15125,43398]
[1102,1500024243,30,"컬러프린터 드럼 3종 구매",1845601949,"컬러프린터 드럼 3종",30,null,"컬러프린터 드럼(Y)","Z06",456,null,43377,"최종승인",4732,"이경진",43377,321731,"주식회사 소명시스템","2018-10-04","2018-10-12",1,"EA",260000,1,260000,1,260000,43378,"결제",null,0,null,260000,43378,260000,43378,"상신","결재완료",260000,43398,260000,43398]
[1102,1000053482,20,"물품구매 의지하지 박*재,김*규,조*현 외 /창원센터",1845601935,"의지하지 실리콘싹스 등 2종/박*재 등",20,"Z20010533","의지하지-실리콘싹스코니칼+스텐다드대퇴용(미국산) (의지재료) (의지재료)","Z01",456,null,43374,"최종승인",6166,"김현종",43375,301434,"오서코리아주식회사","2018-10-01","2018-10-08",1,"EA",500000,1,500000,1,500000,43375,"결제",null,0,null,500000,43375,500000,43375,"상신","결재완료",500000,43434,500000,43434]
[1102,1000053632,10,"물품구매(레이저 래칫 버클 세트 등 1건 / 법인카드)",1845601992,"맞춤형근골격/레이져 래칫 버클 세트 등 1건",10,"Z20050524","맞춤형근골격(연구재료) (연구재료)","Z01",456,null,43427,"최종승인",26892,"권칠용",43385,516570269,"연구-0269(맞춤형근골격)","2018-10-02","2018-11-30",1,"EA",58000,1,58000,1,58000,43375,"결제",null,0,null,58000,43375,58000,43375,"상신","결재완료",0,null,58000,43399]
[1102,1000053320,120,"물품구매(서보모터 등 13건/세금계산서)",1845601883,"체감형휠체어/서보모터 등 13종",120,"Z20050687","체감형휠체어(연구재료)","Z01",456,null,43392,"최종승인",27607,"이종원",43362,324106,"텔콤씨앤에스 주식회사","2018-09-19","2018-10-26",1,"EA",4400,1,4400,1,4400,43374,"결제",null,0,null,4400,43374,4400,43374,"상신","결재완료",0,null,4400,43398]
[1102,1000053410,20,"물품구매(손의지-이*구 외 조*정)",1845601917,"의지상지 미관형의수 등 2종/이*구 등",20,"Z20010372","의지상지-미관형의수지실리콘 (의지재료) (의지재료)","Z01",456,null,43370,"최종승인",26461,"조혜정",43370,300508,"두손의수","2018-09-27","2018-10-04",8,"EA",51901,1,415208,8,415208,43371,"결제",null,0,null,415208,43371,415208,43371,"상신","결재완료",415208,43404,415208,43404]
[1102,1000053336,20,"물품구매(기타재료)",1845601891,"소모품 pp 등 18종",20,"Z20010338","소모품-P.P(5x120x240) (의지재료) (의지재료)","Z01",456,null,43362,"최종승인",26461,"조혜정",43362,301148,"신성메디칼","2018-09-19","2018-09-27",2,"EA",65000,1,130000,2,130000,43370,"결제",null,0,null,130000,43370,130000,43370,"상신","결재완료",130000,43404,130000,43404]
[1102,1000053336,170,"물품구매(기타재료)",1845601891,"소모품 pp 등 18종",170,"Z20010555","의지하지-폼카바대퇴용대만(대만산) (의지재료) (의지재료)","Z01",456,null,43362,"최종승인",26461,"조혜정",43362,301148,"신성메디칼","2018-09-19","2018-09-27",30,"EA",75000,1,2250000,30,2250000,43370,"결제",null,0,null,2250000,43370,2250000,43370,"상신","결재완료",2250000,43404,2250000,43404]
[1102,1000053424,30,"물품구매(의지상지-홍*기 외 조*정)",1845601919,"의지상지 전자의수 등 3종/홍*기 등",30,"Z20010567","의지하지-회전조절소켓아답타(대퇴용) (의지재료) (의지재료)","Z01",456,null,43370,"최종승인",26461,"조혜정",43370,305386,"(주) 오토복코리아헬스케어","2018-09-27","2018-10-04",1,"EA",68000,1,68000,1,68000,43370,"결제",null,0,null,68000,43370,68000,43370,"상신","결재완료",68000,43404,68000,43404]
[1102,1000053356,10,"물품구매(매트-권*영)",1845601902,"욕창예방매트리스/권*영",10,"Z20130015","욕창예방매트리스교대부양형-Md300(800x1800x100mm) (의지재","Z01",456,null,43363,"최종승인",9144,"정창희",43364,301766,"은혜메디칼","2018-09-20","2018-09-27",2,"EA",380000,1,760000,2,760000,43364,"결제",null,0,null,760000,43364,760000,43364,"상신","결재완료",760000,43404,760000,43404]
[1102,1000053069,30,"물품구매(손가락고정프레임 등 4건/세금계산서)",1845601811,"골유착임플란트/손가락고정프레임 등 4종",30,"Z20050686","손가락베이스","Z01",456,null,43357,"최종승인",26286,"장대진",43354,405295,"(주) 한일하이테크","2018-09-07","2018-09-21",8,"EA",137500,1,1100000,8,1100000,43363,"결제",null,0,null,1100000,43363,1100000,43363,"상신","결재완료",0,null,1100000,43383]
[1102,1000053316,20,"물품구매-휠체어/김*록/방*희/임*은",1845601885,"휠체어침대형 등 3종/김*록",20,"Z20120467","휠체어일반형-콤피 (의지재료) (의지재료)","Z01",456,null,43362,"최종승인",9620,"임성은",43362,308571,"(주)대세엠케어 호남영업소","2018-09-19","2018-09-26",1,"EA",320000,1,320000,1,320000,43363,"결제",null,0,null,320000,43363,320000,43363,"상신","결재완료",320000,43404,320000,43404]
[1102,1000053300,10,"물품구매(이동형 리프트)",1845601878,"자체 시험상용화/이동형리프트",10,"Z20050655","이동형리프트(연구재료) (연구재료)","Z01",456,null,43361,"최종승인",26292,"오혜정",43362,302514,"비케이메디텍","2018-09-18","2018-09-25",3,"EA",2110000,1,6330000,3,6330000,43362,"결제",null,0,null,6330000,43362,6330000,43362,"상신","결재완료",6330000,43383,6330000,43383]
[1102,1000053181,10,"물품구매(KOREC FOOT-III-LK 240mm 등 2건/세금계산서)",1845601854,"직무지원/korec foot 3 lk 등 2종",10,"Z20050113","직무지원 연구재료 (연구재료) (연구재료)","Z01",456,null,43381,"최종승인",6146,"차국찬",43360,405295,"(주) 한일하이테크","2018-09-13","2018-10-13",6,"EA",634800,1,3808800,6,3808800,43361,"결제",null,0,null,3808800,43361,3808800,43361,"상신","결재완료",3808800,43383,3808800,43383]
[1102,1000053241,10,"물품구매(상지의지-강*구/유*종)",1845601868,"의지상지 미관형의수실리콘/강*구",10,"Z20010368","의지상지-미관형의수실리콘리갈(외산) (의지재료) (의지재료)","Z01",456,null,43360,"최종승인",8664,"유효종",43361,301263,"성림교역","2018-09-17","2018-09-24",1,"EA",230000,1,230000,1,230000,43361,"결제",null,0,null,230000,43361,230000,43361,"상신","결재완료",230000,43404,230000,43404]
[1102,1000053219,50,"물품구매(기타재료)",1845601839,"소모품 국산양말 등 7종",50,"Z20010368","의지상지-미관형의수실리콘리갈(외산) (의지재료) (의지재료)","Z01",456,null,43357,"최종승인",26461,"조혜정",43360,301263,"성림교역","2018-09-14","2018-09-21",3,"EA",230000,1,690000,3,690000,43360,"결제",null,0,null,690000,43360,690000,43360,"상신","결재완료",690000,43404,690000,43404]
[1102,1000053101,20,"물품구매(반자동의수세트 등 5종)",1845601807,"자체 시험상용화/반자동의수 등 5종",20,"Z20050263","상지-반자동의수(독일제) (연구재료)","Z01",456,null,43353,"최종승인",26292,"오혜정",43354,305386,"(주) 오토복코리아헬스케어","2018-09-10","2018-09-17",1,"EA",363000,1,363000,1,363000,43357,"결제",null,0,null,363000,43357,363000,43357,"상신","결재완료",363000,43364,363000,43364]
[1102,1000053144,20,"물품구매(이*헌/유*선)",1845601827,"휠체어활동형 등 2종/이*현",20,"Z20120611","휠체어수리-팔걸이조립-노바제로용-티오엠보빌리티 (의지재료)","Z01",456,null,43355,"최종승인",26283,"유재선",43356,319782,"주식회사 티오엠모빌리티 (TOM MOBILITY)-폐쇄","2018-09-12","2018-09-19",6,"EA",40000,1,240000,6,240000,43357,"결제",null,0,null,240000,43357,240000,43357,"상신","결재완료",240000,43404,240000,43404]
[1102,1000053208,10,"물품구매(방석-이*행 외 조*정)",1845601837,"욕창예방방석/이*행 등",10,"Z20130023","욕창예방방석공기격자형-로호 (의지재료) (의지재료)","Z01",456,null,43356,"최종승인",26461,"조혜정",43360,305386,"(주) 오토복코리아헬스케어","2018-09-13","2018-09-20",2,"EA",370000,1,740000,2,740000,43357,"결제",null,0,null,740000,43357,740000,43357,"상신","결재완료",740000,43404,740000,43404]
[1102,1000053099,20,"물품구매/의지재료(소모품)/조*문",1845601802,"소모품 석고 등 6종",20,"Z20010170","소모품-석고붕대(10cm) (의지재료) (의지재료)","Z01",456,null,43353,"최종승인",6164,"조성문",43354,301148,"신성메디칼","2018-09-10","2018-09-17",36,"EA",1900,1,68400,36,68400,43356,"결제",null,0,null,68400,43356,68400,43356,"상신","결재완료",68400,43404,68400,43404]
[1102,1000053076,10,"물품구매(국가정책정보협의회 정기총회 및 세미나 포스터 판넬 출력/세금계산",1845601816,"직무지원/포스터 판넬 출력",10,"Z20050113","직무지원 연구재료 (연구재료) (연구재료)","Z01",456,null,43353,"최종승인",26892,"권칠용",43354,316824,"디자인 나무","2018-09-05","2018-09-17",1,"EA",73000,1,73000,1,73000,43355,"결제",null,0,null,73000,43355,73000,43355,"상신","결재완료",73000,43383,73000,43383]
[1102,1000053018,20,"물품구매(상지의지-이*길/유*종)",1845601791,"의지상지 반자동의수 등 2종/이*길",20,"Z20010422","의지하지-단축발발목장식알루미늄포함셋트(독일산) (의지재료) (의지재료)","Z01",456,null,43349,"최종승인",8664,"유효종",43353,305386,"(주) 오토복코리아헬스케어","2018-09-06","2018-09-13",1,"EA",176000,1,176000,1,176000,43354,"결제",null,0,null,176000,43354,176000,43354,"상신","결재완료",176000,43404,176000,43404]
[1102,1000053037,20,"물품구매 상지하지/창원센터",1845601782,"의지하지 클램프알미늄 등 3종",20,"Z20010453","의지하지-락장식셔틀락키드하지용(미국하퇴용) (의지재료) (의지재료)","Z01",456,null,43350,"최종승인",8445,"차민국",43353,301263,"성림교역","2018-09-07","2018-09-14",10,"EA",155000,1,1550000,10,1550000,43354,"결제",null,0,null,1550000,43354,1550000,43354,"상신","결재완료",1550000,43404,1550000,43404]
[1102,1000053062,60,"물품구매 휠체어 최*용 외 /창원센터",1845601780,"휠체어일반형 등 7종/최*용 등",60,"Z20120168","휠체어수리-배터리(35Ah) (의지재료) (의지재료)","Z01",456,null,43350,"최종승인",6166,"김현종",43353,311792,"이레엠케어// 폐쇄-법인변경190101","2018-09-07","2018-09-14",2,"EA",68180,1,136360,2,136360,43354,"결제",null,0,null,136360,43354,136360,43354,"상신","결재완료",136360,43404,136360,43404]
[1102,1000052802,10,"물품구매(근전전동의수)",1845601718,"직무지원/근전전동의수",10,"Z20050113","직무지원 연구재료 (연구재료) (연구재료)","Z01",456,null,43350,"최종승인",27961,"홍범기",43343,302514,"비케이메디텍","2018-08-29","2018-09-14",1,"EA",2430000,1,2430000,1,2430000,43353,"결제",null,0,null,2430000,43353,2430000,43353,"상신","결재완료",2430000,43364,2430000,43364]
[1102,1000053011,20,"물품구매/근전동의수/무릎관절(인공지능식)/안*영/안*영/조*문",1845601763,"의지상지 전자의수 등 2종/안*영",20,"Z20010446","의지하지-대퇴무릎장식Bk인공지능(인공지능) (의지재료) (의지재료)","Z01",456,null,43349,"최종승인",6164,"조성문",43350,302514,"비케이메디텍","2018-09-06","2018-09-13",1,"EA",2071000,1,2071000,1,2071000,43353,"결제",null,0,null,2071000,43353,2071000,43353,"상신","결재완료",2071000,43404,2071000,43404]
[1102,1000053055,30,"물품구매(의지하지-전*열,정*호,전*범/김*선)",1845601788,"의지하지 컴포트웨이브 등 3종",30,"Z20010420","의지하지-단축발(미국산) (의지재료) (의지재료)","Z01",456,null,43349,"최종승인",6675,"김훈선",43353,301434,"오서코리아주식회사","2018-09-06","2018-09-13",1,"EA",148000,1,148000,1,148000,43353,"결제",null,0,null,148000,43353,148000,43353,"상신","결재완료",148000,43404,148000,43404]
[1102,1000053029,30,"물품구매(이*규/유*선)",1845601775,"휠체어일반형 등 4종/이*규 등",30,"Z20120358","휠체어수리-타이어전동용휠로피아(16in) (의지재료) (의지재료)","Z01",456,null,43349,"최종승인",26283,"유재선",43350,301700,"(주)휠로피아","2018-09-06","2018-09-13",6,"EA",18000,1,108000,6,108000,43350,"결제",null,0,null,108000,43350,108000,43350,"상신","결재완료",108000,43404,108000,43404]
[1102,1000053066,10,"물품구매(페라이트코어 등 7건/세금계산서)",1845601799,"직무지원/페라이트코어 등 7종",10,"Z20050113","직무지원 연구재료 (연구재료) (연구재료)","Z01",456,null,43371,"최종승인",26940,"남기태",43353,324152,"이테크전자주식회사","2018-09-07","2018-10-05",10,"EA",320,1,3200,10,3200,43350,"결제",null,0,null,3200,43350,3200,43350,"상신","결재완료",3200,43364,3200,43364]
[1102,1000052809,30,"물품구매(서보모터 등 13건/세금계산서)",1845601714,"체감형휠체어/서보모터 등 13종",30,"Z20050687","체감형휠체어(연구재료)","Z01",456,null,43346,"최종승인",27607,"이종원",43343,324106,"텔콤씨앤에스 주식회사","2018-08-30","2018-09-08",1,"EA",16500,1,16500,1,16500,43349,"결제",null,0,null,16500,43349,16500,43349,"상신","결재완료",0,null,16500,43364]
[1102,1000052635,50,"물품구매(BAR_HIP 등 8건/세금계산서)",1845601641,"맞춤형근골격/bar hip 등 8종",50,"Z20050524","맞춤형근골격(연구재료) (연구재료)","Z01",456,null,43343,"최종승인",27607,"이종원",43336,322571,"주식회사 비엠케이","2018-08-23","2018-09-07",2,"EA",154000,1,308000,2,308000,43348,"결제",null,0,null,308000,43348,308000,43348,"상신","결재완료",0,null,308000,43364]
[1102,1000052827,60,"물품구매(프로플렉스LP 등10종)",1845601742,"자체 시험상용화/직무형인공발 등 10종",60,"Z20050708","하지-피메일인서트포프롱(연구재료)","Z01",456,null,43343,"최종승인",26292,"오혜정",43347,301434,"오서코리아주식회사","2018-08-31","2018-09-07",1,"EA",60000,1,60000,1,60000,43348,"결제",null,0,null,60000,43348,60000,43348,"상신","결재완료",60000,43364,60000,43364]
[1102,1000052830,20,"물품구매(김*식-박*영/유*선)",1845601722,"휠체어일반형 등 2종/김*식 등",20,"Z20120616","휠체어수리-배터리(12V62AH) (의지재료)","Z01",456,null,43343,"최종승인",26283,"유재선",43346,301700,"(주)휠로피아","2018-08-31","2018-09-07",2,"EA",105000,1,210000,2,210000,43347,"결제",null,0,null,210000,43347,210000,43347,"상신","결재완료",210000,43404,210000,43404]
[1102,1000051897,10,"물품구매 (Precision torque sensor/세금계산서)",1845601442,"체감형휠체어/precision torque sensor",10,"Z20050687","체감형휠체어(연구재료)","Z01",456,null,43360,"최종승인",6898,"고창용",43307,323908,"(주) 위코","2018-07-17","2018-09-24",2,"EA",4846600,1,9693200,2,9693200,43346,"결제",null,0,null,9693200,43346,9693200,43346,"상신","결재완료",0,null,9693200,43383]
[1102,1000052693,10,"물픔구매(liner drying stand)",1845601683,"직무지원/liner drying stand",10,"Z20050113","직무지원 연구재료 (연구재료) (연구재료)","Z01",456,null,43339,"최종승인",26292,"오혜정",43340,305386,"(주) 오토복코리아헬스케어","2018-08-27","2018-09-03",10,"EA",10000,1,100000,10,100000,43343,"결제",null,0,null,100000,43343,100000,43343,"상신","결재완료",100000,43353,100000,43353]
[1102,1000052715,20,"물품구매(하지보조기-유*익,김*태/천*민)",1845601690,"보조기하지 폼 핏 등 2종/유*익",20,"Z20011021","보조기하지-네오프렌 랩 어라운드 힌지 무릎 써포트(오서)","Z01",456,null,43340,"최종승인",27784,"천성민",43342,301434,"오서코리아주식회사","2018-08-24","2018-09-04",1,"EA",34000,1,34000,1,34000,43342,"결제",null,0,null,34000,43342,34000,43342,"상신","결재완료",34000,43371,34000,43371]
[1102,1000052626,10,"물품구매(토크정밀측정전용배선취출부제작/세금계산서)",1845601645,"맞춤형근골격/토크 정밀 측정 전용 배선 취출부 제작",10,"Z20050524","맞춤형근골격(연구재료) (연구재료)","Z01",456,null,43397,"최종승인",27685,"황석진",43336,319544,"카스코리아","2018-08-23","2018-10-31",1,"EA",110000,1,110000,1,110000,43341,"결제",null,0,null,110000,43341,110000,43341,"상신","결재완료",0,null,110000,43353]
[1102,1000052721,10,"물품구매-소모품/임*은",1845601694,"소모품 pp 등 5종",10,"Z20010337","소모품-P.P(4x120x240) (의지재료) (의지재료)","Z01",456,null,43340,"최종승인",9620,"임성은",43342,301148,"신성메디칼","2018-08-28","2018-09-04",2,"EA",51000,1,102000,2,102000,43341,"결제",null,0,null,102000,43341,102000,43341,"상신","결재완료",102000,43371,102000,43371]
[1102,1000052776,50,"물품구매(소모품)",1845601709,"의지하지 폼카바 등 11종",50,"Z20010846","소모품-대형칼날 (의지재료)","Z01",456,null,43341,"최종승인",9144,"정창희",43342,301148,"신성메디칼","2018-08-28","2018-09-05",20,"EA",1350,1,27000,20,27000,43341,"결제",null,0,null,27000,43341,27000,43341,"상신","결재완료",27000,43371,27000,43371]
[1102,1000052600,10,"물품 구매(의지 하지-김*원/신*현)",1845601656,"의지하지 실리콘싹스/김*원",10,"Z20010532","의지하지-실리콘싹스컴포트하퇴용(외산) (의지재료) (의지재료)","Z01",456,null,43335,"최종승인",6158,"신무현",43339,301434,"오서코리아주식회사","2018-08-23","2018-08-30",1,"EA",338000,1,338000,1,338000,43340,"결제",null,0,null,338000,43340,338000,43340,"상신","결재완료",338000,43371,338000,43371]
[1102,1000052698,30,"물품구매(의지하지-김*동 외 조*정)",1845601678,"의지하지 피라밋형 등 3종/김*동 등",30,"Z20011020","의지하지-자석락세트(성림)","Z01",456,null,43339,"최종승인",26461,"조혜정",43340,301263,"성림교역","2018-08-27","2018-09-03",2,"EA",251000,1,502000,2,502000,43340,"결제",null,0,null,502000,43340,502000,43340,"상신","결재완료",502000,43371,502000,43371]
[1102,1000052780,10,"물품구매(의지재료)전*만",1845601710,"휠체어수리 브레이크 등 4종",10,"Z20120206","휠체어수리-브레이크활동형J2(활동형) (의지재료) (의지재료)","Z01",456,null,43342,"최종승인",6160,"전영만",43342,309507,"미키코리아(주)","2018-08-28","2018-09-06",2,"EA",22000,1,44000,2,44000,43340,"결제",null,0,null,44000,43340,44000,43340,"상신","결재완료",44000,43371,44000,43371]
[1102,1000052555,70,"물품구매(욕창예방매트리스(Glory-MC1)등 9종)",1845601606,"자체 시험상용화/욕창예방매트리스 등 9종",70,"Z20050695","미끄럼방지용품-영화의료기(YH-SR02)(시험검사)","Z01",456,null,43332,"최종승인",27377,"정성배",43333,320195,"가정복지","2018-08-20","2018-08-27",5,"EA",246364,5,246364,5,246364,43339,"결제",null,0,null,246364,43339,246364,43339,"상신","결재완료",246364,43353,246364,43353]
[1102,1000052660,20,"물품구매(정*진-김*갑-한*영-장*수/유*선)",1845601669,"휠체어활동형 등 2종/정*진 등",20,"Z20120612","휠체어수리-앞바퀴조립-4~5\"노바제로용-티오엠모빌리티 (의지재료)","Z01",456,null,43336,"최종승인",26283,"유재선",43339,319782,"주식회사 티오엠모빌리티 (TOM MOBILITY)-폐쇄","2018-08-24","2018-08-31",3,"EA",50000,1,150000,3,150000,43339,"결제",null,0,null,150000,43339,150000,43339,"상신","결재완료",150000,43371,150000,43371]
[1102,1000052611,30,"물품구매-휠체어소모품/임*은",1845601649,"휠체어수리 등 4종",30,"Z20120267","휠체어수리-앞바퀴조립투명휠(3,4,5in) (의지재료) (의지재료)","Z01",456,null,43335,"최종승인",9620,"임성은",43336,309507,"미키코리아(주)","2018-08-23","2018-08-30",6,"EA",20000,1,120000,6,120000,43336,"결제",null,0,null,120000,43336,120000,43336,"상신","결재완료",120000,43371,120000,43371]
[1102,1000052771,10,"물품구매(SRH 12V-7W,21.3옴 외 1건)",1845601701,"직무지원/srh 12v 등 2종",10,"Z20050113","직무지원 연구재료 (연구재료) (연구재료)","Z01",456,null,43329,"최종승인",27961,"홍범기",43342,507196932,"운영지원부-6932","2018-08-24","2018-08-31",2,"EA",20000,1,40000,2,40000,43336,"결제",null,0,null,40000,43336,40000,43336,"상신","결재완료",40000,43385,40000,43385]
[1102,1500023465,30,"전기둉품 소화기외5종",1845601568,"전기용품 소하기 등 6종",30,null,"소화기 점검표(case포함)","Z06",456,null,43328,"최종승인",28101,"김형국",43328,300045,"모아이엔티","2018-08-16","2018-08-24",20,"개",10000,20,10000,20,10000,43335,"결제",null,0,null,10000,43335,10000,43335,"상신","결재완료",10000,43353,10000,43353]
[1102,1000052538,60,"물품구매-휠체어소모품/임*은",1845601602,"휠체어수리 등 7종",60,"Z20120395","휠체어수리-튜브전동용(14in) (의지재료) (의지재료)","Z01",456,null,43332,"최종승인",9620,"임성은",43333,301700,"(주)휠로피아","2018-08-20","2018-08-27",3,"EA",8000,1,24000,3,24000,43334,"결제",null,0,null,24000,43334,24000,43334,"상신","결재완료",24000,43371,24000,43371]
[1102,1000052585,20,"물품구매(실리콘-정*모)",1845601637,"의지하지 실리콘싹스 등 2종/정*모",20,"Z20010520","의지하지-실리콘싹스씰린라이너대퇴용(외산) (의지재료) (의지재료)","Z01",456,null,43333,"최종승인",9144,"정창희",43335,301434,"오서코리아주식회사","2018-08-21","2018-08-28",1,"EA",600000,1,600000,1,600000,43334,"결제",null,0,null,600000,43334,600000,43334,"상신","결재완료",600000,43371,600000,43371]
[1102,1000052468,50,"물품구매 전동휠체어 박*남 외 /창원센터",1845601592,"전동휠체어 등 5종/박*남 등",50,"Z20120635","활동형 휠체어- CAMEL SPORT A타입 휠로피아","Z01",456,null,43329,"최종승인",6166,"김현종",43332,311792,"이레엠케어// 폐쇄-법인변경190101","2018-08-17","2018-08-24",1,"EA",950000,1,950000,1,950000,43333,"결제",null,0,null,950000,43333,950000,43333,"상신","결재완료",950000,43371,950000,43371]
[1102,1000052489,10,"물품구매/욕창예방방석/노*철/조*문",1845601589,"욕창예방방석/노*철",10,"Z20130023","욕창예방방석공기격자형-로호 (의지재료) (의지재료)","Z01",456,null,43329,"최종승인",6164,"조성문",43332,319782,"주식회사 티오엠모빌리티 (TOM MOBILITY)-폐쇄","2018-08-17","2018-08-24",1,"EA",370000,1,370000,1,370000,43333,"결제",null,0,null,370000,43333,370000,43333,"상신","결재완료",370000,43371,370000,43371]
[1102,1000052562,10,"물품구매(박*찬/유*선)",1845601614,"휠체어활동형/박*찬",10,"Z20120610","휠체어-활동형-노바제로-티오엠모빌리티 (의지재료)","Z01",456,null,43333,"최종승인",26283,"유재선",43334,319782,"주식회사 티오엠모빌리티 (TOM MOBILITY)-폐쇄","2018-08-21","2018-08-28",1,"EA",720000,1,720000,1,720000,43333,"결제",null,0,null,720000,43333,720000,43333,"상신","결재완료",720000,43371,720000,43371]
[1102,1000052356,20,"물품구매(CNLinko방수커넥터황 등 6건/세금계산서)",1845601562,"직무지원/cnlinko방수커넥터 등 6종",20,"Z20050113","직무지원 연구재료 (연구재료) (연구재료)","Z01",456,null,43343,"최종승인",26940,"남기태",43326,319888,"트리송","2018-08-10","2018-09-07",10,"EA",17000,1,170000,10,170000,43332,"결제",null,0,null,170000,43332,170000,43332,"상신","결재완료",170000,43336,170000,43336]
[1102,1000052356,60,"물품구매(CNLinko방수커넥터황 등 6건/세금계산서)",1845601562,"직무지원/cnlinko방수커넥터 등 6종",60,"Z20050113","직무지원 연구재료 (연구재료) (연구재료)","Z01",456,null,43343,"최종승인",26940,"남기태",43326,319888,"트리송","2018-08-10","2018-09-07",600,"EA",150,1,90000,600,90000,43332,"결제",null,0,null,90000,43332,90000,43332,"상신","결재완료",90000,43336,90000,43336]
[1102,1000052437,80,"물품구매(기타재료)",1845601571,"소모품 등 20종",80,"Z20010292","소모품-파우다(백색분말) (의지재료) (의지재료)","Z01",456,null,43328,"최종승인",26461,"조혜정",43329,301148,"신성메디칼","2018-08-14","2018-08-23",4,"EA",20800,1,83200,4,83200,43328,"결제",null,0,null,83200,43328,83200,43328,"상신","결재완료",83200,43371,83200,43371]
[1102,1000052292,30,"물품구매 (Wrist Frame 등 10건/세금계산서)",1845601517,"골유착임플란트/wrist frame 등 10종",30,"Z20050686","골유착임플란트(연구재료)","Z01",456,null,43333,"최종승인",27826,"전만기",43320,301759,"창신정공","2018-08-07","2018-08-28",1,"EA",41800,1,41800,1,41800,43326,"결제",null,0,null,41800,43326,41800,43326,"상신","결재완료",0,null,41800,43336]
[1102,1000052292,90,"물품구매 (Wrist Frame 등 10건/세금계산서)",1845601517,"골유착임플란트/wrist frame 등 10종",90,"Z20050686","골유착임플란트(연구재료)","Z01",456,null,43333,"최종승인",27826,"전만기",43320,301759,"창신정공","2018-08-07","2018-08-28",1,"EA",63800,1,63800,1,63800,43326,"결제",null,0,null,63800,43326,63800,43326,"상신","결재완료",0,null,63800,43336]
[1102,1000052366,40,"물품구매 의지하지 /창원센터",1845601554,"의지하지 하퇴용소켓어댑터스틸 등 5종",40,"Z20010388","의지상지-상박주관절장식키드형중국(중국산) (의지재료) (의지재료)","Z01",456,null,43322,"최종승인",6166,"김현종",43326,301263,"성림교역","2018-08-10","2018-08-17",1,"EA",170000,1,170000,1,170000,43326,"결제",null,0,null,170000,43326,170000,43326,"상신","결재완료",170000,43371,170000,43371]
[1102,1000052371,20,"물품구매(고*엽-송*우-유*열/유*선)",1845601539,"휠체어꺽기형 등 2종/고*엽 등",20,"Z20120055","휠체어꺽기형-미라지7일반형미키 (의지재료) (의지재료)","Z01",456,null,43322,"최종승인",26283,"유재선",43325,301882,"미키메디칼","2018-08-10","2018-08-17",1,"EA",440000,1,440000,1,440000,43326,"결제",null,0,null,440000,43326,440000,43326,"상신","결재완료",440000,43371,440000,43371]
[1102,1000052312,30,"물품구매(의지하지-문*덕 외 조*정)",1845601544,"의지하지 실리콘싹스 등 5종/문*덕 등",30,"Z20010532","의지하지-실리콘싹스컴포트하퇴용(외산) (의지재료) (의지재료)","Z01",456,null,43321,"최종승인",26461,"조혜정",43325,301434,"오서코리아주식회사","2018-08-08","2018-08-16",5,"EA",338000,1,1690000,5,1690000,43325,"결제",null,0,null,1690000,43325,1690000,43325,"상신","결재완료",1690000,43371,1690000,43371]
[1102,1000052343,20,"물품구매(방석-김*섭 외 /조*정)",1845601547,"욕창예방방석 등 2종/김*섭",20,"Z20130041","욕창예방방석공기격자형-GALAXY(갤럭시) (의지재료)","Z01",456,null,43321,"최종승인",26461,"조혜정",43325,301700,"(주)휠로피아","2018-08-09","2018-08-16",1,"EA",400000,1,400000,1,400000,43322,"결제",null,0,null,400000,43322,400000,43322,"상신","결재완료",400000,43371,400000,43371]
[1102,1000052249,10,"물품구매(하지의지-박*일/유*종)",1845601520,"의지하지실리콘싹스 등 2종/박*일",10,"Z20010981","의지하지-실리콘싹스알프스Spdt(미국산) (의지재료) (의지재료)","Z01",456,null,43319,"최종승인",8664,"유효종",43320,301263,"성림교역","2018-08-07","2018-08-14",1,"EA",270000,1,270000,1,270000,43321,"결제",null,0,null,270000,43321,270000,43321,"상신","결재완료",270000,43371,270000,43371]
[1102,1000051964,60,"물품구매(하우징 수정 등 9건/세금계산서)",1845601459,"스마트소켓/하우징 수정 등 9종",60,"Z20050607","스마트소켓(연구재료) (연구재료)","Z01",456,null,43322,"최종승인",26891,"박진국",43311,301759,"창신정공","2018-07-27","2018-08-17",2,"EA",22000,1,44000,2,44000,43320,"결제",null,0,null,44000,43320,44000,43320,"상신","결재완료",0,null,44000,43336]
[1102,1500023378,40,"화이트보드 및 소모품 구매",1845601532,"화이트보드 등 6종",40,null,"토스트잇","Z06",456,null,43321,"최종승인",4752,"이은아",43322,303191,"인성","2018-08-08","2018-08-15",1,"EA",62364,1,62364,1,62364,43320,"결제",null,0,null,62364,43320,62364,43320,"상신","결재완료",62364,43336,62364,43336]
[1102,1000052238,10,"물품구매(김*걸/유*선)",1845601526,"전동휠체어 김*걸",10,"Z20120538","전동휠체어-나래 케어라 (의지재료) (의지재료)","Z01",456,null,43318,"최종승인",26283,"유재선",43320,302135,"케어114","2018-08-06","2018-08-13",1,"EA",1900000,1,1900000,1,1900000,43319,"결제",null,0,null,1900000,43319,1900000,43319,"상신","결재완료",1900000,43371,1900000,43371]
[1102,1000052259,10,"기타",1845601522,"휠체어수리 타이어 등 4종",10,"Z20120342","휠체어수리-타이어일반형휠로피아(24in) (의지재료) (의지재료)","Z01",456,null,43319,"최종승인",26283,"유재선",43320,301700,"(주)휠로피아","2018-08-07","2018-08-14",20,"EA",6600,1,132000,20,132000,43319,"결제",null,0,null,132000,43319,132000,43319,"상신","결재완료",132000,43371,132000,43371]
[1102,1500023153,40,"전기용품(LED BULB LAMP 등 12종)",1845601454,"LED램프 등 12종",40,null,"차동식감지기","Z06",456,null,43306,"최종승인",28101,"김형국",43308,300045,"모아이엔티","2018-07-25","2018-08-10",5,"개",20000,5,20000,5,20000,43318,"결제",null,0,null,20000,43318,20000,43318,"상신","결재완료",20000,43336,20000,43336]
[1102,1000052139,10,"물품구매(매트리-남*우/조*정)",1845601492,"욕창예방매트리스 등 2종/남*우",10,"Z20130001","욕창예방매트리스공기격자형-국산(870x1970x65mm) (의지재료) (","Z01",456,null,43313,"최종승인",26461,"조혜정",43314,323411,"주식회사씰테크 용인지점","2018-08-01","2018-08-08",1,"EA",1300000,1,1300000,1,1300000,43315,"결제",null,0,null,1300000,43315,1300000,43315,"상신","결재완료",1300000,43371,1300000,43371]
[1102,1000052140,30,"물품구매(방석-박*영/조*정)",1845601493,"욕창예방방석 등 3종/박*영",30,"Z20130036","집뇨기유린백-외산800(외산800cc) (의지재료) (의지재료)","Z01",456,null,43313,"최종승인",26461,"조혜정",43314,301700,"(주)휠로피아","2018-08-01","2018-08-08",20,"EA",54000,1,1080000,20,1080000,43315,"결제",null,0,null,1080000,43315,1080000,43315,"상신","결재완료",1080000,43371,1080000,43371]
[1102,1000052073,20,"물품구매 의지상지하지/창원센터",1845601477,"의지하지 발목장식 등 3종",20,"Z20010404","의지상지-전자의수플라스틱센서더미(외산) (의지재료) (의지재료)","Z01",456,null,43313,"최종승인",8445,"차민국",43313,305386,"(주) 오토복코리아헬스케어","2018-08-01","2018-08-08",4,"EA",48000,1,192000,4,192000,43314,"결제",null,0,null,192000,43314,192000,43314,"상신","결재완료",192000,43371,192000,43371]
[1102,1500023278,60,"물품구매(결재판 등 31건/ 법인카드)",1845601486,"스마트소켓/결재판 등 31종",60,null,"스테플13호","Z06",456,null,43313,"최종승인",28006,"오용식",43314,516506169,"스마트소켓-6169","2018-08-01","2018-10-01",5,"EA",1900,1,9500,5,9500,43314,"결제",null,0,null,9500,43314,9500,43314,"상신","결재완료",0,null,9500,43339]
[1102,1500023278,240,"물품구매(결재판 등 31건/ 법인카드)",1845601486,"스마트소켓/결재판 등 31종",240,null,"오렌지볼펜(흑)","Z06",456,null,43313,"최종승인",28006,"오용식",43314,516506169,"스마트소켓-6169","2018-08-01","2018-10-01",2,"EA",5400,1,10800,2,10800,43314,"결제",null,0,null,10800,43314,10800,43314,"상신","결재완료",0,null,10800,43339]
[1102,1000052055,10,"물품구매(신*탁/유*선)",1845601473,"휠체어전동형 등 4종/신*탁 등",10,"Z20120559","휠체어전동형 KP31 (휠로피아) (의지재료) (의지재료)","Z01",456,null,43312,"최종승인",26283,"유재선",43313,301700,"(주)휠로피아","2018-07-31","2018-08-07",1,"EA",1860000,1,1860000,1,1860000,43313,"결제",null,0,null,1860000,43313,1860000,43313,"상신","결재완료",1860000,43371,1860000,43371]
[1102,1500023217,10,"2층 회의실 빔프로젝터용 RGB케이블 구매",1845601466,"빔프로젝터용 rgb케이블 구매",10,null,"RGB케이블 5M","Z06",456,null,43312,"최종승인",27520,"최혁재",43312,507196932,"운영지원부-6932","2018-07-31","2018-08-10",1,"EA",10346,1,10346,1,10346,43312,"결제",null,0,null,10346,43312,10346,43312,"상신","결재완료",10346,43355,10346,43355]
[1102,1000051960,40,"물품구매-의지소모품/임*은",1845601457,"의지상지 미관형의수 등 5종",40,"Z20010017","보조기상지-케이슬링 (의지재료) (의지재료)","Z01",456,null,43308,"최종승인",9620,"임성은",43311,301263,"성림교역","2018-07-27","2018-08-03",3,"EA",25000,1,75000,3,75000,43311,"결제",null,0,null,75000,43311,75000,43311,"상신","결재완료",75000,43343,75000,43343]
[1102,1000051999,50,"물품구매(미관형의수-송*덕)",1845601465,"의지상지 미관형의수 등 11종",50,"Z20010558","의지하지-피라미드 (의지재료) (의지재료)","Z01",456,null,43311,"최종승인",9144,"정창희",43312,301263,"성림교역","2018-07-27","2018-08-06",3,"EA",30000,1,90000,3,90000,43311,"결제",null,0,null,90000,43311,90000,43311,"상신","결재완료",90000,43343,90000,43343]
[1102,1000051770,10,"물품구매(HSS drill등 9종)",1845601394,"직무지원/hss drill 등 9종",10,"Z20050113","직무지원 연구재료 (연구재료) (연구재료)","Z01",456,null,43300,"최종승인",6147,"김도완",43300,312606,"(주) 엘토","2018-07-19","2018-07-26",50,"EA",900,1,45000,50,45000,43307,"결제",null,0,null,45000,43307,45000,43307,"상신","결재완료",45000,43322,45000,43322]
[1102,1000051950,20,"물품구매(노즐 청소 필라멘트 등 2건/법인카드)",1845601447,"스마트소켓/노즐청소 드릴 등 2종",20,"Z20050607","스마트소켓(연구재료) (연구재료)","Z01",456,null,43335,"최종승인",6898,"고창용",43307,516506169,"스마트소켓-6169","2018-07-26","2018-08-30",10,"EA",11000,1,110000,10,110000,43307,"결제",null,0,null,110000,43307,110000,43307,"상신","결재완료",0,null,110000,43339]
[1102,1000051900,30,"물품구매(함*철-김*의-박*수-권*복/유*선)",1845601437,"휠체어꺽기형 등 6종/함*철 등",30,"Z20120268","휠체어수리-앞바퀴조립포밍미키(6in) (의지재료) (의지재료)","Z01",456,null,43305,"최종승인",26283,"유재선",43307,301882,"미키메디칼","2018-07-24","2018-07-31",40,"EA",20000,1,800000,40,800000,43306,"결제",null,0,null,800000,43306,800000,43306,"상신","결재완료",800000,43343,800000,43343]
[1102,1000051406,20,"물품구매(GFRP KEEL 금형(225mm)등 5건/세금계산서)",1845601296,"직무지원/gfrp keel 금형 등 5종",20,"Z20050113","직무지원 연구재료 (연구재료) (연구재료)","Z01",456,null,43311,"최종승인",6146,"차국찬",43286,405295,"(주) 한일하이테크","2018-07-04","2018-08-06",1,"EA",1000000,1,1000000,1,1000000,43305,"결제",null,0,null,1000000,43305,1000000,43305,"상신","결재완료",1000000,43322,1000000,43322]
[1102,1000051865,20,"물품구매(미관형의수 등 2종)",1845601440,"자체 시험상용화/미관형의수 등 2종",20,"Z20050118","미관형 의수-고강도 실리콘 (연구재료) (연구재료)","Z01",456,null,43304,"최종승인",26292,"오혜정",43307,300508,"두손의수","2018-07-23","2018-07-30",1,"EA",213099,1,213099,1,213099,43305,"결제",null,0,null,213099,43305,213099,43305,"상신","결재완료",213099,43322,213099,43322]
[1102,1000051878,20,"물품구매(윤*진,송*선,양*석)전*만",1845601423,"전동휠체어 등 2종/윤*진/송*선/양*석",20,"Z20130035","집뇨기유린백-외산1000(외산1000cc) (의지재료) (의지재료)","Z01",456,null,43304,"최종승인",6160,"전영만",43305,301700,"(주)휠로피아","2018-07-23","2018-07-30",4,"EA",54000,1,216000,4,216000,43304,"결제",null,0,null,216000,43304,216000,43304,"상신","결재완료",216000,43343,216000,43343]
[1102,1000051646,30,"물품구매(의지하지-정*용,최*기,황*식/김*동)",1845601354,"의지하지 더모웨이브 등 3종/정*용/최*기 등",30,"Z20010532","의지하지-실리콘싹스컴포트하퇴용(외산) (의지재료) (의지재료)","Z01",456,null,43294,"최종승인",8219,"김수동",43297,301434,"오서코리아주식회사","2018-07-13","2018-07-20",1,"EA",338000,1,338000,1,338000,43301,"결제",null,0,null,338000,43301,338000,43301,"상신","결재완료",338000,43343,338000,43343]
[1102,1000051809,10,"물품구매(소모품)",1845601419,"의지하지 클램프알미늄 등 2종",10,"Z20010075","의지하지-클램프알미늄(알미늄) (의지재료) (의지재료)","Z01",456,null,43301,"최종승인",26461,"조혜정",43304,301263,"성림교역","2018-07-20","2018-07-27",30,"EA",39000,1,1170000,30,1170000,43301,"결제",null,0,null,1170000,43301,1170000,43301,"상신","결재완료",1170000,43343,1170000,43343]
[1102,1000051565,10,"물품구매(EMI Gasket)",1845601338,"직무지원/emi gasket",10,"Z20050113","직무지원 연구재료 (연구재료) (연구재료)","Z01",456,null,43301,"최종승인",6151,"육선우",43292,319518,"한울","2018-07-11","2018-07-27",10,"EA",26000,1,260000,10,260000,43300,"결제",null,0,null,260000,43300,260000,43300,"상신","결재완료",260000,43306,260000,43306]
[1102,1000051741,10,"물품구매(상지의지-황*만/유*종)",1845601400,"그라이퍼 등 2종/황*만",10,"Z20011012","그라이퍼 (오토복)","Z01",456,null,43298,"최종승인",8664,"유효종",43300,305386,"(주) 오토복코리아헬스케어","2018-07-17","2018-07-24",1,"EA",6405000,1,6405000,1,6405000,43300,"결제",null,0,null,6405000,43300,6405000,43300,"상신","결재완료",6405000,43343,6405000,43343]
[1102,1000051560,20,"물품구매(자세변환용구(MTSF100)등 10종)",1845601341,"자체 시험상용화/자세변화용구 등 10종",20,"Z20050677","지팡이-해올(LS-10B)(시험검사)","Z01",456,null,43301,"최종승인",27377,"정성배",43292,320195,"가정복지","2018-07-10","2018-07-27",3,"EA",204545,3,204545,3,204545,43299,"결제",null,0,null,204545,43299,204545,43299,"상신","결재완료",204545,43306,204545,43306]
[1102,1000051719,20,"물품구매(소모품)",1845601387,"의지하지 실리콘싹스 등 2종",20,"Z20010934","의지하지-슬리브(메텍스) (의지재료)","Z01",456,null,43298,"최종승인",26461,"조혜정",43299,323203,"코스텍","2018-07-17","2018-07-24",3,"EA",100000,1,300000,3,300000,43299,"결제",null,0,null,300000,43299,300000,43299,"상신","결재완료",300000,43343,300000,43343]
[1102,1000051633,10,"물품구매 의지하지/창원센터",1845601366,"의지하지 실리콘싹스 등 3종",10,"Z20010532","의지하지-실리콘싹스컴포트하퇴용(외산) (의지재료) (의지재료)","Z01",456,null,43294,"최종승인",8445,"차민국",43297,301434,"오서코리아주식회사","2018-07-13","2018-07-20",4,"EA",338000,1,1352000,4,1352000,43298,"결제",null,0,null,1352000,43298,1352000,43298,"상신","결재완료",1352000,43343,1352000,43343]
[1102,1000051649,40,"물품구매 수부 /창원센터",1845601361,"의지상지 미관형의수 등 4종",40,"Z20010363","의지상지-미관형의수레진두손 (의지재료) (의지재료)","Z01",456,null,43294,"최종승인",6166,"김현종",43297,300508,"두손의수","2018-07-13","2018-07-20",1,"EA",90000,1,90000,1,90000,43298,"결제",null,0,null,90000,43298,90000,43298,"상신","결재완료",90000,43343,90000,43343]
[1102,1300008701,10,"2018년 7월 승강기 점검",1845800073,"7월 승강기점검",10,null,"승강기점검-서울승강기(2018.07월)","Z04",458,null,43312,"최종승인",5031,"김찬호",43313,315165,"서울승강기서비스","2018-07-01","2018-07-31",1,"EA",110000,1,110000,1,110000,43297,"결제",null,0,null,110000,43297,110000,43297,"상신","결재완료",110000,43322,110000,43322]
[1102,1000051594,10,"물품구매(이*호/유*선)",1845601351,"휠체어활동형 등 3종/이*호",10,"Z20120528","휠체어활동형-J2 (의지재료) (의지재료)","Z01",456,null,43293,"최종승인",26283,"유재선",43294,309507,"미키코리아(주)","2018-07-12","2018-07-19",1,"EA",720000,1,720000,1,720000,43294,"결제",null,0,null,720000,43294,720000,43294,"상신","결재완료",720000,43343,720000,43343]
[1102,1000051609,10,"물품구매(매트-김*영/조*정",1845601352,"욕창예방매트리스/김*영",10,"Z20130015","욕창예방매트리스교대부양형-Md300(800x1800x100mm) (의지재","Z01",456,null,43293,"최종승인",26461,"조혜정",43297,301766,"은혜메디칼","2018-07-12","2018-07-19",2,"EA",380000,1,760000,2,760000,43294,"결제",null,0,null,760000,43294,760000,43294,"상신","결재완료",760000,43343,760000,43343]
[1102,1000051466,10,"물품구매/전동,수동휠체어/도*권/배*철/조*문",1845601315,"휠체어전동형 등 2종/도*권/배*철",10,"Z20120492","휠체어전동형-B400 (의지재료) (의지재료)","Z01",456,null,43287,"최종승인",6164,"조성문",43290,311792,"이레엠케어// 폐쇄-법인변경190101","2018-07-06","2018-07-13",1,"EA",2070000,1,2070000,1,2070000,43291,"결제",null,0,null,2070000,43291,2070000,43291,"상신","결재완료",2070000,43343,2070000,43343]
[1102,1000051492,10,"물품구매-의지상지(미관형의수/천*환/이*남/조*순/전*인/김*애/임*은)",1845601323,"의지상지 미관형의수 등 2종",10,"Z20010372","의지상지-미관형의수지실리콘 (의지재료) (의지재료)","Z01",456,null,43287,"최종승인",9620,"임성은",43290,300508,"두손의수","2018-07-06","2018-07-13",2,"EA",51901,1,103802,2,103802,43291,"결제",null,0,null,103802,43291,103802,43291,"상신","결재완료",103802,43343,103802,43343]
[1102,1000051541,10,"물품구매(ROTARY SHAFT 등 3건/법인카드)",1845601343,"스마트소켓/rotary shaft 등 3종",10,"Z20050607","스마트소켓(연구재료) (연구재료)","Z01",456,null,43297,"최종승인",27184,"배주환",43292,516506169,"스마트소켓-6169","2018-07-09","2018-07-23",6,"EA",16610,1,99660,6,99660,43291,"결제",null,0,null,99660,43291,99660,43291,"상신","결재완료",0,null,99660,43307]
[1102,1000051142,70,"물품구매(N-Abler II Flextion-Rotation Wrist Unit-W 외 6종)",1845601253,"직무지원/n abler 2 등 7종",70,"Z20050113","직무지원 연구재료 (연구재료) (연구재료)","Z01",456,null,43287,"최종승인",27961,"홍범기",43278,320868,"주식회사 온써지칼","2018-06-25","2018-07-13",1,"EA",105000,1,105000,1,105000,43287,"결제",null,0,null,105000,43287,105000,43287,"상신","결재완료",105000,43306,105000,43306]
[1102,1000051398,30,"물품구매(하지의지-한*현/유*종)",1845601280,"의지하지 하퇴용소켓 등 4종/한*현",30,"Z20010369","의지상지-미관형의수전자글러브레진(외산) (의지재료) (의지재료)","Z01",456,null,43285,"최종승인",8664,"유효종",43285,305386,"(주) 오토복코리아헬스케어","2018-07-04","2018-07-11",1,"EA",162000,1,162000,1,162000,43286,"결제",null,0,null,162000,43286,162000,43286,"상신","결재완료",162000,43343,162000,43343]
[1102,1000051401,40,"물품구매(유*수-정*일-윤*숙-권*도-이*국/유*선)",1845601289,"휠체어꺽기형 등 4종/유*수/정*일 등",40,"Z20010640","휠체어-침대형 HAL-48알루미늄(미키) (의지재료) (의지재료)","Z01",456,null,43284,"최종승인",26283,"유재선",43285,301882,"미키메디칼","2018-07-03","2018-07-10",1,"EA",690000,1,690000,1,690000,43285,"결제",null,0,null,690000,43285,690000,43285,"상신","결재완료",690000,43343,690000,43343]
[1102,1000051267,40,"물품구매 휠체어부품 /창원센터",1845601271,"휠체어수리 타이어 등 4종",40,"Z20120392","휠체어수리-튜브일반형휠로피아(24x13/8in) (의지재료) (의지재료)","Z01",456,null,43283,"최종승인",6166,"김현종",43283,301700,"(주)휠로피아","2018-07-02","2018-07-09",10,"EA",4400,1,44000,10,44000,43284,"결제",null,0,null,44000,43284,44000,43284,"상신","결재완료",44000,43343,44000,43343]
[1102,1300008539,10,"체크엠-대전청소용역비('18.6월)",1845800070,"대전-6월 청소 용역비",10,null,"체크엠-대전청소용역비('18.6월)","Z04",458,"서비스",43279,"최종승인",4473,"허관",43283,321668,"체크엠주식회사","2018-06-01","2018-06-30",1,"AU",518182,1,518182,1,518182,43281,"결제",null,0,null,518182,43281,518182,43281,"상신","결재완료",518182,43291,518182,43291]
[1102,1000050724,10,"물품구매(K-Leg 노즐-실린더 세트/세금계산서)",1845601081,"스마트소켓/k leg 노즐 실린더 세트",10,"Z20050607","스마트소켓(연구재료) (연구재료)","Z01",456,null,43276,"최종승인",8220,"신현준",43259,301754,"무한정밀","2018-06-07","2018-06-30",6,"EA",9090400,6,9090400,6,9090400,43280,"결제",null,0,null,9090400,43280,9090400,43280,"상신","결재완료",0,null,9090400,43291]
[1102,1000051138,10,"물품구매(Wearable Robot 개발 관련 전자 부품/세금계산서)",1845601254,"맞춤형근골격/웨어러블 로봇 개발관련 전자부품",10,"Z20050524","맞춤형근골격(연구재료) (연구재료)","Z01",456,null,43280,"최종승인",27685,"황석진",43278,320291,"에스제이전자","2018-06-25","2018-07-06",1,"EA",909920,1,909920,1,909920,43278,"결제",null,0,null,909920,43278,909920,43278,"상신","결재완료",0,null,909920,43306]
[1102,1000051157,170,"물품구매(기타재료)",1845601246,"보조기척추 등 29종",170,"Z20010338","소모품-P.P(5x120x240) (의지재료) (의지재료)","Z01",456,null,43277,"최종승인",26461,"조혜정",43277,301148,"신성메디칼","2018-06-26","2018-07-03",3,"EA",65000,1,195000,3,195000,43278,"결제",null,0,null,195000,43278,195000,43278,"상신","결재완료",195000,43312,195000,43312]
[1102,1000051170,30,"물품구매(매트-곽*수)",1845601248,"욕창예방매트리스 등 6종/곽*수",30,"Z20010544","의지하지-실리콘싹스향균젤라이너대퇴용(독일산) (의지재료) (의지재료)","Z01",456,null,43277,"최종승인",9144,"정창희",43278,305386,"(주) 오토복코리아헬스케어","2018-06-26","2018-07-03",1,"EA",515000,1,515000,1,515000,43278,"결제",null,0,null,515000,43278,515000,43278,"상신","결재완료",515000,43312,515000,43312]
[1102,1000051080,110,"물품구매(소모품)",1845601245,"소모품 티렌치 등 20종",110,"Z20011000","소모품-몽키세트","Z01",456,null,43277,"최종승인",26461,"조혜정",43277,301148,"신성메디칼","2018-06-22","2018-07-03",1,"EA",40000,1,40000,1,40000,43277,"결제",null,0,null,40000,43277,40000,43277,"상신","결재완료",40000,43312,40000,43312]
[1102,1000051103,30,"물품구매 소모품 /창원센터",1845601221,"소모품 석고붕대 등 8종",30,"Z20010221","소모품-썰린(10x40x40) (의지재료) (의지재료)","Z01",456,null,43273,"최종승인",6166,"김현종",43276,301148,"신성메디칼","2018-06-22","2018-06-29",10,"EA",40000,1,400000,10,400000,43277,"결제",null,0,null,400000,43277,400000,43277,"상신","결재완료",400000,43312,400000,43312]
[1102,1000051112,10,"기타",1845601226,"휠체어수리 등 2종",10,"Z20120433","휠체어수리-핸드림알루미늄미키코리아(22,24in) (의지재료) (의지재료","Z01",456,null,43273,"최종승인",26283,"유재선",43276,309507,"미키코리아(주)","2018-06-22","2018-06-29",2,"EA",40000,1,80000,2,80000,43277,"결제",null,0,null,80000,43277,80000,43277,"상신","결재완료",80000,43312,80000,43312]
[1102,1000051153,10,"물품구매(의지하지-김*수/조*정)",1845601244,"의지하지 renew silicone/김*수",10,"Z20010989","의지하지-Renew Silicone (맞춤형 실리콘) (의지재료) (의지","Z01",456,null,43277,"최종승인",26461,"조혜정",43277,301263,"성림교역","2018-06-25","2018-07-03",3,"EA",80000,1,240000,3,240000,43277,"결제",null,0,null,240000,43277,240000,43277,"상신","결재완료",240000,43312,240000,43312]
[1102,1000051048,20,"물품구매(근전전동의수 더미 등 2종)",1845601209,"자체 시험상용화/근전전동의수 더미 등 2종",20,"Z20050062","상지-반자동의수 (연구재료) (연구재료)","Z01",456,null,43272,"최종승인",26292,"오혜정",43273,305386,"(주) 오토복코리아헬스케어","2018-06-21","2018-06-28",1,"EA",363000,1,363000,1,363000,43276,"결제",null,0,null,363000,43276,363000,43276,"상신","결재완료",363000,43291,363000,43291]
[1102,1000051111,20,"물품구매(전*식/유*선)",1845601227,"휠체어꺽기형 등 2종/전*식",20,"Z20120431","휠체어수리-핸드림스텐미키(22,24in) (의지재료) (의지재료)","Z01",456,null,43273,"최종승인",26283,"유재선",43276,301882,"미키메디칼","2018-06-22","2018-06-29",2,"EA",22728,1,45456,2,45456,43276,"결제",null,0,null,45456,43276,45456,43276,"상신","결재완료",45456,43312,45456,43312]
[1102,1000051129,90,"물품구매(실리콘-윤*호)",1845601234,"의지하지 실리콘싹스 등 10종",90,"Z20010368","의지상지-미관형의수실리콘리갈(외산) (의지재료) (의지재료)","Z01",456,null,43276,"최종승인",9144,"정창희",43277,301263,"성림교역","2018-06-22","2018-07-02",2,"EA",230000,1,460000,2,460000,43276,"결제",null,0,null,460000,43276,460000,43276,"상신","결재완료",460000,43312,460000,43312]
[1102,1000050947,10,"물품구매(의지하지-최*준,이*철/김*동)",1845601180,"의지하지 실리콘싹스 등 4종/최*준/이*철",10,"Z20010893","의지하지-실리콘싹스(아이스로스 씰인 X-TF) (의지재료)","Z01",456,null,43269,"최종승인",8129,"김동혁",43271,301434,"오서코리아주식회사","2018-06-18","2018-06-25",1,"EA",465000,1,465000,1,465000,43273,"결제",null,0,null,465000,43273,465000,43273,"상신","결재완료",465000,43312,465000,43312]
[1102,1000051019,10,"물품구매(기타재료)",1845601190,"의지상지 미관형의수전자글러브",10,"Z20010369","의지상지-미관형의수전자글러브레진(외산) (의지재료) (의지재료)","Z01",456,null,43271,"최종승인",26461,"조혜정",43272,305386,"(주) 오토복코리아헬스케어","2018-06-20","2018-06-27",6,"EA",162000,1,972000,6,972000,43273,"결제",null,0,null,972000,43273,972000,43273,"상신","결재완료",972000,43312,972000,43312]
[1102,1000050975,10,"물품구매-소모품/임*은",1845601175,"소모품 젤렉스 등 5종",10,"Z20010259","소모품-젤렉스(A급) (의지재료) (의지재료)","Z01",456,null,43270,"최종승인",9620,"임성은",43271,301148,"신성메디칼","2018-06-19","2018-06-26",5,"EA",31000,1,155000,5,155000,43272,"결제",null,0,null,155000,43272,155000,43272,"상신","결재완료",155000,43312,155000,43312]
[1102,1000050992,20,"물품구매(하지의지-윤*운)손*호",1845601179,"의지하지 실리콘싹스 등 2종/윤*운",20,"Z20010570","의지하지-흡입밸브실린라이너대퇴용(미국산) (의지재료) (의지재료)","Z01",456,null,43270,"최종승인",6167,"손진호",43271,301434,"오서코리아주식회사","2018-06-19","2018-06-26",1,"EA",95000,1,95000,1,95000,43271,"결제",null,0,null,95000,43271,95000,43271,"상신","결재완료",95000,43312,95000,43312]
[1102,1000050750,10,"물품구매(초소형 4축 하이브리드 제작 1건/세금계산서)",1845601100,"스마트소켓/초소형 4축 하이브리드제어기 제작",10,"Z20050607","스마트소켓(연구재료) (연구재료)","Z01",456,null,43301,"최종승인",6138,"박세훈",43263,317337,"에스아이지아이","2018-05-11","2018-07-27",1,"EA",5445000,1,5445000,1,5445000,43270,"결제",null,0,null,5445000,43270,5445000,43270,"상신","결재완료",0,null,5445000,43276]
[1102,1000050894,10,"물품구매 의지상지 송*국 외 /창원센터",1845601132,"의지상지 미관형의수 등 2종/송*국 등",10,"Z20010368","의지상지-미관형의수실리콘리갈(외산) (의지재료) (의지재료)","Z01",456,null,43266,"최종승인",6166,"김현종",43269,301263,"성림교역","2018-06-15","2018-06-22",2,"EA",230000,1,460000,2,460000,43270,"결제",null,0,null,460000,43270,460000,43270,"상신","결재완료",460000,43312,460000,43312]
[1102,1000050909,60,"물품구매(직무형 인공발/하이랜더 등 6종)",1845601151,"자체 시험상용화/직무형 인공발 하이랜더 등 6종",60,"Z20050297","하지-엔도라이트 에스프리트 (연구재료)","Z01",456,null,43266,"최종승인",26292,"오혜정",43269,301263,"성림교역","2018-06-15","2018-06-22",1,"EA",1220000,1,1220000,1,1220000,43270,"결제",null,0,null,1220000,43270,1220000,43270,"상신","결재완료",1220000,43276,1220000,43276]
[1102,1000050942,30,"물품구매(휠체어-이*욱)",1845601161,"휠체어활동형 등 3종/이*욱",30,"Z20130024","욕창예방방석공기격자형-커트로 (의지재료) (의지재료)","Z01",456,null,43269,"최종승인",9144,"정창희",43270,319782,"주식회사 티오엠모빌리티 (TOM MOBILITY)-폐쇄","2018-06-18","2018-06-25",2,"EA",370000,1,740000,2,740000,43270,"결제",null,0,null,740000,43270,740000,43270,"상신","결재완료",740000,43312,740000,43312]
[1102,1000051000,20,"물품구매(직무형 인공발/트리아스 등 4종)",1845601196,"자체 시험상용화/직무형 인공발 트리아스 등 4종",20,"Z20050654","하지-은색스크류밸브(연구재료) (연구재료)","Z01",456,null,43270,"최종승인",26292,"오혜정",43272,305386,"(주) 오토복코리아헬스케어","2018-06-19","2018-06-26",1,"EA",138000,1,138000,1,138000,43270,"결제",null,0,null,138000,43270,138000,43270,"상신","결재완료",138000,43291,138000,43291]
[1102,1000050843,30,"물품구매/의지재료/황*서/윤*우/정*애/조*문",1845601114,"의지하지 단축발발목장식 등 3종/황*서/윤*우/정*애",30,"Z20010369","의지상지-미관형의수전자글러브레진(외산) (의지재료) (의지재료)","Z01",456,null,43265,"최종승인",6164,"조성문",43266,305386,"(주) 오토복코리아헬스케어","2018-06-14","2018-06-21",1,"EA",162000,1,162000,1,162000,43269,"결제",null,0,null,162000,43269,162000,43269,"상신","결재완료",162000,43312,162000,43312]
[1102,1000050871,10,"물품구매(하지의지-손*근)/손*호",1845601130,"의지하지 발트리아스/손*근",10,"Z20010581","의지하지-발트리아스(독일산) (의지재료) (의지재료)","Z01",456,null,43265,"최종승인",6167,"손진호",43266,305386,"(주) 오토복코리아헬스케어","2018-06-14","2018-06-21",1,"EA",730000,1,730000,1,730000,43269,"결제",null,0,null,730000,43269,730000,43269,"상신","결재완료",730000,43312,730000,43312]
[1102,1000050831,10,"물품구매-활동형휠체어(신*욱/권*상/임*은)",1845601109,"휠체어활동형 등 2종/신*욱/권*상",10,"Z20120610","휠체어-활동형-노바제로-티오엠모빌리티 (의지재료)","Z01",456,null,43263,"최종승인",9620,"임성은",43265,319782,"주식회사 티오엠모빌리티 (TOM MOBILITY)-폐쇄","2018-06-12","2018-06-19",1,"EA",720000,1,720000,1,720000,43266,"결제",null,0,null,720000,43266,720000,43266,"상신","결재완료",720000,43312,720000,43312]
[1102,1000050555,20,"물품구매(motor shaft holder 등 5건/세금계산서)",1845601048,"스마트소켓/motor shaft holder 등 5종",20,"Z20050607","스마트소켓(연구재료) (연구재료)","Z01",456,null,43259,"최종승인",26891,"박진국",43255,301759,"창신정공","2018-05-31","2018-06-15",2,"EA",92400,1,184800,2,184800,43263,"결제",null,0,null,184800,43263,184800,43263,"상신","결재완료",0,null,184800,43276]
[1102,1000050767,10,"물품구매(문*덕-박*주-김*하-여*호-김*복-양*래-이*영/유*선)",1845601088,"휠체어꺽기형 등 4종/문*덕/박*주/김*하 등",10,"Z20120055","휠체어꺽기형-미라지7일반형미키 (의지재료) (의지재료)","Z01",456,null,43259,"최종승인",26283,"유재선",43262,301882,"미키메디칼","2018-06-08","2018-06-15",4,"EA",440000,1,1760000,4,1760000,43263,"결제",null,0,null,1760000,43263,1760000,43263,"상신","결재완료",1760000,43312,1760000,43312]
[1102,1000050780,10,"물품구매 집뇨기 /창원센터",1845601093,"집뇨기유린백",10,"Z20130035","집뇨기유린백-외산1000(외산1000cc) (의지재료) (의지재료)","Z01",456,null,43259,"최종승인",6166,"김현종",43262,301700,"(주)휠로피아","2018-06-08","2018-06-15",10,"EA",54000,1,540000,10,540000,43263,"결제",null,0,null,540000,43263,540000,43263,"상신","결재완료",540000,43312,540000,43312]
[1102,1000050827,70,"물품구매(한*협,최*식,홍*성,고*테,김*열)전*만",1845601193,"휠체어꺽기형/김*규/윤*길",70,"Z20120317","휠체어수리-클린튜브일반형(24in) (의지재료) (의지재료)","Z01",456,null,43263,"최종승인",6160,"전영만",43272,309507,"미키코리아(주)","2018-06-12","2018-06-19",6,"EA",4000,1,24000,6,24000,43263,"결제",null,0,null,24000,43263,24000,43263,"상신","결재완료",24000,43312,24000,43312]
[1102,1000050770,10,"기타",1845601085,"소모품 엘보클럿치 등 2종",10,"Z20120022","소모품-엘보클럿치대세 (의지재료) (의지재료)","Z01",456,null,43259,"최종승인",26283,"유재선",43262,306977,"(주)대세엠케어 경인지점 (인천)","2018-06-08","2018-06-15",20,"EA",8000,1,160000,20,160000,43262,"결제",null,0,null,160000,43262,160000,43262,"상신","결재완료",160000,43312,160000,43312]
[1102,1000050721,20,"물품구매(하지의지-김*수/유*종)",1845601072,"의지하지 실리콘싹스 등 2종/김*수",20,"Z20010722","의지하지-더모웨이브락킹(오서) (의지재료)","Z01",456,null,43256,"최종승인",8664,"유효종",43259,301434,"오서코리아주식회사","2018-06-05","2018-06-12",1,"EA",398000,1,398000,1,398000,43259,"결제",null,0,null,398000,43259,398000,43259,"상신","결재완료",398000,43312,398000,43312]
[1102,1000050625,10,"물품구매(의지하지-설*원,김*곤,박*일/김*선)",1845601052,"의지하지 실리콘싹스 등 3종/설*원/김*곤",10,"Z20010532","의지하지-실리콘싹스컴포트하퇴용(외산) (의지재료) (의지재료)","Z01",456,null,43252,"최종승인",6675,"김훈선",43256,301434,"오서코리아주식회사","2018-06-01","2018-06-08",1,"EA",338000,1,338000,1,338000,43258,"결제",null,0,null,338000,43258,338000,43258,"상신","결재완료",338000,43312,338000,43312]
[1102,1000050629,10,"물품구매 매트리스 박*덕 외 /창원센터",1845601049,"욕창예방매트리스/박*덕 등",10,"Z20130015","욕창예방매트리스교대부양형-Md300(800x1800x100mm) (의지재","Z01",456,null,43252,"최종승인",6166,"김현종",43255,301766,"은혜메디칼","2018-06-01","2018-06-08",2,"EA",380000,1,760000,2,760000,43256,"결제",null,0,null,760000,43256,760000,43256,"상신","결재완료",760000,43312,760000,43312]
[1102,1000050646,80,"물품구매(황*수-최*구-김*진-이*환/유*선)",1845601046,"활동형휠체어 등 9종",80,"Z20120395","휠체어수리-튜브전동용(14in) (의지재료) (의지재료)","Z01",456,null,43252,"최종승인",26283,"유재선",43255,301700,"(주)휠로피아","2018-06-01","2018-06-08",2,"EA",8000,1,16000,2,16000,43256,"결제",null,0,null,16000,43256,16000,43256,"상신","결재완료",16000,43312,16000,43312]
[1102,1000049943,20,"물품구매 (Filament True Black 등 3건/ 세금계산서)",1845600820,"스마트소켓/filamwnt true black 등 3종",20,"Z20050607","스마트소켓(연구재료) (연구재료)","Z01",456,null,43244,"최종승인",27826,"전만기",43224,320878,"(주) 영일교육시스템","2018-05-03","2018-05-31",2,"EA",108400,1,216800,2,216800,43251,"결제",null,0,null,216800,43251,216800,43251,"상신","결재완료",0,null,216800,43262]
[1102,1000050506,30,"물품구매(방석-차*기)",1845601037,"욕창예방방석 등 5종/차*기",30,"Z20010545","의지하지-실리콘싹스향균젤라이너하퇴용(독일산) (의지재료) (의지재료)","Z01",456,null,43251,"최종승인",9144,"정창희",43251,305386,"(주) 오토복코리아헬스케어","2018-05-29","2018-06-07",4,"EA",235000,1,940000,4,940000,43251,"결제",null,0,null,940000,43251,940000,43251,"상신","결재완료",940000,43280,940000,43280]
[1102,1000050426,40,"물품구매 의지하지/창원센터",1845601010,"의지하지 발 등 4종",40,"Z20010461","의지하지-무릎회전장식Bk(국산) (의지재료) (의지재료)","Z01",456,null,43245,"최종승인",8445,"차민국",43248,302514,"비케이메디텍","2018-05-25","2018-06-01",5,"EA",177670,1,888350,5,888350,43249,"결제",null,0,null,888350,43249,888350,43249,"상신","결재완료",888350,43280,888350,43280]
[1102,1000050483,20,"물품구매-(실리콘의수/정*자/양*희/배*용/임*은)",1845601028,"의지상지 미관형의수 등 2종/정*자/양*희",20,"Z20010367","의지상지-미관형의수실리콘두손 (의지재료) (의지재료)","Z01",456,null,43248,"최종승인",9620,"임성은",43250,300508,"두손의수","2018-05-25","2018-06-01",1,"EA",213099,1,213099,1,213099,43249,"결제",null,0,null,213099,43249,213099,43249,"상신","결재완료",213099,43280,213099,43280]
[1102,1000050498,30,"물품구매(실리콘싹스)",1845601027,"소모품 등 6종",30,"Z20010706","의지하지-셔틀락용피라미드(대만) (의지재료)","Z01",456,null,43249,"최종승인",9144,"정창희",43249,301263,"성림교역","2018-05-28","2018-06-05",5,"EA",30000,1,150000,5,150000,43249,"결제",null,0,null,150000,43249,150000,43249,"상신","결재완료",150000,43280,150000,43280]
[1102,1500022236,200,"물품구매(샤프 등 47건/세금계산서)",1845600980,"맞춤형근골격/로얄블루 샤프 등 47종",200,null,"드림메탈펜꽂이(대)","Z06",456,null,43244,"최종승인",27158,"정보라",43244,323112,"(주) 드림디포구월점","2018-05-24","2018-06-07",4,"EA",4000,1,16000,4,16000,43249,"결제",null,0,null,16000,43249,16000,43249,"상신","결재완료",0,null,16000,43262]
[1102,1500022236,350,"물품구매(샤프 등 47건/세금계산서)",1845600980,"맞춤형근골격/로얄블루 샤프 등 47종",350,null,"대형클리어화일","Z06",456,null,43244,"최종승인",27158,"정보라",43244,323112,"(주) 드림디포구월점","2018-05-24","2018-06-07",2,"EA",7000,1,14000,2,14000,43249,"결제",null,0,null,14000,43249,14000,43249,"상신","결재완료",0,null,14000,43262]
[1102,1500022236,430,"물품구매(샤프 등 47건/세금계산서)",1845600980,"맞춤형근골격/로얄블루 샤프 등 47종",430,null,"스카치다용도","Z06",456,null,43244,"최종승인",27158,"정보라",43244,323112,"(주) 드림디포구월점","2018-05-24","2018-06-07",2,"EA",1200,1,2400,2,2400,43249,"결제",null,0,null,2400,43249,2400,43249,"상신","결재완료",0,null,2400,43262]
[1102,1000050435,40,"물품구매(폼카바)",1845601006,"의지하지 폼카바대퇴용 등 4종",40,"Z20010336","소모품-P.P(3x120x240) (의지재료) (의지재료)","Z01",456,null,43245,"최종승인",9144,"정창희",43248,301148,"신성메디칼","2018-05-25","2018-06-01",3,"EA",40000,1,120000,3,120000,43248,"결제",null,0,null,120000,43248,120000,43248,"상신","결재완료",120000,43280,120000,43280]
[1102,1000050331,40,"물품구매(기타재료)",1845600964,"소모품 등 5종",40,"Z20010714","소모품-국산양말(Thin,H-35cm) (의지재료)","Z01",456,null,43241,"최종승인",26461,"조혜정",43241,301263,"성림교역","2018-05-21","2018-05-28",20,"EA",3500,1,70000,20,70000,43245,"결제",null,0,null,70000,43245,70000,43245,"상신","결재완료",70000,43280,70000,43280]
[1102,1000050308,10,"물품구매(keel fix adapter/세금계산서)",1845600969,"스마트소켓/keel fix adapter",10,"Z20050607","스마트소켓(연구재료) (연구재료)","Z01",456,null,43252,"최종승인",26891,"박진국",43243,301759,"창신정공","2018-05-18","2018-06-08",3,"EA",261800,1,785400,3,785400,43244,"결제",null,0,null,785400,43244,785400,43244,"상신","결재완료",0,null,785400,43262]
[1102,1000050387,10,"물품구매(최*진-양*석-안*철-김*성-황*용-장*석-강*옥/유*선)",1845600991,"휠체어꺽기형 등 4종/최*진 등",10,"Z20120055","휠체어꺽기형-미라지7일반형미키 (의지재료) (의지재료)","Z01",456,null,43243,"최종승인",26283,"유재선",43245,301882,"미키메디칼","2018-05-23","2018-05-30",4,"EA",440000,1,1760000,4,1760000,43244,"결제",null,0,null,1760000,43244,1760000,43244,"상신","결재완료",1760000,43280,1760000,43280]
[1102,1000050294,10,"물품구매/미관형의수(실리콘)박*남/조*문",1845600954,"의지상지 미관형의수/박*남",10,"Z20010367","의지상지-미관형의수실리콘두손 (의지재료) (의지재료)","Z01",456,null,43238,"최종승인",6164,"조성문",43241,300508,"두손의수","2018-05-18","2018-05-25",1,"EA",213099,1,213099,1,213099,43243,"결제",null,0,null,213099,43243,213099,43243,"상신","결재완료",213099,43280,213099,43280]
[1102,1000050306,20,"물품구매 소모품 /창원센터",1845600960,"의지하지 폼카바대퇴용 등 5종",20,"Z20010174","소모품-석고소석고2급b(25kg) (의지재료) (의지재료)","Z01",456,null,43238,"최종승인",6166,"김현종",43241,301148,"신성메디칼","2018-05-18","2018-05-25",5,"EA",16800,1,84000,5,84000,43243,"결제",null,0,null,84000,43243,84000,43243,"상신","결재완료",84000,43280,84000,43280]
[1102,1000050339,30,"물품구매(미관형의수-노*수)",1845600973,"의지상지 미관형의수 등 3종/노*수",30,"Z20010838","의지하지-미관형족지레진(두손) (의지재료)","Z01",456,null,43241,"최종승인",9144,"정창희",43244,300508,"두손의수","2018-05-21","2018-05-28",1,"EA",90000,1,90000,1,90000,43243,"결제",null,0,null,90000,43243,90000,43243,"상신","결재완료",90000,43280,90000,43280]
[1102,1000050263,20,"물품구매(기타재료)",1845600943,"소모품 등 2종",20,"Z20010341","소모품-P.P외산(4x120x240) (의지재료) (의지재료)","Z01",456,null,43237,"최종승인",26461,"조혜정",43238,305386,"(주) 오토복코리아헬스케어","2018-05-17","2018-05-24",3,"EA",96000,1,288000,3,288000,43241,"결제",null,0,null,288000,43241,288000,43241,"상신","결재완료",288000,43280,288000,43280]
[1102,1000050395,20,"물품구매/의지재료(소모품)/조*문",1845600978,"소모품 콜크 등 4종",20,"Z20010880","하지의지-발프리덤외피(의지재료) (의지재료)","Z01",456,null,43244,"최종승인",6164,"조성문",43244,301263,"성림교역","2018-05-17","2018-05-31",1,"EA",160000,1,160000,1,160000,43241,"결제",null,0,null,160000,43241,160000,43241,"상신","결재완료",160000,43280,160000,43280]
[1102,1000050259,10,"물품구매(보조기하지-이*호/조*정)",1845600913,"보조기하지 긴다리보조기/이*호",10,"Z20010996","보조기하지-긴다리보조기반자동장식일제(성림)","Z01",456,null,43237,"최종승인",26461,"조혜정",43237,301263,"성림교역","2018-05-17","2018-05-24",2,"EA",309000,1,618000,2,618000,43238,"결제",null,0,null,618000,43238,618000,43238,"상신","결재완료",618000,43280,618000,43280]
[1102,1000050196,10,"물품구매-욕창매트리스/한*재/임*은",1845600907,"욕창예방매트리스/한*재",10,"Z20130001","욕창예방매트리스공기격자형-국산(870x1970x65mm) (의지재료) (","Z01",456,null,43235,"최종승인",9620,"임성은",43237,323411,"주식회사씰테크 용인지점","2018-05-15","2018-05-22",1,"EA",1300000,1,1300000,1,1300000,43237,"결제",null,0,null,1300000,43237,1300000,43237,"상신","결재완료",1300000,43280,1300000,43280]
[1102,1000050206,30,"물품구매(김*복-정*기/유*선)",1845600919,"휠체어활동형 등 3종/김*복/정*기",30,"Z20120371","휠체어수리-타이어J2용미키(22,24x1in) (의지재료) (의지재료)","Z01",456,null,43235,"최종승인",26283,"유재선",43237,309507,"미키코리아(주)","2018-05-15","2018-05-22",20,"EA",8000,1,160000,20,160000,43237,"결제",null,0,null,160000,43237,160000,43237,"상신","결재완료",160000,43280,160000,43280]
[1102,1500022148,20,"물품구매(프린터 토너(검정등 4건/세금계산서)",1845600873,"직무지원/컬러프린트 토너 4종",20,null,"프린터 토너 (파랑)","Z06",456,null,43236,"최종승인",6898,"고창용",43237,321731,"주식회사 소명시스템","2018-05-16","2018-05-30",1,"EA",118182,1,118182,1,118182,43237,"결제",null,0,null,118182,43237,118182,43237,"상신","결재완료",118182,43245,118182,43245]
[1102,1000050079,50,"물품구매(하지의지-김*호,오*혁,김*덕,라*식,이*오/천*민)",1845600884,"의지하지 프로플렉스 등 6종/김*호/오*혁 등",50,"Z20010532","의지하지-실리콘싹스컴포트하퇴용(외산) (의지재료) (의지재료)","Z01",456,null,43229,"최종승인",27784,"천성민",43237,301434,"오서코리아주식회사","2018-05-09","2018-05-16",1,"EA",338000,1,338000,1,338000,43236,"결제",null,0,null,338000,43236,338000,43236,"상신","결재완료",338000,43280,338000,43280]
[1102,1000050207,20,"물품구매(위*민-김*철/유*선)",1845600921,"휠체어꺽기형 등 3종/김*철/위*민",20,"Z20120055","휠체어꺽기형-미라지7일반형미키 (의지재료) (의지재료)","Z01",456,null,43235,"최종승인",26283,"유재선",43237,301882,"미키메디칼","2018-05-15","2018-05-22",1,"EA",440000,1,440000,1,440000,43236,"결제",null,0,null,440000,43236,440000,43236,"상신","결재완료",440000,43280,440000,43280]
[1102,1500022093,10,"물품구매(잉크 등 3종)",1845600874,"컬러프린터 토너 3종",10,null,"컬러프린트 잉크(컬러)","Z06",456,null,43234,"최종승인",26292,"오혜정",43237,321731,"주식회사 소명시스템","2018-05-14","2018-05-21",5,"EA",30000,1,150000,5,150000,43236,"결제",null,0,null,150000,43236,150000,43236,"상신","결재완료",150000,43245,150000,43245]
[1102,1000050122,10,"물품구매 집뇨기 /창원센터",1845600897,"집뇨기유린백",10,"Z20130035","집뇨기유린백-외산1000(외산1000cc) (의지재료) (의지재료)","Z01",456,null,43231,"최종승인",6166,"김현종",43237,301700,"(주)휠로피아","2018-05-11","2018-05-18",20,"EA",54000,1,1080000,20,1080000,43235,"결제",null,0,null,1080000,43235,1080000,43235,"상신","결재완료",1080000,43280,1080000,43280]
[1102,1000050210,30,"물품구매(미관형의수-신*철)",1845600914,"의지상지 미관형의수 등 6종",30,"Z20010526","의지하지-실리콘싹스이지락킹(미국산) (의지재료) (의지재료)","Z01",456,null,43235,"최종승인",9144,"정창희",43237,301263,"성림교역","2018-05-14","2018-05-22",1,"EA",330000,1,330000,1,330000,43235,"결제",null,0,null,330000,43235,330000,43235,"상신","결재완료",330000,43280,330000,43280]
[1102,1000050182,10,"물품구매(김*규)전*만",1845600923,"의지하지 실리콘싹스/김*규",10,"Z20010526","의지하지-실리콘싹스이지락킹(미국산) (의지재료) (의지재료)","Z01",456,null,43234,"최종승인",6160,"전영만",43237,301263,"성림교역","2018-05-14","2018-05-21",1,"EA",330000,1,330000,1,330000,43234,"결제",null,0,null,330000,43234,330000,43234,"상신","결재완료",330000,43280,330000,43280]
[1102,1000050107,10,"물품구매(이*승-최*범-정*원-강*기/유*선)",1845600870,"휠체어활동형 등 2종/이*승/최*범 등",10,"Z20120610","휠체어-활동형-노바제로-티오엠모빌리티 (의지재료)","Z01",456,null,43230,"최종승인",26283,"유재선",43230,319782,"주식회사 티오엠모빌리티 (TOM MOBILITY)-폐쇄","2018-05-10","2018-05-17",4,"EA",720000,1,2880000,4,2880000,43231,"결제",null,0,null,2880000,43231,2880000,43231,"상신","결재완료",2880000,43280,2880000,43280]
[1102,1000050056,10,"물품구매(하지의지-김*성/유*종)",1845600862,"의지하지 실리콘싹스 등 3종/김*성",10,"Z20010546","의지하지-실리콘싹스X5씰린대퇴용(미국산) (의지재료) (의지재료)","Z01",456,null,43228,"최종승인",8664,"유효종",43230,301434,"오서코리아주식회사","2018-05-08","2018-05-15",1,"EA",600000,1,600000,1,600000,43230,"결제",null,0,null,600000,43230,600000,43230,"상신","결재완료",600000,43280,600000,43280]
[1102,1000049965,10,"물품구매/휠체어(소모품)/조*문",1845600844,"휠체어수리 타이어 등 8종",10,"Z20120340","휠체어수리-타이어일반형미키(22,24in) (의지재료) (의지재료)","Z01",456,null,43224,"최종승인",6164,"조성문",43228,309507,"미키코리아(주)","2018-05-04","2018-05-11",4,"EA",7000,1,28000,4,28000,43229,"결제",null,0,null,28000,43229,28000,43229,"상신","결재완료",28000,43280,28000,43280]
[1102,1000049968,30,"물품구매/미관형의수(실리콘)/박*중/조*문",1845600845,"의지상지 미관형의수 등 3종/박*중",30,"Z20010179","소모품-석고칼손잡이반원형(반원형외산) (의지재료) (의지재료)","Z01",456,null,43224,"최종승인",6164,"조성문",43228,301263,"성림교역","2018-05-04","2018-05-11",1,"EA",30000,1,30000,1,30000,43229,"결제",null,0,null,30000,43229,30000,43229,"상신","결재완료",30000,43280,30000,43280]
[1102,1000050010,20,"물품구매 방석 안*익 외 /창원센터",1845600848,"욕창예방방석 등 2종/안*익",20,"Z20130029","욕창예방방석공기격자형-Smdub0003(8x9x5) (의지재료) (의지재","Z01",456,null,43228,"최종승인",6166,"김현종",43228,311792,"이레엠케어// 폐쇄-법인변경190101","2018-05-08","2018-05-15",5,"EA",230000,1,1150000,5,1150000,43229,"결제",null,0,null,1150000,43229,1150000,43229,"상신","결재완료",1150000,43280,1150000,43280]
[1102,1500022041,40,"물품구매(컬러프린터 토너(검정)등 6종)",1845600852,"휠체어안전표준화/컬러프린터 토넌 등 6종",40,null,"컬러프린터토너(노랑)","Z06",456,null,43228,"최종승인",27377,"정성배",43229,321731,"주식회사 소명시스템","2018-05-08","2018-05-11",1,"EA",99000,1,99000,1,99000,43229,"결제",null,0,null,99000,43229,99000,43229,"상신","결재완료",0,null,99000,43245]
[1102,1000050007,80,"기타",1845600836,"휠체어수리 배터리 등 11종",80,"Z20120358","휠체어수리-타이어전동용휠로피아(16in) (의지재료) (의지재료)","Z01",456,null,43224,"최종승인",26283,"유재선",43228,301700,"(주)휠로피아","2018-05-04","2018-05-11",4,"EA",18000,1,72000,4,72000,43228,"결제",null,0,null,72000,43228,72000,43228,"상신","결재완료",72000,43280,72000,43280]
[1102,1000049962,10,"물품구매(구두-최*태)",1845600841,"보조기구두/최*태",10,"Z20010610","보조기구두-특수보조화(목이높은구두) (의지재료) (의지재료)","Z01",456,null,43223,"최종승인",9144,"정창희",43228,322794,"편한메디케어(폐업-190120)","2018-05-03","2018-05-10",1,"EA",160000,1,160000,1,160000,43224,"결제",null,0,null,160000,43224,160000,43224,"상신","결재완료",160000,43280,160000,43280]
[1102,1000049815,20,"물품구매(직무형인공발/씨에라 등 8종)",1845600801,"자체 시험상용화/직무형 인공발 등 8종",20,"Z20050095","하지-프리덤 씨에라풋 (연구재료)","Z01",456,null,43220,"최종승인",26292,"오혜정",43220,301263,"성림교역","2018-04-30","2018-05-07",1,"EA",1790000,1,1790000,1,1790000,43223,"결제",null,0,null,1790000,43223,1790000,43223,"상신","결재완료",1790000,43230,1790000,43230]
[1102,1000049742,10,"물품구매(리튬이온배터리외 1건/세금계산서)",1845600771,"스마트어시스트/리튬이온배터리등",10,"Z20050649","스마트어시스트(연구재료)","Z01",456,null,43215,"최종승인",6363,"홍응표",43216,321458,"한국그린에너지(주)","2018-04-25","2018-04-30",1,"EA",1815000,1,1815000,1,1815000,43220,"결제",null,0,null,1815000,43220,1815000,43220,"상신","결재완료",0,null,1815000,43230]
[1102,1000049650,40,"물품구매(battery sticker 외 3건)",1845600766,"직무지원/배터리스티커 등 4종",40,"Z20050113","직무지원 연구재료 (연구재료)","Z01",456,null,43213,"최종승인",27961,"홍범기",43215,303142,"이삭광고","2018-04-23","2018-04-30",1,"EA",20000,1,20000,1,20000,43217,"결제",null,0,null,20000,43217,20000,43217,"상신","결재완료",20000,43230,20000,43230]
[1102,1000049775,20,"물품구매(욕창예방방석/커트로/이*성/의지재료)",1845600793,"욕창예방방석 등 4종/이*성 등",20,"Z20130003","욕창예방매트리스공기격자형-커트로(860x2040x89mm) (의지재료)","Z01",456,null,43217,"최종승인",26292,"오혜정",43220,319782,"주식회사 티오엠모빌리티 (TOM MOBILITY)-폐쇄","2018-04-27","2018-05-04",1,"EA",1650000,1,1650000,1,1650000,43217,"결제",null,0,null,1650000,43217,1650000,43217,"상신","결재완료",1650000,43251,1650000,43251]
[1102,1000049712,80,"물품구매(의지재료/천*민)",1845600783,"소모품 썰린 등 18종",80,"Z20010095","소모품-나이론낙하산줄(낙하산줄) (의지재료)","Z01",456,null,43215,"최종승인",27784,"천성민",43217,301148,"신성메디칼","2018-04-24","2018-05-02",1,"EA",40000,1,40000,1,40000,43216,"결제",null,0,null,40000,43216,40000,43216,"상신","결재완료",40000,43251,40000,43251]
[1102,1000049752,10,"물품구매(임*호)전*만",1845600788,"욕창예방방석/임*호",10,"Z20130024","욕창예방방석공기격자형-커트로 (의지재료)","Z01",456,null,43216,"최종승인",6160,"전영만",43217,305386,"(주) 오토복코리아헬스케어","2018-04-26","2018-05-03",1,"EA",370000,1,370000,1,370000,43216,"결제",null,0,null,370000,43216,370000,43216,"상신","결재완료",370000,43251,370000,43251]
[1102,1000049654,10,"물품구매-의지하지(실리콘라이너/박*윤/임*은)",1845600758,"의지하지 컴포트웨이브/박*윤",10,"Z20010723","의지하지-컴포트웨이브(오서)","Z01",456,null,43213,"최종승인",9620,"임성은",43214,301434,"오서코리아주식회사","2018-04-23","2018-04-30",1,"EA",338000,1,338000,1,338000,43215,"결제",null,0,null,338000,43215,338000,43215,"상신","결재완료",338000,43251,338000,43251]
[1102,1000049592,60,"물품구매/의지재료(소모품)/조*문",1845600722,"소모품 pp 등 12종",60,"Z20010318","소모품-필라이트(외산5mm) (의지재료)","Z01",456,null,43209,"최종승인",6164,"조성문",43210,305386,"(주) 오토복코리아헬스케어","2018-04-19","2018-04-26",2,"EA",79000,1,158000,2,158000,43214,"결제",null,0,null,158000,43214,158000,43214,"상신","결재완료",158000,43251,158000,43251]
[1102,1000049636,30,"물품구매 수부 /창원센터",1845600729,"의지상지 미관형의수 등 3종",30,"Z20010363","의지상지-미관형의수레진두손 (의지재료)","Z01",456,null,43210,"최종승인",6166,"김현종",43213,300508,"두손의수","2018-04-20","2018-04-27",2,"EA",90000,1,180000,2,180000,43214,"결제",null,0,null,180000,43214,180000,43214,"상신","결재완료",180000,43251,180000,43251]
[1102,1000049686,30,"물품구매(실리콘라이너-김*수)",1845600763,"의지하지 시리콘싹스 등 3종/김*수",30,"Z20010700","의지하지-실리콘싹스컴포트쿠션라이너3mm(외산)","Z01",456,null,43215,"최종승인",9144,"정창희",43215,301434,"오서코리아주식회사","2018-04-23","2018-05-02",1,"EA",338000,1,338000,1,338000,43214,"결제",null,0,null,338000,43214,338000,43214,"상신","결재완료",338000,43251,338000,43251]
[1102,1000049645,30,"물품구매(홍*연,장*선,이*구)전*만",1845600750,"휠체어 침대형 등 3종/홍*연/장*선",30,"Z20120055","휠체어꺽기형-미라지7일반형미키 (의지재료)","Z01",456,null,43213,"최종승인",6160,"전영만",43214,309507,"미키코리아(주)","2018-04-23","2018-04-30",1,"EA",440000,1,440000,1,440000,43213,"결제",null,0,null,440000,43213,440000,43213,"상신","결재완료",440000,43251,440000,43251]
[1102,1000049506,110,"물품구매/의지재료(소모품)/조*문",1845600696,"소모품 등 50종",110,"Z20010224","소모품-아세톤 (의지재료)","Z01",456,null,43207,"최종승인",6164,"조성문",43208,301148,"신성메디칼","2018-04-17","2018-04-24",5,"EA",3200,1,16000,5,16000,43210,"결제",null,0,null,16000,43210,16000,43210,"상신","결재완료",16000,43251,16000,43251]
[1102,1000049506,130,"물품구매/의지재료(소모품)/조*문",1845600696,"소모품 등 50종",130,"Z20010218","소모품-실리콘이형제(420g) (의지재료)","Z01",456,null,43207,"최종승인",6164,"조성문",43208,301148,"신성메디칼","2018-04-17","2018-04-24",5,"EA",3000,1,15000,5,15000,43210,"결제",null,0,null,15000,43210,15000,43210,"상신","결재완료",15000,43251,15000,43251]
[1102,1000049506,280,"물품구매/의지재료(소모품)/조*문",1845600696,"소모품 등 50종",280,"Z20010148","소모품-벨크로2미터(2in) (의지재료)","Z01",456,null,43207,"최종승인",6164,"조성문",43208,301148,"신성메디칼","2018-04-17","2018-04-24",2,"EA",30000,1,60000,2,60000,43210,"결제",null,0,null,60000,43210,60000,43210,"상신","결재완료",60000,43251,60000,43251]
[1102,1000049506,440,"물품구매/의지재료(소모품)/조*문",1845600696,"소모품 등 50종",440,"Z20010715","소모품-사각고리 1\"","Z01",456,null,43207,"최종승인",6164,"조성문",43208,301148,"신성메디칼","2018-04-17","2018-04-24",500,"EA",25,1,12500,500,12500,43210,"결제",null,0,null,12500,43210,12500,43210,"상신","결재완료",12500,43251,12500,43251]
[1102,1000049551,50,"물품구매(휠체어-정*각)",1845600709,"휠체어활동형 등 7종/정*각",50,"Z20120405","휠체어수리-튜브활동형미키(22,24in) (의지재료)","Z01",456,null,43208,"최종승인",9144,"정창희",43209,309507,"미키코리아(주)","2018-04-18","2018-04-25",22,"EA",6000,1,132000,22,132000,43210,"결제",null,0,null,132000,43210,132000,43210,"상신","결재완료",132000,43251,132000,43251]
[1102,1000049591,60,"물품구매(미관형의수-이*호)",1845600742,"의지상지 미관형의수 등 7종/이*호",60,"Z20010424","의지하지-단축발알미늄세트(중국산) (의지재료)","Z01",456,null,43209,"최종승인",9144,"정창희",43213,301263,"성림교역","2018-04-19","2018-04-26",4,"EA",162000,1,648000,4,648000,43210,"결제",null,0,null,648000,43210,648000,43210,"상신","결재완료",648000,43251,648000,43251]
[1102,1000049651,10,"물품구매(방석)",1845600749,"욕창예방방석",10,"Z20130029","욕창예방방석공기격자형-Smdub0003(8x9x5) (의지재료)","Z01",456,null,43213,"최종승인",9144,"정창희",43213,323411,"주식회사씰테크 용인지점","2018-04-19","2018-04-30",5,"EA",230000,1,1150000,5,1150000,43210,"결제",null,0,null,1150000,43210,1150000,43210,"상신","결재완료",1150000,43251,1150000,43251]
[1102,1000049512,50,"물품구매(조*범/유*선)",1845600695,"휠체어전동형 등 5종/조*범",50,"Z20120223","휠체어수리-스쿠터용튜브11in4.00-4휠로피아(11in) (의지재료)","Z01",456,null,43206,"최종승인",26283,"유재선",43208,301700,"(주)휠로피아","2018-04-16","2018-04-23",4,"EA",6000,1,24000,4,24000,43209,"결제",null,0,null,24000,43209,24000,43209,"상신","결재완료",24000,43251,24000,43251]
[1102,1000049515,20,"물품구매(김*순-곽*성/유*선)",1845600693,"휠체어꺽기형 등 4종/김*순/곽*성",20,"Z20010641","휠체어-꺽기형미라지7 드럼브레이크(미키) (의지재료)","Z01",456,null,43206,"최종승인",26283,"유재선",43208,301882,"미키메디칼","2018-04-16","2018-04-23",1,"EA",490000,1,490000,1,490000,43208,"결제",null,0,null,490000,43208,490000,43208,"상신","결재완료",490000,43251,490000,43251]
[1102,1000049481,30,"물품구매 수부 /창원센터",1845600683,"의지상지 미관형의수 등 3종",30,"Z20010372","의지상지-미관형의수지실리콘 (의지재료)","Z01",456,null,43203,"최종승인",6166,"김현종",43206,300508,"두손의수","2018-04-13","2018-04-20",1,"EA",51901,1,51901,1,51901,43207,"결제",null,0,null,51901,43207,51901,43207,"상신","결재완료",51901,43251,51901,43251]
[1102,1000049493,40,"물품구매/의지재료(소모품)/PVA백/조*문",1845600690,"소모품 등 5종",40,"Z20010345","소모품-P.V.A외산(10in)-성림 (의지재료)","Z01",456,null,43203,"최종승인",6164,"조성문",43206,301263,"성림교역","2018-04-13","2018-04-20",1,"EA",88000,1,88000,1,88000,43207,"결제",null,0,null,88000,43207,88000,43207,"상신","결재완료",88000,43251,88000,43251]
[1102,1000048844,10,"물품구매요구(더스트씰 등 3건/세금계산서)",1845600498,"직무지원/vari seal 등 3종",10,"Z20050113","직무지원 연구재료 (연구재료)","Z01",456,null,43189,"최종승인",26346,"정성윤",43182,321519,"(주) 우성종합씰","2018-03-21","2018-04-13",10,"EA",18000,1,180000,10,180000,43203,"결제",null,0,null,180000,43203,180000,43203,"상신","결재완료",180000,43215,180000,43215]
[1102,1000049346,20,"물품구매(의지재료/천*민)",1845600653,"소모품 노끈 등 8종",20,"Z20010174","소모품-석고소석고2급b(25kg) (의지재료)","Z01",456,null,43199,"최종승인",27784,"천성민",43202,301148,"신성메디칼","2018-04-09","2018-04-16",20,"EA",16800,1,336000,20,336000,43203,"결제",null,0,null,336000,43203,336000,43203,"상신","결재완료",336000,43251,336000,43251]
[1102,1000049465,10,"물품구매(욕창예방방석/커트로/김*묵/의지재료)",1845600676,"욕창예방방석/김*묵",10,"Z20130024","욕창예방방석공기격자형-커트로 (의지재료)","Z01",456,null,43202,"최종승인",26292,"오혜정",43203,319782,"주식회사 티오엠모빌리티 (TOM MOBILITY)-폐쇄","2018-04-12","2018-04-19",1,"EA",370000,1,370000,1,370000,43203,"결제",null,0,null,370000,43203,370000,43203,"상신","결재완료",370000,43251,370000,43251]
[1102,1000049408,10,"기타",1845600671,"휠체어수리 배터리",10,"Z20120172","휠체어수리-배터리휠로피아(12V50AH) (의지재료)","Z01",456,null,43201,"최종승인",26283,"유재선",43203,301700,"(주)휠로피아","2018-04-11","2018-04-18",2,"EA",95000,1,190000,2,190000,43202,"결제",null,0,null,190000,43202,190000,43202,"상신","결재완료",190000,43251,190000,43251]
[1102,1500021656,70,"물품구매(사무용품(1공 펀치 등 35건)/세금계산서)",1845600668,"사무용품 35종",70,null,"인덱스 노트","Z06",456,null,43200,"최종승인",27158,"정보라",43202,323112,"(주) 드림디포구월점","2018-04-10","2018-04-20",11,"EA",7000,1,77000,11,77000,43202,"결제",null,0,null,77000,43202,77000,43202,"상신","결재완료",0,null,77000,43215]
[1102,1500021656,230,"물품구매(사무용품(1공 펀치 등 35건)/세금계산서)",1845600668,"사무용품 35종",230,null,"서류함","Z06",456,null,43200,"최종승인",27158,"정보라",43202,323112,"(주) 드림디포구월점","2018-04-10","2018-04-20",2,"EA",37600,1,75200,2,75200,43202,"결제",null,0,null,75200,43202,75200,43202,"상신","결재완료",0,null,75200,43215]
[1102,1000049331,10,"물품구매-휠체어소모품/임*은",1845600635,"휠체어수리 시트 등 9종",10,"Z20120237","휠체어수리-시트J2(36x44cm) (의지재료)","Z01",456,null,43199,"최종승인",9620,"임성은",43199,309507,"미키코리아(주)","2018-04-09","2018-04-16",7,"EA",25000,1,175000,7,175000,43201,"결제",null,0,null,175000,43201,175000,43201,"상신","결재완료",175000,43251,175000,43251]
[1102,1000049331,90,"물품구매-휠체어소모품/임*은",1845600635,"휠체어수리 시트 등 9종",90,"Z20120340","휠체어수리-타이어일반형미키(22,24in) (의지재료)","Z01",456,null,43199,"최종승인",9620,"임성은",43199,309507,"미키코리아(주)","2018-04-09","2018-04-16",4,"EA",7000,1,28000,4,28000,43201,"결제",null,0,null,28000,43201,28000,43201,"상신","결재완료",28000,43251,28000,43251]
[1102,1000049373,30,"물품구매(감마전조등우 등 6건 / 세금계산서)",1845600665,"스마트어시스트/감마전조등  등 6종",30,"Z20050649","스마트어시스트(연구재료)","Z01",456,null,43215,"최종승인",26940,"남기태",43202,301700,"(주)휠로피아","2018-04-10","2018-05-01",1,"EA",35200,1,35200,1,35200,43201,"결제",null,0,null,35200,43201,35200,43201,"상신","결재완료",0,null,35200,43215]
[1102,1000049316,10,"물품구매 소모품 /창원센터",1845600622,"소모품 수술용장갑 등 4종",10,"Z20010189","소모품-수술용장갑 (의지재료)","Z01",456,null,43196,"최종승인",6166,"김현종",43199,301148,"신성메디칼","2018-04-06","2018-04-13",5,"EA",10000,1,50000,5,50000,43200,"결제",null,0,null,50000,43200,50000,43200,"상신","결재완료",50000,43251,50000,43251]
[1102,1500021409,100,"물품구매(대구 서비스센터/천*민)",1845600580,"대구센터 가스토치 등 11종",100,null,"펀치세트","Z06",456,null,43186,"최종승인",27784,"천성민",43189,301148,"신성메디칼","2018-03-27","2018-04-10",2,"EA",128000,1,256000,2,256000,43200,"결제",null,0,null,256000,43200,256000,43200,"상신","결재완료",256000,43215,256000,43215]
[1102,1500021543,140,"전기용품(LED Bulb Lamp 등 16종)",1845600647,"led 램프 등 16종",140,null,"AL-KA Battery AAA1","Z06",456,null,43193,"최종승인",4473,"허관",43200,300045,"모아이엔티","2018-04-03","2018-04-16",20,"개",7000,20,7000,20,7000,43200,"결제",null,0,null,7000,43200,7000,43200,"상신","결재완료",7000,43215,7000,43215]
[1102,1100003635,50,"대구서비스센터 중량랙 구매",1845600612,"대구센터 중량랙 구매",50,null,"중량랙","Z02",456,null,43192,"최종승인",6164,"조성문",43193,323428,"유강앵글","2018-04-02","2018-04-20",1,"EA",200000,1,200000,1,200000,43199,"결제",null,0,null,200000,43199,200000,43199,"상신","결재완료",200000,43215,200000,43215]
[1102,1000049110,20,"물품구매(상지의지-서*희,노*욱,김*한,이*자,김*훈/양*호)",1845600599,"의지상지 미관형의수 등 2종/서*희 등",20,"Z20010379","의지상지-상박신경줄호스머(호스머) (의지재료)","Z01",456,null,43192,"최종승인",27264,"양철호",43192,301263,"성림교역","2018-04-02","2018-04-09",2,"EA",95000,1,190000,2,190000,43196,"결제",null,0,null,190000,43196,190000,43196,"상신","결재완료",190000,43251,190000,43251]
[1102,1000049195,20,"물품구매(정*길/유*선)",1845600610,"휠체어활동형 등 2종/정*길",20,"Z20120612","휠체어수리-앞바퀴조립-4~5\"노바제로용-티오엠모빌리티","Z01",456,null,43192,"최종승인",26283,"유재선",43192,319782,"주식회사 티오엠모빌리티 (TOM MOBILITY)-폐쇄","2018-04-02","2018-04-09",4,"EA",50000,1,200000,4,200000,43195,"결제",null,0,null,200000,43195,200000,43195,"상신","결재완료",200000,43251,200000,43251]
[1102,1000047824,30,"물품구매(소프트 써린 등 8건/세금계산서)",1845600220,"직무지원/antibacterial thermolyn soft colorless 등 8종",30,"Z20050113","직무지원 연구재료 (연구재료)","Z01",456,null,43157,"최종승인",6898,"고창용",43139,305386,"(주) 오토복코리아헬스케어","2018-02-05","2018-04-04",1,"EA",68000,1,68000,1,68000,43193,"결제",null,0,null,68000,43193,68000,43193,"상신","결재완료",68000,43215,68000,43215]
[1102,1000049142,10,"물품구매(직무형인공발씨에라 등 4종)",1845600630,"자체 시험상용화/직무형 인공발 등 4종",10,"Z20050095","하지-프리덤 씨에라풋 (연구재료)","Z01",456,null,43192,"최종승인",26292,"오혜정",43199,301263,"성림교역","2018-04-02","2018-04-09",1,"EA",1790000,1,1790000,1,1790000,43193,"결제",null,0,null,1790000,43193,1790000,43193,"상신","결재완료",1790000,43215,1790000,43215]
[1102,1300008082,10,"문서 출력 및 제본",1845600613,"휠체어안전표준화/문서출력 및 제본",10,null,"문서 출력 및 제본","Z04",456,"서비스",43192,"최종승인",26292,"오혜정",43193,303376,"대동상사","2018-04-02","2018-04-09",1,"AU",219780,1,219780,1,219780,43193,"결제",null,0,null,219780,43193,219780,43193,"상신","결재완료",0,null,219780,43215]
[1102,1100003584,30,"대구서비스센터 제작장비 및 비품 구매",1845600460,"대구센터 제작장비 및 비품 4종",30,null,"신경줄바이스","Z02",456,null,43173,"최종승인",6164,"조성문",43175,301148,"신성메디칼","2018-03-14","2018-03-31",1,"EA",200000,1,200000,1,200000,43189,"1000만원 미만",null,0,null,200000,43189,200000,43189,"상신","결재완료",200000,43200,200000,43200]
[1102,1500021449,90,"물품구매(수정테이프 등 21건/세금계산서)",1845600579,"스마트어시스트/수정테이프 등 21건",90,null,"멀티박스(그레이)","Z06",456,null,43188,"최종승인",27158,"정보라",43189,323112,"(주) 드림디포구월점","2018-03-29","2018-04-10",2,"EA",30400,1,60800,2,60800,43189,"결제",null,0,null,60800,43189,60800,43189,"상신","결재완료",0,null,60800,43200]
[1102,1000048879,40,"물품구매(상지의지 및 의지재료-이*영/천*민)",1845600517,"의지상지 전자의수 등 6종/이*영",40,"Z20010445","의지하지-대퇴무릎장식Bk공압식(4절공압식) (의지재료)","Z01",456,null,43182,"최종승인",27784,"천성민",43185,302514,"비케이메디텍","2018-03-23","2018-03-30",4,"EA",703500,1,2814000,4,2814000,43188,"결제",null,0,null,2814000,43188,2814000,43188,"상신","결재완료",2814000,43220,2814000,43220]
[1102,1000048933,20,"물품구매(의지재료/천*민)",1845600527,"소모품 멀티폼 등 2종",20,"Z20010175","소모품-석고연필(석고형외산) (의지재료)","Z01",456,null,43185,"최종승인",27784,"천성민",43186,301263,"성림교역","2018-03-26","2018-04-02",20,"EA",3000,1,60000,20,60000,43188,"결제",null,0,null,60000,43188,60000,43188,"상신","결재완료",60000,43220,60000,43220]
[1102,1000049025,40,"물품구매(실리콘-이*영)",1845600576,"의지하지 실리콘싹스 등 11종/이*영",40,"Z20010117","소모품-레진경화제(150g) (의지재료)","Z01",456,null,43187,"최종승인",9144,"정창희",43188,305386,"(주) 오토복코리아헬스케어","2018-03-28","2018-04-04",1,"EA",11000,1,11000,1,11000,43188,"결제",null,0,null,11000,43188,11000,43188,"상신","결재완료",11000,43220,11000,43220]
[1102,1000049025,70,"물품구매(실리콘-이*영)",1845600576,"의지하지 실리콘싹스 등 11종/이*영",70,"Z20010578","소모품-레진실링(4kg) (의지재료)","Z01",456,null,43187,"최종승인",9144,"정창희",43188,305386,"(주) 오토복코리아헬스케어","2018-03-28","2018-04-04",1,"EA",200000,1,200000,1,200000,43188,"결제",null,0,null,200000,43188,200000,43188,"상신","결재완료",200000,43220,200000,43220]
[1102,1000048985,20,"물품구매(작업용 의수 외피 등 6종)",1845600555,"자체 시험상용화/작업용 의수 외피 등 6종",20,"Z20050133","상지-작업용 의수 외피(오토복) (연구재료)","Z01",456,null,43186,"최종승인",26292,"오혜정",43187,305386,"(주) 오토복코리아헬스케어","2018-03-27","2018-04-03",1,"EA",162000,1,162000,1,162000,43187,"결제",null,0,null,162000,43187,162000,43187,"상신","결재완료",162000,43200,162000,43200]
[1102,1000048884,10,"물품구매-미관형의수(실리콘)/이*조,장*수,이*희/임*은",1845600529,"의지상지 미관형의수 등 2종/이*조/장*수/이*희",10,"Z20010367","의지상지-미관형의수실리콘두손 (의지재료)","Z01",456,null,43182,"최종승인",9620,"임성은",43186,300508,"두손의수","2018-03-23","2018-03-30",2,"EA",213099,1,426198,2,426198,43186,"결제",null,0,null,426198,43186,426198,43186,"상신","결재완료",426198,43220,426198,43220]
[1102,1000048889,20,"물품구매-실리콘라이너/유*철.김*진,장*수/임*은",1845600532,"의지하지 실리콘싹스 등 3종/유*철/김*진/장*수",20,"Z20010532","의지하지-실리콘싹스컴포트하퇴용(외산) (의지재료)","Z01",456,null,43182,"최종승인",9620,"임성은",43186,301434,"오서코리아주식회사","2018-03-23","2018-03-30",3,"EA",338000,1,1014000,3,1014000,43186,"결제",null,0,null,1014000,43186,1014000,43186,"상신","결재완료",1014000,43220,1014000,43220]
[1102,1000048930,10,"물품구매 휠체어시트 /창원센터",1845600535,"휠체어수리 시트",10,"Z20120230","휠체어수리-시트대세(32-50cm) (의지재료)","Z01",456,null,43185,"최종승인",6166,"김현종",43186,311593,"(주)대세엠.케어 (경남)","2018-03-26","2018-04-02",5,"EA",21818,1,109090,5,109090,43186,"결제",null,0,null,109090,43186,109090,43186,"상신","결재완료",109090,43220,109090,43220]
[1102,1000048948,10,"물품구매(HIP-SUB-B/K / 세금계산서)",1845600543,"맞춤형근골격/hip sub bk",10,"Z20050524","맞춤형근골격(연구재료)","Z01",456,null,43213,"최종승인",27685,"황석진",43186,304132,"조영승 (상윤산업)","2018-03-26","2018-04-28",5,"EA",22000,1,110000,5,110000,43186,"결제",null,0,null,110000,43186,110000,43186,"상신","결재완료",0,null,110000,43200]
[1102,1000048937,30,"물품구매(이*학,강*순,의지재료)전*만",1845600551,"보보기하지 등 6종/이*학/강*순 등",30,"Z20010338","소모품-P.P(5x120x240) (의지재료)","Z01",456,null,43185,"최종승인",6160,"전영만",43187,301148,"신성메디칼","2018-03-26","2018-04-02",3,"EA",65000,1,195000,3,195000,43185,"결제",null,0,null,195000,43185,195000,43185,"상신","결재완료",195000,43220,195000,43220]
[1102,1000048847,10,"물품구매(맞춤형구두-정*근 등 8명/천*민)",1845600497,"보조기구두 등 4종/정*근",10,"Z20010610","보조기구두-특수보조화(목이높은구두) (의지재료)","Z01",456,null,43181,"최종승인",27784,"천성민",43182,322794,"편한메디케어(폐업-190120)","2018-03-22","2018-03-29",4,"EA",120000,1,480000,4,480000,43182,"결제",null,0,null,480000,43181,480000,43182,"상신","결재완료",480000,43220,480000,43220]
[1102,1000048907,10,"물품구매(석고붕대)",1845600507,"소모품 석고붕대 등 5종",10,"Z20010170","소모품-석고붕대(10cm) (의지재료)","Z01",456,null,43182,"최종승인",9144,"정창희",43185,301148,"신성메디칼","2018-03-22","2018-03-30",60,"EA",1900,1,114000,60,114000,43182,"결제",null,0,null,114000,43182,114000,43182,"상신","결재완료",114000,43220,114000,43220]
[1102,1100003583,10,"전자공학실험실 모니터 구매",1845600462,"전자공학실험실 모니터 구매",10,null,"모니터","Z02",456,null,43173,"최종승인",4732,"이경진",43175,301528,"조달청(고지서전용)","2018-03-14","2018-03-31",4,"EA",836364,4,836364,4,836364,43182,"결제",null,0,null,836364,43182,836364,43182,"상신","결재완료",836364,43189,836364,43189]
[1102,1000048819,30,"물품구매(휠체어-이*원)",1845600493,"휠체어활동형 등 3종/이*원",30,"Z20120390","휠체어수리-튜브일반형미키(22,24in) (의지재료)","Z01",456,null,43180,"최종승인",9144,"정창희",43181,309507,"미키코리아(주)","2018-03-20","2018-03-28",10,"EA",4000,1,40000,10,40000,43180,"결제",null,0,null,40000,43180,40000,43180,"상신","결재완료",40000,43220,40000,43220]
[1102,1000048812,20,"물품구매 휠체어 신*영 외 /창원센터",1845600483,"휠체어활동형 등 3종/신*영 등",20,"Z20120449","휠체어스쿠터-케어라인디럭스 (의지재료)","Z01",456,null,43179,"최종승인",6166,"김현종",43180,311792,"이레엠케어// 폐쇄-법인변경190101","2018-03-20","2018-03-27",1,"EA",1613000,1,1613000,1,1613000,43179,"결제",null,0,null,1613000,43179,1613000,43179,"상신","결재완료",1613000,43220,1613000,43220]
[1102,1000048836,20,"물품구매 의지하지/창원센터",1845600495,"의지하지 락장식셔틀락키드 등 2종",20,"Z20010568","의지하지-회전조절오목소켓아답타 (의지재료)","Z01",456,null,43180,"최종승인",8445,"차민국",43181,301263,"성림교역","2018-03-20","2018-03-28",5,"EA",49000,1,245000,5,245000,43179,"결제",null,0,null,245000,43179,245000,43179,"상신","결재완료",245000,43220,245000,43220]
[1102,1000048755,10,"물품구매(김*길-이*영-최*헌/유*선)",1845600466,"휠체어활동형 등 2종/김*길/이*영/최*헌",10,"Z20120610","휠체어-활동형-노바제로-티오엠모빌리티","Z01",456,null,43175,"최종승인",26283,"유재선",43178,319782,"주식회사 티오엠모빌리티 (TOM MOBILITY)-폐쇄","2018-03-16","2018-03-23",3,"EA",720000,1,2160000,3,2160000,43178,"결제",null,0,null,2160000,43178,2160000,43178,"상신","결재완료",2160000,43220,2160000,43220]
[1102,1000048649,20,"물품구매(하지의지-조*제/유*종)",1845600457,"의지하지 대퇴무릎장식 등 3종/조*제",20,"Z20010369","의지상지-미관형의수전자글러브레진(외산) (의지재료)","Z01",456,null,43172,"최종승인",8664,"유효종",43174,305386,"(주) 오토복코리아헬스케어","2018-03-13","2018-03-20",1,"EA",162000,1,162000,1,162000,43174,"결제",null,0,null,162000,43174,162000,43174,"상신","결재완료",162000,43220,162000,43220]
[1102,1000048657,10,"물품구매요구(손가락 마디 모형기/세금계산서)",1845600452,"스마트소켓/손가락 마디 모형기",10,"Z20050607","스마트소켓(연구재료)","Z01",456,null,43173,"최종승인",26346,"정성윤",43174,323159,"디에스테크","2018-03-13","2018-03-21",1,"EA",1734700,1,1734700,1,1734700,43174,"결제",null,0,null,1734700,43174,1734700,43174,"상신","결재완료",0,null,1734700,43200]
[1102,1000048495,30,"물품구매(와셔0.2 등 3건/세금계산서)",1845600395,"스마트소켓/워셔 0.2 등 4종",30,"Z20050607","스마트소켓(연구재료)","Z01",456,null,43189,"최종승인",8220,"신현준",43167,301754,"무한정밀","2018-03-07","2018-04-06",1,"EA",40700,1,40700,1,40700,43173,"결제",null,0,null,40700,43173,40700,43173,"상신","결재완료",0,null,40700,43182]
[1102,1000048549,20,"물품구매(상지의지-안*욱,이*문,류*미,김*/양*호)",1845600430,"의지상지 미관형의수 등 3종/안*욱/이*문/류*미",20,"Z20010952","소모품-대퇴흡입보자기(성림)","Z01",456,null,43168,"최종승인",27264,"양철호",43171,301263,"성림교역","2018-03-09","2018-03-16",1,"EA",56000,1,56000,1,56000,43172,"결제",null,0,null,56000,43172,56000,43172,"상신","결재완료",56000,43220,56000,43220]
[1102,1000048592,30,"물품구매 휠체어 김*수 외  /창원센터",1845600421,"휠체어일반형 등 3종/김*수 등",30,"Z20120206","휠체어수리-브레이크활동형J2(활동형) (의지재료)","Z01",456,null,43168,"최종승인",6166,"김현종",43171,309507,"미키코리아(주)","2018-03-09","2018-03-16",7,"EA",22000,1,154000,7,154000,43172,"결제",null,0,null,154000,43172,154000,43172,"상신","결재완료",154000,43220,154000,43220]
[1102,1000048832,20,"물품구매(축용 CS형 스톱링/ 법인카드)",1845600514,"스마트어시스트/축용 cs형 스톱링 등 3종",20,"Z20050649","스마트어시스트(연구재료)","Z01",456,null,43179,"최종승인",6879,"김용철",43185,516589379,"스마트어시스트-9379","2018-03-13","2018-03-23",1000,"EA",23100,1000,23100,1000,23100,43172,"결제",null,0,null,23100,43172,23100,43172,"상신","결재완료",0,null,23100,43216]
[1102,1000048557,60,"물품구매(직무형 인공발 등 8종)",1845600411,"자체 시험상용화/직무형 인공발 등 8종",60,"Z20050085","하지-미국제 셔틀락 키트 (연구재료)","Z01",456,null,43167,"최종승인",26292,"오혜정",43168,301263,"성림교역","2018-03-08","2018-03-15",1,"EA",145000,1,145000,1,145000,43171,"결제",null,0,null,145000,43171,145000,43171,"상신","결재완료",145000,43182,145000,43182]
[1102,1000048205,90,"물품구매(솔더 마스크 등 12건/세금계산서)",1845600336,"직무지원/솔더마스크 등 12종",90,"Z20050113","직무지원 연구재료 (연구재료)","Z01",456,null,43182,"최종승인",27174,"이희태",43158,313051,"(주) 엘레파츠","2018-02-23","2018-03-30",50,"EA",620,1,31000,50,31000,43168,"결제",null,0,null,31000,43168,31000,43168,"상신","결재완료",31000,43182,31000,43182]
[1102,1000048533,10,"물품구매 (PP filament 등 2건/세금계산서)",1845600409,"직무지원/pp filament 등 2종",10,"Z20050113","직무지원 연구재료 (연구재료)","Z01",456,null,43220,"최종승인",6898,"고창용",43168,323283,"제이엠전자","2018-03-08","2018-05-08",2,"EA",97000,1,194000,2,194000,43168,"결제",null,0,null,194000,43168,194000,43168,"상신","결재완료",194000,43182,194000,43182]
[1102,1000048308,50,"물품구매(MCP7383XEV-DIBC 등 6건/세금계산서)",1845600386,"스마트소켓/mcp7383xev d1bc",50,"Z20050607","스마트소켓(연구재료)","Z01",456,null,43187,"최종승인",27174,"이희태",43166,320291,"에스제이전자","2018-02-28","2018-04-04",1,"EA",869000,1,869000,1,869000,43167,"결제",null,0,null,869000,43167,869000,43167,"상신","결재완료",0,null,869000,43182]
[1102,1000048316,10,"물품구매(SDS200i 절연 JTAG 에뮬레이터 등 2건/세금계산서)",1845600393,"맞춤형근골격/sds200i절연jtag에뮬레이터 등 2종",10,"Z20050524","맞춤형근골격(연구재료)","Z01",456,null,43244,"최종승인",27685,"황석진",43167,318666,"주식회사 싱크웍스","2018-02-28","2018-05-31",2,"EA",594000,1,1188000,2,1188000,43166,"결제",null,0,null,1188000,43166,1188000,43166,"상신","결재완료",0,null,1188000,43182]
[1102,1000048380,10,"물품구매 집뇨기 외 /창원센터",1845600351,"집뇨기유린백 등 6종",10,"Z20130035","집뇨기유린백-외산1000(외산1000cc) (의지재료)","Z01",456,null,43161,"최종승인",6166,"김현종",43164,301700,"(주)휠로피아","2018-03-02","2018-03-09",10,"EA",54000,1,540000,10,540000,43165,"결제",null,0,null,540000,43165,540000,43165,"상신","결재완료",540000,43220,540000,43220]
[1102,1000048450,10,"물품구매(오*성/유*선)",1845600376,"휠체어활동형/오*성",10,"Z20120610","휠체어-활동형-노바제로-티오엠모빌리티","Z01",456,null,43164,"최종승인",26283,"유재선",43165,319782,"주식회사 티오엠모빌리티 (TOM MOBILITY)-폐쇄","2018-03-05","2018-03-12",1,"EA",720000,1,720000,1,720000,43165,"결제",null,0,null,720000,43165,720000,43165,"상신","결재완료",720000,43220,720000,43220]
[1102,1000048460,10,"물품구매(하네스버클/법인카드)",1845600378,"맞춤형근골격/하네스 버클",10,"Z20050524","맞춤형근골격(연구재료)","Z01",456,null,43182,"최종승인",27607,"이종원",43165,516570269,"연구-0269(맞춤형근골격)","2018-03-05","2018-03-30",6,"EA",27230,1,163380,6,163380,43164,"결제",null,0,null,163380,43164,163380,43164,"상신","결재완료",0,null,163380,43185]
[1102,1000048207,40,"물품그매(toe limiter 3 등 5건/세금계산서)",1845600332,"스마트인공대체기/toe limiter 등 5종",40,"Z20050272","스마트인공대체기기(연구재료)","Z01",456,null,43161,"최종승인",26891,"박진국",43158,301759,"창신정공","2018-02-23","2018-03-09",10,"EA",4400,1,44000,10,44000,43159,"결제",null,0,null,44000,43159,44000,43159,"상신","결재완료",0,null,44000,43171]
[1102,1100003541,10,"창원서비스센터 공기청정기 구매",1845600372,"창원센터 공기청정기 구매",10,null,"공기청정기(AS281DAW)","Z02",456,null,43159,"최종승인",6155,"권영진",43164,507196932,"운영지원부-6932","2018-02-28","2018-03-23",1,"EA",899036,1,899036,1,899036,43159,"결제",null,0,null,899036,43159,899036,43159,"상신","결재완료",899036,43202,899036,43202]
[1102,1000048197,10,"물품구매 휠체어,방석 이*욱 /창원센터",1845600317,"전동휠체어 등 3종/이*욱",10,"Z20120597"," 전동휠체어- B-400KV","Z01",456,null,43154,"최종승인",6166,"김현종",43157,311792,"이레엠케어// 폐쇄-법인변경190101","2018-02-23","2018-03-02",1,"EA",2070000,1,2070000,1,2070000,43158,"결제",null,0,null,2070000,43158,2070000,43158,"상신","결재완료",2070000,43189,2070000,43189]
[1102,1500020977,20,"인공지능연구실 케이블 3종 구매",1845600331,"인공지능연구실 케이블 3종 구매",20,null,"HDMI 2.0 A2A 케이블","Z06",456,null,43158,"최종승인",26940,"남기태",43158,507196932,"운영지원부-6932","2018-02-27","2018-03-06",2,"EA",25709,2,25709,2,25709,43158,"결제",null,0,null,25709,43158,25709,43158,"상신","결재완료",25709,43202,25709,43202]
[1102,1000048221,20,"물품구매(박*금,장*청,김*순,이*순,이*순,박*성)전*만",1845600323,"보조기척추 등 3종/박*금/장*청 등",20,"Z20010036","보조기척추-Tlso몸통보조기 (의지재료)","Z01",456,null,43157,"최종승인",6160,"전영만",43158,322758,"오르텍주식회사","2018-02-26","2018-03-05",2,"EA",70000,1,140000,2,140000,43157,"결제",null,0,null,140000,43157,140000,43157,"상신","결재완료",140000,43189,140000,43189]
[1102,1000048121,40,"물품구매(상지,하지의지 및 의지재료-이*주,빈*영,박*규,김*배/천*민)",1845600291,"의지하지 단축발알미늄세트 등 5종",40,"Z20010977","보조기척추-아스펜 비스타 칼라","Z01",456,null,43152,"최종승인",27784,"천성민",43153,301263,"성림교역","2018-02-21","2018-02-28",1,"EA",65000,1,65000,1,65000,43154,"결제",null,0,null,65000,43154,65000,43154,"상신","결재완료",65000,43189,65000,43189]
[1102,1000048158,20,"물품구매(욕창예방방석/로호/정*호/의지재료)",1845600309,"욕창예방방석등 2종/정*호",20,"Z20130002","욕창예방매트리스공기격자형-로호(860x2040x89mm) (의지재료)","Z01",456,null,43154,"최종승인",26292,"오혜정",43157,305386,"(주) 오토복코리아헬스케어","2018-02-22","2018-03-02",1,"EA",1650000,1,1650000,1,1650000,43154,"결제",null,0,null,1650000,43154,1650000,43154,"상신","결재완료",1650000,43189,1650000,43189]
[1102,1000048278,40,"물품구매(렌치볼트 등 6건/ 법인카드)",1845600347,"스마트어시스트/렌치볼트 등 6종",40,"Z20050649","스마트어시스트(연구재료)","Z01",456,null,43158,"최종승인",6879,"김용철",43161,516589379,"스마트어시스트-9379","2018-02-23","2018-03-06",1,"EA",17820,1,17820,1,17820,43154,"결제",null,0,null,17820,43154,17820,43154,"상신","결재완료",0,null,17820,43185]
[1102,1000048076,10,"물품구매/미관형의수(실리콘)/김*삼/채*성/조*문",1845600281,"의지상지 미관형의수 등 3종/김*삼/채*성",10,"Z20010368","의지상지-미관형의수실리콘리갈(외산) (의지재료)","Z01",456,null,43151,"최종승인",6164,"조성문",43152,301263,"성림교역","2018-02-20","2018-02-27",2,"EA",230000,1,460000,2,460000,43153,"결제",null,0,null,460000,43153,460000,43153,"상신","결재완료",460000,43189,460000,43189]
[1102,1000048151,10,"물품구매(기타)",1845600293,"소모품 워커지그재그보행기",10,"Z20120031","소모품-워커지그재그보행기대세 (의지재료)","Z01",456,null,43152,"최종승인",26298,"강호선",43153,306977,"(주)대세엠케어 경인지점 (인천)","2018-02-21","2018-02-28",2,"EA",25000,1,50000,2,50000,43153,"결제",null,0,null,50000,43153,50000,43153,"상신","결재완료",50000,43189,50000,43189]
[1102,1000047995,10,"물품구매(직무형인공발/베리플렉스LP 등 5종)",1845600273,"자체 시험상용화/하지 베리플렉스 등 5종",10,"Z20050304","하지-베리플렉스LP(오서)","Z01",456,null,43143,"최종승인",26292,"오혜정",43150,301434,"오서코리아주식회사","2018-02-12","2018-02-19",1,"EA",1870000,1,1870000,1,1870000,43150,"결제",null,0,null,1870000,43150,1870000,43150,"상신","결재완료",1870000,43168,1870000,43168]
[1102,1000048000,30,"물품구매(손가락의지 등 8종)",1845600267,"자체 시험상용화/손가락의지 등 8종",30,"Z20050644","상지-손의지(연구재료)","Z01",456,null,43143,"최종승인",26292,"오혜정",43150,305173,"한국보훈복지의료공단중앙보훈병원","2018-02-12","2018-02-19",1,"EA",768000,1,768000,1,768000,43150,"결제",null,0,null,768000,43150,768000,43150,"상신","결재완료",768000,43168,768000,43168]
[1102,1000047929,10,"물품구매(상지의지-박*이/유*종)",1845600259,"의지상지 미관형의수/박*이",10,"Z20010369","의지상지-미관형의수전자글러브레진(외산) (의지재료)","Z01",456,null,43140,"최종승인",8664,"유효종",43143,305386,"(주) 오토복코리아헬스케어","2018-02-09","2018-02-16",2,"EA",162000,1,324000,2,324000,43144,"결제",null,0,null,324000,43144,324000,43144,"상신","결재완료",324000,43189,324000,43189]
[1102,1000047961,40,"물품구매 소모품 /창원센터",1845600253,"소모품 전기인두 등 4종",40,"Z20010276","소모품-카타칼大(10개입) (의지재료)","Z01",456,null,43140,"최종승인",6166,"김현종",43143,301148,"신성메디칼","2018-02-09","2018-02-16",20,"EA",1350,1,27000,20,27000,43144,"결제",null,0,null,27000,43144,27000,43144,"상신","결재완료",27000,43189,27000,43189]
[1102,1000047968,20,"물품구매(미관형의수-김*자)",1845600261,"의지상지 미관형의수 등 2종/김*자",20,"Z20010372","의지상지-미관형의수지실리콘 (의지재료)","Z01",456,null,43143,"최종승인",9144,"정창희",43143,300508,"두손의수","2018-02-12","2018-02-19",4,"EA",51901,1,207604,4,207604,43144,"결제",null,0,null,207604,43144,207604,43144,"상신","결재완료",207604,43189,207604,43189]
[1102,1000047988,30,"물품구매(훈련용 근육보조 테이프 등 3건 / 법인카드 6932)",1845600274,"직무지원/훈련용 근육보조 테이프 등 3종",30,"Z20050113","직무지원 연구재료 (연구재료)","Z01",456,null,43164,"최종승인",27520,"최혁재",43150,507196932,"운영지원부-6932","2018-02-12","2018-03-12",2,"EA",19092,1,38184,2,38184,43143,"결제",null,0,null,38184,43143,38184,43143,"상신","결재완료",38184,43171,38184,43171]
[1102,1000047896,60,"물품구매(의지재료/천*민)",1845600231,"소모품 전기테이프 등 20종",60,"Z20010218","소모품-실리콘이형제(420g) (의지재료)","Z01",456,null,43139,"최종승인",27784,"천성민",43140,301148,"신성메디칼","2018-02-08","2018-02-15",10,"EA",3000,1,30000,10,30000,43140,"결제",null,0,null,30000,43140,30000,43140,"상신","결재완료",30000,43189,30000,43189]
[1102,1000047896,200,"물품구매(의지재료/천*민)",1845600231,"소모품 전기테이프 등 20종",200,"Z20010759","소모품-EVA스폰지(10mm)","Z01",456,null,43139,"최종승인",27784,"천성민",43140,301148,"신성메디칼","2018-02-08","2018-02-15",1,"EA",25000,1,25000,1,25000,43140,"결제",null,0,null,25000,43140,25000,43140,"상신","결재완료",25000,43189,25000,43189]
[1102,1000047915,10,"물품구매(욕창예방매트리스/MD300/김*석/의지재료)",1845600236,"욕창예방매트리스 등 2종/김*석",10,"Z20130015","욕창예방매트리스교대부양형-Md300(800x1800x100mm) (의지재","Z01",456,null,43140,"최종승인",26292,"오혜정",43140,301766,"은혜메디칼","2018-02-08","2018-02-16",1,"EA",380000,1,380000,1,380000,43140,"결제",null,0,null,380000,43140,380000,43140,"상신","결재완료",380000,43189,380000,43189]
[1102,1000047864,10,"물품구매요구(모조 모델링 베이스/세금계산서)",1845600210,"스마트소켓/mojo modelling bases",10,"Z20050607","스마트소켓(연구재료)","Z01",456,null,43137,"최종승인",26346,"정성윤",43138,316949,"(주)프로토텍","2018-02-06","2018-02-13",1,"EA",118800,1,118800,1,118800,43139,"결제",null,0,null,118800,43139,118800,43139,"상신","결재완료",0,null,118800,43154]
[1102,1000047844,10,"물품구매(황*익/강*선)",1845600201,"휠체어일반형 등 2종/황*익",10,"Z20120557","휠체어일반형-이클립스+바퀴분리형 휠로피아 (의지재료)","Z01",456,null,43137,"최종승인",26298,"강호선",43138,301700,"(주)휠로피아","2018-02-06","2018-02-13",1,"EA",400000,1,400000,1,400000,43138,"결제",null,0,null,400000,43138,400000,43138,"상신","결재완료",400000,43189,400000,43189]
[1102,1000047574,70,"물품구매(손가락 Ass'y 교환 등 8건/세금계산서)",1845600178,"직무지원/손가락 ass`y 교환 등 8종",70,"Z20050113","직무지원 연구재료 (연구재료)","Z01",456,null,43143,"최종승인",27174,"이희태",43133,302514,"비케이메디텍","2018-01-29","2018-02-19",1,"EA",255000,1,255000,1,255000,43137,"결제",null,0,null,255000,43137,255000,43137,"상신","결재완료",255000,43154,255000,43154]
[1102,1000047766,10,"물품구매 소모품 /창원센터",1845600183,"소모품 필라이트 등 3종",10,"Z20010317","소모품-필라이트(외산3mm) (의지재료)","Z01",456,null,43133,"최종승인",6166,"김현종",43136,305386,"(주) 오토복코리아헬스케어","2018-02-02","2018-02-09",1,"EA",53000,1,53000,1,53000,43137,"결제",null,0,null,53000,43137,53000,43137,"상신","결재완료",53000,43189,53000,43189]
[1102,1500020711,10,"일부인(예산통제 도장)",1845600202,"예산통제 도장",10,null,"일부인(예산통제 도장)","Z06",456,null,43136,"최종승인",4752,"이은아",43138,303142,"이삭광고","2018-02-05","2018-02-09",1,"EA",45000,1,45000,1,45000,43137,"결제",null,0,null,45000,43137,45000,43137,"상신","결재완료",45000,43143,45000,43143]
[1102,1100003481,10,"동작분석실험실 포터블SSD 구매",1845600208,"동작분석실 포터블SSD",10,null,"포터블SSD","Z02",456,null,43136,"최종승인",27158,"정보라",43138,507196932,"운영지원부-6932","2018-02-05","2018-02-14",1,"EA",775000,1,775000,1,775000,43136,"결제",null,0,null,775000,43136,775000,43136,"상신","결재완료",775000,43171,775000,43171]
[1102,1000047535,20,"물품구매(박*선/강*선)",1845600142,"휠체어거상형 등 3종/박*선",20,"Z20120419","휠체어수리-팔받이미키(大,中,小 ) (의지재료)","Z01",456,null,43126,"최종승인",26298,"강호선",43129,301882,"미키메디칼","2018-01-26","2018-02-02",10,"EA",10909,1,109090,10,109090,43131,"결제",null,0,null,109090,43131,109090,43131,"상신","결재완료",109090,43159,109090,43159]
[1102,1000047496,10,"물품구매(의지재료/천*민)",1845600122,"의지하지 실리콘싹스",10,"Z20010507","의지하지-실리콘싹스국산(국산) (의지재료)","Z01",456,null,43125,"최종승인",27784,"천성민",43126,303282,"메텍스 [폐업]180206 코스텍으로 변경","2018-01-25","2018-02-01",3,"EA",100000,1,300000,3,300000,43130,"결제",null,0,null,300000,43130,300000,43130,"상신","결재완료",300000,43159,300000,43159]
[1102,1000047512,60,"물품구매 상지하지/창원센터",1845600140,"의지하지 발목장식 등 7종",60,"Z20010369","의지상지-미관형의수전자글러브레진(외산) (의지재료)","Z01",456,null,43126,"최종승인",8445,"차민국",43129,305386,"(주) 오토복코리아헬스케어","2018-01-26","2018-02-02",4,"EA",162000,1,648000,4,648000,43130,"결제",null,0,null,648000,43130,648000,43130,"상신","결재완료",648000,43159,648000,43159]
[1102,1300007585,10,"중앙소방이엔지-소방점검('18.1월)",1845800004,"1월 소방점검",10,null,"중앙소방이엔지-소방점검('18.1월)","Z04",458,"서비스",43116,"최종승인",4473,"허관",43129,302183,"(주) 중앙소방이앤지","2018-01-01","2018-01-31",1,"AU",180000,1,180000,1,180000,43129,"결제",null,0,null,180000,43129,180000,43129,"상신","결재완료",180000,43140,180000,43140]
[1102,1500020616,100,"복사용지등 사무용",1845600161,"복사용지 등 사무용품 13종 구매",100,null,"프러스펜","Z06",456,null,43130,"최종승인",4752,"이은아",43131,303191,"인성","2018-01-29","2018-02-02",1,"EA",5818,1,5818,1,5818,43129,"결제",null,0,null,5818,43129,5818,43129,"상신","결재완료",5818,43140,5818,43140]
[1102,1000047488,10,"물품구매(욕창예방방석/forever4040/이*길/의지재료)",1845600148,"욕창예방방석/이*길",10,"Z20130025","욕창예방방석공기격자형-Forever4044 (의지재료)","Z01",456,null,43125,"최종승인",26292,"오혜정",43129,303862,"(주) 영원메디칼","2018-01-26","2018-02-01",1,"EA",200000,1,200000,1,200000,43126,"결제",null,0,null,200000,43126,200000,43126,"상신","결재완료",200000,43159,200000,43159]
[1102,1500020541,40,"물품구매(컬러프린트토너(검정) 등 4건/세금계산서)",1845600105,"직무지원/컬러프린터 등 4종",40,null,"컬러프린트토너(노랑)","Z06",456,null,43123,"최종승인",27158,"정보라",43124,321731,"주식회사 소명시스템","2018-01-23","2018-01-30",1,"EA",80000,1,80000,1,80000,43125,"결제",null,0,null,80000,43125,80000,43125,"상신","결재완료",80000,43140,80000,43140]
[1102,1300007550,10,"안전보건기술원-산업안전점검('18.1월)",1845800002,"1월 산업안전점검",10,null,"안전보건기술원-산업안전점검('18.1월)","Z04",458,"서비스",43109,"최종승인",4473,"허관",43124,304163,"케이아이안전보건기술원(주) 지점","2018-01-01","2018-01-31",1,"AU",180000,1,180000,1,180000,43124,"결제",null,0,null,180000,43124,180000,43124,"상신","결재완료",180000,43140,180000,43140]
[1102,1000047363,10,"물품구매(이*길/강*선)",1845600090,"휠체어침대형/이*길",10,"Z20120619","휠체어침대형-P.7005파트너(대세)","Z01",456,null,43122,"최종승인",26298,"강호선",43123,306977,"(주)대세엠케어 경인지점 (인천)","2018-01-22","2018-01-29",1,"EA",450000,1,450000,1,450000,43123,"결제",null,0,null,450000,43123,450000,43123,"상신","결재완료",450000,43159,450000,43159]
[1102,1000047295,20,"물품구매(욕창예방매트리스/AD1200TUBE/이*만/의지재료)",1845600076,"욕창예방매트리스 등 2종/이*만",20,"Z20130008","욕창예방매트리스교대부양형-Ad1300(860x2300x110mm) (의지","Z01",456,null,43118,"최종승인",26292,"오혜정",43119,303862,"(주) 영원메디칼","2018-01-19","2018-01-25",1,"EA",450000,1,450000,1,450000,43119,"결제",null,0,null,450000,43119,450000,43119,"상신","결재완료",450000,43159,450000,43159]
[1102,1000047160,10,"물품구매(의지하지-신*열,최*경,김*득/김*동)",1845600063,"의지하지 실리콘삭스 등 2종/신*열/최*경/김*득",10,"Z20010532","의지하지-실리콘싹스컴포트하퇴용(외산) (의지재료)","Z01",456,null,43115,"최종승인",8219,"김수동",43118,301434,"오서코리아주식회사","2018-01-15","2018-01-22",2,"EA",338000,1,676000,2,676000,43118,"결제",null,0,null,676000,43118,676000,43118,"상신","결재완료",676000,43159,676000,43159]
[1102,1000047201,40,"물품구매/휠체어(소모품)/이*진/조*문",1845600057,"휠체어수리 등 11종",40,"Z20120281","휠체어수리-요크J2 (의지재료)","Z01",456,null,43116,"최종승인",6164,"조성문",43118,309507,"미키코리아(주)","2018-01-16","2018-01-23",2,"EA",60000,1,120000,2,120000,43118,"결제",null,0,null,120000,43118,120000,43118,"상신","결재완료",120000,43159,120000,43159]
[1102,1000047144,20,"물품구매(의지재료/천*민)",1845600049,"의지하지 실리콘싹스 등 2종",20,"Z20010805","의지하지-실리콘싹스자석용라이너(국산)","Z01",456,null,43112,"최종승인",27784,"천성민",43115,303282,"메텍스 [폐업]180206 코스텍으로 변경","2018-01-12","2018-01-19",2,"EA",118000,1,236000,2,236000,43117,"결제",null,0,null,236000,43117,236000,43117,"상신","결재완료",236000,43159,236000,43159]
[1102,1000047145,10,"물품구매(상지의지 및 의지재료-조*운,김*철,황*자/천*민)",1845600050,"의지상지 미관형의수 등 4종/조*운/김*철",10,"Z20010368","의지상지-미관형의수실리콘리갈(외산) (의지재료)","Z01",456,null,43112,"최종승인",27784,"천성민",43115,301263,"성림교역","2018-01-12","2018-01-19",4,"EA",230000,1,920000,4,920000,43117,"결제",null,0,null,920000,43117,920000,43117,"상신","결재완료",920000,43159,920000,43159]
[1102,1000047145,20,"물품구매(상지의지 및 의지재료-조*운,김*철,황*자/천*민)",1845600050,"의지상지 미관형의수 등 4종/조*운/김*철",20,"Z20010965","의지하지-엔도라이트 에스프리트 외피","Z01",456,null,43112,"최종승인",27784,"천성민",43115,301263,"성림교역","2018-01-12","2018-01-19",1,"EA",150000,1,150000,1,150000,43117,"결제",null,0,null,150000,43117,150000,43117,"상신","결재완료",150000,43159,150000,43159]
[1102,1000047145,30,"물품구매(상지의지 및 의지재료-조*운,김*철,황*자/천*민)",1845600050,"의지상지 미관형의수 등 4종/조*운/김*철",30,"Z20010565","소모품-하퇴용스탐프싹스국산 (의지재료)","Z01",456,null,43112,"최종승인",27784,"천성민",43115,301263,"성림교역","2018-01-12","2018-01-19",20,"EA",6000,1,120000,20,120000,43117,"결제",null,0,null,120000,43117,120000,43117,"상신","결재완료",120000,43159,120000,43159]
[1102,1000047145,40,"물품구매(상지의지 및 의지재료-조*운,김*철,황*자/천*민)",1845600050,"의지상지 미관형의수 등 4종/조*운/김*철",40,"Z20010613","소모품-국산양말(Thick) (의지재료)","Z01",456,null,43112,"최종승인",27784,"천성민",43115,301263,"성림교역","2018-01-12","2018-01-19",40,"EA",3500,1,140000,40,140000,43117,"결제",null,0,null,140000,43117,140000,43117,"상신","결재완료",140000,43159,140000,43159]
[1102,1000047146,10,"물품구매(의지재료/천*민)",1845600066,"소모품 양면테이프 등 21종",10,"Z20010233","소모품-양면테이프(2mm) (의지재료)","Z01",456,null,43112,"최종승인",27784,"천성민",43118,301148,"신성메디칼","2018-01-12","2018-01-19",10,"EA",6000,1,60000,10,60000,43117,"결제",null,0,null,60000,43117,60000,43117,"상신","결재완료",60000,43159,60000,43159]
[1102,1000047146,20,"물품구매(의지재료/천*민)",1845600066,"소모품 양면테이프 등 21종",20,"Z20010096","소모품-나이론반도백색(1in1/2) (의지재료)","Z01",456,null,43112,"최종승인",27784,"천성민",43118,301148,"신성메디칼","2018-01-12","2018-01-19",1,"EA",30000,1,30000,1,30000,43117,"결제",null,0,null,30000,43117,30000,43117,"상신","결재완료",30000,43159,30000,43159]
[1102,1000047146,30,"물품구매(의지재료/천*민)",1845600066,"소모품 양면테이프 등 21종",30,"Z20010174","소모품-석고소석고2급b(25kg) (의지재료)","Z01",456,null,43112,"최종승인",27784,"천성민",43118,301148,"신성메디칼","2018-01-12","2018-01-19",20,"EA",16800,1,336000,20,336000,43117,"결제",null,0,null,336000,43117,336000,43117,"상신","결재완료",336000,43159,336000,43159]
[1102,1000047146,40,"물품구매(의지재료/천*민)",1845600066,"소모품 양면테이프 등 21종",40,"Z20010189","소모품-수술용장갑 (의지재료)","Z01",456,null,43112,"최종승인",27784,"천성민",43118,301148,"신성메디칼","2018-01-12","2018-01-19",10,"EA",10000,1,100000,10,100000,43117,"결제",null,0,null,100000,43117,100000,43117,"상신","결재완료",100000,43159,100000,43159]
[1102,1000047146,50,"물품구매(의지재료/천*민)",1845600066,"소모품 양면테이프 등 21종",50,"Z20010152","소모품-본드(1kg) (의지재료)","Z01",456,null,43112,"최종승인",27784,"천성민",43118,301148,"신성메디칼","2018-01-12","2018-01-19",20,"EA",7000,1,140000,20,140000,43117,"결제",null,0,null,140000,43117,140000,43117,"상신","결재완료",140000,43159,140000,43159]
[1102,1000047146,60,"물품구매(의지재료/천*민)",1845600066,"소모품 양면테이프 등 21종",60,"Z20010145","소모품-밴드스타킹 (의지재료)","Z01",456,null,43112,"최종승인",27784,"천성민",43118,301148,"신성메디칼","2018-01-12","2018-01-19",100,"EA",1100,1,110000,100,110000,43117,"결제",null,0,null,110000,43117,110000,43117,"상신","결재완료",110000,43159,110000,43159]
[1102,1000047146,70,"물품구매(의지재료/천*민)",1845600066,"소모품 양면테이프 등 21종",70,"Z20010139","소모품-박스포장용테이프(6cm) (의지재료)","Z01",456,null,43112,"최종승인",27784,"천성민",43118,301148,"신성메디칼","2018-01-12","2018-01-19",20,"EA",800,1,16000,20,16000,43117,"결제",null,0,null,16000,43117,16000,43117,"상신","결재완료",16000,43159,16000,43159]
[1102,1000047146,80,"물품구매(의지재료/천*민)",1845600066,"소모품 양면테이프 등 21종",80,"Z20010246","소모품-위생랩(30cm) (의지재료)","Z01",456,null,43112,"최종승인",27784,"천성민",43118,301148,"신성메디칼","2018-01-12","2018-01-19",10,"EA",3000,1,30000,10,30000,43117,"결제",null,0,null,30000,43117,30000,43117,"상신","결재완료",30000,43159,30000,43159]
[1102,1000047146,90,"물품구매(의지재료/천*민)",1845600066,"소모품 양면테이프 등 21종",90,"Z20010171","소모품-석고붕대(15cm) (의지재료)","Z01",456,null,43112,"최종승인",27784,"천성민",43118,301148,"신성메디칼","2018-01-12","2018-01-19",144,"EA",2500,1,360000,144,360000,43117,"결제",null,0,null,360000,43117,360000,43117,"상신","결재완료",360000,43159,360000,43159]
[1102,1000047146,100,"물품구매(의지재료/천*민)",1845600066,"소모품 양면테이프 등 21종",100,"Z20010259","소모품-젤렉스(A급) (의지재료)","Z01",456,null,43112,"최종승인",27784,"천성민",43118,301148,"신성메디칼","2018-01-12","2018-01-19",10,"EA",31000,1,310000,10,310000,43117,"결제",null,0,null,310000,43117,310000,43117,"상신","결재완료",310000,43159,310000,43159]
[1102,1000047146,110,"물품구매(의지재료/천*민)",1845600066,"소모품 양면테이프 등 21종",110,"Z20010147","소모품-벨크로1미터(1in) (의지재료)","Z01",456,null,43112,"최종승인",27784,"천성민",43118,301148,"신성메디칼","2018-01-12","2018-01-19",5,"EA",14000,1,70000,5,70000,43117,"결제",null,0,null,70000,43117,70000,43117,"상신","결재완료",70000,43159,70000,43159]
[1102,1000047146,120,"물품구매(의지재료/천*민)",1845600066,"소모품 양면테이프 등 21종",120,"Z20010146","소모품-벨크로11/2미터(2in) (의지재료)","Z01",456,null,43112,"최종승인",27784,"천성민",43118,301148,"신성메디칼","2018-01-12","2018-01-19",5,"EA",18000,1,90000,5,90000,43117,"결제",null,0,null,90000,43117,90000,43117,"상신","결재완료",90000,43159,90000,43159]
[1102,1000047146,130,"물품구매(의지재료/천*민)",1845600066,"소모품 양면테이프 등 21종",130,"Z20010148","소모품-벨크로2미터(2in) (의지재료)","Z01",456,null,43112,"최종승인",27784,"천성민",43118,301148,"신성메디칼","2018-01-12","2018-01-19",5,"EA",30000,1,150000,5,150000,43117,"결제",null,0,null,150000,43117,150000,43117,"상신","결재완료",150000,43159,150000,43159]
[1102,1000047146,140,"물품구매(의지재료/천*민)",1845600066,"소모품 양면테이프 등 21종",140,"Z20010955","소모품-플라스틱 빗자루","Z01",456,null,43112,"최종승인",27784,"천성민",43118,301148,"신성메디칼","2018-01-12","2018-01-19",2,"EA",3900,1,7800,2,7800,43117,"결제",null,0,null,7800,43117,7800,43117,"상신","결재완료",7800,43159,7800,43159]
[1102,1000047146,150,"물품구매(의지재료/천*민)",1845600066,"소모품 양면테이프 등 21종",150,"Z20010956","소모품-삼각 쓰레받이","Z01",456,null,43112,"최종승인",27784,"천성민",43118,301148,"신성메디칼","2018-01-12","2018-01-19",2,"EA",7000,1,14000,2,14000,43117,"결제",null,0,null,14000,43117,14000,43117,"상신","결재완료",14000,43159,14000,43159]
[1102,1000047146,160,"물품구매(의지재료/천*민)",1845600066,"소모품 양면테이프 등 21종",160,"Z20010966","소모품-쓰레기 통","Z01",456,null,43112,"최종승인",27784,"천성민",43118,301148,"신성메디칼","2018-01-12","2018-01-19",2,"EA",10000,1,20000,2,20000,43117,"결제",null,0,null,20000,43117,20000,43117,"상신","결재완료",20000,43159,20000,43159]
[1102,1000047146,170,"물품구매(의지재료/천*민)",1845600066,"소모품 양면테이프 등 21종",170,"Z20010114","소모품-라이터용가스 (의지재료)","Z01",456,null,43112,"최종승인",27784,"천성민",43118,301148,"신성메디칼","2018-01-12","2018-01-19",10,"EA",1000,1,10000,10,10000,43117,"결제",null,0,null,10000,43117,10000,43117,"상신","결재완료",10000,43159,10000,43159]
[1102,1000047146,180,"물품구매(의지재료/천*민)",1845600066,"소모품 양면테이프 등 21종",180,"Z20010758","소모품-EVA스폰지(20mm)","Z01",456,null,43112,"최종승인",27784,"천성민",43118,301148,"신성메디칼","2018-01-12","2018-01-19",2,"EA",32000,1,64000,2,64000,43117,"결제",null,0,null,64000,43117,64000,43117,"상신","결재완료",64000,43159,64000,43159]
[1102,1000047146,190,"물품구매(의지재료/천*민)",1845600066,"소모품 양면테이프 등 21종",190,"Z20010191","소모품-숟가락(대인용) (의지재료)","Z01",456,null,43112,"최종승인",27784,"천성민",43118,301148,"신성메디칼","2018-01-12","2018-01-19",10,"EA",1800,1,18000,10,18000,43117,"결제",null,0,null,18000,43117,18000,43117,"상신","결재완료",18000,43159,18000,43159]
[1102,1000047146,200,"물품구매(의지재료/천*민)",1845600066,"소모품 양면테이프 등 21종",200,"Z20010302","소모품-포크 (의지재료)","Z01",456,null,43112,"최종승인",27784,"천성민",43118,301148,"신성메디칼","2018-01-12","2018-01-19",10,"EA",1800,1,18000,10,18000,43117,"결제",null,0,null,18000,43117,18000,43117,"상신","결재완료",18000,43159,18000,43159]
[1102,1000047146,210,"물품구매(의지재료/천*민)",1845600066,"소모품 양면테이프 등 21종",210,"Z20010963","소모품-펀치세트","Z01",456,null,43112,"최종승인",27784,"천성민",43118,301148,"신성메디칼","2018-01-12","2018-01-19",1,"EA",120000,1,120000,1,120000,43117,"결제",null,0,null,120000,43117,120000,43117,"상신","결재완료",120000,43159,120000,43159]
[1102,1000047170,10,"물품구매(의지재료/천*민)",1845600065,"의지하지 폼카바대퇴용",10,"Z20010555","의지하지-폼카바대퇴용대만(대만산) (의지재료)","Z01",456,null,43115,"최종승인",27784,"천성민",43118,301148,"신성메디칼","2018-01-15","2018-01-22",25,"EA",75000,1,1875000,25,1875000,43117,"결제",null,0,null,1875000,43117,1875000,43117,"상신","결재완료",1875000,43159,1875000,43159]
[1102,1000047181,10,"물품구매(정*식-조*현/강*선)",1845600061,"휠체어활동형/정*식/조*현",10,"Z20120610","휠체어-활동형-노바제로-티오엠모빌리티","Z01",456,null,43115,"최종승인",26298,"강호선",43118,319782,"주식회사 티오엠모빌리티 (TOM MOBILITY)-폐쇄","2018-01-15","2018-01-22",2,"EA",720000,1,1440000,2,1440000,43117,"결제",null,0,null,1440000,43117,1440000,43117,"상신","결재완료",1440000,43159,1440000,43159]
[1102,1000047230,10,"물품구매(미관형의수-이*호)",1845600054,"의지상지 미관형의수 등 8종/이*호",10,"Z20010368","의지상지-미관형의수실리콘리갈(외산) (의지재료)","Z01",456,null,43116,"최종승인",9144,"정창희",43118,301263,"성림교역","2018-01-16","2018-01-23",7,"EA",230000,1,1610000,7,1610000,43117,"결제",null,0,null,1610000,43117,1610000,43117,"상신","결재완료",1610000,43159,1610000,43159]
[1102,1000047230,20,"물품구매(미관형의수-이*호)",1845600054,"의지상지 미관형의수 등 8종/이*호",20,"Z20010611","보조기하지-CEPA (의지재료)","Z01",456,null,43116,"최종승인",9144,"정창희",43118,301263,"성림교역","2018-01-16","2018-01-23",1,"EA",80000,1,80000,1,80000,43117,"결제",null,0,null,80000,43117,80000,43117,"상신","결재완료",80000,43159,80000,43159]
[1102,1000047230,30,"물품구매(미관형의수-이*호)",1845600054,"의지상지 미관형의수 등 8종/이*호",30,"Z20010526","의지하지-실리콘싹스이지락킹(미국산) (의지재료)","Z01",456,null,43116,"최종승인",9144,"정창희",43118,301263,"성림교역","2018-01-16","2018-01-23",3,"EA",330000,1,990000,3,990000,43117,"결제",null,0,null,990000,43117,990000,43117,"상신","결재완료",990000,43159,990000,43159]
[1102,1000047230,40,"물품구매(미관형의수-이*호)",1845600054,"의지상지 미관형의수 등 8종/이*호",40,"Z20010836","의지하지-실리콘싹스더블젤라이너(성림)","Z01",456,null,43116,"최종승인",9144,"정창희",43118,301263,"성림교역","2018-01-16","2018-01-23",2,"EA",105000,1,210000,2,210000,43117,"결제",null,0,null,210000,43117,210000,43117,"상신","결재완료",210000,43159,210000,43159]
[1102,1000047230,50,"물품구매(미관형의수-이*호)",1845600054,"의지상지 미관형의수 등 8종/이*호",50,"Z20010388","의지상지-상박주관절장식키드형중국(중국산) (의지재료)","Z01",456,null,43116,"최종승인",9144,"정창희",43118,301263,"성림교역","2018-01-16","2018-01-23",1,"EA",170000,1,170000,1,170000,43117,"결제",null,0,null,170000,43117,170000,43117,"상신","결재완료",170000,43159,170000,43159]
[1102,1000047230,60,"물품구매(미관형의수-이*호)",1845600054,"의지상지 미관형의수 등 8종/이*호",60,"Z20010457","의지하지-락장식필라우더 (의지재료)","Z01",456,null,43116,"최종승인",9144,"정창희",43118,301263,"성림교역","2018-01-16","2018-01-23",5,"EA",145000,1,725000,5,725000,43117,"결제",null,0,null,725000,43117,725000,43117,"상신","결재완료",725000,43159,725000,43159]
[1102,1000047230,70,"물품구매(미관형의수-이*호)",1845600054,"의지상지 미관형의수 등 8종/이*호",70,"Z20010706","의지하지-셔틀락용피라미드(대만)","Z01",456,null,43116,"최종승인",9144,"정창희",43118,301263,"성림교역","2018-01-16","2018-01-23",5,"EA",30000,1,150000,5,150000,43117,"결제",null,0,null,150000,43117,150000,43117,"상신","결재완료",150000,43159,150000,43159]
[1102,1000047230,80,"물품구매(미관형의수-이*호)",1845600054,"의지상지 미관형의수 등 8종/이*호",80,"Z20010424","의지하지-단축발알미늄세트(중국산) (의지재료)","Z01",456,null,43116,"최종승인",9144,"정창희",43118,301263,"성림교역","2018-01-16","2018-01-23",3,"EA",162000,1,486000,3,486000,43117,"결제",null,0,null,486000,43117,486000,43117,"상신","결재완료",486000,43159,486000,43159]
[1102,1000047231,10,"물품구매(실리콘-김*환)",1845600055,"의지하지 실리콘싹스 등 5종/김*환",10,"Z20010545","의지하지-실리콘싹스향균젤라이너하퇴용(독일산) (의지재료)","Z01",456,null,43116,"최종승인",9144,"정창희",43118,305386,"(주) 오토복코리아헬스케어","2018-01-16","2018-01-23",1,"EA",235000,1,235000,1,235000,43117,"결제",null,0,null,235000,43117,235000,43117,"상신","결재완료",235000,43159,235000,43159]
[1102,1000047231,20,"물품구매(실리콘-김*환)",1845600055,"의지하지 실리콘싹스 등 5종/김*환",20,"Z20130024","욕창예방방석공기격자형-커트로 (의지재료)","Z01",456,null,43116,"최종승인",9144,"정창희",43118,305386,"(주) 오토복코리아헬스케어","2018-01-16","2018-01-23",1,"EA",370000,1,370000,1,370000,43117,"결제",null,0,null,370000,43117,370000,43117,"상신","결재완료",370000,43159,370000,43159]
[1102,1000047231,30,"물품구매(실리콘-김*환)",1845600055,"의지하지 실리콘싹스 등 5종/김*환",30,"Z20010369","의지상지-미관형의수전자글러브레진(외산) (의지재료)","Z01",456,null,43116,"최종승인",9144,"정창희",43118,305386,"(주) 오토복코리아헬스케어","2018-01-16","2018-01-23",1,"EA",162000,1,162000,1,162000,43117,"결제",null,0,null,162000,43117,162000,43117,"상신","결재완료",162000,43159,162000,43159]
[1102,1000047231,40,"물품구매(실리콘-김*환)",1845600055,"의지하지 실리콘싹스 등 5종/김*환",40,"Z20010373","의지상지-반자동의수(독일산) (의지재료)","Z01",456,null,43116,"최종승인",9144,"정창희",43118,305386,"(주) 오토복코리아헬스케어","2018-01-16","2018-01-23",1,"EA",363000,1,363000,1,363000,43117,"결제",null,0,null,363000,43117,363000,43117,"상신","결재완료",363000,43159,363000,43159]
[1102,1000047231,50,"물품구매(실리콘-김*환)",1845600055,"의지하지 실리콘싹스 등 5종/김*환",50,"Z20010387","의지상지-상박주관절장식(독일산) (의지재료)","Z01",456,null,43116,"최종승인",9144,"정창희",43118,305386,"(주) 오토복코리아헬스케어","2018-01-16","2018-01-23",1,"EA",912000,1,912000,1,912000,43117,"결제",null,0,null,912000,43117,912000,43117,"상신","결재완료",912000,43159,912000,43159]
[1102,1000047232,10,"물품구매(내피)",1845600056,"소모품 내피피혁",10,"Z20010100","소모품-내피피혁(30cm) (의지재료)","Z01",456,null,43116,"최종승인",9144,"정창희",43118,301148,"신성메디칼","2018-01-16","2018-01-23",100,"EA",3300,1,330000,100,330000,43117,"결제",null,0,null,330000,43117,330000,43117,"상신","결재완료",330000,43159,330000,43159]
[1102,1000047262,10,"물품구매(의지재료/천*민)",1845600067,"의지하지 락장식 등 4종",10,"Z20010458","의지하지-락장식Bk(대퇴,하퇴겸용) (의지재료)","Z01",456,null,43117,"최종승인",27784,"천성민",43118,302514,"비케이메디텍","2018-01-16","2018-01-24",15,"EA",193000,1,2895000,15,2895000,43117,"결제",null,0,null,2895000,43117,2895000,43117,"상신","결재완료",2895000,43159,2895000,43159]
[1102,1000047262,20,"물품구매(의지재료/천*민)",1845600067,"의지하지 락장식 등 4종",20,"Z20010461","의지하지-무릎회전장식Bk(국산) (의지재료)","Z01",456,null,43117,"최종승인",27784,"천성민",43118,302514,"비케이메디텍","2018-01-16","2018-01-24",5,"EA",177670,1,888350,5,888350,43117,"결제",null,0,null,888350,43117,888350,43117,"상신","결재완료",888350,43159,888350,43159]
[1102,1000047262,30,"물품구매(의지재료/천*민)",1845600067,"의지하지 락장식 등 4종",30,"Z20010494","의지하지-발Bk(국산) (의지재료)","Z01",456,null,43117,"최종승인",27784,"천성민",43118,302514,"비케이메디텍","2018-01-16","2018-01-24",11,"EA",179850,1,1978350,11,1978350,43117,"결제",null,0,null,1978350,43117,1978350,43117,"상신","결재완료",1978350,43159,1978350,43159]
[1102,1000047262,40,"물품구매(의지재료/천*민)",1845600067,"의지하지 락장식 등 4종",40,"Z20010405","의지상지-전자의수Bk(국산) (의지재료)","Z01",456,null,43117,"최종승인",27784,"천성민",43118,302514,"비케이메디텍","2018-01-16","2018-01-24",1,"EA",2430000,1,2430000,1,2430000,43117,"결제",null,0,null,2430000,43117,2430000,43117,"상신","결재완료",2430000,43159,2430000,43159]
[1102,1300007601,10,"18.1월 보건대행 수수료 지급",1845800001,"1월 보건대행 수수료 지급",10,null,"18.1월 보건대행 수수료 지급","Z04",458,"서비스",43117,"최종승인",4474,"조현영",43119,302198,"근로복지공단 인천병원","2018-01-01","2018-01-31",1,"AU",281400,1,281400,1,281400,43117,"결제",null,0,null,281400,43117,281400,43117,"상신","결재완료",281400,43131,281400,43131]
[1102,1500020437,10,"물품구매(사무용품)",1845600038,"파일 등 7종",10,null,"대용량PP정부화일","Z06",456,null,43111,"최종승인",27784,"천성민",43115,303191,"인성","2018-01-11","2018-01-18",3,"속",5818,1,17454,3,17454,43117,"결제",null,0,null,17454,43117,17454,43117,"상신","결재완료",17454,43140,17454,43140]
[1102,1500020437,20,"물품구매(사무용품)",1845600038,"파일 등 7종",20,null,"수정테이프오프러스","Z06",456,null,43111,"최종승인",27784,"천성민",43115,303191,"인성","2018-01-11","2018-01-18",2,"개",1454,1,2908,2,2908,43117,"결제",null,0,null,2908,43117,2908,43117,"상신","결재완료",2908,43140,2908,43140]
[1102,1500020437,30,"물품구매(사무용품)",1845600038,"파일 등 7종",30,null,"제트스트림 적색 볼펜","Z06",456,null,43111,"최종승인",27784,"천성민",43115,303191,"인성","2018-01-11","2018-01-18",2,"개",1364,1,2728,2,2728,43117,"결제",null,0,null,2728,43117,2728,43117,"상신","결재완료",2728,43140,2728,43140]
[1102,1500020437,40,"물품구매(사무용품)",1845600038,"파일 등 7종",40,null,"7섹션홀더","Z06",456,null,43111,"최종승인",27784,"천성민",43115,303191,"인성","2018-01-11","2018-01-18",2,"개",2364,1,4728,2,4728,43117,"결제",null,0,null,4728,43117,4728,43117,"상신","결재완료",4728,43140,4728,43140]
[1102,1500020437,50,"물품구매(사무용품)",1845600038,"파일 등 7종",50,null,"포스트잇 팝업리필","Z06",456,null,43111,"최종승인",27784,"천성민",43115,303191,"인성","2018-01-11","2018-01-18",4,"개",1727,1,6908,4,6908,43117,"결제",null,0,null,6908,43117,6908,43117,"상신","결재완료",6908,43140,6908,43140]
[1102,1500020437,60,"물품구매(사무용품)",1845600038,"파일 등 7종",60,null,"제트스트림 흑색 볼펜","Z06",456,null,43111,"최종승인",27784,"천성민",43115,303191,"인성","2018-01-11","2018-01-18",5,"개",1364,1,6820,5,6820,43117,"결제",null,0,null,6820,43117,6820,43117,"상신","결재완료",6820,43140,6820,43140]
[1102,1500020437,70,"물품구매(사무용품)",1845600038,"파일 등 7종",70,null,"네임펜T 흑색","Z06",456,null,43111,"최종승인",27784,"천성민",43115,303191,"인성","2018-01-11","2018-01-18",1,"PK",10000,1,10000,1,10000,43117,"결제",null,0,null,10000,43117,10000,43117,"상신","결재완료",10000,43140,10000,43140]
[1102,1000047031,10,"물품구매(신규 인공발 외피 등 3건/세금계산서)",1845600015,"직무지원/신규 인공발 외피 등 3종",10,"Z20050113","직무지원 연구재료 (연구재료)","Z01",456,null,43136,"최종승인",6146,"차국찬",43109,320415,"광성목형","2018-01-08","2018-02-12",40,"EA",22000,1,880000,40,880000,43116,"결제",null,0,null,880000,43116,880000,43116,"상신","결재완료",880000,43125,880000,43125]
[1102,1000047031,20,"물품구매(신규 인공발 외피 등 3건/세금계산서)",1845600015,"직무지원/신규 인공발 외피 등 3종",20,"Z20050113","직무지원 연구재료 (연구재료)","Z01",456,null,43136,"최종승인",6146,"차국찬",43109,320415,"광성목형","2018-01-08","2018-02-12",40,"EA",22000,1,880000,40,880000,43116,"결제",null,0,null,880000,43116,880000,43116,"상신","결재완료",880000,43125,880000,43125]
[1102,1000047031,30,"물품구매(신규 인공발 외피 등 3건/세금계산서)",1845600015,"직무지원/신규 인공발 외피 등 3종",30,"Z20050113","직무지원 연구재료 (연구재료)","Z01",456,null,43136,"최종승인",6146,"차국찬",43109,320415,"광성목형","2018-01-08","2018-02-12",40,"EA",22000,1,880000,40,880000,43116,"결제",null,0,null,880000,43116,880000,43116,"상신","결재완료",880000,43125,880000,43125]
[1102,1000047040,10,"물품구매(발목부위 커버 등 3건/세금계산서)",1845600019,"직무지원/발목부위커버 등 3종",10,"Z20050113","직무지원 연구재료 (연구재료)","Z01",456,null,43137,"최종승인",6146,"차국찬",43110,323023,"유디테크","2018-01-09","2018-02-13",40,"EA",13000,1,520000,40,520000,43116,"결제",null,0,null,520000,43116,520000,43116,"상신","결재완료",520000,43125,520000,43125]
[1102,1000047040,20,"물품구매(발목부위 커버 등 3건/세금계산서)",1845600019,"직무지원/발목부위커버 등 3종",20,"Z20050113","직무지원 연구재료 (연구재료)","Z01",456,null,43137,"최종승인",6146,"차국찬",43110,323023,"유디테크","2018-01-09","2018-02-13",40,"EA",5000,1,200000,40,200000,43116,"결제",null,0,null,200000,43116,200000,43116,"상신","결재완료",200000,43125,200000,43125]
[1102,1000047040,30,"물품구매(발목부위 커버 등 3건/세금계산서)",1845600019,"직무지원/발목부위커버 등 3종",30,"Z20050113","직무지원 연구재료 (연구재료)","Z01",456,null,43137,"최종승인",6146,"차국찬",43110,323023,"유디테크","2018-01-09","2018-02-13",40,"EA",3000,1,120000,40,120000,43116,"결제",null,0,null,120000,43116,120000,43116,"상신","결재완료",120000,43125,120000,43125]
[1102,1000047066,10,"물품구매(맞춤형 교정신발-기*수 등 16명/천*민)",1845600026,"보조기구두 등 7종/기*수 등 16명",10,"Z20010003","보조기구두-정형화 (의지재료)","Z01",456,null,43110,"최종승인",27784,"천성민",43112,322794,"편한메디케어(폐업-190120)","2018-01-10","2018-01-17",5,"EA",50000,1,250000,5,250000,43116,"결제",null,0,null,250000,43116,250000,43116,"상신","결재완료",250000,43159,250000,43159]
[1102,1000047066,20,"물품구매(맞춤형 교정신발-기*수 등 16명/천*민)",1845600026,"보조기구두 등 7종/기*수 등 16명",20,"Z20010610","보조기구두-특수보조화(목이높은구두) (의지재료)","Z01",456,null,43110,"최종승인",27784,"천성민",43112,322794,"편한메디케어(폐업-190120)","2018-01-10","2018-01-17",2,"EA",100000,1,200000,2,200000,43116,"결제",null,0,null,200000,43116,200000,43116,"상신","결재완료",200000,43159,200000,43159]
[1102,1000047066,30,"물품구매(맞춤형 교정신발-기*수 등 16명/천*민)",1845600026,"보조기구두 등 7종/기*수 등 16명",30,"Z20010610","보조기구두-특수보조화(목이높은구두) (의지재료)","Z01",456,null,43110,"최종승인",27784,"천성민",43112,322794,"편한메디케어(폐업-190120)","2018-01-10","2018-01-17",1,"EA",130000,1,130000,1,130000,43116,"결제",null,0,null,130000,43116,130000,43116,"상신","결재완료",130000,43159,130000,43159]
[1102,1000047066,40,"물품구매(맞춤형 교정신발-기*수 등 16명/천*민)",1845600026,"보조기구두 등 7종/기*수 등 16명",40,"Z20010610","보조기구두-특수보조화(목이높은구두) (의지재료)","Z01",456,null,43110,"최종승인",27784,"천성민",43112,322794,"편한메디케어(폐업-190120)","2018-01-10","2018-01-17",3,"EA",140000,1,420000,3,420000,43116,"결제",null,0,null,420000,43116,420000,43116,"상신","결재완료",420000,43159,420000,43159]
[1102,1000047066,50,"물품구매(맞춤형 교정신발-기*수 등 16명/천*민)",1845600026,"보조기구두 등 7종/기*수 등 16명",50,"Z20010610","보조기구두-특수보조화(목이높은구두) (의지재료)","Z01",456,null,43110,"최종승인",27784,"천성민",43112,322794,"편한메디케어(폐업-190120)","2018-01-10","2018-01-17",2,"EA",150000,1,300000,2,300000,43116,"결제",null,0,null,300000,43116,300000,43116,"상신","결재완료",300000,43159,300000,43159]
[1102,1000047066,60,"물품구매(맞춤형 교정신발-기*수 등 16명/천*민)",1845600026,"보조기구두 등 7종/기*수 등 16명",60,"Z20010610","보조기구두-특수보조화(목이높은구두) (의지재료)","Z01",456,null,43110,"최종승인",27784,"천성민",43112,322794,"편한메디케어(폐업-190120)","2018-01-10","2018-01-17",2,"EA",160000,1,320000,2,320000,43116,"결제",null,0,null,320000,43116,320000,43116,"상신","결재완료",320000,43159,320000,43159]
[1102,1000047066,70,"물품구매(맞춤형 교정신발-기*수 등 16명/천*민)",1845600026,"보조기구두 등 7종/기*수 등 16명",70,"Z20010610","보조기구두-특수보조화(목이높은구두) (의지재료)","Z01",456,null,43110,"최종승인",27784,"천성민",43112,322794,"편한메디케어(폐업-190120)","2018-01-10","2018-01-17",1,"EA",170000,1,170000,1,170000,43116,"결제",null,0,null,170000,43116,170000,43116,"상신","결재완료",170000,43159,170000,43159]
[1102,1000047113,10,"물품구매(유*윤/강*선)",1845600037,"휠체어활동형 등 2종/유8윤",10,"Z20120528","휠체어활동형-J2 (의지재료)","Z01",456,null,43112,"최종승인",26298,"강호선",43112,309507,"미키코리아(주)","2018-01-12","2018-01-19",1,"EA",720000,1,720000,1,720000,43116,"결제",null,0,null,720000,43116,720000,43116,"상신","결재완료",720000,43159,720000,43159]
[1102,1000047113,20,"물품구매(유*윤/강*선)",1845600037,"휠체어활동형 등 2종/유8윤",20,"Z20120157","휠체어수리-발판조립J2 (의지재료)","Z01",456,null,43112,"최종승인",26298,"강호선",43112,309507,"미키코리아(주)","2018-01-12","2018-01-19",1,"EA",70000,1,70000,1,70000,43116,"결제",null,0,null,70000,43116,70000,43116,"상신","결재완료",70000,43159,70000,43159]
[1102,1000047125,10,"물품구매/미관형의수(실리콘)/장*영/조*문",1845600036,"의지상지 미관형의수/장*영",10,"Z20010367","의지상지-미관형의수실리콘두손 (의지재료)","Z01",456,null,43112,"최종승인",6164,"조성문",43112,300508,"두손의수","2018-01-12","2018-01-19",1,"EA",213099,1,213099,1,213099,43116,"결제",null,0,null,213099,43116,213099,43116,"상신","결재완료",213099,43159,213099,43159]
[1102,1000047126,10,"물품구매 수부 /창원센터",1845600045,"의지상지 미관형의수 등 3종",10,"Z20010367","의지상지-미관형의수실리콘두손 (의지재료)","Z01",456,null,43112,"최종승인",6166,"김현종",43115,300508,"두손의수","2018-01-12","2018-01-19",8,"EA",213099,1,1704792,8,1704792,43116,"결제",null,0,null,1704792,43116,1704792,43116,"상신","결재완료",1704792,43159,1704792,43159]
[1102,1000047126,20,"물품구매 수부 /창원센터",1845600045,"의지상지 미관형의수 등 3종",20,"Z20010372","의지상지-미관형의수지실리콘 (의지재료)","Z01",456,null,43112,"최종승인",6166,"김현종",43115,300508,"두손의수","2018-01-12","2018-01-19",11,"EA",51901,1,570911,11,570911,43116,"결제",null,0,null,570911,43116,570911,43116,"상신","결재완료",570911,43159,570911,43159]
[1102,1000047126,30,"물품구매 수부 /창원센터",1845600045,"의지상지 미관형의수 등 3종",30,"Z20010363","의지상지-미관형의수레진두손 (의지재료)","Z01",456,null,43112,"최종승인",6166,"김현종",43115,300508,"두손의수","2018-01-12","2018-01-19",5,"EA",90000,1,450000,5,450000,43116,"결제",null,0,null,450000,43116,450000,43116,"상신","결재완료",450000,43159,450000,43159]
[1102,1000047127,10,"물품구매 의지상지 /창원센터",1845600044,"의지상지 미관형의수",10,"Z20010368","의지상지-미관형의수실리콘리갈(외산) (의지재료)","Z01",456,null,43112,"최종승인",6166,"김현종",43115,301263,"성림교역","2018-01-12","2018-01-19",2,"EA",230000,1,460000,2,460000,43116,"결제",null,0,null,460000,43116,460000,43116,"상신","결재완료",460000,43159,460000,43159]
[1102,1000047128,10,"물품구매 휠체어,방석 박*철 외 /창원센터",1845600043,"휠체어활동형 등 3종/박*철 등",10,"Z20120523","휠체어활동형-노바제로휠프랜드 (의지재료)","Z01",456,null,43112,"최종승인",6166,"김현종",43115,311792,"이레엠케어// 폐쇄-법인변경190101","2018-01-12","2018-01-19",1,"EA",720000,1,720000,1,720000,43116,"결제",null,0,null,720000,43116,720000,43116,"상신","결재완료",720000,43159,720000,43159]
[1102,1000047128,20,"물품구매 휠체어,방석 박*철 외 /창원센터",1845600043,"휠체어활동형 등 3종/박*철 등",20,"Z20120573","휠체어일반형-M2스타트","Z01",456,null,43112,"최종승인",6166,"김현종",43115,311792,"이레엠케어// 폐쇄-법인변경190101","2018-01-12","2018-01-19",2,"EA",410000,1,820000,2,820000,43116,"결제",null,0,null,820000,43116,820000,43116,"상신","결재완료",820000,43159,820000,43159]
[1102,1000047128,30,"물품구매 휠체어,방석 박*철 외 /창원센터",1845600043,"휠체어활동형 등 3종/박*철 등",30,"Z20130023","욕창예방방석공기격자형-로호 (의지재료)","Z01",456,null,43112,"최종승인",6166,"김현종",43115,311792,"이레엠케어// 폐쇄-법인변경190101","2018-01-12","2018-01-19",2,"EA",370000,1,740000,2,740000,43116,"결제",null,0,null,740000,43116,740000,43116,"상신","결재완료",740000,43159,740000,43159]
[1102,1000047129,10,"물품구매 집뇨기 /창원센터",1845600042,"집뇨기유린백",10,"Z20130035","집뇨기유린백-외산1000(외산1000cc) (의지재료)","Z01",456,null,43112,"최종승인",6166,"김현종",43115,301700,"(주)휠로피아","2018-01-12","2018-01-19",10,"EA",54000,1,540000,10,540000,43116,"결제",null,0,null,540000,43116,540000,43116,"상신","결재완료",540000,43159,540000,43159]
[1102,1000047130,10,"물품구매 보조기하지 진*수 /창원센터",1845600041,"보조기구두/진*수",10,"Z20010610","보조기구두-특수보조화(목이높은구두) (의지재료)","Z01",456,null,43112,"최종승인",6166,"김현종",43115,322794,"편한메디케어(폐업-190120)","2018-01-12","2018-01-19",1,"EA",140000,1,140000,1,140000,43116,"결제",null,0,null,140000,43116,140000,43116,"상신","결재완료",140000,43159,140000,43159]
[1102,1000047132,10,"물품구매 하지상지/창원센터",1845600046,"의지하지 대퇴무릎장식 등 2종",10,"Z20010445","의지하지-대퇴무릎장식Bk공압식(4절공압식) (의지재료)","Z01",456,null,43112,"최종승인",8445,"차민국",43115,302514,"비케이메디텍","2018-01-12","2018-01-19",2,"EA",703500,1,1407000,2,1407000,43116,"결제",null,0,null,1407000,43116,1407000,43116,"상신","결재완료",1407000,43159,1407000,43159]
[1102,1000047132,20,"물품구매 하지상지/창원센터",1845600046,"의지하지 대퇴무릎장식 등 2종",20,"Z20010405","의지상지-전자의수Bk(국산) (의지재료)","Z01",456,null,43112,"최종승인",8445,"차민국",43115,302514,"비케이메디텍","2018-01-12","2018-01-19",1,"EA",2430000,1,2430000,1,2430000,43116,"결제",null,0,null,2430000,43116,2430000,43116,"상신","결재완료",2430000,43159,2430000,43159]
[1102,1000047133,10,"물품구매 상지하지/창원센터",1845600047,"의지하지 실리콘싹스 등 2종",10,"Z20010507","의지하지-실리콘싹스국산(국산) (의지재료)","Z01",456,null,43112,"최종승인",8445,"차민국",43115,303282,"메텍스 [폐업]180206 코스텍으로 변경","2018-01-12","2018-01-19",10,"EA",100000,1,1000000,10,1000000,43116,"결제",null,0,null,1000000,43116,1000000,43116,"상신","결재완료",1000000,43159,1000000,43159]
[1102,1000047133,20,"물품구매 상지하지/창원센터",1845600047,"의지하지 실리콘싹스 등 2종",20,"Z20010864","의지상지-근전전동의수내피(국산)","Z01",456,null,43112,"최종승인",8445,"차민국",43115,303282,"메텍스 [폐업]180206 코스텍으로 변경","2018-01-12","2018-01-19",2,"EA",60000,1,120000,2,120000,43116,"결제",null,0,null,120000,43116,120000,43116,"상신","결재완료",120000,43159,120000,43159]
[1102,1000047134,10,"물품구매 의지하지/창원센터",1845600048,"의지하지 실리콘싹스컴포트",10,"Z20010532","의지하지-실리콘싹스컴포트하퇴용(외산) (의지재료)","Z01",456,null,43112,"최종승인",8445,"차민국",43115,301434,"오서코리아주식회사","2018-01-12","2018-01-19",2,"EA",338000,1,676000,2,676000,43116,"결제",null,0,null,676000,43116,676000,43116,"상신","결재완료",676000,43159,676000,43159]
[1102,1000047141,10,"물품구매 휠체어부품 /창원센터",1845600040,"휠체어수리 등 2종",10,"Z20120367","휠체어수리-타이어활동형미키(24in) (의지재료)","Z01",456,null,43112,"최종승인",6166,"김현종",43115,309507,"미키코리아(주)","2018-01-12","2018-01-19",10,"EA",8000,1,80000,10,80000,43116,"결제",null,0,null,80000,43116,80000,43116,"상신","결재완료",80000,43159,80000,43159]
[1102,1000047141,20,"물품구매 휠체어부품 /창원센터",1845600040,"휠체어수리 등 2종",20,"Z20120267","휠체어수리-앞바퀴조립투명휠(3,4,5in) (의지재료)","Z01",456,null,43112,"최종승인",6166,"김현종",43115,309507,"미키코리아(주)","2018-01-12","2018-01-19",10,"EA",20000,1,200000,10,200000,43116,"결제",null,0,null,200000,43116,200000,43116,"상신","결재완료",200000,43159,200000,43159]
[1102,1000047150,10,"물품구매(임*희)전*만",1845600091,"의지상지 미관형의수/임*희",10,"Z20010367","의지상지-미관형의수실리콘두손 (의지재료)","Z01",456,null,43115,"최종승인",6160,"전영만",43123,300508,"두손의수","2018-01-12","2018-01-22",1,"EA",213099,1,213099,1,213099,43116,"결제",null,0,null,213099,43116,213099,43116,"상신","결재완료",213099,43159,213099,43159]
[1102,1000047176,10,"물품구매(미관형 의수)",1845600068,"자체 시험상용화/미관형의수",10,"Z20050118","미관형 의수-고강도 실리콘 (연구재료)","Z01",456,null,43115,"최종승인",26292,"오혜정",43118,300508,"두손의수","2018-01-15","2018-01-22",10,"EA",213099,1,2130990,10,2130990,43116,"결제",null,0,null,2130990,43116,2130990,43116,"상신","결재완료",2130990,43125,2130990,43125]
[1102,1000047197,10,"물품구매(미관형의수-산*)",1845600053,"의지상지 미관형의수/산*",10,"Z20010367","의지상지-미관형의수실리콘두손 (의지재료)","Z01",456,null,43116,"최종승인",9144,"정창희",43118,300508,"두손의수","2018-01-15","2018-01-23",5,"EA",213099,1,1065495,5,1065495,43116,"결제",null,0,null,1065495,43116,1065495,43116,"상신","결재완료",1065495,43159,1065495,43159]
[1102,1000047494,10,"물품구매(상지의지-홍*화 등 34명/천*민)",1845600163,"의지상지 미관형의수 등 3종/황*화",10,"Z20010367","의지상지-미관형의수실리콘두손 (의지재료)","Z01",456,null,43125,"최종승인",27784,"천성민",43131,300508,"두손의수","2018-01-15","2018-01-25",26,"EA",213099,1,5540574,26,5540574,43116,"결제",null,0,null,5540574,43116,5540574,43116,"상신","결재완료",5540574,43159,5540574,43159]
[1102,1000047494,20,"물품구매(상지의지-홍*화 등 34명/천*민)",1845600163,"의지상지 미관형의수 등 3종/황*화",20,"Z20010372","의지상지-미관형의수지실리콘 (의지재료)","Z01",456,null,43125,"최종승인",27784,"천성민",43131,300508,"두손의수","2018-01-15","2018-01-25",8,"EA",51901,1,415208,8,415208,43116,"결제",null,0,null,415208,43116,415208,43116,"상신","결재완료",415208,43159,415208,43159]
[1102,1000047494,30,"물품구매(상지의지-홍*화 등 34명/천*민)",1845600163,"의지상지 미관형의수 등 3종/황*화",30,"Z20010838","의지하지-미관형족지레진(두손)","Z01",456,null,43125,"최종승인",27784,"천성민",43131,300508,"두손의수","2018-01-15","2018-01-25",3,"EA",90000,1,270000,3,270000,43116,"결제",null,0,null,270000,43116,270000,43116,"상신","결재완료",270000,43159,270000,43159]
[1102,1000046976,10,"물품 구매(의지 하지-박*근/신*현)",1845600005,"의지하지 실리콘싹스/박*근",10,"Z20010546","의지하지-실리콘싹스X5씰린대퇴용(미국산) (의지재료)","Z01",456,null,43108,"최종승인",6158,"신무현",43108,301434,"오서코리아주식회사","2018-01-08","2018-01-15",1,"EA",600000,1,600000,1,600000,43115,"결제",null,0,null,600000,43115,600000,43115,"상신","결재완료",600000,43159,600000,43159]
[1102,1000047002,10,"물품구매(하지의지-유*춘, 황*홍/양*호)",1845600001,"의지하지 실리콘싹스 / 유*춘/황*홍",10,"Z20010532","의지하지-실리콘싹스컴포트하퇴용(외산) (의지재료)","Z01",456,null,43108,"최종승인",27264,"양철호",43108,301434,"오서코리아주식회사","2018-01-08","2018-01-15",2,"EA",338000,1,676000,2,676000,43115,"결제",null,0,null,676000,43115,676000,43115,"상신","결재완료",676000,43159,676000,43159]
[1102,1000047003,10,"물품구매(하지의지-최*우/양*호)",1845600002,"의지하지 실리콘싹스/최*우",10,"Z20010508","의지하지-실리콘싹스대퇴용(대퇴용) (의지재료)","Z01",456,null,43108,"최종승인",27264,"양철호",43108,305386,"(주) 오토복코리아헬스케어","2018-01-08","2018-01-15",1,"EA",399000,1,399000,1,399000,43115,"결제",null,0,null,399000,43115,399000,43115,"상신","결재완료",399000,43159,399000,43159]
[1102,1000047004,10,"물품구매(안*일 외 3명/양*호)",1845600003,"의지상지 미관형의수 등 2종/안*일 등",10,"Z20010368","의지상지-미관형의수실리콘리갈(외산) (의지재료)","Z01",456,null,43108,"최종승인",27264,"양철호",43108,301263,"성림교역","2018-01-08","2018-01-15",3,"EA",230000,1,690000,3,690000,43115,"결제",null,0,null,690000,43115,690000,43115,"상신","결재완료",690000,43159,690000,43159]
[1102,1000047004,20,"물품구매(안*일 외 3명/양*호)",1845600003,"의지상지 미관형의수 등 2종/안*일 등",20,"Z20010424","의지하지-단축발알미늄세트(중국산) (의지재료)","Z01",456,null,43108,"최종승인",27264,"양철호",43108,301263,"성림교역","2018-01-08","2018-01-15",1,"EA",162000,1,162000,1,162000,43115,"결제",null,0,null,162000,43115,162000,43115,"상신","결재완료",162000,43159,162000,43159]
[1102,1000047088,10,"물품구매(패럴린코팅)",1845600033,"직무지원/패럴린 코팅",10,"Z20050113","직무지원 연구재료 (연구재료)","Z01",456,null,43111,"최종승인",26292,"오혜정",43112,303282,"메텍스 [폐업]180206 코스텍으로 변경","2018-01-11","2018-01-18",15,"EA",30000,1,450000,15,450000,43115,"결제",null,0,null,450000,43115,450000,43115,"상신","결재완료",450000,43125,450000,43125]
[1102,1000047164,10,"물품구매(양*철)전*만",1845600144,"휠체어침대형/양*철",10,"Z20120515","휠체어침대형-P1003 (의지재료)","Z01",456,null,43115,"최종승인",6160,"전영만",43129,306977,"(주)대세엠케어 경인지점 (인천)","2018-01-15","2018-01-22",1,"EA",320000,1,320000,1,320000,43115,"결제",null,0,null,320000,43115,320000,43115,"상신","결재완료",320000,43159,320000,43159]
[1102,1000047028,10,"물품구매(의지하지-김*훈/김*선)",1845600018,"의지하지 실리콘싹스/김*훈",10,"Z20010508","의지하지-실리콘싹스대퇴용(대퇴용) (의지재료)","Z01",456,null,43109,"최종승인",6675,"김훈선",43110,305386,"(주) 오토복코리아헬스케어","2018-01-09","2018-01-16",1,"EA",399000,1,399000,1,399000,43112,"결제",null,0,null,399000,43112,399000,43112,"상신","결재완료",399000,43159,399000,43159]
[1102,1000047029,10,"물품구매(의지하지-김*규/김*선)",1845600017,"의지하지 실리콘싹스 등 2종/김*규",10,"Z20010546","의지하지-실리콘싹스X5씰린대퇴용(미국산) (의지재료)","Z01",456,null,43109,"최종승인",6675,"김훈선",43110,301434,"오서코리아주식회사","2018-01-09","2018-01-16",1,"EA",600000,1,600000,1,600000,43112,"결제",null,0,null,600000,43112,600000,43112,"상신","결재완료",600000,43159,600000,43159]
[1102,1000047029,20,"물품구매(의지하지-김*규/김*선)",1845600017,"의지하지 실리콘싹스 등 2종/김*규",20,"Z20010570","의지하지-흡입밸브실린라이너대퇴용(미국산) (의지재료)","Z01",456,null,43109,"최종승인",6675,"김훈선",43110,301434,"오서코리아주식회사","2018-01-09","2018-01-16",1,"EA",95000,1,95000,1,95000,43112,"결제",null,0,null,95000,43112,95000,43112,"상신","결재완료",95000,43159,95000,43159]
[1102,1000047043,10,"물품구매(의지하지-이*엽/김*선)",1845600021,"의지하지 실리콘싹스/이*엽",10,"Z20010533","의지하지-실리콘싹스코니칼+스텐다드대퇴용(미국산) (의지재료)","Z01",456,null,43109,"최종승인",6675,"김훈선",43110,301434,"오서코리아주식회사","2018-01-09","2018-01-16",1,"EA",500000,1,500000,1,500000,43112,"결제",null,0,null,500000,43112,500000,43112,"상신","결재완료",500000,43159,500000,43159]
[1102,1000047044,10,"물품구매(의지하지-권*욱/김*선)",1845600020,"의지하지 회전조절오목소켓/권*욱",10,"Z20010568","의지하지-회전조절오목소켓아답타 (의지재료)","Z01",456,null,43109,"최종승인",6675,"김훈선",43110,301263,"성림교역","2018-01-09","2018-01-16",1,"EA",102000,1,102000,1,102000,43112,"결제",null,0,null,102000,43112,102000,43112,"상신","결재완료",102000,43159,102000,43159]
[1102,1000047074,10,"물품구매(욕창예방방석/로호/이*환/의지재료)",1845600028,"욕창예방방석 등 2종/이*환",10,"Z20130023","욕창예방방석공기격자형-로호 (의지재료)","Z01",456,null,43111,"최종승인",26292,"오혜정",43112,305386,"(주) 오토복코리아헬스케어","2018-01-11","2018-01-18",4,"EA",370000,1,1480000,4,1480000,43112,"결제",null,0,null,1480000,43112,1480000,43112,"상신","결재완료",1480000,43159,1480000,43159]
[1102,1000047074,20,"물품구매(욕창예방방석/로호/이*환/의지재료)",1845600028,"욕창예방방석 등 2종/이*환",20,"Z20130002","욕창예방매트리스공기격자형-로호(860x2040x89mm) (의지재료)","Z01",456,null,43111,"최종승인",26292,"오혜정",43112,305386,"(주) 오토복코리아헬스케어","2018-01-11","2018-01-18",4,"EA",1650000,1,6600000,4,6600000,43112,"결제",null,0,null,6600000,43112,6600000,43112,"상신","결재완료",6600000,43159,6600000,43159]
[1102,1000047075,10,"물품구매(욕창예방매트리스/MD300/임*준/의지재료)",1845600029,"욕창예방매트리스등 2종/임*준",10,"Z20130015","욕창예방매트리스교대부양형-Md300(800x1800x100mm) (의지재","Z01",456,null,43111,"최종승인",26292,"오혜정",43112,301766,"은혜메디칼","2018-01-11","2018-01-18",3,"EA",380000,1,1140000,3,1140000,43112,"결제",null,0,null,1140000,43112,1140000,43112,"상신","결재완료",1140000,43159,1140000,43159]
[1102,1000047075,20,"물품구매(욕창예방매트리스/MD300/임*준/의지재료)",1845600029,"욕창예방매트리스등 2종/임*준",20,"Z20130014","욕창예방매트리스교대부양형-Md200(800x1800x50mm) (의지재료","Z01",456,null,43111,"최종승인",26292,"오혜정",43112,301766,"은혜메디칼","2018-01-11","2018-01-18",1,"EA",120000,1,120000,1,120000,43112,"결제",null,0,null,120000,43112,120000,43112,"상신","결재완료",120000,43159,120000,43159]
[1102,1000047079,10,"물품구매(집뇨기/1000cc/의지재료)",1845600030,"집뇨기유린백",10,"Z20130035","집뇨기유린백-외산1000(외산1000cc) (의지재료)","Z01",456,null,43111,"최종승인",26292,"오혜정",43112,301700,"(주)휠로피아","2018-01-11","2018-01-18",20,"EA",54000,1,1080000,20,1080000,43112,"결제",null,0,null,1080000,43112,1080000,43112,"상신","결재완료",1080000,43159,1080000,43159]
[1102,1000047086,10,"물품구매(욕창예방방석/커트로/허*열/의지재료)",1845600031,"욕창예방방석/허*열",10,"Z20130024","욕창예방방석공기격자형-커트로 (의지재료)","Z01",456,null,43111,"최종승인",26292,"오혜정",43112,319782,"주식회사 티오엠모빌리티 (TOM MOBILITY)-폐쇄","2018-01-11","2018-01-18",2,"EA",370000,1,740000,2,740000,43112,"결제",null,0,null,740000,43112,740000,43112,"상신","결재완료",740000,43159,740000,43159]
[1102,1000047087,10,"물품구매(욕창예방매트리스/YH0302/한*석/의지재료)",1845600032,"욕창예방매트리스/한*석",10,"Z20130020","욕창예방매트리스교대부양형-Yh0302(890x2450mm) (의지재료)","Z01",456,null,43111,"최종승인",26292,"오혜정",43112,301174,"주식회사 영화의료기","2018-01-11","2018-01-18",1,"EA",380000,1,380000,1,380000,43112,"결제",null,0,null,380000,43112,380000,43112,"상신","결재완료",380000,43159,380000,43159]
[1102,1000047090,10,"물품구매(맞춤형 구두)",1845600034,"자체 시험상용화/맞춤형구두",10,"Z20050641","하지-맞춤형 구두(연구재료)","Z01",456,null,43111,"최종승인",26292,"오혜정",43112,322794,"편한메디케어(폐업-190120)","2018-01-11","2018-01-18",1,"EA",120000,1,120000,1,120000,43112,"결제",null,0,null,120000,43112,120000,43112,"상신","결재완료",120000,43125,120000,43125]
[1102,1000047139,10,"물품구매(황*진/강*선)",1845600039,"휠체어침대형/황*진",10,"Z20120619","휠체어침대형-P.7005파트너(대세)","Z01",456,null,43112,"최종승인",26298,"강호선",43115,306977,"(주)대세엠케어 경인지점 (인천)","2018-01-12","2018-01-19",1,"EA",450000,1,450000,1,450000,43112,"결제",null,0,null,450000,43112,450000,43112,"상신","결재완료",450000,43159,450000,43159]
[1102,1000046984,10,"물품구매(하지의지-정*영)/손*호",1845600004,"의지하지 실리콘싹스 등 5종/정*영",10,"Z20010523","의지하지-실리콘싹스알프스Akdt(미국산) (의지재료)","Z01",456,null,43108,"최종승인",6167,"손진호",43108,301263,"성림교역","2018-01-08","2018-01-15",1,"EA",290000,1,290000,1,290000,43111,"결제",null,0,null,290000,43111,290000,43111,"상신","결재완료",290000,43159,290000,43159]
[1102,1000046984,20,"물품구매(하지의지-정*영)/손*호",1845600004,"의지하지 실리콘싹스 등 5종/정*영",20,"Z20010453","의지하지-락장식셔틀락키드하지용(미국하퇴용) (의지재료)","Z01",456,null,43108,"최종승인",6167,"손진호",43108,301263,"성림교역","2018-01-08","2018-01-15",1,"EA",145000,1,145000,1,145000,43111,"결제",null,0,null,145000,43111,145000,43111,"상신","결재완료",145000,43159,145000,43159]
[1102,1000046984,30,"물품구매(하지의지-정*영)/손*호",1845600004,"의지하지 실리콘싹스 등 5종/정*영",30,"Z20010368","의지상지-미관형의수실리콘리갈(외산) (의지재료)","Z01",456,null,43108,"최종승인",6167,"손진호",43108,301263,"성림교역","2018-01-08","2018-01-15",2,"EA",230000,1,460000,2,460000,43111,"결제",null,0,null,460000,43111,460000,43111,"상신","결재완료",460000,43159,460000,43159]
[1102,1000046984,40,"물품구매(하지의지-정*영)/손*호",1845600004,"의지하지 실리콘싹스 등 5종/정*영",40,"Z20010621","의지하지-이지슬리브 (의지재료)","Z01",456,null,43108,"최종승인",6167,"손진호",43108,301263,"성림교역","2018-01-08","2018-01-15",1,"EA",130000,1,130000,1,130000,43111,"결제",null,0,null,130000,43111,130000,43111,"상신","결재완료",130000,43159,130000,43159]
[1102,1000046984,50,"물품구매(하지의지-정*영)/손*호",1845600004,"의지하지 실리콘싹스 등 5종/정*영",50,"Z20010568","의지하지-회전조절오목소켓아답타 (의지재료)","Z01",456,null,43108,"최종승인",6167,"손진호",43108,301263,"성림교역","2018-01-08","2018-01-15",1,"EA",102000,1,102000,1,102000,43111,"결제",null,0,null,102000,43111,102000,43111,"상신","결재완료",102000,43159,102000,43159]
[1102,1000047077,10,"물품구매(양*구/강*선)",1845600023,"휠체어활동형 등 2종/양*구",10,"Z20120610","휠체어-활동형-노바제로-티오엠모빌리티","Z01",456,null,43110,"최종승인",26298,"강호선",43112,319782,"주식회사 티오엠모빌리티 (TOM MOBILITY)-폐쇄","2018-01-10","2018-01-17",1,"EA",720000,1,720000,1,720000,43111,"결제",null,0,null,720000,43111,720000,43111,"상신","결재완료",720000,43159,720000,43159]
[1102,1000047077,20,"물품구매(양*구/강*선)",1845600023,"휠체어활동형 등 2종/양*구",20,"Z20120191","휠체어수리-브레이크스타트 (의지재료)","Z01",456,null,43110,"최종승인",26298,"강호선",43112,319782,"주식회사 티오엠모빌리티 (TOM MOBILITY)-폐쇄","2018-01-10","2018-01-17",2,"EA",14000,1,28000,2,28000,43111,"결제",null,0,null,28000,43111,28000,43111,"상신","결재완료",28000,43159,28000,43159]
[1102,1500020442,10,"문서 출력 및 제본",1845600035,"배터리성능평가/문서출력 및 제본",10,null,"문서 출력 및 제본","Z06",456,null,43111,"최종승인",26292,"오혜정",43112,303376,"대동상사","2018-01-11","2018-01-18",1,"EA",476300,1,476300,1,476300,43111,"결제",null,0,null,476300,43111,476300,43111,"상신","결재완료",0,null,476300,43125]
[1102,1000046989,10,"물품구매(김*원-박*표-임*수/강*선)",1845600007,"휠체어꺽기형/김*원/박*표",10,"Z20010641","휠체어-꺽기형미라지7 드럼브레이크(미키) (의지재료)","Z01",456,null,43108,"최종승인",26298,"강호선",43108,301882,"미키메디칼","2018-01-08","2018-01-15",3,"EA",490000,1,1470000,3,1470000,43110,"결제",null,0,null,1470000,43110,1470000,43110,"상신","결재완료",1470000,43159,1470000,43159]
[1102,1000047041,10,"물품구매(기타)",1845600016,"휠체어수리등 5종",10,"Z20120169","휠체어수리-배터리(55Ah) (의지재료)","Z01",456,null,43109,"최종승인",26298,"강호선",43109,301700,"(주)휠로피아","2018-01-09","2018-01-16",4,"EA",100000,1,400000,4,400000,43110,"결제",null,0,null,400000,43110,400000,43110,"상신","결재완료",400000,43159,400000,43159]
[1102,1000047041,20,"물품구매(기타)",1845600016,"휠체어수리등 5종",20,"Z20120163","휠체어수리-배터리(12V,34Ah) (의지재료)","Z01",456,null,43109,"최종승인",26298,"강호선",43109,301700,"(주)휠로피아","2018-01-09","2018-01-16",2,"EA",65000,1,130000,2,130000,43110,"결제",null,0,null,130000,43110,130000,43110,"상신","결재완료",130000,43159,130000,43159]
[1102,1000047041,30,"물품구매(기타)",1845600016,"휠체어수리등 5종",30,"Z20120335","휠체어수리-타이어스포츠용휠로피아(24in) (의지재료)","Z01",456,null,43109,"최종승인",26298,null,43109,301700,"(주)휠로피아","2018-01-09","2018-01-16",10,"EA",23200,1,232000,10,232000,43110,"결제",null,0,null,232000,43110,232000,43110,"상신","결재완료",232000,43159,232000,43159]
[1102,1000047041,40,"물품구매(기타)",1845600016,"휠체어수리등 5종",40,"Z20120561","타이어-24\"마라톤점검 (퓔로피아) (의지재료)","Z01",456,null,43109,"최종승인",26298,"강호선",43109,301700,"(주)휠로피아","2018-01-09","2018-01-16",10,"EA",32000,1,320000,10,320000,43110,"결제",null,0,null,320000,43110,320000,43110,"상신","결재완료",320000,43159,320000,43159]
[1102,1000047041,50,"물품구매(기타)",1845600016,"휠체어수리등 5종",50,"Z20120222","휠체어수리-스쿠터용튜브10in3.00-4휠로피아(10in) (의지재료)","Z01",456,null,43109,"최종승인",26298,"강호선",43109,301700,"(주)휠로피아","2018-01-09","2018-01-16",4,"EA",6000,1,24000,4,24000,43110,"결제",null,0,null,24000,43110,24000,43110,"상신","결재완료",24000,43159,24000,43159]
[1102,1000047053,10,"물품구매(김*길)전*만",1845600027,"욕창예방방석/김*길",10,"Z20130024","욕창예방방석공기격자형-커트로 (의지재료)","Z01",456,null,43110,"최종승인",6160,"전영만",43112,305386,"(주) 오토복코리아헬스케어","2018-01-10","2018-01-17",1,"EA",370000,1,370000,1,370000,43110,"결제",null,0,null,370000,43110,370000,43110,"상신","결재완료",370000,43159,370000,43159]
[1102,1000046988,10,"물품구매(김*근-고*아-임*수/강*선)",1845600006,"휠체어활동형 등 2종/김*근/고*아/임*수",10,"Z20120610","휠체어-활동형-노바제로-티오엠모빌리티","Z01",456,null,43108,"최종승인",26298,"강호선",43108,319782,"주식회사 티오엠모빌리티 (TOM MOBILITY)-폐쇄","2018-01-08","2018-01-15",3,"EA",720000,1,2160000,3,2160000,43109,"결제",null,0,null,2160000,43109,2160000,43109,"상신","결재완료",2160000,43159,2160000,43159]
[1102,1000046988,20,"물품구매(김*근-고*아-임*수/강*선)",1845600006,"휠체어활동형 등 2종/김*근/고*아/임*수",20,"Z20120611","휠체어수리-팔걸이조립-노바제로용-티오엠보빌리티","Z01",456,null,43108,"최종승인",26298,"강호선",43108,319782,"주식회사 티오엠모빌리티 (TOM MOBILITY)-폐쇄","2018-01-08","2018-01-15",3,"EA",40000,1,120000,3,120000,43109,"결제",null,0,null,120000,43109,120000,43109,"상신","결재완료",120000,43159,120000,43159]
[1102,1000046990,10,"물품구매(윤*식/강*선)",1845600008,"휠체어전동형/윤*식",10,"Z20120559","휠체어전동형 KP31 (휠로피아) (의지재료)","Z01",456,null,43108,"최종승인",26298,"강호선",43108,301700,"(주)휠로피아","2018-01-08","2018-01-15",1,"EA",1860000,1,1860000,1,1860000,43109,"결제",null,0,null,1860000,43109,1860000,43109,"상신","결재완료",1860000,43159,1860000,43159]
[1102,1000047011,10,"물품구매(기타)",1845600009,"휠체어수리 배터리 등 4종",10,"Z20120616","휠체어수리-배터리(12V62AH)","Z01",456,null,43108,"최종승인",26298,"강호선",43108,301700,"(주)휠로피아","2018-01-08","2018-01-15",4,"EA",105000,1,420000,4,420000,43109,"결제",null,0,null,420000,43109,420000,43109,"상신","결재완료",420000,43159,420000,43159]
[1102,1000047011,20,"물품구매(기타)",1845600009,"휠체어수리 배터리 등 4종",20,"Z20120332","휠체어수리-타이어산악용일산(24,25in) (의지재료)","Z01",456,null,43108,"최종승인",26298,"강호선",43108,301700,"(주)휠로피아","2018-01-08","2018-01-15",10,"EA",23200,1,232000,10,232000,43109,"결제",null,0,null,232000,43109,232000,43109,"상신","결재완료",232000,43159,232000,43159]
[1102,1000047011,30,"물품구매(기타)",1845600009,"휠체어수리 배터리 등 4종",30,"Z20120545","휠체어수리-휠체어타이어-전동용 9' 휠로피아 (의지재료)","Z01",456,null,43108,"최종승인",26298,"강호선",43108,301700,"(주)휠로피아","2018-01-08","2018-01-15",4,"EA",8000,1,32000,4,32000,43109,"결제",null,0,null,32000,43109,32000,43109,"상신","결재완료",32000,43159,32000,43159]
[1102,1000047011,40,"물품구매(기타)",1845600009,"휠체어수리 배터리 등 4종",40,"Z20120542","휠체어수리-휠체어튜브-전동용 9' 휠로피아 (의지재료)","Z01",456,null,43108,"최종승인",26298,"강호선",43108,301700,"(주)휠로피아","2018-01-08","2018-01-15",4,"EA",6000,1,24000,4,24000,43109,"결제",null,0,null,24000,43109,24000,43109,"상신","결재완료",24000,43159,24000,43159]
[1102,1000047013,10,"물품구매(최*훈/강*선)",1845600011,"전동휠체어/최*훈",10,"Z20010856","전동휠체어-P30 이지무브","Z01",456,null,43108,"최종승인",26298,"강호선",43108,302366,"주식회사 이지무브","2018-01-08","2018-01-15",1,"EA",2050000,1,2050000,1,2050000,43109,"결제",null,0,null,2050000,43109,2050000,43109,"상신","결재완료",2050000,43159,2050000,43159]
[1102,1000047012,10,"물품구매(최*수/강*선)",1845600010,"휠체어침대형/최*수",10,"Z20120619","휠체어침대형-P.7005파트너(대세)","Z01",456,null,43108,"최종승인",26298,null,43108,306977,"(주)대세엠케어 경인지점 (인천)","2018-01-08","2018-01-15",1,"EA",450000,1,450000,1,450000,43108,"결제",null,0,null,450000,43108,450000,43108,"상신","결재완료",450000,43159,450000,43159]
[1102,1000047016,10,"물품구매(테크니컬하네스/법인카드)",1845600013,"맞춤형근골격/테크니컬하네스",10,"Z20050524","맞춤형근골격(연구재료)","Z01",456,null,43133,"최종승인",27607,"이종원",43109,516570269,"연구-0269(맞춤형근골격)","2018-01-08","2018-02-09",2,"EA",146000,1,292000,2,292000,43108,"결제",null,0,null,292000,43108,292000,43108,"상신","결재완료",0,null,292000,43126]
[1102,1000047017,10,"물품구매(IMU센서모듈/법인카드)",1845600012,"맞춤형근골격/imu센서모듈",10,"Z20050524","맞춤형근골격(연구재료)","Z01",456,null,43133,"최종승인",27607,"이종원",43109,516570269,"연구-0269(맞춤형근골격)","2018-01-08","2018-02-09",3,"EA",159500,1,478500,3,478500,43108,"결제",null,0,null,478500,43108,478500,43108,"상신","결재완료",0,null,478500,43126]
[1102,1000072237,10,null,null,null,0,"Z20050649","로봇용 고정밀 감속기 성능시험기","Z01",456,null,44186,"최종승인",11509,"장대진",null,null,null,null,null,0,"EA",0,0,0,0,0,null,null,null,0,null,0,null,0,null,null,null,0,null,0]
[1102,1000072237,20,null,null,null,0,"Z20050649","지그설계","Z01",456,null,44186,"최종승인",11509,"장대진",null,null,null,null,null,0,"EA",0,0,0,0,0,null,null,null,0,null,0,null,0,null,null,null,0,null,0]
[1102,1000072508,10,null,null,null,0,"Z20010533","의지하지-실리콘싹스코니칼+스텐다드대퇴용(미국산) (의지재료) (의지재료)","Z01",456,null,44172,"미상신(반려)",28716,"손민지",null,null,null,null,null,0,"EA",0,0,0,0,0,null,null,null,0,null,0,null,0,null,null,null,0,null,0]
[1102,1000072687,10,null,null,null,0,"Z20010422","의지하지-단축발발목장식알루미늄포함셋트(독일산) (의지재료) (의지재료)","Z01",456,null,44176,"미상신(반려)",8219,"김수동",null,null,null,null,null,0,"EA",0,0,0,0,0,null,null,null,0,null,0,null,0,null,null,null,0,null,0]
[1102,1000072687,20,null,null,null,0,"Z20010581","의지하지-발트리아스(독일산) (의지재료) (의지재료)","Z01",456,null,44176,"미상신(반려)",8219,"김수동",null,null,null,null,null,0,"EA",0,0,0,0,0,null,null,null,0,null,0,null,0,null,null,null,0,null,0]
[1102,1000072688,10,null,null,null,0,"Z20010532","의지하지-실리콘싹스컴포트하퇴용(외산) (의지재료) (의지재료)","Z01",456,null,44176,"미상신(반려)",8219,"김수동",null,null,null,null,null,0,"EA",0,0,0,0,0,null,null,null,0,null,0,null,0,null,null,null,0,null,0]
[1102,1000072688,20,null,null,null,0,"Z20010546","의지하지-실리콘싹스X5씰린대퇴용(미국산) (의지재료) (의지재료)","Z01",456,null,44176,"미상신(반려)",8219,"김수동",null,null,null,null,null,0,"EA",0,0,0,0,0,null,null,null,0,null,0,null,0,null,null,null,0,null,0]
[1102,1000072688,30,null,null,null,0,"Z20010570","의지하지-흡입밸브실린라이너대퇴용(미국산) (의지재료) (의지재료)","Z01",456,null,44176,"미상신(반려)",8219,"김수동",null,null,null,null,null,0,"EA",0,0,0,0,0,null,null,null,0,null,0,null,0,null,null,null,0,null,0]
[1102,1000072688,40,null,null,null,0,"Z20011294","의지하지-풋커버신형","Z01",456,null,44176,"미상신(반려)",8219,"김수동",null,null,null,null,null,0,"EA",0,0,0,0,0,null,null,null,0,null,0,null,0,null,null,null,0,null,0]
[1102,1000072689,10,null,null,null,0,"Z20010368","의지상지-미관형의수실리콘리갈(외산) (의지재료) (의지재료)","Z01",456,null,44179,"미상신(반려)",11764,"조혜정",null,null,null,null,null,0,"EA",0,0,0,0,0,null,null,null,0,null,0,null,0,null,null,null,0,null,0]
[1102,1000072754,10,null,null,null,0,"Z20050765","헬스케어(연구재료)","Z01",456,null,44181,"최종승인",27685,"황석진",null,null,null,null,null,0,"EA",0,0,0,0,0,null,null,null,0,null,0,null,0,null,null,null,0,null,0]
[1102,1000072754,20,null,null,null,0,"Z20050765","헬스케어(연구재료)","Z01",456,null,44181,"최종승인",27685,"황석진",null,null,null,null,null,0,"EA",0,0,0,0,0,null,null,null,0,null,0,null,0,null,null,null,0,null,0]
[1102,1000072789,10,null,null,null,0,"Z20050807","외골격로봇(연구재료)","Z01",456,null,44188,"상신",27520,"최혁재",null,null,null,null,null,0,"EA",0,0,0,0,0,null,null,null,0,null,0,null,0,null,null,null,0,null,0]
[1102,1200002139,10,"방수.방풍 및 철거 보수공사",2045700001,"방수 방품 철거 보수공사",10,null,"방수.방풍 철거보수공사","Z03",457,null,44179,"최종승인",28101,"김형국",44180,324726,"예향건설 주식회사","2020-12-14","2020-12-31",1,"식",4700000,1,4700000,0,0,null,null,null,0,null,0,null,0,null,null,null,0,null,0]
[1102,1300013178,10,null,null,null,0,null,"연구실 정밀안전진단 비용","Z04",456,null,44159,"최종승인",9294,"최종문",null,null,null,null,null,0,"AU",0,0,0,0,0,null,null,null,0,null,0,null,0,null,null,null,0,null,0]
[1102,1300013398,10,null,null,null,0,null,"로봇용 고정밀 감속기 성능 시험기","Z04",456,null,44183,"최종승인",11509,"장대진",null,null,null,null,null,0,"AU",0,0,0,0,0,null,null,null,0,null,0,null,0,null,null,null,0,null,0]
[1102,1300013398,20,null,null,null,0,null,"지그 설계","Z04",456,null,44183,"최종승인",11509,"장대진",null,null,null,null,null,0,"AU",0,0,0,0,0,null,null,null,0,null,0,null,0,null,null,null,0,null,0]
[1102,1500032731,10,null,null,null,0,"Z20050765","헬스케어(연구재료)","Z06",456,null,43979,"최종승인",27353,"강정선",null,null,null,null,null,0,"EA",0,0,0,0,0,null,null,null,0,null,0,null,0,null,null,null,0,null,0]
[1102,1500035966,10,"청소용품 구매",2045602065,"염화칼슘 등 3종",10,null,"트리오/1Kg*12","Z06",456,null,44180,"최종승인",null,null,44182,313863,"주식회사 꿈이있는일터","2020-12-15","2020-12-18",1,"BOX",21000,1,21000,0,0,null,null,null,0,null,0,null,0,null,null,null,0,null,0]
[1102,1500035966,20,"청소용품 구매",2045602065,"염화칼슘 등 3종",20,null,"박리제/K-1","Z06",456,null,44180,"최종승인",null,null,44182,313863,"주식회사 꿈이있는일터","2020-12-15","2020-12-18",3,"말",23000,1,69000,0,0,null,null,null,0,null,0,null,0,null,null,null,0,null,0]
[1102,1500035966,30,"청소용품 구매",2045602065,"염화칼슘 등 3종",30,null,"염화칼슘 94% 20Kg","Z06",456,null,44180,"최종승인",null,null,44182,313863,"주식회사 꿈이있는일터","2020-12-15","2020-12-18",6,"포",17000,1,102000,0,0,null,null,null,0,null,0,null,0,null,null,null,0,null,0]
[1102,1000061744,10,null,null,null,0,"Z20010372","의지상지-미관형의수지실리콘 (의지재료) (의지재료)","Z01",456,null,43714,"최종승인",6166,"김현종",null,null,null,null,null,0,"EA",0,0,0,0,0,null,null,null,0,null,0,null,0,null,null,null,0,null,0]
[1102,1000061749,10,null,null,null,0,"Z20010471","의지하지-발목장식오토복단축식알루미늄(독일산) (의지재료) (의지재료)","Z01",456,null,43714,"최종승인",8445,"차민국",null,null,null,null,null,0,"EA",0,0,0,0,0,null,null,null,0,null,0,null,0,null,null,null,0,null,0]
[1102,1000061749,20,null,null,null,0,"Z20010943","의지하지-실리콘 젤 라이너(6Y70)(독일산) (의지재료)","Z01",456,null,43714,"최종승인",8445,"차민국",null,null,null,null,null,0,"EA",0,0,0,0,0,null,null,null,0,null,0,null,0,null,null,null,0,null,0]
[1102,1000061749,30,null,null,null,0,"Z20010545","의지하지-실리콘싹스향균젤라이너하퇴용(독일산) (의지재료) (의지재료)","Z01",456,null,43714,"최종승인",8445,"차민국",null,null,null,null,null,0,"EA",0,0,0,0,0,null,null,null,0,null,0,null,0,null,null,null,0,null,0]
[1102,1300009752,10,null,null,null,0,null,"4층 연구원실 복합기 임차 및 유지보수","Z04",458,null,43516,"미상신(반려)",null,null,null,null,null,null,null,0,"AU",0,0,0,0,0,null,null,null,0,null,0,null,0,null,null,null,0,null,0]
[1102,1500026133,10,null,null,null,0,null,"팩스(L174)용 토너","Z06",456,null,43497,"미상신(반려)",4732,"이경진",null,null,null,null,null,0,"EA",0,0,0,0,0,null,null,null,0,null,0,null,0,null,null,null,0,null,0]
[1102,1500028286,10,null,null,null,0,null,"전기용품 도어체크외 16종","Z06",456,null,43658,"미상신(반려)",28101,"김형국",null,null,null,null,null,0,"식",0,0,0,0,0,null,null,null,0,null,0,null,0,null,null,null,0,null,0]
[1102,1500028731,10,"홍보용 물품(블루투스 이어폰) 구매",1945601565,"홍보용물품 블루투스 이어폰",10,null,"홍보용 물품(블루투스 이어폰) 구매","Z06",456,null,43690,"최종승인",4411,"이영경",43691,325915,"주식회사 빅트레이더스","2019-08-13","2019-08-26",100,"EA",24300,1,2430000,0,0,null,null,null,0,null,0,null,0,null,null,null,0,null,0]
[1102,1500029565,10,null,null,null,0,null,"무릎보호대","Z06",456,null,43754,"최종승인",27520,"최혁재",null,null,null,null,null,0,"EA",0,0,0,0,0,null,null,null,0,null,0,null,0,null,null,null,0,null,0]
[1102,1500029566,10,null,null,null,0,null,"모래주머니","Z06",456,null,43754,"최종승인",27520,"최혁재",null,null,null,null,null,0,"SET",0,0,0,0,0,null,null,null,0,null,0,null,0,null,null,null,0,null,0]
[1102,1500029566,20,null,null,null,0,null,"무릎쿠션보호대","Z06",456,null,43754,"최종승인",27520,"최혁재",null,null,null,null,null,0,"SET",0,0,0,0,0,null,null,null,0,null,0,null,0,null,null,null,0,null,0]
[1102,1500029566,30,null,null,null,0,null,"욕창방지매트","Z06",456,null,43754,"최종승인",27520,"최혁재",null,null,null,null,null,0,"SET",0,0,0,0,0,null,null,null,0,null,0,null,0,null,null,null,0,null,0]
[1102,1500029567,10,null,null,null,0,null,"체간부지지 버클","Z06",456,null,43754,"최종승인",27520,"최혁재",null,null,null,null,null,0,"SET",0,0,0,0,0,null,null,null,0,null,0,null,0,null,null,null,0,null,0]
[1102,1500029567,20,null,null,null,0,null,"체간부지지 버클 조리개","Z06",456,null,43754,"최종승인",27520,"최혁재",null,null,null,null,null,0,"SET",0,0,0,0,0,null,null,null,0,null,0,null,0,null,null,null,0,null,0]
[1102,1500029567,30,null,null,null,0,null,"체간부지지 알루이늄 버클","Z06",456,null,43754,"최종승인",27520,"최혁재",null,null,null,null,null,0,"SET",0,0,0,0,0,null,null,null,0,null,0,null,0,null,null,null,0,null,0]
[1102,1500029567,40,null,null,null,0,null,"체간부지지 버클 조리개","Z06",456,null,43754,"최종승인",27520,"최혁재",null,null,null,null,null,0,"SET",0,0,0,0,0,null,null,null,0,null,0,null,0,null,null,null,0,null,0]
[1102,1500030386,10,null,null,null,0,null,"사무용책상_연구원","Z06",456,null,43811,"최종승인",null,null,null,null,null,null,null,0,"개",0,0,0,0,0,null,null,null,0,null,0,null,0,null,null,null,0,null,0]
[1102,1500030404,10,null,null,null,0,null,"캐비닛_연구원실_신규연구원","Z06",456,null,43811,"최종승인",null,null,null,null,null,null,null,0,"개",0,0,0,0,0,null,null,null,0,null,0,null,0,null,null,null,0,null,0]
[1102,1000049087,10,null,null,null,0,"Z20010367","의지상지-미관형의수실리콘두손 (의지재료)","Z01",456,null,43189,"최종승인",6166,"김현종",null,null,null,null,null,0,"EA",0,0,0,0,0,null,null,null,0,null,0,null,0,null,null,null,0,null,0]
[1102,1000049087,20,null,null,null,0,"Z20010372","의지상지-미관형의수지실리콘 (의지재료)","Z01",456,null,43189,"최종승인",6166,"김현종",null,null,null,null,null,0,"EA",0,0,0,0,0,null,null,null,0,null,0,null,0,null,null,null,0,null,0]
[1102,1000049088,10,null,null,null,0,"Z20120056","휠체어꺽기형-미라지7핸드림스텐미키 (의지재료)","Z01",456,null,43189,"최종승인",6166,"김현종",null,null,null,null,null,0,"EA",0,0,0,0,0,null,null,null,0,null,0,null,0,null,null,null,0,null,0]
[1102,1000049089,10,null,null,null,0,"Z20010542","의지하지-실리콘싹스향균라이너대퇴용(독일산) (의지재료)","Z01",456,null,43189,"최종승인",6166,"김현종",null,null,null,null,null,0,"EA",0,0,0,0,0,null,null,null,0,null,0,null,0,null,null,null,0,null,0]
[1102,1000049090,10,null,null,null,0,"Z20010507","의지하지-실리콘싹스국산(국산) (의지재료)","Z01",456,null,43189,"최종승인",6166,"김현종",null,null,null,null,null,0,"EA",0,0,0,0,0,null,null,null,0,null,0,null,0,null,null,null,0,null,0]
[1102,1000049091,10,null,null,null,0,"Z20010368","의지상지-미관형의수실리콘리갈(외산) (의지재료)","Z01",456,null,43189,"최종승인",6166,"김현종",null,null,null,null,null,0,"EA",0,0,0,0,0,null,null,null,0,null,0,null,0,null,null,null,0,null,0]
[1102,1000049093,10,null,null,null,0,"Z20010610","보조기구두-특수보조화(목이높은구두) (의지재료)","Z01",456,null,43189,"최종승인",6166,"김현종",null,null,null,null,null,0,"EA",0,0,0,0,0,null,null,null,0,null,0,null,0,null,null,null,0,null,0]
[1102,1000049094,10,null,null,null,0,"Z20010900","의지상지-전자의수완관절용BK(국산)","Z01",456,null,43189,"최종승인",6166,"김현종",null,null,null,null,null,0,"EA",0,0,0,0,0,null,null,null,0,null,0,null,0,null,null,null,0,null,0]
[1102,1000049560,10,null,null,null,0,"Z20050113","직무지원 연구재료 (연구재료)","Z01",456,null,43187,"미상신(반려)",6140,"강성재",null,null,null,null,null,0,"EA",0,0,0,0,0,null,null,null,0,null,0,null,0,null,null,null,0,null,0]
[1102,1000050228,30,null,null,null,0,"Z20010339","소모품-P.P외산(3x120x240) (의지재료) (의지재료)","Z01",456,null,43236,"최종승인",26461,"조혜정",null,null,null,null,null,0,"EA",0,0,0,0,0,null,null,null,0,null,0,null,0,null,null,null,0,null,0]
[1102,1000050228,40,null,null,null,0,"Z20010340","소모품-P.P외산(4x100x200) (의지재료) (의지재료)","Z01",456,null,43236,"최종승인",26461,"조혜정",null,null,null,null,null,0,"EA",0,0,0,0,0,null,null,null,0,null,0,null,0,null,null,null,0,null,0]
[1102,1000052109,10,null,null,null,0,"Z20130029","욕창예방방석공기격자형-Smdub0003(8x9x5) (의지재료) (의지재","Z01",456,null,43313,"최종승인",6166,"김현종",null,null,null,null,null,0,"EA",0,0,0,0,0,null,null,null,0,null,0,null,0,null,null,null,0,null,0]
[1102,1000052131,20,null,null,null,0,"Z20010565","소모품-하퇴용스탐프싹스국산 (의지재료) (의지재료)","Z01",456,null,43313,"최종승인",26461,"조혜정",null,null,null,null,null,0,"EA",0,0,0,0,0,null,null,null,0,null,0,null,0,null,null,null,0,null,0]
[1102,1000052252,10,null,null,null,0,"Z20050607","스마트소켓(연구재료) (연구재료)","Z01",456,null,43403,"미상신(반려)",28006,"오용식",null,null,null,null,null,0,"EA",0,0,0,0,0,null,null,null,0,null,0,null,0,null,null,null,0,null,0]
[1102,1000052295,10,null,null,null,0,"Z20050686","골유착임플란트(연구재료)","Z01",456,null,43336,"최종승인",6138,"박세훈",null,null,null,null,null,0,"EA",0,0,0,0,0,null,null,null,0,null,0,null,0,null,null,null,0,null,0]
[1102,1000052304,10,null,null,null,0,"Z20050607","스마트소켓(연구재료) (연구재료)","Z01",456,null,43383,"최종승인",28006,"오용식",null,null,null,null,null,0,"EA",0,0,0,0,0,null,null,null,0,null,0,null,0,null,null,null,0,null,0]
[1102,1000052304,20,null,null,null,0,"Z20050607","스마트소켓(연구재료) (연구재료)","Z01",456,null,43383,"최종승인",28006,"오용식",null,null,null,null,null,0,"EA",0,0,0,0,0,null,null,null,0,null,0,null,0,null,null,null,0,null,0]
[1102,1000052304,30,null,null,null,0,"Z20050607","스마트소켓(연구재료) (연구재료)","Z01",456,null,43383,"최종승인",28006,"오용식",null,null,null,null,null,0,"EA",0,0,0,0,0,null,null,null,0,null,0,null,0,null,null,null,0,null,0]
[1102,1000052304,40,null,null,null,0,"Z20050607","스마트소켓(연구재료) (연구재료)","Z01",456,null,43383,"최종승인",28006,"오용식",null,null,null,null,null,0,"EA",0,0,0,0,0,null,null,null,0,null,0,null,0,null,null,null,0,null,0]
[1102,1000053572,10,"물품구매(HTC VIVE 등 2건/세금계산서)",1845601944,"직무지원/htc vive 등 2종",10,"Z20050113","직무지원 연구재료 (연구재료) (연구재료)","Z01",456,null,43399,"최종승인",6898,"고창용",43375,301193,"제이씨현시스템(주)","2018-10-02","2018-11-02",1,"EA",735455,1,735455,0,0,null,null,null,0,null,0,null,0,null,null,null,0,null,0]
[1102,1000053572,20,"물품구매(HTC VIVE 등 2건/세금계산서)",1845601944,"직무지원/htc vive 등 2종",20,"Z20050113","직무지원 연구재료 (연구재료) (연구재료)","Z01",456,null,43399,"최종승인",6898,"고창용",43375,301193,"제이씨현시스템(주)","2018-10-02","2018-11-02",1,"EA",69091,1,69091,0,0,null,null,null,0,null,0,null,0,null,null,null,0,null,0]
[1102,1000053782,10,null,null,null,0,"Z20010367","의지상지-미관형의수실리콘두손 (의지재료) (의지재료)","Z01",456,null,43385,"최종승인",6166,"김현종",null,null,null,null,null,0,"EA",0,0,0,0,0,null,null,null,0,null,0,null,0,null,null,null,0,null,0]
[1102,1000053782,20,null,null,null,0,"Z20010363","의지상지-미관형의수레진두손 (의지재료) (의지재료)","Z01",456,null,43385,"최종승인",6166,"김현종",null,null,null,null,null,0,"EA",0,0,0,0,0,null,null,null,0,null,0,null,0,null,null,null,0,null,0]
[1102,1000054398,10,null,null,null,0,"Z20050686","골유착임플란트(연구재료)","Z01",456,null,43423,"미상신(반려)",6138,"박세훈",null,null,null,null,null,0,"EA",0,0,0,0,0,null,null,null,0,null,0,null,0,null,null,null,0,null,0]
[1102,1000054398,20,null,null,null,0,"Z20050686","골유착임플란트(연구재료)","Z01",456,null,43423,"미상신(반려)",6138,"박세훈",null,null,null,null,null,0,"EA",0,0,0,0,0,null,null,null,0,null,0,null,0,null,null,null,0,null,0]
[1102,1000054443,10,null,null,null,0,"Z20010508","의지하지-실리콘싹스대퇴용(대퇴용) (의지재료) (의지재료)","Z01",456,null,43411,"최종승인",6158,"신무현",null,null,null,null,null,0,"EA",0,0,0,0,0,null,null,null,0,null,0,null,0,null,null,null,0,null,0]
[1102,1000054601,10,null,null,null,0,"Z20010367","의지상지-미관형의수실리콘두손 (의지재료) (의지재료)","Z01",456,null,43419,"최종승인",26461,"조혜정",null,null,null,null,null,0,"EA",0,0,0,0,0,null,null,null,0,null,0,null,0,null,null,null,0,null,0]
[1102,1000054601,20,null,null,null,0,"Z20010363","의지상지-미관형의수레진두손 (의지재료) (의지재료)","Z01",456,null,43419,"최종승인",26461,"조혜정",null,null,null,null,null,0,"EA",0,0,0,0,0,null,null,null,0,null,0,null,0,null,null,null,0,null,0]
[1102,1000054601,30,null,null,null,0,"Z20010360","의지상지-미관형발레진 (의지재료) (의지재료)","Z01",456,null,43419,"최종승인",26461,"조혜정",null,null,null,null,null,0,"EA",0,0,0,0,0,null,null,null,0,null,0,null,0,null,null,null,0,null,0]
[1102,1000054986,10,null,null,null,0,"Z20010532","의지하지-실리콘싹스컴포트하퇴용(외산) (의지재료) (의지재료)","Z01",456,null,43434,"최종승인",8445,"차민국",null,null,null,null,null,0,"EA",0,0,0,0,0,null,null,null,0,null,0,null,0,null,null,null,0,null,0]
[1102,1000054987,10,null,null,null,0,"Z20010507","의지하지-실리콘싹스국산(국산) (의지재료) (의지재료)","Z01",456,null,43434,"최종승인",8445,"차민국",null,null,null,null,null,0,"EA",0,0,0,0,0,null,null,null,0,null,0,null,0,null,null,null,0,null,0]
[1102,1000055137,10,null,null,null,0,"Z20050113","직무지원 연구재료 (연구재료) (연구재료)","Z01",456,null,43448,"최종승인",27961,"홍범기",null,null,null,null,null,0,"EA",0,0,0,0,0,null,null,null,0,null,0,null,0,null,null,null,0,null,0]
[1102,1100004364,10,null,null,null,0,null,"진공펌프","Z02",456,null,43451,"미상신(반려)",6154,"김순종",null,null,null,null,null,0,"EA",0,0,0,0,0,null,null,null,0,null,0,null,0,null,null,null,0,null,0]
[1102,1100004364,20,null,null,null,0,null,"공업용미싱","Z02",456,null,43451,"미상신(반려)",6154,"김순종",null,null,null,null,null,0,"EA",0,0,0,0,0,null,null,null,0,null,0,null,0,null,null,null,0,null,0]
[1102,1100004434,10,null,null,null,0,null,"항온항습기","Z02",456,null,43460,"미상신(반려)",6154,"김순종",null,null,null,null,null,0,"EA",0,0,0,0,0,null,null,null,0,null,0,null,0,null,null,null,0,null,0]
[1102,1300007940,10,null,null,null,0,null,"2018년 1월 보건관리대행료","Z04",458,null,43168,"최종승인",4729,"김선경",null,null,null,null,null,0,"EA",0,0,0,0,0,null,null,null,0,null,0,null,0,null,null,null,0,null,0]
[1102,1300009262,10,null,null,null,0,null,"대구서비스센터 환경개선공사","Z04",458,null,43431,"최종승인",5031,"김찬호",null,null,null,null,null,0,"EA",0,0,0,0,0,null,null,null,0,null,0,null,0,null,null,null,0,null,0]
[1102,1300009287,10,null,null,null,0,null,"인공지능기반 디지털 소켓제작 SW개발 연구용역","Z04",456,null,43434,"미상신(반려)",6145,"조현석",null,null,null,null,null,0,"AU",0,0,0,0,0,null,null,null,0,null,0,null,0,null,null,null,0,null,0]
[1102,1500023175,10,null,null,null,0,null,"LED Buib Lamp","Z06",456,null,43307,"미상신(반려)",28101,"김형국",null,null,null,null,null,0,"개",0,0,0,0,0,null,null,null,0,null,0,null,0,null,null,null,0,null,0]
[1102,1500023175,20,null,null,null,0,null,"정욘식 감지기","Z06",456,null,43307,"미상신(반려)",28101,"김형국",null,null,null,null,null,0,"개",0,0,0,0,0,null,null,null,0,null,0,null,0,null,null,null,0,null,0]
[1102,1500023175,30,null,null,null,0,null,"연기식 감지기","Z06",456,null,43307,"미상신(반려)",28101,"김형국",null,null,null,null,null,0,"개",0,0,0,0,0,null,null,null,0,null,0,null,0,null,null,null,0,null,0]
[1102,1500023175,40,null,null,null,0,null,"차동식감지기","Z06",456,null,43307,"미상신(반려)",28101,"김형국",null,null,null,null,null,0,"개",0,0,0,0,0,null,null,null,0,null,0,null,0,null,null,null,0,null,0]
[1102,1500023175,50,null,null,null,0,null,"Multi Consent","Z06",456,null,43307,"미상신(반려)",28101,"김형국",null,null,null,null,null,0,"개",0,0,0,0,0,null,null,null,0,null,0,null,0,null,null,null,0,null,0]
[1102,1500023175,60,null,null,null,0,null,"AL-ka Battery AAA","Z06",456,null,43307,"미상신(반려)",28101,"김형국",null,null,null,null,null,0,"개",0,0,0,0,0,null,null,null,0,null,0,null,0,null,null,null,0,null,0]
[1102,1500023175,70,null,null,null,0,null,"AL-ka Battery AA","Z06",456,null,43307,"미상신(반려)",28101,"김형국",null,null,null,null,null,0,"개",0,0,0,0,0,null,null,null,0,null,0,null,0,null,null,null,0,null,0]
[1102,1500023175,80,null,null,null,0,null,"CCTV용 교류Adaptor","Z06",456,null,43307,"미상신(반려)",28101,"김형국",null,null,null,null,null,0,"개",0,0,0,0,0,null,null,null,0,null,0,null,0,null,null,null,0,null,0]
[1102,1500023175,90,null,null,null,0,null,"T-5 Lamp 28w","Z06",456,null,43307,"미상신(반려)",28101,"김형국",null,null,null,null,null,0,"개",0,0,0,0,0,null,null,null,0,null,0,null,0,null,null,null,0,null,0]
[1102,1500023175,100,null,null,null,0,null,"Terminal 압착기","Z06",456,null,43307,"미상신(반려)",28101,"김형국",null,null,null,null,null,0,"개",0,0,0,0,0,null,null,null,0,null,0,null,0,null,null,null,0,null,0]
[1102,1500023175,110,null,null,null,0,null,"철판기리 2.5 sus","Z06",456,null,43307,"미상신(반려)",28101,"김형국",null,null,null,null,null,0,"개",0,0,0,0,0,null,null,null,0,null,0,null,0,null,null,null,0,null,0]
[1102,1500023175,120,null,null,null,0,null,"LED 조명컨버터","Z06",456,null,43307,"미상신(반려)",28101,"김형국",null,null,null,null,null,0,"개",0,0,0,0,0,null,null,null,0,null,0,null,0,null,null,null,0,null,0]
[1102,1500023799,10,null,null,null,0,null,"컬러프린트토너(검정)","Z06",456,null,43347,"미상신(반려)",27158,"정보라",null,null,null,null,null,0,"EA",0,0,0,0,0,null,null,null,0,null,0,null,0,null,null,null,0,null,0]
[1102,1500023799,20,null,null,null,0,null,"컬러프린트토너(파랑)","Z06",456,null,43347,"미상신(반려)",27158,"정보라",null,null,null,null,null,0,"EA",0,0,0,0,0,null,null,null,0,null,0,null,0,null,null,null,0,null,0]
[1102,1500023799,30,null,null,null,0,null,"컬러프린트토너(빨강)","Z06",456,null,43347,"미상신(반려)",27158,"정보라",null,null,null,null,null,0,"EA",0,0,0,0,0,null,null,null,0,null,0,null,0,null,null,null,0,null,0]
[1102,1500023799,40,null,null,null,0,null,"컬러프린트토너(노랑)","Z06",456,null,43347,"미상신(반려)",27158,"정보라",null,null,null,null,null,0,"EA",0,0,0,0,0,null,null,null,0,null,0,null,0,null,null,null,0,null,0]
[1102,1500024594,10,null,null,null,0,null,"혼합형메모지","Z06",456,null,43399,"미상신(반려)",4752,"이은아",null,null,null,null,null,0,"EA",0,0,0,0,0,null,null,null,0,null,0,null,0,null,null,null,0,null,0]
[1102,1500024594,20,null,null,null,0,null,"칼라정부화일(노랑)","Z06",456,null,43399,"미상신(반려)",4752,"이은아",null,null,null,null,null,0,"EA",0,0,0,0,0,null,null,null,0,null,0,null,0,null,null,null,0,null,0]
[1102,1500024594,30,null,null,null,0,null,"무선프리젠더","Z06",456,null,43399,"미상신(반려)",4752,"이은아",null,null,null,null,null,0,"EA",0,0,0,0,0,null,null,null,0,null,0,null,0,null,null,null,0,null,0]
[1102,1500024594,40,null,null,null,0,null,"경조사봉투(부의)","Z06",456,null,43399,"미상신(반려)",4752,"이은아",null,null,null,null,null,0,"EA",0,0,0,0,0,null,null,null,0,null,0,null,0,null,null,null,0,null,0]
[1102,1500024594,50,null,null,null,0,null,"경조사봉투(화혼)","Z06",456,null,43399,"미상신(반려)",4752,"이은아",null,null,null,null,null,0,"EA",0,0,0,0,0,null,null,null,0,null,0,null,0,null,null,null,0,null,0]
[1102,1500024594,60,null,null,null,0,null,"경조사봉투(결혼)","Z06",456,null,43399,"미상신(반려)",4752,"이은아",null,null,null,null,null,0,"EA",0,0,0,0,0,null,null,null,0,null,0,null,0,null,null,null,0,null,0]
[1102,1500024594,70,null,null,null,0,null,"듀라셀건전지AA","Z06",456,null,43399,"미상신(반려)",4752,"이은아",null,null,null,null,null,0,"EA",0,0,0,0,0,null,null,null,0,null,0,null,0,null,null,null,0,null,0]
[1102,1500024594,80,null,null,null,0,null,"듀라셀건전지AAA","Z06",456,null,43399,"미상신(반려)",4752,"이은아",null,null,null,null,null,0,"EA",0,0,0,0,0,null,null,null,0,null,0,null,0,null,null,null,0,null,0]
[1102,1500024594,90,null,null,null,0,null,"종이양면테이프","Z06",456,null,43399,"미상신(반려)",4752,"이은아",null,null,null,null,null,0,"EA",0,0,0,0,0,null,null,null,0,null,0,null,0,null,null,null,0,null,0]
[1102,1500024594,100,null,null,null,0,null,"강력면테이프","Z06",456,null,43399,"미상신(반려)",4752,"이은아",null,null,null,null,null,0,"EA",0,0,0,0,0,null,null,null,0,null,0,null,0,null,null,null,0,null,0]
[1102,1500024594,110,null,null,null,0,null,"박스테이프갈색","Z06",456,null,43399,"미상신(반려)",4752,"이은아",null,null,null,null,null,0,"EA",0,0,0,0,0,null,null,null,0,null,0,null,0,null,null,null,0,null,0]
[1102,1500024594,120,null,null,null,0,null,"박스테이프투명","Z06",456,null,43399,"미상신(반려)",4752,"이은아",null,null,null,null,null,0,"EA",0,0,0,0,0,null,null,null,0,null,0,null,0,null,null,null,0,null,0]
[1102,1500024594,130,null,null,null,0,null,"매직테이프세이빙백","Z06",456,null,43399,"미상신(반려)",4752,"이은아",null,null,null,null,null,0,"EA",0,0,0,0,0,null,null,null,0,null,0,null,0,null,null,null,0,null,0]
[1102,1500024594,140,null,null,null,0,null,"칼라정부화일(핑크)","Z06",456,null,43399,"미상신(반려)",4752,"이은아",null,null,null,null,null,0,"EA",0,0,0,0,0,null,null,null,0,null,0,null,0,null,null,null,0,null,0]
[1102,1500024594,150,null,null,null,0,null,"딱풀","Z06",456,null,43399,"미상신(반려)",4752,"이은아",null,null,null,null,null,0,"EA",0,0,0,0,0,null,null,null,0,null,0,null,0,null,null,null,0,null,0]
[1102,1500024594,160,null,null,null,0,null,"제도지","Z06",456,null,43399,"미상신(반려)",4752,"이은아",null,null,null,null,null,0,"EA",0,0,0,0,0,null,null,null,0,null,0,null,0,null,null,null,0,null,0]
[1102,1500024594,170,null,null,null,0,null,"아트지","Z06",456,null,43399,"미상신(반려)",4752,"이은아",null,null,null,null,null,0,"EA",0,0,0,0,0,null,null,null,0,null,0,null,0,null,null,null,0,null,0]
[1102,1500024594,180,null,null,null,0,null,"양면쇼케이스","Z06",456,null,43399,"미상신(반려)",4752,"이은아",null,null,null,null,null,0,"EA",0,0,0,0,0,null,null,null,0,null,0,null,0,null,null,null,0,null,0]